{"text_format":"3","workbook":"xlsx","n_sheets":23,"sheets":["0000000000000","COVER","SPE","ESTIMATE","Seigneorage","lead 24-25","DATA 2024-25","sani data 2024-25","Ele Data 2024-25","doors 2024-25","CC f (2)","ccbc  (2)","MINI SSR 2024-25","convey 24-25","CS","CR","check slip","C-1 ","CC f","ccbc ","CERT","Seigneorage (2)","RE-DE"],"not_rendered":{"images":1,"external_links":27,"defined_names":676},"read":"whole","date_system":"1900"}

{"sheet":"0000000000000","index":0,"n_rows":0,"n_cols":0,"rows_kept":0,"hidden":true}

{"sheet":"COVER","index":1,"n_rows":40,"n_cols":11,"rows_kept":40,"merged":[[0,0,38,0],[0,1,0,9],[0,10,38,10],[17,1,17,9],[19,1,19,9],[22,2,22,4],[22,6,22,9],[24,2,24,4],[24,6,24,8],[26,2,26,4],[26,6,26,9],[28,2,28,4],[28,6,28,8],[30,2,30,4],[30,6,30,9],[32,2,32,4],[32,6,32,8],[34,2,34,4],[34,6,34,8],[36,2,36,4],[36,6,36,9],[37,2,37,8],[39,0,39,10]]}
["fffffffffffffffffffffffffffffffffffffffffffffffffffffffffffffffffffffffffffffffffffffffffffffffffffffffffffffffffffffffffffffffffffffffffffffffffffffffffffffffffffffffffffffffffffffffffffffffffffffffffffffffffffffffffffffffffffffffffffffffffffffffffffffffffffffffffffffffffffffffffffffffffffffffffffffffffffffffffffffffffffffffffffffffffffffffffffffffffffffffffffffffffffffffffffffffffffffffffffffffffffffffffffffffffffffffffffffffffffff","fffffffffffffffffffffffffffffffffffffffffffffffffffffffffffffffffffffffffffffffffffffffffffffffffffffffffffffffffffffffffffffffffffffffffffffffffffffffffffffffffffffffffffffffffffffffffffffffffffffffffffffffffffffffffffffffffffffffffffffffffffffffffffffffffffffffffffffffffffffffffffffffffffffffffffffffffffffffffffffffffffffffffffffffffffffffffffffffffffffffffffffffffffffffffffffffffffffff",{"$nulls":8},"ffffffffffffffffffffffffffffffffffffffffffffffffffffffffffffffffffffffffffffffffffffffffffffffffffffffffffffffffffffffffffffffffffffffffffffffffffffffffffffffffffffffffffffffffffffffffffffffffffffffffffffffffffffffffffffffffffffffffffffffffffffffffffffffffffffffffffffffffffffffffffffffffffffffffffffffffffffffffffffffffffffffffffffffffffffffffffffffffffffffffffffffff"]
{"$rows_empty":16}
[null,"PANCHAYATI RAJ ENGINEERING DEPARTMENT"]
[]
[null,"LINE ESTIMATE"]
[]
[]
[null,null,"NAME OF THE WORK",null,null,":",{"$f":"'lead 24-25'!C2","v":"Completion of incomplete Anganwadi building  in Paletipalli village of P.C.Palli Mandal."}]
[]
[null,null,"ESTIMATE COST                 Rs",null,null,":",{"$f":"'lead 24-25'!K4","v":"15.00 Lakhs"}]
[]
[null,null,"GRANT",null,null,":","PROPOSED UNDER ZPGF GRANT"]
[]
[null,null,"NAME OF THE MANDAL",null,null,":","P.C.PALLI"]
[]
[null,null,"NAME OF SUB.DIVISION.",null,null,":","KANIGIRI"]
[]
[null,null,"NAME OF THE DIVISION",null,null,":","KANDUKUR"]
[]
[null,null,"NAME OF CIRCLE",null,null,":","ONGOLE"]
[]
[null,null,"SCHOOL CODE",null,null,":",805181]
[]
[]
["ffffffffffffffffffffffffffffffffffffffffffffffffffffffffffffffffffffffffffffffffffffffffffffffffffffffffffffffffffffffffffffffffffffffffffffffffffffffffffffffffffffffffffffffffffffffffffffffffffffffffffffffffffffffffffffffffffffffffffffffffffffffffffffffffffffffffffffffffffffffffffffffffffffffffffffffffffffffffffffffffffffffffffffffffffffffffffffffffffffffffffffffff"]

{"sheet":"SPE","index":2,"n_rows":71,"n_cols":8,"rows_kept":71,"merged":[[0,0,0,8],[2,0,2,8],[3,0,3,8],[4,5,4,6],[6,0,6,8],[7,1,7,8],[8,1,8,8],[9,1,9,8],[10,1,10,8],[11,1,11,8],[12,1,12,8],[13,1,13,8],[14,1,14,8],[15,1,15,8],[16,1,16,8],[17,1,17,8],[18,1,18,8],[19,1,19,8],[20,1,20,8],[21,1,21,8],[22,1,22,8],[23,1,23,8],[24,1,24,8],[25,1,25,8],[26,1,26,8],[27,1,27,8],[28,1,28,8],[29,1,29,8],[30,1,30,8],[31,1,31,8],[32,1,32,8],[33,1,33,8],[34,1,34,8],[35,1,35,8],[36,1,36,8],[37,1,37,8],[38,1,38,8],[39,1,39,8],[40,1,40,8],[41,1,41,8],[42,1,42,8],[43,1,43,8],[44,1,44,8],[45,1,45,8],[46,1,46,8],[47,1,47,8],[48,1,48,8],[49,1,49,8],[50,1,50,8],[51,1,51,8],[52,1,52,8],[53,1,53,8],[54,1,54,8],[55,1,55,8],[56,1,56,8],[57,1,57,8],[58,1,58,8],[59,1,59,8],[60,1,60,8],[61,1,61,8],[62,1,62,8],[63,1,63,8],[64,0,64,8],[65,0,65,8]]}
["SPECIFICATION REPORT"]
[]
["                             Specification Report to accompany the  estimate for the work \""]
[{"$f":"'lead 24-25'!C2","v":"Completion of incomplete Anganwadi building  in Paletipalli village of P.C.Palli Mandal."}]
[{"$nulls":5},"Estt. Rs.",null,{"$f":"'lead 24-25'!K4","v":"15.00 Lakhs"}]
[]
["                            The above building has been proposed for Rs 15.00 lakhs under ZPGF Grant vide RC.No. P5/326 /2025 Dt 13.02.2025 of the Chief Executive Officer, Zilla Parishad, Prakasam District, Ongole . Hence the estimate is preapred with the following provisions."]
[1,"Dismantling Cement Concrete"]
[1,"Dismantling Tiles"]
[2,"Scraping Plaster Cement Mortar "]
[1,"Earthwork in excavation for structures "]
[2,"S&F 1200mm dia hume pipes"]
[3,"S&F high polished granite stone for cupboards"]
[3,"S&F Vitrified tiles stone for cupboards"]
[1,"Plain Cement Concrete (1:4:8) "]
[3,"Filling Basement with Selected earth in trenches"]
[4,"RCC M-20 Grade for Column footings"]
[5,"RCC M-20 Grade for Columns"]
[6,"RCC M-20 Grade for plinth beam"]
[2,"RCC M-20 Grade for Roof beams"]
[3,"RCC M-20 Grade for Roof slab 125mm thick"]
[4,"RCC M-20 Grade for Lintels"]
[5,"RCC M-20 Grade for sunshades"]
[6,"RCC M-20 Grade for Roof slab 100mm thick"]
[6,"RR Masonary in CM (1:6) for basement"]
[6,"Brick Masonary for Superstructure with CM (1:8) proportion "]
[12,"Brick Masonary for Superstructure with CM (1:6) proportion "]
[7,"Ceiling Plastering to Ceiling in CM (1:3) 12mm thick"]
[8,"Plastering in CM (1:5) 12mm thick double coat"]
[9,"Plastering in CM (1:5) 20mm thick  single coat"]
[2,"PCC M25 grade for flooring bed"]
[3,"Flooring with pressed tiles"]
[10,"Flooring with vitrified tiles of 1st quality"]
[11,"Providing Skirting vitrified tiles to  internal walls "]
[6,"Flooring with Gronolithie Concrete Flooring"]
[7,"Flooring with Granite Stones"]
[8,"Providing Skirting to Granite Stones"]
[5,"Flooring with Ceramic non skid tiles"]
[6,"Providing skirting to internal walls "]
[12,"Supply and fixing of  Wood Polymer Composite(WPC)  "]
[10,"Painting with Poly Uritrine for doors"]
[13,"Supply and fixing of  upvc windows"]
[9,"Supplying and fixing of Sal wood door of size 1.20 x 2.10 Mts"]
[10,"Supplying and fixing of Sal wood door of size 0.75 x 2.10 Mts"]
[11,"Supplying and fixing of Window of size 1.50 x 1.35 Mts "]
[12,"Supplying and fixing of Window of size 0.90 x 1.35 Mts "]
[7,"S&F of Teak wood windows shutters"]
[8,"Painting with Wall putty"]
[9,"Painting with Synthatic enamel paint"]
[14,"Providing Electrification items fans and tube lights"]
[4,"Driling with 165mm dia bore well including all accessories"]
[18,"Supplying and fixing Gyp Board Suspended regular single layer false ceiling"]
[8,"Providing and applying Wall putty"]
[9,"Painting to new walls with 2 coats of acrylic Emulsion paint "]
[10,"Painting to new walls with 2 coats of Plastic Emulsion paint "]
[9,"Painting to doors with synthatic enamel paint"]
[10,"Painting to doors with  Poly-Urethane Water Proof Polish Glossy"]
[9,"Providing doors and windows as per design"]
[15,"Supplying, fitting & placing HYSD bar reinforcement "]
[11,"Providing  Mild Steel (MS) steel bars"]
[25,"S& F 50 mm Nominal  GI pipe Light Grade"]
[26,"Hot dipped Galvanised Iron Chain linkmesh 8 gauge"]
[11,"Cost of steel"]
[11,"S&F of  Sanitatin itmes like Water closet, Wash basin, Taps, Health Faucet"]
["                             Necessary provisions are made for QC Charges at 0.5%, GST charges @ 18%, Seigneorage charges,  are shown in the estimate"]
["                            The   estimate is prepared as per the current schedule of rates for the year  2024-25 and the work shall be executed as per APSS."]
[]
[]
[{"$nulls":4},{"$f":"'lead 24-25'!$H$32","v":"Deputy Executive Engineer"},null,null,{"$f":"'lead 24-25'!$K$32","v":"Assistant  Engineer"}]
[{"$nulls":4},{"$f":"'lead 24-25'!$H$33","v":"PRI Sub Division"},null,null,{"$f":"'lead 24-25'!$K$33","v":"Mandal Praja parishad"}]
[{"$nulls":4},{"$f":"'lead 24-25'!$H$34","v":"Kanigiri"},null,null,{"$f":"'lead 24-25'!$K$34","v":"P.C.Palli"}]

{"sheet":"ESTIMATE","index":3,"n_rows":1727,"n_cols":17,"rows_kept":1727,"merged":[[0,0,0,12],[1,0,1,1],[1,2,1,12],[2,1,2,6],[2,8,2,10],[2,11,2,12],[3,0,4,0],[3,1,4,1],[3,2,4,4],[3,5,3,7],[3,8,4,9],[3,10,4,10],[3,11,4,11],[3,12,4,12],[5,2,5,4],[7,1,7,7],[12,1,12,7],[19,1,19,7],[26,1,26,7],[33,1,33,7],[45,1,45,7],[56,1,56,7],[62,1,62,7],[72,1,72,7],[81,1,81,7],[91,1,91,7],[96,1,96,7],[100,1,100,7],[106,1,106,7],[113,1,113,7],[121,1,121,7],[127,1,127,7],[131,1,131,7],[136,1,136,7],[142,1,142,7],[153,1,153,7],[160,1,160,7],[165,1,165,7],[169,1,169,7],[175,1,175,7],[185,1,185,7],[212,1,212,7],[220,1,220,7],[226,1,226,7],[234,1,234,7],[239,1,239,7],[256,1,256,7],[272,1,272,7],[277,1,277,7],[290,1,290,7],[307,1,307,7],[324,1,324,7],[333,1,333,7],[346,1,346,7],[353,1,353,7],[360,1,360,7],[368,1,368,7],[372,1,372,7],[382,1,382,7],[386,1,386,7],[392,1,392,7],[397,1,397,7],[403,1,403,7],[438,1,438,7],[448,1,448,7],[474,1,474,7],[491,1,491,7],[495,1,495,7],[499,1,499,7],[504,1,504,7],[508,1,508,7],[511,1,511,7],[515,1,515,7],[518,1,518,7],[523,1,523,7],[528,1,528,7],[534,1,534,7],[542,1,542,7],[546,1,546,7],[551,1,551,7],[562,1,562,7],[573,1,573,7],[578,1,578,7],[582,1,582,7],[588,1,588,7],[594,1,594,7],[606,1,606,7],[631,1,631,7],[658,1,658,7],[669,1,669,7],[675,1,675,7],[683,1,683,7],[693,1,693,7],[701,1,701,7],[726,1,726,7],[734,1,734,7],[740,1,740,7],[748,1,748,7],[763,1,763,7],[770,1,770,7],[776,1,776,7],[791,1,791,7],[801,1,801,7],[806,1,806,7],[812,1,812,7],[820,1,820,7],[855,1,855,7],[877,1,877,7],[908,1,908,7],[916,1,916,7],[922,1,922,7],[928,1,928,7],[933,1,933,7],[939,1,939,7],[947,1,947,7],[952,1,952,7],[957,1,957,7],[968,1,968,7],[979,1,979,7],[987,1,987,7],[992,1,992,7],[997,1,997,7],[1003,1,1003,7],[1020,1,1020,7],[1029,1,1029,7],[1034,1,1034,7],[1045,1,1045,7],[1055,1,1055,7],[1096,1,1096,7],[1101,1,1101,7],[1108,1,1108,7],[1117,1,1117,7],[1123,1,1123,7],[1133,1,1133,7],[1142,1,1142,7],[1153,1,1153,7],[1162,1,1162,7],[1177,1,1177,7],[1187,1,1187,7],[1201,1,1201,7],[1207,1,1207,7],[1215,1,1215,7],[1250,1,1250,7],[1266,1,1266,7],[1279,1,1279,7],[1290,1,1290,7],[1296,1,1296,7],[1300,1,1300,7],[1304,1,1304,7],[1308,1,1308,7],[1312,1,1312,7],[1316,1,1316,7],[1320,1,1320,7],[1324,1,1324,7],[1328,1,1328,7],[1332,1,1332,7],[1337,1,1337,7],[1341,1,1341,7],[1346,1,1346,7],[1349,1,1349,7],[1355,1,1355,7],[1360,1,1360,7],[1365,1,1365,7],[1369,1,1369,7],[1373,1,1373,7],[1377,1,1377,7],[1390,1,1390,7],[1395,1,1395,7],[1399,1,1399,7],[1403,1,1403,7],[1407,1,1407,7],[1412,1,1412,7],[1419,1,1419,7],[1431,1,1431,7],[1435,1,1435,7],[1439,1,1439,7],[1445,1,1445,7],[1449,1,1449,7],[1453,1,1453,7],[1457,1,1457,7],[1461,1,1461,7],[1465,1,1465,7],[1470,1,1470,7],[1474,1,1474,7],[1478,1,1478,7],[1483,1,1483,7],[1487,1,1487,7],[1491,1,1491,7],[1495,1,1495,7],[1499,1,1499,7],[1502,1,1502,7],[1506,1,1506,7],[1511,1,1511,7],[1514,1,1514,7],[1517,1,1517,7],[1520,1,1520,7],[1523,1,1523,7],[1526,1,1526,7],[1529,1,1529,7],[1532,1,1532,7],[1535,1,1535,7],[1539,1,1539,7],[1544,1,1544,7],[1550,1,1550,7],[1558,1,1558,7],[1562,1,1562,7],[1566,1,1566,7],[1570,1,1570,7],[1577,1,1577,7],[1581,1,1581,7],[1585,1,1585,7],[1588,1,1588,7],[1592,1,1592,7],[1596,1,1596,7],[1600,1,1600,7],[1604,1,1604,7],[1607,1,1607,7],[1611,1,1611,7],[1615,1,1615,7],[1619,1,1619,7],[1623,1,1623,7],[1627,1,1627,7],[1631,1,1631,7],[1635,1,1635,7],[1639,1,1639,7],[1642,1,1642,7],[1646,1,1646,7],[1650,1,1650,7],[1654,1,1654,7],[1658,1,1658,7],[1662,1,1662,7],[1675,1,1675,7],[1679,1,1679,7],[1685,1,1685,7],[1689,1,1689,7],[1692,1,1692,7],[1696,1,1696,7],[1700,1,1700,7],[1704,1,1704,7],[1707,1,1707,7],[1708,1,1708,7],[1709,1,1709,7],[1710,1,1710,7],[1713,1,1713,7],[1715,1,1715,7],[1716,1,1716,7],[1717,1,1717,7],[1719,1,1719,7]]}
["LINE ESTIMATE"]
["Name of the  work",null,{"$f":"'lead 24-25'!C2:L2","v":"Completion of incomplete Anganwadi building  in Paletipalli village of P.C.Palli Mandal."}]
[{"$nulls":8},"Est.Rs.",null,null,{"$f":"'lead 24-25'!K4","v":"15.00 Lakhs"}]
["S.No","Description of Item","No",null,null,"Measurements",null,null,"Quantity",null,"Rate","Per","Amount"]
[{"$nulls":5},"L","B","D"]
[1,2,3,null,null,4,5,6,7,null,8,9,10]
[null,"GROUND FLOOR"]
[1,"Clearing light  jungle including up-rooting and removing of Juliflora stumps."]
[null,"Site Clearence",1,"x",1,{"v":11,"d":"11.000"},{"v":10,"d":"10.000"},{"v":0,"d":"0.000"},{"$f":"ROUND(IF(AND(F9:H9),C9*E9*F9*G9*H9,IF(AND(F9,G9),C9*E9*F9*G9,IF(AND(F9,H9),C9*E9*F9*H9,IF(AND(G9,H9),C9*E9*G9*H9,IF(F9,C9*E9*F9,IF(G9,C9*E9*G9,IF(H9,C9*E9*H9,C9*E9))))))),2)","v":{"v":110,"d":"110.00"}},"Sqm"]
[{"$nulls":8},{"$f":"SUM(I9:I9)","v":{"v":110,"d":"110.00"}},"Sqm"]
[null,"Deduct Voids @ 40%",{"$nulls":6},{"$f":"-ROUND(I10*40%,2)","v":{"v":-44,"d":"-44.00"}},"Sqm"]
[{"$nulls":9},"Sqm",{"$f":"'DATA 2024-25'!G66","v":6.06},"1Sqm",{"$f":"ROUND(I12*K12,0)","v":{"v":0,"d":"0.00"}}]
[1,"Dismantling of existing structures  comprising of  cement concrete including T&P and scaffolding wherever necessary, sorting the dismantled material, disposal of unserviceable material and stacking the serviceable material with all lifts and lead of 1000 m as per Technical Specification Clause 202 MORD / MORTH",{"$nulls":12},{"$f":"N1714","v":{"v":0,"d":"0.00"}}]
[null,"Flooring bed concrete"]
[null,"Hall",1,"x",1,{"v":4.8,"d":"4.80"},{"v":3.3,"d":"3.30"},{"v":0.1,"d":"0.10"},{"$f":"ROUND(IF(AND(F15:H15),C15*E15*F15*G15*H15,IF(AND(F15,G15),C15*E15*F15*G15,IF(AND(F15,H15),C15*E15*F15*H15,IF(AND(G15,H15),C15*E15*G15*H15,IF(F15,C15*E15*F15,IF(G15,C15*E15*G15,IF(H15,C15*E15*H15,C15*E15))))))),2)","v":1.58},"Cum"]
[null,"DPO room",1,"x",1,{"v":3.3,"d":"3.30"},{"v":3.3,"d":"3.30"},{"v":0.1,"d":"0.10"},{"$f":"ROUND(IF(AND(F16:H16),C16*E16*F16*G16*H16,IF(AND(F16,G16),C16*E16*F16*G16,IF(AND(F16,H16),C16*E16*F16*H16,IF(AND(G16,H16),C16*E16*G16*H16,IF(F16,C16*E16*F16,IF(G16,C16*E16*G16,IF(H16,C16*E16*H16,C16*E16))))))),2)","v":1.09},"Cum"]
[null,"Tiolet",1,"x",1,{"v":3.3,"d":"3.30"},{"v":1.8,"d":"1.80"},{"v":0.1,"d":"0.10"},{"$f":"ROUND(IF(AND(F17:H17),C17*E17*F17*G17*H17,IF(AND(F17,G17),C17*E17*F17*G17,IF(AND(F17,H17),C17*E17*F17*H17,IF(AND(G17,H17),C17*E17*G17*H17,IF(F17,C17*E17*F17,IF(G17,C17*E17*G17,IF(H17,C17*E17*H17,C17*E17))))))),2)","v":0.59},"Cum"]
[]
[{"$nulls":9},"Cum",{"$f":"'DATA 2024-25'!G49","v":795.94},"1Cum",{"$f":"ROUND(I19*K19,0)","v":{"v":0,"d":"0.00"}}]
[1,"Dismantling of existing structures like Flooring including disposal of unserviceable material and stacking the serviceable material with all lifts and lead of 1000 m as per Technical Specification Clause 202 MORD / MORTH",{"$nulls":12},{"$f":"N1721","v":{"v":0,"d":"0.00"}}]
[null,"Flooring bed concrete"]
[null,"Hall",1,"x",1,{"v":4.8,"d":"4.80"},{"v":3.3,"d":"3.30"},{"v":0.1,"d":"0.10"},{"$f":"ROUND(IF(AND(F22:H22),C22*E22*F22*G22*H22,IF(AND(F22,G22),C22*E22*F22*G22,IF(AND(F22,H22),C22*E22*F22*H22,IF(AND(G22,H22),C22*E22*G22*H22,IF(F22,C22*E22*F22,IF(G22,C22*E22*G22,IF(H22,C22*E22*H22,C22*E22))))))),2)","v":1.58},"Cum"]
[null,"DPO room",1,"x",1,{"v":3.3,"d":"3.30"},{"v":3.3,"d":"3.30"},{"v":0.1,"d":"0.10"},1.09,"Cum"]
[null,"Tiolet",1,"x",1,{"v":3.3,"d":"3.30"},{"v":1.8,"d":"1.80"},{"v":0.1,"d":"0.10"},0.59,"Cum"]
[]
[{"$nulls":9},"Cum",{"$f":"'DATA 2024-25'!G61","v":487.06},"1Cum",{"$f":"ROUND(I26*K26,0)","v":{"v":0,"d":"0.00"}}]
[1,"Earthwork in excavation for structures as per drawing and technical specifications Clause 305.1 including setting out, construction of shoring and bracing, removal of stumps and other deleterious material and disposal upto a lead of 50 m, dressing of sides and bottom and backfilling in trenches with excavated suitable material as per Technical Specification 305 MORD / 304 MORTH",{"$nulls":12},{"$f":"N1718","v":{"v":40165,"d":"40165.00"}}]
[null,"For  Columns ",1,"x",12,{"v":1.5,"d":"1.50"},{"v":1.5,"d":"1.50"},{"v":1.2,"d":"1.20"},{"$f":"ROUND(IF(AND(F28:H28),C28*E28*F28*G28*H28,IF(AND(F28,G28),C28*E28*F28*G28,IF(AND(F28,H28),C28*E28*F28*H28,IF(AND(G28,H28),C28*E28*G28*H28,IF(F28,C28*E28*F28,IF(G28,C28*E28*G28,IF(H28,C28*E28*H28,C28*E28))))))),2)","v":{"v":32.4,"d":"32.40"}},"Cum"]
[null,"Long walls",1,"x",3,8.61,0.38,{"v":0.1,"d":"0.10"},{"$f":"ROUND(IF(AND(F29:H29),C29*E29*F29*G29*H29,IF(AND(F29,G29),C29*E29*F29*G29,IF(AND(F29,H29),C29*E29*F29*H29,IF(AND(G29,H29),C29*E29*G29*H29,IF(F29,C29*E29*F29,IF(G29,C29*E29*G29,IF(H29,C29*E29*H29,C29*E29))))))),2)","v":0.98},"Cum"]
[null,"Short walls",1,"x",2,4.73,0.38,{"v":0.1,"d":"0.10"},{"$f":"ROUND(IF(AND(F30:H30),C30*E30*F30*G30*H30,IF(AND(F30,G30),C30*E30*F30*G30,IF(AND(F30,H30),C30*E30*F30*H30,IF(AND(G30,H30),C30*E30*G30*H30,IF(F30,C30*E30*F30,IF(G30,C30*E30*G30,IF(H30,C30*E30*H30,C30*E30))))))),2)","v":0.36},"Cum"]
[null,"Verandah ",1,"x",2,{"v":1.2,"d":"1.20"},0.38,{"v":0.1,"d":"0.10"},0.09,"Cum"]
[]
[{"$nulls":9},"Cum",{"$f":"'DATA 2024-25'!G72","v":246.07},"1Cum",{"$f":"ROUND(I33*K33,0)","v":{"v":0,"d":"0.00"}}]
[1,"Plain Cement Concrete (1:4:8) proportion Nominal mix for foundations using 40mm size SS-5 metal including c/c of all materials & labour charges, machine mixing & laying concrete in foundations ramming etc complete for Bed Concrete  (APSS No 402)  "]
[null,"For  Columns",1,"x",12,{"v":1.5,"d":"1.50"},{"v":1.5,"d":"1.50"},0.15,null,"Cum"]
[null,"Long walls",1,"x",3,8.61,0.38,{"v":0.1,"d":"0.10"},null,"Cum"]
[null,"Short walls",1,"x",2,4.73,0.38,{"v":0.1,"d":"0.10"},null,"Cum"]
[null,"Verandah",1,"x",2,{"v":1.2,"d":"1.20"},0.38,{"v":0.1,"d":"0.10"},null,"Cum"]
[null,"Hall",1,"x",1,6.25,{"v":5,"d":"5.00"},{"v":0.1,"d":"0.10"},{"$f":"ROUND(IF(AND(F39:H39),C39*E39*F39*G39*H39,IF(AND(F39,G39),C39*E39*F39*G39,IF(AND(F39,H39),C39*E39*F39*H39,IF(AND(G39,H39),C39*E39*G39*H39,IF(F39,C39*E39*F39,IF(G39,C39*E39*G39,IF(H39,C39*E39*H39,C39*E39))))))),2)","v":3.13},"Cum"]
[null,"Store room + kitchen",1,"x",1,{"v":1.6,"d":"1.60"},{"v":5,"d":"5.00"},{"v":0.1,"d":"0.10"},{"$f":"ROUND(IF(AND(F40:H40),C40*E40*F40*G40*H40,IF(AND(F40,G40),C40*E40*F40*G40,IF(AND(F40,H40),C40*E40*F40*H40,IF(AND(G40,H40),C40*E40*G40*H40,IF(F40,C40*E40*F40,IF(G40,C40*E40*G40,IF(H40,C40*E40*H40,C40*E40))))))),2)","v":{"v":0.8,"d":"0.80"}},"Cum"]
[null,"Verandah",1,"x",1,1.35,8.08,{"v":0.1,"d":"0.10"},1.09,"Cum"]
[null,"Steps",1,"x",1,1.15,{"v":1.2,"d":"1.20"},{"v":0.1,"d":"0.10"},0.14,"Cum"]
[null,null,1,"x",1,2.95,0.97,{"v":0.1,"d":"0.10"},0.29,"Cum"]
[]
[{"$nulls":8},{"$f":"SUM(I35:I44)","v":{"v":5.449999999999999,"d":"5.45"}},"Cum",{"$f":"'DATA 2024-25'!G121","v":5252.57},"1Cum",{"$f":"ROUND(I45*K45,0)","v":{"v":28627,"d":"28627.00"}}]
[4,"Plain Cement Concrete (1:5:10) proportion Nominal mix for foundations using 40mm size SS-5 metal including cost and conveyance of all materials and curing charges, labour charges, machine mixing and laying concrete in foundations ramming etc complete for Bed Concrete  (APSS No 402)  "]
[null,"Al round the Building",1,"x",1,{"v":27.98,"d":"27.980"},{"v":0.75,"d":"0.750"},{"v":0.15,"d":"0.150"},{"$f":"ROUND(IF(AND(F47:H47),C47*E47*F47*G47*H47,IF(AND(F47,G47),C47*E47*F47*G47,IF(AND(F47,H47),C47*E47*F47*H47,IF(AND(G47,H47),C47*E47*G47*H47,IF(F47,C47*E47*F47,IF(G47,C47*E47*G47,IF(H47,C47*E47*H47,C47*E47))))))),2)","v":3.15},"Cum"]
[null,"Deduction for Column's",1,"x",8,{"v":2.1,"d":"2.100"},{"v":0.75,"d":"0.750"},{"v":0.15,"d":"0.150"},{"$f":"-ROUND(IF(AND(F48:H48),C48*E48*F48*G48*H48,IF(AND(F48,G48),C48*E48*F48*G48,IF(AND(F48,H48),C48*E48*F48*H48,IF(AND(G48,H48),C48*E48*G48*H48,IF(F48,C48*E48*F48,IF(G48,C48*E48*G48,IF(H48,C48*E48*H48,C48*E48))))))),2)","v":-1.89},"Cum"]
[null,"Under plinth beam"]
[null,"Short wall",1,"x",2,{"v":5.260000000000001,"d":"5.260"},{"v":0.38,"d":"0.380"},{"v":0.15,"d":"0.150"},{"v":0.6,"d":"0.60"},"Cum"]
[null,"Deduct for Columns",1,"x",1,{"v":0.23,"d":"0.230"},{"v":0.38,"d":"0.380"},{"v":0.15,"d":"0.150"},{"$f":"-ROUND(IF(AND(F51:H51),C51*E51*F51*G51*H51,IF(AND(F51,G51),C51*E51*F51*G51,IF(AND(F51,H51),C51*E51*F51*H51,IF(AND(G51,H51),C51*E51*G51*H51,IF(F51,C51*E51*F51,IF(G51,C51*E51*G51,IF(H51,C51*E51*H51,C51*E51))))))),2)","v":-0.01},"Cum"]
[null," for Flooring bed"]
[null,"Hall",1,"x",1,{"v":5.48,"d":"5.480"},{"v":8.049999999999999,"d":"8.050"},{"v":0.1,"d":"0.100"},{"$f":"ROUND(IF(AND(F53:H53),C53*E53*F53*G53*H53,IF(AND(F53,G53),C53*E53*F53*G53,IF(AND(F53,H53),C53*E53*F53*H53,IF(AND(G53,H53),C53*E53*G53*H53,IF(F53,C53*E53*F53,IF(G53,C53*E53*G53,IF(H53,C53*E53*H53,C53*E53))))))),2)","v":4.41},"Cum"]
[null,"duduct Plinth beam",1,"x",2,{"v":5.48,"d":"5.480"},{"v":0.23,"d":"0.230"},{"v":0.1,"d":"0.100"},{"$f":"-ROUND(IF(AND(F54:H54),C54*E54*F54*G54*H54,IF(AND(F54,G54),C54*E54*F54*G54,IF(AND(F54,H54),C54*E54*F54*H54,IF(AND(G54,H54),C54*E54*G54*H54,IF(F54,C54*E54*F54,IF(G54,C54*E54*G54,IF(H54,C54*E54*H54,C54*E54))))))),2)","v":-0.25},"Cum"]
[]
[{"$nulls":9},"Cum",{"$f":"'DATA 2024-25'!G133","v":4486.44},"1Cum",{"$f":"ROUND(I56*K56,0)","v":{"v":0,"d":"0.00"}}]
[4,"Filling Basement with Selected earth by watering and ramming including all operational, incidental and including c/c of material and labour charges etc complete for finished item of the work (APSS No 309& 310) per 1 Cum"]
[null,"Qty.p.18 of M.B.No.134/A/ZP/20"]
[null,null,1,"x",1,{"v":7.41,"d":"7.410"},{"v":9.08,"d":"9.080"},{"v":0.9,"d":"0.900"},{"$f":"ROUND(IF(AND(F59:H59),C59*E59*F59*G59*H59,IF(AND(F59,G59),C59*E59*F59*G59,IF(AND(F59,H59),C59*E59*F59*H59,IF(AND(G59,H59),C59*E59*G59*H59,IF(F59,C59*E59*F59,IF(G59,C59*E59*G59,IF(H59,C59*E59*H59,C59*E59))))))),2)","v":60.55},"Cum"]
[null,null,1,"x",2,{"v":0.23,"d":"0.230"},{"v":0.38,"d":"0.380"},{"v":0.9,"d":"0.900"},{"$f":"-ROUND(IF(AND(F60:H60),C60*E60*F60*G60*H60,IF(AND(F60,G60),C60*E60*F60*G60,IF(AND(F60,H60),C60*E60*F60*H60,IF(AND(G60,H60),C60*E60*G60*H60,IF(F60,C60*E60*F60,IF(G60,C60*E60*G60,IF(H60,C60*E60*H60,C60*E60))))))),2)","v":-0.16},"Cum"]
[]
[{"$nulls":9},"Cum",{"$f":"'DATA 2024-25'!G91","v":440.28},"1Cum",{"$f":"ROUND(I62*K62,0)","v":{"v":0,"d":"0.00"}}]
[4,"Filling Basement with Gravel by watering and ramming including all operational, incidental and including c/c of material and labour charges etc complete for finished item of the work (APSS No 309& 310) per 1 Cum"]
[null,"Qty.p.69 of M.B.No.103-A/2016-17"]
[null,"Back side stair",1,"x",1,{"v":2.72,"d":"2.720"},{"v":0.77,"d":"0.770"},{"v":1.25,"d":"1.250"},{"$f":"ROUND(IF(AND(F65:H65),C65*E65*F65*G65*H65,IF(AND(F65,G65),C65*E65*F65*G65,IF(AND(F65,H65),C65*E65*F65*H65,IF(AND(G65,H65),C65*E65*G65*H65,IF(F65,C65*E65*F65,IF(G65,C65*E65*G65,IF(H65,C65*E65*H65,C65*E65))))))),2)","v":2.62},"Cum"]
[null,"Front ramp",1,"x",1,{"v":3.16,"d":"3.160"},{"v":1.27,"d":"1.270"},{"$f":"(0.1+0.77)/2","v":0.435},{"$f":"ROUND(IF(AND(F66:H66),C66*E66*F66*G66*H66,IF(AND(F66,G66),C66*E66*F66*G66,IF(AND(F66,H66),C66*E66*F66*H66,IF(AND(G66,H66),C66*E66*G66*H66,IF(F66,C66*E66*F66,IF(G66,C66*E66*G66,IF(H66,C66*E66*H66,C66*E66))))))),2)","v":1.75},"Cum"]
[null,"Extra ramp",1,"x",1,{"v":0.77,"d":"0.770"},{"v":1.27,"d":"1.270"},{"v":0.5,"d":"0.500"},0.49,"Cum"]
[null,"Front verandah",1,"x",1,{"v":4.99,"d":"4.990"},{"v":2.2,"d":"2.200"},{"v":1.05,"d":"1.050"},11.53,"Cum"]
[null,"Stone, Platform",1,"x",1,{"v":2.89,"d":"2.890"},{"v":1.17,"d":"1.170"},{"v":0.9,"d":"0.900"},3.04,"Cum"]
[null,"Stone Ramp",1,"x",1,{"v":1.72,"d":"1.720"},{"v":1.17,"d":"1.170"},{"$f":"(0.2+0.9)/2","v":{"v":0.55,"d":"0.550"}},1.11,"Cum"]
[]
[{"$nulls":9},"Cum",{"$f":"'DATA 2024-25'!G99","v":461.28},"1Cum",{"$f":"ROUND(I72*K72,0)","v":{"v":0,"d":"0.00"}}]
[2,"Filling with Sand in trenches, sides of foundations & basement by watering and ramming including all operational, incidental, labour charges, hire charges of T&P etc complete including cost and conveyance of material and labour charges etc complete for finished item of the work (APSS No 309& 310) per 1 Cum"]
[{"$nulls":3},"x",1,6.25,{"v":5,"d":"5.00"},0.95,{"$f":"ROUND(IF(AND(F74:H74),C74*E74*F74*G74*H74,IF(AND(F74,G74),C74*E74*F74*G74,IF(AND(F74,H74),C74*E74*F74*H74,IF(AND(G74,H74),C74*E74*G74*H74,IF(F74,C74*E74*F74,IF(G74,C74*E74*G74,IF(H74,C74*E74*H74,C74*E74))))))),2)","v":{"v":0,"d":"0.00"}},"Cum"]
[{"$nulls":3},"x",1,{"v":1.6,"d":"1.60"},{"v":5,"d":"5.00"},0.95,{"v":0,"d":"0.00"},"Cum"]
[{"$nulls":3},"x",1,1.35,8.08,0.95,{"v":0,"d":"0.00"},"Cum"]
[{"$nulls":3},"x",1,{"v":1.5,"d":"1.50"},{"v":0.3,"d":"0.30"},{"v":0.3,"d":"0.30"},{"$f":"-ROUND(IF(AND(F77:H77),C77*E77*F77*G77*H77,IF(AND(F77,G77),C77*E77*F77*G77,IF(AND(F77,H77),C77*E77*F77*H77,IF(AND(G77,H77),C77*E77*G77*H77,IF(F77,C77*E77*F77,IF(G77,C77*E77*G77,IF(H77,C77*E77*H77,C77*E77))))))),2)","v":{"v":0,"d":"0.00"}},"Cum"]
[null,"steps",1,"x",1,1.15,0.97,{"v":0.6,"d":"0.60"},{"$f":"ROUND(IF(AND(F78:H78),C78*E78*F78*G78*H78,IF(AND(F78,G78),C78*E78*F78*G78,IF(AND(F78,H78),C78*E78*F78*H78,IF(AND(G78,H78),C78*E78*G78*H78,IF(F78,C78*E78*F78,IF(G78,C78*E78*G78,IF(H78,C78*E78*H78,C78*E78))))))),2)","v":0.67},"Cum"]
[null,"Ramp portion",1,"x",1,2.95,0.97,{"v":0.3,"d":"0.30"},0.86,"Cum"]
[]
[{"$nulls":8},{"$f":"SUM(I74:I80)","v":1.53},"Cum",{"$f":"'DATA 2024-25'!G83","v":150.05},"1Cum",{"$f":"ROUND(I81*K81,0)","v":{"v":230,"d":"230.00"}}]
[4,"Filling in foundation with excavated soil as per drawing and technical specification Clause 305.3.9 MORD & 304 MORTH."]
[null,"For  Columns ",1,"x",12,{"v":1.5,"d":"1.50"},{"v":1.5,"d":"1.50"},{"v":1.2,"d":"1.20"},{"$f":"ROUND(IF(AND(F83:H83),C83*E83*F83*G83*H83,IF(AND(F83,G83),C83*E83*F83*G83,IF(AND(F83,H83),C83*E83*F83*H83,IF(AND(G83,H83),C83*E83*G83*H83,IF(F83,C83*E83*F83,IF(G83,C83*E83*G83,IF(H83,C83*E83*H83,C83*E83))))))),2)","v":{"v":32.4,"d":"32.40"}},"Cum"]
[null,"Deductions"]
[null,"PCC (1:4:8)",1,"x",12,{"v":1.5,"d":"1.50"},{"v":1.5,"d":"1.50"},0.15,{"$f":"-ROUND(IF(AND(F85:H85),C85*E85*F85*G85*H85,IF(AND(F85,G85),C85*E85*F85*G85,IF(AND(F85,H85),C85*E85*F85*H85,IF(AND(G85,H85),C85*E85*G85*H85,IF(F85,C85*E85*F85,IF(G85,C85*E85*G85,IF(H85,C85*E85*H85,C85*E85))))))),2)","v":-4.05},"Cum"]
[null,"For  Columns footings   ",1,"x",8,{"v":1.5,"d":"1.50"},{"v":1.5,"d":"1.50"},0.25,{"$f":"-ROUND(IF(AND(F86:H86),C86*E86*F86*G86*H86,IF(AND(F86,G86),C86*E86*F86*G86,IF(AND(F86,H86),C86*E86*F86*H86,IF(AND(G86,H86),C86*E86*G86*H86,IF(F86,C86*E86*F86,IF(G86,C86*E86*G86,IF(H86,C86*E86*H86,C86*E86))))))),2)","v":{"v":-4.5,"d":"-4.50"}},"Cum"]
[null,null,1,"x",4,{"v":1.2,"d":"1.20"},{"v":1.2,"d":"1.20"},0.25,{"$f":"-ROUND(IF(AND(F87:H87),C87*E87*F87*G87*H87,IF(AND(F87,G87),C87*E87*F87*G87,IF(AND(F87,H87),C87*E87*F87*H87,IF(AND(G87,H87),C87*E87*G87*H87,IF(F87,C87*E87*F87,IF(G87,C87*E87*G87,IF(H87,C87*E87*H87,C87*E87))))))),2)","v":-1.44},"Cum"]
[null,"Columns",1,"x",8,0.23,{"v":0.3,"d":"0.30"},1.25,{"$f":"-ROUND(IF(AND(F88:H88),C88*E88*F88*G88*H88,IF(AND(F88,G88),C88*E88*F88*G88,IF(AND(F88,H88),C88*E88*F88*H88,IF(AND(G88,H88),C88*E88*G88*H88,IF(F88,C88*E88*F88,IF(G88,C88*E88*G88,IF(H88,C88*E88*H88,C88*E88))))))),2)","v":-0.69},"Cum"]
[null,null,1,"x",4,0.23,0.23,1.25,{"$f":"-ROUND(IF(AND(F89:H89),C89*E89*F89*G89*H89,IF(AND(F89,G89),C89*E89*F89*G89,IF(AND(F89,H89),C89*E89*F89*H89,IF(AND(G89,H89),C89*E89*G89*H89,IF(F89,C89*E89*F89,IF(G89,C89*E89*G89,IF(H89,C89*E89*H89,C89*E89))))))),2)","v":-0.26},"Cum"]
[]
[{"$nulls":9},"Cum",{"$f":"'DATA 2024-25'!G107","v":365.84},"1Cum",{"$f":"ROUND(I91*K91,0)","v":{"v":0,"d":"0.00"}}]
[5,"Reinforced Cement Concrete  M20 Nominal mix (Cement: Sand: Metal) corresponding Table 9 of IS 456 using 20mm size graded machine crushed hard granite metal from approved quarry including c/c of all materials like Cement, Sand, coarse aggregate, water etc to site, all marerials including labour charges such as machine mixing, laying concrete, curing etc complete but excluding cost of steel and its fabrication charges for finished item of work for column footings"]
[null,"For  Columns footings   ",1,"x",8,{"v":1.5,"d":"1.50"},{"v":1.5,"d":"1.50"},0.25,{"$f":"ROUND(IF(AND(F93:H93),C93*E93*F93*G93*H93,IF(AND(F93,G93),C93*E93*F93*G93,IF(AND(F93,H93),C93*E93*F93*H93,IF(AND(G93,H93),C93*E93*G93*H93,IF(F93,C93*E93*F93,IF(G93,C93*E93*G93,IF(H93,C93*E93*H93,C93*E93))))))),2)","v":{"v":4.5,"d":"4.50"}},"Cum"]
[null,null,1,"x",4,{"v":1.2,"d":"1.20"},{"v":1.2,"d":"1.20"},0.25,{"$f":"ROUND(IF(AND(F94:H94),C94*E94*F94*G94*H94,IF(AND(F94,G94),C94*E94*F94*G94,IF(AND(F94,H94),C94*E94*F94*H94,IF(AND(G94,H94),C94*E94*G94*H94,IF(F94,C94*E94*F94,IF(G94,C94*E94*G94,IF(H94,C94*E94*H94,C94*E94))))))),2)","v":1.44},"Cum"]
[]
[{"$nulls":9},"Cum",{"$f":"'DATA 2024-25'!G155","v":9863.95},"1Cum",{"$f":"ROUND(I96*K96,0)","v":{"v":0,"d":"0.00"}}]
[6,"~do~ for  Pedastal concrete etc., complete"]
[null,null,1,"x",12,{"v":0.6,"d":"0.60"},{"v":0.6,"d":"0.60"},{"v":0.6,"d":"0.60"},{"$f":"ROUND(IF(AND(F98:H98),C98*E98*F98*G98*H98,IF(AND(F98,G98),C98*E98*F98*G98,IF(AND(F98,H98),C98*E98*F98*H98,IF(AND(G98,H98),C98*E98*G98*H98,IF(F98,C98*E98*F98,IF(G98,C98*E98*G98,IF(H98,C98*E98*H98,C98*E98))))))),2)","v":2.59},"Cum"]
[]
[{"$nulls":9},"Cum",{"$f":"'DATA 2024-25'!G162","v":10362.72},"1Cum",{"$f":"ROUND(I100*K100,0)","v":{"v":0,"d":"0.00"}}]
[6,"~do~ for  Columns etc., complete"]
[null,"Upto GL",1,"x",8,0.23,{"v":0.3,"d":"0.30"},1.25,{"$f":"ROUND(IF(AND(F102:H102),C102*E102*F102*G102*H102,IF(AND(F102,G102),C102*E102*F102*G102,IF(AND(F102,H102),C102*E102*F102*H102,IF(AND(G102,H102),C102*E102*G102*H102,IF(F102,C102*E102*F102,IF(G102,C102*E102*G102,IF(H102,C102*E102*H102,C102*E102))))))),2)","v":0.69},"Cum"]
[null,null,1,"x",4,0.23,{"v":0.3,"d":"0.30"},1.25,{"$f":"ROUND(IF(AND(F103:H103),C103*E103*F103*G103*H103,IF(AND(F103,G103),C103*E103*F103*G103,IF(AND(F103,H103),C103*E103*F103*H103,IF(AND(G103,H103),C103*E103*G103*H103,IF(F103,C103*E103*F103,IF(G103,C103*E103*G103,IF(H103,C103*E103*H103,C103*E103))))))),2)","v":0.35},"Cum"]
[null,"GL to slab",1,"x",8,0.23,{"v":0.3,"d":"0.30"},{"v":3.1,"d":"3.10"},{"$f":"ROUND(IF(AND(F104:H104),C104*E104*F104*G104*H104,IF(AND(F104,G104),C104*E104*F104*G104,IF(AND(F104,H104),C104*E104*F104*H104,IF(AND(G104,H104),C104*E104*G104*H104,IF(F104,C104*E104*F104,IF(G104,C104*E104*G104,IF(H104,C104*E104*H104,C104*E104))))))),2)","v":1.71},"Cum"]
[]
[{"$nulls":9},"Cum",{"$f":"'DATA 2024-25'!E191","v":{"v":12622.119999999999,"d":"12622.12"}},"1Cum",{"$f":"ROUND(I106*K106,0)","v":{"v":0,"d":"0.00"}}]
[7,"~do~ for  Plinth beam etc., complete"]
[null,null,1,"x",2,{"v":5,"d":"5.00"},0.23,{"v":0.3,"d":"0.30"},{"$f":"ROUND(IF(AND(F108:H108),C108*E108*F108*G108*H108,IF(AND(F108,G108),C108*E108*F108*G108,IF(AND(F108,H108),C108*E108*F108*H108,IF(AND(G108,H108),C108*E108*G108*H108,IF(F108,C108*E108*F108,IF(G108,C108*E108*G108,IF(H108,C108*E108*H108,C108*E108))))))),2)","v":0.69},"Cum"]
[null,null,1,"x",2,1.35,0.23,{"v":0.3,"d":"0.30"},{"$f":"ROUND(IF(AND(F109:H109),C109*E109*F109*G109*H109,IF(AND(F109,G109),C109*E109*F109*G109,IF(AND(F109,H109),C109*E109*F109*H109,IF(AND(G109,H109),C109*E109*G109*H109,IF(F109,C109*E109*F109,IF(G109,C109*E109*G109,IF(H109,C109*E109*H109,C109*E109))))))),2)","v":0.19},"Cum"]
[null,null,1,"x",2,{"v":5,"d":"5.00"},0.23,{"v":0.3,"d":"0.30"},{"$f":"ROUND(IF(AND(F110:H110),C110*E110*F110*G110*H110,IF(AND(F110,G110),C110*E110*F110*G110,IF(AND(F110,H110),C110*E110*F110*H110,IF(AND(G110,H110),C110*E110*G110*H110,IF(F110,C110*E110*F110,IF(G110,C110*E110*G110,IF(H110,C110*E110*H110,C110*E110))))))),2)","v":0.69},"Cum"]
[null,null,1,"x",3,8.54,0.23,{"v":0.3,"d":"0.30"},1.77,"Cum"]
[]
[{"$nulls":9},"Cum",{"$f":"'DATA 2024-25'!G169","v":{"v":12249.869999999999,"d":"12249.87"}},"1Cum",{"$f":"ROUND(I113*K113,0)","v":{"v":0,"d":"0.00"}}]
[3,"Reinforced Cement Concrete  M20 Nominal mix (Cement: Sand: Metal) corresponding Table 9 of IS 456 using 20mm size graded machine crushed hard granite metal from approved quarry including c/c of all materials like Cement, Sand, coarse aggregate, water etc to site, all marerials including labour charges such as machine mixing, laying concrete, curing etc complete but excluding cost of steel and its fabrication charges for finished item of work  for Beams etc., complete"]
[null,null,1,"x",2,6.95,0.23,{"v":0.3,"d":"0.30"},{"$f":"ROUND(IF(AND(F115:H115),C115*E115*F115*G115*H115,IF(AND(F115,G115),C115*E115*F115*G115,IF(AND(F115,H115),C115*E115*F115*H115,IF(AND(G115,H115),C115*E115*G115*H115,IF(F115,C115*E115*F115,IF(G115,C115*E115*G115,IF(H115,C115*E115*H115,C115*E115))))))),2)","v":0.96},"Cum"]
[null,null,1,"x",2,6.95,0.23,{"v":0.3,"d":"0.30"},{"$f":"ROUND(IF(AND(F116:H116),C116*E116*F116*G116*H116,IF(AND(F116,G116),C116*E116*F116*G116,IF(AND(F116,H116),C116*E116*F116*H116,IF(AND(G116,H116),C116*E116*G116*H116,IF(F116,C116*E116*F116,IF(G116,C116*E116*G116,IF(H116,C116*E116*H116,C116*E116))))))),2)","v":0.96},"Cum"]
[null,null,1,"x",2,8.54,0.23,{"v":0.3,"d":"0.30"},1.18,"Cum"]
[null,null,1,"x",1,8.54,{"v":0.15,"d":"0.150"},{"v":0.3,"d":"0.30"},0.38,"Cum"]
[null,null,1,"x",8,0.23,{"v":0.23,"d":"0.230"},{"v":0.3,"d":"0.30"},{"$f":"-ROUND(IF(AND(F119:H119),C119*E119*F119*G119*H119,IF(AND(F119,G119),C119*E119*F119*G119,IF(AND(F119,H119),C119*E119*F119*H119,IF(AND(G119,H119),C119*E119*G119*H119,IF(F119,C119*E119*F119,IF(G119,C119*E119*G119,IF(H119,C119*E119*H119,C119*E119))))))),2)","v":-0.13},"Cum"]
[]
[{"$nulls":8},{"$f":"SUM(I115:I120)","v":{"v":3.3499999999999996,"d":"3.35"}},"Cum",{"$f":"'DATA 2024-25'!E220","v":{"v":11812.980000000001,"d":"11812.98"}},"1Cum",{"$f":"ROUND(I121*K121,0)","v":{"v":39573,"d":"39573.00"}}]
[12,"~do~ for  Waist slab 150mm thick etc., complete"]
[null,"Landing slab",1,"x",1,{"v":3.18,"d":"3.180"},{"v":1,"d":"1.000"},{"v":0,"d":"0.000"},{"$f":"ROUND(IF(AND(F123:H123),C123*E123*F123*G123*H123,IF(AND(F123,G123),C123*E123*F123*G123,IF(AND(F123,H123),C123*E123*F123*H123,IF(AND(G123,H123),C123*E123*G123*H123,IF(F123,C123*E123*F123,IF(G123,C123*E123*G123,IF(H123,C123*E123*H123,C123*E123))))))),2)","v":3.18},"Sqm"]
[null,"1st flight",1,"x",1,{"v":3.5,"d":"3.500"},{"v":1.2,"d":"1.200"},{"v":0,"d":"0.000"},{"v":4.2,"d":"4.20"},"Sqm"]
[null,"2nd flight",1,"x",1,{"v":3.56,"d":"3.560"},{"v":1.2,"d":"1.200"},{"v":0,"d":"0.000"},{"$f":"ROUND(IF(AND(F125:H125),C125*E125*F125*G125*H125,IF(AND(F125,G125),C125*E125*F125*G125,IF(AND(F125,H125),C125*E125*F125*H125,IF(AND(G125,H125),C125*E125*G125*H125,IF(F125,C125*E125*F125,IF(G125,C125*E125*G125,IF(H125,C125*E125*H125,C125*E125))))))),2)","v":4.27},"Sqm"]
[]
[{"$nulls":9},"Sqm",{"$f":"'DATA 2024-25'!E244","v":1416.71},"1Sqm",{"$f":"ROUND(I127*K127,0)","v":{"v":0,"d":"0.00"}}]
[4,"~do~ for  Roof slab 125mm thick etc., complete"]
[null,"Roof slab",1,"x",1,{"v":9.35,"d":"9.350"},{"v":7.4,"d":"7.400"},{"v":0,"d":"0.00"},{"$f":"ROUND(IF(AND(F129:H129),C129*E129*F129*G129*H129,IF(AND(F129,G129),C129*E129*F129*G129,IF(AND(F129,H129),C129*E129*F129*H129,IF(AND(G129,H129),C129*E129*G129*H129,IF(F129,C129*E129*F129,IF(G129,C129*E129*G129,IF(H129,C129*E129*H129,C129*E129))))))),2)","v":69.19},"Sqm"]
[]
[{"$nulls":8},{"$f":"SUM(I129:I130)","v":69.19},"Sqm",{"$f":"'DATA 2024-25'!E236","v":1433.73},"1Sqm",{"$f":"ROUND(I131*K131,0)","v":{"v":99200,"d":"99200.00"}}]
[13,"~do~ for  Roof slab 100mm thick etc., complete"]
[null,"Qty.p.37 of M.B.No.470/A/ZP/19"]
[null,null,1,"x",1,{"v":23.5,"d":"23.500"},{"v":0.97,"d":"0.970"},{"v":0,"d":"0.000"},{"$f":"ROUND(IF(AND(F134:H134),C134*E134*F134*G134*H134,IF(AND(F134,G134),C134*E134*F134*G134,IF(AND(F134,H134),C134*E134*F134*H134,IF(AND(G134,H134),C134*E134*G134*H134,IF(F134,C134*E134*F134,IF(G134,C134*E134*G134,IF(H134,C134*E134*H134,C134*E134))))))),2)","v":{"v":22.8,"d":"22.80"}},"Sqm"]
[]
[{"$nulls":9},"Sqm",{"$f":"'DATA 2024-25'!E228","v":{"v":1107.1399999999999,"d":"1107.14"}},"1Sqm",{"$f":"ROUND(I136*K136,0)","v":{"v":0,"d":"0.00"}}]
[11,"~do~ for  Roof slab 50mm thick etc., complete"]
[null,"Qty.p.23 of M.B.No.689/A/ZP/19"]
[null,"50 thick",1,"x",2,{"v":3.33,"d":"3.330"},{"v":1.32,"d":"1.320"},{"v":0,"d":"0.000"},{"$f":"ROUND(IF(AND(F139:H139),C139*E139*F139*G139*H139,IF(AND(F139,G139),C139*E139*F139*G139,IF(AND(F139,H139),C139*E139*F139*H139,IF(AND(G139,H139),C139*E139*G139*H139,IF(F139,C139*E139*F139,IF(G139,C139*E139*G139,IF(H139,C139*E139*H139,C139*E139))))))),2)","v":8.79},"Sqm"]
[null,null,2,"x",0.5,{"v":0.94,"d":"0.940"},{"v":1.35,"d":"1.350"},{"v":0,"d":"0.000"},1.27,"Sqm"]
[]
[{"$nulls":9},"Sqm",{"$f":"'DATA 2024-25'!E291","v":{"v":624.5600000000001,"d":"624.56"}},"1Sqm",{"$f":"ROUND(I142*K142,0)","v":{"v":0,"d":"0.00"}}]
[16,"~do~ for  Roof slab 25mm thick etc., complete"]
[null,"Qty.p.62 of M.B.No.471/A/ZP/19"]
[null,"50mm thick",1,"x",5,{"v":1.52,"d":"1.520"},{"v":0.23,"d":"0.230"},{"v":0,"d":"0.000"},{"$f":"ROUND(IF(AND(F145:H145),C145*E145*F145*G145*H145,IF(AND(F145,G145),C145*E145*F145*G145,IF(AND(F145,H145),C145*E145*F145*H145,IF(AND(G145,H145),C145*E145*G145*H145,IF(F145,C145*E145*F145,IF(G145,C145*E145*G145,IF(H145,C145*E145*H145,C145*E145))))))),2)","v":1.75},"Sqm"]
[null,null,1,"x",4,{"v":1.83,"d":"1.830"},{"v":0.23,"d":"0.230"},{"v":0,"d":"0.000"},1.68,"Sqm"]
[null,"Qty.p.67 of M.B.No.471/A/ZP/19"]
[null,"50mm thick",1,"x",8,{"v":1.52,"d":"1.520"},{"v":0.23,"d":"0.230"},{"v":0,"d":"0.000"},{"$f":"ROUND(IF(AND(F148:H148),C148*E148*F148*G148*H148,IF(AND(F148,G148),C148*E148*F148*G148,IF(AND(F148,H148),C148*E148*F148*H148,IF(AND(G148,H148),C148*E148*G148*H148,IF(F148,C148*E148*F148,IF(G148,C148*E148*G148,IF(H148,C148*E148*H148,C148*E148))))))),2)","v":{"v":2.8,"d":"2.80"}},"Sqm"]
[null,"Qty.p.95 of M.B.No.471/A/ZP/19"]
[null,"Ramp slope",1,"x",1,{"v":2.7,"d":"2.700"},{"v":1.52,"d":"1.520"},{"v":0,"d":"0.000"},{"$f":"ROUND(IF(AND(F150:H150),C150*E150*F150*G150*H150,IF(AND(F150,G150),C150*E150*F150*G150,IF(AND(F150,H150),C150*E150*F150*H150,IF(AND(G150,H150),C150*E150*G150*H150,IF(F150,C150*E150*F150,IF(G150,C150*E150*G150,IF(H150,C150*E150*H150,C150*E150))))))),2)","v":{"v":4.1,"d":"4.10"}},"Sqm"]
[null,"For water tank",1,"x",1,{"v":1.4,"d":"1.400"},{"v":1.4,"d":"1.400"},{"v":0,"d":"0.000"},1.96,"Sqm"]
[]
[{"$nulls":9},"Sqm",{"$f":"'DATA 2024-25'!E299","v":450.89},"1Sqm",{"$f":"ROUND(I153*K153,0)","v":{"v":0,"d":"0.00"}}]
[5,"Reinforced Cement Concrete  M20 Nominal mix (Cement: Sand: Metal) corresponding Table 9 of IS 456 using 20mm size graded machine crushed hard granite metal from approved quarry including c/c of all materials like Cement, Sand, coarse aggregate, water etc to site, all marerials including labour charges such as machine mixing, laying concrete, curing etc complete but excluding cost of steel and its fabrication charges for finished item of work for  lintels etc., complete"]
[null,null,1,"x",1,{"v":1.5,"d":"1.50"},0.23,0.15,{"$f":"ROUND(IF(AND(F155:H155),C155*E155*F155*G155*H155,IF(AND(F155,G155),C155*E155*F155*G155,IF(AND(F155,H155),C155*E155*F155*H155,IF(AND(G155,H155),C155*E155*G155*H155,IF(F155,C155*E155*F155,IF(G155,C155*E155*G155,IF(H155,C155*E155*H155,C155*E155))))))),2)","v":0.05},"Cum"]
[null,null,1,"x",3,{"v":1.2,"d":"1.20"},0.23,0.15,{"$f":"ROUND(IF(AND(F156:H156),C156*E156*F156*G156*H156,IF(AND(F156,G156),C156*E156*F156*G156,IF(AND(F156,H156),C156*E156*F156*H156,IF(AND(G156,H156),C156*E156*G156*H156,IF(F156,C156*E156*F156,IF(G156,C156*E156*G156,IF(H156,C156*E156*H156,C156*E156))))))),2)","v":0.12},"Cum"]
[null,null,1,"x",5,{"v":1.8,"d":"1.80"},0.23,0.15,{"$f":"ROUND(IF(AND(F157:H157),C157*E157*F157*G157*H157,IF(AND(F157,G157),C157*E157*F157*G157,IF(AND(F157,H157),C157*E157*F157*H157,IF(AND(G157,H157),C157*E157*G157*H157,IF(F157,C157*E157*F157,IF(G157,C157*E157*G157,IF(H157,C157*E157*H157,C157*E157))))))),2)","v":0.31},"Cum"]
[null,null,1,"x",3,{"v":1.2,"d":"1.20"},0.23,0.15,{"$f":"ROUND(IF(AND(F158:H158),C158*E158*F158*G158*H158,IF(AND(F158,G158),C158*E158*F158*G158,IF(AND(F158,H158),C158*E158*F158*H158,IF(AND(G158,H158),C158*E158*G158*H158,IF(F158,C158*E158*F158,IF(G158,C158*E158*G158,IF(H158,C158*E158*H158,C158*E158))))))),2)","v":0.12},"Cum"]
[]
[{"$nulls":8},{"$f":"SUM(I155:I159)","v":{"v":0.6,"d":"0.60"}},"Cum",{"$f":"'DATA 2024-25'!E198","v":{"v":12811.849999999999,"d":"12811.85"}},"1Cum",{"$f":"ROUND(I160*K160,0)","v":{"v":7687,"d":"7687.00"}}]
[6,"Reinforced Cement Concrete  M20 Nominal mix (Cement: Sand: Metal) corresponding Table 9 of IS 456 using 20mm size graded machine crushed hard granite metal from approved quarry including c/c of all materials like Cement, Sand, coarse aggregate, water etc to site, all marerials including labour charges such as machine mixing, laying concrete, curing etc complete but excluding cost of steel and its fabrication charges for finished item of work for  sunshades etc., complete"]
[null,null,1,"x",4,{"v":1.8,"d":"1.80"},{"v":0,"d":"0.00"},{"v":0,"d":"0.00"},{"$f":"ROUND(IF(AND(F162:H162),C162*E162*F162*G162*H162,IF(AND(F162,G162),C162*E162*F162*G162,IF(AND(F162,H162),C162*E162*F162*H162,IF(AND(G162,H162),C162*E162*G162*H162,IF(F162,C162*E162*F162,IF(G162,C162*E162*G162,IF(H162,C162*E162*H162,C162*E162))))))),2)","v":{"v":7.2,"d":"7.20"}},"Rm"]
[null,null,1,"x",2,{"v":1.2,"d":"1.20"},{"v":0,"d":"0.00"},{"v":0,"d":"0.00"},{"v":2.4,"d":"2.40"},"Rm"]
[]
[{"$nulls":8},{"$f":"SUM(I162:I164)","v":{"v":9.6,"d":"9.60"}},"Rm",{"$f":"'DATA 2024-25'!E269","v":839.82},"1Rm",{"$f":"ROUND(I165*K165,0)","v":{"v":8062,"d":"8062.00"}}]
[7,"Providing impervious coat to exposed RCC Roof Slab surface with CM (1:3) 12mm thick with 1Kg of water proof compound per bag of Cement laid over roof when it is green including c/c of all materials and labour charges for mixing mortar, laying, rendering smooth and thread lining of wall & slab etc complete for finished item of work (APSS 901,903) "]
[null,"Roof slab",1,"x",1,{"v":9.35,"d":"9.350"},{"v":7.4,"d":"7.400"},{"v":0,"d":"0.00"},{"$f":"ROUND(IF(AND(F167:H167),C167*E167*F167*G167*H167,IF(AND(F167,G167),C167*E167*F167*G167,IF(AND(F167,H167),C167*E167*F167*H167,IF(AND(G167,H167),C167*E167*G167*H167,IF(F167,C167*E167*F167,IF(G167,C167*E167*G167,IF(H167,C167*E167*H167,C167*E167))))))),2)","v":69.19},"Sqm"]
[]
[{"$nulls":8},{"$f":"SUM(I167:I168)","v":69.19},"Sqm",{"$f":"'DATA 2024-25'!E633","v":376.15},"1Sqm",{"$f":"ROUND(I169*K169,0)","v":{"v":26026,"d":"26026.00"}}]
[14,"Providing impervious coat to exposed RCC Roof Slab surface with CM (1:3) 20mm thick with 1Kg of water proof compound per bag of Cement laid over roof when it is green including c/c of all materials and labour charges for mixing mortar, laying, rendering smooth and thread lining of wall & slab etc complete for finished item of work (APSS 901,903) "]
[null,"Qty.p. 27  of M.B.No.689/A/ZP/19"]
[null,null,1,"x",1,{"v":10.45,"d":"10.450"},{"v":12,"d":"12.000"},{"v":0,"d":"0.000"},{"$f":"ROUND(IF(AND(F172:H172),C172*E172*F172*G172*H172,IF(AND(F172,G172),C172*E172*F172*G172,IF(AND(F172,H172),C172*E172*F172*H172,IF(AND(G172,H172),C172*E172*G172*H172,IF(F172,C172*E172*F172,IF(G172,C172*E172*G172,IF(H172,C172*E172*H172,C172*E172))))))),2)","v":{"v":125.4,"d":"125.40"}},"Sqm"]
[null,null,1,"x",1,{"v":3.52,"d":"3.520"},{"v":0.9,"d":"0.900"},{"v":0,"d":"0.000"},3.17,"Sqm"]
[]
[{"$nulls":9},"Sqm",{"$f":"'DATA 2024-25'!E648","v":428.88},"1Sqm",{"$f":"ROUND(I175*K175,0)","v":{"v":0,"d":"0.00"}}]
[14,"Random Rubble mansonary in CM(1:6)  including Cost and Conveyance of all materials and curing charges but excluding unskilled wages etc., complete for finished item of work"]
[null,"Long walls",1,"x",2,12.77,{"v":0.45,"d":"0.450"},{"v":1.2,"d":"1.20"},{"$f":"ROUND(IF(AND(F177:H177),C177*E177*F177*G177*H177,IF(AND(F177,G177),C177*E177*F177*G177,IF(AND(F177,H177),C177*E177*F177*H177,IF(AND(G177,H177),C177*E177*G177*H177,IF(F177,C177*E177*F177,IF(G177,C177*E177*G177,IF(H177,C177*E177*H177,C177*E177))))))),2)","v":13.79},"Cum"]
[null,"Short walls",1,"x",2,7.85,{"v":0.45,"d":"0.450"},{"v":1.2,"d":"1.20"},{"$f":"ROUND(IF(AND(F178:H178),C178*E178*F178*G178*H178,IF(AND(F178,G178),C178*E178*F178*G178,IF(AND(F178,H178),C178*E178*F178*H178,IF(AND(G178,H178),C178*E178*G178*H178,IF(F178,C178*E178*F178,IF(G178,C178*E178*G178,IF(H178,C178*E178*H178,C178*E178))))))),2)","v":8.48},"Cum"]
[null,"Bathroom wall",1,"x",1,{"v":4,"d":"4.00"},{"v":0.45,"d":"0.450"},{"v":1.2,"d":"1.20"},{"$f":"ROUND(IF(AND(F179:H179),C179*E179*F179*G179*H179,IF(AND(F179,G179),C179*E179*F179*G179,IF(AND(F179,H179),C179*E179*F179*H179,IF(AND(G179,H179),C179*E179*G179*H179,IF(F179,C179*E179*F179,IF(G179,C179*E179*G179,IF(H179,C179*E179*H179,C179*E179))))))),2)","v":2.16},"Cum"]
[null,"Side walls",1,"x",2,1.45,{"v":1.45,"d":"1.450"},{"v":1.2,"d":"1.20"},5.05,"Cum"]
[null,"Deduct column C1",1,"x",1,0.45,{"v":0.3,"d":"0.300"},{"v":1.2,"d":"1.20"},{"$f":"-ROUND(IF(AND(F181:H181),C181*E181*F181*G181*H181,IF(AND(F181,G181),C181*E181*F181*G181,IF(AND(F181,H181),C181*E181*F181*H181,IF(AND(G181,H181),C181*E181*G181*H181,IF(F181,C181*E181*F181,IF(G181,C181*E181*G181,IF(H181,C181*E181*H181,C181*E181))))))),2)","v":-0.16},"Cum"]
[null,"Deduct column C2",1,"x",2,0.38,{"v":0.3,"d":"0.300"},{"v":1.2,"d":"1.20"},{"$f":"-ROUND(IF(AND(F182:H182),C182*E182*F182*G182*H182,IF(AND(F182,G182),C182*E182*F182*G182,IF(AND(F182,H182),C182*E182*F182*H182,IF(AND(G182,H182),C182*E182*G182*H182,IF(F182,C182*E182*F182,IF(G182,C182*E182*G182,IF(H182,C182*E182*H182,C182*E182))))))),2)","v":-0.27},"Cum"]
[null,"Deduct column C3",1,"x",7,0.38,{"v":0.3,"d":"0.300"},{"v":1.2,"d":"1.20"},{"$f":"-ROUND(IF(AND(F183:H183),C183*E183*F183*G183*H183,IF(AND(F183,G183),C183*E183*F183*G183,IF(AND(F183,H183),C183*E183*F183*H183,IF(AND(G183,H183),C183*E183*G183*H183,IF(F183,C183*E183*F183,IF(G183,C183*E183*G183,IF(H183,C183*E183*H183,C183*E183))))))),2)","v":-0.96},"Cum"]
[]
[{"$nulls":9},"Cum",{"$f":"'DATA 2024-25'!G417","v":4055.51},"1Cum",{"$f":"ROUND(I185*K185,0)","v":{"v":0,"d":"0.00"}}]
[8,"Brick Masonary for Superstructure with CM (1:8) proportion using 2nd class traditional bricks of size 23X11X7 cms having minimum crushing strength of 40kg/cm2  including c/c of all materials like Cement, Sand, Bricks, water etc including  labour charges such as mixing cement mortar, Scaffolding charges etc complete for finished item of work (APSS No 501 & 504) "]
[null,"Long walls",1,"x",2,8.54,0.23,{"v":2.1,"d":"2.10"},{"$f":"ROUND(IF(AND(F187:H187),C187*E187*F187*G187*H187,IF(AND(F187,G187),C187*E187*F187*G187,IF(AND(F187,H187),C187*E187*F187*H187,IF(AND(G187,H187),C187*E187*G187*H187,IF(F187,C187*E187*F187,IF(G187,C187*E187*G187,IF(H187,C187*E187*H187,C187*E187))))))),2)","v":8.25},"Cum"]
[null,"Short walls",1,"x",3,{"v":5,"d":"5.00"},0.23,{"v":2.1,"d":"2.10"},7.25,"Cum"]
[null,"Deduction"]
[null,"Doors",1,"x",1,{"v":1.2,"d":"1.20"},0.23,{"v":2.1,"d":"2.10"},{"$f":"-ROUND(IF(AND(F190:H190),C190*E190*F190*G190*H190,IF(AND(F190,G190),C190*E190*F190*G190,IF(AND(F190,H190),C190*E190*F190*H190,IF(AND(G190,H190),C190*E190*G190*H190,IF(F190,C190*E190*F190,IF(G190,C190*E190*G190,IF(H190,C190*E190*H190,C190*E190))))))),2)","v":-0.58},"Cum"]
[null,"Windows",1,"x",5,{"v":1.5,"d":"1.50"},0.23,1.35,-2.33,"Cum"]
[null,null,1,"x",3,{"v":0.9,"d":"0.90"},0.23,1.35,-0.84,"Cum"]
[]
[null,"Long walls",1,"x",2,8.54,0.23,{"v":0.7,"d":"0.70"},{"$f":"ROUND(IF(AND(F194:H194),C194*E194*F194*G194*H194,IF(AND(F194,G194),C194*E194*F194*G194,IF(AND(F194,H194),C194*E194*F194*H194,IF(AND(G194,H194),C194*E194*G194*H194,IF(F194,C194*E194*F194,IF(G194,C194*E194*G194,IF(H194,C194*E194*H194,C194*E194))))))),2)","v":2.75},"Cum"]
[null,"Short walls",1,"x",3,{"v":5,"d":"5.00"},0.23,{"v":0.7,"d":"0.70"},2.42,"Cum"]
[null,"Cross walls",1,"x",2,{"v":1.6,"d":"1.60"},0.115,{"v":3.1,"d":"3.10"},1.14,"Cum"]
[null,"Deduction"]
[null,"Lintels",1,"x",1,{"v":1.5,"d":"1.50"},{"v":0.23,"d":"0.230"},0.15,{"$f":"-ROUND(IF(AND(F198:H198),C198*E198*F198*G198*H198,IF(AND(F198,G198),C198*E198*F198*G198,IF(AND(F198,H198),C198*E198*F198*H198,IF(AND(G198,H198),C198*E198*G198*H198,IF(F198,C198*E198*F198,IF(G198,C198*E198*G198,IF(H198,C198*E198*H198,C198*E198))))))),2)","v":-0.05},"Cum"]
[null,null,1,"x",3,{"v":1.2,"d":"1.20"},{"v":0.23,"d":"0.230"},0.15,{"$f":"-ROUND(IF(AND(F199:H199),C199*E199*F199*G199*H199,IF(AND(F199,G199),C199*E199*F199*G199,IF(AND(F199,H199),C199*E199*F199*H199,IF(AND(G199,H199),C199*E199*G199*H199,IF(F199,C199*E199*F199,IF(G199,C199*E199*G199,IF(H199,C199*E199*H199,C199*E199))))))),2)","v":-0.12},"Cum"]
[null,null,1,"x",5,{"v":1.8,"d":"1.80"},{"v":0.23,"d":"0.230"},0.15,{"$f":"-ROUND(IF(AND(F200:H200),C200*E200*F200*G200*H200,IF(AND(F200,G200),C200*E200*F200*G200,IF(AND(F200,H200),C200*E200*F200*H200,IF(AND(G200,H200),C200*E200*G200*H200,IF(F200,C200*E200*F200,IF(G200,C200*E200*G200,IF(H200,C200*E200*H200,C200*E200))))))),2)","v":-0.31},"Cum"]
[null,null,1,"x",3,{"v":1.2,"d":"1.20"},{"v":0.23,"d":"0.230"},0.15,{"$f":"-ROUND(IF(AND(F201:H201),C201*E201*F201*G201*H201,IF(AND(F201,G201),C201*E201*F201*G201,IF(AND(F201,H201),C201*E201*F201*H201,IF(AND(G201,H201),C201*E201*G201*H201,IF(F201,C201*E201*F201,IF(G201,C201*E201*G201,IF(H201,C201*E201*H201,C201*E201))))))),2)","v":-0.12},"Cum"]
[null,"Ventilators",1,"x",7,{"v":0.6,"d":"0.60"},{"v":0.23,"d":"0.230"},{"v":0.3,"d":"0.30"},{"$f":"-ROUND(IF(AND(F202:H202),C202*E202*F202*G202*H202,IF(AND(F202,G202),C202*E202*F202*G202,IF(AND(F202,H202),C202*E202*F202*H202,IF(AND(G202,H202),C202*E202*G202*H202,IF(F202,C202*E202*F202,IF(G202,C202*E202*G202,IF(H202,C202*E202*H202,C202*E202))))))),2)","v":-0.29},"Cum"]
[null,"1st step",1,"x",1,{"v":1.2,"d":"1.20"},{"v":1.2,"d":"1.20"},0.15,{"$f":"ROUND(IF(AND(F203:H203),C203*E203*F203*G203*H203,IF(AND(F203,G203),C203*E203*F203*G203,IF(AND(F203,H203),C203*E203*F203*H203,IF(AND(G203,H203),C203*E203*G203*H203,IF(F203,C203*E203*F203,IF(G203,C203*E203*G203,IF(H203,C203*E203*H203,C203*E203))))))),2)","v":0.22},"Cum"]
[null,"2nd step",1,"x",1,{"v":1.2,"d":"1.20"},{"v":0.9,"d":"0.90"},0.15,{"$f":"ROUND(IF(AND(F204:H204),C204*E204*F204*G204*H204,IF(AND(F204,G204),C204*E204*F204*G204,IF(AND(F204,H204),C204*E204*F204*H204,IF(AND(G204,H204),C204*E204*G204*H204,IF(F204,C204*E204*F204,IF(G204,C204*E204*G204,IF(H204,C204*E204*H204,C204*E204))))))),2)","v":0.16},"Cum"]
[null,"3rd step",1,"x",1,{"v":1.2,"d":"1.20"},{"v":0.6,"d":"0.60"},0.15,{"$f":"ROUND(IF(AND(F205:H205),C205*E205*F205*G205*H205,IF(AND(F205,G205),C205*E205*F205*G205,IF(AND(F205,H205),C205*E205*F205*H205,IF(AND(G205,H205),C205*E205*G205*H205,IF(F205,C205*E205*F205,IF(G205,C205*E205*G205,IF(H205,C205*E205*H205,C205*E205))))))),2)","v":0.11},"Cum"]
[null,"4th step",1,"x",1,{"v":1.2,"d":"1.20"},{"v":0.3,"d":"0.30"},0.15,{"$f":"ROUND(IF(AND(F206:H206),C206*E206*F206*G206*H206,IF(AND(F206,G206),C206*E206*F206*G206,IF(AND(F206,H206),C206*E206*F206*H206,IF(AND(G206,H206),C206*E206*G206*H206,IF(F206,C206*E206*F206,IF(G206,C206*E206*G206,IF(H206,C206*E206*H206,C206*E206))))))),2)","v":0.05},"Cum"]
[null,"Verandah parapet wall",1,"x",1,8.45,0.115,{"v":0.7,"d":"0.70"},0.68,"Cum"]
[null,"Landing wall",1,"x",1,1.15,0.23,0.75,{"v":0.2,"d":"0.20"},"Cum"]
[null,"Ramp wall",1,"x",1,{"v":2.9,"d":"2.90"},0.23,{"$f":"0.75/2","v":{"v":0.375,"d":"0.38"}},0.25,"Cum"]
[null,"Verandah cross parapet wall",1,"x",2,{"v":1.5,"d":"1.50"},0.115,{"v":0.7,"d":"0.70"},{"$f":"ROUND(IF(AND(F210:H210),C210*E210*F210*G210*H210,IF(AND(F210,G210),C210*E210*F210*G210,IF(AND(F210,H210),C210*E210*F210*H210,IF(AND(G210,H210),C210*E210*G210*H210,IF(F210,C210*E210*F210,IF(G210,C210*E210*G210,IF(H210,C210*E210*H210,C210*E210))))))),2)","v":0.24},"Cum"]
[]
[{"$nulls":8},{"$f":"SUM(I187:I211)","v":19.08},"Cum",{"$f":"'DATA 2024-25'!E453","v":8224.67},"1Cum",{"$f":"ROUND(I212*K212,0)","v":{"v":156927,"d":"156927.00"}}]
[9,"Brick Masonary for Superstructure with CM (1:6) proportion using 2nd class traditional bricks of size 23X11X7 cms having minimum crushing strength of 40kg/cm2  including c/c of all materials like Cement, Sand, Bricks, water etc including  labour charges such as mixing cement mortar, Scaffolding charges etc complete for finished item of work (APSS No 501 & 504) "]
[null,"Long walls",1,"x",3,8.54,{"v":0.23,"d":"0.230"},0.75,{"$f":"ROUND(IF(AND(F214:H214),C214*E214*F214*G214*H214,IF(AND(F214,G214),C214*E214*F214*G214,IF(AND(F214,H214),C214*E214*F214*H214,IF(AND(G214,H214),C214*E214*G214*H214,IF(F214,C214*E214*F214,IF(G214,C214*E214*G214,IF(H214,C214*E214*H214,C214*E214))))))),2)","v":4.42},"Cum"]
[null,"Short walls",1,"x",3,{"v":5,"d":"5.00"},{"v":0.23,"d":"0.230"},0.75,{"$f":"ROUND(IF(AND(F215:H215),C215*E215*F215*G215*H215,IF(AND(F215,G215),C215*E215*F215*G215,IF(AND(F215,H215),C215*E215*F215*H215,IF(AND(G215,H215),C215*E215*G215*H215,IF(F215,C215*E215*F215,IF(G215,C215*E215*G215,IF(H215,C215*E215*H215,C215*E215))))))),2)","v":2.59},"Cum"]
[null,"Cross walls",1,"x",2,1.35,{"v":0.23,"d":"0.230"},0.75,0.47,"Cum"]
[null,"Deduct columns",1,"x",8,0.23,{"v":0.3,"d":"0.300"},0.75,{"$f":"-ROUND(IF(AND(F217:H217),C217*E217*F217*G217*H217,IF(AND(F217,G217),C217*E217*F217*G217,IF(AND(F217,H217),C217*E217*F217*H217,IF(AND(G217,H217),C217*E217*G217*H217,IF(F217,C217*E217*F217,IF(G217,C217*E217*G217,IF(H217,C217*E217*H217,C217*E217))))))),2)","v":-0.41},"Cum"]
[null,"Deduct columns",1,"x",4,0.23,{"v":0.3,"d":"0.300"},0.75,{"$f":"-ROUND(IF(AND(F218:H218),C218*E218*F218*G218*H218,IF(AND(F218,G218),C218*E218*F218*G218,IF(AND(F218,H218),C218*E218*F218*H218,IF(AND(G218,H218),C218*E218*G218*H218,IF(F218,C218*E218*F218,IF(G218,C218*E218*G218,IF(H218,C218*E218*H218,C218*E218))))))),2)","v":-0.21},"Cum"]
[]
[{"$nulls":9},"Cum",{"$f":"'DATA 2024-25'!E435","v":8282.18},"1Cum",{"$f":"ROUND(I220*K220,0)","v":{"v":0,"d":"0.00"}}]
[18,"11.5 cm wide Brick masonry for super-structure on ground floor in cm (1:3) using second class traditional size bricks including cost of all materials, seigniorage charges, labour and all operations for constructing half brick masonry, mixing cement mortar, curing etc., complete for finished item of work"]
[null,"Qty.p.46 of M.B.No.134/A/ZP/20"]
[null,null,1,"x",1,{"v":5.3,"d":"5.300"},{"v":0,"d":"0.000"},{"v":3.1,"d":"3.100"},{"$f":"ROUND(IF(AND(F223:H223),C223*E223*F223*G223*H223,IF(AND(F223,G223),C223*E223*F223*G223,IF(AND(F223,H223),C223*E223*F223*H223,IF(AND(G223,H223),C223*E223*G223*H223,IF(F223,C223*E223*F223,IF(G223,C223*E223*G223,IF(H223,C223*E223*H223,C223*E223))))))),2)","v":16.43},"Sqm"]
[null,"Deduct doors",1,"x",1,{"v":0.38,"d":"0.380"},{"v":0,"d":"0.000"},{"v":3.1,"d":"3.100"},{"$f":"-ROUND(IF(AND(F224:H224),C224*E224*F224*G224*H224,IF(AND(F224,G224),C224*E224*F224*G224,IF(AND(F224,H224),C224*E224*F224*H224,IF(AND(G224,H224),C224*E224*G224*H224,IF(F224,C224*E224*F224,IF(G224,C224*E224*G224,IF(H224,C224*E224*H224,C224*E224))))))),2)","v":-1.18},"Sqm"]
[]
[{"$nulls":9},"Sqm",{"$f":"'DATA 2024-25'!E471","v":926.11},"1Sqm",{"$f":"ROUND(I226*K226/1,0)","v":{"v":0,"d":"0.00"}}]
[18,"Masonry work in CM (1:8) prop with Flyash Cement solid blocks of size 290 x 150 x 140 mm for manufacturing of flyash solid blocks using flyash of 80 kgs, cement of 15 kgs. Gypsum of 5 kgs. and stone dust including cost and conveyance of all materials, labour charges, seiniorage charges, scaffolding and curing etc., cpomplete with a compresive streangth not lessthan 50 kg/sqm for walls for Superstructure Walls."]
[null,"Qty.p.39 of M.B.No.689/A/ZP/19"]
[null,null,1,"x",1,{"v":1.02,"d":"1.020"},0.115,{"v":0.83,"d":"0.830"},{"$f":"ROUND(IF(AND(F229:H229),C229*E229*F229*G229*H229,IF(AND(F229,G229),C229*E229*F229*G229,IF(AND(F229,H229),C229*E229*F229*H229,IF(AND(G229,H229),C229*E229*G229*H229,IF(F229,C229*E229*F229,IF(G229,C229*E229*G229,IF(H229,C229*E229*H229,C229*E229))))))),2)","v":{"v":0.1,"d":"0.10"}},"Cum"]
[null,null,1,"x",1,{"v":3.09,"d":"3.090"},0.115,{"v":0.56,"d":"0.560"},{"v":0.2,"d":"0.20"},"Cum"]
[null,null,1,"x",1,{"v":0.79,"d":"0.790"},0.115,{"v":0.64,"d":"0.640"},0.06,"Cum"]
[null,null,1,"x",1,{"v":3.09,"d":"3.090"},0.115,{"v":0.54,"d":"0.540"},0.19,"Cum"]
[]
[{"$nulls":9},"Cum",{"$f":"'DATA 2024-25'!E488","v":6487.56},"1Cum",{"$f":"ROUND(I234*K234,0)","v":{"v":0,"d":"0.00"}}]
[17,"RCM facia 5cm thick in CM (1:3) for drop walls, fins  with rabbit wire mesh & nominal reinforcement as directed by Engineer-in-charge with dubara sponge finishing, including cost & conveyance of all materials to site, seigniorage charges, sales & other taxes on all materials, operational & incidental, cost and conveyance of cement, wire mesh, water to work site, centering, scaffolding and form work, lift charges etc., complete for finished items of work but excluding cost of steel & its fabrication charges, for finished item of work. (APSS No.403 & 903)"]
[null,"Qty.p.60 of M.B.No.470/A/ZP/19"]
[null,null,1,"x",1,{"v":24,"d":"24.000"},{"v":0,"d":"0.000"},{"v":0.15,"d":"0.150"},{"$f":"ROUND(IF(AND(F237:H237),C237*E237*F237*G237*H237,IF(AND(F237,G237),C237*E237*F237*G237,IF(AND(F237,H237),C237*E237*F237*H237,IF(AND(G237,H237),C237*E237*G237*H237,IF(F237,C237*E237*F237,IF(G237,C237*E237*G237,IF(H237,C237*E237*H237,C237*E237))))))),2)","v":{"v":3.6,"d":"3.60"}},"Sqm"]
[]
[{"$nulls":9},"Sqm",{"$f":"'DATA 2024-25'!E617","v":2479.09},"1Sqm",{"$f":"ROUND(I239*K239/1,0)","v":{"v":0,"d":"0.00"}}]
[10,"Ceiling Plastering to Ceiling in CM (1:3) 12mm thick with dubara sponge finishing  including c/c of all materials including labour charges such as mixing cement mortar and curing etc complete for finished item of work (APSS 901 & 903) "]
[null,"Hall",1,"x",1,6.25,{"v":5,"d":"5.00"},{"v":0,"d":"0.00"},{"$f":"ROUND(IF(AND(F241:H241),C241*E241*F241*G241*H241,IF(AND(F241,G241),C241*E241*F241*G241,IF(AND(F241,H241),C241*E241*F241*H241,IF(AND(G241,H241),C241*E241*G241*H241,IF(F241,C241*E241*F241,IF(G241,C241*E241*G241,IF(H241,C241*E241*H241,C241*E241))))))),2)","v":31.25},"Sqm"]
[null,"Kitchen",1,"x",1,{"v":1.6,"d":"1.60"},1.85,{"v":0,"d":"0.00"},2.96,"Sqm"]
[null,"Store room",1,"x",1,{"v":1.6,"d":"1.60"},{"v":1.6,"d":"1.60"},{"v":0,"d":"0.00"},2.56,"Sqm"]
[null,"Room",1,"x",1,{"v":1.6,"d":"1.60"},1.32,{"v":0,"d":"0.00"},2.11,"Sqm"]
[null,"T.Beam",1,"x",2,{"v":5,"d":"5.00"},{"v":0,"d":"0.00"},{"v":0.3,"d":"0.30"},{"v":3,"d":"3.00"},"Sqm"]
[null,"Verandah",1,"x",1,8.65,{"v":1.6,"d":"1.60"},{"v":0,"d":"0.00"},13.84,"Sqm"]
[null,"Verandah beam",4,"x",2,1.35,{"v":0,"d":"0.00"},{"v":0.3,"d":"0.30"},3.24,"Sqm"]
[null,"Front beam two sides",1,"x",2,8.65,{"v":0,"d":"0.00"},{"v":0.3,"d":"0.30"},5.19,"Sqm"]
[null,"Slab projection back side",1,"x",1,9.25,{"v":0,"d":"0.00"},{"v":0.3,"d":"0.30"},2.78,"Sqm"]
[null,"Two sides",1,"x",2,{"v":6.8,"d":"6.80"},{"v":0,"d":"0.00"},{"v":0.3,"d":"0.30"},4.08,"Sqm"]
[null,"Alround slab sides back side",1,"x",1,9.25,{"v":0,"d":"0.00"},0.125,1.16,"Sqm"]
[null,"Two sides",1,"x",2,{"v":6.8,"d":"6.80"},{"v":0,"d":"0.00"},0.125,{"v":1.7,"d":"1.70"},"Sqm"]
[null,"Sunshades",1,"x",2,{"v":1.2,"d":"1.20"},{"v":0.6,"d":"0.60"},{"v":0,"d":"0.00"},1.44,"Sqm"]
[null,null,1,"x",4,{"v":1.8,"d":"1.80"},{"v":0.6,"d":"0.60"},{"v":0,"d":"0.00"},4.32,"Sqm"]
[]
[{"$nulls":8},{"$f":"SUM(I241:I255)","v":79.63},"Sqm",{"$f":"'DATA 2024-25'!E505","v":378.77},"1Sqm",{"$f":"ROUND(I256*K256,0)","v":{"v":30161,"d":"30161.00"}}]
[5,"Plastering in CM (1:5) 12mm thick  single coat including c/c of all materials and labour charges such as mixing cement mortar etc and curing etc complete for finished item of work (APSS 901,  903 & 904) "]
[null,"Inside room",1,"x",1,{"v":21.9,"d":"21.90"},{"v":0,"d":"0.00"},{"v":3.1,"d":"3.10"},{"$f":"ROUND(IF(AND(F258:H258),C258*E258*F258*G258*H258,IF(AND(F258,G258),C258*E258*F258*G258,IF(AND(F258,H258),C258*E258*F258*H258,IF(AND(G258,H258),C258*E258*G258*H258,IF(F258,C258*E258*F258,IF(G258,C258*E258*G258,IF(H258,C258*E258*H258,C258*E258))))))),2)","v":67.89},"Sqm"]
[null,"Kitchen",1,"x",1,{"v":7,"d":"7.00"},{"v":0,"d":"0.00"},{"v":3.1,"d":"3.10"},{"v":21.7,"d":"21.70"},"Sqm"]
[null,"Store room",1,"x",1,{"v":7,"d":"7.00"},{"v":0,"d":"0.00"},{"v":3.1,"d":"3.10"},{"v":21.7,"d":"21.70"},"Sqm"]
[null,"Open room",1,"x",2,{"v":2.1,"d":"2.10"},{"v":0,"d":"0.00"},{"v":3.1,"d":"3.10"},13.02,"Sqm"]
[null,"Out side Veerandah steps top",1,"x",1,8.65,{"v":1.2,"d":"1.20"},{"v":0,"d":"0.00"},10.38,"Sqm"]
[null,"Sides average",2,"x",2,0.35,{"v":0,"d":"0.00"},0.15,0.21,"Sqm"]
[null,"Verandah basement sides",1,"x",2,1.65,{"v":0,"d":"0.00"},{"v":0.6,"d":"0.60"},1.98,"Sqm"]
[null,"Deduction"]
[null,"Door",1,"x",1,{"v":1.2,"d":"1.200"},{"v":0,"d":"0.00"},{"v":2.1,"d":"2.10"},{"$f":"-ROUND(IF(AND(F266:H266),C266*E266*F266*G266*H266,IF(AND(F266,G266),C266*E266*F266*G266,IF(AND(F266,H266),C266*E266*F266*H266,IF(AND(G266,H266),C266*E266*G266*H266,IF(F266,C266*E266*F266,IF(G266,C266*E266*G266,IF(H266,C266*E266*H266,C266*E266))))))),2)","v":-2.52},"Sqm"]
[null,"Door",1,"x",3,0.75,{"v":0,"d":"0.00"},{"v":2.1,"d":"2.10"},{"$f":"-ROUND(IF(AND(F267:H267),C267*E267*F267*G267*H267,IF(AND(F267,G267),C267*E267*F267*G267,IF(AND(F267,H267),C267*E267*F267*H267,IF(AND(G267,H267),C267*E267*G267*H267,IF(F267,C267*E267*F267,IF(G267,C267*E267*G267,IF(H267,C267*E267*H267,C267*E267))))))),2)","v":-4.73},"Sqm"]
[null,"windows",1,"x",5,{"v":1.5,"d":"1.50"},{"v":0,"d":"0.00"},1.35,{"$f":"-ROUND(IF(AND(F268:H268),C268*E268*F268*G268*H268,IF(AND(F268,G268),C268*E268*F268*G268,IF(AND(F268,H268),C268*E268*F268*H268,IF(AND(G268,H268),C268*E268*G268*H268,IF(F268,C268*E268*F268,IF(G268,C268*E268*G268,IF(H268,C268*E268*H268,C268*E268))))))),2)","v":-10.13},"Sqm"]
[null,"windows",1,"x",3,{"v":0.9,"d":"0.90"},{"v":0,"d":"0.00"},1.35,{"$f":"-ROUND(IF(AND(F269:H269),C269*E269*F269*G269*H269,IF(AND(F269,G269),C269*E269*F269*G269,IF(AND(F269,H269),C269*E269*F269*H269,IF(AND(G269,H269),C269*E269*G269*H269,IF(F269,C269*E269*F269,IF(G269,C269*E269*G269,IF(H269,C269*E269*H269,C269*E269))))))),2)","v":-3.65},"Sqm"]
[null,"Ventilators",1,"x",14,{"v":0.6,"d":"0.60"},{"v":0,"d":"0.00"},{"v":0.3,"d":"0.30"},{"$f":"-ROUND(IF(AND(F270:H270),C270*E270*F270*G270*H270,IF(AND(F270,G270),C270*E270*F270*G270,IF(AND(F270,H270),C270*E270*F270*H270,IF(AND(G270,H270),C270*E270*G270*H270,IF(F270,C270*E270*F270,IF(G270,C270*E270*G270,IF(H270,C270*E270*H270,C270*E270))))))),2)","v":-2.52},"Sqm"]
[]
[{"$nulls":9},"Sqm",{"$f":"'DATA 2024-25'!E522","v":311.27},"1Sqm",{"$f":"ROUND(I272*K272,0)","v":{"v":0,"d":"0.00"}}]
[6,"Plastering in CM (1:5) 20mm thick  single coat including c/c of all materials including all operational, incidental and labour charges such as mixing cement mortar and curing etc complete for finished item of work (APSS 901,  903 & 904)  "]
[null,"Long walls",1,"x",2,8.65,{"v":0,"d":"0.00"},{"v":3.9,"d":"3.90"},{"$f":"ROUND(IF(AND(F274:H274),C274*E274*F274*G274*H274,IF(AND(F274,G274),C274*E274*F274*G274,IF(AND(F274,H274),C274*E274*F274*H274,IF(AND(G274,H274),C274*E274*G274*H274,IF(F274,C274*E274*F274,IF(G274,C274*E274*G274,IF(H274,C274*E274*H274,C274*E274))))))),2)","v":67.47},"Sqm"]
[null,"Short walls",1,"x",2,5.35,{"v":0,"d":"0.00"},{"v":3.9,"d":"3.90"},41.73,"Sqm"]
[]
[{"$nulls":9},"Sqm",{"$f":"'DATA 2024-25'!E539","v":325.66},"1Sqm",{"$f":"ROUND(I277*K277,0)","v":{"v":0,"d":"0.00"}}]
[11,"Plastering to brick masonary wall with  12mm thick double coat in CM (1:5) 8 mm thick base coat and CM (1:3) of 4mm thick top coat with dubara sponge finish including c/c of all materials including all operational, incidental and labour charges such as mixing cement mortar and curing etc complete for finished item of work (APSS 901,  903 & 904) "]
[null,"Hall",1,"x",1,{"v":22.5,"d":"22.50"},{"v":0,"d":"0.00"},{"v":3.1,"d":"3.10"},{"$f":"ROUND(IF(AND(F279:H279),C279*E279*F279*G279*H279,IF(AND(F279,G279),C279*E279*F279*G279,IF(AND(F279,H279),C279*E279*F279*H279,IF(AND(G279,H279),C279*E279*G279*H279,IF(F279,C279*E279*F279,IF(G279,C279*E279*G279,IF(H279,C279*E279*H279,C279*E279))))))),2)","v":69.75},"Sqm"]
[null,"Kitchen",1,"x",1,{"v":6.9,"d":"6.90"},{"v":0,"d":"0.00"},{"v":3.1,"d":"3.10"},21.39,"Sqm"]
[null,"Store room",1,"x",1,{"v":6.4,"d":"6.40"},{"v":0,"d":"0.00"},{"v":3.1,"d":"3.10"},19.84,"Sqm"]
[null,"Room",1,"x",1,5.84,{"v":0,"d":"0.00"},{"v":3.1,"d":"3.10"},{"v":18.1,"d":"18.10"},"Sqm"]
[null,"Deduction"]
[null,"Doors",1,"x",1,{"v":1.2,"d":"1.20"},{"v":0,"d":"0.00"},{"v":2.1,"d":"2.10"},{"$f":"-ROUND(IF(AND(F284:H284),C284*E284*F284*G284*H284,IF(AND(F284,G284),C284*E284*F284*G284,IF(AND(F284,H284),C284*E284*F284*H284,IF(AND(G284,H284),C284*E284*G284*H284,IF(F284,C284*E284*F284,IF(G284,C284*E284*G284,IF(H284,C284*E284*H284,C284*E284))))))),2)","v":-2.52},"Sqm"]
[null,null,2,"x",3,{"v":0.9,"d":"0.90"},{"v":0,"d":"0.00"},{"v":2.1,"d":"2.10"},{"$f":"-ROUND(IF(AND(F285:H285),C285*E285*F285*G285*H285,IF(AND(F285,G285),C285*E285*F285*G285,IF(AND(F285,H285),C285*E285*F285*H285,IF(AND(G285,H285),C285*E285*G285*H285,IF(F285,C285*E285*F285,IF(G285,C285*E285*G285,IF(H285,C285*E285*H285,C285*E285))))))),2)","v":-11.34},"Sqm"]
[null,"Windows",1,"x",5,{"v":1.5,"d":"1.50"},{"v":0,"d":"0.00"},1.35,-10.13,"Sqm"]
[null,null,1,"x",3,{"v":0.9,"d":"0.90"},{"v":0,"d":"0.00"},1.35,-3.65,"Sqm"]
[null,"Ventilators",1,"x",7,{"v":0.6,"d":"0.60"},{"v":0,"d":"0.00"},{"v":0.3,"d":"0.30"},{"$f":"-ROUND(IF(AND(F288:H288),C288*E288*F288*G288*H288,IF(AND(F288,G288),C288*E288*F288*G288,IF(AND(F288,H288),C288*E288*F288*H288,IF(AND(G288,H288),C288*E288*G288*H288,IF(F288,C288*E288*F288,IF(G288,C288*E288*G288,IF(H288,C288*E288*H288,C288*E288))))))),2)","v":-1.26},"Sqm"]
[]
[{"$nulls":8},{"$f":"SUM(I279:I289)","v":100.18},"Sqm",{"$f":"'DATA 2024-25'!E576","v":473.87},"1Sqm",{"$f":"ROUND(I290*K290,0)","v":{"v":47472,"d":"47472.00"}}]
[12,"Plastering to brick masonary wall with  20mm thick double coat in CM (1:6) 16 mm thick base coat and CM (1:4) of 4mm thick top coat with dubara sponge finish including c/c of all materials including all operational, incidental and labour charges such as mixing cement mortar and curing etc complete for finished item of work (APSS 901,  903 & 904) "]
[null,"Front side",1,"x",1,{"v":8.6,"d":"8.60"},{"v":0,"d":"0.00"},3.55,{"$f":"ROUND(IF(AND(F292:H292),C292*E292*F292*G292*H292,IF(AND(F292,G292),C292*E292*F292*G292,IF(AND(F292,H292),C292*E292*F292*H292,IF(AND(G292,H292),C292*E292*G292*H292,IF(F292,C292*E292*F292,IF(G292,C292*E292*G292,IF(H292,C292*E292*H292,C292*E292))))))),2)","v":30.53},"Sqm"]
[null,"Back side",1,"x",1,{"v":8.6,"d":"8.60"},{"v":0,"d":"0.00"},4.15,35.69,"Sqm"]
[null,"Two sides",1,"x",1,{"v":6.8,"d":"6.80"},{"v":0,"d":"0.00"},4.15,28.22,"Sqm"]
[null,"For steps",1,"x",1,{"v":1.2,"d":"1.20"},{"v":1.8,"d":"1.80"},{"v":0,"d":"0.00"},2.16,"Sqm"]
[null,"Over landing",1,"x",1,{"v":1.2,"d":"1.20"},1.15,{"v":0,"d":"0.00"},1.38,"Sqm"]
[null,"Sides of steps",1,"x",1,2.95,{"v":1.2,"d":"1.20"},{"v":0,"d":"0.00"},3.54,"Sqm"]
[null,null,1,"x",1,{"v":1.2,"d":"1.20"},{"v":0,"d":"0.00"},0.15,0.18,"Sqm"]
[null,null,1,"x",1,{"v":0.9,"d":"0.90"},{"v":0,"d":"0.00"},0.15,0.14,"Sqm"]
[null,null,1,"x",1,{"v":0.6,"d":"0.60"},{"v":0,"d":"0.00"},0.15,0.09,"Sqm"]
[null,null,1,"x",1,{"v":0.3,"d":"0.30"},{"v":0,"d":"0.00"},0.15,0.05,"Sqm"]
[null,"Landing sides",1,"x",1,1.15,{"v":0,"d":"0.00"},0.75,0.86,"Sqm"]
[null,"For ramp wall",1,"x",1,2.95,{"v":0,"d":"0.00"},{"$f":"0.75/2","v":0.375},1.11,"Sqm"]
[null,"Verandah parapet wall",1,"x",2,8.45,{"v":0,"d":"0.00"},{"v":0.7,"d":"0.70"},11.83,"Sqm"]
[null,null,2,"x",2,{"v":1.5,"d":"1.50"},{"v":0,"d":"0.00"},{"v":0.7,"d":"0.70"},{"v":4.2,"d":"4.20"},"Sqm"]
[]
[{"$nulls":8},{"$f":"SUM(I292:I306)","v":119.98},"Sqm",{"$f":"'DATA 2024-25'!E597","v":{"v":485.1,"d":"485.10"}},"1Sqm",{"$f":"ROUND(I307*K307,0)","v":{"v":58202,"d":"58202.00"}}]
[2,"Plain Cement Concrete  M20 Nominal mix (Cement: Sand: Metal) corresponding Table 9 of IS 456 using 20mm size graded machine crushed hard granite metal from approved quarry including c/c of all materials like Cement, Sand, coarse aggregate, water etc to site, all marerials including labour charges such as machine mixing, laying concrete, curing etc complete but excluding cost of steel and its fabrication charges for finished item of work for Steps"]
[null,"Examination room",1,"x",1,{"v":2.9,"d":"2.900"},{"v":2.85,"d":"2.850"},0.075,{"$f":"ROUND(IF(AND(F309:H309),C309*E309*F309*G309*H309,IF(AND(F309,G309),C309*E309*F309*G309,IF(AND(F309,H309),C309*E309*F309*H309,IF(AND(G309,H309),C309*E309*G309*H309,IF(F309,C309*E309*F309,IF(G309,C309*E309*G309,IF(H309,C309*E309*H309,C309*E309))))))),2)","v":0.62},"Cum"]
[null,"tiolet",1,"x",1,{"v":1.35,"d":"1.350"},{"v":1.6,"d":"1.600"},0.075,0.16,"Cum"]
[null,null,1,"x",1,{"v":1.35,"d":"1.350"},{"v":0.95,"d":"0.950"},0.075,{"v":0.1,"d":"0.10"},"Cum"]
[null,"Lab and store room",1,"x",1,{"v":2.25,"d":"2.250"},{"v":2.85,"d":"2.850"},0.075,0.48,"Cum"]
[null,"Bed room",1,"x",1,{"v":2.72,"d":"2.720"},{"v":2.85,"d":"2.850"},0.075,0.58,"Cum"]
[null,"Tiolet",1,"x",1,{"v":1.42,"d":"1.420"},{"v":1.8,"d":"1.800"},0.075,0.19,"Cum"]
[null,null,1,"x",1,{"v":1.42,"d":"1.420"},{"v":1.05,"d":"1.050"},0.075,0.11,"Cum"]
[null,"Kitchen",1,"x",1,{"v":1.82,"d":"1.820"},{"v":2.8,"d":"2.800"},0.075,0.38,"Cum"]
[null,"Clinic & Lobby",1,"x",1,{"v":6.78,"d":"6.780"},{"v":2.96,"d":"2.960"},0.075,1.51,"Cum"]
[null,"Living room",1,"x",1,{"v":6.22,"d":"6.220"},{"v":2.96,"d":"2.960"},0.075,1.38,"Cum"]
[null,"In verandah",1,"x",1,{"v":12,"d":"12.000"},{"v":1.2,"d":"1.200"},0.075,1.08,"Cum"]
[null,null,1,"x",1,{"v":6.1,"d":"6.100"},{"v":1.2,"d":"1.200"},0.075,0.55,"Cum"]
[null,"Ramp portion",1,"x",1,{"v":2.55,"d":"2.550"},{"v":1.2,"d":"1.200"},0.075,0.23,"Cum"]
[null,"At medicine center",1,"x",1,{"v":1.2,"d":"1.200"},{"v":0.9,"d":"0.900"},0.075,0.08,"Cum"]
[]
[{"$nulls":9},"Cum",{"$f":"'DATA 2024-25'!E320","v":{"v":6819.900000000001,"d":"6819.90"}},"1Cum",{"$f":"ROUND(I324*K324,0)","v":{"v":0,"d":"0.00"}}]
[13,"Flooring with Porcelain Vitrified tiles stain free double charged of 1st quality and of size not less than 600X600X8mm thickness glossy finish premium colours, set over base coat of CM (1:8), 12mm thick over already laid CC bed / RCC Roof slab, including neat Cement slurry of honey like consistency spread @ 3.30 Kgs per Sqm & jointed with neat white Cement paste to full depth mixed with pigment of matching shade including c/c of all materials like Cement, Sand and Water and tiles etc complete including labour charges etc complete for finished item of work "]
[null,"Hall",1,"x",1,6.25,{"v":5,"d":"5.00"},{"v":0,"d":"0.00"},{"$f":"ROUND(IF(AND(F326:H326),C326*E326*F326*G326*H326,IF(AND(F326,G326),C326*E326*F326*G326,IF(AND(F326,H326),C326*E326*F326*H326,IF(AND(G326,H326),C326*E326*G326*H326,IF(F326,C326*E326*F326,IF(G326,C326*E326*G326,IF(H326,C326*E326*H326,C326*E326))))))),2)","v":31.25},"Sqm"]
[null,"Kitchen",1,"x",1,{"v":1.6,"d":"1.60"},1.85,{"v":0,"d":"0.00"},2.96,"Sqm"]
[null,"Store room",1,"x",1,{"v":1.6,"d":"1.60"},{"v":1.6,"d":"1.60"},{"v":0,"d":"0.00"},2.56,"Sqm"]
[null,"Room",1,"x",1,{"v":1.6,"d":"1.60"},1.32,{"v":0,"d":"0.00"},2.11,"Sqm"]
[null,"Verandah",1,"x",1,8.45,1.35,{"v":0,"d":"0.00"},11.41,"Sqm"]
[null,"Deduction",1,"x",2,0.23,0.125,{"v":0,"d":"0.00"},{"$f":"-ROUND(IF(AND(F331:H331),C331*E331*F331*G331*H331,IF(AND(F331,G331),C331*E331*F331*G331,IF(AND(F331,H331),C331*E331*F331*H331,IF(AND(G331,H331),C331*E331*G331*H331,IF(F331,C331*E331*F331,IF(G331,C331*E331*G331,IF(H331,C331*E331*H331,C331*E331))))))),2)","v":-0.06},"Sqm"]
[]
[{"$nulls":8},{"$f":"SUM(I326:I332)","v":{"v":50.230000000000004,"d":"50.23"}},"Sqm",{"$f":"'DATA 2024-25'!E748","v":1238.02},"1Sqm",{"$f":"ROUND(I333*K333,0)","v":{"v":62186,"d":"62186.00"}}]
[14,"Providing Skirting to internal walls to 15cm height / risers of steps with Porcelain Vitrified tiles length equal to flooring stones, set over base coat of CM (1:5) 12mm thick with Cement slurry of honey like consistency spread @ 3.30 Kgs per Sqm & jointed with white Cement paste mixed with pigment of matching shade to full depth, including c/c of materials like Cement, Sand and Water and tiles etc complete for finished item of work "]
[null,"Hall alround",1,"x",1,{"v":22.5,"d":"22.50"},{"v":0,"d":"0.00"},{"v":0.1,"d":"0.10"},{"$f":"ROUND(IF(AND(F335:H335),C335*E335*F335*G335*H335,IF(AND(F335,G335),C335*E335*F335*G335,IF(AND(F335,H335),C335*E335*F335*H335,IF(AND(G335,H335),C335*E335*G335*H335,IF(F335,C335*E335*F335,IF(G335,C335*E335*G335,IF(H335,C335*E335*H335,C335*E335))))))),2)","v":2.25},"Sqm"]
[null,"Kitchen alround",1,"x",1,{"v":6.9,"d":"6.90"},{"v":0,"d":"0.00"},{"v":0.1,"d":"0.10"},0.69,"Sqm"]
[null,"Store room",1,"x",1,{"v":6.4,"d":"6.40"},{"v":0,"d":"0.00"},{"v":0.1,"d":"0.10"},0.64,"Sqm"]
[null,"Room",1,"x",1,5.84,{"v":0,"d":"0.00"},{"v":0.1,"d":"0.10"},0.58,"Sqm"]
[null,"Verandah",1,"x",2,8.45,{"v":0,"d":"0.00"},{"v":0.1,"d":"0.10"},1.69,"Sqm"]
[null,"Two side walls",1,"x",2,{"v":1.5,"d":"1.50"},{"v":0,"d":"0.00"},{"v":0.1,"d":"0.10"},{"v":0.3,"d":"0.30"},"Sqm"]
[null,"Deduction"]
[null,"Doors",1,"x",2,{"v":1.2,"d":"1.20"},{"v":0,"d":"0.00"},{"v":0.1,"d":"0.10"},{"$f":"-ROUND(IF(AND(F342:H342),C342*E342*F342*G342*H342,IF(AND(F342,G342),C342*E342*F342*G342,IF(AND(F342,H342),C342*E342*F342*H342,IF(AND(G342,H342),C342*E342*G342*H342,IF(F342,C342*E342*F342,IF(G342,C342*E342*G342,IF(H342,C342*E342*H342,C342*E342))))))),2)","v":-0.24},"Sqm"]
[null,"Doors",3,"x",2,{"v":0.9,"d":"0.90"},{"v":0,"d":"0.00"},{"v":0.1,"d":"0.10"},{"$f":"-ROUND(IF(AND(F343:H343),C343*E343*F343*G343*H343,IF(AND(F343,G343),C343*E343*F343*G343,IF(AND(F343,H343),C343*E343*F343*H343,IF(AND(G343,H343),C343*E343*G343*H343,IF(F343,C343*E343*F343,IF(G343,C343*E343*G343,IF(H343,C343*E343*H343,C343*E343))))))),2)","v":-0.54},"Sqm"]
[null,"Near steps",1,"x",1,{"v":1.2,"d":"1.20"},{"v":0,"d":"0.00"},{"v":0.1,"d":"0.10"},{"$f":"-ROUND(IF(AND(F344:H344),C344*E344*F344*G344*H344,IF(AND(F344,G344),C344*E344*F344*G344,IF(AND(F344,H344),C344*E344*F344*H344,IF(AND(G344,H344),C344*E344*G344*H344,IF(F344,C344*E344*F344,IF(G344,C344*E344*G344,IF(H344,C344*E344*H344,C344*E344))))))),2)","v":-0.12},"Sqm"]
[]
[{"$nulls":8},{"$f":"SUM(I335:I345)","v":{"v":5.249999999999999,"d":"5.25"}},"Sqm",{"$f":"'DATA 2024-25'!E767","v":1233.15},"1Sqm",{"$f":"ROUND(I346*K346,0)","v":{"v":6474,"d":"6474.00"}}]
[7,"Flooring with high polished granite 16 to 18 mm mm thick slabs other than black set over base coat of cement mortar (1:8), 20 mm thick over CC bed already laid or RCC roof slab, including neat cement slurry of honey like consistency spread @ 3.3.kgs per sqm & jointed neatly with white cement paste mixed with pigment of matching shade to full depth, including cost of all materials like cement, sand water and tilesetc., complete, including seigniorage charges, labour charges for dressing of tilesetc., complete for finished item of work, but excluding the cost of conveyance of all materials"]
[null,null,1,"x",1,6.08,{"v":4.8,"d":"4.80"},{"v":0,"d":"0.00"},{"$f":"ROUND(IF(AND(F348:H348),C348*E348*F348*G348*H348,IF(AND(F348,G348),C348*E348*F348*G348,IF(AND(F348,H348),C348*E348*F348*H348,IF(AND(G348,H348),C348*E348*G348*H348,IF(F348,C348*E348*F348,IF(G348,C348*E348*G348,IF(H348,C348*E348*H348,C348*E348))))))),2)","v":29.18},"Sqm",{"$nulls":4},{"$f":"F348*2","v":12.16},{"$f":"G348*2","v":9.6},{"$f":"SUBTOTAL(9,O348:P348)","v":0}]
[null,null,1,"x",1,{"v":1.8,"d":"1.80"},1.65,{"v":0,"d":"0.00"},2.97,"Sqm",{"$nulls":4},{"$f":"F349*2","v":3.6},{"$f":"G349*2","v":3.3},{"$f":"SUBTOTAL(9,O349:P349)","v":0}]
[null,null,1,"x",1,{"v":1.8,"d":"1.80"},{"v":1.5,"d":"1.50"},{"v":0,"d":"0.00"},{"v":2.7,"d":"2.70"},"Sqm",{"$nulls":4},3.6,3,0]
[null,null,1,"x",1,{"v":1.8,"d":"1.80"},{"v":1.2,"d":"1.20"},{"v":0,"d":"0.00"},2.16,"Sqm",{"$nulls":4},3.6,2.4,0]
[]
[{"$nulls":9},"Sqm",{"$f":"'DATA 2024-25'!E668","v":3203.54},"1Sqm",{"$f":"ROUND(I353*K353,0)","v":{"v":0,"d":"0.00"}}]
[8,"Providing skirting to internal walls to 15 cm height/risers of steps with 16-18 mm thick  polished granite tiles length equal to flooring stones, set over base coat of CM (1:3) 12 mm thick with cement slurry of honey like consistency spread at the rate of 3.30 kgs per sqm and jointed with white cement paste mixed with pigment of matching shade to full depth, including cost of all materials like tiles, cement, sand and water etc., complete including seigniorage charges, etc., complete for finished item of work"]
[null,null,1,"x",1,21.76,{"v":0,"d":"0.00"},{"v":0.1,"d":"0.10"},{"$f":"ROUND(IF(AND(F355:H355),C355*E355*F355*G355*H355,IF(AND(F355,G355),C355*E355*F355*G355,IF(AND(F355,H355),C355*E355*F355*H355,IF(AND(G355,H355),C355*E355*G355*H355,IF(F355,C355*E355*F355,IF(G355,C355*E355*G355,IF(H355,C355*E355*H355,C355*E355))))))),2)","v":2.18},"Sqm"]
[null,null,1,"x",1,{"v":6.9,"d":"6.90"},{"v":0,"d":"0.00"},{"v":0.1,"d":"0.10"},0.69,"Sqm"]
[null,null,1,"x",1,{"v":6.6,"d":"6.60"},{"v":0,"d":"0.00"},{"v":0.1,"d":"0.10"},0.66,"Sqm"]
[null,null,1,"x",2,{"v":6,"d":"6.00"},{"v":0,"d":"0.00"},{"v":0.1,"d":"0.10"},{"v":1.2,"d":"1.20"},"Sqm"]
[]
[{"$nulls":9},"Sqm",{"$f":"'DATA 2024-25'!E688","v":2970.99},"1Sqm",{"$f":"ROUND(I360*K360,0)","v":{"v":0,"d":"0.00"}}]
[2,"S&F of high polished granite 16 to 18 mm mm thick slabs including cost and conveyance of all material and labour charges etc., complete  for platform"]
[null,"Examination room",1,"x",1,{"v":1.45,"d":"1.450"},{"v":0.45,"d":"0.450"},{"v":0,"d":"0.000"},{"$f":"ROUND(IF(AND(F362:H362),C362*E362*F362*G362*H362,IF(AND(F362,G362),C362*E362*F362*G362,IF(AND(F362,H362),C362*E362*F362*H362,IF(AND(G362,H362),C362*E362*G362*H362,IF(F362,C362*E362*F362,IF(G362,C362*E362*G362,IF(H362,C362*E362*H362,C362*E362))))))),2)","v":0.65},"Sqm"]
[null,"Lab and store room",1,"x",1,{"v":1.75,"d":"1.750"},{"v":0.45,"d":"0.450"},{"v":0,"d":"0.000"},{"$f":"ROUND(IF(AND(F363:H363),C363*E363*F363*G363*H363,IF(AND(F363,G363),C363*E363*F363*G363,IF(AND(F363,H363),C363*E363*F363*H363,IF(AND(G363,H363),C363*E363*G363*H363,IF(F363,C363*E363*F363,IF(G363,C363*E363*G363,IF(H363,C363*E363*H363,C363*E363))))))),2)","v":0.79},"Sqm"]
[null,"Deduct for working area",1,"x",1,{"v":0.55,"d":"0.550"},{"v":0.35,"d":"0.350"},{"v":0,"d":"0.000"},{"$f":"-ROUND(IF(AND(F364:H364),C364*E364*F364*G364*H364,IF(AND(F364,G364),C364*E364*F364*G364,IF(AND(F364,H364),C364*E364*F364*H364,IF(AND(G364,H364),C364*E364*G364*H364,IF(F364,C364*E364*F364,IF(G364,C364*E364*G364,IF(H364,C364*E364*H364,C364*E364))))))),2)","v":-0.19},"Sqm"]
[null,"Kitchen",1,"x",1,{"v":2.8,"d":"2.800"},{"v":0.45,"d":"0.450"},{"v":0,"d":"0.000"},1.26,"Sqm"]
[null,"Deduction",1,"x",1,{"v":0.55,"d":"0.550"},{"v":0.35,"d":"0.350"},{"v":0,"d":"0.000"},{"$f":"-ROUND(IF(AND(F366:H366),C366*E366*F366*G366*H366,IF(AND(F366,G366),C366*E366*F366*G366,IF(AND(F366,H366),C366*E366*F366*H366,IF(AND(G366,H366),C366*E366*G366*H366,IF(F366,C366*E366*F366,IF(G366,C366*E366*G366,IF(H366,C366*E366*H366,C366*E366))))))),2)","v":-0.19},"Sqm"]
[]
[{"$nulls":9},"Sqm",{"$f":"'lead 24-25'!L23","v":{"v":2366.9152000000004,"d":"2366.92"}},"10Sqm",{"$f":"ROUND(I368*K368/10,0)","v":{"v":0,"d":"0.00"}}]
[6,"Flooring with chequrred terrazzo tiles of 22 mm thick (medium shade) set over base coat of cement mortar (1:6) 12 mm thick over CC bed already laid or RCC roof slab, including near cement slurry of honey like consistency spread @ 3.3.kgs per sqm & jointed with neat cement to full depth mixed with pigment of matching shade including cost of all materials like cement, sand water and tiles etc., complete, including seigniorage charges, complete for finished item of work,"]
[null,null,1,"x",1,{"v":2.9,"d":"2.900"},{"v":5.3,"d":"5.300"},{"v":0,"d":"0.000"},{"$f":"ROUND(IF(AND(F370:H370),C370*E370*F370*G370*H370,IF(AND(F370,G370),C370*E370*F370*G370,IF(AND(F370,H370),C370*E370*F370*H370,IF(AND(G370,H370),C370*E370*G370*H370,IF(F370,C370*E370*F370,IF(G370,C370*E370*G370,IF(H370,C370*E370*H370,C370*E370))))))),2)","v":15.37},"Sqm"]
[]
[{"$nulls":9},"Sqm",{"$f":"'DATA 2024-25'!E709","v":748.41},"1Sqm",{"$f":"ROUND(I372*K372,0)","v":{"v":0,"d":"0.00"}}]
[27,"Providing skirting to internal walls to 15 cm height/risers of steps with chequrred terrazzo tiles length equal to flooring stones, set over base coat of CM (1:5) 12 mm thick with cement slurry of honey like consistency spread at the rate of 3.30 kgs per sqm and jointed with white cement paste mixed with pigment of matching shade to full depth, including cost of all materials like tiles, cement, sand and water etc., complete including seigniorage charges, etc., complete for finished item of work,"]
[null,"Qty.p.14 of M.B.No.174/B/ZP/16"]
[null,"Landing",1,"x",2,{"v":5.25,"d":"5.250"},{"v":0,"d":"0.000"},{"v":0.1,"d":"0.100"},{"$f":"ROUND(IF(AND(F375:H375),C375*E375*F375*G375*H375,IF(AND(F375,G375),C375*E375*F375*G375,IF(AND(F375,H375),C375*E375*F375*H375,IF(AND(G375,H375),C375*E375*G375*H375,IF(F375,C375*E375*F375,IF(G375,C375*E375*G375,IF(H375,C375*E375*H375,C375*E375))))))),2)","v":1.05},"Sqm"]
[null,"Verandah",1,"x",1,{"v":9.87,"d":"9.870"},{"v":0,"d":"0.000"},{"v":0.1,"d":"0.100"},{"$f":"ROUND(IF(AND(F376:H376),C376*E376*F376*G376*H376,IF(AND(F376,G376),C376*E376*F376*G376,IF(AND(F376,H376),C376*E376*F376*H376,IF(AND(G376,H376),C376*E376*G376*H376,IF(F376,C376*E376*F376,IF(G376,C376*E376*G376,IF(H376,C376*E376*H376,C376*E376))))))),2)","v":0.99},"Sqm"]
[null,"Entrance steps risers",1,"x",5,{"v":2.72,"d":"2.720"},{"v":0,"d":"0.000"},{"v":0.17,"d":"0.170"},2.31,"Sqm"]
[null,"Godown steps risers",1,"x",5,{"v":2.5,"d":"2.500"},{"v":0,"d":"0.000"},{"v":0.17,"d":"0.170"},2.13,"Sqm"]
[null,"Staircase steps",1,"x",22,{"v":1.28,"d":"1.280"},{"v":0,"d":"0.000"},{"v":0.15,"d":"0.150"},4.22,"Sqm"]
[null,"Waiting room",1,"x",1,{"v":10.53,"d":"10.530"},{"v":0,"d":"0.000"},{"v":0.1,"d":"0.100"},1.05,"Sqm"]
[]
[{"$nulls":9},"Sqm",{"$f":"'DATA 2024-25'!E727","v":772.27},"1Sqm",{"$f":"ROUND(I382*K382,0)","v":{"v":0,"d":"0.00"}}]
[5,"Flooring with Ceramic non skid tiles of not less than 7-8mm thick 1st quality laid over floor bed / VRCC slab set over base coat of CM (1:8), 12mm thick and neat grey Cement slurry of honey like consistency spread @ 3.30 Kgs per Sqm & jointed with neat white Cement paste to full depth mixed with pigment of matching shade including c/c of all materials to site including cost of mixing of mortar and watering and levelling to proper slope and curing including all labour charges etc for finished item of work  "]
[null,"Tiolet",1,"x",1,{"v":3.3,"d":"3.30"},{"v":1.8,"d":"1.80"},{"v":0,"d":"0.00"},{"$f":"ROUND(IF(AND(F384:H384),C384*E384*F384*G384*H384,IF(AND(F384,G384),C384*E384*F384*G384,IF(AND(F384,H384),C384*E384*F384*H384,IF(AND(G384,H384),C384*E384*G384*H384,IF(F384,C384*E384*F384,IF(G384,C384*E384*G384,IF(H384,C384*E384*H384,C384*E384))))))),2)","v":5.94},"Sqm"]
[]
[{"$nulls":9},"Sqm",{"$f":"'DATA 2024-25'!E785","v":849.02},"1Sqm",{"$f":"ROUND(I386*K386,0)","v":{"v":0,"d":"0.00"}}]
[6,"Providing Daddooing to walls with 5 to 7mm thick Glazed Ceramic wall tiles of 1st quality of 6mm thick set over base coat of CM (1:3) 12mm thick with Cement slurry of honey like consistency spread @ 3.30 Kgs per Sqm & jointed with neat white Cement paste to full depth mixed with pigment of matching shade including c/c of all materials to site, cost of all materials like tiles, Cement, sand and water etc complete for finished item of work  "]
[null,null,1,"x",2,{"v":3.3,"d":"3.30"},{"v":0,"d":"0.00"},{"v":1.8,"d":"1.80"},{"$f":"ROUND(IF(AND(F388:H388),C388*E388*F388*G388*H388,IF(AND(F388,G388),C388*E388*F388*G388,IF(AND(F388,H388),C388*E388*F388*H388,IF(AND(G388,H388),C388*E388*G388*H388,IF(F388,C388*E388*F388,IF(G388,C388*E388*G388,IF(H388,C388*E388*H388,C388*E388))))))),2)","v":11.88},"Sqm"]
[null,null,1,"x",2,{"v":1.8,"d":"1.80"},{"v":0,"d":"0.00"},{"v":1.8,"d":"1.80"},{"$f":"ROUND(IF(AND(F389:H389),C389*E389*F389*G389*H389,IF(AND(F389,G389),C389*E389*F389*G389,IF(AND(F389,H389),C389*E389*F389*H389,IF(AND(G389,H389),C389*E389*G389*H389,IF(F389,C389*E389*F389,IF(G389,C389*E389*G389,IF(H389,C389*E389*H389,C389*E389))))))),2)","v":6.48},"Sqm"]
[null,"Deduct door",1,"x",1,{"v":1,"d":"1.00"},{"v":0,"d":"0.00"},{"v":2.1,"d":"2.10"},{"$f":"-ROUND(IF(AND(F390:H390),C390*E390*F390*G390*H390,IF(AND(F390,G390),C390*E390*F390*G390,IF(AND(F390,H390),C390*E390*F390*H390,IF(AND(G390,H390),C390*E390*G390*H390,IF(F390,C390*E390*F390,IF(G390,C390*E390*G390,IF(H390,C390*E390*H390,C390*E390))))))),2)","v":{"v":-2.1,"d":"-2.10"}},"Sqm"]
[]
[{"$nulls":9},"Sqm",{"$f":"'DATA 2024-25'!E802","v":499.42},"1Sqm",{"$f":"ROUND(I392*K392,0)","v":{"v":0,"d":"0.00"}}]
[3,"Flooring with pressed clay flooring tiles, set over base coat of cement mortar (1:8) 12 mm thick over CC bed already laid or RCC roof slab, including neat cement slurry of honey like consistency spread @ 3.3.kgs per sqm & jointed neatly with cement mixed with pigment of matching shade to full depth, including cost of all materials like cement, sand water and tiles etc., complete, for finished item of work,     "]
[null,"c",1,"x",1,{"$f":"(16+17.55)/2","v":16.775},{"v":0.9,"d":"0.900"},{"v":0,"d":"0.000"},{"$f":"ROUND(IF(AND(F394:H394),C394*E394*F394*G394*H394,IF(AND(F394,G394),C394*E394*F394*G394,IF(AND(F394,H394),C394*E394*F394*H394,IF(AND(G394,H394),C394*E394*G394*H394,IF(F394,C394*E394*F394,IF(G394,C394*E394*G394,IF(H394,C394*E394*H394,C394*E394))))))),2)","v":{"v":15.1,"d":"15.10"}},"Sqm"]
[null,null,1,"x",2,{"$f":"(4.8+5.35)/2","v":{"v":5.074999999999999,"d":"5.075"}},{"v":0.9,"d":"0.900"},{"v":0,"d":"0.000"},9.14,"Sqm"]
[]
[{"$nulls":9},"Sqm",{"$f":"'DATA 2024-25'!E830","v":1381.57},"1Sqm",{"$f":"ROUND(I397*K397,0)","v":{"v":0,"d":"0.00"}}]
[7,"Gronolithie Concrete Flooring 20 mm thick with (1:1:2), using 6mm to 12 mm size hard granite machine crushed metal laid over CC bed already laid or RCC roof slab, in alternate panels of size not exceeding 1.50 m x 1.50 m and finishing the top surface to required smoothness and slopes and thread lining including cost of all materials like cement, metal, sand and water etc., complete, including seigniorage charges, etc., complete for finished item of work, but excluding the cost of conveyance of all materials"]
[null,"Building east side",1,"x",1,{"$f":"(6.4+6.6)/2","v":{"v":6.5,"d":"6.500"}},{"v":1,"d":"1.000"},{"v":0,"d":"0.000"},{"$f":"ROUND(IF(AND(F399:H399),C399*E399*F399*G399*H399,IF(AND(F399,G399),C399*E399*F399*G399,IF(AND(F399,H399),C399*E399*F399*H399,IF(AND(G399,H399),C399*E399*G399*H399,IF(F399,C399*E399*F399,IF(G399,C399*E399*G399,IF(H399,C399*E399*H399,C399*E399))))))),2)","v":{"v":6.5,"d":"6.50"}},"Sqm"]
[null,"west side",1,"x",1,{"v":6.95,"d":"6.950"},{"v":1,"d":"1.000"},{"v":0,"d":"0.000"},{"$f":"ROUND(IF(AND(F400:H400),C400*E400*F400*G400*H400,IF(AND(F400,G400),C400*E400*F400*G400,IF(AND(F400,H400),C400*E400*F400*H400,IF(AND(G400,H400),C400*E400*G400*H400,IF(F400,C400*E400*F400,IF(G400,C400*E400*G400,IF(H400,C400*E400*H400,C400*E400))))))),2)","v":6.95},"Sqm"]
[null,"north side",1,"x",1,{"v":10.7,"d":"10.700"},{"v":5.3,"d":"5.300"},{"v":0,"d":"0.000"},{"$f":"ROUND(IF(AND(F401:H401),C401*E401*F401*G401*H401,IF(AND(F401,G401),C401*E401*F401*G401,IF(AND(F401,H401),C401*E401*F401*H401,IF(AND(G401,H401),C401*E401*G401*H401,IF(F401,C401*E401*F401,IF(G401,C401*E401*G401,IF(H401,C401*E401*H401,C401*E401))))))),2)","v":56.71},"Sqm"]
[]
[{"$nulls":9},"Sqm",{"$f":"'DATA 2024-25'!E846","v":370.89},"1Sqm",{"$f":"ROUND(I403*K403,0)","v":{"v":0,"d":"0.00"}}]
[26,"White washing one coat with whiting of approved quality to give an even shade after thoroughly brushing the surface to remove all dirt and remains of loose powdered materials including cost of all materials, labour charges and incidental such as scaffolding, lift charges etc., complete for finished item of wor"]
[null,"Qty.p.17 of M.B.No.471/A/ZP/19"]
[null,"Hall",1,"x",1,{"v":8.5,"d":"8.500"},{"v":4.95,"d":"4.950"},{"v":0,"d":"0.000"},{"$f":"ROUND(IF(AND(F406:H406),C406*E406*F406*G406*H406,IF(AND(F406,G406),C406*E406*F406*G406,IF(AND(F406,H406),C406*E406*F406*H406,IF(AND(G406,H406),C406*E406*G406*H406,IF(F406,C406*E406*F406,IF(G406,C406*E406*G406,IF(H406,C406*E406*H406,C406*E406))))))),2)","v":42.08},"Sqm"]
[null,"Front projection",1,"x",1,{"v":5.5,"d":"5.500"},{"v":2.4,"d":"2.400"},{"v":0,"d":"0.000"},{"$f":"ROUND(IF(AND(F407:H407),C407*E407*F407*G407*H407,IF(AND(F407,G407),C407*E407*F407*G407,IF(AND(F407,H407),C407*E407*F407*H407,IF(AND(G407,H407),C407*E407*G407*H407,IF(F407,C407*E407*F407,IF(G407,C407*E407*G407,IF(H407,C407*E407*H407,C407*E407))))))),2)","v":{"v":13.2,"d":"13.20"}},"Sqm"]
[null,"Room-1",1,"x",1,{"v":3.15,"d":"3.150"},{"v":2.85,"d":"2.850"},{"v":0,"d":"0.000"},8.98,"Sqm"]
[null,"Room-2",1,"x",1,{"v":3.15,"d":"3.150"},{"v":2.75,"d":"2.750"},{"v":0,"d":"0.000"},8.66,"Sqm"]
[null,"Godown",1,"x",1,{"v":8.35,"d":"8.350"},{"v":3.35,"d":"3.350"},{"v":0,"d":"0.000"},27.97,"Sqm"]
[null,"Bottom of sunshades in Hall",1,"x",1,{"v":2.5,"d":"2.500"},{"v":0.5,"d":"0.500"},{"v":0,"d":"0.000"},1.25,"Sqm"]
[null,null,1,"x",1,{"v":2.5,"d":"2.500"},{"v":0.5,"d":"0.500"},{"v":0,"d":"0.000"},1.25,"Sqm"]
[null,null,1,"x",1,{"v":2.5,"d":"2.500"},{"v":0.5,"d":"0.500"},{"v":0,"d":"0.000"},1.25,"Sqm"]
[null,"Room-1",1,"x",1,{"v":2.5,"d":"2.500"},{"v":0.5,"d":"0.500"},{"v":0,"d":"0.000"},1.25,"Sqm"]
[null,"Room-2",1,"x",1,{"v":2.5,"d":"2.500"},{"v":0.5,"d":"0.500"},{"v":0,"d":"0.000"},1.25,"Sqm"]
[null,"Bottom of slab projection",1,"x",1,{"v":8.9,"d":"8.900"},{"v":0.9,"d":"0.900"},{"v":0,"d":"0.000"},8.01,"Sqm"]
[null,"Bottom of first flight",1,"x",1,{"v":2.9,"d":"2.900"},{"v":1.3,"d":"1.300"},{"v":0,"d":"0.000"},3.77,"Sqm"]
[null,"2nd flight",1,"x",1,{"v":2.9,"d":"2.900"},{"v":1.3,"d":"1.300"},{"v":0,"d":"0.000"},3.77,"Sqm"]
[null,"Qty.p.21 of M.B.No.471/A/ZP/19"]
[null,"Hall alround",1,"x",1,{"v":27.04,"d":"27.040"},{"v":0,"d":"0.000"},{"v":3.2,"d":"3.200"},86.53,"Sqm"]
[null,"Room-1",1,"x",1,{"v":12.18,"d":"12.180"},{"v":0,"d":"0.000"},{"v":3.2,"d":"3.200"},38.98,"Sqm"]
[null,"Room-2",1,"x",1,{"v":12.1,"d":"12.100"},{"v":0,"d":"0.000"},{"v":3.2,"d":"3.200"},{"$f":"ROUND(IF(AND(F422:H422),C422*E422*F422*G422*H422,IF(AND(F422,G422),C422*E422*F422*G422,IF(AND(F422,H422),C422*E422*F422*H422,IF(AND(G422,H422),C422*E422*G422*H422,IF(F422,C422*E422*F422,IF(G422,C422*E422*G422,IF(H422,C422*E422*H422,C422*E422))))))),2)","v":38.72},"Sqm"]
[null,"Godown 3 sides",1,"x",1,{"v":20.08,"d":"20.080"},{"v":0,"d":"0.000"},{"v":3.2,"d":"3.200"},64.26,"Sqm"]
[null,"Inside projection front side",1,"x",1,{"v":12.6,"d":"12.600"},{"v":0,"d":"0.000"},{"v":0.75,"d":"0.750"},9.45,"Sqm"]
[null,"Staircase inside",1,"x",1,{"v":3.27,"d":"3.270"},{"v":0,"d":"0.000"},{"v":3.2,"d":"3.200"},10.46,"Sqm"]
[null,null,1,"x",1,{"v":3.27,"d":"3.270"},{"v":0,"d":"0.000"},{"v":3.2,"d":"3.200"},10.46,"Sqm"]
[null,"Upto landing",1,"x",1,{"v":2.68,"d":"2.680"},{"v":0,"d":"0.000"},{"v":1.2,"d":"1.200"},3.22,"Sqm"]
[null,"Deduct door",1,"x",2,{"v":1.2,"d":"1.200"},{"v":0,"d":"0.000"},{"v":2.1,"d":"2.100"},{"$f":"-ROUND(IF(AND(F428:H428),C428*E428*F428*G428*H428,IF(AND(F428,G428),C428*E428*F428*G428,IF(AND(F428,H428),C428*E428*F428*H428,IF(AND(G428,H428),C428*E428*G428*H428,IF(F428,C428*E428*F428,IF(G428,C428*E428*G428,IF(H428,C428*E428*H428,C428*E428))))))),2)","v":-5.04},"Sqm"]
[null,"Deduct window",1,"x",5,{"v":1.5,"d":"1.500"},{"v":0,"d":"0.000"},{"v":1.35,"d":"1.350"},{"$f":"-ROUND(IF(AND(F429:H429),C429*E429*F429*G429*H429,IF(AND(F429,G429),C429*E429*F429*G429,IF(AND(F429,H429),C429*E429*F429*H429,IF(AND(G429,H429),C429*E429*G429*H429,IF(F429,C429*E429*F429,IF(G429,C429*E429*G429,IF(H429,C429*E429*H429,C429*E429))))))),2)","v":-10.13},"Sqm"]
[null,"Deduct ventilator",1,"x",10,{"v":0.6,"d":"0.600"},{"v":0,"d":"0.000"},{"v":0.3,"d":"0.300"},{"$f":"-ROUND(IF(AND(F430:H430),C430*E430*F430*G430*H430,IF(AND(F430,G430),C430*E430*F430*G430,IF(AND(F430,H430),C430*E430*F430*H430,IF(AND(G430,H430),C430*E430*G430*H430,IF(F430,C430*E430*F430,IF(G430,C430*E430*G430,IF(H430,C430*E430*H430,C430*E430))))))),2)","v":{"v":-1.8,"d":"-1.80"}},"Sqm"]
[null,"Deduct Main door",1,"x",1,{"v":1.2,"d":"1.200"},{"v":0,"d":"0.000"},{"v":2.1,"d":"2.100"},{"$f":"-ROUND(IF(AND(F431:H431),C431*E431*F431*G431*H431,IF(AND(F431,G431),C431*E431*F431*G431,IF(AND(F431,H431),C431*E431*F431*H431,IF(AND(G431,H431),C431*E431*G431*H431,IF(F431,C431*E431*F431,IF(G431,C431*E431*G431,IF(H431,C431*E431*H431,C431*E431))))))),2)","v":-2.52},"Sqm"]
[null,"Qty.p.23 of M.B.No.471/A/ZP/19"]
[null,"South side",1,"x",1,{"v":12.53,"d":"12.530"},{"v":0,"d":"0.000"},{"v":3.6,"d":"3.600"},{"$f":"ROUND(IF(AND(F433:H433),C433*E433*F433*G433*H433,IF(AND(F433,G433),C433*E433*F433*G433,IF(AND(F433,H433),C433*E433*F433*H433,IF(AND(G433,H433),C433*E433*G433*H433,IF(F433,C433*E433*F433,IF(G433,C433*E433*G433,IF(H433,C433*E433*H433,C433*E433))))))),2)","v":45.11},"Sqm"]
[null,"East side",1,"x",1,{"v":8.85,"d":"8.850"},{"v":0,"d":"0.000"},{"v":3.6,"d":"3.600"},31.86,"Sqm"]
[null,"North side",1,"x",1,{"v":6.25,"d":"6.250"},{"v":0,"d":"0.000"},{"v":3.6,"d":"3.600"},{"v":22.5,"d":"22.50"},"Sqm"]
[null,"West side",1,"x",1,{"v":5.45,"d":"5.450"},{"v":0,"d":"0.000"},{"v":3.2,"d":"3.200"},17.44,"Sqm"]
[]
[{"$nulls":9},"Sqm",{"$f":"'DATA 2024-25'!E860","v":26.75},"1Sqm",{"$f":"ROUND(I438*K438,0)","v":{"v":0,"d":"0.00"}}]
[7,"Providing and applying Wall putty of White Cement or Polymer or Cement based of average 1 to 2 mm thickness over plastered surface to prepare the surface even and smooth after thoroughly brushing the surface to remove all dirt and remains of loose powdered materials, applying emery paper, Sand the surface, clean & wipe off loose dust, applying knifing paste filler by putty knife / muslin pad, air dry for 2 - 3 hrs, sand with 180 and 320 No., emery paper for the surface preparation including cost and conveyance of all materials and all operational, incidental and all labour charges etc., complete for finished item of work in all floors for internal walls"]
[null,"Hall",1,"x",2,{"v":4.8,"d":"4.800"},{"v":0,"d":"0.000"},{"v":3,"d":"3.000"},{"$f":"ROUND(IF(AND(F440:H440),C440*E440*F440*G440*H440,IF(AND(F440,G440),C440*E440*F440*G440,IF(AND(F440,H440),C440*E440*F440*H440,IF(AND(G440,H440),C440*E440*G440*H440,IF(F440,C440*E440*F440,IF(G440,C440*E440*G440,IF(H440,C440*E440*H440,C440*E440))))))),2)","v":{"v":28.8,"d":"28.80"}},"Sqm"]
[null,null,1,"x",2,{"v":3.3,"d":"3.300"},{"v":0,"d":"0.000"},{"v":3,"d":"3.000"},{"$f":"ROUND(IF(AND(F441:H441),C441*E441*F441*G441*H441,IF(AND(F441,G441),C441*E441*F441*G441,IF(AND(F441,H441),C441*E441*F441*H441,IF(AND(G441,H441),C441*E441*G441*H441,IF(F441,C441*E441*F441,IF(G441,C441*E441*G441,IF(H441,C441*E441*H441,C441*E441))))))),2)","v":{"v":19.8,"d":"19.80"}},"Sqm"]
[null,"Deduct door",1,"x",2,{"v":1,"d":"1.000"},{"v":0,"d":"0.000"},{"v":2.1,"d":"2.100"},{"$f":"-ROUND(IF(AND(F442:H442),C442*E442*F442*G442*H442,IF(AND(F442,G442),C442*E442*F442*G442,IF(AND(F442,H442),C442*E442*F442*H442,IF(AND(G442,H442),C442*E442*G442*H442,IF(F442,C442*E442*F442,IF(G442,C442*E442*G442,IF(H442,C442*E442*H442,C442*E442))))))),2)","v":{"v":-4.2,"d":"-4.20"}},"Sqm"]
[null,"deduct windows",1,"x",3,{"v":1.2,"d":"1.200"},{"v":0,"d":"0.000"},{"v":1.5,"d":"1.500"},{"$f":"-ROUND(IF(AND(F443:H443),C443*E443*F443*G443*H443,IF(AND(F443,G443),C443*E443*F443*G443,IF(AND(F443,H443),C443*E443*F443*H443,IF(AND(G443,H443),C443*E443*G443*H443,IF(F443,C443*E443*F443,IF(G443,C443*E443*G443,IF(H443,C443*E443*H443,C443*E443))))))),2)","v":{"v":-5.4,"d":"-5.40"}},"Sqm"]
[null,"Rooms",1,"x",4,{"v":3.3,"d":"3.300"},{"v":0,"d":"0.000"},{"v":3.3,"d":"3.300"},{"$f":"ROUND(IF(AND(F444:H444),C444*E444*F444*G444*H444,IF(AND(F444,G444),C444*E444*F444*G444,IF(AND(F444,H444),C444*E444*F444*H444,IF(AND(G444,H444),C444*E444*G444*H444,IF(F444,C444*E444*F444,IF(G444,C444*E444*G444,IF(H444,C444*E444*H444,C444*E444))))))),2)","v":43.56},"Sqm"]
[null,"Deduct door",1,"x",2,{"v":1,"d":"1.000"},{"v":0,"d":"0.000"},{"v":2.1,"d":"2.100"},{"$f":"-ROUND(IF(AND(F445:H445),C445*E445*F445*G445*H445,IF(AND(F445,G445),C445*E445*F445*G445,IF(AND(F445,H445),C445*E445*F445*H445,IF(AND(G445,H445),C445*E445*G445*H445,IF(F445,C445*E445*F445,IF(G445,C445*E445*G445,IF(H445,C445*E445*H445,C445*E445))))))),2)","v":{"v":-4.2,"d":"-4.20"}},"Sqm"]
[null,"deduct windows",1,"x",1,{"v":1.5,"d":"1.500"},{"v":0,"d":"0.000"},{"v":1.5,"d":"1.500"},{"$f":"-ROUND(IF(AND(F446:H446),C446*E446*F446*G446*H446,IF(AND(F446,G446),C446*E446*F446*G446,IF(AND(F446,H446),C446*E446*F446*H446,IF(AND(G446,H446),C446*E446*G446*H446,IF(F446,C446*E446*F446,IF(G446,C446*E446*G446,IF(H446,C446*E446*H446,C446*E446))))))),2)","v":-2.25},"Sqm"]
[]
[{"$nulls":9},"Sqm",{"$f":"'DATA 2024-25'!E875","v":188.29},"1Sqm",{"$f":"ROUND(I448*K448,0)","v":{"v":0,"d":"0.00"}}]
[15,"Painting to new walls with 2 coats of acrylic Emulsion paint Asian or equivalent and shade over Priming coat with Cement primer water base interior Gr-1 Asian or equivalent on new plastered surface after throughly brushing the surace remove all dirt and remains of loose powdered materials including cost and conveyance of all materials to worksite and all oparational, incidental, labour charges etc complete for  finished item of work as per SS 911 for internal walls"]
[null,"Hall",1,"x",1,6.25,{"v":5,"d":"5.00"},{"v":0,"d":"0.00"},{"$f":"ROUND(IF(AND(F450:H450),C450*E450*F450*G450*H450,IF(AND(F450,G450),C450*E450*F450*G450,IF(AND(F450,H450),C450*E450*F450*H450,IF(AND(G450,H450),C450*E450*G450*H450,IF(F450,C450*E450*F450,IF(G450,C450*E450*G450,IF(H450,C450*E450*H450,C450*E450))))))),2)","v":31.25},"Sqm"]
[null,"Kitchen",1,"x",1,{"v":1.6,"d":"1.60"},1.85,{"v":0,"d":"0.00"},2.96,"Sqm"]
[null,"Store room",1,"x",1,{"v":1.6,"d":"1.60"},{"v":1.6,"d":"1.60"},{"v":0,"d":"0.00"},2.56,"Sqm"]
[null,"Room",1,"x",1,{"v":1.6,"d":"1.60"},1.32,{"v":0,"d":"0.00"},2.11,"Sqm"]
[null,"T.Beam",1,"x",2,{"v":5,"d":"5.00"},{"v":0,"d":"0.00"},{"v":0.3,"d":"0.30"},{"v":3,"d":"3.00"},"Sqm"]
[null,"Verandah",1,"x",1,8.65,{"v":1.6,"d":"1.60"},{"v":0,"d":"0.00"},13.84,"Sqm"]
[null,"Verandah beam",4,"x",2,1.35,{"v":0,"d":"0.00"},{"v":0.3,"d":"0.30"},3.24,"Sqm"]
[null,"Front beam two sides",1,"x",2,8.65,{"v":0,"d":"0.00"},{"v":0.3,"d":"0.30"},5.19,"Sqm"]
[null,"Slab projection back side",1,"x",1,9.25,{"v":0,"d":"0.00"},{"v":0.3,"d":"0.30"},2.78,"Sqm"]
[null,"Two sides",1,"x",2,{"v":6.8,"d":"6.80"},{"v":0,"d":"0.00"},{"v":0.3,"d":"0.30"},4.08,"Sqm"]
[null,"Alround slab sides back side",1,"x",1,9.25,{"v":0,"d":"0.00"},0.125,1.16,"Sqm"]
[null,"Sunshades",1,"x",2,{"v":1.2,"d":"1.20"},{"v":0.6,"d":"0.60"},{"v":0,"d":"0.00"},1.44,"Sqm"]
[null,null,1,"x",4,{"v":1.8,"d":"1.80"},{"v":0.6,"d":"0.60"},{"v":0,"d":"0.00"},4.32,"Sqm"]
[null,"Hall",1,"x",1,{"v":22.5,"d":"22.50"},{"v":0,"d":"0.00"},{"v":3.1,"d":"3.10"},69.75,"Sqm"]
[null,"Kitchen",1,"x",1,{"v":6.9,"d":"6.90"},{"v":0,"d":"0.00"},{"v":3.1,"d":"3.10"},21.39,"Sqm"]
[null,"Store room",1,"x",1,{"v":6.4,"d":"6.40"},{"v":0,"d":"0.00"},{"v":3.1,"d":"3.10"},19.84,"Sqm"]
[null,"Room",1,"x",1,5.84,{"v":0,"d":"0.00"},{"v":3.1,"d":"3.10"},{"v":18.1,"d":"18.10"},"Sqm"]
[null,"Deduction"]
[null,"Doors",1,"x",1,{"v":1.2,"d":"1.20"},{"v":0,"d":"0.00"},{"v":2.1,"d":"2.10"},{"$f":"-ROUND(IF(AND(F468:H468),C468*E468*F468*G468*H468,IF(AND(F468,G468),C468*E468*F468*G468,IF(AND(F468,H468),C468*E468*F468*H468,IF(AND(G468,H468),C468*E468*G468*H468,IF(F468,C468*E468*F468,IF(G468,C468*E468*G468,IF(H468,C468*E468*H468,C468*E468))))))),2)","v":-2.52},"Sqm"]
[null,null,2,"x",3,{"v":0.9,"d":"0.90"},{"v":0,"d":"0.00"},{"v":2.1,"d":"2.10"},{"$f":"-ROUND(IF(AND(F469:H469),C469*E469*F469*G469*H469,IF(AND(F469,G469),C469*E469*F469*G469,IF(AND(F469,H469),C469*E469*F469*H469,IF(AND(G469,H469),C469*E469*G469*H469,IF(F469,C469*E469*F469,IF(G469,C469*E469*G469,IF(H469,C469*E469*H469,C469*E469))))))),2)","v":-11.34},"Sqm"]
[null,"Windows",1,"x",5,{"v":1.5,"d":"1.50"},{"v":0,"d":"0.00"},1.35,-10.13,"Sqm"]
[null,null,1,"x",3,{"v":0.9,"d":"0.90"},{"v":0,"d":"0.00"},1.35,-3.65,"Sqm"]
[null,"Ventilators",1,"x",7,{"v":0.6,"d":"0.60"},{"v":0,"d":"0.00"},{"v":0.3,"d":"0.30"},{"$f":"-ROUND(IF(AND(F472:H472),C472*E472*F472*G472*H472,IF(AND(F472,G472),C472*E472*F472*G472,IF(AND(F472,H472),C472*E472*F472*H472,IF(AND(G472,H472),C472*E472*G472*H472,IF(F472,C472*E472*F472,IF(G472,C472*E472*G472,IF(H472,C472*E472*H472,C472*E472))))))),2)","v":-1.26},"Sqm"]
[]
[{"$nulls":8},{"$f":"SUM(I450:I473)","v":{"v":178.10999999999999,"d":"178.11"}},"Sqm",{"$f":"'DATA 2024-25'!E911","v":186.63},"1Sqm",{"$f":"ROUND(I474*K474,0)","v":{"v":33241,"d":"33241.00"}}]
[16,"Painting to new walls with 2 coats of acrylic Emulsion paint Asian or equivalent and shade over Priming coat with Cement primer water base interior Gr-1 Asian or equivalent on new plastered surface after throughly brushing the surace remove all dirt and remains of loose powdered materials including cost and conveyance of all materials to worksite and all oparational, incidental, labour charges etc complete for  finished item of work as per SS 911 for external walls"]
[null,"Front side",1,"x",1,{"v":8.6,"d":"8.60"},{"v":0,"d":"0.00"},3.55,{"$f":"ROUND(IF(AND(F476:H476),C476*E476*F476*G476*H476,IF(AND(F476,G476),C476*E476*F476*G476,IF(AND(F476,H476),C476*E476*F476*H476,IF(AND(G476,H476),C476*E476*G476*H476,IF(F476,C476*E476*F476,IF(G476,C476*E476*G476,IF(H476,C476*E476*H476,C476*E476))))))),2)","v":30.53},"Sqm"]
[null,"Back side",1,"x",1,{"v":8.6,"d":"8.60"},{"v":0,"d":"0.00"},4.15,35.69,"Sqm"]
[null,"Two sides",1,"x",2,{"v":6.8,"d":"6.80"},{"v":0,"d":"0.00"},4.15,56.44,"Sqm"]
[null,"For steps",1,"x",1,{"v":1.2,"d":"1.20"},{"v":1.8,"d":"1.80"},{"v":0,"d":"0.00"},2.16,"Sqm"]
[null,"Over landing",1,"x",1,{"v":1.2,"d":"1.20"},1.15,{"v":0,"d":"0.00"},1.38,"Sqm"]
[null,"Sides of steps",1,"x",1,2.95,{"v":1.2,"d":"1.20"},{"v":0,"d":"0.00"},3.54,"Sqm"]
[null,null,1,"x",1,{"v":1.2,"d":"1.20"},{"v":0,"d":"0.00"},0.15,0.18,"Sqm"]
[null,null,1,"x",1,{"v":0.9,"d":"0.90"},{"v":0,"d":"0.00"},0.15,0.14,"Sqm"]
[null,null,1,"x",1,{"v":0.6,"d":"0.60"},{"v":0,"d":"0.00"},0.15,0.09,"Sqm"]
[null,null,1,"x",1,{"v":0.3,"d":"0.30"},{"v":0,"d":"0.00"},0.15,0.05,"Sqm"]
[null,"Landing sides",1,"x",1,1.15,{"v":0,"d":"0.00"},0.75,0.86,"Sqm"]
[null,"For ramp wall",1,"x",1,2.95,{"v":0,"d":"0.00"},{"$f":"0.75/2","v":0.375},1.11,"Sqm"]
[null,"Verandah parapet wall",1,"x",2,8.45,{"v":0,"d":"0.00"},{"v":0.7,"d":"0.70"},11.83,"Sqm"]
[null,null,2,"x",2,{"v":1.5,"d":"1.50"},{"v":0,"d":"0.00"},{"v":0.7,"d":"0.70"},{"v":4.2,"d":"4.20"},"Sqm"]
[]
[{"$nulls":8},{"$f":"SUM(I476:I490)","v":{"v":148.20000000000002,"d":"148.20"}},"Sqm",{"$f":"'DATA 2024-25'!E926","v":255.64},"1Sqm",{"$f":"ROUND(I491*K491,0)","v":{"v":37886,"d":"37886.00"}}]
[8,"Painting Old Wood work with Two coats of ready mixed Synthatic Enamil paint first quality of shades  after thoroughly brushes the surface to remove all remains of loose provided materials including cost and conveyance of all materials, cost of brushe for finished item of work as per APSS "]
[null,null,4,"x",2.25,{"v":1,"d":"1.00"},{"v":0,"d":"0.00"},{"v":2.1,"d":"2.10"},{"$f":"ROUND(IF(AND(F493:H493),C493*E493*F493*G493*H493,IF(AND(F493,G493),C493*E493*F493*G493,IF(AND(F493,H493),C493*E493*F493*H493,IF(AND(G493,H493),C493*E493*G493*H493,IF(F493,C493*E493*F493,IF(G493,C493*E493*G493,IF(H493,C493*E493*H493,C493*E493))))))),2)","v":{"v":18.9,"d":"18.90"}},"Sqm"]
[]
[{"$nulls":9},"Sqm",{"$f":"'DATA 2024-25'!G944","v":162.18},"1Sqm",{"$f":"ROUND(I495*K495,0)","v":{"v":0,"d":"0.00"}}]
[7,"Supply & applying Poly-Urethane Water Proof Polish Glossy/ Matt finish to the wood works duly cleaning the surface and applying emery paper, Sand the wood with 180 No., emery paper and then with 320 No., emery paper, clean & wipe off loose dust, applying suitable knifing paste filler / wood filler by putty knife / muslin pad, air dry for 2 - 3 hrs, sand with 180 and 320 No., emery paper, applying two component wood sealer, after the surface preparation applying one coat of approved spraying PU thinner (for spraying) / applying one coat of approved brushing PU thinner or general purpose thinner (for brushing) and apply one coat of PU by brush or spray, air-dry overnight, Sand again with 180 No. emery paper and removing dust, applying second coat of PU, air drying for 4 - 6 Hrs, Sand with 320 No emery paper, and applying (either with spray or brush) two coats of approved brand PU including cost & labour charges, emery papers, cost of thinner & PU of approved brands such as Jenson & Nicholson, Asian Paints, Berger Paints or equivalent etc., complete for finished item"]
[null,"Door frame and shutter",1,"x",2.25,{"v":1.2,"d":"1.200"},{"v":0,"d":"0.000"},{"v":2.1,"d":"2.100"},{"$f":"ROUND(IF(AND(F497:H497),C497*E497*F497*G497*H497,IF(AND(F497,G497),C497*E497*F497*G497,IF(AND(F497,H497),C497*E497*F497*H497,IF(AND(G497,H497),C497*E497*G497*H497,IF(F497,C497*E497*F497,IF(G497,C497*E497*G497,IF(H497,C497*E497*H497,C497*E497))))))),2)","v":5.67},"Sqm"]
[]
[{"$nulls":9},"Sqm",{"$f":"'DATA 2024-25'!G955","v":1090.98},"1Sqm",{"$f":"ROUND(I499*K499,0)","v":{"v":0,"d":"0.00"}}]
[30,"Supply & fixing of Rolling shutter made of 80 x 1.25 mm machine rolled CRCA laths, interlocked together through their entire length and jointed together at the ends by endlocks, mounted on specially designed pipe shaft of 50mm dia nominal bore MS B class pipe with brackets, plates, guide channels, stoppers, bottom locking plates and arrangements for inside & outside locking with push-pull operations including cost of hood cover and springs complete, painted with one coat of approved steel primer, locks, ball bearings, all accessories etc complete for finished item of work as per special spn: 1108"]
[null,"Qty.p.92 of M.B.No.482/A/ZP/20"]
[null,null,1,"x",1,{"v":2.8,"d":"2.80"},{"v":2,"d":"2.000"},{"v":0,"d":"0.000"},{"$f":"ROUND(IF(AND(F502:H502),C502*E502*F502*G502*H502,IF(AND(F502,G502),C502*E502*F502*G502,IF(AND(F502,H502),C502*E502*F502*H502,IF(AND(G502,H502),C502*E502*G502*H502,IF(F502,C502*E502*F502,IF(G502,C502*E502*G502,IF(H502,C502*E502*H502,C502*E502))))))),2)","v":{"v":5.6,"d":"5.60"}},"Sqm"]
[]
[{"$nulls":9},"Sqm",{"$f":"'DATA 2024-25'!G962","v":{"v":4481,"d":"4481.00"}},"1Sqm",{"$f":"ROUND(I504*K504,0)","v":{"v":0,"d":"0.00"}}]
[12,"Painting, Lettering and Picturing to walls with  two coats over primary coat with Emulsion paint (Like Birds, Animals, Cartoons, Numbers etc.,) to Angnwadi center building as per the instructions of Engineer - in - charge including cost and conveyance of all paints and all labour charges etc complete. "]
[{"$nulls":8},{"v":40,"d":"40.00"},"Sqm"]
[]
[{"$nulls":9},"Sqm",{"$f":"'DATA 2024-25'!G959","v":{"v":0,"d":"0.00"}},"1Sqm",{"$f":"ROUND(I508*K508,0)","v":{"v":0,"d":"0.00"}}]
[13,"S&F of 1200 mm dia 2\" thick Precasted  cc cover for hume pipe including cost and conveyance of all material and labour charges etc., complete for septic Tank "]
[null,null,2,"x",7,{"v":0,"d":"0.000"},{"v":0,"d":"0.000"},{"v":0,"d":"0.000"},{"$f":"ROUND(IF(AND(F510:H510),C510*E510*F510*G510*H510,IF(AND(F510,G510),C510*E510*F510*G510,IF(AND(F510,H510),C510*E510*F510*H510,IF(AND(G510,H510),C510*E510*G510*H510,IF(F510,C510*E510*F510,IF(G510,C510*E510*G510,IF(H510,C510*E510*H510,C510*E510))))))),2)","v":14},"No"]
[{"$nulls":9},"No",{"$f":"'DATA 2024-25'!G971","v":{"v":1040,"d":"1040.00"}},"1No",{"$f":"ROUND(I511*K511,0)","v":{"v":0,"d":"0.00"}}]
[32,"S&F of 36\" dia(0.90Mts) 2\" thick Precasted rcc hume rings including cost and conveyance of all material and labour charges etc., complete for septic Tank "]
[null,"Qty.p.78 of M.B.No.482/A/ZP/20"]
[null,null,1,"x",1,{"v":0,"d":"0.000"},{"v":0,"d":"0.000"},{"v":0,"d":"0.000"},{"$f":"ROUND(IF(AND(F514:H514),C514*E514*F514*G514*H514,IF(AND(F514,G514),C514*E514*F514*G514,IF(AND(F514,H514),C514*E514*F514*H514,IF(AND(G514,H514),C514*E514*G514*H514,IF(F514,C514*E514*F514,IF(G514,C514*E514*G514,IF(H514,C514*E514*H514,C514*E514))))))),2)","v":{"v":1,"d":"1.00"}},"No"]
[{"$nulls":9},"No",{"$f":"'DATA 2024-25'!G980","v":{"v":780,"d":"780.00"}},"1No",{"$f":"ROUND(I515*K515,0)","v":{"v":0,"d":"0.00"}}]
[14,"S&F of 1200 & 900 mm dia 2\" thick Precasted  cc cover for hume pipe including cost and conveyance of all material and labour charges etc., complete for septic Tank "]
[null,null,1,"x",2,{"v":0,"d":"0.000"},{"v":0,"d":"0.000"},{"v":0,"d":"0.000"},{"$f":"ROUND(IF(AND(F517:H517),C517*E517*F517*G517*H517,IF(AND(F517,G517),C517*E517*F517*G517,IF(AND(F517,H517),C517*E517*F517*H517,IF(AND(G517,H517),C517*E517*G517*H517,IF(F517,C517*E517*F517,IF(G517,C517*E517*G517,IF(H517,C517*E517*H517,C517*E517))))))),2)","v":2},"No"]
[{"$nulls":9},"No",{"$f":"'DATA 2024-25'!G984","v":{"v":250,"d":"250.00"}},"1No",{"$f":"ROUND(I518*K518,0)","v":{"v":0,"d":"0.00"}}]
[17,"Supplying, fitting & placing HYSD bar reinforcement in foundation complete including labour charges for cutting, bending to required sizes and shapes, placing in position and tying with binding wire, forming grills for reinforcement work including c/c of steel bars below 36mm dia including overlaps and wastage, where they are not welded "]
[{"$nulls":8},{"v":1,"d":"1.000"},"MT"]
[]
[{"$nulls":8},{"$f":"SUM(I520:I521)","v":{"v":1,"d":"1.000"}},"MT",{"$f":"'DATA 2024-25'!E335","v":86045.18},"1MT",{"$f":"ROUND(I522*K522,0)","v":{"v":86045,"d":"86045.00"}}]
[null,"FIRST FLOOR"]
[1,"Reinforced Cement Concrete  M20 Nominal mix (Cement: Sand: Metal) corresponding Table 9 of IS 456 using 20mm size graded machine crushed hard granite metal from approved quarry including c/c of all materials like Cement, Sand, coarse aggregate, water etc to site, all marerials including labour charges such as machine mixing, laying concrete, curing etc complete but excluding cost of steel and its fabrication charges for finished item of work for Columns etc., complete"]
[null,"in First Floor",1,"x",5,{"v":0.23,"d":"0.230"},{"v":0.3,"d":"0.300"},{"v":2.75,"d":"2.750"},{"$f":"ROUND(IF(AND(F525:H525),C525*E525*F525*G525*H525,IF(AND(F525,G525),C525*E525*F525*G525,IF(AND(F525,H525),C525*E525*F525*H525,IF(AND(G525,H525),C525*E525*G525*H525,IF(F525,C525*E525*F525,IF(G525,C525*E525*G525,IF(H525,C525*E525*H525,C525*E525))))))),2)","v":0.95},"Cum"]
[null,null,1,"x",8,{"v":0.23,"d":"0.230"},{"v":0.45,"d":"0.450"},{"v":2.75,"d":"2.750"},{"$f":"ROUND(IF(AND(F526:H526),C526*E526*F526*G526*H526,IF(AND(F526,G526),C526*E526*F526*G526,IF(AND(F526,H526),C526*E526*F526*H526,IF(AND(G526,H526),C526*E526*G526*H526,IF(F526,C526*E526*F526,IF(G526,C526*E526*G526,IF(H526,C526*E526*H526,C526*E526))))))),2)","v":2.28},"Cum"]
[]
[{"$nulls":9},"Cum",{"$f":"'DATA 2024-25'!F191","v":{"v":13542.279999999999,"d":"13542.28"}},"1Cum",{"$f":"ROUND(I528*K528,0)","v":{"v":0,"d":"0.00"}}]
[2,"~do~ for  Beams etc., complete"]
[null,"Long beam  ",1,"x",2,{"v":7.3100000000000005,"d":"7.310"},{"v":0.23,"d":"0.230"},{"v":0.3,"d":"0.300"},{"$f":"ROUND(IF(AND(F530:H530),C530*E530*F530*G530*H530,IF(AND(F530,G530),C530*E530*F530*G530,IF(AND(F530,H530),C530*E530*F530*H530,IF(AND(G530,H530),C530*E530*G530*H530,IF(F530,C530*E530*F530,IF(G530,C530*E530*G530,IF(H530,C530*E530*H530,C530*E530))))))),2)","v":1.01},"Cum"]
[null,"Short beam",1,"x",4,{"v":5.940000000000001,"d":"5.940"},{"v":0.23,"d":"0.230"},{"v":0.45,"d":"0.450"},{"$f":"ROUND(IF(AND(F531:H531),C531*E531*F531*G531*H531,IF(AND(F531,G531),C531*E531*F531*G531,IF(AND(F531,H531),C531*E531*F531*H531,IF(AND(G531,H531),C531*E531*G531*H531,IF(F531,C531*E531*F531,IF(G531,C531*E531*G531,IF(H531,C531*E531*H531,C531*E531))))))),2)","v":2.46},"Cum"]
[null,"Deduction for Beam Junctions",-1,"x",8,{"v":0.23,"d":"0.230"},{"v":0.23,"d":"0.230"},{"v":0.3,"d":"0.300"},{"$f":"ROUND(IF(AND(F532:H532),C532*E532*F532*G532*H532,IF(AND(F532,G532),C532*E532*F532*G532,IF(AND(F532,H532),C532*E532*F532*H532,IF(AND(G532,H532),C532*E532*G532*H532,IF(F532,C532*E532*F532,IF(G532,C532*E532*G532,IF(H532,C532*E532*H532,C532*E532))))))),2)","v":-0.13},"Cum"]
[]
[{"$nulls":9},"Cum",{"$f":"'DATA 2024-25'!F220","v":{"v":12481.060000000001,"d":"12481.06"}},"1Cum",{"$f":"ROUND(I534*K534,0)","v":{"v":0,"d":"0.00"}}]
[3,"~do~ for  Waist slab 150mm thick etc., complete"]
[null,"Qty.p.75  of M.B.No.220/A/ZP/19"]
[null,"1st flight",1,"x",1,{"v":3.4,"d":"3.400"},{"v":1.3,"d":"1.300"},{"v":0,"d":"0.000"},{"$f":"ROUND(IF(AND(F537:H537),C537*E537*F537*G537*H537,IF(AND(F537,G537),C537*E537*F537*G537,IF(AND(F537,H537),C537*E537*F537*H537,IF(AND(G537,H537),C537*E537*G537*H537,IF(F537,C537*E537*F537,IF(G537,C537*E537*G537,IF(H537,C537*E537*H537,C537*E537))))))),2)","v":4.42},"Sqm"]
[null,"Qty.p.100  of M.B.No.220/A/ZP/19"]
[null,"2nd flight",1,"x",1,{"v":3.46,"d":"3.460"},{"v":1.5,"d":"1.500"},{"v":0,"d":"0.000"},{"$f":"ROUND(IF(AND(F539:H539),C539*E539*F539*G539*H539,IF(AND(F539,G539),C539*E539*F539*G539,IF(AND(F539,H539),C539*E539*F539*H539,IF(AND(G539,H539),C539*E539*G539*H539,IF(F539,C539*E539*F539,IF(G539,C539*E539*G539,IF(H539,C539*E539*H539,C539*E539))))))),2)","v":5.19},"Sqm"]
[null,"Landing slab",1,"x",1,{"v":3.18,"d":"3.180"},{"v":1.47,"d":"1.470"},{"v":0,"d":"0.000"},{"$f":"ROUND(IF(AND(F540:H540),C540*E540*F540*G540*H540,IF(AND(F540,G540),C540*E540*F540*G540,IF(AND(F540,H540),C540*E540*F540*H540,IF(AND(G540,H540),C540*E540*G540*H540,IF(F540,C540*E540*F540,IF(G540,C540*E540*G540,IF(H540,C540*E540*H540,C540*E540))))))),2)","v":4.67},"Sqm"]
[]
[{"$nulls":9},"Sqm",{"$f":"'DATA 2024-25'!F244","v":1468.99},"1Sqm",{"$f":"ROUND(I542*K542,0)","v":{"v":0,"d":"0.00"}}]
[3,"~do~ for  Roof slab 125mm thick etc., complete"]
[null,"Roof slab",1,"x",1,{"v":8.82,"d":"8.820"},{"v":6.56,"d":"6.560"},{"v":0,"d":"0.000"},{"$f":"ROUND(IF(AND(F544:H544),C544*E544*F544*G544*H544,IF(AND(F544,G544),C544*E544*F544*G544,IF(AND(F544,H544),C544*E544*F544*H544,IF(AND(G544,H544),C544*E544*G544*H544,IF(F544,C544*E544*F544,IF(G544,C544*E544*G544,IF(H544,C544*E544*H544,C544*E544))))))),2)","v":57.86},"Sqm"]
[]
[{"$nulls":9},"Sqm",{"$f":"'DATA 2024-25'!F236","v":1675.19},"1Sqm",{"$f":"ROUND(I546*K546,0)","v":{"v":0,"d":"0.00"}}]
[13,"~do~ for  Roof slab 100mm thick etc., complete"]
[null,"Qty.p.95 of M.B.No.269/A/ZP/19"]
[null,"Septic tank",1,"x",1,{"v":3.95,"d":"3.950"},{"v":2.1,"d":"2.100"},{"v":0,"d":"0.000"},{"$f":"ROUND(IF(AND(F549:H549),C549*E549*F549*G549*H549,IF(AND(F549,G549),C549*E549*F549*G549,IF(AND(F549,H549),C549*E549*F549*H549,IF(AND(G549,H549),C549*E549*G549*H549,IF(F549,C549*E549*F549,IF(G549,C549*E549*G549,IF(H549,C549*E549*H549,C549*E549))))))),2)","v":{"v":8.3,"d":"8.30"}},"Sqm"]
[]
[{"$nulls":9},"Sqm",{"$f":"'DATA 2024-25'!F228","v":{"v":1319.6599999999999,"d":"1319.66"}},"1Sqm",{"$f":"ROUND(I551*K551,0)","v":{"v":0,"d":"0.00"}}]
[16,"~do~ for  Roof slab 50mm thick etc., complete"]
[null,"Qty.p.62 of M.B.No.269/A/ZP/19"]
[null,"50mm thick",1,"x",5,{"v":1.52,"d":"1.520"},{"v":0.23,"d":"0.230"},{"v":0,"d":"0.000"},{"$f":"ROUND(IF(AND(F554:H554),C554*E554*F554*G554*H554,IF(AND(F554,G554),C554*E554*F554*G554,IF(AND(F554,H554),C554*E554*F554*H554,IF(AND(G554,H554),C554*E554*G554*H554,IF(F554,C554*E554*F554,IF(G554,C554*E554*G554,IF(H554,C554*E554*H554,C554*E554))))))),2)","v":1.75},"Sqm"]
[null,null,1,"x",4,{"v":1.83,"d":"1.830"},{"v":0.23,"d":"0.230"},{"v":0,"d":"0.000"},{"$f":"ROUND(IF(AND(F555:H555),C555*E555*F555*G555*H555,IF(AND(F555,G555),C555*E555*F555*G555,IF(AND(F555,H555),C555*E555*F555*H555,IF(AND(G555,H555),C555*E555*G555*H555,IF(F555,C555*E555*F555,IF(G555,C555*E555*G555,IF(H555,C555*E555*H555,C555*E555))))))),2)","v":1.68},"Sqm"]
[null,"Qty.p.67 of M.B.No.269/A/ZP/19"]
[null,"50mm thick",1,"x",8,{"v":1.52,"d":"1.520"},{"v":0.23,"d":"0.230"},{"v":0,"d":"0.000"},{"$f":"ROUND(IF(AND(F557:H557),C557*E557*F557*G557*H557,IF(AND(F557,G557),C557*E557*F557*G557,IF(AND(F557,H557),C557*E557*F557*H557,IF(AND(G557,H557),C557*E557*G557*H557,IF(F557,C557*E557*F557,IF(G557,C557*E557*G557,IF(H557,C557*E557*H557,C557*E557))))))),2)","v":{"v":2.8,"d":"2.80"}},"Sqm"]
[null,"Qty.p.95 of M.B.No.269/A/ZP/19"]
[null,"Ramp slope",1,"x",1,{"v":2.7,"d":"2.700"},{"v":1.52,"d":"1.520"},{"v":0,"d":"0.000"},{"$f":"ROUND(IF(AND(F559:H559),C559*E559*F559*G559*H559,IF(AND(F559,G559),C559*E559*F559*G559,IF(AND(F559,H559),C559*E559*F559*H559,IF(AND(G559,H559),C559*E559*G559*H559,IF(F559,C559*E559*F559,IF(G559,C559*E559*G559,IF(H559,C559*E559*H559,C559*E559))))))),2)","v":{"v":4.1,"d":"4.10"}},"Sqm"]
[null,"For water tank",1,"x",1,{"v":1.4,"d":"1.400"},{"v":1.4,"d":"1.400"},{"v":0,"d":"0.000"},{"$f":"ROUND(IF(AND(F560:H560),C560*E560*F560*G560*H560,IF(AND(F560,G560),C560*E560*F560*G560,IF(AND(F560,H560),C560*E560*F560*H560,IF(AND(G560,H560),C560*E560*G560*H560,IF(F560,C560*E560*F560,IF(G560,C560*E560*G560,IF(H560,C560*E560*H560,C560*E560))))))),2)","v":1.96},"Sqm"]
[]
[{"$nulls":9},"Sqm",{"$f":"'DATA 2024-25'!F291","v":837.33},"1Sqm",{"$f":"ROUND(I562*K562,0)","v":{"v":0,"d":"0.00"}}]
[16,"~do~ for  Roof slab 25mm thick etc., complete"]
[null,"Qty.p.62 of M.B.No.269/A/ZP/19"]
[null,"50mm thick",1,"x",5,{"v":1.52,"d":"1.520"},{"v":0.23,"d":"0.230"},{"v":0,"d":"0.000"},{"$f":"ROUND(IF(AND(F565:H565),C565*E565*F565*G565*H565,IF(AND(F565,G565),C565*E565*F565*G565,IF(AND(F565,H565),C565*E565*F565*H565,IF(AND(G565,H565),C565*E565*G565*H565,IF(F565,C565*E565*F565,IF(G565,C565*E565*G565,IF(H565,C565*E565*H565,C565*E565))))))),2)","v":1.75},"Sqm"]
[null,null,1,"x",4,{"v":1.83,"d":"1.830"},{"v":0.23,"d":"0.230"},{"v":0,"d":"0.000"},{"$f":"ROUND(IF(AND(F566:H566),C566*E566*F566*G566*H566,IF(AND(F566,G566),C566*E566*F566*G566,IF(AND(F566,H566),C566*E566*F566*H566,IF(AND(G566,H566),C566*E566*G566*H566,IF(F566,C566*E566*F566,IF(G566,C566*E566*G566,IF(H566,C566*E566*H566,C566*E566))))))),2)","v":1.68},"Sqm"]
[null,"Qty.p.67 of M.B.No.269/A/ZP/19"]
[null,"50mm thick",1,"x",8,{"v":1.52,"d":"1.520"},{"v":0.23,"d":"0.230"},{"v":0,"d":"0.000"},{"$f":"ROUND(IF(AND(F568:H568),C568*E568*F568*G568*H568,IF(AND(F568,G568),C568*E568*F568*G568,IF(AND(F568,H568),C568*E568*F568*H568,IF(AND(G568,H568),C568*E568*G568*H568,IF(F568,C568*E568*F568,IF(G568,C568*E568*G568,IF(H568,C568*E568*H568,C568*E568))))))),2)","v":{"v":2.8,"d":"2.80"}},"Sqm"]
[null,"Qty.p.95 of M.B.No.269/A/ZP/19"]
[null,"Ramp slope",1,"x",1,{"v":2.7,"d":"2.700"},{"v":1.52,"d":"1.520"},{"v":0,"d":"0.000"},{"$f":"ROUND(IF(AND(F570:H570),C570*E570*F570*G570*H570,IF(AND(F570,G570),C570*E570*F570*G570,IF(AND(F570,H570),C570*E570*F570*H570,IF(AND(G570,H570),C570*E570*G570*H570,IF(F570,C570*E570*F570,IF(G570,C570*E570*G570,IF(H570,C570*E570*H570,C570*E570))))))),2)","v":{"v":4.1,"d":"4.10"}},"Sqm"]
[null,"For water tank",1,"x",1,{"v":1.4,"d":"1.400"},{"v":1.4,"d":"1.400"},{"v":0,"d":"0.000"},{"$f":"ROUND(IF(AND(F571:H571),C571*E571*F571*G571*H571,IF(AND(F571,G571),C571*E571*F571*G571,IF(AND(F571,H571),C571*E571*F571*H571,IF(AND(G571,H571),C571*E571*G571*H571,IF(F571,C571*E571*F571,IF(G571,C571*E571*G571,IF(H571,C571*E571*H571,C571*E571))))))),2)","v":1.96},"Sqm"]
[]
[{"$nulls":9},"Sqm",{"$f":"'DATA 2024-25'!F299","v":663.66},"1Sqm",{"$f":"ROUND(I573*K573,0)","v":{"v":0,"d":"0.00"}}]
[4,"~do~ for  lintels etc., complete"]
[null,"for Lintes",1,"x",2,{"v":5.940000000000001,"d":"5.940"},{"v":0.23,"d":"0.230"},{"v":0.23,"d":"0.230"},{"$f":"ROUND(IF(AND(F575:H575),C575*E575*F575*G575*H575,IF(AND(F575,G575),C575*E575*F575*G575,IF(AND(F575,H575),C575*E575*F575*H575,IF(AND(G575,H575),C575*E575*G575*H575,IF(F575,C575*E575*F575,IF(G575,C575*E575*G575,IF(H575,C575*E575*H575,C575*E575))))))),2)","v":0.63},"Cum"]
[null,null,1,"x",2,{"v":6.85,"d":"6.850"},{"v":0.23,"d":"0.230"},{"v":0.23,"d":"0.230"},{"$f":"ROUND(IF(AND(F576:H576),C576*E576*F576*G576*H576,IF(AND(F576,G576),C576*E576*F576*G576,IF(AND(F576,H576),C576*E576*F576*H576,IF(AND(G576,H576),C576*E576*G576*H576,IF(F576,C576*E576*F576,IF(G576,C576*E576*G576,IF(H576,C576*E576*H576,C576*E576))))))),2)","v":0.72},"Cum"]
[]
[{"$nulls":9},"Cum",{"$f":"'DATA 2024-25'!F198","v":13565.57},"1Cum",{"$f":"ROUND(I578*K578,0)","v":{"v":0,"d":"0.00"}}]
[5,"~do~ for  sunshades etc., complete"]
[null,null,1,"x",6,{"v":1.5,"d":"1.500"},{"v":0,"d":"0.000"},{"v":0,"d":"0.000"},{"$f":"ROUND(IF(AND(F580:H580),C580*E580*F580*G580*H580,IF(AND(F580,G580),C580*E580*F580*G580,IF(AND(F580,H580),C580*E580*F580*H580,IF(AND(G580,H580),C580*E580*G580*H580,IF(F580,C580*E580*F580,IF(G580,C580*E580*G580,IF(H580,C580*E580*H580,C580*E580))))))),2)","v":{"v":9,"d":"9.00"}},"Rm"]
[]
[{"$nulls":9},"Rm",{"$f":"'DATA 2024-25'!F269","v":1086.39},"1Rm",{"$f":"ROUND(I582*K582,0)","v":{"v":0,"d":"0.00"}}]
[1,"Providing impervious coat to exposed RCC Roof Slab surface with CM (1:3) 12mm thick with 1Kg of water proof compound per bag of Cement laid over roof when it is green including c/c of all materials and labour charges for mixing mortar, laying, rendering smooth and thread lining of wall & slab etc complete for finished item of work (APSS 901,903) "]
[null,"Qty.p.31 of M.B.No.190/A/ZP/20"]
[null,"over Roof slab",1,"x",1,{"v":9,"d":"9.000"},{"v":7.8,"d":"7.800"},{"v":0,"d":"0.000"},{"$f":"ROUND(IF(AND(F585:H585),C585*E585*F585*G585*H585,IF(AND(F585,G585),C585*E585*F585*G585,IF(AND(F585,H585),C585*E585*F585*H585,IF(AND(G585,H585),C585*E585*G585*H585,IF(F585,C585*E585*F585,IF(G585,C585*E585*G585,IF(H585,C585*E585*H585,C585*E585))))))),2)","v":{"v":70.2,"d":"70.20"}},"Sqm"]
[null,null,1,"x",1,{"v":1.8,"d":"1.800"},{"v":1.65,"d":"1.650"},{"v":0,"d":"0.000"},{"$f":"-ROUND(IF(AND(F586:H586),C586*E586*F586*G586*H586,IF(AND(F586,G586),C586*E586*F586*G586,IF(AND(F586,H586),C586*E586*F586*H586,IF(AND(G586,H586),C586*E586*G586*H586,IF(F586,C586*E586*F586,IF(G586,C586*E586*G586,IF(H586,C586*E586*H586,C586*E586))))))),2)","v":-2.97},"Sqm"]
[]
[{"$nulls":9},"Sqm",{"$f":"'DATA 2024-25'!F633","v":406.34},"1Sqm",{"$f":"ROUND(I588*K588,0)","v":{"v":0,"d":"0.00"}}]
[13,"Providing impervious coat to exposed RCC Roof Slab surface with CM (1:3) 20mm thick with 1Kg of water proof compound per bag of Cement laid over roof when it is green including c/c of all materials and labour charges for mixing mortar, laying, rendering smooth and thread lining of wall & slab etc complete for finished item of work (APSS 901,903) "]
[null,"Qty.p.     of M.B.No.269/A/ZP/19"]
[null,null,1,"x",1,{"v":10.45,"d":"10.450"},{"v":12,"d":"12.000"},{"v":0,"d":"0.000"},{"$f":"ROUND(IF(AND(F591:H591),C591*E591*F591*G591*H591,IF(AND(F591,G591),C591*E591*F591*G591,IF(AND(F591,H591),C591*E591*F591*H591,IF(AND(G591,H591),C591*E591*G591*H591,IF(F591,C591*E591*F591,IF(G591,C591*E591*G591,IF(H591,C591*E591*H591,C591*E591))))))),2)","v":{"v":125.4,"d":"125.40"}},"Sqm"]
[null,null,1,"x",1,{"v":3.52,"d":"3.520"},{"v":0.92,"d":"0.920"},{"v":0,"d":"0.000"},{"$f":"ROUND(IF(AND(F592:H592),C592*E592*F592*G592*H592,IF(AND(F592,G592),C592*E592*F592*G592,IF(AND(F592,H592),C592*E592*F592*H592,IF(AND(G592,H592),C592*E592*G592*H592,IF(F592,C592*E592*F592,IF(G592,C592*E592*G592,IF(H592,C592*E592*H592,C592*E592))))))),2)","v":3.24},"Sqm"]
[]
[{"$nulls":9},"Sqm",{"$f":"'DATA 2024-25'!F648","v":465.44},"1Sqm",{"$f":"ROUND(I594*K594,0)","v":{"v":0,"d":"0.00"}}]
[7,"Brick Masonary for Superstructure with CM (1:8) proportion using 2nd class traditional bricks of size 23X11X7 cms having minimum crushing strength of 40kg/cm2  including c/c of all materials like Cement, Sand, Bricks, water etc including  labour charges such as mixing cement mortar, Scaffolding charges etc complete for finished item of work (APSS No 501 & 504) "]
[null,"Long walls",1,"x",2,{"v":7.3100000000000005,"d":"7.310"},{"v":0.23,"d":"0.230"},{"v":2.75,"d":"2.750"},{"$f":"ROUND(IF(AND(F596:H596),C596*E596*F596*G596*H596,IF(AND(F596,G596),C596*E596*F596*G596,IF(AND(F596,H596),C596*E596*F596*H596,IF(AND(G596,H596),C596*E596*G596*H596,IF(F596,C596*E596*F596,IF(G596,C596*E596*G596,IF(H596,C596*E596*H596,C596*E596))))))),2)","v":9.25},"Cum"]
[null,"Short walls",1,"x",2,{"v":5.940000000000001,"d":"5.940"},{"v":0.23,"d":"0.230"},{"v":2.75,"d":"2.750"},{"$f":"ROUND(IF(AND(F597:H597),C597*E597*F597*G597*H597,IF(AND(F597,G597),C597*E597*F597*G597,IF(AND(F597,H597),C597*E597*F597*H597,IF(AND(G597,H597),C597*E597*G597*H597,IF(F597,C597*E597*F597,IF(G597,C597*E597*G597,IF(H597,C597*E597*H597,C597*E597))))))),2)","v":7.51},"Cum"]
[null,"Deductions"]
[null,"for doors",-1,"x",1,{"v":1.05,"d":"1.050"},{"v":0.23,"d":"0.230"},{"v":2.13,"d":"2.130"},{"$f":"ROUND(IF(AND(F599:H599),C599*E599*F599*G599*H599,IF(AND(F599,G599),C599*E599*F599*G599,IF(AND(F599,H599),C599*E599*F599*H599,IF(AND(G599,H599),C599*E599*G599*H599,IF(F599,C599*E599*F599,IF(G599,C599*E599*G599,IF(H599,C599*E599*H599,C599*E599))))))),2)","v":-0.51},"Cum"]
[null,"For Windows",-1,"x",6,{"v":1.22,"d":"1.220"},{"v":0.23,"d":"0.230"},{"v":1.22,"d":"1.220"},-2.05,"Cum"]
[null,null,-1,"x",2,{"v":0.9,"d":"0.900"},{"v":0.23,"d":"0.230"},{"v":0.9,"d":"0.900"},-0.37,"Cum"]
[null,"for Ventilator",-1,"x",8,{"v":0.9,"d":"0.900"},{"v":0.23,"d":"0.230"},{"v":0.3,"d":"0.300"},{"v":-0.5,"d":"-0.50"},"Cum"]
[null,"for Lintels",-1,"x",2,{"v":7.3100000000000005,"d":"7.310"},{"v":0.23,"d":"0.230"},{"v":0.23,"d":"0.230"},-0.77,"Cum"]
[null,null,-1,"x",2,{"v":5.940000000000001,"d":"5.940"},{"v":0.23,"d":"0.230"},{"v":0.23,"d":"0.230"},-0.63,"Cum"]
[]
[{"$nulls":9},"Cum",{"$f":"'DATA 2024-25'!F453","v":8653.09},"1Cum",{"$f":"ROUND(I606*K606,0)","v":{"v":0,"d":"0.00"}}]
[8,"Brick Masonary for Superstructure with CM (1:6) proportion using 2nd class traditional bricks of size 23X11X7 cms having minimum crushing strength of 40kg/cm2  including c/c of all materials like Cement, Sand, Bricks, water etc including  labour charges such as mixing cement mortar, Scaffolding charges etc complete for finished item of work (APSS No 501 & 504) "]
[null,"Qty.p.77 of M.B.No.220/A/ZP/19"]
[null,"B3 to E3",1,"x",1,{"v":9.06,"d":"9.060"},{"v":0.23,"d":"0.230"},{"v":2.1,"d":"2.100"},{"$f":"ROUND(IF(AND(F609:H609),C609*E609*F609*G609*H609,IF(AND(F609,G609),C609*E609*F609*G609,IF(AND(F609,H609),C609*E609*F609*H609,IF(AND(G609,H609),C609*E609*G609*H609,IF(F609,C609*E609*F609,IF(G609,C609*E609*G609,IF(H609,C609*E609*H609,C609*E609))))))),2)","v":4.38},"Cum"]
[null,"B1 to E2",1,"x",1,{"v":3.16,"d":"3.160"},{"v":0.23,"d":"0.230"},{"v":2.1,"d":"2.100"},1.53,"Cum"]
[null,"E2 to E3",1,"x",1,{"v":3.1,"d":"3.100"},{"v":0.23,"d":"0.230"},{"v":2.1,"d":"2.100"},{"v":1.5,"d":"1.50"},"Cum"]
[null,"A1 to E1",1,"x",1,{"v":12,"d":"12.000"},{"v":0.23,"d":"0.230"},{"v":2.1,"d":"2.100"},{"v":5.8,"d":"5.80"},"Cum"]
[null,"B1 to B2",1,"x",1,{"v":3.16,"d":"3.160"},{"v":0.23,"d":"0.230"},{"v":2.1,"d":"2.100"},1.53,"Cum"]
[null,"B2 to B3",1,"x",1,{"v":3.1,"d":"3.100"},{"v":0.23,"d":"0.230"},{"v":2.1,"d":"2.100"},{"v":1.5,"d":"1.50"},"Cum"]
[null,"A1 to A2",1,"x",1,{"v":3.16,"d":"3.160"},{"v":0.23,"d":"0.230"},{"v":2.1,"d":"2.100"},1.53,"Cum"]
[null,"Deduct windows",1,"x",5,{"v":1.35,"d":"1.350"},{"v":0.23,"d":"0.230"},{"v":1.5,"d":"1.500"},{"$f":"-ROUND(IF(AND(F616:H616),C616*E616*F616*G616*H616,IF(AND(F616,G616),C616*E616*F616*G616,IF(AND(F616,H616),C616*E616*F616*H616,IF(AND(G616,H616),C616*E616*G616*H616,IF(F616,C616*E616*F616,IF(G616,C616*E616*G616,IF(H616,C616*E616*H616,C616*E616))))))),2)","v":-2.33},"Cum"]
[null,"Deduct door",1,"x",1,{"v":1.2,"d":"1.200"},{"v":0.23,"d":"0.230"},{"v":2.1,"d":"2.100"},{"$f":"-ROUND(IF(AND(F617:H617),C617*E617*F617*G617*H617,IF(AND(F617,G617),C617*E617*F617*G617,IF(AND(F617,H617),C617*E617*F617*H617,IF(AND(G617,H617),C617*E617*G617*H617,IF(F617,C617*E617*F617,IF(G617,C617*E617*G617,IF(H617,C617*E617*H617,C617*E617))))))),2)","v":-0.58},"Cum"]
[null,"Deduct door",1,"x",2,{"v":1.09,"d":"1.090"},{"v":0.23,"d":"0.230"},{"v":2.1,"d":"2.100"},{"$f":"-ROUND(IF(AND(F618:H618),C618*E618*F618*G618*H618,IF(AND(F618,G618),C618*E618*F618*G618,IF(AND(F618,H618),C618*E618*F618*H618,IF(AND(G618,H618),C618*E618*G618*H618,IF(F618,C618*E618*F618,IF(G618,C618*E618*G618,IF(H618,C618*E618*H618,C618*E618))))))),2)","v":-1.05},"Cum"]
[null,"Deduct columns",1,"x",5,{"v":0.38,"d":"0.380"},{"v":0.23,"d":"0.230"},{"v":2.1,"d":"2.100"},{"$f":"-ROUND(IF(AND(F619:H619),C619*E619*F619*G619*H619,IF(AND(F619,G619),C619*E619*F619*G619,IF(AND(F619,H619),C619*E619*F619*H619,IF(AND(G619,H619),C619*E619*G619*H619,IF(F619,C619*E619*F619,IF(G619,C619*E619*G619,IF(H619,C619*E619*H619,C619*E619))))))),2)","v":-0.92},"Cum"]
[null,"Qty.p.89 of M.B.No.220/A/ZP/19"]
[null,"B3 to E3",1,"x",1,{"v":9.06,"d":"9.060"},{"v":0.23,"d":"0.230"},{"v":0.6,"d":"0.600"},{"$f":"ROUND(IF(AND(F621:H621),C621*E621*F621*G621*H621,IF(AND(F621,G621),C621*E621*F621*G621,IF(AND(F621,H621),C621*E621*F621*H621,IF(AND(G621,H621),C621*E621*G621*H621,IF(F621,C621*E621*F621,IF(G621,C621*E621*G621,IF(H621,C621*E621*H621,C621*E621))))))),2)","v":1.25},"Cum"]
[null,"B1 to E2",1,"x",1,{"v":3.16,"d":"3.160"},{"v":0.23,"d":"0.230"},{"v":0.6,"d":"0.600"},0.44,"Cum"]
[null,"E2 to E3",1,"x",1,{"v":3.1,"d":"3.100"},{"v":0.23,"d":"0.230"},{"v":0.6,"d":"0.600"},0.43,"Cum"]
[null,"A1 to E1",1,"x",1,{"v":12,"d":"12.000"},{"v":0.23,"d":"0.230"},{"v":0.6,"d":"0.600"},1.66,"Cum"]
[null,"B1 to B2",1,"x",1,{"v":3.16,"d":"3.160"},{"v":0.23,"d":"0.230"},{"v":0.6,"d":"0.600"},0.44,"Cum"]
[null,"B2 to B3",1,"x",1,{"v":3.1,"d":"3.100"},{"v":0.23,"d":"0.230"},{"v":0.6,"d":"0.600"},0.43,"Cum"]
[null,null,1,"x",1,{"v":3.16,"d":"3.160"},{"v":0.23,"d":"0.230"},{"v":0.6,"d":"0.600"},0.44,"Cum"]
[null,"Deduct columns",1,"x",5,{"v":0.38,"d":"0.380"},{"v":0.23,"d":"0.230"},{"v":0.6,"d":"0.600"},{"$f":"-ROUND(IF(AND(F628:H628),C628*E628*F628*G628*H628,IF(AND(F628,G628),C628*E628*F628*G628,IF(AND(F628,H628),C628*E628*F628*H628,IF(AND(G628,H628),C628*E628*G628*H628,IF(F628,C628*E628*F628,IF(G628,C628*E628*G628,IF(H628,C628*E628*H628,C628*E628))))))),2)","v":-0.26},"Cum"]
[null,"Deduct ventilators",1,"x",8,{"v":0.6,"d":"0.600"},{"v":0.23,"d":"0.230"},{"v":0.3,"d":"0.300"},{"$f":"-ROUND(IF(AND(F629:H629),C629*E629*F629*G629*H629,IF(AND(F629,G629),C629*E629*F629*G629,IF(AND(F629,H629),C629*E629*F629*H629,IF(AND(G629,H629),C629*E629*G629*H629,IF(F629,C629*E629*F629,IF(G629,C629*E629*G629,IF(H629,C629*E629*H629,C629*E629))))))),2)","v":-0.33},"Cum"]
[]
[{"$nulls":9},"Cum",{"$f":"'DATA 2024-25'!F435","v":{"v":8710.599999999999,"d":"8710.60"}},"1Cum",{"$f":"ROUND(I631*K631,0)","v":{"v":0,"d":"0.00"}}]
[9,"Reinforced Brick Masonry for partition walls (11.0 cm thick) in CM (1:6) prop. (Cement : Sand) using common burnt clay bricks of class as per Table- I of IS:1077-1992, Non- Modular or traditional size    23 x 11 x 7 cms from approved source having minimum crushing strength of 40 Kg/Sq.cm and placing 2 Nos. of 6mm M.S plain rods in every third layer with free ends of the reinforcement pegged into mortar joints of main brick walls where applicable including cost and conveyance of all materials and  all operational, incidental charges such as labour charges for mixing cement mortar, scaffolding charges, lift charges,and all labour charges etc., but excluding cost of steel and its fabrication charges complete for finished item of work. "]
[null,"Qty.p.80 of M.B.No.220/A/ZP/19"]
[null,"B2 to E2",1,"x",1,{"v":9.3,"d":"9.300"},{"v":0,"d":"0.000"},{"v":2.1,"d":"2.100"},{"$f":"ROUND(IF(AND(F634:H634),C634*E634*F634*G634*H634,IF(AND(F634,G634),C634*E634*F634*G634,IF(AND(F634,H634),C634*E634*F634*H634,IF(AND(G634,H634),C634*E634*G634*H634,IF(F634,C634*E634*F634,IF(G634,C634*E634*G634,IF(H634,C634*E634*H634,C634*E634))))))),2)","v":19.53},"Sqm"]
[null,"B2 to E2",1,"x",1,{"v":9.3,"d":"9.300"},{"v":0,"d":"0.000"},{"v":2.1,"d":"2.100"},19.53,"Sqm"]
[null,"B1 to B2",1,"x",1,{"v":3.16,"d":"3.160"},{"v":0,"d":"0.000"},{"v":2.1,"d":"2.100"},6.64,"Sqm"]
[null,"C1 to C2",1,"x",1,{"v":3.16,"d":"3.160"},{"v":0,"d":"0.000"},{"v":2.1,"d":"2.100"},6.64,"Sqm"]
[null,"D1 to D2",1,"x",1,{"v":3.16,"d":"3.160"},{"v":0,"d":"0.000"},{"v":2.1,"d":"2.100"},6.64,"Sqm"]
[null,"Inside tiolet blocks",1,"x",1,{"v":3.1,"d":"3.100"},{"v":0,"d":"0.000"},{"v":2.1,"d":"2.100"},6.51,"Sqm"]
[null,null,1,"x",1,{"v":3.2,"d":"3.200"},{"v":0,"d":"0.000"},{"v":2.1,"d":"2.100"},6.72,"Sqm"]
[null,"Deduct doors",1,"x",5,{"v":1.09,"d":"1.090"},{"v":0,"d":"0.000"},{"v":2.1,"d":"2.100"},{"$f":"-ROUND(IF(AND(F641:H641),C641*E641*F641*G641*H641,IF(AND(F641,G641),C641*E641*F641*G641,IF(AND(F641,H641),C641*E641*F641*H641,IF(AND(G641,H641),C641*E641*G641*H641,IF(F641,C641*E641*F641,IF(G641,C641*E641*G641,IF(H641,C641*E641*H641,C641*E641))))))),2)","v":-11.45},"Sqm"]
[null,"Deduct columns",1,"x",2,{"v":0.38,"d":"0.380"},{"v":0,"d":"0.000"},{"v":2.1,"d":"2.100"},{"$f":"-ROUND(IF(AND(F642:H642),C642*E642*F642*G642*H642,IF(AND(F642,G642),C642*E642*F642*G642,IF(AND(F642,H642),C642*E642*F642*H642,IF(AND(G642,H642),C642*E642*G642*H642,IF(F642,C642*E642*F642,IF(G642,C642*E642*G642,IF(H642,C642*E642*H642,C642*E642))))))),2)","v":{"v":-1.6,"d":"-1.60"}},"Sqm"]
[null,"Protection  wall front side",1,"x",1,{"v":13.45,"d":"13.450"},{"v":0,"d":"0.000"},{"v":0.75,"d":"0.750"},{"$f":"ROUND(IF(AND(F643:H643),C643*E643*F643*G643*H643,IF(AND(F643,G643),C643*E643*F643*G643,IF(AND(F643,H643),C643*E643*F643*H643,IF(AND(G643,H643),C643*E643*G643*H643,IF(F643,C643*E643*F643,IF(G643,C643*E643*G643,IF(H643,C643*E643*H643,C643*E643))))))),2)","v":10.09},"Sqm"]
[null,"Qty.p.91 of M.B.No.220/A/ZP/19"]
[null,"B2 to E2",1,"x",1,{"v":9.3,"d":"9.300"},{"v":0,"d":"0.000"},{"v":0.6,"d":"0.600"},{"$f":"ROUND(IF(AND(F645:H645),C645*E645*F645*G645*H645,IF(AND(F645,G645),C645*E645*F645*G645,IF(AND(F645,H645),C645*E645*F645*H645,IF(AND(G645,H645),C645*E645*G645*H645,IF(F645,C645*E645*F645,IF(G645,C645*E645*G645,IF(H645,C645*E645*H645,C645*E645))))))),2)","v":5.58},"Sqm"]
[null,"B2 to E2",1,"x",1,{"v":9.3,"d":"9.300"},{"v":0,"d":"0.000"},{"v":0.6,"d":"0.600"},5.58,"Sqm"]
[null,"B1 to B2",1,"x",1,{"v":3.16,"d":"3.160"},{"v":0,"d":"0.000"},{"v":0.6,"d":"0.600"},{"v":1.9,"d":"1.90"},"Sqm"]
[null,"C1 to C2",1,"x",1,{"v":3.16,"d":"3.160"},{"v":0,"d":"0.000"},{"v":0.6,"d":"0.600"},{"v":1.9,"d":"1.90"},"Sqm"]
[null,"D1 to D2",1,"x",1,{"v":3.16,"d":"3.160"},{"v":0,"d":"0.000"},{"v":0.6,"d":"0.600"},{"v":1.9,"d":"1.90"},"Sqm"]
[null,"Inside tiolet blocks",1,"x",1,{"v":3.1,"d":"3.100"},{"v":0,"d":"0.000"},{"v":0.6,"d":"0.600"},1.86,"Sqm"]
[null,null,1,"x",1,{"v":3.1,"d":"3.100"},{"v":0,"d":"0.000"},{"v":0.6,"d":"0.600"},1.86,"Sqm"]
[null,null,1,"x",1,{"v":3.2,"d":"3.200"},{"v":0,"d":"0.000"},{"v":0.6,"d":"0.600"},1.92,"Sqm"]
[null,null,1,"x",1,{"v":13.45,"d":"13.450"},{"v":0,"d":"0.000"},{"v":0.75,"d":"0.750"},10.09,"Sqm"]
[null,"Deduct columns",1,"x",2,{"v":0.38,"d":"0.380"},{"v":0,"d":"0.000"},{"v":0.6,"d":"0.600"},{"$f":"-ROUND(IF(AND(F654:H654),C654*E654*F654*G654*H654,IF(AND(F654,G654),C654*E654*F654*G654,IF(AND(F654,H654),C654*E654*F654*H654,IF(AND(G654,H654),C654*E654*G654*H654,IF(F654,C654*E654*F654,IF(G654,C654*E654*G654,IF(H654,C654*E654*H654,C654*E654))))))),2)","v":-0.46},"Sqm"]
[null,"Qty.p.3 of M.B.No.482/A/ZP/19"]
[null,"Back side of First floor",1,"x",1,{"v":10.3,"d":"10.300"},{"v":0,"d":"0.000"},{"v":0.75,"d":"0.750"},{"$f":"ROUND(IF(AND(F656:H656),C656*E656*F656*G656*H656,IF(AND(F656,G656),C656*E656*F656*G656,IF(AND(F656,H656),C656*E656*F656*H656,IF(AND(G656,H656),C656*E656*G656*H656,IF(F656,C656*E656*F656,IF(G656,C656*E656*G656,IF(H656,C656*E656*H656,C656*E656))))))),2)","v":7.73},"Sqm"]
[]
[{"$nulls":9},"Sqm",{"$f":"'DATA 2024-25'!F471","v":992.92},"1Sqm",{"$f":"ROUND(I658*K658/1,0)","v":{"v":0,"d":"0.00"}}]
[20,"Masonry work in CM (1:8) prop with Flyash Cement solid blocks of size 290 x 150 x 140 mm for manufacturing of flyash solid blocks using flyash of 80 kgs, cement of 15 kgs. Gypsum of 5 kgs. and stone dust including cost and conveyance of all materials, labour charges, seiniorage charges, scaffolding and curing etc., cpomplete with a compresive streangth not lessthan 50 kg/sqm for walls for Superstructure Walls."]
[null,"Qty.p.91 of M.B.No.269/A/ZP/19"]
[null,"Plantation walls",1,"x",2,{"v":0.75,"d":"0.750"},{"v":0.15,"d":"0.150"},{"v":1.05,"d":"1.050"},{"$f":"ROUND(IF(AND(F661:H661),C661*E661*F661*G661*H661,IF(AND(F661,G661),C661*E661*F661*G661,IF(AND(F661,H661),C661*E661*F661*H661,IF(AND(G661,H661),C661*E661*G661*H661,IF(F661,C661*E661*F661,IF(G661,C661*E661*G661,IF(H661,C661*E661*H661,C661*E661))))))),2)","v":0.24},"Cum"]
[null,null,1,"x",1,{"v":1.2,"d":"1.200"},{"v":0.15,"d":"0.150"},{"v":0.75,"d":"0.750"},0.14,"Cum"]
[null,null,1,"x",0.5,{"v":2.7,"d":"2.700"},{"v":0.15,"d":"0.150"},{"v":1.8,"d":"1.800"},0.36,"Cum"]
[null,null,1,"x",1,{"v":1,"d":"1.000"},{"v":0.15,"d":"0.150"},{"v":1.4,"d":"1.400"},0.21,"Cum"]
[null,null,1,"x",1,{"v":1.73,"d":"1.730"},{"v":0.15,"d":"0.150"},{"v":1.8,"d":"1.800"},0.47,"Cum"]
[null,null,1,"x",1,{"v":2.65,"d":"2.650"},{"v":0.15,"d":"0.150"},{"v":1.2,"d":"1.200"},0.48,"Cum"]
[null,null,1,"x",1,{"v":2.85,"d":"2.850"},{"v":0.15,"d":"0.150"},{"v":1.2,"d":"1.200"},0.51,"Cum"]
[]
[{"$nulls":9},"Cum",{"$f":"'DATA 2024-25'!F488","v":7262.62},"1Cum",{"$f":"ROUND(I669*K669,0)","v":{"v":0,"d":"0.00"}}]
[19,"RCM facia 5cm thick in CM (1:3) for drop walls, fins  with rabbit wire mesh & nominal reinforcement as directed by Engineer-in-charge with dubara sponge finishing, including cost & conveyance of all materials to site, seigniorage charges, sales & other taxes on all materials, operational & incidental, cost and conveyance of cement, wire mesh, water to work site, centering, scaffolding and form work, lift charges etc., complete for finished items of work but excluding cost of steel & its fabrication charges, for finished item of work. (APSS No.403 & 903)"]
[null,"Qty.p.65 of M.B.No.269/A/ZP/19"]
[null,null,1,"x",2,{"v":2.05,"d":"2.050"},{"v":1.7,"d":"1.700"},{"v":0,"d":"0.000"},{"$f":"ROUND(IF(AND(F672:H672),C672*E672*F672*G672*H672,IF(AND(F672,G672),C672*E672*F672*G672,IF(AND(F672,H672),C672*E672*F672*H672,IF(AND(G672,H672),C672*E672*G672*H672,IF(F672,C672*E672*F672,IF(G672,C672*E672*G672,IF(H672,C672*E672*H672,C672*E672))))))),2)","v":6.97},"Sqm"]
[null,null,1,"x",2,{"v":3.6,"d":"3.600"},{"v":0.95,"d":"0.950"},{"v":0,"d":"0.000"},{"$f":"ROUND(IF(AND(F673:H673),C673*E673*F673*G673*H673,IF(AND(F673,G673),C673*E673*F673*G673,IF(AND(F673,H673),C673*E673*F673*H673,IF(AND(G673,H673),C673*E673*G673*H673,IF(F673,C673*E673*F673,IF(G673,C673*E673*G673,IF(H673,C673*E673*H673,C673*E673))))))),2)","v":6.84},"Sqm"]
[]
[{"$nulls":9},"Sqm",{"$f":"'DATA 2024-25'!F617","v":2600.25},"1Sqm",{"$f":"ROUND(I675*K675/1,0)","v":{"v":0,"d":"0.00"}}]
[8,"Ceiling Plastering to Ceiling in CM (1:3) 12mm thick with dubara sponge finishing  including c/c of all materials including labour charges such as mixing cement mortar and curing etc complete for finished item of work (APSS 901 & 903) "]
[null," for ceiling in First Floor",1,"x",1,{"v":5.48,"d":"5.480"},{"v":6.85,"d":"6.850"},{"v":0,"d":"0.000"},{"$f":"ROUND(IF(AND(F677:H677),C677*E677*F677*G677*H677,IF(AND(F677,G677),C677*E677*F677*G677,IF(AND(F677,H677),C677*E677*F677*H677,IF(AND(G677,H677),C677*E677*G677*H677,IF(F677,C677*E677*F677,IF(G677,C677*E677*G677,IF(H677,C677*E677*H677,C677*E677))))))),2)","v":37.54},"Sqm"]
[null,null,1,"x",2,{"v":5.48,"d":"5.480"},{"v":0,"d":"0.000"},{"v":0.45,"d":"0.450"},{"$f":"ROUND(IF(AND(F678:H678),C678*E678*F678*G678*H678,IF(AND(F678,G678),C678*E678*F678*G678,IF(AND(F678,H678),C678*E678*F678*H678,IF(AND(G678,H678),C678*E678*G678*H678,IF(F678,C678*E678*F678,IF(G678,C678*E678*G678,IF(H678,C678*E678*H678,C678*E678))))))),2)","v":4.93},"Sqm"]
[null,"for Slab Projection",1,"x",1,{"v":29.510000000000005,"d":"29.510"},{"v":0.3,"d":"0.300"},{"v":0,"d":"0.000"},{"$f":"ROUND(IF(AND(F679:H679),C679*E679*F679*G679*H679,IF(AND(F679,G679),C679*E679*F679*G679,IF(AND(F679,H679),C679*E679*F679*H679,IF(AND(G679,H679),C679*E679*G679*H679,IF(F679,C679*E679*F679,IF(G679,C679*E679*G679,IF(H679,C679*E679*H679,C679*E679))))))),2)","v":8.85},"Sqm"]
[null,"for sunshade ",1,"x",6,{"v":1.2,"d":"1.200"},{"v":0.6,"d":"0.600"},{"v":0,"d":"0.000"},{"$f":"ROUND(IF(AND(F680:H680),C680*E680*F680*G680*H680,IF(AND(F680,G680),C680*E680*F680*G680,IF(AND(F680,H680),C680*E680*F680*H680,IF(AND(G680,H680),C680*E680*G680*H680,IF(F680,C680*E680*F680,IF(G680,C680*E680*G680,IF(H680,C680*E680*H680,C680*E680))))))),2)","v":4.32},"Sqm"]
[null,null,6,"x",2,{"v":0.6,"d":"0.600"},{"v":0.05,"d":"0.050"},{"v":0,"d":"0.000"},{"$f":"ROUND(IF(AND(F681:H681),C681*E681*F681*G681*H681,IF(AND(F681,G681),C681*E681*F681*G681,IF(AND(F681,H681),C681*E681*F681*H681,IF(AND(G681,H681),C681*E681*G681*H681,IF(F681,C681*E681*F681,IF(G681,C681*E681*G681,IF(H681,C681*E681*H681,C681*E681))))))),2)","v":0.36},"Sqm"]
[]
[{"$nulls":9},"Sqm",{"$f":"'DATA 2024-25'!F505","v":419.76},"1Sqm",{"$f":"ROUND(I683*K683,0)","v":{"v":0,"d":"0.00"}}]
[9,"Plastering in CM (1:5) 12mm thick  single coat including c/c of all materials and labour charges such as mixing cement mortar etc and curing etc complete for finished item of work (APSS 901,  903 & 904) "]
[null,"Long walls",1,"x",2,{"v":6.85,"d":"6.850"},{"v":0,"d":"0.000"},{"v":3.2,"d":"3.200"},{"$f":"ROUND(IF(AND(F685:H685),C685*E685*F685*G685*H685,IF(AND(F685,G685),C685*E685*F685*G685,IF(AND(F685,H685),C685*E685*F685*H685,IF(AND(G685,H685),C685*E685*G685*H685,IF(F685,C685*E685*F685,IF(G685,C685*E685*G685,IF(H685,C685*E685*H685,C685*E685))))))),2)","v":43.84},"Sqm"]
[null,"Short walls",1,"x",2,{"v":5.48,"d":"5.480"},{"v":0,"d":"0.000"},{"v":3.2,"d":"3.200"},{"$f":"ROUND(IF(AND(F686:H686),C686*E686*F686*G686*H686,IF(AND(F686,G686),C686*E686*F686*G686,IF(AND(F686,H686),C686*E686*F686*H686,IF(AND(G686,H686),C686*E686*G686*H686,IF(F686,C686*E686*F686,IF(G686,C686*E686*G686,IF(H686,C686*E686*H686,C686*E686))))))),2)","v":35.07},"Sqm"]
[null,"Deductions"]
[null,"for doors",-1,"x",1,{"v":1.05,"d":"1.050"},{"v":0,"d":"0.000"},{"v":2.13,"d":"2.130"},{"$f":"ROUND(IF(AND(F688:H688),C688*E688*F688*G688*H688,IF(AND(F688,G688),C688*E688*F688*G688,IF(AND(F688,H688),C688*E688*F688*H688,IF(AND(G688,H688),C688*E688*G688*H688,IF(F688,C688*E688*F688,IF(G688,C688*E688*G688,IF(H688,C688*E688*H688,C688*E688))))))),2)","v":-2.24},"Sqm"]
[null,"For Windows",-1,"x",6,{"v":1.22,"d":"1.220"},{"v":0,"d":"0.000"},{"v":1.22,"d":"1.220"},{"$f":"ROUND(IF(AND(F689:H689),C689*E689*F689*G689*H689,IF(AND(F689,G689),C689*E689*F689*G689,IF(AND(F689,H689),C689*E689*F689*H689,IF(AND(G689,H689),C689*E689*G689*H689,IF(F689,C689*E689*F689,IF(G689,C689*E689*G689,IF(H689,C689*E689*H689,C689*E689))))))),2)","v":-8.93},"Sqm"]
[null,null,-1,"x",2,{"v":0.9,"d":"0.900"},{"v":0,"d":"0.000"},{"v":0.9,"d":"0.900"},{"$f":"ROUND(IF(AND(F690:H690),C690*E690*F690*G690*H690,IF(AND(F690,G690),C690*E690*F690*G690,IF(AND(F690,H690),C690*E690*F690*H690,IF(AND(G690,H690),C690*E690*G690*H690,IF(F690,C690*E690*F690,IF(G690,C690*E690*G690,IF(H690,C690*E690*H690,C690*E690))))))),2)","v":-1.62},"Sqm"]
[null,"for Ventilators",-1,"x",8,{"v":0.9,"d":"0.900"},{"v":0,"d":"0.000"},{"v":0.3,"d":"0.300"},{"$f":"ROUND(IF(AND(F691:H691),C691*E691*F691*G691*H691,IF(AND(F691,G691),C691*E691*F691*G691,IF(AND(F691,H691),C691*E691*F691*H691,IF(AND(G691,H691),C691*E691*G691*H691,IF(F691,C691*E691*F691,IF(G691,C691*E691*G691,IF(H691,C691*E691*H691,C691*E691))))))),2)","v":-2.16},"Sqm"]
[]
[{"$nulls":9},"Sqm",{"$f":"'DATA 2024-25'!F522","v":342.71},"1Sqm",{"$f":"ROUND(I693*K693,0)","v":{"v":0,"d":"0.00"}}]
[10,"Plastering in CM (1:5) 20mm thick  single coat including c/c of all materials including all operational, incidental and labour charges such as mixing cement mortar and curing etc complete for finished item of work (APSS 901,  903 & 904)  "]
[null,"Long walls",1,"x",2,{"v":7.32,"d":"7.320"},{"v":0,"d":"0.000"},{"v":3.5,"d":"3.500"},{"$f":"ROUND(IF(AND(F695:H695),C695*E695*F695*G695*H695,IF(AND(F695,G695),C695*E695*F695*G695,IF(AND(F695,H695),C695*E695*F695*H695,IF(AND(G695,H695),C695*E695*G695*H695,IF(F695,C695*E695*F695,IF(G695,C695*E695*G695,IF(H695,C695*E695*H695,C695*E695))))))),2)","v":51.24},"Sqm"]
[null,"Short walls",1,"x",2,{"v":5.960000000000001,"d":"5.960"},{"v":0,"d":"0.000"},{"v":3.5,"d":"3.500"},{"$f":"ROUND(IF(AND(F696:H696),C696*E696*F696*G696*H696,IF(AND(F696,G696),C696*E696*F696*G696,IF(AND(F696,H696),C696*E696*F696*H696,IF(AND(G696,H696),C696*E696*G696*H696,IF(F696,C696*E696*F696,IF(G696,C696*E696*G696,IF(H696,C696*E696*H696,C696*E696))))))),2)","v":41.72},"Sqm"]
[null,"Deduct For Door",-1,"x",1,{"v":1.05,"d":"1.050"},{"v":0,"d":"0.000"},{"v":2.13,"d":"2.130"},{"$f":"ROUND(IF(AND(F697:H697),C697*E697*F697*G697*H697,IF(AND(F697,G697),C697*E697*F697*G697,IF(AND(F697,H697),C697*E697*F697*H697,IF(AND(G697,H697),C697*E697*G697*H697,IF(F697,C697*E697*F697,IF(G697,C697*E697*G697,IF(H697,C697*E697*H697,C697*E697))))))),2)","v":-2.24},"Sqm"]
[null,"           For Windows",-1,"x",8,{"v":1.22,"d":"1.220"},{"v":0,"d":"0.000"},{"v":1.22,"d":"1.220"},{"$f":"ROUND(IF(AND(F698:H698),C698*E698*F698*G698*H698,IF(AND(F698,G698),C698*E698*F698*G698,IF(AND(F698,H698),C698*E698*F698*H698,IF(AND(G698,H698),C698*E698*G698*H698,IF(F698,C698*E698*F698,IF(G698,C698*E698*G698,IF(H698,C698*E698*H698,C698*E698))))))),2)","v":-11.91},"Sqm"]
[null,"                 Ventilator",-1,"x",8,{"v":0.9,"d":"0.900"},{"v":0,"d":"0.000"},{"v":0.3,"d":"0.300"},{"$f":"ROUND(IF(AND(F699:H699),C699*E699*F699*G699*H699,IF(AND(F699,G699),C699*E699*F699*G699,IF(AND(F699,H699),C699*E699*F699*H699,IF(AND(G699,H699),C699*E699*G699*H699,IF(F699,C699*E699*F699,IF(G699,C699*E699*G699,IF(H699,C699*E699*H699,C699*E699))))))),2)","v":-2.16},"Sqm"]
[]
[{"$nulls":9},"Sqm",{"$f":"'DATA 2024-25'!F539","v":{"v":357.1,"d":"357.10"}},"1Sqm",{"$f":"ROUND(I701*K701,0)","v":{"v":0,"d":"0.00"}}]
[2,"Plastering to brick masonary wall with  12mm thick double coat in CM (1:5) 8 mm thick base coat and CM (1:3) of 4mm thick top coat with dubara sponge finish including c/c of all materials including all operational, incidental and labour charges such as mixing cement mortar and curing etc complete for finished item of work (APSS 901,  903 & 904) "]
[null,"Qty.p.3 of M.B.No.190/A/ZP/20"]
[null,"Rest room",1,"x",2,{"v":3.37,"d":"3.370"},{"v":0,"d":"0.000"},{"v":3.15,"d":"3.150"},{"$f":"ROUND(IF(AND(F704:H704),C704*E704*F704*G704*H704,IF(AND(F704,G704),C704*E704*F704*G704,IF(AND(F704,H704),C704*E704*F704*H704,IF(AND(G704,H704),C704*E704*G704*H704,IF(F704,C704*E704*F704,IF(G704,C704*E704*G704,IF(H704,C704*E704*H704,C704*E704))))))),2)","v":21.23},"Sqm"]
[null,null,1,"x",2,{"v":3.37,"d":"3.370"},{"v":0,"d":"0.000"},{"v":3.15,"d":"3.150"},{"$f":"ROUND(IF(AND(F705:H705),C705*E705*F705*G705*H705,IF(AND(F705,G705),C705*E705*F705*G705,IF(AND(F705,H705),C705*E705*F705*H705,IF(AND(G705,H705),C705*E705*G705*H705,IF(F705,C705*E705*F705,IF(G705,C705*E705*G705,IF(H705,C705*E705*H705,C705*E705))))))),2)","v":21.23},"Sqm"]
[null,"Deduct door",1,"x",1,{"v":1.05,"d":"1.050"},{"v":0,"d":"0.000"},{"v":2.1,"d":"2.100"},{"$f":"-ROUND(IF(AND(F706:H706),C706*E706*F706*G706*H706,IF(AND(F706,G706),C706*E706*F706*G706,IF(AND(F706,H706),C706*E706*F706*H706,IF(AND(G706,H706),C706*E706*G706*H706,IF(F706,C706*E706*F706,IF(G706,C706*E706*G706,IF(H706,C706*E706*H706,C706*E706))))))),2)","v":-2.21},"Sqm"]
[null,"Deduct door",1,"x",1,{"v":0.75,"d":"0.750"},{"v":0,"d":"0.000"},{"v":2.1,"d":"2.100"},{"$f":"-ROUND(IF(AND(F707:H707),C707*E707*F707*G707*H707,IF(AND(F707,G707),C707*E707*F707*G707,IF(AND(F707,H707),C707*E707*F707*H707,IF(AND(G707,H707),C707*E707*G707*H707,IF(F707,C707*E707*F707,IF(G707,C707*E707*G707,IF(H707,C707*E707*H707,C707*E707))))))),2)","v":-1.58},"Sqm"]
[null,"Deduct window",1,"x",1,{"v":1.2,"d":"1.200"},{"v":0,"d":"0.000"},{"v":1.2,"d":"1.200"},{"$f":"-ROUND(IF(AND(F708:H708),C708*E708*F708*G708*H708,IF(AND(F708,G708),C708*E708*F708*G708,IF(AND(F708,H708),C708*E708*F708*H708,IF(AND(G708,H708),C708*E708*G708*H708,IF(F708,C708*E708*F708,IF(G708,C708*E708*G708,IF(H708,C708*E708*H708,C708*E708))))))),2)","v":-1.44},"Sqm"]
[null,"Tiolet",1,"x",2,{"v":1.8,"d":"1.800"},{"v":0,"d":"0.000"},{"v":3.15,"d":"3.150"},11.34,"Sqm"]
[null,null,1,"x",2,{"v":1.2,"d":"1.200"},{"v":0,"d":"0.000"},{"v":3.15,"d":"3.150"},7.56,"Sqm"]
[null,"Deduct door",1,"x",1,{"v":0.75,"d":"0.750"},{"v":0,"d":"0.000"},{"v":2.1,"d":"2.100"},{"$f":"-ROUND(IF(AND(F711:H711),C711*E711*F711*G711*H711,IF(AND(F711,G711),C711*E711*F711*G711,IF(AND(F711,H711),C711*E711*F711*H711,IF(AND(G711,H711),C711*E711*G711*H711,IF(F711,C711*E711*F711,IF(G711,C711*E711*G711,IF(H711,C711*E711*H711,C711*E711))))))),2)","v":-1.58},"Sqm"]
[null,"Deduct ventilators",1,"x",1,{"v":0.6,"d":"0.600"},{"v":0,"d":"0.000"},{"v":0.3,"d":"0.300"},{"$f":"-ROUND(IF(AND(F712:H712),C712*E712*F712*G712*H712,IF(AND(F712,G712),C712*E712*F712*G712,IF(AND(F712,H712),C712*E712*F712*H712,IF(AND(G712,H712),C712*E712*G712*H712,IF(F712,C712*E712*F712,IF(G712,C712*E712*G712,IF(H712,C712*E712*H712,C712*E712))))))),2)","v":-0.18},"Sqm"]
[null,"Dining Hall",1,"x",1,{"v":4.47,"d":"4.470"},{"v":0,"d":"0.000"},{"v":3.15,"d":"3.150"},{"$f":"ROUND(IF(AND(F713:H713),C713*E713*F713*G713*H713,IF(AND(F713,G713),C713*E713*F713*G713,IF(AND(F713,H713),C713*E713*F713*H713,IF(AND(G713,H713),C713*E713*G713*H713,IF(F713,C713*E713*F713,IF(G713,C713*E713*G713,IF(H713,C713*E713*H713,C713*E713))))))),2)","v":14.08},"Sqm"]
[null,null,1,"x",1,{"v":3.37,"d":"3.370"},{"v":0,"d":"0.000"},{"v":3.15,"d":"3.150"},{"$f":"ROUND(IF(AND(F714:H714),C714*E714*F714*G714*H714,IF(AND(F714,G714),C714*E714*F714*G714,IF(AND(F714,H714),C714*E714*F714*H714,IF(AND(G714,H714),C714*E714*G714*H714,IF(F714,C714*E714*F714,IF(G714,C714*E714*G714,IF(H714,C714*E714*H714,C714*E714))))))),2)","v":10.62},"Sqm"]
[null,null,1,"x",1,{"v":2.07,"d":"2.070"},{"v":0,"d":"0.000"},{"v":3.15,"d":"3.150"},6.52,"Sqm"]
[null,null,1,"x",1,{"v":0.9,"d":"0.900"},{"v":0,"d":"0.000"},{"v":3.15,"d":"3.150"},2.84,"Sqm"]
[null,null,1,"x",1,{"v":0.55,"d":"0.550"},{"v":0,"d":"0.000"},{"v":3.15,"d":"3.150"},1.73,"Sqm"]
[null,"Deduct door",1,"x",1,{"v":1.05,"d":"1.050"},{"v":0,"d":"0.000"},{"v":2.1,"d":"2.100"},{"$f":"-ROUND(IF(AND(F718:H718),C718*E718*F718*G718*H718,IF(AND(F718,G718),C718*E718*F718*G718,IF(AND(F718,H718),C718*E718*F718*H718,IF(AND(G718,H718),C718*E718*G718*H718,IF(F718,C718*E718*F718,IF(G718,C718*E718*G718,IF(H718,C718*E718*H718,C718*E718))))))),2)","v":-2.21},"Sqm"]
[null,"Deduct window",1,"x",1,{"v":1.2,"d":"1.200"},{"v":0,"d":"0.000"},{"v":1.2,"d":"1.200"},{"$f":"-ROUND(IF(AND(F719:H719),C719*E719*F719*G719*H719,IF(AND(F719,G719),C719*E719*F719*G719,IF(AND(F719,H719),C719*E719*F719*H719,IF(AND(G719,H719),C719*E719*G719*H719,IF(F719,C719*E719*F719,IF(G719,C719*E719*G719,IF(H719,C719*E719*H719,C719*E719))))))),2)","v":-1.44},"Sqm"]
[null,"Hall",1,"x",2,{"v":6.75,"d":"6.750"},{"v":0,"d":"0.000"},{"v":3.15,"d":"3.150"},42.53,"Sqm"]
[null,null,1,"x",2,{"v":3.3,"d":"3.300"},{"v":0,"d":"0.000"},{"v":3.15,"d":"3.150"},20.79,"Sqm"]
[null,null,1,"x",1,{"v":1.8,"d":"1.800"},{"v":0,"d":"0.000"},{"v":3.15,"d":"3.150"},5.67,"Sqm"]
[null,"Deduct door",1,"x",1,{"v":1.05,"d":"1.050"},{"v":0,"d":"0.000"},{"v":2.1,"d":"2.100"},{"$f":"-ROUND(IF(AND(F723:H723),C723*E723*F723*G723*H723,IF(AND(F723,G723),C723*E723*F723*G723,IF(AND(F723,H723),C723*E723*F723*H723,IF(AND(G723,H723),C723*E723*G723*H723,IF(F723,C723*E723*F723,IF(G723,C723*E723*G723,IF(H723,C723*E723*H723,C723*E723))))))),2)","v":-2.21},"Sqm"]
[null,"Deduct window",1,"x",2,{"v":1.2,"d":"1.200"},{"v":0,"d":"0.000"},{"v":1.2,"d":"1.200"},{"$f":"-ROUND(IF(AND(F724:H724),C724*E724*F724*G724*H724,IF(AND(F724,G724),C724*E724*F724*G724,IF(AND(F724,H724),C724*E724*F724*H724,IF(AND(G724,H724),C724*E724*G724*H724,IF(F724,C724*E724*F724,IF(G724,C724*E724*G724,IF(H724,C724*E724*H724,C724*E724))))))),2)","v":-2.88},"Sqm"]
[]
[{"$nulls":9},"Sqm",{"$f":"'DATA 2024-25'!F576","v":521.53},"1Sqm",{"$f":"ROUND(I726*K726,0)","v":{"v":0,"d":"0.00"}}]
[10,"Plastering to brick masonary wall with  20mm thick double coat in CM (1:6) 16 mm thick base coat and CM (1:4) of 4mm thick top coat with dubara sponge finish including c/c of all materials including all operational, incidental and labour charges such as mixing cement mortar and curing etc complete for finished item of work (APSS 901,  903 & 904) "]
[null,"Long walls",1,"x",2,{"v":7.32,"d":"7.320"},{"v":0,"d":"0.000"},{"v":3.5,"d":"3.500"},{"$f":"ROUND(IF(AND(F728:H728),C728*E728*F728*G728*H728,IF(AND(F728,G728),C728*E728*F728*G728,IF(AND(F728,H728),C728*E728*F728*H728,IF(AND(G728,H728),C728*E728*G728*H728,IF(F728,C728*E728*F728,IF(G728,C728*E728*G728,IF(H728,C728*E728*H728,C728*E728))))))),2)","v":51.24},"Sqm"]
[null,"Short walls",1,"x",2,{"v":5.960000000000001,"d":"5.960"},{"v":0,"d":"0.000"},{"v":3.5,"d":"3.500"},{"$f":"ROUND(IF(AND(F729:H729),C729*E729*F729*G729*H729,IF(AND(F729,G729),C729*E729*F729*G729,IF(AND(F729,H729),C729*E729*F729*H729,IF(AND(G729,H729),C729*E729*G729*H729,IF(F729,C729*E729*F729,IF(G729,C729*E729*G729,IF(H729,C729*E729*H729,C729*E729))))))),2)","v":41.72},"Sqm"]
[null,"Deduct For Door",-1,"x",1,{"v":1.05,"d":"1.050"},{"v":0,"d":"0.000"},{"v":2.13,"d":"2.130"},{"$f":"ROUND(IF(AND(F730:H730),C730*E730*F730*G730*H730,IF(AND(F730,G730),C730*E730*F730*G730,IF(AND(F730,H730),C730*E730*F730*H730,IF(AND(G730,H730),C730*E730*G730*H730,IF(F730,C730*E730*F730,IF(G730,C730*E730*G730,IF(H730,C730*E730*H730,C730*E730))))))),2)","v":-2.24},"Sqm"]
[null,"           For Windows",-1,"x",8,{"v":1.22,"d":"1.220"},{"v":0,"d":"0.000"},{"v":1.22,"d":"1.220"},{"$f":"ROUND(IF(AND(F731:H731),C731*E731*F731*G731*H731,IF(AND(F731,G731),C731*E731*F731*G731,IF(AND(F731,H731),C731*E731*F731*H731,IF(AND(G731,H731),C731*E731*G731*H731,IF(F731,C731*E731*F731,IF(G731,C731*E731*G731,IF(H731,C731*E731*H731,C731*E731))))))),2)","v":-11.91},"Sqm"]
[null,"                 Ventilator",-1,"x",8,{"v":0.9,"d":"0.900"},{"v":0,"d":"0.000"},{"v":0.3,"d":"0.300"},{"$f":"ROUND(IF(AND(F732:H732),C732*E732*F732*G732*H732,IF(AND(F732,G732),C732*E732*F732*G732,IF(AND(F732,H732),C732*E732*F732*H732,IF(AND(G732,H732),C732*E732*G732*H732,IF(F732,C732*E732*F732,IF(G732,C732*E732*G732,IF(H732,C732*E732*H732,C732*E732))))))),2)","v":-2.16},"Sqm"]
[]
[{"$nulls":9},"Sqm",{"$f":"'DATA 2024-25'!F597","v":532.75},"1Sqm",{"$f":"ROUND(I734*K734,0)","v":{"v":0,"d":"0.00"}}]
[13,"Plain Cement Concrete  M30 Nominal mix (Cement: Sand: Metal) corresponding Table 9 of IS 456 using 20mm size graded machine crushed hard granite metal from approved quarry including c/c of all materials like Cement, Sand, coarse aggregate, water etc to site, all marerials including labour charges such as machine mixing, laying concrete, curing etc complete but excluding cost of steel and its fabrication charges for finished item of work for Steps"]
[null,"Qty.P.No. 18 of M.B.No.233-B/2016-17"]
[null,null,11,"x",0.5,{"v":1.8,"d":"1.800"},{"v":0.3,"d":"0.300"},{"v":0.15,"d":"0.150"},{"$f":"ROUND(IF(AND(F737:H737),C737*E737*F737*G737*H737,IF(AND(F737,G737),C737*E737*F737*G737,IF(AND(F737,H737),C737*E737*F737*H737,IF(AND(G737,H737),C737*E737*G737*H737,IF(F737,C737*E737*F737,IF(G737,C737*E737*G737,IF(H737,C737*E737*H737,C737*E737))))))),2)","v":0.45},"Cum"]
[null,"Qty.P.No. 23 of M.B.No.233-B/2016-17"]
[null,null,11,"x",0.5,{"v":1.8,"d":"1.800"},{"v":0.3,"d":"0.300"},{"v":0.15,"d":"0.150"},{"$f":"ROUND(IF(AND(F739:H739),C739*E739*F739*G739*H739,IF(AND(F739,G739),C739*E739*F739*G739,IF(AND(F739,H739),C739*E739*F739*H739,IF(AND(G739,H739),C739*E739*G739*H739,IF(F739,C739*E739*F739,IF(G739,C739*E739*G739,IF(H739,C739*E739*H739,C739*E739))))))),2)","v":0.45},"Cum"]
[{"$nulls":9},"Cum",{"$f":"'DATA 2024-25'!F320","v":6970.28},"1Cum",{"$f":"ROUND(I740*K740,0)","v":{"v":0,"d":"0.00"}}]
[3,"Flooring with Porcelain Vitrified tiles stain free double charged of 1st quality and of size not less than 600X600X8mm thickness glossy finish premium colours, set over base coat of CM (1:8), 12mm thick over already laid CC bed / RCC Roof slab, including neat Cement slurry of honey like consistency spread @ 3.30 Kgs per Sqm & jointed with neat white Cement paste to full depth mixed with pigment of matching shade including c/c of all materials like Cement, Sand and Water and tiles etc complete including labour charges etc complete for finished item of work "]
[null,"Qty.p.4 of M.B.No.190/A/ZP/20"]
[null,"Rest room",1,"x",1,{"v":3.37,"d":"3.370"},{"v":3.37,"d":"3.370"},{"v":0,"d":"0.000"},{"$f":"ROUND(IF(AND(F743:H743),C743*E743*F743*G743*H743,IF(AND(F743,G743),C743*E743*F743*G743,IF(AND(F743,H743),C743*E743*F743*H743,IF(AND(G743,H743),C743*E743*G743*H743,IF(F743,C743*E743*F743,IF(G743,C743*E743*G743,IF(H743,C743*E743*H743,C743*E743))))))),2)","v":11.36},"Sqm"]
[null,"Dining Hall",1,"x",1,{"v":2.07,"d":"2.070"},{"v":1.9,"d":"1.900"},{"v":0,"d":"0.000"},{"$f":"ROUND(IF(AND(F744:H744),C744*E744*F744*G744*H744,IF(AND(F744,G744),C744*E744*F744*G744,IF(AND(F744,H744),C744*E744*F744*H744,IF(AND(G744,H744),C744*E744*G744*H744,IF(F744,C744*E744*F744,IF(G744,C744*E744*G744,IF(H744,C744*E744*H744,C744*E744))))))),2)","v":3.93},"Sqm"]
[null,null,1,"x",1,{"v":3.37,"d":"3.370"},{"v":1.37,"d":"1.370"},{"v":0,"d":"0.000"},4.62,"Sqm"]
[null,"Hall",1,"x",1,{"v":6.75,"d":"6.750"},{"v":3.3,"d":"3.300"},{"v":0,"d":"0.000"},22.28,"Sqm"]
[]
[{"$nulls":9},"Sqm",{"$f":"'DATA 2024-25'!F748","v":1284.36},"1Sqm",{"$f":"ROUND(I748*K748,0)","v":{"v":0,"d":"0.00"}}]
[4,"Providing Skirting to internal walls to 15cm height / risers of steps with Porcelain Vitrified tiles length equal to flooring stones, set over base coat of CM (1:5) 12mm thick with Cement slurry of honey like consistency spread @ 3.30 Kgs per Sqm & jointed with white Cement paste mixed with pigment of matching shade to full depth, including c/c of materials like Cement, Sand and Water and tiles etc complete for finished item of work "]
[null,"Qty.p.5 of M.B.No.190/A/ZP/20"]
[null,"Rest room",1,"x",2,{"v":3.37,"d":"3.370"},{"v":0,"d":"0.000"},{"v":0.1,"d":"0.100"},{"$f":"ROUND(IF(AND(F751:H751),C751*E751*F751*G751*H751,IF(AND(F751,G751),C751*E751*F751*G751,IF(AND(F751,H751),C751*E751*F751*H751,IF(AND(G751,H751),C751*E751*G751*H751,IF(F751,C751*E751*F751,IF(G751,C751*E751*G751,IF(H751,C751*E751*H751,C751*E751))))))),2)","v":0.67},"Sqm"]
[null,null,1,"x",2,{"v":3.37,"d":"3.370"},{"v":0,"d":"0.000"},{"v":0.1,"d":"0.100"},{"$f":"ROUND(IF(AND(F752:H752),C752*E752*F752*G752*H752,IF(AND(F752,G752),C752*E752*F752*G752,IF(AND(F752,H752),C752*E752*F752*H752,IF(AND(G752,H752),C752*E752*G752*H752,IF(F752,C752*E752*F752,IF(G752,C752*E752*G752,IF(H752,C752*E752*H752,C752*E752))))))),2)","v":0.67},"Sqm"]
[null,"Dining Hall",1,"x",1,{"v":2.07,"d":"2.070"},{"v":0,"d":"0.000"},{"v":0.1,"d":"0.100"},0.21,"Sqm"]
[null,null,1,"x",1,{"v":1.9,"d":"1.900"},{"v":0,"d":"0.000"},{"v":0.1,"d":"0.100"},0.19,"Sqm"]
[null,null,1,"x",1,{"v":1.3,"d":"1.300"},{"v":0,"d":"0.000"},{"v":0.1,"d":"0.100"},0.13,"Sqm"]
[null,null,1,"x",1,{"v":1.37,"d":"1.370"},{"v":0,"d":"0.000"},{"v":0.1,"d":"0.100"},0.14,"Sqm"]
[null,null,1,"x",1,{"v":3.37,"d":"3.370"},{"v":0,"d":"0.000"},{"v":0.1,"d":"0.100"},0.34,"Sqm"]
[null,null,1,"x",1,{"v":0.55,"d":"0.550"},{"v":0,"d":"0.000"},{"v":0.1,"d":"0.100"},0.06,"Sqm"]
[null,null,1,"x",1,{"v":0.9,"d":"0.900"},{"v":0,"d":"0.000"},{"v":0.1,"d":"0.100"},0.09,"Sqm"]
[null,"Hall",1,"x",2,{"v":6.75,"d":"6.750"},{"v":0,"d":"0.000"},{"v":0.1,"d":"0.100"},1.35,"Sqm"]
[null,null,1,"x",2,{"v":3.3,"d":"3.300"},{"v":0,"d":"0.000"},{"v":0.1,"d":"0.100"},0.66,"Sqm"]
[]
[{"$nulls":9},"Sqm",{"$f":"'DATA 2024-25'!F767","v":1279.49},"1Sqm",{"$f":"ROUND(I763*K763,0)","v":{"v":0,"d":"0.00"}}]
[15,"Flooring with high polished granite 16 to 18 mm mm thick slabs other than black set over base coat of cement mortar (1:8), 20 mm thick over CC bed already laid or RCC roof slab, including neat cement slurry of honey like consistency spread @ 3.3.kgs per sqm & jointed neatly with white cement paste mixed with pigment of matching shade to full depth, including cost of all materials like cement, sand water and tilesetc., complete, including seigniorage charges, labour charges for dressing of tilesetc., complete for finished item of work, but excluding the cost of conveyance of all materials"]
[null,"Qty.p.67 of M.B.No.482/A/ZP/20"]
[null,"Staircase first flight",1,"x",11,{"v":1.35,"d":"1.350"},{"v":0.3,"d":"0.300"},{"v":0,"d":"0.000"},{"$f":"ROUND(IF(AND(F766:H766),C766*E766*F766*G766*H766,IF(AND(F766,G766),C766*E766*F766*G766,IF(AND(F766,H766),C766*E766*F766*H766,IF(AND(G766,H766),C766*E766*G766*H766,IF(F766,C766*E766*F766,IF(G766,C766*E766*G766,IF(H766,C766*E766*H766,C766*E766))))))),2)","v":4.46},"Sqm"]
[null,null,1,"x",1,{"v":2.75,"d":"2.750"},{"v":1.35,"d":"1.350"},{"v":0,"d":"0.000"},{"$f":"ROUND(IF(AND(F767:H767),C767*E767*F767*G767*H767,IF(AND(F767,G767),C767*E767*F767*G767,IF(AND(F767,H767),C767*E767*F767*H767,IF(AND(G767,H767),C767*E767*G767*H767,IF(F767,C767*E767*F767,IF(G767,C767*E767*G767,IF(H767,C767*E767*H767,C767*E767))))))),2)","v":3.71},"Sqm"]
[null,"2nd flight",1,"x",11,{"v":1.35,"d":"1.350"},{"v":0.3,"d":"0.300"},{"v":0,"d":"0.000"},{"$f":"ROUND(IF(AND(F768:H768),C768*E768*F768*G768*H768,IF(AND(F768,G768),C768*E768*F768*G768,IF(AND(F768,H768),C768*E768*F768*H768,IF(AND(G768,H768),C768*E768*G768*H768,IF(F768,C768*E768*F768,IF(G768,C768*E768*G768,IF(H768,C768*E768*H768,C768*E768))))))),2)","v":4.46},"Sqm"]
[]
[{"$nulls":9},"Sqm",{"$f":"'DATA 2024-25'!F668","v":3278.84},"1Sqm",{"$f":"ROUND(I770*K770,0)","v":{"v":0,"d":"0.00"}}]
[16,"Providing skirting to internal walls to 15 cm height/risers of steps with 16-18 mm thick  polished granite tiles length equal to flooring stones, set over base coat of CM (1:3) 12 mm thick with cement slurry of honey like consistency spread at the rate of 3.30 kgs per sqm and jointed with white cement paste mixed with pigment of matching shade to full depth, including cost of all materials like tiles, cement, sand and water etc., complete including seigniorage charges, etc., complete for finished item of work"]
[null,"Qty.p.67 of M.B.No.482/A/ZP/20"]
[null,"FF 1st flight raisers",1,"x",11,{"v":1.35,"d":"1.350"},{"v":0,"d":"0.000"},{"v":0.15,"d":"0.150"},{"$f":"ROUND(IF(AND(F773:H773),C773*E773*F773*G773*H773,IF(AND(F773,G773),C773*E773*F773*G773,IF(AND(F773,H773),C773*E773*F773*H773,IF(AND(G773,H773),C773*E773*G773*H773,IF(F773,C773*E773*F773,IF(G773,C773*E773*G773,IF(H773,C773*E773*H773,C773*E773))))))),2)","v":2.23},"Sqm"]
[null,"2nd flight raisers",1,"x",11,{"v":1.35,"d":"1.350"},{"v":0,"d":"0.000"},{"v":0.15,"d":"0.150"},{"$f":"ROUND(IF(AND(F774:H774),C774*E774*F774*G774*H774,IF(AND(F774,G774),C774*E774*F774*G774,IF(AND(F774,H774),C774*E774*F774*H774,IF(AND(G774,H774),C774*E774*G774*H774,IF(F774,C774*E774*F774,IF(G774,C774*E774*G774,IF(H774,C774*E774*H774,C774*E774))))))),2)","v":2.23},"Sqm"]
[]
[{"$nulls":9},"Sqm",{"$f":"'DATA 2024-25'!F688","v":3022.02},"1Sqm",{"$f":"ROUND(I776*K776,0)","v":{"v":0,"d":"0.00"}}]
[26,"Flooring with chequrred terrazzo tiles of 22 mm thick (medium shade) set over base coat of cement mortar (1:6) 12 mm thick over CC bed already laid or RCC roof slab, including near cement slurry of honey like consistency spread @ 3.3.kgs per sqm & jointed with neat cement to full depth mixed with pigment of matching shade including cost of all materials like cement, sand water and tiles etc., complete, including seigniorage charges, complete for finished item of work,"]
[null,"Qty.p.13 of M.B.No.174/B/ZP/16"]
[null,"Verandah",1,"x",1,{"v":9.87,"d":"9.870"},{"v":1.83,"d":"1.830"},{"v":0,"d":"0.000"},{"$f":"ROUND(IF(AND(F779:H779),C779*E779*F779*G779*H779,IF(AND(F779,G779),C779*E779*F779*G779,IF(AND(F779,H779),C779*E779*F779*H779,IF(AND(G779,H779),C779*E779*G779*H779,IF(F779,C779*E779*F779,IF(G779,C779*E779*G779,IF(H779,C779*E779*H779,C779*E779))))))),2)","v":18.06},"Sqm"]
[null,"Ramp",1,"x",1,{"v":2.83,"d":"2.830"},{"v":1.55,"d":"1.550"},{"v":0,"d":"0.000"},4.39,"Sqm"]
[null,null,1,"x",1,{"v":2.65,"d":"2.650"},{"v":0.53,"d":"0.530"},{"v":0,"d":"0.000"},{"v":1.4,"d":"1.40"},"Sqm"]
[null,null,1,"x",1,{"v":2.65,"d":"2.650"},{"v":0.9,"d":"0.900"},{"v":0,"d":"0.000"},2.39,"Sqm"]
[null,"Landing",1,"x",2,{"v":2.65,"d":"2.650"},{"v":1.1,"d":"1.100"},{"v":0,"d":"0.000"},5.83,"Sqm"]
[null,null,1,"x",1,{"v":1.3,"d":"1.300"},{"v":0.56,"d":"0.560"},{"v":0,"d":"0.000"},0.73,"Sqm"]
[null,null,1,"x",1,{"v":2.8,"d":"2.800"},{"v":0.53,"d":"0.530"},{"v":0,"d":"0.000"},1.48,"Sqm"]
[null,null,1,"x",1,{"v":2.8,"d":"2.800"},{"v":0.9,"d":"0.900"},{"v":0,"d":"0.000"},2.52,"Sqm"]
[null,"Entrance steps treads",1,"x",4,{"v":2.72,"d":"2.720"},{"v":0.38,"d":"0.380"},{"v":0,"d":"0.000"},4.13,"Sqm"]
[null,"Steps godown",1,"x",4,{"v":2.5,"d":"2.500"},{"v":0.38,"d":"0.380"},{"v":0,"d":"0.000"},{"v":3.8,"d":"3.80"},"Sqm"]
[null,"Staircase steps",1,"x",21,{"v":1.28,"d":"1.280"},{"v":0.3,"d":"0.300"},{"v":0,"d":"0.000"},8.06,"Sqm"]
[]
[{"$nulls":9},"Sqm",{"$f":"'DATA 2024-25'!F709","v":787.52},"1Sqm",{"$f":"ROUND(I791*K791,0)","v":{"v":0,"d":"0.00"}}]
[27,"Providing skirting to internal walls to 15 cm height/risers of steps with chequrred terrazzo tiles length equal to flooring stones, set over base coat of CM (1:5) 12 mm thick with cement slurry of honey like consistency spread at the rate of 3.30 kgs per sqm and jointed with white cement paste mixed with pigment of matching shade to full depth, including cost of all materials like tiles, cement, sand and water etc., complete including seigniorage charges, etc., complete for finished item of work,"]
[null,"Qty.p.14 of M.B.No.174/B/ZP/16"]
[null,"Landing",1,"x",2,{"v":5.25,"d":"5.250"},{"v":0,"d":"0.000"},{"v":0.1,"d":"0.100"},{"$f":"ROUND(IF(AND(F794:H794),C794*E794*F794*G794*H794,IF(AND(F794,G794),C794*E794*F794*G794,IF(AND(F794,H794),C794*E794*F794*H794,IF(AND(G794,H794),C794*E794*G794*H794,IF(F794,C794*E794*F794,IF(G794,C794*E794*G794,IF(H794,C794*E794*H794,C794*E794))))))),2)","v":1.05},"Sqm"]
[null,"Verandah",1,"x",1,{"v":9.87,"d":"9.870"},{"v":0,"d":"0.000"},{"v":0.1,"d":"0.100"},0.99,"Sqm"]
[null,"Entrance steps risers",1,"x",5,{"v":2.72,"d":"2.720"},{"v":0,"d":"0.000"},{"v":0.17,"d":"0.170"},2.31,"Sqm"]
[null,"Godown steps risers",1,"x",5,{"v":2.5,"d":"2.500"},{"v":0,"d":"0.000"},{"v":0.17,"d":"0.170"},2.13,"Sqm"]
[null,"Staircase steps",1,"x",22,{"v":1.28,"d":"1.280"},{"v":0,"d":"0.000"},{"v":0.15,"d":"0.150"},4.22,"Sqm"]
[null,"Waiting room",1,"x",1,{"v":10.53,"d":"10.530"},{"v":0,"d":"0.000"},{"v":0.1,"d":"0.100"},1.05,"Sqm"]
[]
[{"$nulls":9},"Sqm",{"$f":"'DATA 2024-25'!F727","v":813.06},"1Sqm",{"$f":"ROUND(I801*K801,0)","v":{"v":0,"d":"0.00"}}]
[5,"Flooring with Ceramic non skid tiles of not less than 7-8mm thick 1st quality laid over floor bed / VRCC slab set over base coat of CM (1:8), 12mm thick and neat grey Cement slurry of honey like consistency spread @ 3.30 Kgs per Sqm & jointed with neat white Cement paste to full depth mixed with pigment of matching shade including c/c of all materials to site including cost of mixing of mortar and watering and levelling to proper slope and curing including all labour charges etc for finished item of work  "]
[null,"Qty.p.23 of M.B.No.190/A/ZP/20"]
[null,"Tiolet",1,"x",1,{"v":1.8,"d":"1.800"},{"v":1.2,"d":"1.200"},{"v":0,"d":"0.000"},{"$f":"ROUND(IF(AND(F804:H804),C804*E804*F804*G804*H804,IF(AND(F804,G804),C804*E804*F804*G804,IF(AND(F804,H804),C804*E804*F804*H804,IF(AND(G804,H804),C804*E804*G804*H804,IF(F804,C804*E804*F804,IF(G804,C804*E804*G804,IF(H804,C804*E804*H804,C804*E804))))))),2)","v":2.16},"Sqm"]
[]
[{"$nulls":9},"Sqm",{"$f":"'DATA 2024-25'!F785","v":889.81},"1Sqm",{"$f":"ROUND(I806*K806,0)","v":{"v":0,"d":"0.00"}}]
[6,"Providing Daddooing to walls with 5 to 7mm thick Glazed Ceramic wall tiles of 1st quality of 6mm thick set over base coat of CM (1:3) 12mm thick with Cement slurry of honey like consistency spread @ 3.30 Kgs per Sqm & jointed with neat white Cement paste to full depth mixed with pigment of matching shade including c/c of all materials to site, cost of all materials like tiles, Cement, sand and water etc complete for finished item of work  "]
[null,"Qty.p.24 of M.B.No.190/A/ZP/20"]
[null,"Tiolet walls",1,"x",1,{"v":6,"d":"6.000"},{"v":0,"d":"0.000"},{"v":2.1,"d":"2.100"},{"$f":"ROUND(IF(AND(F809:H809),C809*E809*F809*G809*H809,IF(AND(F809,G809),C809*E809*F809*G809,IF(AND(F809,H809),C809*E809*F809*H809,IF(AND(G809,H809),C809*E809*G809*H809,IF(F809,C809*E809*F809,IF(G809,C809*E809*G809,IF(H809,C809*E809*H809,C809*E809))))))),2)","v":{"v":12.6,"d":"12.60"}},"Sqm"]
[null,"Deduct door",1,"x",1,{"v":0.75,"d":"0.750"},{"v":0,"d":"0.000"},{"v":2.1,"d":"2.100"},{"$f":"-ROUND(IF(AND(F810:H810),C810*E810*F810*G810*H810,IF(AND(F810,G810),C810*E810*F810*G810,IF(AND(F810,H810),C810*E810*F810*H810,IF(AND(G810,H810),C810*E810*G810*H810,IF(F810,C810*E810*F810,IF(G810,C810*E810*G810,IF(H810,C810*E810*H810,C810*E810))))))),2)","v":-1.58},"Sqm"]
[]
[{"$nulls":9},"Sqm",{"$f":"'DATA 2024-25'!F802","v":509.65},"1Sqm",{"$f":"ROUND(I812*K812,0)","v":{"v":0,"d":"0.00"}}]
[27,"Flooring with pressed clay flooring tiles, set over base coat of cement mortar (1:8) 12 mm thick over CC bed already laid or RCC roof slab, including neat cement slurry of honey like consistency spread @ 3.3.kgs per sqm & jointed neatly with cement mixed with pigment of matching shade to full depth, including cost of all materials like cement, sand water and tiles etc., complete, for finished item of work,     "]
[null,"Qty.P.No. 53 of M.B.No.269/A/ZP/19"]
[null,"Roofing tiles",2,"x",0.5,{"v":0.96,"d":"0.960"},{"v":1,"d":"1.000"},{"v":0,"d":"0.000"},{"$f":"ROUND(IF(AND(F815:H815),C815*E815*F815*G815*H815,IF(AND(F815,G815),C815*E815*F815*G815,IF(AND(F815,H815),C815*E815*F815*H815,IF(AND(G815,H815),C815*E815*G815*H815,IF(F815,C815*E815*F815,IF(G815,C815*E815*G815,IF(H815,C815*E815*H815,C815*E815))))))),2)","v":0.96},"Sqm"]
[null,null,1,"x",2,{"v":3.6,"d":"3.600"},{"v":1.13,"d":"1.130"},{"v":0,"d":"0.000"},{"$f":"ROUND(IF(AND(F816:H816),C816*E816*F816*G816*H816,IF(AND(F816,G816),C816*E816*F816*G816,IF(AND(F816,H816),C816*E816*F816*H816,IF(AND(G816,H816),C816*E816*G816*H816,IF(F816,C816*E816*F816,IF(G816,C816*E816*G816,IF(H816,C816*E816*H816,C816*E816))))))),2)","v":8.14},"Sqm"]
[null,null,1,"x",2,{"v":1.96,"d":"1.960"},{"v":1,"d":"1.000"},{"v":0,"d":"0.000"},{"$f":"ROUND(IF(AND(F817:H817),C817*E817*F817*G817*H817,IF(AND(F817,G817),C817*E817*F817*G817,IF(AND(F817,H817),C817*E817*F817*H817,IF(AND(G817,H817),C817*E817*G817*H817,IF(F817,C817*E817*F817,IF(G817,C817*E817*G817,IF(H817,C817*E817*H817,C817*E817))))))),2)","v":3.92},"Sqm"]
[null,null,1,"x",2,{"v":1.33,"d":"1.330"},{"v":1.1,"d":"1.100"},{"v":0,"d":"0.000"},{"$f":"ROUND(IF(AND(F818:H818),C818*E818*F818*G818*H818,IF(AND(F818,G818),C818*E818*F818*G818,IF(AND(F818,H818),C818*E818*F818*H818,IF(AND(G818,H818),C818*E818*G818*H818,IF(F818,C818*E818*F818,IF(G818,C818*E818*G818,IF(H818,C818*E818*H818,C818*E818))))))),2)","v":2.93},"Sqm"]
[]
[{"$nulls":9},"Sqm",{"$f":"'DATA 2024-25'!F830","v":{"v":1428.3,"d":"1428.30"}},"1Sqm",{"$f":"ROUND(I820*K820,0)","v":{"v":0,"d":"0.00"}}]
[26,"White washing one coat with whiting of approved quality to give an even shade after thoroughly brushing the surface to remove all dirt and remains of loose powdered materials including cost of all materials, labour charges and incidental such as scaffolding, lift charges etc., complete for finished item of wor"]
[null,"Qty.p.17 of M.B.No.269/A/ZP/19"]
[null,"Hall",1,"x",1,{"v":8.5,"d":"8.500"},{"v":4.95,"d":"4.950"},{"v":0,"d":"0.000"},{"$f":"ROUND(IF(AND(F823:H823),C823*E823*F823*G823*H823,IF(AND(F823,G823),C823*E823*F823*G823,IF(AND(F823,H823),C823*E823*F823*H823,IF(AND(G823,H823),C823*E823*G823*H823,IF(F823,C823*E823*F823,IF(G823,C823*E823*G823,IF(H823,C823*E823*H823,C823*E823))))))),2)","v":42.08},"Sqm"]
[null,"Front projection",1,"x",1,{"v":5.5,"d":"5.500"},{"v":2.4,"d":"2.400"},{"v":0,"d":"0.000"},{"v":13.2,"d":"13.20"},"Sqm"]
[null,"Room-1",1,"x",1,{"v":3.15,"d":"3.150"},{"v":2.85,"d":"2.850"},{"v":0,"d":"0.000"},8.98,"Sqm"]
[null,"Room-2",1,"x",1,{"v":3.15,"d":"3.150"},{"v":2.75,"d":"2.750"},{"v":0,"d":"0.000"},8.66,"Sqm"]
[null,"Godown",1,"x",1,{"v":8.35,"d":"8.350"},{"v":3.35,"d":"3.350"},{"v":0,"d":"0.000"},27.97,"Sqm"]
[null,"Bottom of sunshades in Hall",1,"x",1,{"v":2.5,"d":"2.500"},{"v":0.5,"d":"0.500"},{"v":0,"d":"0.000"},1.25,"Sqm"]
[null,null,1,"x",1,{"v":2.5,"d":"2.500"},{"v":0.5,"d":"0.500"},{"v":0,"d":"0.000"},1.25,"Sqm"]
[null,null,1,"x",1,{"v":2.5,"d":"2.500"},{"v":0.5,"d":"0.500"},{"v":0,"d":"0.000"},1.25,"Sqm"]
[null,"Room-1",1,"x",1,{"v":2.5,"d":"2.500"},{"v":0.5,"d":"0.500"},{"v":0,"d":"0.000"},1.25,"Sqm"]
[null,"Room-2",1,"x",1,{"v":2.5,"d":"2.500"},{"v":0.5,"d":"0.500"},{"v":0,"d":"0.000"},1.25,"Sqm"]
[null,"Bottom of slab projection",1,"x",1,{"v":8.9,"d":"8.900"},{"v":0.9,"d":"0.900"},{"v":0,"d":"0.000"},8.01,"Sqm"]
[null,"Bottom of first flight",1,"x",1,{"v":2.9,"d":"2.900"},{"v":1.3,"d":"1.300"},{"v":0,"d":"0.000"},3.77,"Sqm"]
[null,"2nd flight",1,"x",1,{"v":2.9,"d":"2.900"},{"v":1.3,"d":"1.300"},{"v":0,"d":"0.000"},3.77,"Sqm"]
[null,"Qty.p.21 of M.B.No.269/A/ZP/19"]
[null,"Hall alround",1,"x",1,{"v":27.04,"d":"27.040"},{"v":0,"d":"0.000"},{"v":3.2,"d":"3.200"},{"$f":"ROUND(IF(AND(F837:H837),C837*E837*F837*G837*H837,IF(AND(F837,G837),C837*E837*F837*G837,IF(AND(F837,H837),C837*E837*F837*H837,IF(AND(G837,H837),C837*E837*G837*H837,IF(F837,C837*E837*F837,IF(G837,C837*E837*G837,IF(H837,C837*E837*H837,C837*E837))))))),2)","v":86.53},"Sqm"]
[null,"Room-1",1,"x",1,{"v":12.18,"d":"12.180"},{"v":0,"d":"0.000"},{"v":3.2,"d":"3.200"},38.98,"Sqm"]
[null,"Room-2",1,"x",1,{"v":12.1,"d":"12.100"},{"v":0,"d":"0.000"},{"v":3.2,"d":"3.200"},38.72,"Sqm"]
[null,"Godown 3 sides",1,"x",1,{"v":20.08,"d":"20.080"},{"v":0,"d":"0.000"},{"v":3.2,"d":"3.200"},64.26,"Sqm"]
[null,"Inside projection front side",1,"x",1,{"v":12.6,"d":"12.600"},{"v":0,"d":"0.000"},{"v":0.75,"d":"0.750"},9.45,"Sqm"]
[null,"Staircase inside",1,"x",1,{"v":3.27,"d":"3.270"},{"v":0,"d":"0.000"},{"v":3.2,"d":"3.200"},10.46,"Sqm"]
[null,null,1,"x",1,{"v":3.27,"d":"3.270"},{"v":0,"d":"0.000"},{"v":3.2,"d":"3.200"},10.46,"Sqm"]
[null,"Upto landing",1,"x",1,{"v":2.68,"d":"2.680"},{"v":0,"d":"0.000"},{"v":1.2,"d":"1.200"},3.22,"Sqm"]
[null,"Deduct door",1,"x",2,{"v":1.2,"d":"1.200"},{"v":0,"d":"0.000"},{"v":2.1,"d":"2.100"},{"$f":"-ROUND(IF(AND(F845:H845),C845*E845*F845*G845*H845,IF(AND(F845,G845),C845*E845*F845*G845,IF(AND(F845,H845),C845*E845*F845*H845,IF(AND(G845,H845),C845*E845*G845*H845,IF(F845,C845*E845*F845,IF(G845,C845*E845*G845,IF(H845,C845*E845*H845,C845*E845))))))),2)","v":-5.04},"Sqm"]
[null,"Deduct window",1,"x",5,{"v":1.5,"d":"1.500"},{"v":0,"d":"0.000"},{"v":1.35,"d":"1.350"},{"$f":"-ROUND(IF(AND(F846:H846),C846*E846*F846*G846*H846,IF(AND(F846,G846),C846*E846*F846*G846,IF(AND(F846,H846),C846*E846*F846*H846,IF(AND(G846,H846),C846*E846*G846*H846,IF(F846,C846*E846*F846,IF(G846,C846*E846*G846,IF(H846,C846*E846*H846,C846*E846))))))),2)","v":-10.13},"Sqm"]
[null,"Deduct ventilator",1,"x",10,{"v":0.6,"d":"0.600"},{"v":0,"d":"0.000"},{"v":0.3,"d":"0.300"},{"$f":"-ROUND(IF(AND(F847:H847),C847*E847*F847*G847*H847,IF(AND(F847,G847),C847*E847*F847*G847,IF(AND(F847,H847),C847*E847*F847*H847,IF(AND(G847,H847),C847*E847*G847*H847,IF(F847,C847*E847*F847,IF(G847,C847*E847*G847,IF(H847,C847*E847*H847,C847*E847))))))),2)","v":{"v":-1.8,"d":"-1.80"}},"Sqm"]
[null,"Deduct Main door",1,"x",1,{"v":1.2,"d":"1.200"},{"v":0,"d":"0.000"},{"v":2.1,"d":"2.100"},{"$f":"-ROUND(IF(AND(F848:H848),C848*E848*F848*G848*H848,IF(AND(F848,G848),C848*E848*F848*G848,IF(AND(F848,H848),C848*E848*F848*H848,IF(AND(G848,H848),C848*E848*G848*H848,IF(F848,C848*E848*F848,IF(G848,C848*E848*G848,IF(H848,C848*E848*H848,C848*E848))))))),2)","v":-2.52},"Sqm"]
[null,"Qty.p.23 of M.B.No.269/A/ZP/19"]
[null,"South side",1,"x",1,{"v":12.53,"d":"12.530"},{"v":0,"d":"0.000"},{"v":3.6,"d":"3.600"},{"$f":"ROUND(IF(AND(F850:H850),C850*E850*F850*G850*H850,IF(AND(F850,G850),C850*E850*F850*G850,IF(AND(F850,H850),C850*E850*F850*H850,IF(AND(G850,H850),C850*E850*G850*H850,IF(F850,C850*E850*F850,IF(G850,C850*E850*G850,IF(H850,C850*E850*H850,C850*E850))))))),2)","v":45.11},"Sqm"]
[null,"East side",1,"x",1,{"v":8.85,"d":"8.850"},{"v":0,"d":"0.000"},{"v":3.6,"d":"3.600"},{"$f":"ROUND(IF(AND(F851:H851),C851*E851*F851*G851*H851,IF(AND(F851,G851),C851*E851*F851*G851,IF(AND(F851,H851),C851*E851*F851*H851,IF(AND(G851,H851),C851*E851*G851*H851,IF(F851,C851*E851*F851,IF(G851,C851*E851*G851,IF(H851,C851*E851*H851,C851*E851))))))),2)","v":31.86},"Sqm"]
[null,"North side",1,"x",1,{"v":6.25,"d":"6.250"},{"v":0,"d":"0.000"},{"v":3.6,"d":"3.600"},{"$f":"ROUND(IF(AND(F852:H852),C852*E852*F852*G852*H852,IF(AND(F852,G852),C852*E852*F852*G852,IF(AND(F852,H852),C852*E852*F852*H852,IF(AND(G852,H852),C852*E852*G852*H852,IF(F852,C852*E852*F852,IF(G852,C852*E852*G852,IF(H852,C852*E852*H852,C852*E852))))))),2)","v":{"v":22.5,"d":"22.50"}},"Sqm"]
[null,"West side",1,"x",1,{"v":5.45,"d":"5.450"},{"v":0,"d":"0.000"},{"v":3.2,"d":"3.200"},{"$f":"ROUND(IF(AND(F853:H853),C853*E853*F853*G853*H853,IF(AND(F853,G853),C853*E853*F853*G853,IF(AND(F853,H853),C853*E853*F853*H853,IF(AND(G853,H853),C853*E853*G853*H853,IF(F853,C853*E853*F853,IF(G853,C853*E853*G853,IF(H853,C853*E853*H853,C853*E853))))))),2)","v":17.44},"Sqm"]
[]
[{"$nulls":9},"Sqm",{"$f":"'DATA 2024-25'!F860","v":28.94},"1Sqm",{"$f":"ROUND(I855*K855,0)","v":{"v":0,"d":"0.00"}}]
[7,"Providing and applying Wall putty of White Cement or Polymer or Cement based of average 1 to 2 mm thickness over plastered surface to prepare the surface even and smooth after thoroughly brushing the surface to remove all dirt and remains of loose powdered materials, applying emery paper, Sand the surface, clean & wipe off loose dust, applying knifing paste filler by putty knife / muslin pad, air dry for 2 - 3 hrs, sand with 180 and 320 No., emery paper for the surface preparation including cost and conveyance of all materials and all operational, incidental and all labour charges etc., complete for finished item of work in all floors for internal walls"]
[null,"Qty.p.26 of M.B.No.190/A/ZP/20"]
[null,"Inside of the building"]
[null,"Rest room",1,"x",2,{"v":3.37,"d":"3.370"},{"v":0,"d":"0.000"},{"v":3.15,"d":"3.150"},{"$f":"ROUND(IF(AND(F859:H859),C859*E859*F859*G859*H859,IF(AND(F859,G859),C859*E859*F859*G859,IF(AND(F859,H859),C859*E859*F859*H859,IF(AND(G859,H859),C859*E859*G859*H859,IF(F859,C859*E859*F859,IF(G859,C859*E859*G859,IF(H859,C859*E859*H859,C859*E859))))))),2)","v":21.23},"Sqm"]
[null,null,1,"x",2,{"v":3.37,"d":"3.370"},{"v":0,"d":"0.000"},{"v":3.15,"d":"3.150"},{"$f":"ROUND(IF(AND(F860:H860),C860*E860*F860*G860*H860,IF(AND(F860,G860),C860*E860*F860*G860,IF(AND(F860,H860),C860*E860*F860*H860,IF(AND(G860,H860),C860*E860*G860*H860,IF(F860,C860*E860*F860,IF(G860,C860*E860*G860,IF(H860,C860*E860*H860,C860*E860))))))),2)","v":21.23},"Sqm"]
[null,"Deduct door",1,"x",1,{"v":1.05,"d":"1.050"},{"v":0,"d":"0.000"},{"v":2.1,"d":"2.100"},{"$f":"-ROUND(IF(AND(F861:H861),C861*E861*F861*G861*H861,IF(AND(F861,G861),C861*E861*F861*G861,IF(AND(F861,H861),C861*E861*F861*H861,IF(AND(G861,H861),C861*E861*G861*H861,IF(F861,C861*E861*F861,IF(G861,C861*E861*G861,IF(H861,C861*E861*H861,C861*E861))))))),2)","v":-2.21},"Sqm"]
[null,"Deduct door",1,"x",1,{"v":0.75,"d":"0.750"},{"v":0,"d":"0.000"},{"v":2.1,"d":"2.100"},{"$f":"-ROUND(IF(AND(F862:H862),C862*E862*F862*G862*H862,IF(AND(F862,G862),C862*E862*F862*G862,IF(AND(F862,H862),C862*E862*F862*H862,IF(AND(G862,H862),C862*E862*G862*H862,IF(F862,C862*E862*F862,IF(G862,C862*E862*G862,IF(H862,C862*E862*H862,C862*E862))))))),2)","v":-1.58},"Sqm"]
[null,"Deduct window",1,"x",1,{"v":1.2,"d":"1.200"},{"v":0,"d":"0.000"},{"v":1.2,"d":"1.200"},{"$f":"-ROUND(IF(AND(F863:H863),C863*E863*F863*G863*H863,IF(AND(F863,G863),C863*E863*F863*G863,IF(AND(F863,H863),C863*E863*F863*H863,IF(AND(G863,H863),C863*E863*G863*H863,IF(F863,C863*E863*F863,IF(G863,C863*E863*G863,IF(H863,C863*E863*H863,C863*E863))))))),2)","v":-1.44},"Sqm"]
[null,"Dining Hall",1,"x",1,{"v":4.47,"d":"4.470"},{"v":0,"d":"0.000"},{"v":3.15,"d":"3.150"},{"$f":"ROUND(IF(AND(F864:H864),C864*E864*F864*G864*H864,IF(AND(F864,G864),C864*E864*F864*G864,IF(AND(F864,H864),C864*E864*F864*H864,IF(AND(G864,H864),C864*E864*G864*H864,IF(F864,C864*E864*F864,IF(G864,C864*E864*G864,IF(H864,C864*E864*H864,C864*E864))))))),2)","v":14.08},"Sqm"]
[null,null,1,"x",1,{"v":3.37,"d":"3.370"},{"v":0,"d":"0.000"},{"v":3.15,"d":"3.150"},10.62,"Sqm"]
[null,null,1,"x",1,{"v":2.07,"d":"2.070"},{"v":0,"d":"0.000"},{"v":3.15,"d":"3.150"},6.52,"Sqm"]
[null,null,1,"x",1,{"v":0.9,"d":"0.900"},{"v":0,"d":"0.000"},{"v":3.15,"d":"3.150"},2.84,"Sqm"]
[null,null,1,"x",1,{"v":0.55,"d":"0.550"},{"v":0,"d":"0.000"},{"v":3.15,"d":"3.150"},1.73,"Sqm"]
[null,"Deduct door",1,"x",1,{"v":1.05,"d":"1.050"},{"v":0,"d":"0.000"},{"v":2.1,"d":"2.100"},{"$f":"-ROUND(IF(AND(F869:H869),C869*E869*F869*G869*H869,IF(AND(F869,G869),C869*E869*F869*G869,IF(AND(F869,H869),C869*E869*F869*H869,IF(AND(G869,H869),C869*E869*G869*H869,IF(F869,C869*E869*F869,IF(G869,C869*E869*G869,IF(H869,C869*E869*H869,C869*E869))))))),2)","v":-2.21},"Sqm"]
[null,"Deduct window",1,"x",1,{"v":1.2,"d":"1.200"},{"v":0,"d":"0.000"},{"v":1.2,"d":"1.200"},{"$f":"-ROUND(IF(AND(F870:H870),C870*E870*F870*G870*H870,IF(AND(F870,G870),C870*E870*F870*G870,IF(AND(F870,H870),C870*E870*F870*H870,IF(AND(G870,H870),C870*E870*G870*H870,IF(F870,C870*E870*F870,IF(G870,C870*E870*G870,IF(H870,C870*E870*H870,C870*E870))))))),2)","v":-1.44},"Sqm"]
[null,"Hall",1,"x",2,{"v":6.75,"d":"6.750"},{"v":0,"d":"0.000"},{"v":3.15,"d":"3.150"},{"$f":"ROUND(IF(AND(F871:H871),C871*E871*F871*G871*H871,IF(AND(F871,G871),C871*E871*F871*G871,IF(AND(F871,H871),C871*E871*F871*H871,IF(AND(G871,H871),C871*E871*G871*H871,IF(F871,C871*E871*F871,IF(G871,C871*E871*G871,IF(H871,C871*E871*H871,C871*E871))))))),2)","v":42.53},"Sqm"]
[null,null,1,"x",2,{"v":3.3,"d":"3.300"},{"v":0,"d":"0.000"},{"v":3.15,"d":"3.150"},20.79,"Sqm"]
[null,null,1,"x",1,{"v":1.8,"d":"1.800"},{"v":0,"d":"0.000"},{"v":3.15,"d":"3.150"},5.67,"Sqm"]
[null,"Deduct door",1,"x",1,{"v":1.05,"d":"1.050"},{"v":0,"d":"0.000"},{"v":2.1,"d":"2.100"},{"$f":"-ROUND(IF(AND(F874:H874),C874*E874*F874*G874*H874,IF(AND(F874,G874),C874*E874*F874*G874,IF(AND(F874,H874),C874*E874*F874*H874,IF(AND(G874,H874),C874*E874*G874*H874,IF(F874,C874*E874*F874,IF(G874,C874*E874*G874,IF(H874,C874*E874*H874,C874*E874))))))),2)","v":-2.21},"Sqm"]
[null,"Deduct window",1,"x",2,{"v":1.2,"d":"1.200"},{"v":0,"d":"0.000"},{"v":1.2,"d":"1.200"},{"$f":"-ROUND(IF(AND(F875:H875),C875*E875*F875*G875*H875,IF(AND(F875,G875),C875*E875*F875*G875,IF(AND(F875,H875),C875*E875*F875*H875,IF(AND(G875,H875),C875*E875*G875*H875,IF(F875,C875*E875*F875,IF(G875,C875*E875*G875,IF(H875,C875*E875*H875,C875*E875))))))),2)","v":-2.88},"Sqm"]
[]
[{"$nulls":9},"Sqm",{"$f":"'DATA 2024-25'!F875","v":199.95},"1Sqm",{"$f":"ROUND(I877*K877,0)","v":{"v":0,"d":"0.00"}}]
[8,"Painting to new walls with 2 coats of acrylic Emulsion paint Asian or equivalent and shade over Priming coat with Cement primer water base interior Gr-1 Asian or equivalent on new plastered surface after throughly brushing the surace remove all dirt and remains of loose powdered materials including cost and conveyance of all materials to worksite and all oparational, incidental, labour charges etc complete for  finished item of work as per SS 911 for internal walls"]
[null,"Qty.p.29 of M.B.No.190/A/ZP/20"]
[null,"ZPTC room",1,"x",1,{"v":3.37,"d":"3.370"},{"v":3.37,"d":"3.370"},{"v":0,"d":"0.000"},{"$f":"ROUND(IF(AND(F880:H880),C880*E880*F880*G880*H880,IF(AND(F880,G880),C880*E880*F880*G880,IF(AND(F880,H880),C880*E880*F880*H880,IF(AND(G880,H880),C880*E880*G880*H880,IF(F880,C880*E880*F880,IF(G880,C880*E880*G880,IF(H880,C880*E880*H880,C880*E880))))))),2)","v":11.36},"Sqm"]
[null,"Tiolet",1,"x",1,{"v":1.8,"d":"1.800"},{"v":1.2,"d":"1.200"},{"v":0,"d":"0.000"},2.16,"Sqm"]
[null,"above tiles",1,"x",1,{"v":6,"d":"6.000"},{"v":0,"d":"0.000"},{"v":1.05,"d":"1.050"},{"$f":"ROUND(IF(AND(F882:H882),C882*E882*F882*G882*H882,IF(AND(F882,G882),C882*E882*F882*G882,IF(AND(F882,H882),C882*E882*F882*H882,IF(AND(G882,H882),C882*E882*G882*H882,IF(F882,C882*E882*F882,IF(G882,C882*E882*G882,IF(H882,C882*E882*H882,C882*E882))))))),2)","v":{"v":6.3,"d":"6.30"}},"Sqm"]
[null,"Tiolet outside",1,"x",1,{"v":1.47,"d":"1.470"},{"v":2.05,"d":"2.050"},{"v":0,"d":"0.000"},3.01,"Sqm"]
[null,null,1,"x",1,{"v":3.37,"d":"3.370"},{"v":1.35,"d":"1.350"},{"v":0,"d":"0.000"},4.55,"Sqm"]
[null,"Hall",1,"x",1,{"v":6.75,"d":"6.750"},{"v":3.3,"d":"3.300"},{"v":0,"d":"0.000"},22.28,"Sqm"]
[null,"Rest room",1,"x",2,{"v":3.37,"d":"3.370"},{"v":0,"d":"0.000"},{"v":3.15,"d":"3.150"},{"$f":"ROUND(IF(AND(F886:H886),C886*E886*F886*G886*H886,IF(AND(F886,G886),C886*E886*F886*G886,IF(AND(F886,H886),C886*E886*F886*H886,IF(AND(G886,H886),C886*E886*G886*H886,IF(F886,C886*E886*F886,IF(G886,C886*E886*G886,IF(H886,C886*E886*H886,C886*E886))))))),2)","v":21.23},"Sqm"]
[null,null,1,"x",2,{"v":3.37,"d":"3.370"},{"v":0,"d":"0.000"},{"v":3.15,"d":"3.150"},{"$f":"ROUND(IF(AND(F887:H887),C887*E887*F887*G887*H887,IF(AND(F887,G887),C887*E887*F887*G887,IF(AND(F887,H887),C887*E887*F887*H887,IF(AND(G887,H887),C887*E887*G887*H887,IF(F887,C887*E887*F887,IF(G887,C887*E887*G887,IF(H887,C887*E887*H887,C887*E887))))))),2)","v":21.23},"Sqm"]
[null,"Deduct door",1,"x",1,{"v":1.05,"d":"1.050"},{"v":0,"d":"0.000"},{"v":2.1,"d":"2.100"},{"$f":"-ROUND(IF(AND(F888:H888),C888*E888*F888*G888*H888,IF(AND(F888,G888),C888*E888*F888*G888,IF(AND(F888,H888),C888*E888*F888*H888,IF(AND(G888,H888),C888*E888*G888*H888,IF(F888,C888*E888*F888,IF(G888,C888*E888*G888,IF(H888,C888*E888*H888,C888*E888))))))),2)","v":-2.21},"Sqm"]
[null,"Deduct door",1,"x",1,{"v":0.75,"d":"0.750"},{"v":0,"d":"0.000"},{"v":2.1,"d":"2.100"},{"$f":"-ROUND(IF(AND(F889:H889),C889*E889*F889*G889*H889,IF(AND(F889,G889),C889*E889*F889*G889,IF(AND(F889,H889),C889*E889*F889*H889,IF(AND(G889,H889),C889*E889*G889*H889,IF(F889,C889*E889*F889,IF(G889,C889*E889*G889,IF(H889,C889*E889*H889,C889*E889))))))),2)","v":-1.58},"Sqm"]
[null,"Deduct window",1,"x",1,{"v":1.2,"d":"1.200"},{"v":0,"d":"0.000"},{"v":1.2,"d":"1.200"},{"$f":"-ROUND(IF(AND(F890:H890),C890*E890*F890*G890*H890,IF(AND(F890,G890),C890*E890*F890*G890,IF(AND(F890,H890),C890*E890*F890*H890,IF(AND(G890,H890),C890*E890*G890*H890,IF(F890,C890*E890*F890,IF(G890,C890*E890*G890,IF(H890,C890*E890*H890,C890*E890))))))),2)","v":-1.44},"Sqm"]
[null,"Tiolet",1,"x",1,{"v":1.8,"d":"1.800"},{"v":0,"d":"0.000"},{"v":0.75,"d":"0.750"},{"$f":"ROUND(IF(AND(F891:H891),C891*E891*F891*G891*H891,IF(AND(F891,G891),C891*E891*F891*G891,IF(AND(F891,H891),C891*E891*F891*H891,IF(AND(G891,H891),C891*E891*G891*H891,IF(F891,C891*E891*F891,IF(G891,C891*E891*G891,IF(H891,C891*E891*H891,C891*E891))))))),2)","v":1.35},"Sqm"]
[null,null,1,"x",2,{"v":1.2,"d":"1.200"},{"v":0,"d":"0.000"},{"v":3.15,"d":"3.150"},7.56,"Sqm"]
[null,"Deduct door",1,"x",1,{"v":0.75,"d":"0.750"},{"v":0,"d":"0.000"},{"v":2.1,"d":"2.100"},{"$f":"-ROUND(IF(AND(F893:H893),C893*E893*F893*G893*H893,IF(AND(F893,G893),C893*E893*F893*G893,IF(AND(F893,H893),C893*E893*F893*H893,IF(AND(G893,H893),C893*E893*G893*H893,IF(F893,C893*E893*F893,IF(G893,C893*E893*G893,IF(H893,C893*E893*H893,C893*E893))))))),2)","v":-1.58},"Sqm"]
[null,"Deduct ventilators",1,"x",1,{"v":0.6,"d":"0.600"},{"v":0,"d":"0.000"},{"v":0.3,"d":"0.300"},{"$f":"-ROUND(IF(AND(F894:H894),C894*E894*F894*G894*H894,IF(AND(F894,G894),C894*E894*F894*G894,IF(AND(F894,H894),C894*E894*F894*H894,IF(AND(G894,H894),C894*E894*G894*H894,IF(F894,C894*E894*F894,IF(G894,C894*E894*G894,IF(H894,C894*E894*H894,C894*E894))))))),2)","v":-0.18},"Sqm"]
[null,"Dining Hall",1,"x",1,{"v":4.47,"d":"4.470"},{"v":0,"d":"0.000"},{"v":3.15,"d":"3.150"},{"$f":"ROUND(IF(AND(F895:H895),C895*E895*F895*G895*H895,IF(AND(F895,G895),C895*E895*F895*G895,IF(AND(F895,H895),C895*E895*F895*H895,IF(AND(G895,H895),C895*E895*G895*H895,IF(F895,C895*E895*F895,IF(G895,C895*E895*G895,IF(H895,C895*E895*H895,C895*E895))))))),2)","v":14.08},"Sqm"]
[null,null,1,"x",1,{"v":3.37,"d":"3.370"},{"v":0,"d":"0.000"},{"v":3.15,"d":"3.150"},10.62,"Sqm"]
[null,null,1,"x",1,{"v":2.07,"d":"2.070"},{"v":0,"d":"0.000"},{"v":3.15,"d":"3.150"},6.52,"Sqm"]
[null,null,1,"x",1,{"v":0.9,"d":"0.900"},{"v":0,"d":"0.000"},{"v":3.15,"d":"3.150"},2.84,"Sqm"]
[null,null,1,"x",1,{"v":0.55,"d":"0.550"},{"v":0,"d":"0.000"},{"v":3.15,"d":"3.150"},1.73,"Sqm"]
[null,"Deduct door",1,"x",1,{"v":1.05,"d":"1.050"},{"v":0,"d":"0.000"},{"v":2.1,"d":"2.100"},{"$f":"-ROUND(IF(AND(F900:H900),C900*E900*F900*G900*H900,IF(AND(F900,G900),C900*E900*F900*G900,IF(AND(F900,H900),C900*E900*F900*H900,IF(AND(G900,H900),C900*E900*G900*H900,IF(F900,C900*E900*F900,IF(G900,C900*E900*G900,IF(H900,C900*E900*H900,C900*E900))))))),2)","v":-2.21},"Sqm"]
[null,"Deduct window",1,"x",1,{"v":1.2,"d":"1.200"},{"v":0,"d":"0.000"},{"v":1.2,"d":"1.200"},{"$f":"-ROUND(IF(AND(F901:H901),C901*E901*F901*G901*H901,IF(AND(F901,G901),C901*E901*F901*G901,IF(AND(F901,H901),C901*E901*F901*H901,IF(AND(G901,H901),C901*E901*G901*H901,IF(F901,C901*E901*F901,IF(G901,C901*E901*G901,IF(H901,C901*E901*H901,C901*E901))))))),2)","v":-1.44},"Sqm"]
[null,"Hall",1,"x",2,{"v":6.75,"d":"6.750"},{"v":0,"d":"0.000"},{"v":3.15,"d":"3.150"},{"$f":"ROUND(IF(AND(F902:H902),C902*E902*F902*G902*H902,IF(AND(F902,G902),C902*E902*F902*G902,IF(AND(F902,H902),C902*E902*F902*H902,IF(AND(G902,H902),C902*E902*G902*H902,IF(F902,C902*E902*F902,IF(G902,C902*E902*G902,IF(H902,C902*E902*H902,C902*E902))))))),2)","v":42.53},"Sqm"]
[null,null,1,"x",2,{"v":3.3,"d":"3.300"},{"v":0,"d":"0.000"},{"v":3.15,"d":"3.150"},20.79,"Sqm"]
[null,"hDeduct gap",1,"x",1,{"v":1.8,"d":"1.800"},{"v":0,"d":"0.000"},{"v":2.1,"d":"2.100"},{"$f":"-ROUND(IF(AND(F904:H904),C904*E904*F904*G904*H904,IF(AND(F904,G904),C904*E904*F904*G904,IF(AND(F904,H904),C904*E904*F904*H904,IF(AND(G904,H904),C904*E904*G904*H904,IF(F904,C904*E904*F904,IF(G904,C904*E904*G904,IF(H904,C904*E904*H904,C904*E904))))))),2)","v":-3.78},"Sqm"]
[null,"Deduct door",1,"x",1,{"v":1.05,"d":"1.050"},{"v":0,"d":"0.000"},{"v":2.1,"d":"2.100"},{"$f":"-ROUND(IF(AND(F905:H905),C905*E905*F905*G905*H905,IF(AND(F905,G905),C905*E905*F905*G905,IF(AND(F905,H905),C905*E905*F905*H905,IF(AND(G905,H905),C905*E905*G905*H905,IF(F905,C905*E905*F905,IF(G905,C905*E905*G905,IF(H905,C905*E905*H905,C905*E905))))))),2)","v":-2.21},"Sqm"]
[null,"Deduct window",1,"x",2,{"v":1.2,"d":"1.200"},{"v":0,"d":"0.000"},{"v":1.2,"d":"1.200"},{"$f":"-ROUND(IF(AND(F906:H906),C906*E906*F906*G906*H906,IF(AND(F906,G906),C906*E906*F906*G906,IF(AND(F906,H906),C906*E906*F906*H906,IF(AND(G906,H906),C906*E906*G906*H906,IF(F906,C906*E906*F906,IF(G906,C906*E906*G906,IF(H906,C906*E906*H906,C906*E906))))))),2)","v":-2.88},"Sqm"]
[{"$nulls":8},{"$f":"SUBTOTAL(9,I880:I906)","v":{"v":0,"d":"0.00"}},"Sqm"]
[{"$nulls":7},"Ltd to",null,"Sqm",{"$f":"'DATA 2024-25'!F911","v":201.45},"1Sqm",{"$f":"ROUND(I908*K908,0)","v":{"v":0,"d":"0.00"}}]
[9,"Painting to new walls with 2 coats of acrylic Emulsion paint Asian or equivalent and shade over Priming coat with Cement primer water base interior Gr-1 Asian or equivalent on new plastered surface after throughly brushing the surace remove all dirt and remains of loose powdered materials including cost and conveyance of all materials to worksite and all oparational, incidental, labour charges etc complete for  finished item of work as per SS 911 for external walls"]
[null,"Qty.p.30 of M.B.No.190/A/ZP/20"]
[null,"Long walls",1,"x",2,{"v":7.23,"d":"7.230"},{"v":0,"d":"0.000"},{"v":3.2,"d":"3.200"},{"$f":"ROUND(IF(AND(F911:H911),C911*E911*F911*G911*H911,IF(AND(F911,G911),C911*E911*F911*G911,IF(AND(F911,H911),C911*E911*F911*H911,IF(AND(G911,H911),C911*E911*G911*H911,IF(F911,C911*E911*F911,IF(G911,C911*E911*G911,IF(H911,C911*E911*H911,C911*E911))))))),2)","v":46.27},"Sqm"]
[null,"cross walls",1,"x",2,{"v":7.21,"d":"7.210"},{"v":0,"d":"0.000"},{"v":3.2,"d":"3.200"},46.14,"Sqm"]
[null,"Sunshades",1,"x",3,{"v":1.5,"d":"1.500"},{"v":0.55,"d":"0.550"},{"v":0,"d":"0.000"},{"$f":"ROUND(IF(AND(F913:H913),C913*E913*F913*G913*H913,IF(AND(F913,G913),C913*E913*F913*G913,IF(AND(F913,H913),C913*E913*F913*H913,IF(AND(G913,H913),C913*E913*G913*H913,IF(F913,C913*E913*F913,IF(G913,C913*E913*G913,IF(H913,C913*E913*H913,C913*E913))))))),2)","v":2.48},"Sqm"]
[null,"Slab projection",1,"x",1,{"v":6.15,"d":"6.150"},{"v":1.65,"d":"1.650"},{"v":0,"d":"0.000"},{"$f":"ROUND(IF(AND(F914:H914),C914*E914*F914*G914*H914,IF(AND(F914,G914),C914*E914*F914*G914,IF(AND(F914,H914),C914*E914*F914*H914,IF(AND(G914,H914),C914*E914*G914*H914,IF(F914,C914*E914*F914,IF(G914,C914*E914*G914,IF(H914,C914*E914*H914,C914*E914))))))),2)","v":10.15},"Sqm"]
[]
[{"$nulls":9},"Sqm",{"$f":"'DATA 2024-25'!F926","v":{"v":276.7,"d":"276.70"}},"1Sqm",{"$f":"ROUND(I916*K916,0)","v":{"v":0,"d":"0.00"}}]
[10,"Supplying and fixing Gyp Board Suspended regular single layer false ceiling (GS-MFSC-4.1 as per India Gypsum) using 12.5 mm thick Gyp Board conforming to IS 2095 - 1982 fixing to Gyp steel GI perimeter channels of size 20 mm x 27 mm x 30 mm(web)  of 0.55 mm thick along the perimeter of ceiling screw fixed to brick work/ partition at 610 mm c/c and suspending the frame work using Intermediate channels (45 mm x 15mm x 15mm x 0.9 mm) from soffit at 1220 mm c/c with ceiling angle (25 mm x 10 mm x 0.55 mm) fixed with GI Cleat and steel expansion fasteners & connecting clip to the ceiling channels (with knurled web of 51.5 mm x 26 mm x 10.5 mm x 0.55 mm) fixed in direction perpendicular to the intermediate channel at 457 mm c/c and fixing the 12.5 mm tapered edge Gypboard with 25 mm drywall screws at 230 mm c/c & jointing and finishing using joint compound and paper tape to have a flush look including filling the tapered & square edges with jointing compound, two coats of drywall topcoat complete for finished item of work as per Idia Gypsum Ltd specification."]
[null,"Qty.p.7 of M.B.No.190/A/ZP/20"]
[null,"Rest room",1,"x",1,{"v":3.37,"d":"3.370"},{"v":3.37,"d":"3.370"},{"v":0,"d":"0.000"},{"$f":"ROUND(IF(AND(F919:H919),C919*E919*F919*G919*H919,IF(AND(F919,G919),C919*E919*F919*G919,IF(AND(F919,H919),C919*E919*F919*H919,IF(AND(G919,H919),C919*E919*G919*H919,IF(F919,C919*E919*F919,IF(G919,C919*E919*G919,IF(H919,C919*E919*H919,C919*E919))))))),2)","v":11.36},"Sqm"]
[null,"hall",1,"x",1,{"v":6.75,"d":"6.750"},{"v":3.3,"d":"3.300"},{"v":0,"d":"0.000"},{"$f":"ROUND(IF(AND(F920:H920),C920*E920*F920*G920*H920,IF(AND(F920,G920),C920*E920*F920*G920,IF(AND(F920,H920),C920*E920*F920*H920,IF(AND(G920,H920),C920*E920*G920*H920,IF(F920,C920*E920*F920,IF(G920,C920*E920*G920,IF(H920,C920*E920*H920,C920*E920))))))),2)","v":22.28},"Sqm"]
[]
[{"$nulls":9},"Sqm",{"$f":"'DATA 2024-25'!G1017","v":{"v":1760.4100000000003,"d":"1760.41"}},"1Sqm",{"$f":"ROUND(I922*K922,0)","v":{"v":0,"d":"0.00"}}]
[11,"Supplying, fitting & placing HYSD bar reinforcement in foundation complete including labour charges for cutting, bending to required sizes and shapes, placing in position and tying with binding wire, forming grills for reinforcement work including c/c of steel bars below 36mm dia including overlaps and wastage, where they are not welded "]
[null,null,"First floor",{"$nulls":5},{"v":1600,"d":"1600.00"},"Kgs"]
[]
[{"$nulls":9},"Kgs"]
[{"$nulls":7},"Or",{"$f":"ROUND(I926/1000,2)","v":{"v":0,"d":"0.00"}},"MT",{"$f":"'DATA 2024-25'!F335","v":87686.92},"1MT",{"$f":"ROUND(I927*K927,0)","v":{"v":0,"d":"0.00"}}]
[null,"SECOND FLOOR"]
[1,"Reinforced Cement Concrete  M20 Nominal mix (Cement: Sand: Metal) corresponding Table 9 of IS 456 using 20mm size graded machine crushed hard granite metal from approved quarry including c/c of all materials like Cement, Sand, coarse aggregate, water etc to site, all marerials including labour charges such as machine mixing, laying concrete, curing etc complete but excluding cost of steel and its fabrication charges for finished item of work for Columns etc., complete"]
[null,"Qty.p.100  of M.B.No.220/A/ZP/19"]
[null,"Head room column",1,"x",4,{"v":0.38,"d":"0.380"},{"v":0.23,"d":"0.230"},{"v":2.4,"d":"2.400"},{"$f":"ROUND(IF(AND(F931:H931),C931*E931*F931*G931*H931,IF(AND(F931,G931),C931*E931*F931*G931,IF(AND(F931,H931),C931*E931*F931*H931,IF(AND(G931,H931),C931*E931*G931*H931,IF(F931,C931*E931*F931,IF(G931,C931*E931*G931,IF(H931,C931*E931*H931,C931*E931))))))),2)","v":0.84},"Cum"]
[]
[{"$nulls":9},"Cum",{"$f":"'DATA 2024-25'!G191","v":14516.07},"1Cum",{"$f":"ROUND(I933*K933,0)","v":{"v":0,"d":"0.00"}}]
[10,"~do~ for  Beams etc., complete"]
[null,"Qty.p.94  of M.B.No.220/A/ZP/19"]
[null,"Head room beams",1,"x",2,{"v":4.2,"d":"4.200"},{"v":0.23,"d":"0.230"},{"v":0.3,"d":"0.300"},{"$f":"ROUND(IF(AND(F936:H936),C936*E936*F936*G936*H936,IF(AND(F936,G936),C936*E936*F936*G936,IF(AND(F936,H936),C936*E936*F936*H936,IF(AND(G936,H936),C936*E936*G936*H936,IF(F936,C936*E936*F936,IF(G936,C936*E936*G936,IF(H936,C936*E936*H936,C936*E936))))))),2)","v":0.58},"Cum"]
[null,null,1,"x",2,{"v":3.2,"d":"3.200"},{"v":0.23,"d":"0.230"},{"v":0.3,"d":"0.300"},{"$f":"ROUND(IF(AND(F937:H937),C937*E937*F937*G937*H937,IF(AND(F937,G937),C937*E937*F937*G937,IF(AND(F937,H937),C937*E937*F937*H937,IF(AND(G937,H937),C937*E937*G937*H937,IF(F937,C937*E937*F937,IF(G937,C937*E937*G937,IF(H937,C937*E937*H937,C937*E937))))))),2)","v":0.44},"Cum"]
[]
[{"$nulls":9},"Cum",{"$f":"'DATA 2024-25'!G220","v":{"v":13193.910000000002,"d":"13193.91"}},"1Cum",{"$f":"ROUND(I939*K939,0)","v":{"v":0,"d":"0.00"}}]
[11,"~do~ for  Waist slab 150mm thick etc., complete"]
[null,"Qty.p.26 of M.B.No.269/A/ZP/19"]
[null,"Landing slab",1,"x",1,{"v":3.23,"d":"3.230"},{"v":1.28,"d":"1.280"},{"v":0,"d":"0.000"},{"$f":"ROUND(IF(AND(F942:H942),C942*E942*F942*G942*H942,IF(AND(F942,G942),C942*E942*F942*G942,IF(AND(F942,H942),C942*E942*F942*H942,IF(AND(G942,H942),C942*E942*G942*H942,IF(F942,C942*E942*F942,IF(G942,C942*E942*G942,IF(H942,C942*E942*H942,C942*E942))))))),2)","v":4.13},"Sqm"]
[null,"1st flight",1,"x",1,{"v":2.72,"d":"2.720"},{"v":1,"d":"1.000"},{"v":0,"d":"0.000"},{"$f":"ROUND(IF(AND(F943:H943),C943*E943*F943*G943*H943,IF(AND(F943,G943),C943*E943*F943*G943,IF(AND(F943,H943),C943*E943*F943*H943,IF(AND(G943,H943),C943*E943*G943*H943,IF(F943,C943*E943*F943,IF(G943,C943*E943*G943,IF(H943,C943*E943*H943,C943*E943))))))),2)","v":2.72},"Sqm"]
[null,"Qty.p.37 of M.B.No.269/A/ZP/19"]
[null,"2nd flight",1,"x",1,{"v":3.23,"d":"3.230"},{"v":1.28,"d":"1.280"},{"v":0,"d":"0.000"},{"$f":"ROUND(IF(AND(F945:H945),C945*E945*F945*G945*H945,IF(AND(F945,G945),C945*E945*F945*G945,IF(AND(F945,H945),C945*E945*F945*H945,IF(AND(G945,H945),C945*E945*G945*H945,IF(F945,C945*E945*F945,IF(G945,C945*E945*G945,IF(H945,C945*E945*H945,C945*E945))))))),2)","v":4.13},"Sqm"]
[]
[{"$nulls":9},"Sqm",{"$f":"'DATA 2024-25'!G244","v":{"v":1493.3500000000001,"d":"1493.35"}},"1Sqm",{"$f":"ROUND(I947*K947,0)","v":{"v":0,"d":"0.00"}}]
[2,"~do~ for  Roof slab 125mm thick etc., complete"]
[null,"Qty.p.6  of M.B.No.482/A/ZP/19"]
[null,"Head room slab",1,"x",1,{"v":4.35,"d":"4.350"},{"v":4.2,"d":"4.200"},{"v":0,"d":"0.000"},{"$f":"ROUND(IF(AND(F950:H950),C950*E950*F950*G950*H950,IF(AND(F950,G950),C950*E950*F950*G950,IF(AND(F950,H950),C950*E950*F950*H950,IF(AND(G950,H950),C950*E950*G950*H950,IF(F950,C950*E950*F950,IF(G950,C950*E950*G950,IF(H950,C950*E950*H950,C950*E950))))))),2)","v":18.27},"Sqm"]
[]
[{"$nulls":9},"Sqm",{"$f":"'DATA 2024-25'!G236","v":1705.18},"1Sqm",{"$f":"ROUND(I952*K952,0)","v":{"v":0,"d":"0.00"}}]
[13,"~do~ for  Roof slab 100mm thick etc., complete"]
[null,"Qty.p.95 of M.B.No.269/A/ZP/19"]
[null,"Septic tank",1,"x",1,{"v":3.95,"d":"3.950"},{"v":2.1,"d":"2.100"},{"v":0,"d":"0.000"},{"$f":"ROUND(IF(AND(F955:H955),C955*E955*F955*G955*H955,IF(AND(F955,G955),C955*E955*F955*G955,IF(AND(F955,H955),C955*E955*F955*H955,IF(AND(G955,H955),C955*E955*G955*H955,IF(F955,C955*E955*F955,IF(G955,C955*E955*G955,IF(H955,C955*E955*H955,C955*E955))))))),2)","v":{"v":8.3,"d":"8.30"}},"Sqm"]
[]
[{"$nulls":9},"Sqm",{"$f":"'DATA 2024-25'!G228","v":1346.06},"1Sqm",{"$f":"ROUND(I957*K957,0)","v":{"v":0,"d":"0.00"}}]
[16,"~do~ for  Roof slab 50mm thick etc., complete"]
[null,"Qty.p.62 of M.B.No.269/A/ZP/19"]
[null,"50mm thick",1,"x",5,{"v":1.52,"d":"1.520"},{"v":0.23,"d":"0.230"},{"v":0,"d":"0.000"},{"$f":"ROUND(IF(AND(F960:H960),C960*E960*F960*G960*H960,IF(AND(F960,G960),C960*E960*F960*G960,IF(AND(F960,H960),C960*E960*F960*H960,IF(AND(G960,H960),C960*E960*G960*H960,IF(F960,C960*E960*F960,IF(G960,C960*E960*G960,IF(H960,C960*E960*H960,C960*E960))))))),2)","v":1.75},"Sqm"]
[null,null,1,"x",4,{"v":1.83,"d":"1.830"},{"v":0.23,"d":"0.230"},{"v":0,"d":"0.000"},{"$f":"ROUND(IF(AND(F961:H961),C961*E961*F961*G961*H961,IF(AND(F961,G961),C961*E961*F961*G961,IF(AND(F961,H961),C961*E961*F961*H961,IF(AND(G961,H961),C961*E961*G961*H961,IF(F961,C961*E961*F961,IF(G961,C961*E961*G961,IF(H961,C961*E961*H961,C961*E961))))))),2)","v":1.68},"Sqm"]
[null,"Qty.p.67 of M.B.No.269/A/ZP/19"]
[null,"50mm thick",1,"x",8,{"v":1.52,"d":"1.520"},{"v":0.23,"d":"0.230"},{"v":0,"d":"0.000"},{"$f":"ROUND(IF(AND(F963:H963),C963*E963*F963*G963*H963,IF(AND(F963,G963),C963*E963*F963*G963,IF(AND(F963,H963),C963*E963*F963*H963,IF(AND(G963,H963),C963*E963*G963*H963,IF(F963,C963*E963*F963,IF(G963,C963*E963*G963,IF(H963,C963*E963*H963,C963*E963))))))),2)","v":{"v":2.8,"d":"2.80"}},"Sqm"]
[null,"Qty.p.95 of M.B.No.269/A/ZP/19"]
[null,"Ramp slope",1,"x",1,{"v":2.7,"d":"2.700"},{"v":1.52,"d":"1.520"},{"v":0,"d":"0.000"},{"$f":"ROUND(IF(AND(F965:H965),C965*E965*F965*G965*H965,IF(AND(F965,G965),C965*E965*F965*G965,IF(AND(F965,H965),C965*E965*F965*H965,IF(AND(G965,H965),C965*E965*G965*H965,IF(F965,C965*E965*F965,IF(G965,C965*E965*G965,IF(H965,C965*E965*H965,C965*E965))))))),2)","v":{"v":4.1,"d":"4.10"}},"Sqm"]
[null,"For water tank",1,"x",1,{"v":1.4,"d":"1.400"},{"v":1.4,"d":"1.400"},{"v":0,"d":"0.000"},{"$f":"ROUND(IF(AND(F966:H966),C966*E966*F966*G966*H966,IF(AND(F966,G966),C966*E966*F966*G966,IF(AND(F966,H966),C966*E966*F966*H966,IF(AND(G966,H966),C966*E966*G966*H966,IF(F966,C966*E966*F966,IF(G966,C966*E966*G966,IF(H966,C966*E966*H966,C966*E966))))))),2)","v":1.96},"Sqm"]
[]
[{"$nulls":9},"Sqm",{"$f":"'DATA 2024-25'!G291","v":{"v":1052.8200000000002,"d":"1052.82"}},"1Sqm",{"$f":"ROUND(I968*K968,0)","v":{"v":0,"d":"0.00"}}]
[16,"~do~ for  Roof slab 25mm thick etc., complete"]
[null,"Qty.p.62 of M.B.No.269/A/ZP/19"]
[null,"50mm thick",1,"x",5,{"v":1.52,"d":"1.520"},{"v":0.23,"d":"0.230"},{"v":0,"d":"0.000"},{"$f":"ROUND(IF(AND(F971:H971),C971*E971*F971*G971*H971,IF(AND(F971,G971),C971*E971*F971*G971,IF(AND(F971,H971),C971*E971*F971*H971,IF(AND(G971,H971),C971*E971*G971*H971,IF(F971,C971*E971*F971,IF(G971,C971*E971*G971,IF(H971,C971*E971*H971,C971*E971))))))),2)","v":1.75},"Sqm"]
[null,null,1,"x",4,{"v":1.83,"d":"1.830"},{"v":0.23,"d":"0.230"},{"v":0,"d":"0.000"},{"$f":"ROUND(IF(AND(F972:H972),C972*E972*F972*G972*H972,IF(AND(F972,G972),C972*E972*F972*G972,IF(AND(F972,H972),C972*E972*F972*H972,IF(AND(G972,H972),C972*E972*G972*H972,IF(F972,C972*E972*F972,IF(G972,C972*E972*G972,IF(H972,C972*E972*H972,C972*E972))))))),2)","v":1.68},"Sqm"]
[null,"Qty.p.67 of M.B.No.269/A/ZP/19"]
[null,"50mm thick",1,"x",8,{"v":1.52,"d":"1.520"},{"v":0.23,"d":"0.230"},{"v":0,"d":"0.000"},{"$f":"ROUND(IF(AND(F974:H974),C974*E974*F974*G974*H974,IF(AND(F974,G974),C974*E974*F974*G974,IF(AND(F974,H974),C974*E974*F974*H974,IF(AND(G974,H974),C974*E974*G974*H974,IF(F974,C974*E974*F974,IF(G974,C974*E974*G974,IF(H974,C974*E974*H974,C974*E974))))))),2)","v":{"v":2.8,"d":"2.80"}},"Sqm"]
[null,"Qty.p.95 of M.B.No.269/A/ZP/19"]
[null,"Ramp slope",1,"x",1,{"v":2.7,"d":"2.700"},{"v":1.52,"d":"1.520"},{"v":0,"d":"0.000"},{"$f":"ROUND(IF(AND(F976:H976),C976*E976*F976*G976*H976,IF(AND(F976,G976),C976*E976*F976*G976,IF(AND(F976,H976),C976*E976*F976*H976,IF(AND(G976,H976),C976*E976*G976*H976,IF(F976,C976*E976*F976,IF(G976,C976*E976*G976,IF(H976,C976*E976*H976,C976*E976))))))),2)","v":{"v":4.1,"d":"4.10"}},"Sqm"]
[null,"For water tank",1,"x",1,{"v":1.4,"d":"1.400"},{"v":1.4,"d":"1.400"},{"v":0,"d":"0.000"},{"$f":"ROUND(IF(AND(F977:H977),C977*E977*F977*G977*H977,IF(AND(F977,G977),C977*E977*F977*G977,IF(AND(F977,H977),C977*E977*F977*H977,IF(AND(G977,H977),C977*E977*G977*H977,IF(F977,C977*E977*F977,IF(G977,C977*E977*G977,IF(H977,C977*E977*H977,C977*E977))))))),2)","v":1.96},"Sqm"]
[]
[{"$nulls":9},"Sqm",{"$f":"'DATA 2024-25'!G299","v":{"v":678.6600000000001,"d":"678.66"}},"1Sqm",{"$f":"ROUND(I979*K979,0)","v":{"v":0,"d":"0.00"}}]
[14,"~do~ for  lintels etc., complete"]
[null,"Qty.p.68 of M.B.No.269/A/ZP/19"]
[null,"Lintels",1,"x",2,{"v":2.59,"d":"2.590"},{"v":0.23,"d":"0.230"},{"v":0.15,"d":"0.150"},{"$f":"ROUND(IF(AND(F982:H982),C982*E982*F982*G982*H982,IF(AND(F982,G982),C982*E982*F982*G982,IF(AND(F982,H982),C982*E982*F982*H982,IF(AND(G982,H982),C982*E982*G982*H982,IF(F982,C982*E982*F982,IF(G982,C982*E982*G982,IF(H982,C982*E982*H982,C982*E982))))))),2)","v":0.18},"Cum"]
[null,null,1,"x",2,{"v":2.78,"d":"2.780"},{"v":0.23,"d":"0.230"},{"v":0.15,"d":"0.150"},{"$f":"ROUND(IF(AND(F983:H983),C983*E983*F983*G983*H983,IF(AND(F983,G983),C983*E983*F983*G983,IF(AND(F983,H983),C983*E983*F983*H983,IF(AND(G983,H983),C983*E983*G983*H983,IF(F983,C983*E983*F983,IF(G983,C983*E983*G983,IF(H983,C983*E983*H983,C983*E983))))))),2)","v":0.19},"Cum"]
[null,null,1,"x",1,{"v":4.99,"d":"4.990"},{"v":0.23,"d":"0.230"},{"v":0.15,"d":"0.150"},{"$f":"ROUND(IF(AND(F984:H984),C984*E984*F984*G984*H984,IF(AND(F984,G984),C984*E984*F984*G984,IF(AND(F984,H984),C984*E984*F984*H984,IF(AND(G984,H984),C984*E984*G984*H984,IF(F984,C984*E984*F984,IF(G984,C984*E984*G984,IF(H984,C984*E984*H984,C984*E984))))))),2)","v":0.17},"Cum"]
[null,null,1,"x",1,{"v":2.72,"d":"2.720"},{"v":0.23,"d":"0.230"},{"v":0.15,"d":"0.150"},{"$f":"ROUND(IF(AND(F985:H985),C985*E985*F985*G985*H985,IF(AND(F985,G985),C985*E985*F985*G985,IF(AND(F985,H985),C985*E985*F985*H985,IF(AND(G985,H985),C985*E985*G985*H985,IF(F985,C985*E985*F985,IF(G985,C985*E985*G985,IF(H985,C985*E985*H985,C985*E985))))))),2)","v":0.09},"Cum"]
[]
[{"$nulls":9},"Cum",{"$f":"'DATA 2024-25'!G198","v":{"v":14358.369999999999,"d":"14358.37"}},"1Cum",{"$f":"ROUND(I987*K987,0)","v":{"v":0,"d":"0.00"}}]
[15,"~do~ for  sunshades etc., complete"]
[null,"Qty.p.69 of M.B.No.269/A/ZP/19"]
[null,null,1,"x",6,{"v":1.82,"d":"1.820"},{"v":0,"d":"0.000"},{"v":0,"d":"0.000"},{"$f":"ROUND(IF(AND(F990:H990),C990*E990*F990*G990*H990,IF(AND(F990,G990),C990*E990*F990*G990,IF(AND(F990,H990),C990*E990*F990*H990,IF(AND(G990,H990),C990*E990*G990*H990,IF(F990,C990*E990*F990,IF(G990,C990*E990*G990,IF(H990,C990*E990*H990,C990*E990))))))),2)","v":10.92},"Rm"]
[]
[{"$nulls":9},"Rm",{"$f":"'DATA 2024-25'!G269","v":1120.13},"1Rm",{"$f":"ROUND(I992*K992,0)","v":{"v":0,"d":"0.00"}}]
[3,"Providing impervious coat to exposed RCC Roof Slab surface with CM (1:3) 12mm thick with 1Kg of water proof compound per bag of Cement laid over roof when it is green including c/c of all materials and labour charges for mixing mortar, laying, rendering smooth and thread lining of wall & slab etc complete for finished item of work (APSS 901,903) "]
[null,"Qty.p.12  of M.B.No.482/A/ZP/19"]
[null,"Head room slab",1,"x",1,{"v":4.35,"d":"4.350"},{"v":4.2,"d":"4.200"},{"v":0,"d":"0.000"},{"$f":"ROUND(IF(AND(F995:H995),C995*E995*F995*G995*H995,IF(AND(F995,G995),C995*E995*F995*G995,IF(AND(F995,H995),C995*E995*F995*H995,IF(AND(G995,H995),C995*E995*G995*H995,IF(F995,C995*E995*F995,IF(G995,C995*E995*G995,IF(H995,C995*E995*H995,C995*E995))))))),2)","v":18.27},"Sqm"]
[]
[{"$nulls":9},"Sqm",{"$f":"'DATA 2024-25'!G633","v":436.53},"1Sqm",{"$f":"ROUND(I997*K997,0)","v":{"v":0,"d":"0.00"}}]
[13,"Providing impervious coat to exposed RCC Roof Slab surface with CM (1:3) 20mm thick with 1Kg of water proof compound per bag of Cement laid over roof when it is green including c/c of all materials and labour charges for mixing mortar, laying, rendering smooth and thread lining of wall & slab etc complete for finished item of work (APSS 901,903) "]
[null,"Qty.p.     of M.B.No.269/A/ZP/19"]
[null,null,1,"x",1,{"v":10.45,"d":"10.450"},{"v":12,"d":"12.000"},{"v":0,"d":"0.000"},{"$f":"ROUND(IF(AND(F1000:H1000),C1000*E1000*F1000*G1000*H1000,IF(AND(F1000,G1000),C1000*E1000*F1000*G1000,IF(AND(F1000,H1000),C1000*E1000*F1000*H1000,IF(AND(G1000,H1000),C1000*E1000*G1000*H1000,IF(F1000,C1000*E1000*F1000,IF(G1000,C1000*E1000*G1000,IF(H1000,C1000*E1000*H1000,C1000*E1000))))))),2)","v":{"v":125.4,"d":"125.40"}},"Sqm"]
[null,null,1,"x",1,{"v":3.52,"d":"3.520"},{"v":0.92,"d":"0.920"},{"v":0,"d":"0.000"},{"$f":"ROUND(IF(AND(F1001:H1001),C1001*E1001*F1001*G1001*H1001,IF(AND(F1001,G1001),C1001*E1001*F1001*G1001,IF(AND(F1001,H1001),C1001*E1001*F1001*H1001,IF(AND(G1001,H1001),C1001*E1001*G1001*H1001,IF(F1001,C1001*E1001*F1001,IF(G1001,C1001*E1001*G1001,IF(H1001,C1001*E1001*H1001,C1001*E1001))))))),2)","v":3.24},"Sqm"]
[]
[{"$nulls":9},"Sqm",{"$f":"'DATA 2024-25'!G648","v":501.99},"1Sqm",{"$f":"ROUND(I1003*K1003,0)","v":{"v":0,"d":"0.00"}}]
[15,"Brick Masonary for Superstructure with CM (1:8) proportion using 2nd class traditional bricks of size 23X11X7 cms having minimum crushing strength of 40kg/cm2  including c/c of all materials like Cement, Sand, Bricks, water etc including  labour charges such as mixing cement mortar, Scaffolding charges etc complete for finished item of work (APSS No 501 & 504) "]
[null,"Qty.p.12 of M.B.No.269/A/ZP/19"]
[null,"Long walls A1 to E1",1,"x",1,{"v":12.73,"d":"12.730"},{"v":0.45,"d":"0.450"},{"v":1.3,"d":"1.300"},{"$f":"ROUND(IF(AND(F1006:H1006),C1006*E1006*F1006*G1006*H1006,IF(AND(F1006,G1006),C1006*E1006*F1006*G1006,IF(AND(F1006,H1006),C1006*E1006*F1006*H1006,IF(AND(G1006,H1006),C1006*E1006*G1006*H1006,IF(F1006,C1006*E1006*F1006,IF(G1006,C1006*E1006*G1006,IF(H1006,C1006*E1006*H1006,C1006*E1006))))))),2)","v":7.45},"Cum"]
[null,"Long walls A2 to E3",1,"x",1,{"v":12.73,"d":"12.730"},{"v":0.45,"d":"0.450"},{"v":1.3,"d":"1.300"},{"$f":"ROUND(IF(AND(F1007:H1007),C1007*E1007*F1007*G1007*H1007,IF(AND(F1007,G1007),C1007*E1007*F1007*G1007,IF(AND(F1007,H1007),C1007*E1007*F1007*H1007,IF(AND(G1007,H1007),C1007*E1007*G1007*H1007,IF(F1007,C1007*E1007*F1007,IF(G1007,C1007*E1007*G1007,IF(H1007,C1007*E1007*H1007,C1007*E1007))))))),2)","v":7.45},"Cum"]
[null,"Short walls E1 to E3",1,"x",1,{"v":8.38,"d":"8.380"},{"v":0.45,"d":"0.450"},{"v":1.3,"d":"1.300"},{"$f":"ROUND(IF(AND(F1008:H1008),C1008*E1008*F1008*G1008*H1008,IF(AND(F1008,G1008),C1008*E1008*F1008*G1008,IF(AND(F1008,H1008),C1008*E1008*F1008*H1008,IF(AND(G1008,H1008),C1008*E1008*G1008*H1008,IF(F1008,C1008*E1008*F1008,IF(G1008,C1008*E1008*G1008,IF(H1008,C1008*E1008*H1008,C1008*E1008))))))),2)","v":{"v":4.9,"d":"4.90"}},"Cum"]
[null,"Short walls A1 to A3",1,"x",1,{"v":8.38,"d":"8.380"},{"v":0.45,"d":"0.450"},{"v":1.3,"d":"1.300"},{"$f":"ROUND(IF(AND(F1009:H1009),C1009*E1009*F1009*G1009*H1009,IF(AND(F1009,G1009),C1009*E1009*F1009*G1009,IF(AND(F1009,H1009),C1009*E1009*F1009*H1009,IF(AND(G1009,H1009),C1009*E1009*G1009*H1009,IF(F1009,C1009*E1009*F1009,IF(G1009,C1009*E1009*G1009,IF(H1009,C1009*E1009*H1009,C1009*E1009))))))),2)","v":{"v":4.9,"d":"4.90"}},"Cum"]
[null,"Deduct columns",1,"x",8,{"v":0.23,"d":"0.230"},{"v":0.38,"d":"0.380"},{"v":1.3,"d":"1.300"},{"$f":"-ROUND(IF(AND(F1010:H1010),C1010*E1010*F1010*G1010*H1010,IF(AND(F1010,G1010),C1010*E1010*F1010*G1010,IF(AND(F1010,H1010),C1010*E1010*F1010*H1010,IF(AND(G1010,H1010),C1010*E1010*G1010*H1010,IF(F1010,C1010*E1010*F1010,IF(G1010,C1010*E1010*G1010,IF(H1010,C1010*E1010*H1010,C1010*E1010))))))),2)","v":-0.91},"Cum"]
[null,"Qty.p.98 of M.B.No.269/A/ZP/19"]
[null,"Front projection L/W",1,"x",1,{"v":5.45,"d":"5.450"},{"v":0.23,"d":"0.230"},{"v":1.05,"d":"1.050"},{"$f":"ROUND(IF(AND(F1012:H1012),C1012*E1012*F1012*G1012*H1012,IF(AND(F1012,G1012),C1012*E1012*F1012*G1012,IF(AND(F1012,H1012),C1012*E1012*F1012*H1012,IF(AND(G1012,H1012),C1012*E1012*G1012*H1012,IF(F1012,C1012*E1012*F1012,IF(G1012,C1012*E1012*G1012,IF(H1012,C1012*E1012*H1012,C1012*E1012))))))),2)","v":1.32},"Cum"]
[null,"Front projection S/W",1,"x",1,{"v":2.17,"d":"2.170"},{"v":0.23,"d":"0.230"},{"v":1.05,"d":"1.050"},0.52,"Cum"]
[null,null,1,"x",1,{"v":2.17,"d":"2.170"},{"v":0.23,"d":"0.230"},{"v":1.05,"d":"1.050"},0.52,"Cum"]
[null,"Ramp",1,"x",1,{"v":4,"d":"4.000"},{"v":0.23,"d":"0.230"},{"$f":"(1.05+0.4)/2","v":{"v":0.7250000000000001,"d":"0.725"}},0.67,"Cum"]
[null,"Steps bottom",1,"x",1,{"v":5.45,"d":"5.450"},{"v":0.9,"d":"0.900"},{"v":0.35,"d":"0.350"},1.72,"Cum"]
[null,"1st step",1,"x",1,{"v":5.45,"d":"5.450"},{"v":0.6,"d":"0.600"},{"v":0.15,"d":"0.150"},0.49,"Cum"]
[null,"2nd step",1,"x",1,{"v":5.45,"d":"5.450"},{"v":0.3,"d":"0.300"},{"v":0.15,"d":"0.150"},0.25,"Cum"]
[]
[{"$nulls":9},"Cum",{"$f":"'DATA 2024-25'!G453","v":8851.73},"1Cum",{"$f":"ROUND(I1020*K1020,0)","v":{"v":0,"d":"0.00"}}]
[4,"Brick Masonary for Superstructure with CM (1:6) proportion using 2nd class traditional bricks of size 23X11X7 cms having minimum crushing strength of 40kg/cm2  including c/c of all materials like Cement, Sand, Bricks, water etc including  labour charges such as mixing cement mortar, Scaffolding charges etc complete for finished item of work (APSS No 501 & 504) "]
[null,"Qty.p.2 of M.B.No.482/A/ZP/19"]
[null,"Alround",1,"x",1,{"v":12.68,"d":"12.680"},{"v":0.23,"d":"0.230"},{"v":2.4,"d":"2.400"},{"$f":"ROUND(IF(AND(F1023:H1023),C1023*E1023*F1023*G1023*H1023,IF(AND(F1023,G1023),C1023*E1023*F1023*G1023,IF(AND(F1023,H1023),C1023*E1023*F1023*H1023,IF(AND(G1023,H1023),C1023*E1023*G1023*H1023,IF(F1023,C1023*E1023*F1023,IF(G1023,C1023*E1023*G1023,IF(H1023,C1023*E1023*H1023,C1023*E1023))))))),2)","v":{"v":7,"d":"7.00"}},"Cum"]
[null,"Deduct for columns",1,"x",4,{"v":0.38,"d":"0.380"},{"v":0.23,"d":"0.230"},{"v":2.4,"d":"2.400"},{"$f":"-ROUND(IF(AND(F1024:H1024),C1024*E1024*F1024*G1024*H1024,IF(AND(F1024,G1024),C1024*E1024*F1024*G1024,IF(AND(F1024,H1024),C1024*E1024*F1024*H1024,IF(AND(G1024,H1024),C1024*E1024*G1024*H1024,IF(F1024,C1024*E1024*F1024,IF(G1024,C1024*E1024*G1024,IF(H1024,C1024*E1024*H1024,C1024*E1024))))))),2)","v":-0.84},"Cum"]
[null,"Deduct for door",1,"x",1,{"v":1.2,"d":"1.200"},{"v":0.23,"d":"0.230"},{"v":2.4,"d":"2.400"},{"$f":"-ROUND(IF(AND(F1025:H1025),C1025*E1025*F1025*G1025*H1025,IF(AND(F1025,G1025),C1025*E1025*F1025*G1025,IF(AND(F1025,H1025),C1025*E1025*F1025*H1025,IF(AND(G1025,H1025),C1025*E1025*G1025*H1025,IF(F1025,C1025*E1025*F1025,IF(G1025,C1025*E1025*G1025,IF(H1025,C1025*E1025*H1025,C1025*E1025))))))),2)","v":-0.66},"Cum"]
[null,"Qty.p.95 of M.B.No.482/A/ZP/19"]
[null,"water tank",1,"x",1,{"v":7.2,"d":"7.200"},0.115,{"v":1.8,"d":"1.800"},{"$f":"ROUND(IF(AND(F1027:H1027),C1027*E1027*F1027*G1027*H1027,IF(AND(F1027,G1027),C1027*E1027*F1027*G1027,IF(AND(F1027,H1027),C1027*E1027*F1027*H1027,IF(AND(G1027,H1027),C1027*E1027*G1027*H1027,IF(F1027,C1027*E1027*F1027,IF(G1027,C1027*E1027*G1027,IF(H1027,C1027*E1027*H1027,C1027*E1027))))))),2)","v":1.49},"Cum"]
[]
[{"$nulls":9},"Cum",{"$f":"'DATA 2024-25'!G435","v":{"v":8909.249999999998,"d":"8909.25"}},"1Cum",{"$f":"ROUND(I1029*K1029,0)","v":{"v":0,"d":"0.00"}}]
[5,"Reinforced Brick Masonry for partition walls (11.0 cm thick) in CM (1:6) prop. (Cement : Sand) using common burnt clay bricks of class as per Table- I of IS:1077-1992, Non- Modular or traditional size    23 x 11 x 7 cms from approved source having minimum crushing strength of 40 Kg/Sq.cm and placing 2 Nos. of 6mm M.S plain rods in every third layer with free ends of the reinforcement pegged into mortar joints of main brick walls where applicable including cost and conveyance of all materials and  all operational, incidental charges such as labour charges for mixing cement mortar, scaffolding charges, lift charges,and all labour charges etc., but excluding cost of steel and its fabrication charges complete for finished item of work. "]
[null,"Qty.p.3 of M.B.No.482/A/ZP/19"]
[null,"Parapet wall alround",1,"x",1,{"v":41.75,"d":"41.750"},{"v":0,"d":"0.000"},{"v":0.75,"d":"0.750"},{"$f":"ROUND(IF(AND(F1032:H1032),C1032*E1032*F1032*G1032*H1032,IF(AND(F1032,G1032),C1032*E1032*F1032*G1032,IF(AND(F1032,H1032),C1032*E1032*F1032*H1032,IF(AND(G1032,H1032),C1032*E1032*G1032*H1032,IF(F1032,C1032*E1032*F1032,IF(G1032,C1032*E1032*G1032,IF(H1032,C1032*E1032*H1032,C1032*E1032))))))),2)","v":31.31},"Sqm"]
[]
[{"$nulls":9},"Sqm",{"$f":"'DATA 2024-25'!G471","v":1066.07},"1Sqm",{"$f":"ROUND(I1034*K1034/1,0)","v":{"v":0,"d":"0.00"}}]
[20,"Masonry work in CM (1:8) prop with Flyash Cement solid blocks of size 290 x 150 x 140 mm for manufacturing of flyash solid blocks using flyash of 80 kgs, cement of 15 kgs. Gypsum of 5 kgs. and stone dust including cost and conveyance of all materials, labour charges, seiniorage charges, scaffolding and curing etc., cpomplete with a compresive streangth not lessthan 50 kg/sqm for walls for Superstructure Walls."]
[null,"Qty.p.91 of M.B.No.269/A/ZP/19"]
[null,"Plantation walls",1,"x",2,{"v":0.75,"d":"0.750"},{"v":0.15,"d":"0.150"},{"v":1.05,"d":"1.050"},{"$f":"ROUND(IF(AND(F1037:H1037),C1037*E1037*F1037*G1037*H1037,IF(AND(F1037,G1037),C1037*E1037*F1037*G1037,IF(AND(F1037,H1037),C1037*E1037*F1037*H1037,IF(AND(G1037,H1037),C1037*E1037*G1037*H1037,IF(F1037,C1037*E1037*F1037,IF(G1037,C1037*E1037*G1037,IF(H1037,C1037*E1037*H1037,C1037*E1037))))))),2)","v":0.24},"Cum"]
[null,null,1,"x",1,{"v":1.2,"d":"1.200"},{"v":0.15,"d":"0.150"},{"v":0.75,"d":"0.750"},0.14,"Cum"]
[null,null,1,"x",0.5,{"v":2.7,"d":"2.700"},{"v":0.15,"d":"0.150"},{"v":1.8,"d":"1.800"},0.36,"Cum"]
[null,null,1,"x",1,{"v":1,"d":"1.000"},{"v":0.15,"d":"0.150"},{"v":1.4,"d":"1.400"},0.21,"Cum"]
[null,null,1,"x",1,{"v":1.73,"d":"1.730"},{"v":0.15,"d":"0.150"},{"v":1.8,"d":"1.800"},0.47,"Cum"]
[null,null,1,"x",1,{"v":2.65,"d":"2.650"},{"v":0.15,"d":"0.150"},{"v":1.2,"d":"1.200"},0.48,"Cum"]
[null,null,1,"x",1,{"v":2.85,"d":"2.850"},{"v":0.15,"d":"0.150"},{"v":1.2,"d":"1.200"},0.51,"Cum"]
[]
[{"$nulls":9},"Cum",{"$f":"'DATA 2024-25'!G488","v":7453.36},"1Cum",{"$f":"ROUND(I1045*K1045,0)","v":{"v":0,"d":"0.00"}}]
[21,"Ceiling Plastering to Ceiling in CM (1:3) 12mm thick with dubara sponge finishing  including c/c of all materials including labour charges such as mixing cement mortar and curing etc complete for finished item of work (APSS 901 & 903) "]
[null,"Qty.p.9 of M.B.No.109/A/ZP/20"]
[null,"Landing side",1,"x",1,{"v":2.96,"d":"2.960"},{"v":0.86,"d":"0.860"},{"v":0,"d":"0.000"},{"$f":"ROUND(IF(AND(F1048:H1048),C1048*E1048*F1048*G1048*H1048,IF(AND(F1048,G1048),C1048*E1048*F1048*G1048,IF(AND(F1048,H1048),C1048*E1048*F1048*H1048,IF(AND(G1048,H1048),C1048*E1048*G1048*H1048,IF(F1048,C1048*E1048*F1048,IF(G1048,C1048*E1048*G1048,IF(H1048,C1048*E1048*H1048,C1048*E1048))))))),2)","v":2.55},"Sqm"]
[null,"Beam sides",1,"x",2,{"v":2.7,"d":"2.700"},{"v":0,"d":"0.000"},{"v":0.3,"d":"0.300"},1.62,"Sqm"]
[null,"Ceiling",1,"x",1,{"v":3.37,"d":"3.370"},{"v":2.69,"d":"2.690"},{"v":0,"d":"0.000"},9.07,"Sqm"]
[null,"Slab projection",1,"x",1,{"v":0.75,"d":"0.750"},{"v":3.24,"d":"3.240"},{"v":0,"d":"0.000"},2.43,"Sqm"]
[null,"Beam sides",1,"x",2,{"v":0.78,"d":"0.780"},{"v":0,"d":"0.000"},{"v":0.3,"d":"0.300"},0.47,"Sqm"]
[null,"Projection right and left",1,"x",2,{"v":4.6,"d":"4.600"},{"v":0.88,"d":"0.880"},{"v":0,"d":"0.000"},{"v":8.1,"d":"8.10"},"Sqm"]
[]
[{"$nulls":9},"Sqm",{"$f":"'DATA 2024-25'!G505","v":462.35},"1Sqm",{"$f":"ROUND(I1055*K1055,0)","v":{"v":0,"d":"0.00"}}]
[19,"Plastering in CM (1:5) 12mm thick  single coat including c/c of all materials and labour charges such as mixing cement mortar etc and curing etc complete for finished item of work (APSS 901,  903 & 904) "]
[null,"Qty.p. 77 of M.B.No.269/A/ZP/19"]
[null,null,1,"x",1,{"v":30.18,"d":"30.180"},{"v":0,"d":"0.000"},{"v":3.46,"d":"3.460"},{"$f":"ROUND(IF(AND(F1058:H1058),C1058*E1058*F1058*G1058*H1058,IF(AND(F1058,G1058),C1058*E1058*F1058*G1058,IF(AND(F1058,H1058),C1058*E1058*F1058*H1058,IF(AND(G1058,H1058),C1058*E1058*G1058*H1058,IF(F1058,C1058*E1058*F1058,IF(G1058,C1058*E1058*G1058,IF(H1058,C1058*E1058*H1058,C1058*E1058))))))),2)","v":104.42},"Sqm"]
[null,null,1,"x",2,{"v":14.6,"d":"14.600"},{"v":0,"d":"0.000"},{"v":3.46,"d":"3.460"},101.03,"Sqm"]
[null,null,1,"x",1,{"v":14.6,"d":"14.600"},{"v":0,"d":"0.000"},{"v":3.46,"d":"3.460"},50.52,"Sqm"]
[null,null,2,"x",2,{"v":5.73,"d":"5.730"},{"v":0,"d":"0.000"},{"v":0.38,"d":"0.380"},8.71,"Sqm"]
[null,null,2,"x",2,{"v":0.84,"d":"0.840"},{"v":0,"d":"0.000"},{"v":0.3,"d":"0.300"},1.01,"Sqm"]
[null,null,2,"x",2,{"v":1.77,"d":"1.770"},{"v":0,"d":"0.000"},{"v":0.3,"d":"0.300"},2.12,"Sqm"]
[null,null,1,"x",2,{"v":10.45,"d":"10.450"},{"v":0,"d":"0.000"},{"v":0.3,"d":"0.300"},6.27,"Sqm"]
[null,null,1,"x",11,{"v":1.2,"d":"1.200"},{"v":0,"d":"0.000"},{"v":1.2,"d":"1.200"},{"$f":"-ROUND(IF(AND(F1065:H1065),C1065*E1065*F1065*G1065*H1065,IF(AND(F1065,G1065),C1065*E1065*F1065*G1065,IF(AND(F1065,H1065),C1065*E1065*F1065*H1065,IF(AND(G1065,H1065),C1065*E1065*G1065*H1065,IF(F1065,C1065*E1065*F1065,IF(G1065,C1065*E1065*G1065,IF(H1065,C1065*E1065*H1065,C1065*E1065))))))),2)","v":-15.84},"Sqm"]
[null,null,1,"x",{"v":0.2,"d":"0"},{"v":1.2,"d":"1.200"},{"v":0,"d":"0.000"},{"v":2.1,"d":"2.100"},{"$f":"-ROUND(IF(AND(F1066:H1066),C1066*E1066*F1066*G1066*H1066,IF(AND(F1066,G1066),C1066*E1066*F1066*G1066,IF(AND(F1066,H1066),C1066*E1066*F1066*H1066,IF(AND(G1066,H1066),C1066*E1066*G1066*H1066,IF(F1066,C1066*E1066*F1066,IF(G1066,C1066*E1066*G1066,IF(H1066,C1066*E1066*H1066,C1066*E1066))))))),2)","v":{"v":-0.5,"d":"-0.50"}},"Sqm"]
[null,null,1,"x",{"v":0.2,"d":"0"},{"v":1.05,"d":"1.050"},{"v":0,"d":"0.000"},{"v":2.1,"d":"2.100"},{"$f":"-ROUND(IF(AND(F1067:H1067),C1067*E1067*F1067*G1067*H1067,IF(AND(F1067,G1067),C1067*E1067*F1067*G1067,IF(AND(F1067,H1067),C1067*E1067*F1067*H1067,IF(AND(G1067,H1067),C1067*E1067*G1067*H1067,IF(F1067,C1067*E1067*F1067,IF(G1067,C1067*E1067*G1067,IF(H1067,C1067*E1067*H1067,C1067*E1067))))))),2)","v":-0.44},"Sqm"]
[null,null,1,"x",11,{"v":0.45,"d":"0.450"},{"v":0,"d":"0.000"},{"v":0.3,"d":"0.300"},{"$f":"-ROUND(IF(AND(F1068:H1068),C1068*E1068*F1068*G1068*H1068,IF(AND(F1068,G1068),C1068*E1068*F1068*G1068,IF(AND(F1068,H1068),C1068*E1068*F1068*H1068,IF(AND(G1068,H1068),C1068*E1068*G1068*H1068,IF(F1068,C1068*E1068*F1068,IF(G1068,C1068*E1068*G1068,IF(H1068,C1068*E1068*H1068,C1068*E1068))))))),2)","v":-1.49},"Sqm"]
[null,null,1,"x",1,{"v":0.6,"d":"0.600"},{"v":0,"d":"0.000"},{"v":0.3,"d":"0.300"},{"$f":"-ROUND(IF(AND(F1069:H1069),C1069*E1069*F1069*G1069*H1069,IF(AND(F1069,G1069),C1069*E1069*F1069*G1069,IF(AND(F1069,H1069),C1069*E1069*F1069*H1069,IF(AND(G1069,H1069),C1069*E1069*G1069*H1069,IF(F1069,C1069*E1069*F1069,IF(G1069,C1069*E1069*G1069,IF(H1069,C1069*E1069*H1069,C1069*E1069))))))),2)","v":-0.18},"Sqm"]
[null,null,1,"x",1,{"v":10.45,"d":"10.450"},{"v":0,"d":"0.000"},{"v":1.94,"d":"1.940"},{"$f":"ROUND(IF(AND(F1070:H1070),C1070*E1070*F1070*G1070*H1070,IF(AND(F1070,G1070),C1070*E1070*F1070*G1070,IF(AND(F1070,H1070),C1070*E1070*F1070*H1070,IF(AND(G1070,H1070),C1070*E1070*G1070*H1070,IF(F1070,C1070*E1070*F1070,IF(G1070,C1070*E1070*G1070,IF(H1070,C1070*E1070*H1070,C1070*E1070))))))),2)","v":20.27},"Sqm"]
[null,null,2,"x",2,{"v":10.65,"d":"10.650"},{"v":0,"d":"0.000"},{"v":1.94,"d":"1.940"},82.64,"Sqm"]
[null,null,1,"x",2,{"v":3.4,"d":"3.400"},{"v":0,"d":"0.000"},{"v":2.63,"d":"2.630"},17.88,"Sqm"]
[null,null,1,"x",1,{"v":3.62,"d":"3.620"},{"v":0,"d":"0.000"},{"v":0.9,"d":"0.900"},3.26,"Sqm"]
[null,null,1,"x",0.5,{"v":3.44,"d":"3.440"},{"v":0,"d":"0.000"},{"v":0.89,"d":"0.890"},1.53,"Sqm"]
[null,null,1,"x",1,{"v":1.9,"d":"1.900"},{"v":0,"d":"0.000"},{"v":1.78,"d":"1.780"},3.38,"Sqm"]
[null,null,2,"x",0.5,{"v":1.18,"d":"1.180"},{"v":0,"d":"0.000"},{"v":1.2,"d":"1.200"},1.42,"Sqm"]
[null,null,2,"x",0.5,{"v":1.13,"d":"1.130"},{"v":0,"d":"0.000"},{"v":1.16,"d":"1.160"},1.31,"Sqm"]
[null,null,1,"x",2,{"v":3.6,"d":"3.600"},{"v":1.13,"d":"1.130"},{"v":0,"d":"0.000"},8.14,"Sqm"]
[null,null,2,"x",0.5,{"v":0.96,"d":"0.960"},{"v":1,"d":"1.000"},{"v":0,"d":"0.000"},0.96,"Sqm"]
[null,null,1,"x",2,{"v":1.33,"d":"1.330"},{"v":2.1,"d":"2.100"},{"v":0,"d":"0.000"},5.59,"Sqm"]
[null,null,4,"x",3.14,{"v":0.23,"d":"0.230"},{"v":0,"d":"0.000"},{"v":3.17,"d":"3.170"},9.16,"Sqm"]
[null,null,1,"x",2,{"v":1.47,"d":"1.470"},{"v":0,"d":"0.000"},{"v":0.9,"d":"0.900"},2.65,"Sqm"]
[null,null,1,"x",10,{"v":1.2,"d":"1.200"},{"v":0,"d":"0.000"},{"v":0.9,"d":"0.900"},{"v":10.8,"d":"10.80"},"Sqm"]
[null,null,1,"x",2,{"v":0.92,"d":"0.920"},{"v":0,"d":"0.000"},{"v":0.9,"d":"0.900"},1.66,"Sqm"]
[null,null,1,"x",11,{"v":5.2,"d":"5.200"},{"v":0.1,"d":"0.100"},{"v":0,"d":"0.000"},5.72,"Sqm"]
[null,null,1,"x",11,{"v":1.5,"d":"1.500"},0.038,{"v":0,"d":"0.000"},0.63,"Sqm"]
[null,null,1,"x",1,{"v":1.8,"d":"1.800"},0.038,{"v":0,"d":"0.000"},0.07,"Sqm"]
[null,null,1,"x",9,{"v":2.85,"d":"2.850"},0.032,{"v":0,"d":"0.000"},0.82,"Sqm"]
[null,null,1,"x",1,{"v":39.25,"d":"39.250"},{"v":0.07,"d":"0.070"},{"v":0,"d":"0.000"},2.75,"Sqm"]
[null,"Qty.p.57 of M.B.No.269/A/ZP/19"]
[null,null,1,"x",2,{"v":3.77,"d":"3.770"},{"v":0,"d":"0.000"},{"v":0.64,"d":"0.640"},{"$f":"ROUND(IF(AND(F1091:H1091),C1091*E1091*F1091*G1091*H1091,IF(AND(F1091,G1091),C1091*E1091*F1091*G1091,IF(AND(F1091,H1091),C1091*E1091*F1091*H1091,IF(AND(G1091,H1091),C1091*E1091*G1091*H1091,IF(F1091,C1091*E1091*F1091,IF(G1091,C1091*E1091*G1091,IF(H1091,C1091*E1091*H1091,C1091*E1091))))))),2)","v":4.83},"Sqm"]
[null,null,1,"x",1,{"v":3.66,"d":"3.660"},{"v":0,"d":"0.000"},{"v":1.74,"d":"1.740"},{"$f":"ROUND(IF(AND(F1092:H1092),C1092*E1092*F1092*G1092*H1092,IF(AND(F1092,G1092),C1092*E1092*F1092*G1092,IF(AND(F1092,H1092),C1092*E1092*F1092*H1092,IF(AND(G1092,H1092),C1092*E1092*G1092*H1092,IF(F1092,C1092*E1092*F1092,IF(G1092,C1092*E1092*G1092,IF(H1092,C1092*E1092*H1092,C1092*E1092))))))),2)","v":6.37},"Sqm"]
[null,null,1,"x",6,{"v":0.43,"d":"0.430"},{"v":0,"d":"0.000"},{"v":0.87,"d":"0.870"},{"$f":"ROUND(IF(AND(F1093:H1093),C1093*E1093*F1093*G1093*H1093,IF(AND(F1093,G1093),C1093*E1093*F1093*G1093,IF(AND(F1093,H1093),C1093*E1093*F1093*H1093,IF(AND(G1093,H1093),C1093*E1093*G1093*H1093,IF(F1093,C1093*E1093*F1093,IF(G1093,C1093*E1093*G1093,IF(H1093,C1093*E1093*H1093,C1093*E1093))))))),2)","v":2.24},"Sqm"]
[null,null,1,"x",4,{"v":0.43,"d":"0.430"},{"v":0,"d":"0.000"},{"v":0.94,"d":"0.940"},{"$f":"ROUND(IF(AND(F1094:H1094),C1094*E1094*F1094*G1094*H1094,IF(AND(F1094,G1094),C1094*E1094*F1094*G1094,IF(AND(F1094,H1094),C1094*E1094*F1094*H1094,IF(AND(G1094,H1094),C1094*E1094*G1094*H1094,IF(F1094,C1094*E1094*F1094,IF(G1094,C1094*E1094*G1094,IF(H1094,C1094*E1094*H1094,C1094*E1094))))))),2)","v":1.62},"Sqm"]
[]
[{"$nulls":9},"Sqm",{"$f":"'DATA 2024-25'!G522","v":374.88},"1Sqm",{"$f":"ROUND(I1096*K1096,0)","v":{"v":0,"d":"0.00"}}]
[16,"Plastering in CM (1:5) 20mm thick  single coat including c/c of all materials including all operational, incidental and labour charges such as mixing cement mortar and curing etc complete for finished item of work (APSS 901,  903 & 904)  "]
[null,"Qty.p. 47 of M.B.No.269/A/ZP/19"]
[null,"Alround building",1,"x",1,{"v":40.82,"d":"40.820"},{"v":0,"d":"0.000"},{"v":3.8,"d":"3.800"},{"$f":"ROUND(IF(AND(F1099:H1099),C1099*E1099*F1099*G1099*H1099,IF(AND(F1099,G1099),C1099*E1099*F1099*G1099,IF(AND(F1099,H1099),C1099*E1099*F1099*H1099,IF(AND(G1099,H1099),C1099*E1099*G1099*H1099,IF(F1099,C1099*E1099*F1099,IF(G1099,C1099*E1099*G1099,IF(H1099,C1099*E1099*H1099,C1099*E1099))))))),2)","v":155.12},"Sqm"]
[]
[{"$nulls":9},"Sqm",{"$f":"'DATA 2024-25'!G539","v":389.27},"1Sqm",{"$f":"ROUND(I1101*K1101,0)","v":{"v":0,"d":"0.00"}}]
[6,"Plastering to brick masonary wall with  12mm thick double coat in CM (1:5) 8 mm thick base coat and CM (1:3) of 4mm thick top coat with dubara sponge finish including c/c of all materials including all operational, incidental and labour charges such as mixing cement mortar and curing etc complete for finished item of work (APSS 901,  903 & 904) "]
[null,"Qty.p.95 of M.B.No.482/A/ZP/20"]
[null,null,1,"x",1,{"v":7.2,"d":"7.200"},{"v":0,"d":"0.000"},{"v":1.8,"d":"1.800"},{"$f":"ROUND(IF(AND(F1104:H1104),C1104*E1104*F1104*G1104*H1104,IF(AND(F1104,G1104),C1104*E1104*F1104*G1104,IF(AND(F1104,H1104),C1104*E1104*F1104*H1104,IF(AND(G1104,H1104),C1104*E1104*G1104*H1104,IF(F1104,C1104*E1104*F1104,IF(G1104,C1104*E1104*G1104,IF(H1104,C1104*E1104*H1104,C1104*E1104))))))),2)","v":12.96},"Sqm"]
[null,null,1,"x",1,{"v":7.2,"d":"7.200"},{"v":0,"d":"0.000"},{"v":2,"d":"2.000"},{"$f":"ROUND(IF(AND(F1105:H1105),C1105*E1105*F1105*G1105*H1105,IF(AND(F1105,G1105),C1105*E1105*F1105*G1105,IF(AND(F1105,H1105),C1105*E1105*F1105*H1105,IF(AND(G1105,H1105),C1105*E1105*G1105*H1105,IF(F1105,C1105*E1105*F1105,IF(G1105,C1105*E1105*G1105,IF(H1105,C1105*E1105*H1105,C1105*E1105))))))),2)","v":{"v":14.4,"d":"14.40"}},"Sqm"]
[null,null,1,"x",1,{"v":1.8,"d":"1.800"},{"v":1.8,"d":"1.800"},{"v":0,"d":"0.000"},{"$f":"ROUND(IF(AND(F1106:H1106),C1106*E1106*F1106*G1106*H1106,IF(AND(F1106,G1106),C1106*E1106*F1106*G1106,IF(AND(F1106,H1106),C1106*E1106*F1106*H1106,IF(AND(G1106,H1106),C1106*E1106*G1106*H1106,IF(F1106,C1106*E1106*F1106,IF(G1106,C1106*E1106*G1106,IF(H1106,C1106*E1106*H1106,C1106*E1106))))))),2)","v":3.24},"Sqm"]
[]
[{"$nulls":9},"Sqm",{"$f":"'DATA 2024-25'!G576","v":526.09},"1Sqm",{"$f":"ROUND(I1108*K1108,0)","v":{"v":0,"d":"0.00"}}]
[23,"Plastering to brick masonary wall with  20mm thick double coat in CM (1:6) 16 mm thick base coat and CM (1:4) of 4mm thick top coat with dubara sponge finish including c/c of all materials including all operational, incidental and labour charges such as mixing cement mortar and curing etc complete for finished item of work (APSS 901,  903 & 904) "]
[null,"Qty.p.33 of M.B.No.109/A/ZP/20"]
[null,null,1,"x",2,{"v":3.24,"d":"3.240"},{"v":0,"d":"0.000"},{"v":2.4,"d":"2.400"},{"$f":"ROUND(IF(AND(F1111:H1111),C1111*E1111*F1111*G1111*H1111,IF(AND(F1111,G1111),C1111*E1111*F1111*G1111,IF(AND(F1111,H1111),C1111*E1111*F1111*H1111,IF(AND(G1111,H1111),C1111*E1111*G1111*H1111,IF(F1111,C1111*E1111*F1111,IF(G1111,C1111*E1111*G1111,IF(H1111,C1111*E1111*H1111,C1111*E1111))))))),2)","v":15.55},"Sqm"]
[null,null,1,"x",2,{"v":4.69,"d":"4.690"},{"v":0,"d":"0.000"},{"v":2.4,"d":"2.400"},{"$f":"ROUND(IF(AND(F1112:H1112),C1112*E1112*F1112*G1112*H1112,IF(AND(F1112,G1112),C1112*E1112*F1112*G1112,IF(AND(F1112,H1112),C1112*E1112*F1112*H1112,IF(AND(G1112,H1112),C1112*E1112*G1112*H1112,IF(F1112,C1112*E1112*F1112,IF(G1112,C1112*E1112*G1112,IF(H1112,C1112*E1112*H1112,C1112*E1112))))))),2)","v":22.51},"Sqm"]
[null,"Parapet wall",1,"x",1,{"v":38.71,"d":"38.710"},{"v":0,"d":"0.000"},{"v":1.92,"d":"1.920"},{"$f":"ROUND(IF(AND(F1113:H1113),C1113*E1113*F1113*G1113*H1113,IF(AND(F1113,G1113),C1113*E1113*F1113*G1113,IF(AND(F1113,H1113),C1113*E1113*F1113*H1113,IF(AND(G1113,H1113),C1113*E1113*G1113*H1113,IF(F1113,C1113*E1113*F1113,IF(G1113,C1113*E1113*G1113,IF(H1113,C1113*E1113*H1113,C1113*E1113))))))),2)","v":74.32},"Sqm"]
[null,"Deduct door",1,"x",1,{"v":1.05,"d":"1.050"},{"v":0,"d":"0.000"},{"v":2.1,"d":"2.100"},{"$f":"-ROUND(IF(AND(F1114:H1114),C1114*E1114*F1114*G1114*H1114,IF(AND(F1114,G1114),C1114*E1114*F1114*G1114,IF(AND(F1114,H1114),C1114*E1114*F1114*H1114,IF(AND(G1114,H1114),C1114*E1114*G1114*H1114,IF(F1114,C1114*E1114*F1114,IF(G1114,C1114*E1114*G1114,IF(H1114,C1114*E1114*H1114,C1114*E1114))))))),2)","v":-2.21},"Sqm"]
[null,"Deduct windows",1,"x",1,{"v":1.53,"d":"1.530"},{"v":0,"d":"0.000"},{"v":1.28,"d":"1.280"},{"$f":"-ROUND(IF(AND(F1115:H1115),C1115*E1115*F1115*G1115*H1115,IF(AND(F1115,G1115),C1115*E1115*F1115*G1115,IF(AND(F1115,H1115),C1115*E1115*F1115*H1115,IF(AND(G1115,H1115),C1115*E1115*G1115*H1115,IF(F1115,C1115*E1115*F1115,IF(G1115,C1115*E1115*G1115,IF(H1115,C1115*E1115*H1115,C1115*E1115))))))),2)","v":-1.96},"Sqm"]
[]
[{"$nulls":9},"Sqm",{"$f":"'DATA 2024-25'!G597","v":537.32},"1Sqm",{"$f":"ROUND(I1117*K1117,0)","v":{"v":0,"d":"0.00"}}]
[13,"Plain Cement Concrete  M30 Nominal mix (Cement: Sand: Metal) corresponding Table 9 of IS 456 using 20mm size graded machine crushed hard granite metal from approved quarry including c/c of all materials like Cement, Sand, coarse aggregate, water etc to site, all marerials including labour charges such as machine mixing, laying concrete, curing etc complete but excluding cost of steel and its fabrication charges for finished item of work for Steps"]
[null,"Qty.P.No. 18 of M.B.No.233-B/2016-17"]
[null,null,11,"x",0.5,{"v":1.8,"d":"1.800"},{"v":0.3,"d":"0.300"},{"v":0.15,"d":"0.150"},{"$f":"ROUND(IF(AND(F1120:H1120),C1120*E1120*F1120*G1120*H1120,IF(AND(F1120,G1120),C1120*E1120*F1120*G1120,IF(AND(F1120,H1120),C1120*E1120*F1120*H1120,IF(AND(G1120,H1120),C1120*E1120*G1120*H1120,IF(F1120,C1120*E1120*F1120,IF(G1120,C1120*E1120*G1120,IF(H1120,C1120*E1120*H1120,C1120*E1120))))))),2)","v":0.45},"Cum"]
[null,"Qty.P.No. 23 of M.B.No.233-B/2016-17"]
[null,null,11,"x",0.5,{"v":1.8,"d":"1.800"},{"v":0.3,"d":"0.300"},{"v":0.15,"d":"0.150"},{"$f":"ROUND(IF(AND(F1122:H1122),C1122*E1122*F1122*G1122*H1122,IF(AND(F1122,G1122),C1122*E1122*F1122*G1122,IF(AND(F1122,H1122),C1122*E1122*F1122*H1122,IF(AND(G1122,H1122),C1122*E1122*G1122*H1122,IF(F1122,C1122*E1122*F1122,IF(G1122,C1122*E1122*G1122,IF(H1122,C1122*E1122*H1122,C1122*E1122))))))),2)","v":0.45},"Cum"]
[{"$nulls":9},"Cum",{"$f":"'DATA 2024-25'!G320","v":6970.28},"1Cum",{"$f":"ROUND(I1123*K1123,0)","v":{"v":0,"d":"0.00"}}]
[24,"Flooring with Porcelain Vitrified tiles stain free double charged of 1st quality and of size not less than 600X600X8mm thickness glossy finish premium colours, set over base coat of CM (1:8), 12mm thick over already laid CC bed / RCC Roof slab, including neat Cement slurry of honey like consistency spread @ 3.30 Kgs per Sqm & jointed with neat white Cement paste to full depth mixed with pigment of matching shade including c/c of all materials like Cement, Sand and Water and tiles etc complete including labour charges etc complete for finished item of work "]
[null,"Qty.p.10 of M.B.No.174/B/ZP/16"]
[null,"Hall",1,"x",1,{"v":8.51,"d":"8.510"},{"v":4.96,"d":"4.960"},{"v":0,"d":"0.000"},{"$f":"ROUND(IF(AND(F1126:H1126),C1126*E1126*F1126*G1126*H1126,IF(AND(F1126,G1126),C1126*E1126*F1126*G1126,IF(AND(F1126,H1126),C1126*E1126*F1126*H1126,IF(AND(G1126,H1126),C1126*E1126*G1126*H1126,IF(F1126,C1126*E1126*F1126,IF(G1126,C1126*E1126*G1126,IF(H1126,C1126*E1126*H1126,C1126*E1126))))))),2)","v":42.21},"Sqm"]
[null,"Agri cum aqua store",1,"x",1,{"v":2.8,"d":"2.800"},{"v":3.24,"d":"3.240"},{"v":0,"d":"0.000"},{"$f":"ROUND(IF(AND(F1127:H1127),C1127*E1127*F1127*G1127*H1127,IF(AND(F1127,G1127),C1127*E1127*F1127*G1127,IF(AND(F1127,H1127),C1127*E1127*F1127*H1127,IF(AND(G1127,H1127),C1127*E1127*G1127*H1127,IF(F1127,C1127*E1127*F1127,IF(G1127,C1127*E1127*G1127,IF(H1127,C1127*E1127*H1127,C1127*E1127))))))),2)","v":9.07},"Sqm"]
[null,"Secretary room",1,"x",1,{"v":2.74,"d":"2.740"},{"v":3.26,"d":"3.260"},{"v":0,"d":"0.000"},{"$f":"ROUND(IF(AND(F1128:H1128),C1128*E1128*F1128*G1128*H1128,IF(AND(F1128,G1128),C1128*E1128*F1128*G1128,IF(AND(F1128,H1128),C1128*E1128*F1128*H1128,IF(AND(G1128,H1128),C1128*E1128*G1128*H1128,IF(F1128,C1128*E1128*F1128,IF(G1128,C1128*E1128*G1128,IF(H1128,C1128*E1128*H1128,C1128*E1128))))))),2)","v":8.93},"Sqm"]
[null,"Godown",1,"x",1,{"v":8.35,"d":"8.350"},{"v":3.2,"d":"3.200"},{"v":0,"d":"0.000"},{"$f":"ROUND(IF(AND(F1129:H1129),C1129*E1129*F1129*G1129*H1129,IF(AND(F1129,G1129),C1129*E1129*F1129*G1129,IF(AND(F1129,H1129),C1129*E1129*F1129*H1129,IF(AND(G1129,H1129),C1129*E1129*G1129*H1129,IF(F1129,C1129*E1129*F1129,IF(G1129,C1129*E1129*G1129,IF(H1129,C1129*E1129*H1129,C1129*E1129))))))),2)","v":26.72},"Sqm"]
[null,"Below staircase",1,"x",1,{"v":3.4,"d":"3.400"},{"v":2.7,"d":"2.700"},{"v":0,"d":"0.000"},{"$f":"ROUND(IF(AND(F1130:H1130),C1130*E1130*F1130*G1130*H1130,IF(AND(F1130,G1130),C1130*E1130*F1130*G1130,IF(AND(F1130,H1130),C1130*E1130*F1130*H1130,IF(AND(G1130,H1130),C1130*E1130*G1130*H1130,IF(F1130,C1130*E1130*F1130,IF(G1130,C1130*E1130*G1130,IF(H1130,C1130*E1130*H1130,C1130*E1130))))))),2)","v":9.18},"Sqm"]
[null,"Deduct",1,"x",2,{"v":0.3,"d":"0.300"},{"v":1.3,"d":"1.300"},{"v":0,"d":"0.000"},{"$f":"-ROUND(IF(AND(F1131:H1131),C1131*E1131*F1131*G1131*H1131,IF(AND(F1131,G1131),C1131*E1131*F1131*G1131,IF(AND(F1131,H1131),C1131*E1131*F1131*H1131,IF(AND(G1131,H1131),C1131*E1131*G1131*H1131,IF(F1131,C1131*E1131*F1131,IF(G1131,C1131*E1131*G1131,IF(H1131,C1131*E1131*H1131,C1131*E1131))))))),2)","v":-0.78},"Sqm"]
[]
[{"$nulls":9},"Sqm",{"$f":"'DATA 2024-25'!G748","v":{"v":1330.7,"d":"1330.70"}},"1Sqm",{"$f":"ROUND(I1133*K1133,0)","v":{"v":0,"d":"0.00"}}]
[25,"Providing Skirting to internal walls to 15cm height / risers of steps with Porcelain Vitrified tiles length equal to flooring stones, set over base coat of CM (1:5) 12mm thick with Cement slurry of honey like consistency spread @ 3.30 Kgs per Sqm & jointed with white Cement paste mixed with pigment of matching shade to full depth, including c/c of materials like Cement, Sand and Water and tiles etc complete for finished item of work "]
[null,"Qty.p.11 of M.B.No.174/B/ZP/16"]
[null,"Hall ",1,"x",1,{"v":26.94,"d":"26.940"},{"v":0,"d":"0.000"},{"v":0.1,"d":"0.100"},{"$f":"ROUND(IF(AND(F1136:H1136),C1136*E1136*F1136*G1136*H1136,IF(AND(F1136,G1136),C1136*E1136*F1136*G1136,IF(AND(F1136,H1136),C1136*E1136*F1136*H1136,IF(AND(G1136,H1136),C1136*E1136*G1136*H1136,IF(F1136,C1136*E1136*F1136,IF(G1136,C1136*E1136*G1136,IF(H1136,C1136*E1136*H1136,C1136*E1136))))))),2)","v":2.69},"Sqm"]
[null,"Agri cum aqua store",1,"x",1,{"v":12.08,"d":"12.080"},{"v":0,"d":"0.000"},{"v":0.1,"d":"0.100"},{"$f":"ROUND(IF(AND(F1137:H1137),C1137*E1137*F1137*G1137*H1137,IF(AND(F1137,G1137),C1137*E1137*F1137*G1137,IF(AND(F1137,H1137),C1137*E1137*F1137*H1137,IF(AND(G1137,H1137),C1137*E1137*G1137*H1137,IF(F1137,C1137*E1137*F1137,IF(G1137,C1137*E1137*G1137,IF(H1137,C1137*E1137*H1137,C1137*E1137))))))),2)","v":1.21},"Sqm"]
[null,"Secretary room",1,"x",1,{"v":12,"d":"12.000"},{"v":0,"d":"0.000"},{"v":0.1,"d":"0.100"},{"$f":"ROUND(IF(AND(F1138:H1138),C1138*E1138*F1138*G1138*H1138,IF(AND(F1138,G1138),C1138*E1138*F1138*G1138,IF(AND(F1138,H1138),C1138*E1138*F1138*H1138,IF(AND(G1138,H1138),C1138*E1138*G1138*H1138,IF(F1138,C1138*E1138*F1138,IF(G1138,C1138*E1138*G1138,IF(H1138,C1138*E1138*H1138,C1138*E1138))))))),2)","v":{"v":1.2,"d":"1.20"}},"Sqm"]
[null,"Godown",1,"x",1,{"v":23.1,"d":"23.100"},{"v":0,"d":"0.000"},{"v":0.1,"d":"0.100"},{"$f":"ROUND(IF(AND(F1139:H1139),C1139*E1139*F1139*G1139*H1139,IF(AND(F1139,G1139),C1139*E1139*F1139*G1139,IF(AND(F1139,H1139),C1139*E1139*F1139*H1139,IF(AND(G1139,H1139),C1139*E1139*G1139*H1139,IF(F1139,C1139*E1139*F1139,IF(G1139,C1139*E1139*G1139,IF(H1139,C1139*E1139*H1139,C1139*E1139))))))),2)","v":2.31},"Sqm"]
[null,"Below staircase",1,"x",1,{"v":6.32,"d":"6.320"},{"v":0,"d":"0.000"},{"v":0.1,"d":"0.100"},{"$f":"ROUND(IF(AND(F1140:H1140),C1140*E1140*F1140*G1140*H1140,IF(AND(F1140,G1140),C1140*E1140*F1140*G1140,IF(AND(F1140,H1140),C1140*E1140*F1140*H1140,IF(AND(G1140,H1140),C1140*E1140*G1140*H1140,IF(F1140,C1140*E1140*F1140,IF(G1140,C1140*E1140*G1140,IF(H1140,C1140*E1140*H1140,C1140*E1140))))))),2)","v":0.63},"Sqm"]
[]
[{"$nulls":9},"Sqm",{"$f":"'DATA 2024-25'!G767","v":1325.83},"1Sqm",{"$f":"ROUND(I1142*K1142,0)","v":{"v":0,"d":"0.00"}}]
[23,"Flooring with high polished granite 16 to 18 mm mm thick slabs other than black set over base coat of cement mortar (1:8), 20 mm thick over CC bed already laid or RCC roof slab, including neat cement slurry of honey like consistency spread @ 3.3.kgs per sqm & jointed neatly with white cement paste mixed with pigment of matching shade to full depth, including cost of all materials like cement, sand water and tilesetc., complete, including seigniorage charges, labour charges for dressing of tilesetc., complete for finished item of work, but excluding the cost of conveyance of all materials"]
[null,"Qty.p.51 of M.B.No.269/A/ZP/19"]
[null,null,1,"x",2,{"v":3.1,"d":"3.100"},{"v":1.08,"d":"1.080"},{"v":0,"d":"0.000"},{"$f":"ROUND(IF(AND(F1145:H1145),C1145*E1145*F1145*G1145*H1145,IF(AND(F1145,G1145),C1145*E1145*F1145*G1145,IF(AND(F1145,H1145),C1145*E1145*F1145*H1145,IF(AND(G1145,H1145),C1145*E1145*G1145*H1145,IF(F1145,C1145*E1145*F1145,IF(G1145,C1145*E1145*G1145,IF(H1145,C1145*E1145*H1145,C1145*E1145))))))),2)","v":{"v":6.7,"d":"6.70"}},"Sqm"]
[null,null,1,"x",1,{"v":3.69,"d":"3.690"},{"v":2,"d":"2.000"},{"v":0,"d":"0.000"},{"$f":"ROUND(IF(AND(F1146:H1146),C1146*E1146*F1146*G1146*H1146,IF(AND(F1146,G1146),C1146*E1146*F1146*G1146,IF(AND(F1146,H1146),C1146*E1146*F1146*H1146,IF(AND(G1146,H1146),C1146*E1146*G1146*H1146,IF(F1146,C1146*E1146*F1146,IF(G1146,C1146*E1146*G1146,IF(H1146,C1146*E1146*H1146,C1146*E1146))))))),2)","v":7.38},"Sqm"]
[null,null,4,"x",0.785,{"v":0.23,"d":"0.230"},{"v":0.23,"d":"0.230"},{"v":0,"d":"0.000"},{"$f":"-ROUND(IF(AND(F1147:H1147),C1147*E1147*F1147*G1147*H1147,IF(AND(F1147,G1147),C1147*E1147*F1147*G1147,IF(AND(F1147,H1147),C1147*E1147*F1147*H1147,IF(AND(G1147,H1147),C1147*E1147*G1147*H1147,IF(F1147,C1147*E1147*F1147,IF(G1147,C1147*E1147*G1147,IF(H1147,C1147*E1147*H1147,C1147*E1147))))))),2)","v":-0.17},"Sqm"]
[null,null,1,"x",3,{"v":3.69,"d":"3.690"},{"v":0.3,"d":"0.300"},{"v":0,"d":"0.000"},{"$f":"ROUND(IF(AND(F1148:H1148),C1148*E1148*F1148*G1148*H1148,IF(AND(F1148,G1148),C1148*E1148*F1148*G1148,IF(AND(F1148,H1148),C1148*E1148*F1148*H1148,IF(AND(G1148,H1148),C1148*E1148*G1148*H1148,IF(F1148,C1148*E1148*F1148,IF(G1148,C1148*E1148*G1148,IF(H1148,C1148*E1148*H1148,C1148*E1148))))))),2)","v":3.32},"Sqm"]
[null,null,1,"x",1,{"v":3.69,"d":"3.690"},{"v":0,"d":"0.000"},{"v":0.1,"d":"0.100"},{"$f":"ROUND(IF(AND(F1149:H1149),C1149*E1149*F1149*G1149*H1149,IF(AND(F1149,G1149),C1149*E1149*F1149*G1149,IF(AND(F1149,H1149),C1149*E1149*F1149*H1149,IF(AND(G1149,H1149),C1149*E1149*G1149*H1149,IF(F1149,C1149*E1149*F1149,IF(G1149,C1149*E1149*G1149,IF(H1149,C1149*E1149*H1149,C1149*E1149))))))),2)","v":0.37},"Sqm"]
[null,null,1,"x",2,{"v":3.69,"d":"3.690"},{"v":0,"d":"0.000"},0.125,{"$f":"ROUND(IF(AND(F1150:H1150),C1150*E1150*F1150*G1150*H1150,IF(AND(F1150,G1150),C1150*E1150*F1150*G1150,IF(AND(F1150,H1150),C1150*E1150*F1150*H1150,IF(AND(G1150,H1150),C1150*E1150*G1150*H1150,IF(F1150,C1150*E1150*F1150,IF(G1150,C1150*E1150*G1150,IF(H1150,C1150*E1150*H1150,C1150*E1150))))))),2)","v":0.92},"Sqm"]
[null,null,1,"x",1,{"v":3.69,"d":"3.690"},{"v":0,"d":"0.000"},{"v":0.3,"d":"0.300"},{"$f":"ROUND(IF(AND(F1151:H1151),C1151*E1151*F1151*G1151*H1151,IF(AND(F1151,G1151),C1151*E1151*F1151*G1151,IF(AND(F1151,H1151),C1151*E1151*F1151*H1151,IF(AND(G1151,H1151),C1151*E1151*G1151*H1151,IF(F1151,C1151*E1151*F1151,IF(G1151,C1151*E1151*G1151,IF(H1151,C1151*E1151*H1151,C1151*E1151))))))),2)","v":1.11},"Sqm"]
[]
[{"$nulls":9},"Sqm",{"$f":"'DATA 2024-25'!G668","v":3354.14},"1Sqm",{"$f":"ROUND(I1153*K1153,0)","v":{"v":0,"d":"0.00"}}]
[24,"Providing skirting to internal walls to 15 cm height/risers of steps with 16-18 mm thick  polished granite tiles length equal to flooring stones, set over base coat of CM (1:3) 12 mm thick with cement slurry of honey like consistency spread at the rate of 3.30 kgs per sqm and jointed with white cement paste mixed with pigment of matching shade to full depth, including cost of all materials like tiles, cement, sand and water etc., complete including seigniorage charges, etc., complete for finished item of work"]
[null,"Qty.p.52 of M.B.No.269/A/ZP/19"]
[null,"Front entrane",1,"x",1,{"v":6,"d":"6.000"},{"v":0,"d":"0.000"},{"v":0.15,"d":"0.150"},{"$f":"ROUND(IF(AND(F1156:H1156),C1156*E1156*F1156*G1156*H1156,IF(AND(F1156,G1156),C1156*E1156*F1156*G1156,IF(AND(F1156,H1156),C1156*E1156*F1156*H1156,IF(AND(G1156,H1156),C1156*E1156*G1156*H1156,IF(F1156,C1156*E1156*F1156,IF(G1156,C1156*E1156*G1156,IF(H1156,C1156*E1156*H1156,C1156*E1156))))))),2)","v":{"v":0.9,"d":"0.90"}},"Sqm"]
[null,null,1,"x",1,{"v":6,"d":"6.000"},{"v":0,"d":"0.000"},{"v":0.15,"d":"0.150"},{"$f":"ROUND(IF(AND(F1157:H1157),C1157*E1157*F1157*G1157*H1157,IF(AND(F1157,G1157),C1157*E1157*F1157*G1157,IF(AND(F1157,H1157),C1157*E1157*F1157*H1157,IF(AND(G1157,H1157),C1157*E1157*G1157*H1157,IF(F1157,C1157*E1157*F1157,IF(G1157,C1157*E1157*G1157,IF(H1157,C1157*E1157*H1157,C1157*E1157))))))),2)","v":{"v":0.9,"d":"0.90"}},"Sqm"]
[null,null,1,"x",1,{"v":6,"d":"6.000"},{"v":0,"d":"0.000"},{"v":0.15,"d":"0.150"},{"$f":"ROUND(IF(AND(F1158:H1158),C1158*E1158*F1158*G1158*H1158,IF(AND(F1158,G1158),C1158*E1158*F1158*G1158,IF(AND(F1158,H1158),C1158*E1158*F1158*H1158,IF(AND(G1158,H1158),C1158*E1158*G1158*H1158,IF(F1158,C1158*E1158*F1158,IF(G1158,C1158*E1158*G1158,IF(H1158,C1158*E1158*H1158,C1158*E1158))))))),2)","v":{"v":0.9,"d":"0.90"}},"Sqm"]
[null,"GF 1st flight raisers",1,"x",11,{"v":1.35,"d":"1.350"},{"v":0,"d":"0.000"},{"v":0.15,"d":"0.150"},{"$f":"ROUND(IF(AND(F1159:H1159),C1159*E1159*F1159*G1159*H1159,IF(AND(F1159,G1159),C1159*E1159*F1159*G1159,IF(AND(F1159,H1159),C1159*E1159*F1159*H1159,IF(AND(G1159,H1159),C1159*E1159*G1159*H1159,IF(F1159,C1159*E1159*F1159,IF(G1159,C1159*E1159*G1159,IF(H1159,C1159*E1159*H1159,C1159*E1159))))))),2)","v":2.23},"Sqm"]
[null,"2nd flight raisers",1,"x",11,{"v":1.35,"d":"1.350"},{"v":0,"d":"0.000"},{"v":0.15,"d":"0.150"},{"$f":"ROUND(IF(AND(F1160:H1160),C1160*E1160*F1160*G1160*H1160,IF(AND(F1160,G1160),C1160*E1160*F1160*G1160,IF(AND(F1160,H1160),C1160*E1160*F1160*H1160,IF(AND(G1160,H1160),C1160*E1160*G1160*H1160,IF(F1160,C1160*E1160*F1160,IF(G1160,C1160*E1160*G1160,IF(H1160,C1160*E1160*H1160,C1160*E1160))))))),2)","v":2.23},"Sqm"]
[]
[{"$nulls":9},"Sqm",{"$f":"'DATA 2024-25'!G688","v":3073.05},"1Sqm",{"$f":"ROUND(I1162*K1162,0)","v":{"v":0,"d":"0.00"}}]
[26,"Flooring with chequrred terrazzo tiles of 22 mm thick (medium shade) set over base coat of cement mortar (1:6) 12 mm thick over CC bed already laid or RCC roof slab, including near cement slurry of honey like consistency spread @ 3.3.kgs per sqm & jointed with neat cement to full depth mixed with pigment of matching shade including cost of all materials like cement, sand water and tiles etc., complete, including seigniorage charges, complete for finished item of work,"]
[null,"Qty.p.13 of M.B.No.174/B/ZP/16"]
[null,"Verandah",1,"x",1,{"v":9.87,"d":"9.870"},{"v":1.83,"d":"1.830"},{"v":0,"d":"0.000"},{"$f":"ROUND(IF(AND(F1165:H1165),C1165*E1165*F1165*G1165*H1165,IF(AND(F1165,G1165),C1165*E1165*F1165*G1165,IF(AND(F1165,H1165),C1165*E1165*F1165*H1165,IF(AND(G1165,H1165),C1165*E1165*G1165*H1165,IF(F1165,C1165*E1165*F1165,IF(G1165,C1165*E1165*G1165,IF(H1165,C1165*E1165*H1165,C1165*E1165))))))),2)","v":18.06},"Sqm"]
[null,"Ramp",1,"x",1,{"v":2.83,"d":"2.830"},{"v":1.55,"d":"1.550"},{"v":0,"d":"0.000"},4.39,"Sqm"]
[null,null,1,"x",1,{"v":2.65,"d":"2.650"},{"v":0.53,"d":"0.530"},{"v":0,"d":"0.000"},{"v":1.4,"d":"1.40"},"Sqm"]
[null,null,1,"x",1,{"v":2.65,"d":"2.650"},{"v":0.9,"d":"0.900"},{"v":0,"d":"0.000"},2.39,"Sqm"]
[null,"Landing",1,"x",2,{"v":2.65,"d":"2.650"},{"v":1.1,"d":"1.100"},{"v":0,"d":"0.000"},5.83,"Sqm"]
[null,null,1,"x",1,{"v":1.3,"d":"1.300"},{"v":0.56,"d":"0.560"},{"v":0,"d":"0.000"},0.73,"Sqm"]
[null,null,1,"x",1,{"v":2.8,"d":"2.800"},{"v":0.53,"d":"0.530"},{"v":0,"d":"0.000"},1.48,"Sqm"]
[null,null,1,"x",1,{"v":2.8,"d":"2.800"},{"v":0.9,"d":"0.900"},{"v":0,"d":"0.000"},2.52,"Sqm"]
[null,"Entrance steps treads",1,"x",4,{"v":2.72,"d":"2.720"},{"v":0.38,"d":"0.380"},{"v":0,"d":"0.000"},4.13,"Sqm"]
[null,"Steps godown",1,"x",4,{"v":2.5,"d":"2.500"},{"v":0.38,"d":"0.380"},{"v":0,"d":"0.000"},{"v":3.8,"d":"3.80"},"Sqm"]
[null,"Staircase steps",1,"x",21,{"v":1.28,"d":"1.280"},{"v":0.3,"d":"0.300"},{"v":0,"d":"0.000"},8.06,"Sqm"]
[]
[{"$nulls":9},"Sqm",{"$f":"'DATA 2024-25'!G709","v":826.62},"1Sqm",{"$f":"ROUND(I1177*K1177,0)","v":{"v":0,"d":"0.00"}}]
[27,"Providing skirting to internal walls to 15 cm height/risers of steps with chequrred terrazzo tiles length equal to flooring stones, set over base coat of CM (1:5) 12 mm thick with cement slurry of honey like consistency spread at the rate of 3.30 kgs per sqm and jointed with white cement paste mixed with pigment of matching shade to full depth, including cost of all materials like tiles, cement, sand and water etc., complete including seigniorage charges, etc., complete for finished item of work,"]
[null,"Qty.p.14 of M.B.No.174/B/ZP/16"]
[null,"Landing",1,"x",2,{"v":5.25,"d":"5.250"},{"v":0,"d":"0.000"},{"v":0.1,"d":"0.100"},{"$f":"ROUND(IF(AND(F1180:H1180),C1180*E1180*F1180*G1180*H1180,IF(AND(F1180,G1180),C1180*E1180*F1180*G1180,IF(AND(F1180,H1180),C1180*E1180*F1180*H1180,IF(AND(G1180,H1180),C1180*E1180*G1180*H1180,IF(F1180,C1180*E1180*F1180,IF(G1180,C1180*E1180*G1180,IF(H1180,C1180*E1180*H1180,C1180*E1180))))))),2)","v":1.05},"Sqm"]
[null,"Verandah",1,"x",1,{"v":9.87,"d":"9.870"},{"v":0,"d":"0.000"},{"v":0.1,"d":"0.100"},0.99,"Sqm"]
[null,"Entrance steps risers",1,"x",5,{"v":2.72,"d":"2.720"},{"v":0,"d":"0.000"},{"v":0.17,"d":"0.170"},2.31,"Sqm"]
[null,"Godown steps risers",1,"x",5,{"v":2.5,"d":"2.500"},{"v":0,"d":"0.000"},{"v":0.17,"d":"0.170"},2.13,"Sqm"]
[null,"Staircase steps",1,"x",22,{"v":1.28,"d":"1.280"},{"v":0,"d":"0.000"},{"v":0.15,"d":"0.150"},4.22,"Sqm"]
[null,"Waiting room",1,"x",1,{"v":10.53,"d":"10.530"},{"v":0,"d":"0.000"},{"v":0.1,"d":"0.100"},1.05,"Sqm"]
[]
[{"$nulls":9},"Sqm",{"$f":"'DATA 2024-25'!G727","v":853.85},"1Sqm",{"$f":"ROUND(I1187*K1187,0)","v":{"v":0,"d":"0.00"}}]
[19,"Flooring with Ceramic non skid tiles of not less than 7-8mm thick 1st quality laid over floor bed / VRCC slab set over base coat of CM (1:8), 12mm thick and neat grey Cement slurry of honey like consistency spread @ 3.30 Kgs per Sqm & jointed with neat white Cement paste to full depth mixed with pigment of matching shade including c/c of all materials to site including cost of mixing of mortar and watering and levelling to proper slope and curing including all labour charges etc for finished item of work  "]
[null,"Qty.p. 72 of M.B.No.269/A/ZP/19"]
[null,null,1,"x",1,{"v":9.86,"d":"9.860"},{"v":1.15,"d":"1.150"},{"v":0,"d":"0.000"},{"$f":"ROUND(IF(AND(F1190:H1190),C1190*E1190*F1190*G1190*H1190,IF(AND(F1190,G1190),C1190*E1190*F1190*G1190,IF(AND(F1190,H1190),C1190*E1190*F1190*H1190,IF(AND(G1190,H1190),C1190*E1190*G1190*H1190,IF(F1190,C1190*E1190*F1190,IF(G1190,C1190*E1190*G1190,IF(H1190,C1190*E1190*H1190,C1190*E1190))))))),2)","v":11.34},"Sqm"]
[null,null,1,"x",1,{"v":3.1,"d":"3.100"},{"v":0.4,"d":"0.400"},{"v":0,"d":"0.000"},1.24,"Sqm"]
[null,null,1,"x",1,{"v":3.1,"d":"3.100"},{"v":1.18,"d":"1.180"},{"v":0,"d":"0.000"},3.66,"Sqm"]
[null,null,1,"x",1,{"v":3.15,"d":"3.150"},{"v":0.4,"d":"0.400"},{"v":0,"d":"0.000"},1.26,"Sqm"]
[null,null,1,"x",1,{"v":3.15,"d":"3.150"},{"v":1.2,"d":"1.200"},{"v":0,"d":"0.000"},3.78,"Sqm"]
[null,null,1,"x",1,{"v":3.6,"d":"3.600"},{"v":0.9,"d":"0.900"},{"v":0,"d":"0.000"},3.24,"Sqm"]
[null,null,1,"x",1,{"v":3.6,"d":"3.600"},{"v":0.3,"d":"0.300"},{"v":0,"d":"0.000"},1.08,"Sqm"]
[null,null,1,"x",1,{"v":3.6,"d":"3.600"},{"v":0.38,"d":"0.380"},{"v":0,"d":"0.000"},1.37,"Sqm"]
[null,null,1,"x",1,{"v":3.6,"d":"3.600"},{"v":0.41,"d":"0.410"},{"v":0,"d":"0.000"},1.48,"Sqm"]
[null,null,1,"x",1,{"v":3.6,"d":"3.600"},{"v":0.37,"d":"0.370"},{"v":0,"d":"0.000"},1.33,"Sqm"]
[]
[{"$nulls":9},"Sqm",{"$f":"'DATA 2024-25'!G785","v":{"v":930.6,"d":"930.60"}},"1Sqm",{"$f":"ROUND(I1201*K1201,0)","v":{"v":0,"d":"0.00"}}]
[20,"Providing Daddooing to walls with 5 to 7mm thick Glazed Ceramic wall tiles of 1st quality of 6mm thick set over base coat of CM (1:3) 12mm thick with Cement slurry of honey like consistency spread @ 3.30 Kgs per Sqm & jointed with neat white Cement paste to full depth mixed with pigment of matching shade including c/c of all materials to site, cost of all materials like tiles, Cement, sand and water etc complete for finished item of work  "]
[null,"Qty.P.No. 73 of M.B.No.269/A/ZP/19"]
[null,null,1,"x",1,{"v":8.63,"d":"8.630"},{"v":0,"d":"0.000"},{"v":0.1,"d":"0.100"},{"$f":"ROUND(IF(AND(F1204:H1204),C1204*E1204*F1204*G1204*H1204,IF(AND(F1204,G1204),C1204*E1204*F1204*G1204,IF(AND(F1204,H1204),C1204*E1204*F1204*H1204,IF(AND(G1204,H1204),C1204*E1204*G1204*H1204,IF(F1204,C1204*E1204*F1204,IF(G1204,C1204*E1204*G1204,IF(H1204,C1204*E1204*H1204,C1204*E1204))))))),2)","v":0.86},"Sqm"]
[null,null,1,"x",4,{"v":3.6,"d":"3.600"},{"v":0,"d":"0.000"},{"v":0.18,"d":"0.180"},{"$f":"ROUND(IF(AND(F1205:H1205),C1205*E1205*F1205*G1205*H1205,IF(AND(F1205,G1205),C1205*E1205*F1205*G1205,IF(AND(F1205,H1205),C1205*E1205*F1205*H1205,IF(AND(G1205,H1205),C1205*E1205*G1205*H1205,IF(F1205,C1205*E1205*F1205,IF(G1205,C1205*E1205*G1205,IF(H1205,C1205*E1205*H1205,C1205*E1205))))))),2)","v":2.59},"Sqm"]
[]
[{"$nulls":9},"Sqm",{"$f":"'DATA 2024-25'!G802","v":519.88},"1Sqm",{"$f":"ROUND(I1207*K1207,0)","v":{"v":0,"d":"0.00"}}]
[27,"Flooring with pressed clay flooring tiles, set over base coat of cement mortar (1:8) 12 mm thick over CC bed already laid or RCC roof slab, including neat cement slurry of honey like consistency spread @ 3.3.kgs per sqm & jointed neatly with cement mixed with pigment of matching shade to full depth, including cost of all materials like cement, sand water and tiles etc., complete, for finished item of work,     "]
[null,"Qty.P.No. 53 of M.B.No.269/A/ZP/19"]
[null,"Roofing tiles",2,"x",0.5,{"v":0.96,"d":"0.960"},{"v":1,"d":"1.000"},{"v":0,"d":"0.000"},{"$f":"ROUND(IF(AND(F1210:H1210),C1210*E1210*F1210*G1210*H1210,IF(AND(F1210,G1210),C1210*E1210*F1210*G1210,IF(AND(F1210,H1210),C1210*E1210*F1210*H1210,IF(AND(G1210,H1210),C1210*E1210*G1210*H1210,IF(F1210,C1210*E1210*F1210,IF(G1210,C1210*E1210*G1210,IF(H1210,C1210*E1210*H1210,C1210*E1210))))))),2)","v":0.96},"Sqm"]
[null,null,1,"x",2,{"v":3.6,"d":"3.600"},{"v":1.13,"d":"1.130"},{"v":0,"d":"0.000"},{"$f":"ROUND(IF(AND(F1211:H1211),C1211*E1211*F1211*G1211*H1211,IF(AND(F1211,G1211),C1211*E1211*F1211*G1211,IF(AND(F1211,H1211),C1211*E1211*F1211*H1211,IF(AND(G1211,H1211),C1211*E1211*G1211*H1211,IF(F1211,C1211*E1211*F1211,IF(G1211,C1211*E1211*G1211,IF(H1211,C1211*E1211*H1211,C1211*E1211))))))),2)","v":8.14},"Sqm"]
[null,null,1,"x",2,{"v":1.96,"d":"1.960"},{"v":1,"d":"1.000"},{"v":0,"d":"0.000"},{"$f":"ROUND(IF(AND(F1212:H1212),C1212*E1212*F1212*G1212*H1212,IF(AND(F1212,G1212),C1212*E1212*F1212*G1212,IF(AND(F1212,H1212),C1212*E1212*F1212*H1212,IF(AND(G1212,H1212),C1212*E1212*G1212*H1212,IF(F1212,C1212*E1212*F1212,IF(G1212,C1212*E1212*G1212,IF(H1212,C1212*E1212*H1212,C1212*E1212))))))),2)","v":3.92},"Sqm"]
[null,null,1,"x",2,{"v":1.33,"d":"1.330"},{"v":1.1,"d":"1.100"},{"v":0,"d":"0.000"},{"$f":"ROUND(IF(AND(F1213:H1213),C1213*E1213*F1213*G1213*H1213,IF(AND(F1213,G1213),C1213*E1213*F1213*G1213,IF(AND(F1213,H1213),C1213*E1213*F1213*H1213,IF(AND(G1213,H1213),C1213*E1213*G1213*H1213,IF(F1213,C1213*E1213*F1213,IF(G1213,C1213*E1213*G1213,IF(H1213,C1213*E1213*H1213,C1213*E1213))))))),2)","v":2.93},"Sqm"]
[]
[{"$nulls":9},"Sqm",{"$f":"'DATA 2024-25'!G830","v":1475.04},"1Sqm",{"$f":"ROUND(I1215*K1215,0)","v":{"v":0,"d":"0.00"}}]
[26,"White washing one coat with whiting of approved quality to give an even shade after thoroughly brushing the surface to remove all dirt and remains of loose powdered materials including cost of all materials, labour charges and incidental such as scaffolding, lift charges etc., complete for finished item of wor"]
[null,"Qty.p.17 of M.B.No.269/A/ZP/19"]
[null,"Hall",1,"x",1,{"v":8.5,"d":"8.500"},{"v":4.95,"d":"4.950"},{"v":0,"d":"0.000"},{"$f":"ROUND(IF(AND(F1218:H1218),C1218*E1218*F1218*G1218*H1218,IF(AND(F1218,G1218),C1218*E1218*F1218*G1218,IF(AND(F1218,H1218),C1218*E1218*F1218*H1218,IF(AND(G1218,H1218),C1218*E1218*G1218*H1218,IF(F1218,C1218*E1218*F1218,IF(G1218,C1218*E1218*G1218,IF(H1218,C1218*E1218*H1218,C1218*E1218))))))),2)","v":42.08},"Sqm"]
[null,"Front projection",1,"x",1,{"v":5.5,"d":"5.500"},{"v":2.4,"d":"2.400"},{"v":0,"d":"0.000"},{"v":13.2,"d":"13.20"},"Sqm"]
[null,"Room-1",1,"x",1,{"v":3.15,"d":"3.150"},{"v":2.85,"d":"2.850"},{"v":0,"d":"0.000"},8.98,"Sqm"]
[null,"Room-2",1,"x",1,{"v":3.15,"d":"3.150"},{"v":2.75,"d":"2.750"},{"v":0,"d":"0.000"},8.66,"Sqm"]
[null,"Godown",1,"x",1,{"v":8.35,"d":"8.350"},{"v":3.35,"d":"3.350"},{"v":0,"d":"0.000"},27.97,"Sqm"]
[null,"Bottom of sunshades in Hall",1,"x",1,{"v":2.5,"d":"2.500"},{"v":0.5,"d":"0.500"},{"v":0,"d":"0.000"},1.25,"Sqm"]
[null,null,1,"x",1,{"v":2.5,"d":"2.500"},{"v":0.5,"d":"0.500"},{"v":0,"d":"0.000"},1.25,"Sqm"]
[null,null,1,"x",1,{"v":2.5,"d":"2.500"},{"v":0.5,"d":"0.500"},{"v":0,"d":"0.000"},1.25,"Sqm"]
[null,"Room-1",1,"x",1,{"v":2.5,"d":"2.500"},{"v":0.5,"d":"0.500"},{"v":0,"d":"0.000"},1.25,"Sqm"]
[null,"Room-2",1,"x",1,{"v":2.5,"d":"2.500"},{"v":0.5,"d":"0.500"},{"v":0,"d":"0.000"},1.25,"Sqm"]
[null,"Bottom of slab projection",1,"x",1,{"v":8.9,"d":"8.900"},{"v":0.9,"d":"0.900"},{"v":0,"d":"0.000"},8.01,"Sqm"]
[null,"Bottom of first flight",1,"x",1,{"v":2.9,"d":"2.900"},{"v":1.3,"d":"1.300"},{"v":0,"d":"0.000"},3.77,"Sqm"]
[null,"2nd flight",1,"x",1,{"v":2.9,"d":"2.900"},{"v":1.3,"d":"1.300"},{"v":0,"d":"0.000"},3.77,"Sqm"]
[null,"Qty.p.21 of M.B.No.269/A/ZP/19"]
[null,"Hall alround",1,"x",1,{"v":27.04,"d":"27.040"},{"v":0,"d":"0.000"},{"v":3.2,"d":"3.200"},{"$f":"ROUND(IF(AND(F1232:H1232),C1232*E1232*F1232*G1232*H1232,IF(AND(F1232,G1232),C1232*E1232*F1232*G1232,IF(AND(F1232,H1232),C1232*E1232*F1232*H1232,IF(AND(G1232,H1232),C1232*E1232*G1232*H1232,IF(F1232,C1232*E1232*F1232,IF(G1232,C1232*E1232*G1232,IF(H1232,C1232*E1232*H1232,C1232*E1232))))))),2)","v":86.53},"Sqm"]
[null,"Room-1",1,"x",1,{"v":12.18,"d":"12.180"},{"v":0,"d":"0.000"},{"v":3.2,"d":"3.200"},38.98,"Sqm"]
[null,"Room-2",1,"x",1,{"v":12.1,"d":"12.100"},{"v":0,"d":"0.000"},{"v":3.2,"d":"3.200"},38.72,"Sqm"]
[null,"Godown 3 sides",1,"x",1,{"v":20.08,"d":"20.080"},{"v":0,"d":"0.000"},{"v":3.2,"d":"3.200"},64.26,"Sqm"]
[null,"Inside projection front side",1,"x",1,{"v":12.6,"d":"12.600"},{"v":0,"d":"0.000"},{"v":0.75,"d":"0.750"},9.45,"Sqm"]
[null,"Staircase inside",1,"x",1,{"v":3.27,"d":"3.270"},{"v":0,"d":"0.000"},{"v":3.2,"d":"3.200"},10.46,"Sqm"]
[null,null,1,"x",1,{"v":3.27,"d":"3.270"},{"v":0,"d":"0.000"},{"v":3.2,"d":"3.200"},10.46,"Sqm"]
[null,"Upto landing",1,"x",1,{"v":2.68,"d":"2.680"},{"v":0,"d":"0.000"},{"v":1.2,"d":"1.200"},3.22,"Sqm"]
[null,"Deduct door",1,"x",2,{"v":1.2,"d":"1.200"},{"v":0,"d":"0.000"},{"v":2.1,"d":"2.100"},{"$f":"-ROUND(IF(AND(F1240:H1240),C1240*E1240*F1240*G1240*H1240,IF(AND(F1240,G1240),C1240*E1240*F1240*G1240,IF(AND(F1240,H1240),C1240*E1240*F1240*H1240,IF(AND(G1240,H1240),C1240*E1240*G1240*H1240,IF(F1240,C1240*E1240*F1240,IF(G1240,C1240*E1240*G1240,IF(H1240,C1240*E1240*H1240,C1240*E1240))))))),2)","v":-5.04},"Sqm"]
[null,"Deduct window",1,"x",5,{"v":1.5,"d":"1.500"},{"v":0,"d":"0.000"},{"v":1.35,"d":"1.350"},{"$f":"-ROUND(IF(AND(F1241:H1241),C1241*E1241*F1241*G1241*H1241,IF(AND(F1241,G1241),C1241*E1241*F1241*G1241,IF(AND(F1241,H1241),C1241*E1241*F1241*H1241,IF(AND(G1241,H1241),C1241*E1241*G1241*H1241,IF(F1241,C1241*E1241*F1241,IF(G1241,C1241*E1241*G1241,IF(H1241,C1241*E1241*H1241,C1241*E1241))))))),2)","v":-10.13},"Sqm"]
[null,"Deduct ventilator",1,"x",10,{"v":0.6,"d":"0.600"},{"v":0,"d":"0.000"},{"v":0.3,"d":"0.300"},{"$f":"-ROUND(IF(AND(F1242:H1242),C1242*E1242*F1242*G1242*H1242,IF(AND(F1242,G1242),C1242*E1242*F1242*G1242,IF(AND(F1242,H1242),C1242*E1242*F1242*H1242,IF(AND(G1242,H1242),C1242*E1242*G1242*H1242,IF(F1242,C1242*E1242*F1242,IF(G1242,C1242*E1242*G1242,IF(H1242,C1242*E1242*H1242,C1242*E1242))))))),2)","v":{"v":-1.8,"d":"-1.80"}},"Sqm"]
[null,"Deduct Main door",1,"x",1,{"v":1.2,"d":"1.200"},{"v":0,"d":"0.000"},{"v":2.1,"d":"2.100"},{"$f":"-ROUND(IF(AND(F1243:H1243),C1243*E1243*F1243*G1243*H1243,IF(AND(F1243,G1243),C1243*E1243*F1243*G1243,IF(AND(F1243,H1243),C1243*E1243*F1243*H1243,IF(AND(G1243,H1243),C1243*E1243*G1243*H1243,IF(F1243,C1243*E1243*F1243,IF(G1243,C1243*E1243*G1243,IF(H1243,C1243*E1243*H1243,C1243*E1243))))))),2)","v":-2.52},"Sqm"]
[null,"Qty.p.23 of M.B.No.269/A/ZP/19"]
[null,"South side",1,"x",1,{"v":12.53,"d":"12.530"},{"v":0,"d":"0.000"},{"v":3.6,"d":"3.600"},{"$f":"ROUND(IF(AND(F1245:H1245),C1245*E1245*F1245*G1245*H1245,IF(AND(F1245,G1245),C1245*E1245*F1245*G1245,IF(AND(F1245,H1245),C1245*E1245*F1245*H1245,IF(AND(G1245,H1245),C1245*E1245*G1245*H1245,IF(F1245,C1245*E1245*F1245,IF(G1245,C1245*E1245*G1245,IF(H1245,C1245*E1245*H1245,C1245*E1245))))))),2)","v":45.11},"Sqm"]
[null,"East side",1,"x",1,{"v":8.85,"d":"8.850"},{"v":0,"d":"0.000"},{"v":3.6,"d":"3.600"},{"$f":"ROUND(IF(AND(F1246:H1246),C1246*E1246*F1246*G1246*H1246,IF(AND(F1246,G1246),C1246*E1246*F1246*G1246,IF(AND(F1246,H1246),C1246*E1246*F1246*H1246,IF(AND(G1246,H1246),C1246*E1246*G1246*H1246,IF(F1246,C1246*E1246*F1246,IF(G1246,C1246*E1246*G1246,IF(H1246,C1246*E1246*H1246,C1246*E1246))))))),2)","v":31.86},"Sqm"]
[null,"North side",1,"x",1,{"v":6.25,"d":"6.250"},{"v":0,"d":"0.000"},{"v":3.6,"d":"3.600"},{"$f":"ROUND(IF(AND(F1247:H1247),C1247*E1247*F1247*G1247*H1247,IF(AND(F1247,G1247),C1247*E1247*F1247*G1247,IF(AND(F1247,H1247),C1247*E1247*F1247*H1247,IF(AND(G1247,H1247),C1247*E1247*G1247*H1247,IF(F1247,C1247*E1247*F1247,IF(G1247,C1247*E1247*G1247,IF(H1247,C1247*E1247*H1247,C1247*E1247))))))),2)","v":{"v":22.5,"d":"22.50"}},"Sqm"]
[null,"West side",1,"x",1,{"v":5.45,"d":"5.450"},{"v":0,"d":"0.000"},{"v":3.2,"d":"3.200"},{"$f":"ROUND(IF(AND(F1248:H1248),C1248*E1248*F1248*G1248*H1248,IF(AND(F1248,G1248),C1248*E1248*F1248*G1248,IF(AND(F1248,H1248),C1248*E1248*F1248*H1248,IF(AND(G1248,H1248),C1248*E1248*G1248*H1248,IF(F1248,C1248*E1248*F1248,IF(G1248,C1248*E1248*G1248,IF(H1248,C1248*E1248*H1248,C1248*E1248))))))),2)","v":17.44},"Sqm"]
[]
[{"$nulls":9},"Sqm",{"$f":"'DATA 2024-25'!G860","v":28.94},"1Sqm",{"$f":"ROUND(I1250*K1250,0)","v":{"v":0,"d":"0.00"}}]
[7,"Providing and applying Wall putty of White Cement or Polymer or Cement based of average 1 to 2 mm thickness over plastered surface to prepare the surface even and smooth after thoroughly brushing the surface to remove all dirt and remains of loose powdered materials, applying emery paper, Sand the surface, clean & wipe off loose dust, applying knifing paste filler by putty knife / muslin pad, air dry for 2 - 3 hrs, sand with 180 and 320 No., emery paper for the surface preparation including cost and conveyance of all materials and all operational, incidental and all labour charges etc., complete for finished item of work in all floors for internal walls"]
[null,"Qty.p.48  of M.B.No.482/A/ZP/20"]
[null,"Staircase room inside",1,"x",1,{"v":3.3,"d":"3.300"},{"v":0,"d":"0.000"},{"v":3.15,"d":"3.150"},{"$f":"ROUND(IF(AND(F1253:H1253),C1253*E1253*F1253*G1253*H1253,IF(AND(F1253,G1253),C1253*E1253*F1253*G1253,IF(AND(F1253,H1253),C1253*E1253*F1253*H1253,IF(AND(G1253,H1253),C1253*E1253*G1253*H1253,IF(F1253,C1253*E1253*F1253,IF(G1253,C1253*E1253*G1253,IF(H1253,C1253*E1253*H1253,C1253*E1253))))))),2)","v":{"v":10.4,"d":"10.40"}},"Sqm"]
[null,null,1,"x",1,{"v":3.3,"d":"3.300"},{"v":0,"d":"0.000"},{"v":3.15,"d":"3.150"},{"v":10.4,"d":"10.40"},"Sqm"]
[null,null,1,"x",1,{"v":3.2,"d":"3.200"},{"v":0,"d":"0.000"},{"v":2.75,"d":"2.750"},{"v":8.8,"d":"8.80"},"Sqm"]
[null,null,1,"x",1,{"v":3.2,"d":"3.200"},{"v":0,"d":"0.000"},{"v":2.75,"d":"2.750"},{"v":8.8,"d":"8.80"},"Sqm"]
[null,"Top Inside",1,"x",1,{"v":3.3,"d":"3.300"},{"v":0,"d":"0.000"},{"v":2.7,"d":"2.700"},8.91,"Sqm"]
[null,null,1,"x",1,{"v":3.3,"d":"3.300"},{"v":0,"d":"0.000"},{"v":2.7,"d":"2.700"},8.91,"Sqm"]
[null,null,1,"x",1,{"v":3.2,"d":"3.200"},{"v":0,"d":"0.000"},{"v":2.7,"d":"2.700"},8.64,"Sqm"]
[null,"Deduct doors",1,"x",1,{"v":1.2,"d":"1.200"},{"v":0,"d":"0.000"},{"v":2.1,"d":"2.100"},{"$f":"-ROUND(IF(AND(F1260:H1260),C1260*E1260*F1260*G1260*H1260,IF(AND(F1260,G1260),C1260*E1260*F1260*G1260,IF(AND(F1260,H1260),C1260*E1260*F1260*H1260,IF(AND(G1260,H1260),C1260*E1260*G1260*H1260,IF(F1260,C1260*E1260*F1260,IF(G1260,C1260*E1260*G1260,IF(H1260,C1260*E1260*H1260,C1260*E1260))))))),2)","v":-2.52},"Sqm"]
[null,"Inside parapet alround",1,"x",1,{"v":42,"d":"42.000"},{"v":0,"d":"0.000"},{"v":0.8,"d":"0.800"},{"$f":"ROUND(IF(AND(F1261:H1261),C1261*E1261*F1261*G1261*H1261,IF(AND(F1261,G1261),C1261*E1261*F1261*G1261,IF(AND(F1261,H1261),C1261*E1261*F1261*H1261,IF(AND(G1261,H1261),C1261*E1261*G1261*H1261,IF(F1261,C1261*E1261*F1261,IF(G1261,C1261*E1261*G1261,IF(H1261,C1261*E1261*H1261,C1261*E1261))))))),2)","v":{"v":33.6,"d":"33.60"}},"Sqm"]
[null,"Front Projection alround",1,"x",1,{"v":14.8,"d":"14.800"},{"v":0,"d":"0.000"},{"v":0.8,"d":"0.800"},{"$f":"ROUND(IF(AND(F1262:H1262),C1262*E1262*F1262*G1262*H1262,IF(AND(F1262,G1262),C1262*E1262*F1262*G1262,IF(AND(F1262,H1262),C1262*E1262*F1262*H1262,IF(AND(G1262,H1262),C1262*E1262*G1262*H1262,IF(F1262,C1262*E1262*F1262,IF(G1262,C1262*E1262*G1262,IF(H1262,C1262*E1262*H1262,C1262*E1262))))))),2)","v":11.84},"Sqm"]
[null,"Back",1,"x",1,{"v":10.3,"d":"10.300"},{"v":0,"d":"0.000"},{"v":0.8,"d":"0.800"},{"$f":"ROUND(IF(AND(F1263:H1263),C1263*E1263*F1263*G1263*H1263,IF(AND(F1263,G1263),C1263*E1263*F1263*G1263,IF(AND(F1263,H1263),C1263*E1263*F1263*H1263,IF(AND(G1263,H1263),C1263*E1263*G1263*H1263,IF(F1263,C1263*E1263*F1263,IF(G1263,C1263*E1263*G1263,IF(H1263,C1263*E1263*H1263,C1263*E1263))))))),2)","v":8.24},"Sqm"]
[null,"Parapet wall",1,"x",1,{"v":22.7,"d":"22.700"},{"v":0,"d":"0.000"},{"v":0.8,"d":"0.800"},{"$f":"ROUND(IF(AND(F1264:H1264),C1264*E1264*F1264*G1264*H1264,IF(AND(F1264,G1264),C1264*E1264*F1264*G1264,IF(AND(F1264,H1264),C1264*E1264*F1264*H1264,IF(AND(G1264,H1264),C1264*E1264*G1264*H1264,IF(F1264,C1264*E1264*F1264,IF(G1264,C1264*E1264*G1264,IF(H1264,C1264*E1264*H1264,C1264*E1264))))))),2)","v":18.16},"Sqm"]
[]
[{"$nulls":9},"Sqm",{"$f":"'DATA 2024-25'!G875","v":211.61},"1Sqm",{"$f":"ROUND(I1266*K1266,0)","v":{"v":0,"d":"0.00"}}]
[8,"Painting to new walls with 2 coats of acrylic Emulsion paint Asian or equivalent and shade over Priming coat with Cement primer water base interior Gr-1 Asian or equivalent on new plastered surface after throughly brushing the surace remove all dirt and remains of loose powdered materials including cost and conveyance of all materials to worksite and all oparational, incidental, labour charges etc complete for  finished item of work as per SS 911 for internal walls"]
[null,"Qty.p.55  of M.B.No.482/A/ZP/20"]
[null,"Staircase room inside",1,"x",1,{"v":3.3,"d":"3.300"},{"v":0,"d":"0.000"},{"v":3.15,"d":"3.150"},{"$f":"ROUND(IF(AND(F1269:H1269),C1269*E1269*F1269*G1269*H1269,IF(AND(F1269,G1269),C1269*E1269*F1269*G1269,IF(AND(F1269,H1269),C1269*E1269*F1269*H1269,IF(AND(G1269,H1269),C1269*E1269*G1269*H1269,IF(F1269,C1269*E1269*F1269,IF(G1269,C1269*E1269*G1269,IF(H1269,C1269*E1269*H1269,C1269*E1269))))))),2)","v":{"v":10.4,"d":"10.40"}},"Sqm"]
[null,null,1,"x",1,{"v":3.3,"d":"3.300"},{"v":0,"d":"0.000"},{"v":3.15,"d":"3.150"},{"v":10.4,"d":"10.40"},"Sqm"]
[null,null,1,"x",1,{"v":3.2,"d":"3.200"},{"v":0,"d":"0.000"},{"v":3.15,"d":"3.150"},10.08,"Sqm"]
[null,null,1,"x",1,{"v":3.2,"d":"3.200"},{"v":0,"d":"0.000"},{"v":3.15,"d":"3.150"},10.08,"Sqm"]
[null,"Top Inside",1,"x",1,{"v":3.3,"d":"3.300"},{"v":0,"d":"0.000"},{"v":2.7,"d":"2.700"},8.91,"Sqm"]
[null,null,1,"x",1,{"v":3.3,"d":"3.300"},{"v":0,"d":"0.000"},{"v":2.7,"d":"2.700"},8.91,"Sqm"]
[null,null,1,"x",1,{"v":3.2,"d":"3.200"},{"v":0,"d":"0.000"},{"v":2.7,"d":"2.700"},8.64,"Sqm"]
[null,"Deduct doors",1,"x",1,{"v":1.2,"d":"1.200"},{"v":0,"d":"0.000"},{"v":2.1,"d":"2.100"},{"$f":"-ROUND(IF(AND(F1276:H1276),C1276*E1276*F1276*G1276*H1276,IF(AND(F1276,G1276),C1276*E1276*F1276*G1276,IF(AND(F1276,H1276),C1276*E1276*F1276*H1276,IF(AND(G1276,H1276),C1276*E1276*G1276*H1276,IF(F1276,C1276*E1276*F1276,IF(G1276,C1276*E1276*G1276,IF(H1276,C1276*E1276*H1276,C1276*E1276))))))),2)","v":-2.52},"Sqm"]
[null,"Inside parapet alround",1,"x",1,{"v":42,"d":"42.000"},{"v":0,"d":"0.000"},{"v":0.8,"d":"0.800"},{"$f":"ROUND(IF(AND(F1277:H1277),C1277*E1277*F1277*G1277*H1277,IF(AND(F1277,G1277),C1277*E1277*F1277*G1277,IF(AND(F1277,H1277),C1277*E1277*F1277*H1277,IF(AND(G1277,H1277),C1277*E1277*G1277*H1277,IF(F1277,C1277*E1277*F1277,IF(G1277,C1277*E1277*G1277,IF(H1277,C1277*E1277*H1277,C1277*E1277))))))),2)","v":{"v":33.6,"d":"33.60"}},"Sqm"]
[]
[{"$nulls":9},"Sqm",{"$f":"'DATA 2024-25'!G911","v":216.27},"1Sqm",{"$f":"ROUND(I1279*K1279,0)","v":{"v":0,"d":"0.00"}}]
[9,"Painting to new walls with 2 coats of acrylic Emulsion paint Asian or equivalent and shade over Priming coat with Cement primer water base interior Gr-1 Asian or equivalent on new plastered surface after throughly brushing the surace remove all dirt and remains of loose powdered materials including cost and conveyance of all materials to worksite and all oparational, incidental, labour charges etc complete for  finished item of work as per SS 911 for external walls"]
[null,"Qty.p.57  of M.B.No.482/A/ZP/20"]
[null,"Parapet wall",1,"x",1,{"v":22.7,"d":"22.700"},{"v":0,"d":"0.000"},{"v":1.3,"d":"1.300"},{"$f":"ROUND(IF(AND(F1282:H1282),C1282*E1282*F1282*G1282*H1282,IF(AND(F1282,G1282),C1282*E1282*F1282*G1282,IF(AND(F1282,H1282),C1282*E1282*F1282*H1282,IF(AND(G1282,H1282),C1282*E1282*G1282*H1282,IF(F1282,C1282*E1282*F1282,IF(G1282,C1282*E1282*G1282,IF(H1282,C1282*E1282*H1282,C1282*E1282))))))),2)","v":29.51},"Sqm"]
[null,null,1,"x",1,{"v":1.1,"d":"1.100"},{"v":0,"d":"0.000"},{"v":7.95,"d":"7.950"},8.75,"Sqm"]
[null,null,1,"x",1,{"v":14.8,"d":"14.800"},{"v":0,"d":"0.000"},{"v":1.3,"d":"1.300"},19.24,"Sqm"]
[null,null,1,"x",1,{"v":10.3,"d":"10.300"},{"v":0,"d":"0.000"},{"v":1.3,"d":"1.300"},13.39,"Sqm"]
[null,null,1,"x",1,{"v":3.25,"d":"3.250"},{"v":0,"d":"0.000"},{"v":7.65,"d":"7.650"},24.86,"Sqm"]
[null,"Staircase external ",1,"x",1,{"v":1,"d":"1.000"},{"v":0,"d":"0.000"},{"v":9.5,"d":"9.500"},{"v":9.5,"d":"9.50"},"Sqm"]
[null,null,1,"x",1,{"v":3.3,"d":"3.300"},{"v":0,"d":"0.000"},{"v":9.5,"d":"9.500"},31.35,"Sqm"]
[]
[{"$nulls":9},"Sqm",{"$f":"'DATA 2024-25'!G926","v":297.76},"1Sqm",{"$f":"ROUND(I1290*K1290,0)","v":{"v":0,"d":"0.00"}}]
[10,"Supplying, fitting & placing HYSD bar reinforcement in foundation complete including labour charges for cutting, bending to required sizes and shapes, placing in position and tying with binding wire, forming grills for reinforcement work including c/c of steel bars below 36mm dia including overlaps and wastage, where they are not welded "]
[null,"Qty.p.98  of M.B.No.220/A/ZP/19","Columns",{"$nulls":5},189.07,"Kgs"]
[null,"Qty.p.5  of M.B.No.482/A/ZP/19","Beam and slab",{"$nulls":5},317.49,"Kgs"]
[{"$nulls":8},{"$f":"SUM(I1292:I1293)","v":506.56},"Kgs"]
[{"$nulls":7},"Or",null,"MT",{"$f":"'DATA 2024-25'!G335","v":89328.66},"1MT",{"$f":"ROUND(I1295*K1295,0)","v":{"v":0,"d":"0.00"}}]
[null,"DOOR AND WINDOWS"]
[9,"Supplying and fixing of  Door of size 1.20X2.10M with two panels Frame made with sald wood fixing with Z hold fast  including c/c of all materials and furniture fittings etc complete as per specification  (APSS No 1001 & 1002) Door Frame only"]
[null,"Frames only",null,"x",1,{"v":0,"d":"0.000"},{"v":0,"d":"0.000"},{"v":0,"d":"0.000"},{"$f":"ROUND(IF(AND(F1298:H1298),C1298*E1298*F1298*G1298*H1298,IF(AND(F1298,G1298),C1298*E1298*F1298*G1298,IF(AND(F1298,H1298),C1298*E1298*F1298*H1298,IF(AND(G1298,H1298),C1298*E1298*G1298*H1298,IF(F1298,C1298*E1298*F1298,IF(G1298,C1298*E1298*G1298,IF(H1298,C1298*E1298*H1298,C1298*E1298))))))),2)","v":{"v":0,"d":"0.00"}},"No"]
[]
[{"$nulls":8},{"$f":"SUM(I1298:I1299)","v":{"v":0,"d":"0.00"}},"No",{"$f":"'doors 2024-25'!H15","v":{"v":4429.4,"d":"4429.40"}},"1No",{"$f":"ROUND(I1300*K1300,0)","v":{"v":0,"d":"0.00"}}]
[9,"Supplying and fixing of  Door of size 1.20X2.10M with two panels of Shutter made with Sal wood including   brass tower bolts, handle and butt hinges with all furniture fittings including c/c of all materials and furniture fittings etc complete as per specification  (APSS No 1001 & 1002) Door  Shutters"]
[null,"Shutter only",1,"x",1,{"v":0,"d":"0.000"},{"v":0,"d":"0.000"},{"v":0,"d":"0.000"},{"$f":"ROUND(IF(AND(F1302:H1302),C1302*E1302*F1302*G1302*H1302,IF(AND(F1302,G1302),C1302*E1302*F1302*G1302,IF(AND(F1302,H1302),C1302*E1302*F1302*H1302,IF(AND(G1302,H1302),C1302*E1302*G1302*H1302,IF(F1302,C1302*E1302*F1302,IF(G1302,C1302*E1302*G1302,IF(H1302,C1302*E1302*H1302,C1302*E1302))))))),2)","v":{"v":1,"d":"1.00"}},"No"]
[]
[{"$nulls":9},"No",{"$f":"'doors 2024-25'!H28","v":9898.63},"1No",{"$f":"ROUND(I1304*K1304,0)","v":{"v":0,"d":"0.00"}}]
[10,"Supplying and fixing of  Door of size 0.75X2.10M with two panels Frame made with sald wood fixing with Z hold fast  including c/c of all materials and furniture fittings etc complete as per specification  (APSS No 1001 & 1002) Door Frame only"]
[null,"Frame only",1,"x",3,{"v":0,"d":"0.000"},{"v":0,"d":"0.000"},{"v":0,"d":"0.000"},{"$f":"ROUND(IF(AND(F1306:H1306),C1306*E1306*F1306*G1306*H1306,IF(AND(F1306,G1306),C1306*E1306*F1306*G1306,IF(AND(F1306,H1306),C1306*E1306*F1306*H1306,IF(AND(G1306,H1306),C1306*E1306*G1306*H1306,IF(F1306,C1306*E1306*F1306,IF(G1306,C1306*E1306*G1306,IF(H1306,C1306*E1306*H1306,C1306*E1306))))))),2)","v":{"v":3,"d":"3.00"}},"No"]
[]
[{"$nulls":9},"No",{"$f":"'doors 2024-25'!H38","v":{"v":3451.4399999999996,"d":"3451.44"}},"1No",{"$f":"ROUND(I1308*K1308,0)","v":{"v":0,"d":"0.00"}}]
[11,"Supplying and fixing of  Door of size 0.75X2.10M with two panels  Shutter made with Sal wood including    tower bolts, handle and butt hinges with all furniture fittings including c/c of all materials and furniture fittings etc complete as per specification  (APSS No 1001 & 1002) Door  Frame and Shutters"]
[null,"Shutter only",1,"x",3,{"v":0,"d":"0.000"},{"v":0,"d":"0.000"},{"v":0,"d":"0.000"},{"$f":"ROUND(IF(AND(F1310:H1310),C1310*E1310*F1310*G1310*H1310,IF(AND(F1310,G1310),C1310*E1310*F1310*G1310,IF(AND(F1310,H1310),C1310*E1310*F1310*H1310,IF(AND(G1310,H1310),C1310*E1310*G1310*H1310,IF(F1310,C1310*E1310*F1310,IF(G1310,C1310*E1310*G1310,IF(H1310,C1310*E1310*H1310,C1310*E1310))))))),2)","v":{"v":3,"d":"3.00"}},"No"]
[]
[{"$nulls":9},"No",{"$f":"'doors 2024-25'!H51","v":{"v":8608.699999999999,"d":"8608.70"}},"1No",{"$f":"ROUND(I1312*K1312,0)","v":{"v":0,"d":"0.00"}}]
[11,"Supply and fixing of  sal wood window three shutter   of size 1.50 x 1.35 mt with frame made of sal wood and fixing MS Grills into frames for safety  with necessary fittings etc., complete.  For frame only"]
[null,"Frames only",null,"x",5,{"v":0,"d":"0.000"},{"v":0,"d":"0.000"},{"v":0,"d":"0.000"},{"$f":"ROUND(IF(AND(F1314:H1314),C1314*E1314*F1314*G1314*H1314,IF(AND(F1314,G1314),C1314*E1314*F1314*G1314,IF(AND(F1314,H1314),C1314*E1314*F1314*H1314,IF(AND(G1314,H1314),C1314*E1314*G1314*H1314,IF(F1314,C1314*E1314*F1314,IF(G1314,C1314*E1314*G1314,IF(H1314,C1314*E1314*H1314,C1314*E1314))))))),2)","v":{"v":0,"d":"0.00"}},"No"]
[]
[{"$nulls":8},{"$f":"SUM(I1314:I1315)","v":{"v":0,"d":"0.00"}},"No",{"$f":"'doors 2024-25'!H63","v":4619.67},"1No",{"$f":"ROUND(I1316*K1316,0)","v":{"v":0,"d":"0.00"}}]
[7,"Supply and fixing of  sal wood window three shutter   of size 1.50 x 1.35 mts shutter made with Sal wood  including fixers of Aluminum tower bolt, butt hinges No's,  Al handles, window stoppers and MS Z hold fasts with necessary fittings etc., complete.  "]
[null,"Shutter only",1,"x",3,{"v":0,"d":"0.000"},{"v":0,"d":"0.000"},{"v":0,"d":"0.000"},{"$f":"ROUND(IF(AND(F1318:H1318),C1318*E1318*F1318*G1318*H1318,IF(AND(F1318,G1318),C1318*E1318*F1318*G1318,IF(AND(F1318,H1318),C1318*E1318*F1318*H1318,IF(AND(G1318,H1318),C1318*E1318*G1318*H1318,IF(F1318,C1318*E1318*F1318,IF(G1318,C1318*E1318*G1318,IF(H1318,C1318*E1318*H1318,C1318*E1318))))))),2)","v":3},"No"]
[]
[{"$nulls":9},"No",{"$f":"'doors 2024-25'!H76","v":8877.39},"1No",{"$f":"ROUND(I1320*K1320,0)","v":{"v":0,"d":"0.00"}},null,null,{"$f":"M1718","v":{"v":40165,"d":"40165.00"}}]
[14,"Supply and fixing of  sal wood window three shutter   of size 0.90 x 1.35 mt with frame made of sal wood and fixing MS Grills into frames for safety  with necessary fittings etc., complete.  For frame only"]
[null,"Frames only",null,"x",3,{"v":0,"d":"0.000"},{"v":0,"d":"0.000"},{"v":0,"d":"0.000"},{"$f":"ROUND(IF(AND(F1322:H1322),C1322*E1322*F1322*G1322*H1322,IF(AND(F1322,G1322),C1322*E1322*F1322*G1322,IF(AND(F1322,H1322),C1322*E1322*F1322*H1322,IF(AND(G1322,H1322),C1322*E1322*G1322*H1322,IF(F1322,C1322*E1322*F1322,IF(G1322,C1322*E1322*G1322,IF(H1322,C1322*E1322*H1322,C1322*E1322))))))),2)","v":{"v":0,"d":"0.00"}},"No"]
[]
[{"$nulls":8},{"$f":"SUM(I1322:I1323)","v":{"v":0,"d":"0.00"}},"No",{"$f":"'doors 2024-25'!H86","v":3605.21},"1No",{"$f":"ROUND(I1324*K1324,0)","v":{"v":0,"d":"0.00"}}]
[13,"Supply and fixing of  sal wood window three shutter   of size 0.90 x 1.35 mts shutter made with Sal wood  including fixers of Aluminum tower bolt, butt hinges No's,  Al handles, window stoppers and MS Z hold fasts with necessary fittings etc., complete.  "]
[null,"Shutter only",1,"x",3,{"v":0,"d":"0.000"},{"v":0,"d":"0.000"},{"v":0,"d":"0.000"},{"$f":"ROUND(IF(AND(F1326:H1326),C1326*E1326*F1326*G1326*H1326,IF(AND(F1326,G1326),C1326*E1326*F1326*G1326,IF(AND(F1326,H1326),C1326*E1326*F1326*H1326,IF(AND(G1326,H1326),C1326*E1326*G1326*H1326,IF(F1326,C1326*E1326*F1326,IF(G1326,C1326*E1326*G1326,IF(H1326,C1326*E1326*H1326,C1326*E1326))))))),2)","v":{"v":3,"d":"3.00"}},"No"]
[]
[{"$nulls":9},"No",{"$f":"'doors 2024-25'!H99","v":6373.08},"1No",{"$f":"ROUND(I1328*K1328,0)","v":{"v":0,"d":"0.00"}}]
[2,"Supplying and fixing of  Door of size 1.20X2.10M with single panels of frames made with sal wood and Shutter made with WPC door shutters including  MS Z hold fasts , Alluminium tower bolts, handle and butt hinges with all furniture fittings including c/c of all materials and furniture fittings etc complete as per specification  (APSS No 1001 & 1002) Door Frame with Shutters"]
[null,"Qty.p.68 of M.B.No.470/A/ZP/19"]
[null,null,1,"x",2,{"v":0,"d":"0.000"},{"v":0,"d":"0.000"},{"v":0,"d":"0.000"},{"$f":"ROUND(IF(AND(F1331:H1331),C1331*E1331*F1331*G1331*H1331,IF(AND(F1331,G1331),C1331*E1331*F1331*G1331,IF(AND(F1331,H1331),C1331*E1331*F1331*H1331,IF(AND(G1331,H1331),C1331*E1331*G1331*H1331,IF(F1331,C1331*E1331*F1331,IF(G1331,C1331*E1331*G1331,IF(H1331,C1331*E1331*H1331,C1331*E1331))))))),2)","v":{"v":2,"d":"2.00"}},"No"]
[{"$nulls":9},"No",{"$f":"'doors 2024-25'!H141","v":{"v":16617.559999999998,"d":"16617.56"}},"1No",{"$f":"ROUND(I1332*K1332,0)","v":{"v":0,"d":"0.00"}}]
[2,"Supplying and fixing of  Door of size 0.90X2.10M with single panels of frames made with teak wood and Shutter made with medium Teak wood including  MS Z hold fasts , Alluminium tower bolts, handle and butt hinges with all furniture fittings including c/c of all materials and furniture fittings etc complete as per specification  (APSS No 1001 & 1002) Door Frame with Shutters"]
[null,"Qty.p.83 of M.B.No.470/A/ZP/19"]
[null,"Ground floor",1,"x",1,{"v":0,"d":"0.000"},{"v":0,"d":"0.000"},{"v":0,"d":"0.000"},{"$f":"ROUND(IF(AND(F1335:H1335),C1335*E1335*F1335*G1335*H1335,IF(AND(F1335,G1335),C1335*E1335*F1335*G1335,IF(AND(F1335,H1335),C1335*E1335*F1335*H1335,IF(AND(G1335,H1335),C1335*E1335*G1335*H1335,IF(F1335,C1335*E1335*F1335,IF(G1335,C1335*E1335*G1335,IF(H1335,C1335*E1335*H1335,C1335*E1335))))))),2)","v":{"v":1,"d":"1.00"}},"No"]
[]
[{"$nulls":9},"No",{"$f":"'doors 2024-25'!H160","v":17171.32},"1No",{"$f":"ROUND(I1337*K1337,0)","v":{"v":0,"d":"0.00"}}]
[9,"Supplying and fixing of  Door of size 0.90X2.10M with single panels of frames made with sal wood and Shutter made with sal wood including  MS Z hold fasts , Alluminium tower bolts, handle and butt hinges with all furniture fittings including c/c of all materials and furniture fittings etc complete as per specification  (APSS No 1001 & 1002) Door Frame with Shutters"]
[null,null,1,"x",2,{"v":0,"d":"0.000"},{"v":0,"d":"0.000"},{"v":0,"d":"0.000"},{"$f":"ROUND(IF(AND(F1339:H1339),C1339*E1339*F1339*G1339*H1339,IF(AND(F1339,G1339),C1339*E1339*F1339*G1339,IF(AND(F1339,H1339),C1339*E1339*F1339*H1339,IF(AND(G1339,H1339),C1339*E1339*G1339*H1339,IF(F1339,C1339*E1339*F1339,IF(G1339,C1339*E1339*G1339,IF(H1339,C1339*E1339*H1339,C1339*E1339))))))),2)","v":{"v":2,"d":"2.00"}},"No"]
[]
[{"$nulls":9},"No",{"$f":"'doors 2024-25'!H179","v":11424.71},"1No",{"$f":"ROUND(I1341*K1341,0)","v":{"v":0,"d":"0.00"}}]
[3,"Supplying and fixing of  Door of size 0.80X2.10M with single panels of frames made with teak wood and Shutter made with medium Teak wood including  MS Z hold fasts , Alluminium tower bolts, handle and butt hinges with all furniture fittings including c/c of all materials and furniture fittings etc complete as per specification  (APSS No 1001 & 1002) Door Frame with Shutters"]
[null,"Qty.p.84 of M.B.No.470/A/ZP/19"]
[null,"Ground floor",1,"x",1,{"v":0,"d":"0.000"},{"v":0,"d":"0.000"},{"v":0,"d":"0.000"},{"$f":"ROUND(IF(AND(F1344:H1344),C1344*E1344*F1344*G1344*H1344,IF(AND(F1344,G1344),C1344*E1344*F1344*G1344,IF(AND(F1344,H1344),C1344*E1344*F1344*H1344,IF(AND(G1344,H1344),C1344*E1344*G1344*H1344,IF(F1344,C1344*E1344*F1344,IF(G1344,C1344*E1344*G1344,IF(H1344,C1344*E1344*H1344,C1344*E1344))))))),2)","v":{"v":1,"d":"1.00"}},"No"]
[]
[{"$nulls":9},"No",{"$f":"'doors 2024-25'!H198","v":16269.72},"1No",{"$f":"ROUND(I1346*K1346,0)","v":{"v":0,"d":"0.00"}}]
[16,"Supplying and fixing of  Door of size 1.20X2.10M with single panels of frames made with teak wood and Shutter made with medium Teak wood including  MS Z hold fasts , Alluminium tower bolts, handle and butt hinges with all furniture fittings including c/c of all materials and furniture fittings etc complete as per specification  (APSS No 1001 & 1002) Door Frame with Shutters"]
[null,null,1,"x",1,{"v":0,"d":"0.000"},{"v":0,"d":"0.000"},{"v":0,"d":"0.000"},{"$f":"ROUND(IF(AND(F1348:H1348),C1348*E1348*F1348*G1348*H1348,IF(AND(F1348,G1348),C1348*E1348*F1348*G1348,IF(AND(F1348,H1348),C1348*E1348*F1348*H1348,IF(AND(G1348,H1348),C1348*E1348*G1348*H1348,IF(F1348,C1348*E1348*F1348,IF(G1348,C1348*E1348*G1348,IF(H1348,C1348*E1348*H1348,C1348*E1348))))))),2)","v":1},"No"]
[{"$nulls":9},"No",{"$f":"'doors 2024-25'!H217","v":19258.21},"1No",{"$f":"ROUND(I1349*K1349,0)","v":{"v":0,"d":"0.00"}}]
[46,"Supplying and fixing of  Door of size 1.05X2.10M with single panels of frames made with sal wood and Shutter made with Flush door shutters including  MS Z hold fasts , Alluminium tower bolts, handle and butt hinges with all furniture fittings including c/c of all materials and furniture fittings etc complete as per specification  (APSS No 1001 & 1002) Door Frame with Shutters"]
[null,"Qty.P.No. 62 of M.B.No.269/A/ZP/19"]
[null,"Ground floor",1,"x",2,{"v":0,"d":"0.000"},{"v":0,"d":"0.000"},{"v":0,"d":"0.000"},{"$f":"ROUND(IF(AND(F1352:H1352),C1352*E1352*F1352*G1352*H1352,IF(AND(F1352,G1352),C1352*E1352*F1352*G1352,IF(AND(F1352,H1352),C1352*E1352*F1352*H1352,IF(AND(G1352,H1352),C1352*E1352*G1352*H1352,IF(F1352,C1352*E1352*F1352,IF(G1352,C1352*E1352*G1352,IF(H1352,C1352*E1352*H1352,C1352*E1352))))))),2)","v":{"v":2,"d":"2.00"}},"No"]
[null,"Qty.P.No. 81 of M.B.No.269/A/ZP/19"]
[null,"First floor",1,"x",3,{"v":0,"d":"0.000"},{"v":0,"d":"0.000"},{"v":0,"d":"0.000"},{"$f":"ROUND(IF(AND(F1354:H1354),C1354*E1354*F1354*G1354*H1354,IF(AND(F1354,G1354),C1354*E1354*F1354*G1354,IF(AND(F1354,H1354),C1354*E1354*F1354*H1354,IF(AND(G1354,H1354),C1354*E1354*G1354*H1354,IF(F1354,C1354*E1354*F1354,IF(G1354,C1354*E1354*G1354,IF(H1354,C1354*E1354*H1354,C1354*E1354))))))),2)","v":{"v":3,"d":"3.00"}},"No"]
[{"$nulls":9},"No",{"$f":"'doors 2024-25'!H236","v":13013.39},"1No",{"$f":"ROUND(I1355*K1355,0)","v":{"v":0,"d":"0.00"}}]
[18,"Supply and fixing of  Wood Polymer Composite(WPC)  Door Frame section of 63.5x100 MM .The two Vertical members are to be joined together with the horizontal member using 8x75 MM long MS Star full thread screws to be used with reverse forward speed control hand drilling machine. The ready/assembled door frame is fixed to the wall using hold fast or bolt fasteners. A minimum of 4 No.s of screws to be provided for each vertical member & minimum 2no.s for horizontal member, and fixing 28 -30 MM thick solid Wood Polymer Composite (WPC)  double extruded door shutter with 3MM top and bottom rigid layer with an overall density of 750kg/Cum. It will be fixed to the frame using 3 inch /4 inch hinges. A minimum of 4 hinges will be required for fixing the door with the frame 1200 x 2130mm"]
[null,null,1,"x",1,{"v":1.2,"d":"1.200"},{"v":0,"d":"0.000"},{"v":2.1,"d":"2.100"},{"$f":"ROUND(IF(AND(F1357:H1357),C1357*E1357*F1357*G1357*H1357,IF(AND(F1357,G1357),C1357*E1357*F1357*G1357,IF(AND(F1357,H1357),C1357*E1357*F1357*H1357,IF(AND(G1357,H1357),C1357*E1357*G1357*H1357,IF(F1357,C1357*E1357*F1357,IF(G1357,C1357*E1357*G1357,IF(H1357,C1357*E1357*H1357,C1357*E1357))))))),2)","v":2.52},"Sqm"]
[null,null,1,"x",2,{"v":0.9,"d":"0.900"},{"v":0,"d":"0.000"},{"v":2.1,"d":"2.100"},{"$f":"ROUND(IF(AND(F1358:H1358),C1358*E1358*F1358*G1358*H1358,IF(AND(F1358,G1358),C1358*E1358*F1358*G1358,IF(AND(F1358,H1358),C1358*E1358*F1358*H1358,IF(AND(G1358,H1358),C1358*E1358*G1358*H1358,IF(F1358,C1358*E1358*F1358,IF(G1358,C1358*E1358*G1358,IF(H1358,C1358*E1358*H1358,C1358*E1358))))))),2)","v":3.78},"Sqm"]
[]
[{"$nulls":8},{"$f":"SUM(I1357:I1359)","v":{"v":6.3,"d":"6.30"}},"Sqm",{"$f":"'doors 2024-25'!H262","v":8363.11},"1Sqm",{"$f":"ROUND(I1360*K1360,0)","v":{"v":52688,"d":"52688.00"}}]
[8,"Supply and fixing of  Wood Polymer Composite(WPC)  fixing 28 -30 MM thick solid Wood Polymer Composite (WPC)  double extruded door shutter with 3MM top and bottom rigid layer with an overall density of 750kg/Cum. It will be fixed to the frame using 3 inch /4 inch hinges. A minimum of 4 hinges will be required for fixing the door with the frame 1200 x 2130mm"]
[null,null,1,"x",4,{"v":0.9,"d":"0.900"},{"v":0,"d":"0.000"},{"v":2.1,"d":"2.100"},{"$f":"ROUND(IF(AND(F1362:H1362),C1362*E1362*F1362*G1362*H1362,IF(AND(F1362,G1362),C1362*E1362*F1362*G1362,IF(AND(F1362,H1362),C1362*E1362*F1362*H1362,IF(AND(G1362,H1362),C1362*E1362*G1362*H1362,IF(F1362,C1362*E1362*F1362,IF(G1362,C1362*E1362*G1362,IF(H1362,C1362*E1362*H1362,C1362*E1362))))))),2)","v":7.56},"Sqm"]
[null,"Bath room ",1,"x",3,{"v":0.9,"d":"0.900"},{"v":0,"d":"0.000"},{"v":2.1,"d":"2.100"},{"$f":"ROUND(IF(AND(F1363:H1363),C1363*E1363*F1363*G1363*H1363,IF(AND(F1363,G1363),C1363*E1363*F1363*G1363,IF(AND(F1363,H1363),C1363*E1363*F1363*H1363,IF(AND(G1363,H1363),C1363*E1363*G1363*H1363,IF(F1363,C1363*E1363*F1363,IF(G1363,C1363*E1363*G1363,IF(H1363,C1363*E1363*H1363,C1363*E1363))))))),2)","v":5.67},"Sqm"]
[]
[{"$nulls":9},"Sqm",{"$f":"'doors 2024-25'!H274","v":4452.14},"1Sqm",{"$f":"ROUND(I1365*K1365,0)","v":{"v":0,"d":"0.00"}}]
[2,"Supplying and fixing of Window of size 0.90X1.35M with two panels of Shutter made with Sal wood including, Alluminium tower bolts, handle and butt hinges  including c/c of all materials and furniture fittings etc complete etc complete Windows shutter only"]
[null,"for window shutter only",1,"x",7,{"v":0,"d":"0.000"},{"v":0,"d":"0.000"},{"v":0,"d":"0.000"},{"$f":"ROUND(IF(AND(F1367:H1367),C1367*E1367*F1367*G1367*H1367,IF(AND(F1367,G1367),C1367*E1367*F1367*G1367,IF(AND(F1367,H1367),C1367*E1367*F1367*H1367,IF(AND(G1367,H1367),C1367*E1367*G1367*H1367,IF(F1367,C1367*E1367*F1367,IF(G1367,C1367*E1367*G1367,IF(H1367,C1367*E1367*H1367,C1367*E1367))))))),2)","v":7},"No"]
[]
[{"$nulls":9},"No",{"$f":"'DATA 2024-25'!G1026","v":{"v":4193.1,"d":"4193.10"}},"1No",{"$f":"ROUND(I1369*K1369,0)","v":{"v":0,"d":"0.00"}}]
[9,"S&F of Teak wood windows shutter of size 0.90 x 1.50 Mts including alluminium tower bolts, Butt hinges, door handle and plain float glass including all labour charges etc., complete."]
[null,null,1,"x",4,{"v":0,"d":"0.000"},{"v":0,"d":"0.000"},{"v":0,"d":"0.000"},{"$f":"ROUND(IF(AND(F1371:H1371),C1371*E1371*F1371*G1371*H1371,IF(AND(F1371,G1371),C1371*E1371*F1371*G1371,IF(AND(F1371,H1371),C1371*E1371*F1371*H1371,IF(AND(G1371,H1371),C1371*E1371*G1371*H1371,IF(F1371,C1371*E1371*F1371,IF(G1371,C1371*E1371*G1371,IF(H1371,C1371*E1371*H1371,C1371*E1371))))))),2)","v":4},"No"]
[]
[{"$nulls":9},"No",{"$f":"'doors 2024-25'!H111","v":6107.37},"1No",{"$f":"ROUND(I1373*K1373,0)","v":{"v":0,"d":"0.00"}}]
[10,"S&F of Teak wood windows shutter of size 1.50 x 1.50 Mts including alluminium tower bolts, Butt hinges, door handle and plain float glass including all labour charges etc., complete."]
[null,null,1,"x",1,{"v":0,"d":"0.000"},{"v":0,"d":"0.000"},{"v":0,"d":"0.000"},{"$f":"ROUND(IF(AND(F1375:H1375),C1375*E1375*F1375*G1375*H1375,IF(AND(F1375,G1375),C1375*E1375*F1375*G1375,IF(AND(F1375,H1375),C1375*E1375*F1375*H1375,IF(AND(G1375,H1375),C1375*E1375*G1375*H1375,IF(F1375,C1375*E1375*F1375,IF(G1375,C1375*E1375*G1375,IF(H1375,C1375*E1375*H1375,C1375*E1375))))))),2)","v":1},"No"]
[]
[{"$nulls":9},"No",{"$f":"'doors 2024-25'!H123","v":{"v":8032.4400000000005,"d":"8032.44"}},"1No",{"$f":"ROUND(I1377*K1377,0)","v":{"v":0,"d":"0.00"}}]
[19,"Providing and fixing factory made uPVC white colour sliding glazed windowupto 1.50 m in height dimension comprising of uPVC multi-chamberedframe with in-built roller track and sash extruded profiles duly reinforcedwith 1.60 ± 0.2 mm thick galvanized mild steel section made from rollforming process of required length (shape & size according to uPVCprofile), appropriate dimension of uPVC extruded glazing beads anduPVC extruded interlocks, EPDM gasket, wool pile, zinc alloy (whitepowder coated) touch locks withhook, zinc alloy body with single nylonrollers (weight bearing capacity to be 40 kg), G.I fasteners 100 x 8 mmsize for fixing frame to finished wall and necessary stainless steel screwsetc. Profile of frame & sash shall be mitred cut and fusion welded at allcorners, including drilling of holes for fixing hardware's and drainage ofwater etc. After fixing frame the gap between frame and adjacent finishedwall shall be filled with weather proof silicon sealent over backer rod ofrequired size and of approved quality, all complete as per approved drawing& direction of Engineer-in-Charge inclusive of cost of Single / double glass panes,and silicon sealent Two track two panels sliding window made of (small series) frame 52 x 44 mm &sash 32 x 60 mm both having wall thickness of 1.9 ± 0.2 mm and single glazing bead of appropriate dimension. (Area of window upto 1.75 sqm)"]
[null,"3 tier",1,"x",5,{"v":1.5,"d":"1.500"},{"v":0,"d":"0.000"},{"v":1.35,"d":"1.350"},{"$f":"ROUND(IF(AND(F1379:H1379),C1379*E1379*F1379*G1379*H1379,IF(AND(F1379,G1379),C1379*E1379*F1379*G1379,IF(AND(F1379,H1379),C1379*E1379*F1379*H1379,IF(AND(G1379,H1379),C1379*E1379*G1379*H1379,IF(F1379,C1379*E1379*F1379,IF(G1379,C1379*E1379*G1379,IF(H1379,C1379*E1379*H1379,C1379*E1379))))))),2)","v":10.13},"Sqm",{"$nulls":4},5]
[null,null,1,"x",3,{"v":0.9,"d":"0.900"},{"v":0,"d":"0.000"},{"v":1.35,"d":"1.350"},{"$f":"ROUND(IF(AND(F1380:H1380),C1380*E1380*F1380*G1380*H1380,IF(AND(F1380,G1380),C1380*E1380*F1380*G1380,IF(AND(F1380,H1380),C1380*E1380*F1380*H1380,IF(AND(G1380,H1380),C1380*E1380*G1380*H1380,IF(F1380,C1380*E1380*F1380,IF(G1380,C1380*E1380*G1380,IF(H1380,C1380*E1380*H1380,C1380*E1380))))))),2)","v":3.65},"Sqm"]
[]
[{"$nulls":8},{"$f":"SUM(I1379:I1381)","v":{"v":13.780000000000001,"d":"13.78"}},"Sqm",{"$f":"'doors 2024-25'!H280","v":14309.01},"1Sqm",{"$f":"ROUND(I1382*K1382,0)","v":{"v":197178,"d":"197178.00"}}]
[null,"Qty.p.11 of M.B.No.190/A/ZP/20"]
[null,"for windows",1,"x",4,{"v":1.2,"d":"1.200"},{"v":0,"d":"0.000"},{"v":1.2,"d":"1.200"},{"$f":"ROUND(IF(AND(F1384:H1384),C1384*E1384*F1384*G1384*H1384,IF(AND(F1384,G1384),C1384*E1384*F1384*G1384,IF(AND(F1384,H1384),C1384*E1384*F1384*H1384,IF(AND(G1384,H1384),C1384*E1384*G1384*H1384,IF(F1384,C1384*E1384*F1384,IF(G1384,C1384*E1384*G1384,IF(H1384,C1384*E1384*H1384,C1384*E1384))))))),2)","v":5.76},"Sqm"]
[]
[{"$nulls":9},"Sqm",{"$f":"'doors 2024-25'!H277","v":{"v":6698,"d":"6698.00"}},"1Sqm",{"$f":"ROUND(I1386*K1386,0)","v":{"v":0,"d":"0.00"}}]
[4,"Qty.p.60  of M.B.No.482/A/ZP/20","( Single Tracks)"]
[null,null,1,"x",1,{"v":1.5,"d":"1.500"},{"v":0,"d":"0.000"},{"v":1.35,"d":"1.350"},{"$f":"ROUND(IF(AND(F1388:H1388),C1388*E1388*F1388*G1388*H1388,IF(AND(F1388,G1388),C1388*E1388*F1388*G1388,IF(AND(F1388,H1388),C1388*E1388*F1388*H1388,IF(AND(G1388,H1388),C1388*E1388*G1388*H1388,IF(F1388,C1388*E1388*F1388,IF(G1388,C1388*E1388*G1388,IF(H1388,C1388*E1388*H1388,C1388*E1388))))))),2)","v":2.03},"Sqm",{"$nulls":4},1]
[null,null,1,"x",2,{"v":0.6,"d":"0.600"},{"v":0,"d":"0.000"},{"v":0.45,"d":"0.450"},{"$f":"ROUND(IF(AND(F1389:H1389),C1389*E1389*F1389*G1389*H1389,IF(AND(F1389,G1389),C1389*E1389*F1389*G1389,IF(AND(F1389,H1389),C1389*E1389*F1389*H1389,IF(AND(G1389,H1389),C1389*E1389*G1389*H1389,IF(F1389,C1389*E1389*F1389,IF(G1389,C1389*E1389*G1389,IF(H1389,C1389*E1389*H1389,C1389*E1389))))))),2)","v":0.54},"Sqm",{"$nulls":4},2]
[{"$nulls":9},"Sqm",{"$f":"'doors 2024-25'!H282","v":{"v":6456,"d":"6456.00"}},"1Sqm",{"$f":"ROUND(I1390*K1390,0)","v":{"v":0,"d":"0.00"}}]
[13,"Supplying and fixing of  ventilator of size 0.60 x 0.45 Mts including fixing of 8mm dia roads and 4mm plain glass including all labour charges etc., complete"]
[null,"Qty.p.11 of M.B.No.190/A/ZP/20"]
[null,null,1,"x",1,{"v":0,"d":"0.000"},{"v":0,"d":"0.000"},{"v":0,"d":"0.000"},{"$f":"ROUND(IF(AND(F1393:H1393),C1393*E1393*F1393*G1393*H1393,IF(AND(F1393,G1393),C1393*E1393*F1393*G1393,IF(AND(F1393,H1393),C1393*E1393*F1393*H1393,IF(AND(G1393,H1393),C1393*E1393*G1393*H1393,IF(F1393,C1393*E1393*F1393,IF(G1393,C1393*E1393*G1393,IF(H1393,C1393*E1393*H1393,C1393*E1393))))))),2)","v":{"v":1,"d":"1.00"}},"No"]
[]
[{"$nulls":9},"No",{"$f":"'doors 2024-25'!H242","v":{"v":591.9,"d":"591.90"}},"1No",{"$f":"ROUND(I1395*K1395,0)","v":{"v":0,"d":"0.00"}}]
[17,"S&F of Cement Jolleys 50mm thick"]
[null,null,1,"x",9,{"v":0.6,"d":"0.600"},{"v":0,"d":"0.000"},{"v":0.23,"d":"0.230"},{"$f":"ROUND(IF(AND(F1397:H1397),C1397*E1397*F1397*G1397*H1397,IF(AND(F1397,G1397),C1397*E1397*F1397*G1397,IF(AND(F1397,H1397),C1397*E1397*F1397*H1397,IF(AND(G1397,H1397),C1397*E1397*G1397*H1397,IF(F1397,C1397*E1397*F1397,IF(G1397,C1397*E1397*G1397,IF(H1397,C1397*E1397*H1397,C1397*E1397))))))),2)","v":1.24},"Sqm"]
[]
[{"$nulls":9},"Sqm",{"$f":"'doors 2024-25'!H249","v":{"v":735.8,"d":"735.80"}},"1Sqm",{"$f":"ROUND(I1399*K1399,0)","v":{"v":0,"d":"0.00"}}]
[9,"Supplying  & fixing of Iron Doors and Windows Grills including labour charges for fabricating steel including cost of welding rods, power charges & fixing the grill in position etc complete"]
[null,"for windows",1,"x",1,{"v":450,"d":"450.00"},{"v":0,"d":"0.000"},{"v":0,"d":"0.000"},{"$f":"ROUND(IF(AND(F1401:H1401),C1401*E1401*F1401*G1401*H1401,IF(AND(F1401,G1401),C1401*E1401*F1401*G1401,IF(AND(F1401,H1401),C1401*E1401*F1401*H1401,IF(AND(G1401,H1401),C1401*E1401*G1401*H1401,IF(F1401,C1401*E1401*F1401,IF(G1401,C1401*E1401*G1401,IF(H1401,C1401*E1401*H1401,C1401*E1401))))))),2)","v":{"v":450,"d":"450.00"}},"Kg"]
[]
[{"$nulls":9},"Kg",{"$f":"'DATA 2024-25'!G357","v":{"v":116.46000000000001,"d":"116.46"}},"1Kg",{"$f":"ROUND(I1403*K1403,0)","v":{"v":0,"d":"0.00"}}]
[13,"Supply and fixing of ornamental grill made of 25mm x 10mm MS flats for fixing in fan light portion and side fixed panels for door cum window as per the approved drawing including cutting the flat to required length, welding, painting with red oxide single coat including cost and conveyance of all materials, labour charges etc., complete for finished otem of work."]
[null,"for window grills",1,"x",4,{"v":1.4,"d":"1.400"},{"v":0,"d":"0.000"},{"v":1.2,"d":"1.200"},{"$f":"ROUND(IF(AND(F1405:H1405),C1405*E1405*F1405*G1405*H1405,IF(AND(F1405,G1405),C1405*E1405*F1405*G1405,IF(AND(F1405,H1405),C1405*E1405*F1405*H1405,IF(AND(G1405,H1405),C1405*E1405*G1405*H1405,IF(F1405,C1405*E1405*F1405,IF(G1405,C1405*E1405*G1405,IF(H1405,C1405*E1405*H1405,C1405*E1405))))))),2)","v":6.72},"Sqm"]
[]
[{"$nulls":9},"Sqm",{"$f":"'DATA 2024-25'!G373","v":1758.49},"1Sqm",{"$f":"ROUND(I1407*K1407,0)","v":{"v":0,"d":"0.00"}}]
[51,"Supplying  & fixing of MS tubes of any design including labour charges for fabricating steel including cost of welding rods, power charges & fixing the grill in position etc complete"]
[null,"Qty.P.No. 99 of M.B.No.269/A/ZP/19"]
[null,"Staircase ventilators",1,"x",1,{"v":58.6,"d":"58.60"},{"v":0,"d":"0.000"},{"v":0,"d":"0.000"},{"$f":"ROUND(IF(AND(F1410:H1410),C1410*E1410*F1410*G1410*H1410,IF(AND(F1410,G1410),C1410*E1410*F1410*G1410,IF(AND(F1410,H1410),C1410*E1410*F1410*H1410,IF(AND(G1410,H1410),C1410*E1410*G1410*H1410,IF(F1410,C1410*E1410*F1410,IF(G1410,C1410*E1410*G1410,IF(H1410,C1410*E1410*H1410,C1410*E1410))))))),2)","v":{"v":58.6,"d":"58.60"}},"Kgs"]
[]
[{"$nulls":9},"Kgs",{"$f":"'DATA 2024-25'!G381","v":166.08},"1Kg",{"$f":"ROUND(I1412*K1412,0)","v":{"v":0,"d":"0.00"}}]
[9,"Supplying and fixing of stainless steel (grade 304) hand railing as per approved drawing with top rail of 50mm dia pipe and 2mm thick medium class and vertical posts of  25mm dia and 1.6mm thick medium class  1 No for each step fixed with base plate of  75mm dia using bonding agent and anchor fastner and welding,  drilling of 25mm dia holes with pneumatic compressor for fixing railing, buffing, polishing all members of the railing  thouroughly  , lacquer finishing to present seamless finish including cost and conveyance of all materials, electrodes, welding charges, cost of all consumables, labour charges , overheads & contractors profit etc., complete for finished item of work."]
[null,null,1,"x",1,3.65,{"v":0,"d":"0.000"},{"v":0.9,"d":"0.900"},{"$f":"ROUND(IF(AND(F1414:H1414),C1414*E1414*F1414*G1414*H1414,IF(AND(F1414,G1414),C1414*E1414*F1414*G1414,IF(AND(F1414,H1414),C1414*E1414*F1414*H1414,IF(AND(G1414,H1414),C1414*E1414*G1414*H1414,IF(F1414,C1414*E1414*F1414,IF(G1414,C1414*E1414*G1414,IF(H1414,C1414*E1414*H1414,C1414*E1414))))))),2)","v":3.29},"Sqm"]
[null,null,1,"x",1,11.15,{"v":0,"d":"0.000"},{"v":0.9,"d":"0.900"},{"$f":"ROUND(IF(AND(F1415:H1415),C1415*E1415*F1415*G1415*H1415,IF(AND(F1415,G1415),C1415*E1415*F1415*G1415,IF(AND(F1415,H1415),C1415*E1415*F1415*H1415,IF(AND(G1415,H1415),C1415*E1415*G1415*H1415,IF(F1415,C1415*E1415*F1415,IF(G1415,C1415*E1415*G1415,IF(H1415,C1415*E1415*H1415,C1415*E1415))))))),2)","v":10.04},"Sqm"]
[null,null,1,"x",1,{"v":6.9,"d":"6.90"},{"v":0,"d":"0.000"},{"v":0.9,"d":"0.900"},{"$f":"ROUND(IF(AND(F1416:H1416),C1416*E1416*F1416*G1416*H1416,IF(AND(F1416,G1416),C1416*E1416*F1416*G1416,IF(AND(F1416,H1416),C1416*E1416*F1416*H1416,IF(AND(G1416,H1416),C1416*E1416*G1416*H1416,IF(F1416,C1416*E1416*F1416,IF(G1416,C1416*E1416*G1416,IF(H1416,C1416*E1416*H1416,C1416*E1416))))))),2)","v":6.21},"Sqm"]
[null,null,1,"x",1,{"v":4.5,"d":"4.50"},{"v":0,"d":"0.000"},{"v":0.9,"d":"0.900"},4.05,"Sqm"]
[]
[{"$nulls":9},"Sqm",{"$f":"'DATA 2024-25'!G396","v":4233.42},"1Sqm",{"$f":"ROUND(I1419*K1419,0)","v":{"v":0,"d":"0.00"}}]
[8,"Full Rounding the edges of  Granite stone slabs of all thicknesses including polishing the same."]
[null,"Qty.p.84 of M.B.No.269/A/ZP/19"]
[null,"Ground floor"]
[null,"Verandah",1,"x",4,{"v":5.5,"d":"5.50"},{"v":0,"d":"0.000"},{"v":0,"d":"0.000"},{"$f":"ROUND(IF(AND(F1423:H1423),C1423*E1423*F1423*G1423*H1423,IF(AND(F1423,G1423),C1423*E1423*F1423*G1423,IF(AND(F1423,H1423),C1423*E1423*F1423*H1423,IF(AND(G1423,H1423),C1423*E1423*G1423*H1423,IF(F1423,C1423*E1423*F1423,IF(G1423,C1423*E1423*G1423,IF(H1423,C1423*E1423*H1423,C1423*E1423))))))),2)","v":{"v":22,"d":"22.00"}},"Rm"]
[null,"Staircase 1st flight",1,"x",10,1.35,{"v":0,"d":"0.000"},{"v":0,"d":"0.000"},{"$f":"ROUND(IF(AND(F1424:H1424),C1424*E1424*F1424*G1424*H1424,IF(AND(F1424,G1424),C1424*E1424*F1424*G1424,IF(AND(F1424,H1424),C1424*E1424*F1424*H1424,IF(AND(G1424,H1424),C1424*E1424*G1424*H1424,IF(F1424,C1424*E1424*F1424,IF(G1424,C1424*E1424*G1424,IF(H1424,C1424*E1424*H1424,C1424*E1424))))))),2)","v":{"v":13.5,"d":"13.50"}},"Rm"]
[null,"Staircase 2nd flight",1,"x",9,1.35,{"v":0,"d":"0.000"},{"v":0,"d":"0.000"},{"$f":"ROUND(IF(AND(F1425:H1425),C1425*E1425*F1425*G1425*H1425,IF(AND(F1425,G1425),C1425*E1425*F1425*G1425,IF(AND(F1425,H1425),C1425*E1425*F1425*H1425,IF(AND(G1425,H1425),C1425*E1425*G1425*H1425,IF(F1425,C1425*E1425*F1425,IF(G1425,C1425*E1425*G1425,IF(H1425,C1425*E1425*H1425,C1425*E1425))))))),2)","v":12.15},"Rm"]
[null,"First floor"]
[null,"Staircase 1st flight",1,"x",11,1.35,{"v":0,"d":"0.000"},{"v":0,"d":"0.000"},{"$f":"ROUND(IF(AND(F1427:H1427),C1427*E1427*F1427*G1427*H1427,IF(AND(F1427,G1427),C1427*E1427*F1427*G1427,IF(AND(F1427,H1427),C1427*E1427*F1427*H1427,IF(AND(G1427,H1427),C1427*E1427*G1427*H1427,IF(F1427,C1427*E1427*F1427,IF(G1427,C1427*E1427*G1427,IF(H1427,C1427*E1427*H1427,C1427*E1427))))))),2)","v":14.85},"Rm"]
[null,"Staircase 2nd flight",1,"x",11,1.35,{"v":0,"d":"0.000"},{"v":0,"d":"0.000"},{"$f":"ROUND(IF(AND(F1428:H1428),C1428*E1428*F1428*G1428*H1428,IF(AND(F1428,G1428),C1428*E1428*F1428*G1428,IF(AND(F1428,H1428),C1428*E1428*F1428*H1428,IF(AND(G1428,H1428),C1428*E1428*G1428*H1428,IF(F1428,C1428*E1428*F1428,IF(G1428,C1428*E1428*G1428,IF(H1428,C1428*E1428*H1428,C1428*E1428))))))),2)","v":14.85},"Rm"]
[]
[{"$nulls":9},"Rm",{"$f":"'DATA 2024-25'!G691","v":{"v":529,"d":"529.00"}},"1Rm",{"$f":"ROUND(I1430*K1430,0)","v":{"v":0,"d":"0.00"}}]
[null,"WATER AND SANITATION ITEM"]
[1,"Supply and Fixing of Premium make CPVC Pipes and Fittings to meet the requirement of ASTM-D 2846 and are produced in CTS (Copper Tube Sizes 1/2\" ton 2\" Ashirvad  lowgurard SDR 11 and SDR 13.5 pipes are made from  dential CPVC compounds having the same physical  roperties for Hot and Cold Water (IS 15778:2007)for  32mm dia"]
[null,"Qty.p.96 of M.B.No.482/A/ZP/20"]
[null,null,1,"x",1,{"v":40,"d":"40.000"},{"v":0,"d":"0.000"},{"v":0,"d":"0.000"},{"$f":"ROUND(IF(AND(F1434:H1434),C1434*E1434*F1434*G1434*H1434,IF(AND(F1434,G1434),C1434*E1434*F1434*G1434,IF(AND(F1434,H1434),C1434*E1434*F1434*H1434,IF(AND(G1434,H1434),C1434*E1434*G1434*H1434,IF(F1434,C1434*E1434*F1434,IF(G1434,C1434*E1434*G1434,IF(H1434,C1434*E1434*H1434,C1434*E1434))))))),2)","v":{"v":40,"d":"40.00"}},"Rm"]
[{"$nulls":9},"Rm",{"$f":"'sani data 2024-25'!G87","v":{"v":288,"d":"288.00"}},"1Rm",{"$f":"ROUND(I1435*K1435,0)","v":{"v":0,"d":"0.00"}}]
[10,"Supply and Fixing of Premium make CPVC Pipes and Fittings to meet the requirement of ASTM-D 2846 and are produced in CTS (Copper Tube Sizes 1/2\" ton 2\" Ashirvad  lowgurard SDR 11 and SDR 13.5 pipes are made from  dential CPVC compounds having the same physical  roperties for Hot and Cold Water (IS 15778:2007)for  25mm dia"]
[null,null,1,"x",1,{"v":50,"d":"50.00"},{"v":0,"d":"0.000"},{"v":0,"d":"0.000"},{"$f":"ROUND(IF(AND(F1437:H1437),C1437*E1437*F1437*G1437*H1437,IF(AND(F1437,G1437),C1437*E1437*F1437*G1437,IF(AND(F1437,H1437),C1437*E1437*F1437*H1437,IF(AND(G1437,H1437),C1437*E1437*G1437*H1437,IF(F1437,C1437*E1437*F1437,IF(G1437,C1437*E1437*G1437,IF(H1437,C1437*E1437*H1437,C1437*E1437))))))),2)","v":{"v":50,"d":"50.00"}},"Rm"]
[]
[{"$nulls":9},"Rm",{"$f":"'sani data 2024-25'!G84","v":{"v":222,"d":"222.00"}},"1Rm",{"$f":"ROUND(I1439*K1439,0)","v":{"v":0,"d":"0.00"}}]
[1,"Supply and Fixing of Premium make CPVC Pipes and Fittings to meet the requirement of ASTM-D 2846 and are produced in CTS (Copper Tube Sizes 1/2\" ton 2\" Ashirvad  lowgurard SDR 11 and SDR 13.5 pipes are made from  dential CPVC compounds having the same physical  roperties for Hot and Cold Water (IS 15778:2007)for  20mm dia"]
[null,"Qty.p.52 of M.B.No.470/A/ZP/19"]
[null,"Staff wash room",1,"x",1,{"v":9.1,"d":"9.100"},{"v":0,"d":"0.000"},{"v":0,"d":"0.000"},{"$f":"ROUND(IF(AND(F1442:H1442),C1442*E1442*F1442*G1442*H1442,IF(AND(F1442,G1442),C1442*E1442*F1442*G1442,IF(AND(F1442,H1442),C1442*E1442*F1442*H1442,IF(AND(G1442,H1442),C1442*E1442*G1442*H1442,IF(F1442,C1442*E1442*F1442,IF(G1442,C1442*E1442*G1442,IF(H1442,C1442*E1442*H1442,C1442*E1442))))))),2)","v":{"v":9.1,"d":"9.10"}},"Rm"]
[null,"Clinic wash rooms",1,"x",1,{"v":5.5,"d":"5.500"},{"v":0,"d":"0.000"},{"v":0,"d":"0.000"},{"$f":"ROUND(IF(AND(F1443:H1443),C1443*E1443*F1443*G1443*H1443,IF(AND(F1443,G1443),C1443*E1443*F1443*G1443,IF(AND(F1443,H1443),C1443*E1443*F1443*H1443,IF(AND(G1443,H1443),C1443*E1443*G1443*H1443,IF(F1443,C1443*E1443*F1443,IF(G1443,C1443*E1443*G1443,IF(H1443,C1443*E1443*H1443,C1443*E1443))))))),2)","v":{"v":5.5,"d":"5.50"}},"Rm"]
[]
[{"$nulls":9},"Rm",{"$f":"'sani data 2024-25'!G81","v":{"v":184,"d":"184.00"}},"1Rm",{"$f":"ROUND(I1445*K1445,0)","v":{"v":0,"d":"0.00"}}]
[2,"Manufacture, Supply and Delivery of Unplasticised PVCs Pipes for potable water supplies conforming to IS : 4985/2000 (3rd revision) with bell ends (Socket) as per specification."]
[null,"Qty.p.23 of M.B.No.911/A/ZP/20"]
[null,null,1,"x",1,{"v":85,"d":"85.000"},{"v":0,"d":"0.000"},{"v":0,"d":"0.000"},{"$f":"ROUND(IF(AND(F1448:H1448),C1448*E1448*F1448*G1448*H1448,IF(AND(F1448,G1448),C1448*E1448*F1448*G1448,IF(AND(F1448,H1448),C1448*E1448*F1448*H1448,IF(AND(G1448,H1448),C1448*E1448*G1448*H1448,IF(F1448,C1448*E1448*F1448,IF(G1448,C1448*E1448*G1448,IF(H1448,C1448*E1448*H1448,C1448*E1448))))))),2)","v":{"v":85,"d":"85.00"}},"Rm"]
[{"$nulls":9},"Rm",{"$f":"'sani data 2024-25'!G91","v":{"v":25,"d":"25.00"}},"1Rm",{"$f":"ROUND(I1449*K1449,0)","v":{"v":0,"d":"0.00"}}]
[11,"Labour charges for laying, joining, welding, fixing and commissioning the C-PVC pipes including all specials such ascouplers/ bends/ tees etc including fixing necessary fittings like bends, plugs, couplers, junctions, tees, etc with welding the joint as per standard practice - up to 40 mm dia"]
[null,"25mm dia",1,"x",1,{"v":50,"d":"50.000"},{"v":0,"d":"0.000"},{"v":0,"d":"0.000"},{"$f":"ROUND(IF(AND(F1451:H1451),C1451*E1451*F1451*G1451*H1451,IF(AND(F1451,G1451),C1451*E1451*F1451*G1451,IF(AND(F1451,H1451),C1451*E1451*F1451*H1451,IF(AND(G1451,H1451),C1451*E1451*G1451*H1451,IF(F1451,C1451*E1451*F1451,IF(G1451,C1451*E1451*G1451,IF(H1451,C1451*E1451*H1451,C1451*E1451))))))),2)","v":{"v":50,"d":"50.00"}},"Rm"]
[]
[{"$nulls":9},"Rm",{"$f":"'sani data 2024-25'!G95","v":{"v":35,"d":"35.00"}},"1Rm",{"$f":"ROUND(I1453*K1453,0)","v":{"v":0,"d":"0.00"}}]
[11,"Supply & fixing of tested NP bib taps at all levels of 12.70mm dia of Indian make 400g first quality including cost & conveyance of all materials, labour charges for finished item of work, and all taxes complete for all floors"]
[null,null,1,"x",7,{"v":0,"d":"0.000"},{"v":0,"d":"0.000"},{"v":0,"d":"0.000"},{"$f":"ROUND(IF(AND(F1455:H1455),C1455*E1455*F1455*G1455*H1455,IF(AND(F1455,G1455),C1455*E1455*F1455*G1455,IF(AND(F1455,H1455),C1455*E1455*F1455*H1455,IF(AND(G1455,H1455),C1455*E1455*G1455*H1455,IF(F1455,C1455*E1455*F1455,IF(G1455,C1455*E1455*G1455,IF(H1455,C1455*E1455*H1455,C1455*E1455))))))),2)","v":7},"No"]
[]
[{"$nulls":9},"No",{"$f":"'sani data 2024-25'!G64","v":{"v":387,"d":"387.00"}},"1No",{"$f":"ROUND(I1457*K1457,0)","v":{"v":0,"d":"0.00"}}]
[12,"Supply & fixing bib cock cum health faucet with 1 m long flexible tube and wall hook ."]
[null,null,1,"x",2,{"v":0,"d":"0.000"},{"v":0,"d":"0.000"},{"v":0,"d":"0.000"},{"$f":"ROUND(IF(AND(F1459:H1459),C1459*E1459*F1459*G1459*H1459,IF(AND(F1459,G1459),C1459*E1459*F1459*G1459,IF(AND(F1459,H1459),C1459*E1459*F1459*H1459,IF(AND(G1459,H1459),C1459*E1459*G1459*H1459,IF(F1459,C1459*E1459*F1459,IF(G1459,C1459*E1459*G1459,IF(H1459,C1459*E1459*H1459,C1459*E1459))))))),2)","v":2},"No"]
[]
[{"$nulls":9},"No",{"$f":"'sani data 2024-25'!G68","v":{"v":4166,"d":"4166.00"}},"1No",{"$f":"ROUND(I1461*K1461,0)","v":{"v":0,"d":"0.00"}}]
[4,"Supplying & fixing 15 mm bib tap with flange Chromeum plated Jaquar make queen series"]
[null,"Qty.P.No.     of M.B.No."]
[null,null,1,"x",2,{"$f":"I1454","v":{"v":0,"d":"0.000"}},{"v":0,"d":"0.000"},{"v":0,"d":"0.000"},{"$f":"ROUND(IF(AND(F1464:H1464),C1464*E1464*F1464*G1464*H1464,IF(AND(F1464,G1464),C1464*E1464*F1464*G1464,IF(AND(F1464,H1464),C1464*E1464*F1464*H1464,IF(AND(G1464,H1464),C1464*E1464*G1464*H1464,IF(F1464,C1464*E1464*F1464,IF(G1464,C1464*E1464*G1464,IF(H1464,C1464*E1464*H1464,C1464*E1464))))))),2)","v":{"v":2,"d":"2.00"}},"No"]
[{"$nulls":9},"No",{"$f":"'sani data 2024-25'!G60","v":{"v":1644,"d":"1644.00"}},"1No",{"$f":"ROUND(I1465*K1465,0)","v":{"v":0,"d":"0.00"}}]
[22,"Prince/ Sudhakar make or equivalent quality PVC /SWR pipes & fittings ( as per ISI standards) 4kg/cm2 110mm dia. double socket "]
[null,null,1,"x",1,{"v":10,"d":"10.000"},{"v":0,"d":"0.000"},{"v":0,"d":"0.000"},{"$f":"ROUND(IF(AND(F1467:H1467),C1467*E1467*F1467*G1467*H1467,IF(AND(F1467,G1467),C1467*E1467*F1467*G1467,IF(AND(F1467,H1467),C1467*E1467*F1467*H1467,IF(AND(G1467,H1467),C1467*E1467*G1467*H1467,IF(F1467,C1467*E1467*F1467,IF(G1467,C1467*E1467*G1467,IF(H1467,C1467*E1467*H1467,C1467*E1467))))))),2)","v":{"v":10,"d":"10.00"}},"Rm"]
[null,null,1,"x",1,{"v":5,"d":"5.000"},{"v":0,"d":"0.000"},{"v":0,"d":"0.000"},{"$f":"ROUND(IF(AND(F1468:H1468),C1468*E1468*F1468*G1468*H1468,IF(AND(F1468,G1468),C1468*E1468*F1468*G1468,IF(AND(F1468,H1468),C1468*E1468*F1468*H1468,IF(AND(G1468,H1468),C1468*E1468*G1468*H1468,IF(F1468,C1468*E1468*F1468,IF(G1468,C1468*E1468*G1468,IF(H1468,C1468*E1468*H1468,C1468*E1468))))))),2)","v":{"v":5,"d":"5.00"}},"Rm"]
[]
[{"$nulls":9},"Rm",{"$f":"'sani data 2024-25'!G40","v":{"v":149,"d":"149.00"}},"1Rm",{"$f":"ROUND(I1470*K1470,0)","v":{"v":0,"d":"0.00"}}]
[6,"Prince/ Sudhakar make or equivalent quality PVC /SWR pipes & fittings ( as per ISI standards) 4kg/cm2 90mm dia. double socket "]
[null,"Qty.p.12 of M.B.No.52/C/ZP/18"]
[null,null,1,"x",1,{"v":10,"d":"10.000"},{"v":0,"d":"0.000"},{"v":0,"d":"0.000"},{"$f":"ROUND(IF(AND(F1473:H1473),C1473*E1473*F1473*G1473*H1473,IF(AND(F1473,G1473),C1473*E1473*F1473*G1473,IF(AND(F1473,H1473),C1473*E1473*F1473*H1473,IF(AND(G1473,H1473),C1473*E1473*G1473*H1473,IF(F1473,C1473*E1473*F1473,IF(G1473,C1473*E1473*G1473,IF(H1473,C1473*E1473*H1473,C1473*E1473))))))),2)","v":{"v":10,"d":"10.00"}},"Rm"]
[{"$nulls":9},"Rm",{"$f":"'sani data 2024-25'!G46","v":{"v":141.66666666666666,"d":"141.67"}},"1Rm",{"$f":"ROUND(I1474*K1474,0)","v":{"v":0,"d":"0.00"}}]
[23,"Prince/ Sudhakar make or equivalent quality PVC /SWR pipes & fittings ( as per ISI standards) 4kg/cm2 75mm dia. double socket "]
[null,null,1,"x",1,{"v":6,"d":"6.000"},{"v":0,"d":"0.000"},{"v":0,"d":"0.000"},{"$f":"ROUND(IF(AND(F1476:H1476),C1476*E1476*F1476*G1476*H1476,IF(AND(F1476,G1476),C1476*E1476*F1476*G1476,IF(AND(F1476,H1476),C1476*E1476*F1476*H1476,IF(AND(G1476,H1476),C1476*E1476*G1476*H1476,IF(F1476,C1476*E1476*F1476,IF(G1476,C1476*E1476*G1476,IF(H1476,C1476*E1476*H1476,C1476*E1476))))))),2)","v":{"v":6,"d":"6.00"}},"Rm"]
[]
[{"$nulls":9},"Rm",{"$f":"'sani data 2024-25'!G52","v":{"v":89,"d":"89.00"}},"1Rm",{"$f":"ROUND(I1478*K1478,0)","v":{"v":0,"d":"0.00"}}]
[24,"Labour charges for laying, fixing and commissioning the PVC pipes including couplers/ bends/ tees etc any diameter including fixing necessary fittings like bends, plugs, couplers, junctions, tees, etc with solvent jointing as per standard practice"]
[null,"110mm dia",1,"x",1,{"v":15,"d":"15.000"},{"v":0,"d":"0.000"},{"v":0,"d":"0.000"},{"$f":"ROUND(IF(AND(F1480:H1480),C1480*E1480*F1480*G1480*H1480,IF(AND(F1480,G1480),C1480*E1480*F1480*G1480,IF(AND(F1480,H1480),C1480*E1480*F1480*H1480,IF(AND(G1480,H1480),C1480*E1480*G1480*H1480,IF(F1480,C1480*E1480*F1480,IF(G1480,C1480*E1480*G1480,IF(H1480,C1480*E1480*H1480,C1480*E1480))))))),2)","v":{"v":15,"d":"15.00"}},"Rm"]
[null,"75mm dia",1,"x",1,{"v":6,"d":"6.000"},{"v":0,"d":"0.000"},{"v":0,"d":"0.000"},{"$f":"ROUND(IF(AND(F1481:H1481),C1481*E1481*F1481*G1481*H1481,IF(AND(F1481,G1481),C1481*E1481*F1481*G1481,IF(AND(F1481,H1481),C1481*E1481*F1481*H1481,IF(AND(G1481,H1481),C1481*E1481*G1481*H1481,IF(F1481,C1481*E1481*F1481,IF(G1481,C1481*E1481*G1481,IF(H1481,C1481*E1481*H1481,C1481*E1481))))))),2)","v":{"v":6,"d":"6.00"}},"Rm"]
[]
[{"$nulls":9},"Rm",{"$f":"'sani data 2024-25'!G56","v":{"v":84,"d":"84.00"}},"1Rm",{"$f":"ROUND(I1483*K1483,0)","v":{"v":0,"d":"0.00"}}]
[13,"Supplying and Fixing European Water Closet of 1st quality make white glazed with 'P' trap with low down porcelain flushing tank 10 Lit Capacity internal components and Fixing best Indian make plastic seat and lid for European water closets with rubber or plastic Buffers including all labour charges for fixing etc., complete."]
[null,"Tiolets",1,"x",1,{"v":0,"d":"0.000"},{"v":0,"d":"0.000"},{"v":0,"d":"0.000"},{"$f":"ROUND(IF(AND(F1485:H1485),C1485*E1485*F1485*G1485*H1485,IF(AND(F1485,G1485),C1485*E1485*F1485*G1485,IF(AND(F1485,H1485),C1485*E1485*F1485*H1485,IF(AND(G1485,H1485),C1485*E1485*G1485*H1485,IF(F1485,C1485*E1485*F1485,IF(G1485,C1485*E1485*G1485,IF(H1485,C1485*E1485*H1485,C1485*E1485))))))),2)","v":1},"No"]
[]
[{"$nulls":9},"No",{"$f":"'sani data 2024-25'!G10","v":{"v":5297,"d":"5297.00"}},"1No",{"$f":"ROUND(I1487*K1487,0)","v":{"v":0,"d":"0.00"}}]
[8,"Supplying & Fixing Indian pattern white glazed W.C 1st quality ISI marked conforming to IS:2556-Part-3-1981 with\"P\" or \"S\" trap: 630 mm Long"]
[null,"Qty.P.No.     of M.B.No."]
[null,"Tiolets",1,"x",1,{"v":0,"d":"0.000"},{"v":0,"d":"0.000"},{"v":0,"d":"0.000"},{"$f":"ROUND(IF(AND(F1490:H1490),C1490*E1490*F1490*G1490*H1490,IF(AND(F1490,G1490),C1490*E1490*F1490*G1490,IF(AND(F1490,H1490),C1490*E1490*F1490*H1490,IF(AND(G1490,H1490),C1490*E1490*G1490*H1490,IF(F1490,C1490*E1490*F1490,IF(G1490,C1490*E1490*G1490,IF(H1490,C1490*E1490*H1490,C1490*E1490))))))),2)","v":{"v":1,"d":"1.00"}},"No"]
[{"$nulls":9},"No",{"$f":"'sani data 2024-25'!G13","v":{"v":1036,"d":"1036.00"}},"1No",{"$f":"ROUND(I1491*K1491,0)","v":{"v":0,"d":"0.00"}}]
[10,"Supplying & Fixing white glazed flat back half stall urinals 1st quality conforming to IS:2556-1995 with standard C.P. Spreader of overall size 95 x 95 x 57 mm conforming to IS:2556-Part6, Sec-6-1974 fixed with screws complete Indian make : 410 x 265 x 305 mm"]
[null,"Qty.p.23 of M.B.No.911/A/ZP/20"]
[null,"Tiolets",1,"x",2,{"v":0,"d":"0.000"},{"v":0,"d":"0.000"},{"v":0,"d":"0.000"},{"$f":"ROUND(IF(AND(F1494:H1494),C1494*E1494*F1494*G1494*H1494,IF(AND(F1494,G1494),C1494*E1494*F1494*G1494,IF(AND(F1494,H1494),C1494*E1494*F1494*H1494,IF(AND(G1494,H1494),C1494*E1494*G1494*H1494,IF(F1494,C1494*E1494*F1494,IF(G1494,C1494*E1494*G1494,IF(H1494,C1494*E1494*H1494,C1494*E1494))))))),2)","v":{"v":2,"d":"2.00"}},"No"]
[{"$nulls":9},"No",{"$f":"'sani data 2024-25'!G16","v":{"v":2644,"d":"2644.00"}},"1No",{"$f":"ROUND(I1495*K1495,0)","v":{"v":0,"d":"0.00"}}]
[14,"Supplying and fixing Indian make Flat Back Wash Hand Basin (HSW/Parryware/ Neycer) 1st quality conforming to IS:2556-Part-4:1972 of size 450mm x 300mm with 32 mm nominal size C.P. Fitting with parallel pipe thread onforming to IS:2963-1979 and fitted with 15 mm nominal bore Chromium Plated Pillar Tap of 1st quality Indian make 400 grams Seiko/Senior/Nice or equivalent complete with  tandard CI brackets including wooden blocks ,1 No.12.70mm PVC connection with brass union nuts CP  oated , 1 No.12.70mm NP bib tap 400 gms Seiko or equivalent , 31.75mm dia. PVC flexible waste pipe 914.4mm length of 1st quality including cost and  onveyance of all materials to site, labour charges , overheads & contractors profit for finished item of work"]
[null,null,1,"x",1,{"v":0,"d":"0.000"},{"v":0,"d":"0.000"},{"v":0,"d":"0.000"},{"$f":"ROUND(IF(AND(F1497:H1497),C1497*E1497*F1497*G1497*H1497,IF(AND(F1497,G1497),C1497*E1497*F1497*G1497,IF(AND(F1497,H1497),C1497*E1497*F1497*H1497,IF(AND(G1497,H1497),C1497*E1497*G1497*H1497,IF(F1497,C1497*E1497*F1497,IF(G1497,C1497*E1497*G1497,IF(H1497,C1497*E1497*H1497,C1497*E1497))))))),2)","v":1},"No"]
[]
[{"$nulls":9},"No",{"$f":"'sani data 2024-25'!G24","v":{"v":2025,"d":"2025.00"}},"1No",{"$f":"ROUND(I1499*K1499,0)","v":{"v":0,"d":"0.00"}}]
[38,"Supplying & fixing 4\" (101.6 mm ) Nahany trap with Jali-  PVC/SWR Pipe fittings"]
[null,null,1,"x",3,{"v":0,"d":"0.000"},{"v":0,"d":"0.000"},{"v":0,"d":"0.000"},{"$f":"ROUND(IF(AND(F1501:H1501),C1501*E1501*F1501*G1501*H1501,IF(AND(F1501,G1501),C1501*E1501*F1501*G1501,IF(AND(F1501,H1501),C1501*E1501*F1501*H1501,IF(AND(G1501,H1501),C1501*E1501*G1501*H1501,IF(F1501,C1501*E1501*F1501,IF(G1501,C1501*E1501*G1501,IF(H1501,C1501*E1501*H1501,C1501*E1501))))))),2)","v":3},"No"]
[{"$nulls":9},"No",{"$f":"'sani data 2024-25'!G152","v":{"v":115,"d":"115.00"}},"1No",{"$f":"ROUND(I1502*K1502,0)","v":{"v":0,"d":"0.00"}}]
[13,"Providing & placing on Terrace polyethylene water storage tank with Double layer approved brand & manufacture with cover and suitable locking arrangement & making necessary holes for inlet & outlets and overflow pipes but without fittings & base support for tanks"]
[null,null,1,"x",2,1000,{"v":0,"d":"0.000"},{"v":0,"d":"0.000"},{"$f":"ROUND(IF(AND(F1504:H1504),C1504*E1504*F1504*G1504*H1504,IF(AND(F1504,G1504),C1504*E1504*F1504*G1504,IF(AND(F1504,H1504),C1504*E1504*F1504*H1504,IF(AND(G1504,H1504),C1504*E1504*G1504*H1504,IF(F1504,C1504*E1504*F1504,IF(G1504,C1504*E1504*G1504,IF(H1504,C1504*E1504*H1504,C1504*E1504))))))),2)","v":2000},"Ltr"]
[]
[{"$nulls":9},"Ltr",{"$f":"'sani data 2024-25'!G74","v":{"v":9.5,"d":"9.50"}},"1No",{"$f":"ROUND(I1506*K1506,0)","v":{"v":0,"d":"0.00"}}]
[3,"Drilling of 165mm dia Bore well by down the hole hammer at a fiished dia of 165mm dia in all formations suitable for down the hole hammer drilling such as meduim hard rock formation, all consolidated frormation etc and reaming the borewell to subinsertation of required casing pipe etc including insertion of casing pipe with couplings, caps any other relevant materials upto required depth as directed by the dept, transportation of drilling rigs and supporting vehicle and including bore development. Flushing of Borewell at an avarage pressure of 150PSI conducting yield test, crew charegs required in fixation of pipe assembly completely done to the satisfaction of the dept and incuding all labour charges, but excluding the cost of casing pipe etc. The entire work should be carried out as per IS-2800 part I and II 1979"]
[null,"Upto 90 Mts",null,"x",1,{"v":90,"d":"90.00"},{"v":0,"d":"0.000"},{"v":0,"d":"0.000"},{"$f":"ROUND(IF(AND(F1508:H1508),C1508*E1508*F1508*G1508*H1508,IF(AND(F1508,G1508),C1508*E1508*F1508*G1508,IF(AND(F1508,H1508),C1508*E1508*F1508*H1508,IF(AND(G1508,H1508),C1508*E1508*G1508*H1508,IF(F1508,C1508*E1508*F1508,IF(G1508,C1508*E1508*G1508,IF(H1508,C1508*E1508*H1508,C1508*E1508))))))),2)","v":{"v":0,"d":"0.00"}},"Rm",{"$f":"'sani data 2024-25'!G113","v":492.16},"1Rm",{"$f":"ROUND(I1508*K1508,0)","v":{"v":0,"d":"0.00"}}]
[null,"90Mts to 150 Mts",null,"x",1,30,{"v":0,"d":"0.000"},{"v":0,"d":"0.000"},{"$f":"ROUND(IF(AND(F1509:H1509),C1509*E1509*F1509*G1509*H1509,IF(AND(F1509,G1509),C1509*E1509*F1509*G1509,IF(AND(F1509,H1509),C1509*E1509*F1509*H1509,IF(AND(G1509,H1509),C1509*E1509*G1509*H1509,IF(F1509,C1509*E1509*F1509,IF(G1509,C1509*E1509*G1509,IF(H1509,C1509*E1509*H1509,C1509*E1509))))))),2)","v":{"v":0,"d":"0.00"}},"Rm",{"$f":"'sani data 2024-25'!G115","v":526.55},"1Rm",{"$f":"ROUND(I1509*K1509,0)","v":{"v":0,"d":"0.00"}}]
[null,"150Mts to 240 Mts",null,"x",1,60,{"v":0,"d":"0.000"},{"v":0,"d":"0.000"},{"$f":"ROUND(IF(AND(F1510:H1510),C1510*E1510*F1510*G1510*H1510,IF(AND(F1510,G1510),C1510*E1510*F1510*G1510,IF(AND(F1510,H1510),C1510*E1510*F1510*H1510,IF(AND(G1510,H1510),C1510*E1510*G1510*H1510,IF(F1510,C1510*E1510*F1510,IF(G1510,C1510*E1510*G1510,IF(H1510,C1510*E1510*H1510,C1510*E1510))))))),2)","v":{"v":0,"d":"0.00"}},"Rm",{"$f":"'sani data 2024-25'!G117","v":590.61},"1Rm",{"$f":"ROUND(I1510*K1510,0)","v":{"v":0,"d":"0.00"}}]
[]
[4,"Providing PVC Casing pipe 180mm dia of 6 Kgs/cm2 including cost and conveyance of Pipe and labour charges etc complete for Borewell of 165mm dia. Item No 20 of PH items in SoR 2019-20 Page 67 Rs 636-00 per 1.00 RM"]
[null,null,1,"x",1,{"v":12,"d":"12.00"},{"v":0,"d":"0.000"},{"v":0,"d":"0.000"},{"$f":"ROUND(IF(AND(F1513:H1513),C1513*E1513*F1513*G1513*H1513,IF(AND(F1513,G1513),C1513*E1513*F1513*G1513,IF(AND(F1513,H1513),C1513*E1513*F1513*H1513,IF(AND(G1513,H1513),C1513*E1513*G1513*H1513,IF(F1513,C1513*E1513*F1513,IF(G1513,C1513*E1513*G1513,IF(H1513,C1513*E1513*H1513,C1513*E1513))))))),2)","v":{"v":12,"d":"12.00"}},"Rm"]
[{"$nulls":9},"Rm",{"$f":"'sani data 2024-25'!G127","v":358.31},"1No",{"$f":"ROUND(I1514*K1514,0)","v":{"v":0,"d":"0.00"}}]
[5,"Supply and Transportation of 1.00HP single phase ISI  submersible mortor Pumpset subitable for 4\" bore well Makes:Kirloskar/ Crompton/ CRI/ KSB/ Texmo/Aryan Varsha",{"$nulls":12}," ",null," "]
[null,null,1,"x",1,{"v":0,"d":"0.000"},{"v":0,"d":"0.00"},{"v":0,"d":"0.000"},{"$f":"ROUND(IF(AND(F1516:H1516),C1516*E1516*F1516*G1516*H1516,IF(AND(F1516,G1516),C1516*E1516*F1516*G1516,IF(AND(F1516,H1516),C1516*E1516*F1516*H1516,IF(AND(G1516,H1516),C1516*E1516*G1516*H1516,IF(F1516,C1516*E1516*F1516,IF(G1516,C1516*E1516*G1516,IF(H1516,C1516*E1516*H1516,C1516*E1516))))))),2)","v":1},"No"]
[{"$nulls":9},"No",{"$f":"'sani data 2024-25'!G124","v":{"v":20207,"d":"20207.00"}},"Rm",{"$f":"ROUND(I1517*K1517,0)","v":{"v":0,"d":"0.00"}},null," "]
[6,"S& F 40  mm HDPE pipe pipe properties & weight as per IS 1239 ISI mark with GI fittings including the cost of pipe & its fittings & labour charges.",{"$nulls":12}," ",null," "]
[null,null,1,"x",1,{"v":85,"d":"85.0"},{"v":0,"d":"0.00"},{"v":0,"d":"0.000"},{"$f":"ROUND(IF(AND(F1519:H1519),C1519*E1519*F1519*G1519*H1519,IF(AND(F1519,G1519),C1519*E1519*F1519*G1519,IF(AND(F1519,H1519),C1519*E1519*F1519*H1519,IF(AND(G1519,H1519),C1519*E1519*G1519*H1519,IF(F1519,C1519*E1519*F1519,IF(G1519,C1519*E1519*G1519,IF(H1519,C1519*E1519*H1519,C1519*E1519))))))),2)","v":{"v":85,"d":"85.00"}},"Rm"]
[{"$nulls":9},"Rm",{"$f":"'sani data 2024-25'!G130","v":{"v":80,"d":"80.00"}},"Rm",{"$f":"ROUND(I1520*K1520,0)","v":{"v":0,"d":"0.00"}},null," "]
[7,"S&F of 180mm dia bore cap",{"$nulls":12}," ",null," "]
[null,null,1,"x",1,{"v":0,"d":"0.000"},{"v":0,"d":"0.00"},{"v":0,"d":"0.000"},{"$f":"ROUND(IF(AND(F1522:H1522),C1522*E1522*F1522*G1522*H1522,IF(AND(F1522,G1522),C1522*E1522*F1522*G1522,IF(AND(F1522,H1522),C1522*E1522*F1522*H1522,IF(AND(G1522,H1522),C1522*E1522*G1522*H1522,IF(F1522,C1522*E1522*F1522,IF(G1522,C1522*E1522*G1522,IF(H1522,C1522*E1522*H1522,C1522*E1522))))))),2)","v":1},"No"]
[{"$nulls":9},"No",{"$f":"'sani data 2024-25'!G136","v":330.75},"No",{"$f":"ROUND(I1523*K1523,0)","v":{"v":0,"d":"0.00"}},null," "]
[8,"S&F of 32mm dia GI pipe",{"$nulls":12}," ",null," "]
[null,null,1,"x",1,{"v":0.5,"d":"0.500"},{"v":0,"d":"0.00"},{"v":0,"d":"0.000"},{"$f":"ROUND(IF(AND(F1525:H1525),C1525*E1525*F1525*G1525*H1525,IF(AND(F1525,G1525),C1525*E1525*F1525*G1525,IF(AND(F1525,H1525),C1525*E1525*F1525*H1525,IF(AND(G1525,H1525),C1525*E1525*G1525*H1525,IF(F1525,C1525*E1525*F1525,IF(G1525,C1525*E1525*G1525,IF(H1525,C1525*E1525*H1525,C1525*E1525))))))),2)","v":{"v":0.5,"d":"0.50"}},"Rm"]
[{"$nulls":9},"Rm",{"$f":"'sani data 2024-25'!G139","v":{"v":400,"d":"400.00"}},"Rm",{"$f":"ROUND(I1526*K1526,0)","v":{"v":0,"d":"0.00"}},null," "]
[9,"S&F of 32mm dia GI Bends",{"$nulls":12}," ",null," "]
[null,null,1,"x",1,{"v":0,"d":"0.000"},{"v":0,"d":"0.00"},{"v":0,"d":"0.000"},{"$f":"ROUND(IF(AND(F1528:H1528),C1528*E1528*F1528*G1528*H1528,IF(AND(F1528,G1528),C1528*E1528*F1528*G1528,IF(AND(F1528,H1528),C1528*E1528*F1528*H1528,IF(AND(G1528,H1528),C1528*E1528*G1528*H1528,IF(F1528,C1528*E1528*F1528,IF(G1528,C1528*E1528*G1528,IF(H1528,C1528*E1528*H1528,C1528*E1528))))))),2)","v":1},"No"]
[{"$nulls":9},"No",{"$f":"'sani data 2024-25'!G142","v":{"v":77,"d":"77.00"}},"No",{"$f":"ROUND(I1529*K1529,0)","v":{"v":0,"d":"0.00"}},null," "]
[10,"S&F of 25mm dia Clamp set",{"$nulls":12}," ",null," "]
[null,null,1,"x",1,{"v":0,"d":"0.000"},{"v":0,"d":"0.00"},{"v":0,"d":"0.000"},{"$f":"ROUND(IF(AND(F1531:H1531),C1531*E1531*F1531*G1531*H1531,IF(AND(F1531,G1531),C1531*E1531*F1531*G1531,IF(AND(F1531,H1531),C1531*E1531*F1531*H1531,IF(AND(G1531,H1531),C1531*E1531*G1531*H1531,IF(F1531,C1531*E1531*F1531,IF(G1531,C1531*E1531*G1531,IF(H1531,C1531*E1531*H1531,C1531*E1531))))))),2)","v":1},"No"]
[{"$nulls":9},"No",{"$f":"'sani data 2024-25'!G133","v":{"v":185,"d":"185.00"}},"No",{"$f":"ROUND(I1532*K1532,0)","v":{"v":0,"d":"0.00"}},null," "]
[11,"Supply of 3 core 1.50 sqm flat copper cable as per for submersible motors of makes polycab for service mains including cost of material and labour charges and taxes etc., complete.",{"$nulls":12}," ",null," "]
[null,null,1,"x",1,{"v":90,"d":"90.00"},{"v":0,"d":"0.00"},{"v":0,"d":"0.000"},{"$f":"ROUND(IF(AND(F1534:H1534),C1534*E1534*F1534*G1534*H1534,IF(AND(F1534,G1534),C1534*E1534*F1534*G1534,IF(AND(F1534,H1534),C1534*E1534*F1534*H1534,IF(AND(G1534,H1534),C1534*E1534*G1534*H1534,IF(F1534,C1534*E1534*F1534,IF(G1534,C1534*E1534*G1534,IF(H1534,C1534*E1534*H1534,C1534*E1534))))))),2)","v":{"v":90,"d":"90.00"}},"Rm"]
[{"$nulls":9},"Rm",{"$f":"'sani data 2024-25'!G145","v":{"v":109,"d":"109.00"}},"Rm",{"$f":"ROUND(I1535*K1535,0)","v":{"v":0,"d":"0.00"}},null," "]
[12,"Supply and Transportation of control panel for single phasesubmersible motors up to 3 HP @ 220V 50Hz operating range between 80 to 240V including supply and fixing of Direct - on - Line LTLK / SIEMENS / CROMPTON make Volt meter and Ammeter with starting and running capacitors assembled with ISI mark contactors and fitted with Legrand make ISI mark MCB etc., complete. \n",{"$nulls":12}," ",null," "]
[null,null,1,"x",1,{"v":0,"d":"0.000"},{"v":0,"d":"0.00"},{"v":0,"d":"0.000"},{"$f":"ROUND(IF(AND(F1537:H1537),C1537*E1537*F1537*G1537*H1537,IF(AND(F1537,G1537),C1537*E1537*F1537*G1537,IF(AND(F1537,H1537),C1537*E1537*F1537*H1537,IF(AND(G1537,H1537),C1537*E1537*G1537*H1537,IF(F1537,C1537*E1537*F1537,IF(G1537,C1537*E1537*G1537,IF(H1537,C1537*E1537*H1537,C1537*E1537))))))),2)","v":{"v":1,"d":"1.00"}},"No"]
[{"$nulls":9},"No",{"$f":"'sani data 2024-25'!G148","v":{"v":5445,"d":"5445.00"}},"1No",{"$f":"ROUND(I1538*K1538,0)","v":{"v":0,"d":"0.00"}},null," "]
[null,"ELECTRIFICATION ITEMS"]
[20,"Supply and Fixing of ISI  25mm outer dia medium (1.80mm thickness) grade with IS:9537 part 3 regid PVC pipe with PVC / Metallic Junction boxes and all accessories  including Fixing of existing suitable size Consealed box PVC / MS with hook for fan including all labour charges etc., complete."]
[null,null,1,"x",2,{"v":10,"d":"10.00"},{"v":0,"d":"0.00"},{"v":0,"d":"0.00"},{"$f":"ROUND(IF(AND(F1541:H1541),C1541*E1541*F1541*G1541*H1541,IF(AND(F1541,G1541),C1541*E1541*F1541*G1541,IF(AND(F1541,H1541),C1541*E1541*F1541*H1541,IF(AND(G1541,H1541),C1541*E1541*G1541*H1541,IF(F1541,C1541*E1541*F1541,IF(G1541,C1541*E1541*G1541,IF(H1541,C1541*E1541*H1541,C1541*E1541))))))),2)","v":{"v":20,"d":"20.00"}},"Rm"]
[null,null,1,"x",2,{"v":5,"d":"5.00"},{"v":0,"d":"0.00"},{"v":0,"d":"0.00"},{"$f":"ROUND(IF(AND(F1542:H1542),C1542*E1542*F1542*G1542*H1542,IF(AND(F1542,G1542),C1542*E1542*F1542*G1542,IF(AND(F1542,H1542),C1542*E1542*F1542*H1542,IF(AND(G1542,H1542),C1542*E1542*G1542*H1542,IF(F1542,C1542*E1542*F1542,IF(G1542,C1542*E1542*G1542,IF(H1542,C1542*E1542*H1542,C1542*E1542))))))),2)","v":{"v":10,"d":"10.00"}},"Rm"]
[]
[{"$nulls":8},{"$f":"SUM(I1541:I1543)","v":{"v":30,"d":"30.00"}},"Rm",{"$f":"'Ele Data 2024-25'!I17","v":92.37},"1Rm",{"$f":"ROUND(I1544*K1544,0)","v":{"v":2771,"d":"2771.00"}}]
[21,"Supplying and Fixing of 25mm dia 2.2 mm thick PVC Conduit pipe concealed in wall with all required accessories including chiseling the wall wherever necessity including masonry work for Light, Fan and separate plug point with wooden.Deep box including all labour charges etc "]
[null,"Hall",1,"x",1,{"v":20,"d":"20.00"},{"v":0,"d":"0.00"},{"v":0,"d":"0.00"},{"$f":"ROUND(IF(AND(F1546:H1546),C1546*E1546*F1546*G1546*H1546,IF(AND(F1546,G1546),C1546*E1546*F1546*G1546,IF(AND(F1546,H1546),C1546*E1546*F1546*H1546,IF(AND(G1546,H1546),C1546*E1546*G1546*H1546,IF(F1546,C1546*E1546*F1546,IF(G1546,C1546*E1546*G1546,IF(H1546,C1546*E1546*H1546,C1546*E1546))))))),2)","v":{"v":20,"d":"20.00"}},"Rm"]
[null,"Rooms",1,"x",1,{"v":10,"d":"10.00"},{"v":0,"d":"0.00"},{"v":0,"d":"0.00"},{"$f":"ROUND(IF(AND(F1547:H1547),C1547*E1547*F1547*G1547*H1547,IF(AND(F1547,G1547),C1547*E1547*F1547*G1547,IF(AND(F1547,H1547),C1547*E1547*F1547*H1547,IF(AND(G1547,H1547),C1547*E1547*G1547*H1547,IF(F1547,C1547*E1547*F1547,IF(G1547,C1547*E1547*G1547,IF(H1547,C1547*E1547*H1547,C1547*E1547))))))),2)","v":{"v":10,"d":"10.00"}},"Rm"]
[null,"Verandah",1,"x",1,{"v":5,"d":"5.00"},{"v":0,"d":"0.00"},{"v":0,"d":"0.00"},{"$f":"ROUND(IF(AND(F1548:H1548),C1548*E1548*F1548*G1548*H1548,IF(AND(F1548,G1548),C1548*E1548*F1548*G1548,IF(AND(F1548,H1548),C1548*E1548*F1548*H1548,IF(AND(G1548,H1548),C1548*E1548*G1548*H1548,IF(F1548,C1548*E1548*F1548,IF(G1548,C1548*E1548*G1548,IF(H1548,C1548*E1548*H1548,C1548*E1548))))))),2)","v":{"v":5,"d":"5.00"}},"Rm"]
[]
[{"$nulls":8},{"$f":"SUM(I1546:I1549)","v":{"v":35,"d":"35.00"}},"Rm",{"$f":"'Ele Data 2024-25'!I34","v":111.79},"1Rm",{"$f":"ROUND(I1550*K1550,0)","v":{"v":3913,"d":"3913.00"}}]
[3,"Labour charges for Grooves 2-3mm thick for PVC pipes"]
[null,"Qty.p. 2 of M.B.No.435-C/2017-18"]
[null,"For water pipes"]
[null,"Ladies tiolet",1,"x",1,{"v":4,"d":"4.000"},{"v":0,"d":"0.000"},{"v":0,"d":"0.000"},{"$f":"ROUND(IF(AND(F1554:H1554),C1554*E1554*F1554*G1554*H1554,IF(AND(F1554,G1554),C1554*E1554*F1554*G1554,IF(AND(F1554,H1554),C1554*E1554*F1554*H1554,IF(AND(G1554,H1554),C1554*E1554*G1554*H1554,IF(F1554,C1554*E1554*F1554,IF(G1554,C1554*E1554*G1554,IF(H1554,C1554*E1554*H1554,C1554*E1554))))))),2)","v":{"v":4,"d":"4.00"}},"Rm"]
[null,"Gents tiolet",1,"x",1,{"v":1.8,"d":"1.800"},{"v":0,"d":"0.000"},{"v":0,"d":"0.000"},{"$f":"ROUND(IF(AND(F1555:H1555),C1555*E1555*F1555*G1555*H1555,IF(AND(F1555,G1555),C1555*E1555*F1555*G1555,IF(AND(F1555,H1555),C1555*E1555*F1555*H1555,IF(AND(G1555,H1555),C1555*E1555*G1555*H1555,IF(F1555,C1555*E1555*F1555,IF(G1555,C1555*E1555*G1555,IF(H1555,C1555*E1555*H1555,C1555*E1555))))))),2)","v":{"v":1.8,"d":"1.80"}},"Rm"]
[null,"Sarpanch tiolet",1,"x",1,{"v":2,"d":"2.000"},{"v":0,"d":"0.000"},{"v":0,"d":"0.000"},{"$f":"ROUND(IF(AND(F1556:H1556),C1556*E1556*F1556*G1556*H1556,IF(AND(F1556,G1556),C1556*E1556*F1556*G1556,IF(AND(F1556,H1556),C1556*E1556*F1556*H1556,IF(AND(G1556,H1556),C1556*E1556*G1556*H1556,IF(F1556,C1556*E1556*F1556,IF(G1556,C1556*E1556*G1556,IF(H1556,C1556*E1556*H1556,C1556*E1556))))))),2)","v":{"v":2,"d":"2.00"}},"Rm"]
[]
[{"$nulls":9},"Rm",{"$f":"'Ele Data 2024-25'!I38","v":{"v":74,"d":"74.00"}},"1Rm",{"$f":"ROUND(I1558*K1558,0)","v":{"v":0,"d":"0.00"}}]
[42,"Supply of  Hot Dip galvanized 20/18 SWG Module box with earthing terminal for 12 Module box"]
[null,null,1,"x",10,{"v":0,"d":"0.000"},{"v":0,"d":"0.000"},{"v":0,"d":"0.000"},{"$f":"ROUND(IF(AND(F1560:H1560),C1560*E1560*F1560*G1560*H1560,IF(AND(F1560,G1560),C1560*E1560*F1560*G1560,IF(AND(F1560,H1560),C1560*E1560*F1560*H1560,IF(AND(G1560,H1560),C1560*E1560*G1560*H1560,IF(F1560,C1560*E1560*F1560,IF(G1560,C1560*E1560*G1560,IF(H1560,C1560*E1560*H1560,C1560*E1560))))))),2)","v":10},"No"]
[]
[{"$nulls":9},"No",{"$f":"'Ele Data 2024-25'!I41","v":{"v":245,"d":"245.00"}},"1No",{"$f":"ROUND(I1562*K1562,0)","v":{"v":0,"d":"0.00"}}]
[22,"Supply of  Hot Dip galvanized 20/18 SWG Module box with earthing terminal for 8 Module box"]
[null,null,1,"x",3,{"v":0,"d":"0.000"},{"v":0,"d":"0.000"},{"v":0,"d":"0.000"},{"$f":"ROUND(IF(AND(F1564:H1564),C1564*E1564*F1564*G1564*H1564,IF(AND(F1564,G1564),C1564*E1564*F1564*G1564,IF(AND(F1564,H1564),C1564*E1564*F1564*H1564,IF(AND(G1564,H1564),C1564*E1564*G1564*H1564,IF(F1564,C1564*E1564*F1564,IF(G1564,C1564*E1564*G1564,IF(H1564,C1564*E1564*H1564,C1564*E1564))))))),2)","v":3},"No"]
[]
[{"$nulls":8},{"$f":"SUM(I1564:I1565)","v":3},"No",{"$f":"'Ele Data 2024-25'!I45","v":230.64},"1No",{"$f":"ROUND(I1566*K1566,0)","v":{"v":692,"d":"692.00"}}]
[13,"Supply of  Hot Dip galvanized 20/18 SWG Module box with earthing terminal for 6 Module box"]
[null,null,1,"x",1,{"v":0,"d":"0.000"},{"v":0,"d":"0.000"},{"v":0,"d":"0.000"},{"$f":"ROUND(IF(AND(F1568:H1568),C1568*E1568*F1568*G1568*H1568,IF(AND(F1568,G1568),C1568*E1568*F1568*G1568,IF(AND(F1568,H1568),C1568*E1568*F1568*H1568,IF(AND(G1568,H1568),C1568*E1568*G1568*H1568,IF(F1568,C1568*E1568*F1568,IF(G1568,C1568*E1568*G1568,IF(H1568,C1568*E1568*H1568,C1568*E1568))))))),2)","v":1},"No"]
[]
[{"$nulls":9},"No",{"$f":"'Ele Data 2024-25'!I48","v":{"v":155,"d":"155.00"}},"1No",{"$f":"ROUND(I1570*K1570,0)","v":{"v":0,"d":"0.00"}}]
[4,"Supply of  Hot Dip galvanized 20/18 SWG Module box with earthing terminal for 16 Module box"]
[null,"Qty.p.3 of M.B.No.702/C/ZP/20"]
[null,"Carridor",1,"x",1,{"v":0,"d":"0.000"},{"v":0,"d":"0.000"},{"v":0,"d":"0.000"},{"$f":"ROUND(IF(AND(F1573:H1573),C1573*E1573*F1573*G1573*H1573,IF(AND(F1573,G1573),C1573*E1573*F1573*G1573,IF(AND(F1573,H1573),C1573*E1573*F1573*H1573,IF(AND(G1573,H1573),C1573*E1573*G1573*H1573,IF(F1573,C1573*E1573*F1573,IF(G1573,C1573*E1573*G1573,IF(H1573,C1573*E1573*H1573,C1573*E1573))))))),2)","v":{"v":1,"d":"1.00"}},"No"]
[null,"Agristore",1,"x",1,{"v":0,"d":"0.000"},{"v":0,"d":"0.000"},{"v":0,"d":"0.000"},{"$f":"ROUND(IF(AND(F1574:H1574),C1574*E1574*F1574*G1574*H1574,IF(AND(F1574,G1574),C1574*E1574*F1574*G1574,IF(AND(F1574,H1574),C1574*E1574*F1574*H1574,IF(AND(G1574,H1574),C1574*E1574*G1574*H1574,IF(F1574,C1574*E1574*F1574,IF(G1574,C1574*E1574*G1574,IF(H1574,C1574*E1574*H1574,C1574*E1574))))))),2)","v":{"v":1,"d":"1.00"}},"No"]
[null,"Demo quipment",1,"x",1,{"v":0,"d":"0.000"},{"v":0,"d":"0.000"},{"v":0,"d":"0.000"},{"$f":"ROUND(IF(AND(F1575:H1575),C1575*E1575*F1575*G1575*H1575,IF(AND(F1575,G1575),C1575*E1575*F1575*G1575,IF(AND(F1575,H1575),C1575*E1575*F1575*H1575,IF(AND(G1575,H1575),C1575*E1575*G1575*H1575,IF(F1575,C1575*E1575*F1575,IF(G1575,C1575*E1575*G1575,IF(H1575,C1575*E1575*H1575,C1575*E1575))))))),2)","v":{"v":1,"d":"1.00"}},"No"]
[null,"Meeting Hall",1,"x",2,{"v":0,"d":"0.000"},{"v":0,"d":"0.000"},{"v":0,"d":"0.000"},{"$f":"ROUND(IF(AND(F1576:H1576),C1576*E1576*F1576*G1576*H1576,IF(AND(F1576,G1576),C1576*E1576*F1576*G1576,IF(AND(F1576,H1576),C1576*E1576*F1576*H1576,IF(AND(G1576,H1576),C1576*E1576*G1576*H1576,IF(F1576,C1576*E1576*F1576,IF(G1576,C1576*E1576*G1576,IF(H1576,C1576*E1576*H1576,C1576*E1576))))))),2)","v":{"v":2,"d":"2.00"}},"No"]
[{"$nulls":9},"No",{"$f":"'Ele Data 2024-25'!I59","v":{"v":359,"d":"359.00"}},"1No",{"$f":"ROUND(I1577*K1577,0)","v":{"v":0,"d":"0.00"}}]
[6,"Supply of  Hot Dip galvanized 20/18 SWG Module box with earthing terminal for 18 Module box"]
[null,"Qty.P.No.     of M.B.No."]
[null,"VKC",2,"x",1,{"v":0,"d":"0.000"},{"v":0,"d":"0.000"},{"v":0,"d":"0.000"},{"$f":"ROUND(IF(AND(F1580:H1580),C1580*E1580*F1580*G1580*H1580,IF(AND(F1580,G1580),C1580*E1580*F1580*G1580,IF(AND(F1580,H1580),C1580*E1580*F1580*H1580,IF(AND(G1580,H1580),C1580*E1580*G1580*H1580,IF(F1580,C1580*E1580*F1580,IF(G1580,C1580*E1580*G1580,IF(H1580,C1580*E1580*H1580,C1580*E1580))))))),2)","v":{"v":2,"d":"2.00"}},"No"]
[{"$nulls":9},"No",{"$f":"'Ele Data 2024-25'!I55","v":{"v":400,"d":"400.00"}},"1No",{"$f":"ROUND(I1581*K1581,0)","v":{"v":0,"d":"0.00"}}]
[14,"Supply of  Hot Dip galvanized 20/18 SWG Module box with earthing terminal for 4 Module box"]
[null,null,1,"x",4,{"v":0,"d":"0.000"},{"v":0,"d":"0.000"},{"v":0,"d":"0.000"},{"$f":"ROUND(IF(AND(F1583:H1583),C1583*E1583*F1583*G1583*H1583,IF(AND(F1583,G1583),C1583*E1583*F1583*G1583,IF(AND(F1583,H1583),C1583*E1583*F1583*H1583,IF(AND(G1583,H1583),C1583*E1583*G1583*H1583,IF(F1583,C1583*E1583*F1583,IF(G1583,C1583*E1583*G1583,IF(H1583,C1583*E1583*H1583,C1583*E1583))))))),2)","v":4},"No"]
[]
[{"$nulls":9},"No",{"$f":"'Ele Data 2024-25'!I51","v":{"v":114,"d":"114.00"}},"1No",{"$f":"ROUND(I1585*K1585,0)","v":{"v":0,"d":"0.00"}}]
[43,"Supply of  Hot Dip galvanized 20/18 SWG Module box with earthing terminal for 2 Module box"]
[null,"Verandah",1,"x",3,{"v":0,"d":"0.000"},{"v":0,"d":"0.000"},{"v":0,"d":"0.000"},{"$f":"ROUND(IF(AND(F1587:H1587),C1587*E1587*F1587*G1587*H1587,IF(AND(F1587,G1587),C1587*E1587*F1587*G1587,IF(AND(F1587,H1587),C1587*E1587*F1587*H1587,IF(AND(G1587,H1587),C1587*E1587*G1587*H1587,IF(F1587,C1587*E1587*F1587,IF(G1587,C1587*E1587*G1587,IF(H1587,C1587*E1587*H1587,C1587*E1587))))))),2)","v":3},"No"]
[{"$nulls":9},"No",{"$f":"'Ele Data 2024-25'!I62","v":{"v":68,"d":"68.00"}},"1No",{"$f":"ROUND(I1588*K1588,0)","v":{"v":0,"d":"0.00"}}]
[23,"Wiring with run of 2 of 14/0.3mm (1.0 Sq.mm) FRLS / HFFR PVC insulated flexible ISI mark copper cable in existing PVC conduit pipe including Supply and fixing of Jumbo Ceiling rose and 6A/10A ISI Mark 1way flush type switch  in existing Surface or Concealed pipe wiring including cost and conveyance of all material and all labour charges etc., complete for light and bell  points"]
[null,null,1,"x",9,{"v":0,"d":"0.000"},{"v":0,"d":"0.000"},{"v":0,"d":"0.000"},{"$f":"ROUND(IF(AND(F1590:H1590),C1590*E1590*F1590*G1590*H1590,IF(AND(F1590,G1590),C1590*E1590*F1590*G1590,IF(AND(F1590,H1590),C1590*E1590*F1590*H1590,IF(AND(G1590,H1590),C1590*E1590*G1590*H1590,IF(F1590,C1590*E1590*F1590,IF(G1590,C1590*E1590*G1590,IF(H1590,C1590*E1590*H1590,C1590*E1590))))))),2)","v":9},"Point"]
[]
[{"$nulls":8},{"$f":"SUM(I1590:I1591)","v":9},"Point",{"$f":"'Ele Data 2024-25'!I103","v":557.66},"1Point",{"$f":"ROUND(I1592*K1592,0)","v":{"v":5019,"d":"5019.00"}}]
[24,"Wiring with run of 2 of 14/0.3mm (1.0 Sq.mm) FRLS / HFFR PVC insulated flexible ISI mark copper cable in existing PVC conduit pipe including Supply and fixing of Jumbo Ceiling rose and 6A/10A ISI Mark 1way flush type switch  in existing Surface or Concealed pipe wiring including cost and conveyance of all material and all labour charges etc., complete for Fan points"]
[null,"Fan point",1,"x",3,{"v":0,"d":"0.000"},{"v":0,"d":"0.000"},{"v":0,"d":"0.000"},{"$f":"ROUND(IF(AND(F1594:H1594),C1594*E1594*F1594*G1594*H1594,IF(AND(F1594,G1594),C1594*E1594*F1594*G1594,IF(AND(F1594,H1594),C1594*E1594*F1594*H1594,IF(AND(G1594,H1594),C1594*E1594*G1594*H1594,IF(F1594,C1594*E1594*F1594,IF(G1594,C1594*E1594*G1594,IF(H1594,C1594*E1594*H1594,C1594*E1594))))))),2)","v":3},"Point"]
[]
[{"$nulls":8},{"$f":"SUM(I1594:I1595)","v":3},"Point",{"$f":"'Ele Data 2024-25'!I117","v":582.66},"1Point",{"$f":"ROUND(I1596*K1596,0)","v":{"v":1748,"d":"1748.00"}}]
[25,"Supply and  Run of 2 of 36/0.3mm (2.50 Sq.mm) with  Run 1 of 22/0.3mm(1.5Sqmm)  FRLS / HFFR PVC insulated flexible ISI mark copper cable in existing pipe for run of mains inlcuding all labour charges etc., complete."]
[null,null,1,"x",1,{"v":90,"d":"90.00"},{"v":0,"d":"0.000"},{"v":0,"d":"0.000"},{"$f":"ROUND(IF(AND(F1598:H1598),C1598*E1598*F1598*G1598*H1598,IF(AND(F1598,G1598),C1598*E1598*F1598*G1598,IF(AND(F1598,H1598),C1598*E1598*F1598*H1598,IF(AND(G1598,H1598),C1598*E1598*G1598*H1598,IF(F1598,C1598*E1598*F1598,IF(G1598,C1598*E1598*G1598,IF(H1598,C1598*E1598*H1598,C1598*E1598))))))),2)","v":{"v":90,"d":"90.00"}},"Rm"]
[]
[{"$nulls":8},{"$f":"SUM(I1598:I1599)","v":{"v":90,"d":"90.00"}},"Rm",{"$f":"'Ele Data 2024-25'!I174","v":100.19},"1Rm",{"$f":"ROUND(I1600*K1600,0)","v":{"v":9017,"d":"9017.00"}}]
[47,"Supply and  Run of 2 of 56/0.3mm (4.00 Sq.mm) with  Run 1 of 22/0.3mm(1.5Sqmm)  FRLS / HFFR PVC insulated flexible ISI mark copper cable in existing pipe for run of mains inlcuding all labour charges etc., complete"]
[null,null,1,"x",1,{"v":90,"d":"90.00"},{"v":0,"d":"0.000"},{"v":0,"d":"0.000"},{"$f":"ROUND(IF(AND(F1602:H1602),C1602*E1602*F1602*G1602*H1602,IF(AND(F1602,G1602),C1602*E1602*F1602*G1602,IF(AND(F1602,H1602),C1602*E1602*F1602*H1602,IF(AND(G1602,H1602),C1602*E1602*G1602*H1602,IF(F1602,C1602*E1602*F1602,IF(G1602,C1602*E1602*G1602,IF(H1602,C1602*E1602*H1602,C1602*E1602))))))),2)","v":{"v":90,"d":"90.00"}},"Rm"]
[]
[{"$nulls":9},"Rm",{"$f":"'Ele Data 2024-25'!I184","v":133.97},"1Rm",{"$f":"ROUND(I1604*K1604,0)","v":{"v":0,"d":"0.00"}}]
[26,"Supply and Run of 2 of 6 Sq.mm WPSC Aluminium cable along with No.10 SWG G.I bearer wire through PVC cleats with all accessories including labour charges etc., complete for service mains."]
[null,null,1,"x",1,{"v":30,"d":"30.00"},{"v":0,"d":"0.000"},{"v":0,"d":"0.000"},{"$f":"ROUND(IF(AND(F1606:H1606),C1606*E1606*F1606*G1606*H1606,IF(AND(F1606,G1606),C1606*E1606*F1606*G1606,IF(AND(F1606,H1606),C1606*E1606*F1606*H1606,IF(AND(G1606,H1606),C1606*E1606*G1606*H1606,IF(F1606,C1606*E1606*F1606,IF(G1606,C1606*E1606*G1606,IF(H1606,C1606*E1606*H1606,C1606*E1606))))))),2)","v":{"v":30,"d":"30.00"}},"Rm"]
[{"$nulls":8},{"$f":"SUM(I1606)","v":{"v":30,"d":"30.00"}},"Rm",{"$f":"'Ele Data 2024-25'!I196","v":{"v":77.7445,"d":"77.74"}},"1Rm",{"$f":"ROUND(I1607*K1607,0)","v":{"v":2332,"d":"2332.00"}}]
[49,"Supply of Cover frames for 12 module box"]
[null,null,1,"x",10,{"v":0,"d":"0.000"},{"v":0,"d":"0.000"},{"v":0,"d":"0.000"},{"$f":"ROUND(IF(AND(F1609:H1609),C1609*E1609*F1609*G1609*H1609,IF(AND(F1609,G1609),C1609*E1609*F1609*G1609,IF(AND(F1609,H1609),C1609*E1609*F1609*H1609,IF(AND(G1609,H1609),C1609*E1609*G1609*H1609,IF(F1609,C1609*E1609*F1609,IF(G1609,C1609*E1609*G1609,IF(H1609,C1609*E1609*H1609,C1609*E1609))))))),2)","v":10},"No"]
[]
[{"$nulls":9},"No",{"$f":"'Ele Data 2024-25'!I65","v":{"v":240,"d":"240.00"}},"1No",{"$f":"ROUND(I1611*K1611,0)","v":{"v":0,"d":"0.00"}}]
[27,"Supply of Cover frames for 8 module box"]
[null,null,1,"x",3,{"v":0,"d":"0.000"},{"v":0,"d":"0.000"},{"v":0,"d":"0.000"},{"$f":"ROUND(IF(AND(F1613:H1613),C1613*E1613*F1613*G1613*H1613,IF(AND(F1613,G1613),C1613*E1613*F1613*G1613,IF(AND(F1613,H1613),C1613*E1613*F1613*H1613,IF(AND(G1613,H1613),C1613*E1613*G1613*H1613,IF(F1613,C1613*E1613*F1613,IF(G1613,C1613*E1613*G1613,IF(H1613,C1613*E1613*H1613,C1613*E1613))))))),2)","v":3},"No"]
[]
[{"$nulls":8},{"$f":"SUM(I1613:I1614)","v":3},"No",{"$f":"'Ele Data 2024-25'!I69","v":223.82},"1No",{"$f":"ROUND(I1615*K1615,0)","v":{"v":671,"d":"671.00"}}]
[20,"Supply of Cover frames for 6 module box"]
[null,null,1,"x",1,{"v":0,"d":"0.000"},{"v":0,"d":"0.000"},{"v":0,"d":"0.000"},{"$f":"ROUND(IF(AND(F1617:H1617),C1617*E1617*F1617*G1617*H1617,IF(AND(F1617,G1617),C1617*E1617*F1617*G1617,IF(AND(F1617,H1617),C1617*E1617*F1617*H1617,IF(AND(G1617,H1617),C1617*E1617*G1617*H1617,IF(F1617,C1617*E1617*F1617,IF(G1617,C1617*E1617*G1617,IF(H1617,C1617*E1617*H1617,C1617*E1617))))))),2)","v":1},"No"]
[]
[{"$nulls":9},"No",{"$f":"'Ele Data 2024-25'!I72","v":{"v":152,"d":"152.00"}},"1No",{"$f":"ROUND(I1619*K1619,0)","v":{"v":0,"d":"0.00"}}]
[14,"Supply of Cover frames for 18 module box"]
[null,"Qty.P.No.     of M.B.No."]
[null,"VKC",2,"x",1,{"v":0,"d":"0.000"},{"v":0,"d":"0.000"},{"v":0,"d":"0.000"},{"$f":"ROUND(IF(AND(F1622:H1622),C1622*E1622*F1622*G1622*H1622,IF(AND(F1622,G1622),C1622*E1622*F1622*G1622,IF(AND(F1622,H1622),C1622*E1622*F1622*H1622,IF(AND(G1622,H1622),C1622*E1622*G1622*H1622,IF(F1622,C1622*E1622*F1622,IF(G1622,C1622*E1622*G1622,IF(H1622,C1622*E1622*H1622,C1622*E1622))))))),2)","v":{"v":2,"d":"2.00"}},"No"]
[{"$nulls":9},"No",{"$f":"'Ele Data 2024-25'!I79","v":{"v":392,"d":"392.00"}},"1No",{"$f":"ROUND(I1623*K1623,0)","v":{"v":0,"d":"0.00"}}]
[21,"Supply of Cover frames for 4 module box"]
[null,null,1,"x",4,{"v":0,"d":"0.000"},{"v":0,"d":"0.000"},{"v":0,"d":"0.000"},{"$f":"ROUND(IF(AND(F1625:H1625),C1625*E1625*F1625*G1625*H1625,IF(AND(F1625,G1625),C1625*E1625*F1625*G1625,IF(AND(F1625,H1625),C1625*E1625*F1625*H1625,IF(AND(G1625,H1625),C1625*E1625*G1625*H1625,IF(F1625,C1625*E1625*F1625,IF(G1625,C1625*E1625*G1625,IF(H1625,C1625*E1625*H1625,C1625*E1625))))))),2)","v":4},"No"]
[]
[{"$nulls":9},"No",{"$f":"'Ele Data 2024-25'!I75","v":{"v":101,"d":"101.00"}},"1No",{"$f":"ROUND(I1627*K1627,0)","v":{"v":0,"d":"0.00"}}]
[50,"Supply of Cover frames for 2 module box"]
[null,null,1,"x",3,{"v":0,"d":"0.000"},{"v":0,"d":"0.000"},{"v":0,"d":"0.000"},{"$f":"ROUND(IF(AND(F1629:H1629),C1629*E1629*F1629*G1629*H1629,IF(AND(F1629,G1629),C1629*E1629*F1629*G1629,IF(AND(F1629,H1629),C1629*E1629*F1629*H1629,IF(AND(G1629,H1629),C1629*E1629*G1629*H1629,IF(F1629,C1629*E1629*F1629,IF(G1629,C1629*E1629*G1629,IF(H1629,C1629*E1629*H1629,C1629*E1629))))))),2)","v":3},"No"]
[]
[{"$nulls":9},"No",{"$f":"'Ele Data 2024-25'!I82","v":{"v":76,"d":"76.00"}},"1No",{"$f":"ROUND(I1631*K1631,0)","v":{"v":0,"d":"0.00"}}]
[22,"Supply and fixing of 16A 3pin / 6A 3pin  plug socket with indicator lamp and 16Amps  fuse unit and 16 Amps  switch control (5 in one) on decolam sheet covered board including earth connection and all labour charges etc., complete on wall."]
[null,"Rest room",1,"x",9,{"v":0,"d":"0.000"},{"v":0,"d":"0.000"},{"v":0,"d":"0.000"},{"$f":"ROUND(IF(AND(F1633:H1633),C1633*E1633*F1633*G1633*H1633,IF(AND(F1633,G1633),C1633*E1633*F1633*G1633,IF(AND(F1633,H1633),C1633*E1633*F1633*H1633,IF(AND(G1633,H1633),C1633*E1633*G1633*H1633,IF(F1633,C1633*E1633*F1633,IF(G1633,C1633*E1633*G1633,IF(H1633,C1633*E1633*H1633,C1633*E1633))))))),2)","v":9},"No"]
[]
[{"$nulls":9},"No",{"$f":"'Ele Data 2024-25'!I135","v":{"v":437.5,"d":"437.50"}},"1No",{"$f":"ROUND(I1635*K1635,0)","v":{"v":0,"d":"0.00"}}]
[28,"Supply and fixing of 6A 3/2 pin wall plug socket with 6A switch control on a common switch board with earth continuity including wire leads, earth connections along with all labour charges etc., complete."]
[null,null,1,"x",3,{"v":0,"d":"0.000"},{"v":0,"d":"0.000"},{"v":0,"d":"0.000"},{"$f":"ROUND(IF(AND(F1637:H1637),C1637*E1637*F1637*G1637*H1637,IF(AND(F1637,G1637),C1637*E1637*F1637*G1637,IF(AND(F1637,H1637),C1637*E1637*F1637*H1637,IF(AND(G1637,H1637),C1637*E1637*G1637*H1637,IF(F1637,C1637*E1637*F1637,IF(G1637,C1637*E1637*G1637,IF(H1637,C1637*E1637*H1637,C1637*E1637))))))),2)","v":3},"No"]
[]
[{"$nulls":8},{"$f":"SUM(I1637:I1638)","v":3},"No",{"$f":"'Ele Data 2024-25'!I126","v":156.56},"1No",{"$f":"ROUND(I1639*K1639,0)","v":{"v":470,"d":"470.00"}}]
[18,"Supply and fixing of 6A 2 pin wall plug socket with 6A switch control on a common switch board with earth continuity including wire leads, earth connections along with all labour charges etc., complete."]
[null,null,1,"x",4,{"v":0,"d":"0.000"},{"v":0,"d":"0.000"},{"v":0,"d":"0.000"},{"$f":"ROUND(IF(AND(F1641:H1641),C1641*E1641*F1641*G1641*H1641,IF(AND(F1641,G1641),C1641*E1641*F1641*G1641,IF(AND(F1641,H1641),C1641*E1641*F1641*H1641,IF(AND(G1641,H1641),C1641*E1641*G1641*H1641,IF(F1641,C1641*E1641*F1641,IF(G1641,C1641*E1641*G1641,IF(H1641,C1641*E1641*H1641,C1641*E1641))))))),2)","v":{"v":4,"d":"4.00"}},"No"]
[{"$nulls":9},"No",{"$f":"'Ele Data 2024-25'!I143","v":{"v":131.8,"d":"131.80"}},"1No",{"$f":"ROUND(I1642*K1642,0)","v":{"v":0,"d":"0.00"}}]
[29,"Supply and fixing of 6A flush type Neon Indicator."]
[null,null,1,"x",3,{"v":0,"d":"0.000"},{"v":0,"d":"0.000"},{"v":0,"d":"0.000"},{"$f":"ROUND(IF(AND(F1644:H1644),C1644*E1644*F1644*G1644*H1644,IF(AND(F1644,G1644),C1644*E1644*F1644*G1644,IF(AND(F1644,H1644),C1644*E1644*F1644*H1644,IF(AND(G1644,H1644),C1644*E1644*G1644*H1644,IF(F1644,C1644*E1644*F1644,IF(G1644,C1644*E1644*G1644,IF(H1644,C1644*E1644*H1644,C1644*E1644))))))),2)","v":3},"No"]
[]
[{"$nulls":8},{"$f":"SUM(I1644:I1645)","v":3},"No",{"$f":"'Ele Data 2024-25'!I87","v":23.86},"1No",{"$f":"ROUND(I1646*K1646,0)","v":{"v":72,"d":"72.00"}}]
[30,"Supply and fixing of ISI mark batten holder / angle holder on existing block, but with bulb including all connections etc., complete "]
[null,null,1,"x",4,{"v":0,"d":"0.000"},{"v":0,"d":"0.000"},{"v":0,"d":"0.000"},{"$f":"ROUND(IF(AND(F1648:H1648),C1648*E1648*F1648*G1648*H1648,IF(AND(F1648,G1648),C1648*E1648*F1648*G1648,IF(AND(F1648,H1648),C1648*E1648*F1648*H1648,IF(AND(G1648,H1648),C1648*E1648*G1648*H1648,IF(F1648,C1648*E1648*F1648,IF(G1648,C1648*E1648*G1648,IF(H1648,C1648*E1648*H1648,C1648*E1648))))))),2)","v":4},"No"]
[]
[{"$nulls":8},{"$f":"SUM(I1648:I1649)","v":4},"No",{"$f":"'Ele Data 2024-25'!I206","v":{"v":154.8,"d":"154.80"}},"1No",{"$f":"ROUND(I1650*K1650,0)","v":{"v":619,"d":"619.00"}}]
[31,"Supply, Transportation and Fixing of 48\" (1200mm) Sweep 5 Star rated Ceiling Fan with double ball bearings but without regulator including all standard accessories and all labour charges etc., complete."]
[null,null,1,"x",3,{"v":0,"d":"0.000"},{"v":0,"d":"0.000"},{"v":0,"d":"0.000"},{"$f":"ROUND(IF(AND(F1652:H1652),C1652*E1652*F1652*G1652*H1652,IF(AND(F1652,G1652),C1652*E1652*F1652*G1652,IF(AND(F1652,H1652),C1652*E1652*F1652*H1652,IF(AND(G1652,H1652),C1652*E1652*G1652*H1652,IF(F1652,C1652*E1652*F1652,IF(G1652,C1652*E1652*G1652,IF(H1652,C1652*E1652*H1652,C1652*E1652))))))),2)","v":3},"No"]
[]
[{"$nulls":8},{"$f":"SUM(I1652:I1653)","v":3},"No",{"$f":"'Ele Data 2024-25'!I219","v":3780.03},"1No",{"$f":"ROUND(I1654*K1654,0)","v":{"v":11340,"d":"11340.00"}}]
[32,"S&F of 12 / 15 MS plain rod fan hook"]
[null,null,1,"x",3,{"v":0,"d":"0.000"},{"v":0,"d":"0.000"},{"v":0,"d":"0.000"},{"$f":"ROUND(IF(AND(F1656:H1656),C1656*E1656*F1656*G1656*H1656,IF(AND(F1656,G1656),C1656*E1656*F1656*G1656,IF(AND(F1656,H1656),C1656*E1656*F1656*H1656,IF(AND(G1656,H1656),C1656*E1656*G1656*H1656,IF(F1656,C1656*E1656*F1656,IF(G1656,C1656*E1656*G1656,IF(H1656,C1656*E1656*H1656,C1656*E1656))))))),2)","v":3},"No"]
[]
[{"$nulls":8},{"$f":"SUM(I1656:I1657)","v":3},"No",{"$f":"'Ele Data 2024-25'!I247","v":293.84},"1No",{"$f":"ROUND(I1658*K1658,0)","v":{"v":882,"d":"882.00"}}]
[15,"Supply and Transportation of 48\" (1200mm) Sweep 5 star rated Ceiling Fan , with double ball bearings, air delivery more than 200 cubic meter/min but without Regulator."]
[null,null,1,"x",2,{"v":0,"d":"0.000"},{"v":0,"d":"0.000"},{"v":0,"d":"0.000"},{"$f":"ROUND(IF(AND(F1660:H1660),C1660*E1660*F1660*G1660*H1660,IF(AND(F1660,G1660),C1660*E1660*F1660*G1660,IF(AND(F1660,H1660),C1660*E1660*F1660*H1660,IF(AND(G1660,H1660),C1660*E1660*G1660*H1660,IF(F1660,C1660*E1660*F1660,IF(G1660,C1660*E1660*G1660,IF(H1660,C1660*E1660*H1660,C1660*E1660))))))),2)","v":2},"No"]
[]
[{"$nulls":9},"No",{"$f":"'Ele Data 2024-25'!I223","v":2933.04},"1No",{"$f":"ROUND(I1662*K1662,0)","v":{"v":0,"d":"0.00"}}]
[13,"Supply and fixing of Modular type Electronic fan regulator hum free step type socket size in the existing switch board."]
[null,"Qty.p.86 of M.B.No.482/A/ZP/20"]
[null,"Godown",1,"x",2,{"v":0,"d":"0.000"},{"v":0,"d":"0.000"},{"v":0,"d":"0.000"},{"$f":"ROUND(IF(AND(F1665:H1665),C1665*E1665*F1665*G1665*H1665,IF(AND(F1665,G1665),C1665*E1665*F1665*G1665,IF(AND(F1665,H1665),C1665*E1665*F1665*H1665,IF(AND(G1665,H1665),C1665*E1665*G1665*H1665,IF(F1665,C1665*E1665*F1665,IF(G1665,C1665*E1665*G1665,IF(H1665,C1665*E1665*H1665,C1665*E1665))))))),2)","v":2},"No"]
[null,"Secretary room",1,"x",1,{"v":0,"d":"0.000"},{"v":0,"d":"0.000"},{"v":0,"d":"0.000"},1,"No"]
[null,"Eng Assist room",1,"x",1,{"v":0,"d":"0.000"},{"v":0,"d":"0.000"},{"v":0,"d":"0.000"},1,"No"]
[null,"Meeting Hall",1,"x",4,{"v":0,"d":"0.000"},{"v":0,"d":"0.000"},{"v":0,"d":"0.000"},4,"No"]
[null,"Waiting room",1,"x",1,{"v":0,"d":"0.000"},{"v":0,"d":"0.000"},{"v":0,"d":"0.000"},1,"No"]
[null,"Staff room",1,"x",1,{"v":0,"d":"0.000"},{"v":0,"d":"0.000"},{"v":0,"d":"0.000"},1,"No"]
[null,"Digital asst room",1,"x",1,{"v":0,"d":"0.000"},{"v":0,"d":"0.000"},{"v":0,"d":"0.000"},1,"No"]
[null,"Meeting Hall",1,"x",4,{"v":0,"d":"0.000"},{"v":0,"d":"0.000"},{"v":0,"d":"0.000"},4,"No"]
[null,"Visiters waiting area",1,"x",1,{"v":0,"d":"0.000"},{"v":0,"d":"0.000"},{"v":0,"d":"0.000"},1,"No"]
[]
[{"$nulls":9},"No",{"$f":"'Ele Data 2024-25'!I228","v":{"v":287,"d":"287.00"}},"1No",{"$f":"ROUND(I1675*K1675,0)","v":{"v":0,"d":"0.00"}}]
[16,"Labour charges for fixing of ceiling fan with regulator including transportation, 3 core  wire leads etc complete"]
[null,null,1,"x",2,{"v":0,"d":"0.000"},{"v":0,"d":"0.000"},{"v":0,"d":"0.000"},{"$f":"ROUND(IF(AND(F1677:H1677),C1677*E1677*F1677*G1677*H1677,IF(AND(F1677,G1677),C1677*E1677*F1677*G1677,IF(AND(F1677,H1677),C1677*E1677*F1677*H1677,IF(AND(G1677,H1677),C1677*E1677*G1677*H1677,IF(F1677,C1677*E1677*F1677,IF(G1677,C1677*E1677*G1677,IF(H1677,C1677*E1677*H1677,C1677*E1677))))))),2)","v":2},"No"]
[]
[{"$nulls":9},"No",{"$f":"'Ele Data 2024-25'!I235","v":186.01},"1No",{"$f":"ROUND(I1679*K1679,0)","v":{"v":0,"d":"0.00"}}]
[35,"Supply and erecting 19/20mm steel tube down rod of one meter length with bolts & nuts duly painted with matching colour of  fan complete"]
[null,"Rest room",1,"x",1,{"v":0,"d":"0.000"},{"v":0,"d":"0.000"},{"v":0,"d":"0.000"},{"$f":"ROUND(IF(AND(F1681:H1681),C1681*E1681*F1681*G1681*H1681,IF(AND(F1681,G1681),C1681*E1681*F1681*G1681,IF(AND(F1681,H1681),C1681*E1681*F1681*H1681,IF(AND(G1681,H1681),C1681*E1681*G1681*H1681,IF(F1681,C1681*E1681*F1681,IF(G1681,C1681*E1681*G1681,IF(H1681,C1681*E1681*H1681,C1681*E1681))))))),2)","v":1},"No"]
[null,"Dining room",1,"x",2,{"v":0,"d":"0.000"},{"v":0,"d":"0.000"},{"v":0,"d":"0.000"},2,"No"]
[null,"Hall",1,"x",1,{"v":0,"d":"0.000"},{"v":0,"d":"0.000"},{"v":0,"d":"0.000"},1,"No"]
[]
[{"$nulls":9},"No",{"$f":"'Ele Data 2024-25'!I241","v":{"v":178.5,"d":"178.50"}},"1No",{"$f":"ROUND(I1685*K1685,0)","v":{"v":0,"d":"0.00"}}]
[33,"Supply and Transportation and fixing of 1200 mm length,Box type powder coatedtube light luminaire with necessary wiring suitable for fixing 2 Nos retrofit T8 LED tubes but without tube and choke"]
[null,null,1,"x",3,{"v":0,"d":"0.000"},{"v":0,"d":"0.000"},{"v":0,"d":"0.000"},{"$f":"ROUND(IF(AND(F1687:H1687),C1687*E1687*F1687*G1687*H1687,IF(AND(F1687,G1687),C1687*E1687*F1687*G1687,IF(AND(F1687,H1687),C1687*E1687*F1687*H1687,IF(AND(G1687,H1687),C1687*E1687*G1687*H1687,IF(F1687,C1687*E1687*F1687,IF(G1687,C1687*E1687*G1687,IF(H1687,C1687*E1687*H1687,C1687*E1687))))))),2)","v":3},"No"]
[]
[{"$nulls":8},{"$f":"SUM(I1687:I1688)","v":3},"No",{"$f":"'Ele Data 2024-25'!I256","v":458.87},"1No",{"$f":"ROUND(I1689*K1689,0)","v":{"v":1377,"d":"1377.00"}}]
[29,"Supply, transportation and fixing of 60Watt LED Street light Luminaire made of pressure diecast alluminium body with powder coated, having protective toughned glass, Supply Input voltage 120 - 270 V AC, P.F > 0.90, high power LED's System efficacy >110 lm/W and junction temprature < 70°C, with Ingrees protection IP66,"]
[null,null,1,"x",1,{"v":0,"d":"0.000"},{"v":0,"d":"0.000"},{"v":0,"d":"0.000"},{"$f":"ROUND(IF(AND(F1691:H1691),C1691*E1691*F1691*G1691*H1691,IF(AND(F1691,G1691),C1691*E1691*F1691*G1691,IF(AND(F1691,H1691),C1691*E1691*F1691*H1691,IF(AND(G1691,H1691),C1691*E1691*G1691*H1691,IF(F1691,C1691*E1691*F1691,IF(G1691,C1691*E1691*G1691,IF(H1691,C1691*E1691*H1691,C1691*E1691))))))),2)","v":1},"No"]
[{"$nulls":9},"No",{"$f":"'Ele Data 2024-25'!I301","v":{"v":4543,"d":"4543.00"}},"1No",{"$f":"ROUND(I1692*K1692,0)","v":{"v":0,"d":"0.00"}}]
[16,"Supply of 9\" (225mm), Light duty exhaust fan with double ball bearing and wire guard etc complete."]
[null,"To be done"]
[null,null,1,"x",1,{"v":0,"d":"0.000"},{"v":0,"d":"0.000"},{"v":0,"d":"0.000"},{"$f":"ROUND(IF(AND(F1695:H1695),C1695*E1695*F1695*G1695*H1695,IF(AND(F1695,G1695),C1695*E1695*F1695*G1695,IF(AND(F1695,H1695),C1695*E1695*F1695*H1695,IF(AND(G1695,H1695),C1695*E1695*G1695*H1695,IF(F1695,C1695*E1695*F1695,IF(G1695,C1695*E1695*G1695,IF(H1695,C1695*E1695*H1695,C1695*E1695))))))),2)","v":{"v":1,"d":"1.00"}},"No"]
[{"$nulls":9},"No",{"$f":"'Ele Data 2024-25'!I90","v":{"v":1552,"d":"1552.00"}},"1No",{"$f":"ROUND(I1696*K1696,0)","v":{"v":0,"d":"0.00"}}]
[34,"Supply and fixing SPN Distribution board with IP-20 protection suitable for single phase Earth Leakage Circute Braker (ELCB) / Residual Current Circute Braker (RCCB) / Double Pole (DP) Isolator as incomer and 10kA SP MCBs as out going including internal connections and labour charges for surface / flush mounting etc., complete."]
[null,null,1,"x",1,{"v":0,"d":"0.000"},{"v":0,"d":"0.000"},{"v":0,"d":"0.000"},{"$f":"ROUND(IF(AND(F1698:H1698),C1698*E1698*F1698*G1698*H1698,IF(AND(F1698,G1698),C1698*E1698*F1698*G1698,IF(AND(F1698,H1698),C1698*E1698*F1698*H1698,IF(AND(G1698,H1698),C1698*E1698*G1698*H1698,IF(F1698,C1698*E1698*F1698,IF(G1698,C1698*E1698*G1698,IF(H1698,C1698*E1698*H1698,C1698*E1698))))))),2)","v":1},"No"]
[]
[{"$nulls":8},{"$f":"SUM(I1698:I1699)","v":1},"No",{"$f":"'Ele Data 2024-25'!I268","v":4270.79},"1No",{"$f":"ROUND(I1700*K1700,0)","v":{"v":4271,"d":"4271.00"}}]
[35,"Supply and fixing of 2 Nos of 32A, 240V Porcelain Rewirable Fuse Units of  makes : GM / Sputnik / Kundancab / Million / Gold Medal  / Vimal / Star / Benlo on 12\" x 18\" peta board with connections and labour charges etc complete."]
[null,null,1,"x",1,{"v":0,"d":"0.000"},{"v":0,"d":"0.000"},{"v":0,"d":"0.000"},{"$f":"ROUND(IF(AND(F1702:H1702),C1702*E1702*F1702*G1702*H1702,IF(AND(F1702,G1702),C1702*E1702*F1702*G1702,IF(AND(F1702,H1702),C1702*E1702*F1702*H1702,IF(AND(G1702,H1702),C1702*E1702*G1702*H1702,IF(F1702,C1702*E1702*F1702,IF(G1702,C1702*E1702*G1702,IF(H1702,C1702*E1702*H1702,C1702*E1702))))))),2)","v":1},"No"]
[]
[{"$nulls":8},{"$f":"SUM(I1702:I1703)","v":1},"No",{"$f":"'Ele Data 2024-25'!I279","v":1140.29},"1No",{"$f":"ROUND(I1704*K1704,0)","v":{"v":1140,"d":"1140.00"}}]
[36,"Providing independent earthling by excavating a pit to a depth of 2.25Mt in all soils, as per size specified in the Data, using 40mm dia 'B' class GI pipe of 2.5 Mtrs length with necessary No.8 G.I. double earth wire and accessories with 18\" dia 2\" thick hume pipe ring duly providing staggered holes  including filling with 20Kg Salt and 40Kg Charcoal or 40Kg bentonite powder in layers and all labour charges etc., complete."]
[null,null,1,"x",1,{"v":0,"d":"0.000"},{"v":0,"d":"0.000"},{"v":0,"d":"0.000"},{"$f":"ROUND(IF(AND(F1706:H1706),C1706*E1706*F1706*G1706*H1706,IF(AND(F1706,G1706),C1706*E1706*F1706*G1706,IF(AND(F1706,H1706),C1706*E1706*F1706*H1706,IF(AND(G1706,H1706),C1706*E1706*G1706*H1706,IF(F1706,C1706*E1706*F1706,IF(G1706,C1706*E1706*G1706,IF(H1706,C1706*E1706*H1706,C1706*E1706))))))),2)","v":1},"No"]
[{"$nulls":8},{"$f":"SUM(I1706)","v":1},"No",{"$f":"'Ele Data 2024-25'!I298","v":5311.59},"1No",{"$f":"ROUND(I1707*K1707,0)","v":{"v":5312,"d":"5312.00"}}]
[31,"supply and fixing of name board of size 0.90 x 1.20 mts with Brick masonary and painting and lettering the name board "]
[37,"Provision for Tiolet",{"$nulls":10},{"v":80000,"d":"80000.00"}]
[38,"Provision for Borewell with all accessories",{"$nulls":10},{"v":120000,"d":"120000.00"}]
[39,"Provision for Dismantling of old building",{"$nulls":10},{"v":0,"d":"0.00"}]
[]
[{"$nulls":12},{"$f":"SUM(M8:M1712)","v":{"v":1229511,"d":"1229511.00"}}]
[43,"Provision for Seigneorage charges",{"$nulls":10},{"$f":"Seigneorage!H49","v":{"v":2427,"d":"2427.00"}}]
[{"$nulls":12},{"$f":"SUBTOTAL(9,M1713:M1714)","v":{"v":1231938,"d":"1231938.00"}}]
[44,"Provision for QC charges @ 0.50%",{"$nulls":6},{"$f":"M1713","v":1229511},{"$nulls":3},{"$f":"ROUND(M1713*0.5%,0)","v":{"v":6148,"d":"6148.00"}}]
[45,"Provision for GST charges @ 18%",{"$nulls":6},{"$f":"M1715","v":1231938},{"$nulls":3},{"$f":"ROUND(I1717*18%,0)","v":{"v":221749,"d":"221749.00"}}]
[46,"Unforseen items such as if any",{"$nulls":10},{"$f":"N1718","v":{"v":40165,"d":"40165.00"}},{"$f":"N1720-M1713-M1716-M1717-M1714","v":{"v":40165,"d":"40165.00"}}]
[]
[null,"Total",{"$nulls":10},{"$f":"SUM(M1715:M1718)","v":{"v":1500000,"d":"1500000.00"}},1500000]
[]
[]
[]
[]
[{"$nulls":7},{"$f":"'lead 24-25'!$H$32","v":"Deputy Executive Engineer"},{"$nulls":3},{"$f":"'lead 24-25'!$K$32","v":"Assistant  Engineer"}]
[{"$nulls":7},{"$f":"'lead 24-25'!$H$33","v":"PRI Sub Division"},{"$nulls":3},{"$f":"'lead 24-25'!$K$33","v":"Mandal Praja parishad"}]
[{"$nulls":7},{"$f":"'lead 24-25'!$H$34","v":"Kanigiri"},{"$nulls":3},{"$f":"'lead 24-25'!$K$34","v":"P.C.Palli"}]

{"sheet":"Seigneorage","index":4,"n_rows":493,"n_cols":21,"rows_kept":493,"merged":[[0,0,0,20],[2,5,2,6]]}
["Seigniorage Charges "]
[{"$f":"'lead 24-25'!B2&'lead 24-25'!C2","v":"Name of the Work: Completion of incomplete Anganwadi building  in Paletipalli village of P.C.Palli Mandal."}]
["S No","Description of the work","Ground Floor","First Floor","second floor","Total Quantity ",null,"40mm Metal ","20mm HBG Chips","20mm-12mm Chips","Rough Stone","Sand  Concrete","Sand  Mortar","Sand Plastering","Sand Filling","S.Earth","Bricks","Gravel","Cement Qty in Kg","Cement required"]
[1,"Earthwork Excavation",{"$nulls":3},{"$f":"C4+D4","v":{"v":0,"d":"0.00"}},"M3",0,0,0,0,0,0,0,0,0,0,{"$f":"F4","v":{"v":0,"d":"0.00"}},0,0]
[1,"Sand Filling",{"$f":"ESTIMATE!I81","v":1.53},null,null,{"$f":"SUM(C5:E5)","v":1.53},"M3",0,0,0,0,0,0,0,{"$f":"F5","v":1.53},0,0,0,0,0]
[2,"Selected earth",{"$f":"ESTIMATE!I62","v":{"v":0,"d":"0.00"}},null,null,{"$f":"SUM(C6:E6)","v":{"v":0,"d":"0.00"}},"M3",0,0,0,0,0,0,0,0,{"$f":"F6","v":{"v":0,"d":"0.00"}},0,0,0,0]
[4,"Gravel filling",{"$f":"ESTIMATE!I72","v":{"v":0,"d":"0.00"}},null,null,{"v":0,"d":"0.00"},"M3",0,0,0,0,0,0,0,0,null,0,{"$f":"F7","v":{"v":0,"d":"0.00"}},0,0]
[2,"PCC (1:4:8)",{"$f":"ESTIMATE!I45","v":{"v":5.449999999999999,"d":"5.45"}},null,null,{"v":5.449999999999999,"d":"5.45"},"M3",{"$f":"ROUND(F8*0.9,2)","v":4.91},0,0,0,{"$f":"ROUND(F8*0.45,2)","v":2.45},0,0,0,0,0,0,{"$f":"ROUND(F8*T8/50,2)","v":17.66},{"v":162,"d":"162.00"},"Kg"]
[4,"PCC (1:5:10)",{"$f":"ESTIMATE!I56","v":{"v":0,"d":"0.00"}},null,null,{"v":0,"d":"0.00"},"M3",{"$f":"ROUND(F9*0.9,2)","v":{"v":0,"d":"0.00"}},0,0,0,{"$f":"ROUND(F9*0.45,2)","v":{"v":0,"d":"0.00"}},0,0,0,0,0,0,{"v":0,"d":"0.00"},{"v":129.6,"d":"129.60"},"Kg"]
[3,"RCC Footings",{"$f":"ESTIMATE!I96","v":{"v":0,"d":"0.00"}},null,null,{"v":0,"d":"0.00"},"M3",0,{"$f":"ROUND(F10*0.9,2)","v":{"v":0,"d":"0.00"}},0,0,{"v":0,"d":"0.00"},0,0,0,0,0,0,{"v":0,"d":"0.00"},{"$f":"'DATA 2024-25'!E139","v":{"v":330,"d":"330.00"}},"Kg"]
[4,"RCC Pedastals",{"$f":"ESTIMATE!I100","v":{"v":0,"d":"0.00"}},null,null,{"v":0,"d":"0.00"},"M3",0,{"v":0,"d":"0.00"},0,0,{"v":0,"d":"0.00"},0,0,0,0,0,0,{"v":0,"d":"0.00"},{"$f":"$T$10","v":{"v":330,"d":"330.00"}},"Kg"]
[4,"RCC  Columns",{"$f":"ESTIMATE!I106","v":{"v":0,"d":"0.00"}},{"$f":"ESTIMATE!I528","v":{"v":0,"d":"0.00"}},{"$f":"ESTIMATE!I933","v":{"v":0,"d":"0.00"}},{"v":0,"d":"0.00"},"M3",0,{"v":0,"d":"0.00"},0,0,{"v":0,"d":"0.00"},0,0,0,0,0,0,{"v":0,"d":"0.00"},{"$f":"$T$10","v":{"v":330,"d":"330.00"}},"Kg"]
[5,"RCC  Plinth Beam ",{"$f":"ESTIMATE!I113","v":{"v":0,"d":"0.00"}},null,null,{"v":0,"d":"0.00"},"M3",0,{"v":0,"d":"0.00"},0,0,{"v":0,"d":"0.00"},0,0,0,0,0,0,{"v":0,"d":"0.00"},{"v":330,"d":"330.00"},"Kg"]
[6,"RCC  Roof Beams",{"$f":"ESTIMATE!I121","v":{"v":3.3499999999999996,"d":"3.35"}},{"$f":"ESTIMATE!I534","v":{"v":0,"d":"0.00"}},{"$f":"ESTIMATE!I939","v":{"v":0,"d":"0.00"}},{"v":3.3499999999999996,"d":"3.35"},"M3",0,3.02,0,0,1.51,0,0,0,0,0,0,22.11,{"v":330,"d":"330.00"},"Kg"]
[9,"RCC Landing Slab 150mm th",{"$f":"ROUND(ESTIMATE!I127*0.15,2)","v":{"v":0,"d":"0.00"}},{"$f":"ROUND(ESTIMATE!I542*0.15,2)","v":{"v":0,"d":"0.00"}},{"$f":"ROUND(ESTIMATE!I947*0.15,2)","v":{"v":0,"d":"0.00"}},{"$f":"SUM(C15:E15)","v":{"v":0,"d":"0.00"}},"M2",0,{"v":0,"d":"0.00"},0,0,{"v":0,"d":"0.00"},0,0,0,0,0,0,{"$f":"ROUND(F15*T15/50,2)","v":{"v":0,"d":"0.00"}},{"$f":"ROUND(T14,2)","v":{"v":330,"d":"330.00"}},"Kg"]
[7,"RCC  Roof Slab 125mm th",{"$f":"ROUND(ESTIMATE!I131*0.125,2)","v":8.65},{"$f":"ROUND(ESTIMATE!I546*0.125,2)","v":{"v":0,"d":"0.00"}},{"$f":"ROUND(ESTIMATE!I952*0.125,2)","v":{"v":0,"d":"0.00"}},8.65,"M2",0,7.79,0,0,3.89,0,0,0,0,0,0,57.09,{"$f":"ROUND(T14,2)","v":{"v":330,"d":"330.00"}},"Kg"]
[14,"RCC  Roof Slab 100mm th",{"$f":"ROUND(ESTIMATE!I136*0.1,2)","v":{"v":0,"d":"0.00"}},{"$f":"ROUND(ESTIMATE!I551*0.1,2)","v":{"v":0,"d":"0.00"}},{"$f":"ROUND(ESTIMATE!I957*0.1,2)","v":{"v":0,"d":"0.00"}},{"v":0,"d":"0.00"},"M2",0,{"v":0,"d":"0.00"},0,0,{"v":0,"d":"0.00"},0,0,0,0,0,0,{"v":0,"d":"0.00"},{"$f":"T16","v":{"v":330,"d":"330.00"}},"Kg"]
[9,"Precasted slab 50mm",{"$f":"ROUND(ESTIMATE!I142*0.05,2)","v":{"v":0,"d":"0.00"}},{"$f":"ROUND(ESTIMATE!I562*0.05,2)","v":{"v":0,"d":"0.00"}},{"$f":"ROUND(ESTIMATE!I968*0.05,2)","v":{"v":0,"d":"0.00"}},{"$f":"SUM(C18:E18)","v":{"v":0,"d":"0.00"}},"M2",0,{"v":0,"d":"0.00"},0,0,{"v":0,"d":"0.00"},0,0,0,0,0,0,{"$f":"ROUND(F18*T18/50,2)","v":{"v":0,"d":"0.00"}},{"$f":"T17","v":{"v":330,"d":"330.00"}},"Kg"]
[16,"Precasted slab 25mm",{"$f":"ROUND(ESTIMATE!I153*0.025,2)","v":{"v":0,"d":"0.00"}},{"$f":"ROUND(ESTIMATE!I573*0.025,2)","v":{"v":0,"d":"0.00"}},{"$f":"ROUND(ESTIMATE!I979*0.025,2)","v":{"v":0,"d":"0.00"}},{"$f":"SUM(C19:E19)","v":{"v":0,"d":"0.00"}},"M2",0,{"v":0,"d":"0.00"},0,0,{"v":0,"d":"0.00"},0,0,0,0,0,0,{"$f":"ROUND(F19*T19/50,2)","v":{"v":0,"d":"0.00"}},{"$f":"T18","v":{"v":330,"d":"330.00"}},"Kg"]
[8,"RCC Lintels",{"$f":"ESTIMATE!I160","v":{"v":0.6,"d":"0.60"}},{"$f":"ESTIMATE!I578","v":{"v":0,"d":"0.00"}},{"$f":"ESTIMATE!I987","v":{"v":0,"d":"0.00"}},{"$f":"SUM(C20:E20)","v":{"v":0.6,"d":"0.60"}},"M3",0,0.54,0,0,0.27,0,0,0,0,0,0,{"$f":"ROUND(F20*T20/50,2)","v":3.96},{"v":330,"d":"330.00"},"Kg"]
[9,"RCC  Sunshades",{"$f":"ESTIMATE!I165","v":{"v":9.6,"d":"9.60"}},{"$f":"ESTIMATE!I582","v":{"v":0,"d":"0.00"}},{"$f":"ESTIMATE!I992","v":{"v":0,"d":"0.00"}},{"$f":"SUM(C21:E21)","v":{"v":9.6,"d":"9.60"}},"RM",0,{"$f":"ROUND(F21*0.0375*0.9,2)","v":0.32},0,0,{"$f":"ROUND(F21*0.0375*0.45,2)","v":0.16},0,0,0,0,0,0,{"$f":"ROUND(F21*T21/50,2)","v":2.38},{"$f":"T20*0.0375","v":12.375},"Kg"]
[10,"Acco Plaster'g CM (1:3) 12mm",{"$f":"ESTIMATE!I169","v":69.19},{"$f":"ESTIMATE!I588","v":{"v":0,"d":"0.00"}},{"$f":"ESTIMATE!I997","v":{"v":0,"d":"0.00"}},{"$f":"SUM(C22:E22)","v":69.19},"M2",0,0,0,0,0,0,{"$f":"ROUND(F22*0.015*1.05,2)","v":1.09},0,0,0,0,{"$f":"ROUND(F22*T22/50,2)","v":9.96},{"v":7.2,"d":"7.20"},"Kg"]
[12,"Acco Plaster'g CM (1:3) 20mm",{"$f":"ESTIMATE!I175","v":{"v":0,"d":"0.00"}},{"$f":"ESTIMATE!I594","v":{"v":0,"d":"0.00"}},{"$f":"ESTIMATE!I1003","v":{"v":0,"d":"0.00"}},{"$f":"SUM(C23:E23)","v":{"v":0,"d":"0.00"}},"M2",0,0,0,0,0,0,{"$f":"ROUND(ROUND((0.021*1.05),3)*ROUND(F23,2),2)","v":{"v":0,"d":"0.00"}},0,0,0,0,{"$f":"ROUND(F23*T23/50,2)","v":{"v":0,"d":"0.00"}},10.08,"Kg"]
[12,"Rough stone",{"$f":"ESTIMATE!I185","v":{"v":0,"d":"0.00"}},null,null,{"$f":"SUM(C24:E24)","v":{"v":0,"d":"0.00"}},"M3",0,0,0,{"$f":"ROUND(F24*1.1,2)","v":{"v":0,"d":"0.00"}},0,{"$f":"ROUND(F24*0.33,2)","v":{"v":0,"d":"0.00"}},0,0,0,null,0,{"$f":"ROUND(F24*T24/50,2)","v":{"v":0,"d":"0.00"}},{"v":59.4,"d":"59.40"},"Kg"]
[11,"BM CM (1:8) Super",{"$f":"ESTIMATE!I212","v":19.08},{"$f":"ESTIMATE!I606","v":{"v":0,"d":"0.00"}},{"$f":"ESTIMATE!I1020","v":{"v":0,"d":"0.00"}},{"$f":"SUM(C25:E25)","v":19.08},"M3",0,0,0,0,0,{"$f":"ROUND(F25*0.2,2)","v":3.82},0,0,0,{"$f":"ROUND(F25*512/1000,2)","v":9.77},0,{"$f":"ROUND(F25*T25/50,2)","v":13.74},{"v":36,"d":"36.00"},"Kg"]
[12,"BM CM (1:6) ",{"$f":"ESTIMATE!I220","v":{"v":0,"d":"0.00"}},{"$f":"ESTIMATE!I631","v":{"v":0,"d":"0.00"}},{"$f":"ESTIMATE!I1029","v":{"v":0,"d":"0.00"}},{"$f":"SUM(C26:E26)","v":{"v":0,"d":"0.00"}},"M3",0,0,0,0,0,{"$f":"ROUND(F26*0.2,2)","v":{"v":0,"d":"0.00"}},0,0,0,{"$f":"ROUND(F26*512/1000,2)","v":{"v":0,"d":"0.00"}},0,{"$f":"ROUND(F26*T26/50,2)","v":{"v":0,"d":"0.00"}},{"v":48,"d":"48.00"},"Kg"]
[16,"BM CM (1:6) 115mm",{"$f":"ESTIMATE!I226","v":{"v":0,"d":"0.00"}},{"$f":"ESTIMATE!I658","v":{"v":0,"d":"0.00"}},{"$f":"ESTIMATE!I1034","v":{"v":0,"d":"0.00"}},{"$f":"SUM(C27:E27)","v":{"v":0,"d":"0.00"}},"M2",0,0,0,0,0,{"$f":"ROUND(F27*0.022,2)","v":{"v":0,"d":"0.00"}},0,0,0,{"$f":"ROUND(F27*512*0.1/1000,2)","v":{"v":0,"d":"0.00"}},0,{"$f":"ROUND(F27*T27/50,2)","v":{"v":0,"d":"0.00"}},{"v":10.6,"d":"10.60"},"Kg"]
[16,"Fly cement bricks",{"$f":"ESTIMATE!I234","v":{"v":0,"d":"0.00"}},{"$f":"ESTIMATE!I669","v":{"v":0,"d":"0.00"}},{"$f":"ESTIMATE!I1045","v":{"v":0,"d":"0.00"}},{"$f":"SUM(C28:E28)","v":{"v":0,"d":"0.00"}},"M3",0,0,0,0,0,{"$f":"ROUND(F28*0.1*1.05,2)","v":{"v":0,"d":"0.00"}},0,0,0,{"$f":"ROUND(F28*110/1000,2)","v":{"v":0,"d":"0.00"}},0,{"$f":"ROUND(F28*T28/50,2)","v":{"v":0,"d":"0.00"}},{"v":24,"d":"24.00"},"Kg"]
[26,"RCM drop wall",{"$f":"ESTIMATE!I239","v":{"v":0,"d":"0.00"}},{"$f":"ESTIMATE!I675","v":{"v":0,"d":"0.00"}},null,{"$f":"SUM(C29:E29)","v":{"v":0,"d":"0.00"}},"M2",0,0,0,0,0,0,{"$f":"ROUND(F29*((0.015*1.05)+(0.025*1.05)),2)","v":{"v":0,"d":"0.00"}},0,0,0,0,{"$f":"ROUND(F29*T29/50,2)","v":{"v":0,"d":"0.00"}},20.89,"Kg"]
[13,"Ceiling Plaster CM (1:3) 12mm",{"$f":"ESTIMATE!I256","v":79.63},{"$f":"ESTIMATE!I683","v":{"v":0,"d":"0.00"}},{"$f":"ESTIMATE!I1055","v":{"v":0,"d":"0.00"}},79.63,"M2",0,0,0,0,0,0,{"$f":"ROUND(F30*0.015*1.05,2)","v":1.25},0,0,0,0,11.47,{"v":7.2,"d":"7.20"},"Kg"]
[4,"Plaster'ing CM (1:5) 12mm th",{"$f":"ESTIMATE!I272","v":{"v":0,"d":"0.00"}},{"$f":"ESTIMATE!I693","v":{"v":0,"d":"0.00"}},{"$f":"ESTIMATE!I1096","v":{"v":0,"d":"0.00"}},{"v":0,"d":"0.00"},"M2",0,0,0,0,0,0,{"$f":"ROUND(ROUND((0.015*1.05),3)*ROUND(F31,2),2)","v":{"v":0,"d":"0.00"}},0,0,0,0,{"v":0,"d":"0.00"},4.32,"Kg"]
[5,"Plaster'ing 20mm thick single",{"$f":"ESTIMATE!I277","v":{"v":0,"d":"0.00"}},{"$f":"ESTIMATE!I701","v":{"v":0,"d":"0.00"}},{"$f":"ESTIMATE!I1101","v":{"v":0,"d":"0.00"}},{"$f":"SUM(C32:E32)","v":{"v":0,"d":"0.00"}},"M2",0,0,0,0,0,0,{"$f":"ROUND(ROUND((0.021*1.05),3)*ROUND(F32,2),2)","v":{"v":0,"d":"0.00"}},0,0,0,0,{"$f":"ROUND(F32*T32/50,2)","v":{"v":0,"d":"0.00"}},6.05,"Kg"]
[14,"Plaster'ing 12mm thick double",{"$f":"ESTIMATE!I290","v":100.18},{"$f":"ESTIMATE!I726","v":{"v":0,"d":"0.00"}},{"$f":"ESTIMATE!I1108","v":{"v":0,"d":"0.00"}},100.18,"M2",0,0,0,0,0,0,{"$f":"ROUND(F33*0.015*1,2)","v":{"v":1.5,"d":"1.50"}},0,0,0,0,{"v":10.2,"d":"10.20"},5.09,"Kg"]
[15,"Plaster'ing 20mm thick double",{"$f":"ESTIMATE!I307","v":119.98},{"$f":"ESTIMATE!I734","v":{"v":0,"d":"0.00"}},{"$f":"ESTIMATE!I1117","v":{"v":0,"d":"0.00"}},119.98,"M2",0,0,0,0,0,0,{"$f":"ROUND(F34*0.022*1,2)","v":2.64},0,0,0,0,{"v":13.8,"d":"13.80"},5.75,"Kg"]
[2,"CC Steps",{"$f":"ESTIMATE!I324","v":{"v":0,"d":"0.00"}},{"$f":"ESTIMATE!I740","v":{"v":0,"d":"0.00"}},{"$f":"ESTIMATE!I1123","v":{"v":0,"d":"0.00"}},{"$f":"SUM(C35:E35)","v":{"v":0,"d":"0.00"}},"M3",0,{"$f":"ROUND(F35*0.8,2)","v":{"v":0,"d":"0.00"}},0,0,{"$f":"ROUND(F35*0.4,2)","v":{"v":0,"d":"0.00"}},0,0,0,0,0,0,{"$f":"ROUND(F35*T35/50,2)","v":{"v":0,"d":"0.00"}},{"$f":"$T$10","v":{"v":330,"d":"330.00"}},"Kg"]
[16,"Flooring Vetrified Tiles",{"$f":"ESTIMATE!I333","v":{"v":50.230000000000004,"d":"50.23"}},{"$f":"ESTIMATE!I748","v":{"v":0,"d":"0.00"}},{"$f":"ESTIMATE!I1133","v":{"v":0,"d":"0.00"}},{"v":50.230000000000004,"d":"50.23"},"M2",0,0,0,0,0,{"$f":"ROUND(F36*0.014,2)","v":{"v":0.7,"d":"0.70"}},0,0,0,0,0,6.09,6.06,"Kg"]
[17,"Skirting Vetrified Tiles",{"$f":"ESTIMATE!I346","v":{"v":5.249999999999999,"d":"5.25"}},{"$f":"ESTIMATE!I763","v":{"v":0,"d":"0.00"}},{"$f":"ESTIMATE!I1142","v":{"v":0,"d":"0.00"}},{"v":5.249999999999999,"d":"5.25"},"M2",0,0,0,0,0,{"$f":"ROUND(F37*0.012,2)","v":0.06},0,0,0,0,0,0.71,6.756,"Kg"]
[7,"Flooring Granite stone",{"$f":"ESTIMATE!I353","v":{"v":0,"d":"0.00"}},{"$f":"ESTIMATE!I770","v":{"v":0,"d":"0.00"}},{"$f":"ESTIMATE!I1153","v":{"v":0,"d":"0.00"}},{"v":0,"d":"0.00"},"M2",0,0,0,0,0,{"$f":"ROUND(F38*0.014,2)","v":{"v":0,"d":"0.00"}},0,0,0,0,0,{"v":0,"d":"0.00"},{"v":7.5,"d":"7.50"},"Kg"]
[8,"Skirting Granite stone",{"$f":"ESTIMATE!I360","v":{"v":0,"d":"0.00"}},{"$f":"ESTIMATE!I776","v":{"v":0,"d":"0.00"}},{"$f":"ESTIMATE!I1162","v":{"v":0,"d":"0.00"}},{"v":0,"d":"0.00"},"M2",0,0,0,0,0,{"$f":"ROUND(F39*0.012,2)","v":{"v":0,"d":"0.00"}},0,0,0,0,0,{"v":0,"d":"0.00"},{"v":9.06,"d":"9.060"},"Kg"]
[5,"Flooring Terrazo tiles",{"$f":"ESTIMATE!I372","v":{"v":0,"d":"0.00"}},{"$f":"ESTIMATE!I791","v":{"v":0,"d":"0.00"}},{"$f":"ESTIMATE!I1177","v":{"v":0,"d":"0.00"}},{"v":0,"d":"0.00"},"M2",0,0,0,0,0,{"$f":"ROUND(F40*0.014,2)","v":{"v":0,"d":"0.00"}},0,0,0,0,0,{"v":0,"d":"0.00"},{"v":7.5,"d":"7.50"},"Kg"]
[38,"Skirting Terrazo tiles",{"$f":"ESTIMATE!I382","v":{"v":0,"d":"0.00"}},{"$f":"ESTIMATE!I801","v":{"v":0,"d":"0.00"}},{"$f":"ESTIMATE!I1187","v":{"v":0,"d":"0.00"}},{"v":0,"d":"0.00"},"M2",0,0,0,0,0,{"$f":"ROUND(F41*0.012,2)","v":{"v":0,"d":"0.00"}},0,0,0,0,0,{"v":0,"d":"0.00"},6.756,"Kg"]
[4,"Ceramic Tiles Flooring",{"$f":"ESTIMATE!I386","v":{"v":0,"d":"0.00"}},{"$f":"ESTIMATE!I806","v":{"v":0,"d":"0.00"}},{"$f":"ESTIMATE!I1201","v":{"v":0,"d":"0.00"}},{"v":0,"d":"0.00"},"M2",0,0,0,0,0,{"$f":"ROUND(F42*0.012,2)","v":{"v":0,"d":"0.00"}},0,0,0,0,0,{"v":0,"d":"0.00"},5.46,"Kg"]
[5,"Daddooing wall tiles",{"$f":"ESTIMATE!I392","v":{"v":0,"d":"0.00"}},{"$f":"ESTIMATE!I812","v":{"v":0,"d":"0.00"}},{"$f":"ESTIMATE!I1207","v":{"v":0,"d":"0.00"}},{"v":0,"d":"0.00"},"M2",0,0,0,0,0,{"$f":"ROUND(F43*0.012,2)","v":{"v":0,"d":"0.00"}},0,0,0,0,0,{"v":0,"d":"0.00"},9.06,"Kg"]
[3,"Pressed tiles",{"$f":"ESTIMATE!I397","v":{"v":0,"d":"0.00"}},{"$f":"ESTIMATE!I820","v":{"v":0,"d":"0.00"}},{"$f":"ESTIMATE!I1215","v":{"v":0,"d":"0.00"}},{"$f":"SUM(C44:E44)","v":{"v":0,"d":"0.00"}},"M2",0,0,0,0,0,{"$f":"ROUND(F44*0.008*1,2)","v":{"v":0,"d":"0.00"}},0,0,0,0,0,{"$f":"ROUND(F44*T44/50,2)","v":{"v":0,"d":"0.00"}},2.76,"Kg"]
[]
[{"$nulls":5},"Total Qty",null,{"$f":"SUM(H4:H45)","v":4.91},{"v":11.670000000000002,"d":"11.67"},{"v":0,"d":"0.00"},{"v":0,"d":"0.00"},8.28,{"v":4.579999999999999,"d":"4.58"},6.48,1.53,{"v":0,"d":"0.00"},9.77,{"v":0,"d":"0.00"},{"v":169.17000000000002,"d":"169.17"},"Bags"]
[{"$nulls":5},"Rate / M3",null,{"v":90,"d":"90.00"},{"v":90,"d":"90.00"},{"v":90,"d":"90.00"},{"v":90,"d":"90.00"},{"v":100,"d":"100.00"},{"v":100,"d":"100.00"},{"v":100,"d":"100.00"},{"v":100,"d":"100.00"},{"v":45,"d":"45.00"},{"v":80,"d":"80.00"},{"v":45,"d":"45.00"},{"$f":"ROUND((S46*50)/1000,2)","v":8.46},"MT"]
[{"$nulls":6},"Rs",{"$f":"ROUND(H46*H47,0)","v":442},1050,0,0,{"$nulls":3},153,0,{"$f":"ROUND(Q46*Q47/1,0)","v":782},{"$f":"ROUND(R46*R47,0)","v":0}]
[{"$nulls":5},"Total  ","Rs",{"$f":"SUM(H48:R48)","v":2427}]
[]
[]
[]
[{"$nulls":12},{"$f":"'lead 24-25'!$H$32","v":"Deputy Executive Engineer"},{"$nulls":4},{"$f":"'lead 24-25'!$K$32","v":"Assistant  Engineer"}]
[{"$nulls":12},{"$f":"'lead 24-25'!$H$33","v":"PRI Sub Division"},{"$nulls":4},{"$f":"'lead 24-25'!$K$33","v":"Mandal Praja parishad"}]
[{"$nulls":12},{"$f":"'lead 24-25'!$H$34","v":"Kanigiri"},{"$nulls":4},{"$f":"'lead 24-25'!$K$34","v":"P.C.Palli"}]
{"$rows_empty":437}
[{"$nulls":15}," "]

{"sheet":"lead 24-25","index":5,"n_rows":34,"n_cols":15,"rows_kept":34,"merged":[[0,0,0,11],[1,2,1,11],[4,0,5,0],[4,1,5,1],[4,2,5,2],[4,3,5,3],[4,4,5,4],[4,5,5,5],[4,6,5,6],[4,7,5,7],[4,8,5,8],[4,9,5,9],[4,10,5,10],[4,11,5,11]]}
["LEAD STATEMENT (2024-25)"]
[null,"Name of the Work: ","Completion of incomplete Anganwadi building  in Paletipalli village of P.C.Palli Mandal."]
[{"$nulls":12},"Sand",72]
[{"$nulls":9},"Est. Rs.","15.00 Lakhs",null,"Metal",67]
["Sl. No.","Description","unit","Quarry","Lead in KM","Convey-ance Charges","Initial Cost ","Blasting charges","Crushing charges","Loading charges\n","unloading charges","Total","Brick",30]
[{"$nulls":12},"Tiles",89]
[1,2,3,4,5,6,7,8,9,10,11,13]
[1,"Cement","MT","Local","-",{"v":0,"d":"0.00"},{"v":4218.8,"d":"4218.80"},{"$nulls":4},{"$f":"SUM(F8:K8)","v":{"v":4218.8,"d":"4218.80"}},null,null,{"$f":"ESTIMATE!O27","v":{"v":40165,"d":"40165.00"}}]
[2,"Steel Fe 500 ","MT","Local","-",{"v":0,"d":"0.00"},{"$f":"'MINI SSR 2024-25'!C5","v":{"v":60000,"d":"60000.00"}},{"$f":"G9*18%","v":{"v":10800,"d":"10800.00"}},"GST 18%",null,null,{"v":70800,"d":"70800.00"}]
[2,"Steel Fe 415 ","MT","Local","-",{"v":0,"d":"0.00"},{"v":58000,"d":"58000.00"},{"$nulls":4},{"$f":"SUM(F10:K10)","v":{"v":58000,"d":"58000.00"}}]
[3,"MS Flats ","MT","Local",null,null,{"v":60000,"d":"60000.00"},{"$nulls":4},{"v":60000,"d":"60000.00"}]
[5,"6mm Ms roads","MT","Local",null,null,{"$f":"'MINI SSR 2024-25'!C8","v":{"v":57000,"d":"57000.00"}},{"$nulls":4},{"v":57000,"d":"57000.00"}]
[4,"Sand for Mortar (screened)","Cum","K.Bitragunta",{"$f":"N3","v":{"v":72,"d":"72.00"}},{"$f":"VLOOKUP(E13,'convey 24-25'!A6:F305,2,FALSE)","v":{"v":1013.4699999999982,"d":"1013.47"}},{"v":0,"d":"0.00"},{"$nulls":4},{"v":1013.4699999999982,"d":"1013.47"}]
[5,"Sand for Mortar (concrete)","Cum",{"$f":"D13","v":"K.Bitragunta"},{"$f":"E13","v":{"v":72,"d":"72.00"}},{"$f":"VLOOKUP(E14,'convey 24-25'!A6:F306,2,FALSE)","v":{"v":1013.4699999999982,"d":"1013.47"}},{"v":0,"d":"0.00"},{"$nulls":4},{"v":1013.4699999999982,"d":"1013.47"}]
[6,"Sand for Filling","Cum","Local",{"v":5,"d":"5.00"},{"$f":"VLOOKUP(E15,'convey 24-25'!A6:F307,2,FALSE)","v":101.33},{"v":0,"d":"0.00"},{"$nulls":4},101.33]
[7,"Common burnt clay bricks of class ","1000 nos","Motravulapadu",{"$f":"N5","v":{"v":30,"d":"30.00"}},{"$f":"VLOOKUP(E16,'convey 24-25'!A6:F308,4,FALSE)","v":{"v":771.4000000000003,"d":"771.40"}},{"$f":"'MINI SSR 2024-25'!C12","v":{"v":8480,"d":"8480.00"}},null,null,{"$f":"'MINI SSR 2024-25'!D12","v":77.58},{"$f":"'MINI SSR 2024-25'!E12","v":77.58},9406.56]
[8,"40mm HBG metal SS-5","Cum","Ramatherdham",{"$f":"N4","v":{"v":67,"d":"67.00"}},{"$f":"VLOOKUP(E17,'convey 24-25'!A6:F309,3,FALSE)","v":{"v":913.5999999999985,"d":"913.60"}},{"$f":"'MINI SSR 2024-25'!C13","v":{"v":770,"d":"770.00"}},{"v":70,"d":"70.00"},{"$f":"ROUND(G17*0.25,2)","v":{"v":192.5,"d":"192.50"}},null,null,{"v":1946.0999999999985,"d":"1946.10"}]
[9,"20mm HBG metal SS-5","Cum",{"$f":"D17","v":"Ramatherdham"},{"$f":"E17","v":{"v":67,"d":"67.00"}},{"$f":"VLOOKUP(E18,'convey 24-25'!A6:F310,3,FALSE)","v":{"v":913.5999999999985,"d":"913.60"}},{"$f":"'MINI SSR 2024-25'!C14","v":{"v":1285,"d":"1285.00"}},{"v":70,"d":"70.00"},{"$f":"ROUND(G18*0.25,2)","v":321.25},null,null,{"v":2589.8499999999985,"d":"2589.85"}]
[7,"12mm HBG metal SS-5","Cum","Ramatherdham",{"v":67,"d":"67.00"},{"$f":"VLOOKUP(E19,'convey 24-25'!A6:F311,3,FALSE)","v":{"v":913.5999999999985,"d":"913.60"}},{"$f":"'MINI SSR 2024-25'!C15","v":{"v":1024,"d":"1024.00"}},{"v":70,"d":"70.00"},{"$f":"ROUND(G19*0.25,2)","v":{"v":256,"d":"256.00"}},null,null,{"v":2263.5999999999985,"d":"2263.60"}]
[8,"10mm HBG metal SS-5","Cum","Ramatherdham",{"v":67,"d":"67.00"},{"$f":"VLOOKUP(E20,'convey 24-25'!A6:F312,3,FALSE)","v":{"v":913.5999999999985,"d":"913.60"}},{"$f":"'MINI SSR 2024-25'!C16","v":{"v":860,"d":"860.00"}},{"v":70,"d":"70.00"},{"$f":"ROUND(G20*0.25,2)","v":{"v":215,"d":"215.00"}},null,null,{"v":2058.5999999999985,"d":"2058.60"}]
[9,"6mm HBG metal SS-5","Cum","Ramatherdham",{"v":67,"d":"67.00"},{"$f":"VLOOKUP(E21,'convey 24-25'!A6:F313,3,FALSE)","v":{"v":913.5999999999985,"d":"913.60"}},{"$f":"'MINI SSR 2024-25'!C17","v":{"v":684,"d":"684.00"}},{"v":70,"d":"70.00"},{"$f":"ROUND(G21*0.25,2)","v":{"v":171,"d":"171.00"}},null,null,{"v":1838.5999999999985,"d":"1838.60"}]
[15,"Rough stone","Cum",{"$f":"D21","v":"Ramatherdham"},{"$f":"E21","v":{"v":67,"d":"67.00"}},{"$f":"VLOOKUP(E22,'convey 24-25'!A6:F314,3,FALSE)","v":{"v":913.5999999999985,"d":"913.60"}},{"$f":"'MINI SSR 2024-25'!C18","v":{"v":315,"d":"315.00"}},{"v":70,"d":"70.00"},{"$nulls":3},{"v":1298.5999999999985,"d":"1298.60"}]
[9,"High Polished Granite 16 to 18 mm ","Sqm",{"$f":"D22","v":"Ramatherdham"},{"$f":"E21","v":{"v":67,"d":"67.00"}},{"$f":"VLOOKUP(E23,'convey 24-25'!A6:F315,5,FALSE)*0.16","v":{"v":214.91520000000014,"d":"214.92"}},{"$f":"'MINI SSR 2024-25'!C19","v":{"v":2152,"d":"2152.00"}},{"$nulls":4},{"v":2366.9152000000004,"d":"2366.92"}]
[5,"Pressed type tiles",null,"Ongole",{"$f":"N6","v":{"v":89,"d":"89.00"}},{"$f":"VLOOKUP(E24,'convey 24-25'!A7:F316,5,FALSE)","v":{"v":1737.2400000000027,"d":"1737.24"}},{"$f":"'MINI SSR 2024-25'!C24","v":{"v":30000,"d":"30000.00"}},{"$nulls":4},31737.24]
[18,"Selected earth","Cum","Local",{"v":5,"d":"5.00"},{"$f":"VLOOKUP(E25,'convey 24-25'!A6:F317,2,FALSE)","v":101.33},{"$f":"'MINI SSR 2024-25'!C25","v":{"v":144,"d":"144.00"}},{"$nulls":4},{"v":245.32999999999998,"d":"245.33"}]
[19,"Gravel","Cum","Local",{"v":5,"d":"5.00"},{"$f":"VLOOKUP(E26,'convey 24-25'!A6:F318,2,FALSE)","v":101.33},{"$f":"'MINI SSR 2024-25'!C26","v":{"v":165,"d":"165.00"}},{"$nulls":4},266.33]
[]
[]
["1)","Certified that the above leads are correct to the best of my knowledge."]
["2)","Certified that the rates are provided as per SSR 2024-25"]
[]
[{"$nulls":7},"Deputy Executive Engineer",null,null,"Assistant  Engineer"]
[{"$nulls":7},"PRI Sub Division",null,null,"Mandal Praja parishad"]
[{"$nulls":7},"Kanigiri",null,null,"P.C.Palli"]

{"sheet":"DATA 2024-25","index":6,"n_rows":1031,"n_cols":14,"rows_kept":1031,"merged":[[0,0,0,6],[1,0,1,6]]}
["DATA  SHEET (2024-25)"]
[{"$f":"'lead 24-25'!B2&'lead 24-25'!C2","v":"Name of the Work: Completion of incomplete Anganwadi building  in Paletipalli village of P.C.Palli Mandal."}]
[null,"C.P.",{"v":0.13615,"d":"13.615%"},null,"Est.Rs.",{"$f":"'lead 24-25'!K4","v":"15.00 Lakhs"}]
[]
["S No","Index Code","Description of the Work","Unit","Quantity","Rate","Amount"]
[1,"BLD-CSTN    -1-4","Cement Mortar (1:3)",{"$nulls":7},"F 212","1st  Class Barbender",{"v":625,"d":"625.00"},"Day"]
[null,null,"Cost of Cement  ","Kg",{"$f":"1440/3","v":{"v":480,"d":"480.00"}},{"$f":"'lead 24-25'!$L$8","v":{"v":4218.8,"d":"4218.80"}},{"$f":"ROUND(E7*F7/1000,2)","v":2025.02},{"$nulls":3},"F 435","1st Class Carpenter, 1st  Class Painter",{"v":580,"d":"580.00"},"Day"]
[null,null,"Sand for Plastering including 5% wastage","cum",1.05,{"$f":"'lead 24-25'!$L$13","v":{"v":1013.4699999999982,"d":"1013.47"}},{"$f":"ROUND(E8*F8,2)","v":1064.14},{"$nulls":3},"F 627","Skilled Electrician",{"v":575,"d":"575.00"},"Day"]
[null,null,"Man Mazdoor for mixing mortar","day",{"v":0.2,"d":"0.20"},{"$f":"'MINI SSR 2024-25'!$H$5","v":{"v":595,"d":"595.00"}},{"$f":"ROUND(E9*F9,2)","v":{"v":119,"d":"119.00"}},{"$nulls":3},"F 70","1st  Class Mason, Brick Layer",{"v":500,"d":"500.00"},"Day"]
[{"$nulls":6},{"$f":"SUM(G7:G9)","v":3208.16},{"$nulls":3},"F 93","2nd Class Mason, 2nd Brick Layer, 2nd Carpentor, 2nd Class Painter ",{"v":460,"d":"460.00"},"Day"]
[2,"BLD-CSTN    -1-5","Cement Mortar (1:4)",{"$nulls":7},"F 628","Mate, Semi Skilled Electrician",{"v":471,"d":"471.00"},"Day"]
[null,null,"Cost of Cement  ","Kg",{"$f":"1440/4","v":{"v":360,"d":"360.00"}},{"$f":"'lead 24-25'!$L$8","v":{"v":4218.8,"d":"4218.80"}},{"$f":"ROUND(E12*F12/1000,2)","v":1518.77},{"$nulls":3},"F 12","Man / Women Mazdoor",{"v":420,"d":"420.00"},"Day"]
[null,null,"Sand for Plastering including 5% wastage","cum",1.05,{"$f":"'lead 24-25'!$L$13","v":{"v":1013.4699999999982,"d":"1013.47"}},{"$f":"ROUND(E13*F13,2)","v":1064.14},{"$nulls":3},"F 629","Helper",{"v":471,"d":"471.00"},"Day"]
[null,null,"Man Mazdoor for mixing mortar","day",{"v":0.2,"d":"0.20"},{"$f":"'MINI SSR 2024-25'!$H$5","v":{"v":595,"d":"595.00"}},{"$f":"ROUND(E14*F14,2)","v":{"v":119,"d":"119.00"}},{"$nulls":3},"F 66","Water Charges Rs 107-00 in Urban Area and in Rural Area",{"v":80,"d":"80.00"},"1 KLt"]
[{"$nulls":6},{"$f":"SUM(G12:G14)","v":2701.91},{"$nulls":3},"F 68","Concrete Mixer 0.28 Cum",{"v":524.7,"d":"524.70"},"Hour"]
[2,"BLD-CSTN    -1-6","Cement Mortar (1:5)",{"$nulls":7},"F 97","Needle Vibrator 40mm (Petrole)",{"v":209.1,"d":"209.10"},"Hour"]
[null,null,"Cost of Cement  ","Kg",{"$f":"1440/5","v":{"v":288,"d":"288.00"}},{"$f":"'lead 24-25'!$L$8","v":{"v":4218.8,"d":"4218.80"}},{"$f":"ROUND(E17*F17/1000,2)","v":1215.01},{"$nulls":3},"F 210","Binding wire",{"v":55,"d":"55.00"},"Kg"]
[null,null,"Sand for Plastering including 5% wastage","cum",1.05,{"$f":"'lead 24-25'!$L$13","v":{"v":1013.4699999999982,"d":"1013.47"}},{"$f":"ROUND(E18*F18,2)","v":1064.14}]
[null,null,"Man Mazdoor for mixing mortar","day",{"v":0.2,"d":"0.20"},{"$f":"'MINI SSR 2024-25'!$H$5","v":{"v":595,"d":"595.00"}},{"$f":"ROUND(E19*F19,2)","v":{"v":119,"d":"119.00"}}]
[{"$nulls":6},{"$f":"SUM(G17:G19)","v":2398.15}]
[4,"BLD-CSTN    -1-7","Cement Mortar (1:6)"]
[null,null,"Cost of Cement  ","Kg",{"$f":"1440/6","v":{"v":240,"d":"240.00"}},{"$f":"'lead 24-25'!$L$8","v":{"v":4218.8,"d":"4218.80"}},{"$f":"ROUND(E22*F22/1000,2)","v":1012.51}]
[null,null,"Sand for Mortar including 5% wastage","cum",1.05,{"$f":"'lead 24-25'!$L$13","v":{"v":1013.4699999999982,"d":"1013.47"}},{"$f":"ROUND(E23*F23,2)","v":1064.14}]
[null,null,"Man Mazdoor for mixing mortar","day",{"v":0.2,"d":"0.20"},{"$f":"'MINI SSR 2024-25'!$H$5","v":{"v":595,"d":"595.00"}},{"$f":"ROUND(E24*F24,2)","v":{"v":119,"d":"119.00"}}]
[{"$nulls":6},{"$f":"SUM(G22:G24)","v":2195.65}]
[5,"BLD-CSTN    -1-8","Cement Mortar (1:8)"]
[null,null,"Cost of Cement  ","Kg",{"$f":"1440/8","v":{"v":180,"d":"180.00"}},{"$f":"'lead 24-25'!$L$8","v":{"v":4218.8,"d":"4218.80"}},{"$f":"ROUND(E27*F27/1000,2)","v":759.38}]
[null,null,"Sand for Mortar including 5% wastage","cum",1.05,{"$f":"'lead 24-25'!$L$13","v":{"v":1013.4699999999982,"d":"1013.47"}},{"$f":"ROUND(E28*F28,2)","v":1064.14}]
[null,null,"Man Mazdoor for mixing mortar","day",{"v":0.2,"d":"0.20"},{"$f":"'MINI SSR 2024-25'!$H$5","v":{"v":595,"d":"595.00"}},{"$f":"ROUND(E29*F29,2)","v":{"v":119,"d":"119.00"}}]
[{"$nulls":6},{"$f":"SUM(G27:G29)","v":1942.52}]
[1,null,"20 mm GRADED METAL( CW 07 20 mm(48%) and 12 mm(12%)10 mm(12%) 6 mm(8)%  (34822))"]
[null,null,"20 mm HBG  metal(SS 5)",{"v":0.6,"d":"0.60"},{"$f":"'lead 24-25'!L18","v":{"v":2589.8499999999985,"d":"2589.85"}},{"$f":"ROUND(D32*E32,2)","v":1553.91}]
[null,null,"12 mm HBG  metal(SS 5)",0.15,{"$f":"'lead 24-25'!L19","v":{"v":2263.5999999999985,"d":"2263.60"}},{"$f":"ROUND(D33*E33,2)","v":339.54}]
[null,null,"10 mm HBG  metal(SS 5)",0.15,{"$f":"'lead 24-25'!L20","v":{"v":2058.5999999999985,"d":"2058.60"}},{"$f":"ROUND(D34*E34,2)","v":308.79}]
[null,null,"6 mm HBG  metal(SS 5)",{"v":0.1,"d":"0.10"},{"$f":"'lead 24-25'!L21","v":{"v":1838.5999999999985,"d":"1838.60"}},{"$f":"ROUND(D35*E35,2)","v":183.86}]
[null,null,"Rate per Cum",null,null,{"$f":"SUM(F32:F35)","v":{"v":2386.1000000000004,"d":"2386.10"}}]
[2,"RBR-STCL-5-II A","Dismantling of existing structures  comprising of  cement concrete including T&P and scaffolding wherever necessary, sorting the dismantled material, disposal of unserviceable material and stacking the serviceable material with all lifts and lead of 1000 m as per Technical Specification Clause 202 MORD / MORTH"]
[null,null,"Unit = cum"]
[null,null,"Taking output = 1.25 cum"]
[null,null,"By Mechanical Means"]
[null,null,"Cement Concrete"]
[null,null,"a) labour "]
[null,null,"Mate","day","-"]
[null,null,"Mazdoor (Unskilled)","day",{"v":0.52,"d":"0.520"},{"v":595,"d":"595.00"},{"$f":"ROUND(F44*E44,2)","v":{"v":309.4,"d":"309.40"}}]
[null,null,"b) Machinery"]
[null,null,"Air compressor","hour",{"v":0.83,"d":"0.830"},651.58,{"$f":"ROUND(F46*E46,2)","v":540.81}]
[null,null,"Tractor with trolley 3t","hour",0.27,{"v":536,"d":"536.00"},{"$f":"ROUND(F47*E47,2)","v":144.72}]
[null,null,"Rate per 1.25 Cum",{"$nulls":3},{"$f":"SUM(G44:G47)","v":994.93}]
[null,null,"Rate per 1.00 Cum",{"$nulls":3},{"$f":"ROUND(G48/1.25,2)","v":795.94}]
[2,"RBR-STCL-6","Dismantling of existing structures like Flooring including disposal of unserviceable material and stacking the serviceable material with all lifts and lead of 1000 m as per Technical Specification Clause 202 MORD / MORTH"]
[null,null,"Unit = cum"]
[null,null,"Taking output = 1.25 cum"]
[null,null,"By Mechanical Means"]
[null,null,"Cement Concrete"]
[null,null,"a) labour "]
[null,null,"Mate","day","-"]
[null,null,"Mazdoor (Unskilled)","day",{"v":0.78,"d":"0.780"},{"v":595,"d":"595.00"},{"$f":"ROUND(F57*E57,2)","v":{"v":464.1,"d":"464.10"}}]
[null,null,"b) Machinery"]
[null,null,"Tractor with trolley 3t","hour",0.27,{"v":536,"d":"536.00"},{"$f":"ROUND(F59*E59,2)","v":144.72}]
[null,null,"Rate per 1.25 Cum",{"$nulls":3},{"$f":"SUM(G57:G59)","v":608.82}]
[null,null,"Rate per 1.00 Cum",{"$nulls":3},{"$f":"ROUND(G60/1.25,2)","v":487.06}]
[6,null,"Clearing light  jungle including up-rooting and removing of Juliflora stumps."]
[null,null,"Unit = Cum"]
[null,null,"RSSR 19-20"]
[null,null,"Unskilled Labour Charges",{"$nulls":3},{"$f":"'MINI SSR 2024-25'!H25","v":6.06}]
[null,null,"Rate per 1 Cum ",{"$nulls":3},{"$f":"SUM(G65)","v":6.06}]
[2,"RBR-FNDN-1","Earthwork in excavation for structures as per drawing and technical specifications Clause 305.1 including setting out, construction of shoring and bracing, removal of stumps and other deleterious material and disposal upto a lead of 50 m, dressing of sides and bottom and backfilling in trenches with excavated suitable material as per Technical Specification 305 MORD / 304 MORTH"]
[null,null,"Unit = 10 Cum"]
[null,null,"Mazdoor (Un-Skilled) ","day",3.64,{"$f":"'MINI SSR 2024-25'!$H$5","v":{"v":595,"d":"595.00"}},{"$f":"ROUND(E69*F69,2)","v":{"v":2165.8,"d":"2165.80"}}]
[null,null,"Contract Profit @ 13.615%",{"$nulls":3},{"$f":"ROUND(G69*$C$3,2)","v":294.87}]
[null,null,"Rate per 10 Cum ",{"$nulls":3},{"$f":"SUBTOTAL(9,G69:G70)","v":2460.67}]
[null,null,"Rate per 1 Cum ",{"$nulls":3},{"$f":"ROUND(G71/10,2)","v":246.07}]
[3,"RBR-FNDN -        2- (I)\nAmendment as per 2015-16","Filling with Sand in trenches, sides of foundations & basement by watering and ramming including all operational, incidental, labour charges, hire charges of T&P etc complete including cost and conveyance of material and labour charges etc complete for finished item of the work (APSS No 309& 310) per 1 Cum"]
[null,null,"Unit = Cum"]
[null,null,"Taking Output 6.00 Cum"]
[null,"a)","Labour "]
[null,null,"Mazdoor (Un-Skilled) ","day",0.31,{"$f":"'MINI SSR 2024-25'!$H$5","v":{"v":595,"d":"595.00"}},{"$f":"ROUND(E77*F77,2)","v":184.45}]
[null,"b)","Material"]
[null,null,"Sand for filling","Cum",{"v":6,"d":"6.00"},{"$f":"'lead 24-25'!L15","v":101.33},{"$f":"ROUND(E79*F79,2)","v":607.98}]
[{"$nulls":6},{"$f":"SUBTOTAL(9,G77:G79)","v":{"v":792.4300000000001,"d":"792.43"}}]
[null,null,"Contract Profit @ 13.615%",{"$nulls":3},{"$f":"ROUND(G80*$C$3,2)","v":107.89}]
[null,null,"Rate per 6 Cum",{"$nulls":3},{"$f":"ROUND(G80+G81,2)","v":900.32}]
[null,null,"Rate per 1 Cum",{"$nulls":3},{"$f":"ROUND(G82/6,2)","v":150.05}]
[9,"RBR-FNDN    -2- (I)\nAmendment as per 2015-16","Filling Basement with Selected earth in trenches, sides of foundations & basement by watering and ramming including all operational, incidental, labour charges, hire charges of T&P etc complete including cost and conveyance of material and labour charges etc complete for finished item of the work (APSS No 309& 310) per 1 Cum"]
[null,null,"Unit = Cum"]
[null,"a)","Labour "]
[null,null,"Mazdoor (Un-Skilled) ","day",0.31,{"$f":"'MINI SSR 2024-25'!$H$5","v":{"v":595,"d":"595.00"}},{"$f":"ROUND(E87*F87,2)","v":184.45}]
[null,"b)","Material"]
[null,null,"Selected earth","Cum",{"v":1,"d":"1.00"},{"$f":"'lead 24-25'!L25","v":{"v":245.32999999999998,"d":"245.33"}},{"$f":"ROUND(E89*F89,2)","v":245.33}]
[null,null,"water (including for curing)","Ltr",{"v":0.1,"d":"0.10"},{"$f":"'MINI SSR 2024-25'!$C$29","v":{"v":105,"d":"105.00"}},{"$f":"ROUND(E90*F90,2)","v":{"v":10.5,"d":"10.50"}}]
[null,null,"Rate per 1 Cum",{"$nulls":3},{"$f":"SUM(G87:G90)","v":440.28}]
[10,"RBR-FNDN    -2- (I)\nAmendment as per 2015-16","Filling Basement with Gravel in trenches, sides of foundations & basement by watering and ramming including all operational, incidental, labour charges, hire charges of T&P etc complete including cost and conveyance of material and labour charges etc complete for finished item of the work (APSS No 309& 310) per 1 Cum"]
[null,null,"Unit = Cum"]
[null,"a)","Labour "]
[null,null,"Mazdoor (Un-Skilled) ","day",0.31,{"$f":"'MINI SSR 2024-25'!$H$5","v":{"v":595,"d":"595.00"}},{"$f":"ROUND(E95*F95,2)","v":184.45}]
[null,"b)","Material"]
[null,null,"Gravel filling","Cum",{"v":1,"d":"1.00"},{"$f":"'lead 24-25'!L26","v":266.33},{"$f":"ROUND(E97*F97,2)","v":266.33}]
[null,null,"water (including for curing)","Ltr",{"v":0.1,"d":"0.10"},{"$f":"'MINI SSR 2024-25'!$C$29","v":{"v":105,"d":"105.00"}},{"$f":"ROUND(E98*F98,2)","v":{"v":10.5,"d":"10.50"}}]
[null,null,"Rate per 1 Cum",{"$nulls":3},{"$f":"SUM(G95:G98)","v":461.28}]
[4,"BLD-CSTN-2-9\nAmendment as per 2015-16","Filling in foundation with excavated soil as per drawing and technical specification Clause 305.3.9 MORD & 304 MORTH."]
[null,null,"Taking output-6 Cum"]
[null,null,"Mazdoor ","day",3.12,{"$f":"'MINI SSR 2024-25'!$H$5","v":{"v":595,"d":"595.00"}},{"$f":"ROUND(E102*F102,2)","v":{"v":1856.4,"d":"1856.40"}}]
[null,null,"water (including for curing)","Kl",0.72,{"$f":"'MINI SSR 2024-25'!$C$29","v":{"v":105,"d":"105.00"}},{"$f":"ROUND(E103*F103,2)","v":{"v":75.6,"d":"75.60"}}]
[{"$nulls":6},{"$f":"SUBTOTAL(9,G101:G103)","v":{"v":1932,"d":"1932.00"}}]
[null,null,"Contract Profit @ 13.615%",{"$nulls":3},{"$f":"ROUND(G104*$C$3,2)","v":263.04}]
[null,null,"Rate per 6 cum",{"$nulls":3},{"$f":"SUM(G104:G105)","v":2195.04}]
[null,null,"Rate per 1 cum",{"$nulls":3},{"$f":"ROUND(G106/6,2)","v":365.84}]
[5,"BLD-CSTN-2-5","Plain Cement Concrete (1:4:8) proportion Nominal mix for foundations using 40mm size SS-5 metal including cost and conveyance of all materials and curing charges, labour charges, machine mixing and laying concrete in foundations ramming etc complete for Bed Concrete  (APSS No 402)  "]
[null,null,"A. Materials"]
[null,null,"Cost of Cement  ","Kg",{"v":162,"d":"162.00"},{"$f":"'lead 24-25'!L8","v":{"v":4218.8,"d":"4218.80"}},{"$f":"ROUND(E110*F110/1000,2)","v":683.45}]
[null,null,"Coarse aggregate 40mm metal","cum",{"v":0.9,"d":"0.90"},{"$f":"'lead 24-25'!L17","v":{"v":1946.0999999999985,"d":"1946.10"}},{"$f":"ROUND(E111*F111,2)","v":1751.49}]
[null,null,"Sand for Concrete ","cum",0.45,{"$f":"'lead 24-25'!L14","v":{"v":1013.4699999999982,"d":"1013.47"}},{"$f":"ROUND(E112*F112,2)","v":456.06}]
[null,null,"water (including for curing)","kl",{"v":1.2,"d":"1.20"},{"$f":"'MINI SSR 2024-25'!$C$29","v":{"v":105,"d":"105.00"}},{"$f":"ROUND(E113*F113,2)","v":{"v":126,"d":"126.00"}}]
[null,null,"B. Machinery"]
[null,null,"Concrete mixer 10/7 cft (0.2/0.8cum) capacity","hour",{"v":1,"d":"1.00"},{"$f":"'MINI SSR 2024-25'!$C$30","v":708.08},{"$f":"ROUND(E115*F115,2)","v":708.08}]
[null,null,"C. Labour"]
[null,null,"Mason 1st class","day",{"v":0.1,"d":"0.10"},{"$f":"'MINI SSR 2024-25'!$H$3","v":{"v":710,"d":"710.00"}},{"$f":"ROUND(E117*F117,2)","v":{"v":71,"d":"71.00"}}]
[null,null,"Mazdoor (Un-Skilled)","day",1.39,{"$f":"'MINI SSR 2024-25'!$H$5","v":{"v":595,"d":"595.00"}},{"$f":"ROUND(E118*F118,2)","v":827.05}]
[{"$nulls":6},{"$f":"SUBTOTAL(9,G110:G118)","v":4623.13}]
[null,null,"Contract Profit @ 13.615%",{"$nulls":3},{"$f":"ROUND(G119*$C$3,2)","v":629.44}]
[{"$nulls":6},{"$f":"ROUND((G119+G120),2)","v":5252.57}]
[12,"BLD-CSTN-2-7","Plain Cement Concrete (1:5:10) proportion Nominal mix for foundations using 40mm size SS-5 metal including cost and conveyance of all materials and curing charges, labour charges, machine mixing and laying concrete in foundations ramming etc complete for Bed Concrete  (APSS No 402)  "]
[null,null,"A. Materials"]
[null,null,"Cost of Cement  ","Kg",{"v":129.6,"d":"129.60"},{"$f":"F110","v":{"v":4218.8,"d":"4218.80"}},{"$f":"ROUND(E124*F124/1000,2)","v":546.76}]
[null,null,"Coarse aggregate 40mm metal","cum",{"v":0.9,"d":"0.90"},{"$f":"F111","v":{"v":1946.0999999999985,"d":"1946.10"}},{"$f":"ROUND(E125*F125,2)","v":1751.49}]
[null,null,"Sand for Concrete ","cum",0.45,{"$f":"F112","v":{"v":1013.4699999999982,"d":"1013.47"}},{"$f":"ROUND(E126*F126,2)","v":456.06}]
[null,null,"water (including for curing)","kl",{"v":1.2,"d":"1.20"},{"$f":"'MINI SSR 2024-25'!$C$29","v":{"v":105,"d":"105.00"}},{"$f":"ROUND(E127*F127,2)","v":{"v":126,"d":"126.00"}}]
[null,null,"B. Machinery"]
[null,null,"Concrete mixer 10/7 cft (0.2/0.8cum) capacity","hour",{"v":1,"d":"1.00"},{"$f":"'MINI SSR 2024-25'!$C$30","v":708.08},{"$f":"ROUND(E129*F129,2)","v":708.08}]
[null,null,"C. Labour"]
[null,null,"Mason 1st class","day",{"v":0.1,"d":"0.10"},{"$f":"'MINI SSR 2024-25'!$H$3","v":{"v":710,"d":"710.00"}},{"$f":"ROUND(E131*F131,2)","v":{"v":71,"d":"71.00"}}]
[null,null,"Mazdoor (Un-Skilled)","day",1.39,{"$f":"'MINI SSR 2024-25'!$H$5","v":{"v":595,"d":"595.00"}},{"$f":"ROUND(E132*F132,2)","v":827.05}]
[{"$nulls":6},{"$f":"SUM(G124:G132)","v":4486.44}]
[6,"BLD-CSTN-2-13-A","Reinforced Cement Concrete  M-20 Nominal mix (Cement: Fine aggregates: Coarse aggregates) corresponding Table 9 of IS 456 using 20mm size graded machine crushed hard granite metal (coarse aggregate) from approved quarry including cost and conveyance of all materials like Cement, fine aggregate( Sand), coarse aggregate, water etc to site and including sales and other taxes on all marerilas including all operational, incidental and labour charges such as machine mixing, laying concrete, curing etc complete but excluding cost of steel and its fabrication charges for finished item of work, but excluding centering, shttering "]
[null,null,"Foundations, plinth Beams and  Pedastals"]
[null,null,"A. Materials"]
[null,null,"20mm HBG Metal","cum",{"v":0.9,"d":"0.90"},{"$f":"'lead 24-25'!L18","v":{"v":2589.8499999999985,"d":"2589.85"}},{"$f":"ROUND(E137*F137,2)","v":2330.87}]
[null,null,"Sand for Concrete ","cum",0.45,{"$f":"'lead 24-25'!L14","v":{"v":1013.4699999999982,"d":"1013.47"}},{"$f":"ROUND(E138*F138,2)","v":456.06}]
[null,null,"Cement  ","Kg",{"v":330,"d":"330.00"},{"$f":"'lead 24-25'!L8","v":{"v":4218.8,"d":"4218.80"}},{"$f":"ROUND(E139*F139/1000,2)","v":{"v":1392.2,"d":"1392.20"}}]
[null,null,"B. Labour"]
[null,null,"Mason 1st class","day",0.133,{"$f":"'MINI SSR 2024-25'!$H$3","v":{"v":710,"d":"710.00"}},{"$f":"ROUND(E141*F141,2)","v":94.43}]
[null,null,"Mason 2nd class","day",0.267,{"$f":"'MINI SSR 2024-25'!$H$4","v":{"v":640,"d":"640.00"}},{"$f":"ROUND(E142*F142,2)","v":170.88}]
[null,null,"Mazdoor (both Men and Women)","day",{"v":3.6,"d":"3.600"},{"$f":"'MINI SSR 2024-25'!$H$5","v":{"v":595,"d":"595.00"}},{"$f":"ROUND(E143*F143,2)","v":{"v":2142,"d":"2142.00"}}]
[null,null,"B. Machinery"]
[null,null,"Concrete mixer 10/7 cft (0.2/0.8cum) capacity","hour",{"v":1,"d":"1.00"},{"$f":"'MINI SSR 2024-25'!$C$30","v":708.08},{"$f":"ROUND(E145*F145,2)","v":708.08}]
[null,null,"Needle Vibrator 40mm (Petrole)","hour",{"v":1,"d":"1.00"},{"$f":"'MINI SSR 2024-25'!$C$31","v":288.39},{"$f":"ROUND(E146*F146,2)","v":288.39}]
[null,null,"water (including for curing)","kl",{"v":1.2,"d":"1.20"},{"$f":"'MINI SSR 2024-25'!$C$29","v":{"v":105,"d":"105.00"}},{"$f":"ROUND(E147*F147,2)","v":{"v":126,"d":"126.00"}}]
[null,null,"Basic Cost for 1.00 Cum",{"$nulls":3},{"$f":"SUM(G137:G147)","v":{"v":7708.910000000001,"d":"7708.91"}}]
[null,null,"Columns Footings"]
[null,null,"Rate for M-20 Nominal Basic Cost 1.00 Cum","cum",{"v":1,"d":"1.00"},{"$f":"G148","v":{"v":7708.910000000001,"d":"7708.91"}},{"$f":"ROUND(E150*F150,2)","v":7708.91}]
[null,null,"Centering : Columns Footings material hire charges ","cum",{"v":1,"d":"1.00"},{"$f":"'MINI SSR 2024-25'!C52","v":{"v":301,"d":"301.00"}},{"$f":"ROUND(E151*F151,2)","v":{"v":301,"d":"301.00"}}]
[null,null,"Centering : Columns Footings Labour charges","cum",{"v":1,"d":"1.00"},{"$f":"'MINI SSR 2024-25'!D52","v":{"v":672,"d":"672.00"}},{"v":672,"d":"672.00"}]
[{"$nulls":6},{"$f":"SUM(G150:G152)","v":8681.91}]
[null,null,"Contract Profit @ 13.615%",{"$nulls":3},{"$f":"ROUND(G153*$C$3,2)","v":1182.04}]
[{"$nulls":6},{"$f":"SUM(G153:G154)","v":9863.95}]
[null,null,"Columns Pedastals"]
[null,null,"Rate for M-20 Nominal Basic Cost 1.00 Cum","cum",{"v":1,"d":"1.00"},{"$f":"G148","v":{"v":7708.910000000001,"d":"7708.91"}},{"$f":"ROUND(E157*F157,2)","v":7708.91}]
[null,null,"Centering : Column Pedastals material hire charges ","cum",{"v":1,"d":"1.00"},{"$f":"'MINI SSR 2024-25'!C54","v":{"v":343,"d":"343.00"}},{"$f":"ROUND(E158*F158,2)","v":{"v":343,"d":"343.00"}}]
[null,null,"Centering : Column Pedastals  Labour charges","cum",{"v":1,"d":"1.00"},{"$f":"'MINI SSR 2024-25'!D54","v":{"v":1069,"d":"1069.00"}},{"v":1069,"d":"1069.00"}]
[{"$nulls":6},{"$f":"SUM(G157:G159)","v":9120.91}]
[null,null,"Contract Profit @ 13.615%",{"$nulls":3},{"$f":"ROUND(G160*13.615%,2)","v":1241.81}]
[{"$nulls":6},{"$f":"SUM(G160:G161)","v":10362.72}]
[null,null,"Plinth Beams"]
[null,null,"Rate for M-20 Nominal Basic Cost 1.00 Cum","cum",{"v":1,"d":"1.00"},{"$f":"G148","v":{"v":7708.910000000001,"d":"7708.91"}},{"$f":"ROUND(E164*F164,2)","v":7708.91}]
[null,null,"Centering : Plinth Beams material hire charges ","cum",{"v":1,"d":"1.00"},{"$f":"'MINI SSR 2024-25'!C55","v":{"v":1453,"d":"1453.00"}},{"$f":"ROUND(E165*F165,2)","v":{"v":1453,"d":"1453.00"}}]
[null,null,"Centering : Plinth Beam  Labour charges","cum",{"v":1,"d":"1.00"},{"$f":"'MINI SSR 2024-25'!D55","v":{"v":1620,"d":"1620.00"}},{"v":1620,"d":"1620.00"}]
[{"$nulls":6},{"$f":"SUM(G164:G166)","v":10781.91}]
[null,null,"Contract Profit @ 13.615%",{"$nulls":3},{"$f":"ROUND(G167*$C$3,2)","v":1467.96}]
[{"$nulls":6},{"$f":"SUM(G167:G168)","v":{"v":12249.869999999999,"d":"12249.87"}}]
[7,"BLD-CSTN-2-13-B","Reinforced Cement Concrete  M-20 Nominal mix (Cement: Fine aggregates: Coarse aggregates) corresponding Table 9 of IS 456 using 20mm size graded machine crushed hard granite metal (coarse aggregate) from approved quarry including cost and conveyance of all materials like Cement, fine aggregate( Sand), coarse aggregate, water etc to site and including sales and other taxes on all marerilas including all operational, incidental and labour charges suxh as machine mixing, laying concrete, curing etc complete but excluding cost of steel and its fabrication charges for finished item of work, but excluding centering, shttering "]
[null,null,"Columns, Lintels and  RCC Walls in Buildings"]
[null,null,"A. Materials"]
[null,null,"20mm HBG Machine Crushed Chips","cum",{"v":0.9,"d":"0.90"},{"$f":"F137","v":{"v":2589.8499999999985,"d":"2589.85"}},{"$f":"ROUND(E173*F173,2)","v":2330.87}]
[null,null,"Sand for Concrete ","cum",0.45,{"$f":"'lead 24-25'!L14","v":{"v":1013.4699999999982,"d":"1013.47"}},{"$f":"ROUND(E174*F174,2)","v":456.06}]
[null,null,"Cement  ","Kg",{"$f":"E139","v":{"v":330,"d":"330.00"}},{"$f":"'lead 24-25'!L8","v":{"v":4218.8,"d":"4218.80"}},{"$f":"ROUND(E175*F175/1000,2)","v":{"v":1392.2,"d":"1392.20"}}]
[null,null,"B. Labour"]
[null,null,"Mason 1st class","day",0.167,{"$f":"'MINI SSR 2024-25'!$H$3","v":{"v":710,"d":"710.00"}},{"$f":"ROUND(E177*F177,2)","v":118.57},{"$nulls":3},{"$f":"G177","v":118.57}]
[null,null,"Mason 2nd class","day",0.167,{"$f":"'MINI SSR 2024-25'!$H$4","v":{"v":640,"d":"640.00"}},{"$f":"ROUND(E178*F178,2)","v":106.88},{"$nulls":3},{"$f":"G178","v":106.88}]
[null,null,"Mazdoor (both Men and Women)","day",{"v":4.7,"d":"4.700"},{"$f":"'MINI SSR 2024-25'!$H$5","v":{"v":595,"d":"595.00"}},{"$f":"ROUND(E179*F179,2)","v":{"v":2796.5,"d":"2796.50"}},{"$nulls":3},{"$f":"G179","v":{"v":2796.5,"d":"2796.50"}}]
[null,null,"B. Machinery"]
[null,null,"Concrete mixer 10/7 cft (0.2/0.8cum) capacity","hour",{"v":1,"d":"1.00"},{"$f":"'MINI SSR 2024-25'!$C$30","v":708.08},{"$f":"ROUND(E181*F181,2)","v":708.08}]
[null,null,"Needle Vibrator 40mm (Petrole)","hour",{"v":1,"d":"1.00"},{"$f":"'MINI SSR 2024-25'!$C$31","v":288.39},{"$f":"ROUND(E182*F182,2)","v":288.39}]
[null,null,"water (including for curing)","kl",{"v":1.2,"d":"1.20"},{"$f":"'MINI SSR 2024-25'!$C$29","v":{"v":105,"d":"105.00"}},{"$f":"ROUND(E183*F183,2)","v":{"v":126,"d":"126.00"}}]
[null,null,"Basic Cost for 1.00 Cum",{"$nulls":3},{"$f":"SUM(G173:G183)","v":8323.55},{"$nulls":3},{"$f":"SUM(K177:K183)","v":3021.95}]
[{"$nulls":4},"GF","FF","SF"]
[null,null,"Columns Basic Rate for 1.00 Cum",null,{"$f":"G184","v":8323.55},{"$f":"G184","v":8323.55},{"$f":"G184","v":8323.55}]
[null,null,"Centering charges for Columns material hire charges ",null,{"$f":"'MINI SSR 2024-25'!C57","v":{"v":371,"d":"371.00"}},{"$f":"E187","v":{"v":371,"d":"371.00"}},{"$f":"E187","v":{"v":371,"d":"371.00"}}]
[null,null,"Centering charges for Columns Labour charges ",null,{"$f":"'MINI SSR 2024-25'!D57","v":{"v":2415,"d":"2415.00"}},{"$f":"'MINI SSR 2024-25'!E57","v":{"v":2657,"d":"2657.00"}},{"$f":"'MINI SSR 2024-25'!F57","v":{"v":2898,"d":"2898.00"}}]
[null,null,"Add Lift Charges @ 10%, 20% on Labour charges B",null,null,{"$f":"ROUND((G177+G178+G179+F188)*0.1,2)","v":567.9},{"$f":"ROUND((G177+G178+G179+G188)*0.2,2)","v":1183.99}]
[null,null,"Contract Profit @ 13.615%",null,{"$f":"ROUND((E186+E187+E188+E189)*$C$3,2)","v":1512.57},{"$f":"ROUND((F186+F187+F188+F189)*$C$3,2)","v":1622.83},{"$f":"ROUND((G186+G187+G188+G189)*$C$3,2)","v":1739.53}]
[{"$nulls":4},{"$f":"SUM(E186:E190)","v":{"v":12622.119999999999,"d":"12622.12"}},{"$f":"SUM(F186:F190)","v":{"v":13542.279999999999,"d":"13542.28"}},{"$f":"SUM(G186:G190)","v":14516.07}]
[{"$nulls":4},"GF","FF","SF"]
[null,null,"Lintels Basic Rate for 1.00 Cum",null,{"$f":"G184","v":8323.55},{"$f":"G184","v":8323.55},{"$f":"G184","v":8323.55}]
[null,null,"Centering charges for Lintels material hire charges ",null,{"$f":"'MINI SSR 2024-25'!C58","v":{"v":1233,"d":"1233.00"}},{"$f":"E194","v":{"v":1233,"d":"1233.00"}},{"$f":"E194","v":{"v":1233,"d":"1233.00"}}]
[null,null,"Centering charges for Lintels Labour charges ",null,{"$f":"'MINI SSR 2024-25'!D58","v":{"v":1720,"d":"1720.00"}},{"$f":"'MINI SSR 2024-25'!E58","v":{"v":1892,"d":"1892.00"}},{"$f":"'MINI SSR 2024-25'!F58","v":{"v":2064,"d":"2064.00"}}]
[null,null,"Add Lift Charges @ 10%, 20% on Labour charges B",null,null,{"$f":"ROUND((G177+G178+G179+F195)*0.1,2)","v":491.4},{"$f":"ROUND((G177+G178+G179+G195)*0.2,2)","v":1017.19}]
[null,null,"Contract Profit @ 13.615%",null,{"$f":"ROUND((E193+E194+E195+E196)*$C$3,2)","v":{"v":1535.3,"d":"1535.30"}},{"$f":"ROUND((F193+F194+F195+F196)*$C$3,2)","v":1625.62},{"$f":"ROUND((G193+G194+G195+G196)*$C$3,2)","v":1720.63}]
[{"$nulls":4},{"$f":"SUM(E193:E197)","v":{"v":12811.849999999999,"d":"12811.85"}},{"$f":"SUM(F193:F197)","v":13565.57},{"$f":"SUM(G193:G197)","v":{"v":14358.369999999999,"d":"14358.37"}}]
[8,"BLD-CSTN-2-13-C","Reinforced Cement Concrete  M-20 Nominal mix (Cement: Fine aggregates: Coarse aggregates) corresponding Table 9 of IS 456 using 20mm size graded machine crushed hard granite metal (coarse aggregate) from approved quarry including cost and conveyance of all materials like Cement, fine aggregate( Sand), coarse aggregate, water etc to site and including sales and other taxes on all marerilas including all operational, incidental and labour charges suxh as machine mixing, laying concrete, curing etc complete but excluding cost of steel and its fabrication charges for finished item of work, but excluding centering, shttering "]
[null,null,"Roof Slabs and Beams"]
[null,null,"A. Materials"]
[null,null,"20mm HBG Machine Crushed Chips","cum",{"v":0.9,"d":"0.90"},{"$f":"'lead 24-25'!L18","v":{"v":2589.8499999999985,"d":"2589.85"}},{"$f":"ROUND(E202*F202,2)","v":2330.87}]
[null,null,"Sand for Concrete ","cum",0.45,{"$f":"'lead 24-25'!L14","v":{"v":1013.4699999999982,"d":"1013.47"}},{"$f":"ROUND(E203*F203,2)","v":456.06}]
[null,null,"Cement  ","Kg",{"$f":"E175","v":{"v":330,"d":"330.00"}},{"$f":"'lead 24-25'!L8","v":{"v":4218.8,"d":"4218.80"}},{"$f":"ROUND(E204*F204/1000,2)","v":{"v":1392.2,"d":"1392.20"}}]
[null,null,"B. Labour"]
[null,null,"Mason 1st class","day",0.067,{"$f":"'MINI SSR 2024-25'!$H$3","v":{"v":710,"d":"710.00"}},{"$f":"ROUND(E206*F206,2)","v":47.57},{"$nulls":3},{"$f":"G206","v":47.57}]
[null,null,"Mason 2nd class","day",0.133,{"$f":"'MINI SSR 2024-25'!$H$4","v":{"v":640,"d":"640.00"}},{"$f":"ROUND(E207*F207,2)","v":85.12},{"$nulls":3},{"$f":"G207","v":85.12}]
[null,null,"Mazdoor (both Men and Women)","day",{"v":2.5,"d":"2.500"},{"$f":"'MINI SSR 2024-25'!$H$5","v":{"v":595,"d":"595.00"}},{"$f":"ROUND(E208*F208,2)","v":{"v":1487.5,"d":"1487.50"}},{"$nulls":3},{"$f":"G208","v":{"v":1487.5,"d":"1487.50"}}]
[null,null,"B. Machinery"]
[null,null,"Concrete mixer 10/7 cft (0.2/0.8cum) capacity","hour",0.267,{"$f":"'MINI SSR 2024-25'!$C$30","v":708.08},{"$f":"ROUND(E210*F210,2)","v":189.06}]
[null,null,"Needle Vibrator 40mm (Petrole)","hour",0.267,{"$f":"'MINI SSR 2024-25'!$C$31","v":288.39},{"$f":"ROUND(E211*F211,2)","v":{"v":77,"d":"77.00"}}]
[null,null,"water (including for curing)","kl",{"v":1.2,"d":"1.20"},{"$f":"'MINI SSR 2024-25'!$C$29","v":{"v":105,"d":"105.00"}},{"$f":"ROUND(E212*F212,2)","v":{"v":126,"d":"126.00"}}]
[null,null,"Basic Cost for 1.00 Cum",{"$nulls":3},{"$f":"SUM(G202:G212)","v":6191.38},{"$nulls":3},{"$f":"SUM(K206:K212)","v":1620.19}]
[{"$nulls":4},"GF","FF","SF"]
[null,null,"Roof Beams Basic Rate 1.00 Cum",null,{"$f":"G213","v":6191.38},{"$f":"G213","v":6191.38},{"$f":"G213","v":6191.38}]
[null,null,"Centering charges for Beams material hire charges ",null,{"$f":"'MINI SSR 2024-25'!C60","v":{"v":2179,"d":"2179.00"}},{"$f":"E216","v":{"v":2179,"d":"2179.00"}},{"$f":"E216","v":{"v":2179,"d":"2179.00"}}]
[null,null,"Centering charges for Beams Labour charges ",null,{"$f":"'MINI SSR 2024-25'!D60","v":{"v":2027,"d":"2027.00"}},{"$f":"'MINI SSR 2024-25'!E60","v":{"v":2230,"d":"2230.00"}},{"$f":"'MINI SSR 2024-25'!F60","v":{"v":2432,"d":"2432.00"}}]
[null,null,"Add Lift Charges @ 10%, 20% on Labour charges B",null,null,{"$f":"ROUND((G206+G207+G208+F217)*0.1,2)","v":385.02},{"$f":"ROUND((G206+G207+G208+G217)*0.2,2)","v":810.44}]
[null,null,"Contract Profit @ 13.615%",null,{"$f":"ROUND((E215+E216+E217+E218)*$C$3,2)","v":{"v":1415.6,"d":"1415.60"}},{"$f":"ROUND((F215+F216+F217+F218)*$C$3,2)","v":1495.66},{"$f":"ROUND((G215+G216+G217+G218)*$C$3,2)","v":1581.09}]
[null,null,"1.00 Cum",null,{"$f":"SUM(E215:E219)","v":{"v":11812.980000000001,"d":"11812.98"}},{"$f":"SUM(F215:F219)","v":{"v":12481.060000000001,"d":"12481.06"}},{"$f":"SUM(G215:G219)","v":{"v":13193.910000000002,"d":"13193.91"}}]
[{"$nulls":4},"GF","FF","SF"]
[null,null,"Roof Slabs 100mm Basic Rate 1sqm",null,{"$f":"G213","v":6191.38},{"$f":"G213","v":6191.38},{"$f":"G213","v":6191.38}]
[null,null,"Roof Slabs 100mm Basic Rate 1sqm",{"v":0.1,"d":"0.10"},{"$f":"ROUND(E222*0.1,2)","v":619.14},{"$f":"ROUND(F222*0.1,2)","v":619.14},{"$f":"ROUND(G222*0.1,2)","v":619.14}]
[null,null,"Centering charges for Roof Slab material hire charges ",null,{"$f":"'MINI SSR 2024-25'!C61","v":{"v":247,"d":"247.00"}},{"$f":"E224","v":{"v":247,"d":"247.00"}},{"$f":"E224","v":{"v":247,"d":"247.00"}}]
[null,null,"Centering charges for Roof Slab Labour charges ",null,{"$f":"'MINI SSR 2024-25'!D61","v":{"v":241,"d":"241.00"}},{"$f":"'MINI SSR 2024-25'!E61","v":{"v":265,"d":"265.00"}},{"$f":"'MINI SSR 2024-25'!F61","v":{"v":289,"d":"289.00"}}]
[null,null,"Add Lift Charges @ 10%, 20% on Labour charges  B",null,null,{"$f":"ROUND(((G206+G207+G208+F225)*0.1),2)","v":188.52},{"$f":"ROUND(((G206+G207+G208+G225)*0.1),2)","v":190.92}]
[null,null,"Contract Profit @ 13.615%",null,{"v":0,"d":"0.00"},{"v":0,"d":"0.00"},{"v":0,"d":"0.00"}]
[null,null,"1.00 Sqm",null,{"$f":"SUM(E223:E226)","v":{"v":1107.1399999999999,"d":"1107.14"}},{"$f":"SUM(F223:F226)","v":{"v":1319.6599999999999,"d":"1319.66"}},{"$f":"SUM(G223:G226)","v":1346.06}]
[{"$nulls":4},"GF","FF","SF"]
[null,null,"Roof Slabs 125mm Basic Rate 1sqm",null,{"$f":"G213","v":6191.38},{"$f":"G213","v":6191.38},{"$f":"G213","v":6191.38}]
[null,null,"Roof Slabs 125mm Basic Rate 1sqm",0.125,{"$f":"ROUND(E230*0.125,2)","v":773.92},{"$f":"ROUND(F230*0.125,2)","v":773.92},{"$f":"ROUND(G230*0.125,2)","v":773.92}]
[null,null,"Centering charges for Roof Slab material hire charges ",null,{"$f":"'MINI SSR 2024-25'!C61","v":{"v":247,"d":"247.00"}},{"$f":"E232","v":{"v":247,"d":"247.00"}},{"$f":"E232","v":{"v":247,"d":"247.00"}}]
[null,null,"Centering charges for Roof Slab Labour charges ",null,{"$f":"'MINI SSR 2024-25'!D61","v":{"v":241,"d":"241.00"}},{"$f":"'MINI SSR 2024-25'!E61","v":{"v":265,"d":"265.00"}},{"$f":"'MINI SSR 2024-25'!F61","v":{"v":289,"d":"289.00"}}]
[null,null,"Add Lift Charges @ 10%, 20% on Labour charges  B",null,null,{"$f":"ROUND(((G206+G207+G208+F233)*0.1),2)","v":188.52},{"$f":"ROUND(((G206+G207+G208+G233)*0.1),2)","v":190.92}]
[null,null,"Contract Profit @ 13.615%",null,{"$f":"ROUND((E231+E232+E233+E234)*$C$3,2)","v":171.81},{"$f":"ROUND((F231+F232+F233+F234)*$C$3,2)","v":200.75},{"$f":"ROUND((G231+G232+G233+G234)*$C$3,2)","v":204.34}]
[null,null,"1.00 Sqm",null,{"$f":"SUM(E231:E235)","v":1433.73},{"$f":"SUM(F231:F235)","v":1675.19},{"$f":"SUM(G231:G235)","v":1705.18}]
[{"$nulls":4},"GF","FF","SF"]
[null,null,"Roof Slabs 150mm Basic Rate 1sqm",null,{"$f":"G213","v":6191.38},{"$f":"G213","v":6191.38},{"$f":"G213","v":6191.38}]
[null,null,"Roof Slabs 125mm Basic Rate 1sqm",0.15,{"$f":"ROUND(E238*0.15,2)","v":928.71},{"$f":"ROUND(F238*0.15,2)","v":928.71},{"$f":"ROUND(G238*0.15,2)","v":928.71}]
[null,null,"Centering charges for Roof Slab material hire charges ",null,{"$f":"'MINI SSR 2024-25'!C61","v":{"v":247,"d":"247.00"}},{"$f":"E240","v":{"v":247,"d":"247.00"}},{"$f":"E240","v":{"v":247,"d":"247.00"}}]
[null,null,"Centering charges for Roof Slab Labour charges ",null,{"$f":"'MINI SSR 2024-25'!D61","v":{"v":241,"d":"241.00"}},{"$f":"'MINI SSR 2024-25'!E61","v":{"v":265,"d":"265.00"}},{"$f":"'MINI SSR 2024-25'!F61","v":{"v":289,"d":"289.00"}}]
[null,null,"Add Lift Charges @ 10%, 20% on Labour charges  B",null,null,{"$f":"ROUND(((G206+G207+G208+F241)*0.15)*0.1,2)","v":28.28},{"$f":"ROUND(((G206+G207+G208+G241)*0.15)*0.1,2)","v":28.64}]
[null,null,"Contract Profit @ 13.615%",null,{"v":0,"d":"0.00"},{"v":0,"d":"0.00"},{"v":0,"d":"0.00"}]
[null,null,"1.00 Sqm",null,{"$f":"SUM(E239:E243)","v":1416.71},{"$f":"SUM(F239:F243)","v":1468.99},{"$f":"SUM(G239:G243)","v":{"v":1493.3500000000001,"d":"1493.35"}}]
[]
[null,null,"Waist Slab 175mm Basic Rate 1sqm",null,{"$f":"G213","v":6191.38},{"$f":"G213","v":6191.38},{"$f":"G213","v":6191.38}]
[null,null,"Roof Slabs 125mm Basic Rate 1sqm",0.175,{"$f":"ROUND(E246*0.175,2)","v":1083.49},{"$f":"ROUND(F246*0.175,2)","v":1083.49},{"$f":"ROUND(G246*0.175,2)","v":1083.49}]
[null,null,"Centering charges for Waist Slab material hire charges ",null,{"$f":"'MINI SSR 2024-25'!C62","v":{"v":254,"d":"254.00"}},{"$f":"E248","v":{"v":254,"d":"254.00"}},{"$f":"E248","v":{"v":254,"d":"254.00"}}]
[null,null,"Centering charges for Waist Slab Labour charges ",null,{"$f":"'MINI SSR 2024-25'!D62","v":{"v":248,"d":"248.00"}},{"$f":"'MINI SSR 2024-25'!E62","v":{"v":273,"d":"273.00"}},{"$f":"'MINI SSR 2024-25'!F62","v":{"v":298,"d":"298.00"}}]
[null,null,"Add Lift Charges @ 10%, 20% on Labour charges  B",null,null,{"$f":"ROUND(((G206+G207+G208+F249)*0.175)*0.1,2)","v":33.13},{"$f":"ROUND(((G206+G207+G208+G249)*0.175)*0.1,2)","v":33.57}]
[null,null,"Contract Profit @ 13.615%",null,{"v":0,"d":"0.00"},{"v":0,"d":"0.00"},{"v":0,"d":"0.00"}]
[null,null,"1.00 Sqm",null,{"$f":"SUM(E247:E251)","v":1585.49},{"$f":"SUM(F247:F251)","v":{"v":1643.6200000000001,"d":"1643.62"}},{"$f":"SUM(G247:G251)","v":1669.06}]
[null,null,"Chajjas of 0.50M width with 2\" thick",null,"GF","FF","SF"]
[null,null,"Basic Rate Chajja 1.00 Cum",null,{"$f":"G213","v":6191.38},{"$f":"E254","v":6191.38},{"$f":"F254","v":6191.38}]
[null,null,"2.0M X 0.5M X 0.05M = 0.05Cum / 1.00 Sqm",{"v":0.05,"d":"0.0500"},{"$f":"ROUND(E254*D255,2)","v":309.57},{"$f":"ROUND(F254*D255,2)","v":309.57},{"$f":"ROUND(G254*D255,2)","v":309.57}]
[null,null,"Centering charges for Chajja material hire charges ","sqm",{"$f":"'MINI SSR 2024-25'!C59","v":{"v":243,"d":"243.00"}},{"$f":"E256","v":{"v":243,"d":"243.00"}},{"$f":"F256","v":{"v":243,"d":"243.00"}}]
[null,null,"Centering charges for Chajja Labour charges ","sqm",{"$f":"'MINI SSR 2024-25'!D59","v":{"v":264,"d":"264.00"}},{"$f":"'MINI SSR 2024-25'!E59","v":{"v":290,"d":"290.00"}},{"$f":"'MINI SSR 2024-25'!F59","v":{"v":317,"d":"317.00"}}]
[null,null,"Add Lift Charges @ 10%, 20% on Labour charges on B",null,null,{"$f":"ROUND(((G206+G207+G208+F257))*0.1,2)","v":191.02},{"$f":"ROUND(((G206+G207+G208+G257))*0.1,2)","v":193.72}]
[null,null,"Contract Profit @ 13.615%",null,{"v":0,"d":"0.00"},{"v":0,"d":"0.00"},{"v":0,"d":"0.00"}]
[null,null," 1.00 Sqm",null,{"$f":"SUM(E255:E259)","v":{"v":816.5699999999999,"d":"816.57"}},{"$f":"SUM(F255:F259)","v":1033.59},{"$f":"SUM(G255:G259)","v":1063.29}]
[null,null,"Sunshades of 0.60M width with 3\" & 2\" thick"]
[{"$nulls":4},"GF","FF","SF"]
[null,null,"Basic Rate Sunshade 1.00 Cum",null,{"$f":"E254","v":6191.38},{"$f":"F254","v":6191.38},{"$f":"G254","v":6191.38}]
[null,null,"1.0MX0.6MX(0.075+0.05)2 = 0.0375Cum/1M",0.0375,{"$f":"ROUND(E263*0.0375,2)","v":232.18},{"$f":"ROUND(F263*0.0375,2)","v":232.18},{"$f":"ROUND(G263*0.0375,2)","v":232.18}]
[null,null,"Centering charges SS material hire charges ",null,{"$f":"'MINI SSR 2024-25'!C59","v":{"v":243,"d":"243.00"}},{"$f":"E265","v":{"v":243,"d":"243.00"}},{"$f":"F265","v":{"v":243,"d":"243.00"}}]
[null,null,"Centering charges SS Labour charges ",null,{"$f":"'MINI SSR 2024-25'!D59","v":{"v":264,"d":"264.00"}},{"$f":"'MINI SSR 2024-25'!E59","v":{"v":290,"d":"290.00"}},{"$f":"'MINI SSR 2024-25'!F59","v":{"v":317,"d":"317.00"}}]
[null,null,"Add Lift Charges @ 10%, 20% on Labour charges on B",null,null,{"$f":"ROUND(((G206+G207+G208+F266))*0.1,2)","v":191.02},{"$f":"ROUND(((G206+G207+G208+G266))*0.1,2)","v":193.72}]
[null,null,"Contract Profit @ 13.615%",null,{"$f":"ROUND((E264+E265+E266+E267)*$C$3,2)","v":100.64},{"$f":"ROUND((F264+F265+F266+F267)*$C$3,2)","v":130.19},{"$f":"ROUND((G264+G265+G266+G267)*$C$3,2)","v":134.23}]
[null,null," 1.00 RM",null,{"$f":"SUM(E264:E268)","v":839.82},{"$f":"SUM(F264:F268)","v":1086.39},{"$f":"SUM(G264:G268)","v":1120.13}]
[17,"BLD-CSTN-2-13-C","Reinforced Cement Concrete  M 20 nominal mix using 12mm size hard granite machine crushed graded metal (coarse aggregate - as per IS 383 - 1970 and IS 2386 Part 1 to Part 8) from approved quarry, using a minimum quantity of 350 kgs. of cement per 1 cum of concrete using concrete Mixer 10 / 7 cft (0.2 / 0.8 cum) capacity including cost and conveyance of  all materials  like cement,  fine aggregate (Sand), coarse aggregate, water etc., to site including centering, shuttering, labour charges such as weigh batching, machine mixing, hire charges of concrete mixer, laying concrete, lift charges, curing etc.,   for finished item of work (APSS No. 402 & 403) "]
[null,null,"for  platforms and shelves.  "]
[null,null,"A. Materials"]
[null,null,"20mm HBG Machine Crushed Chips","cum",{"v":0.9,"d":"0.90"},{"$f":"'lead 24-25'!L18","v":{"v":2589.8499999999985,"d":"2589.85"}},{"$f":"ROUND(E273*F273,2)","v":2330.87}]
[null,null,"Sand for Concrete ","cum",0.45,{"$f":"'lead 24-25'!L14","v":{"v":1013.4699999999982,"d":"1013.47"}},{"$f":"ROUND(E274*F274,2)","v":456.06}]
[null,null,"Cement  ","Kg",{"$f":"E204","v":{"v":330,"d":"330.00"}},{"$f":"'lead 24-25'!L8","v":{"v":4218.8,"d":"4218.80"}},{"$f":"ROUND(E275*F275/1000,2)","v":{"v":1392.2,"d":"1392.20"}}]
[null,null,"B. Labour"]
[null,null,"Mason 1st class","day",0.067,{"$f":"'MINI SSR 2024-25'!$H$3","v":{"v":710,"d":"710.00"}},{"$f":"ROUND(E277*F277,2)","v":47.57},{"$nulls":3},{"$f":"G277","v":47.57}]
[null,null,"Mason 2nd class","day",0.133,{"$f":"'MINI SSR 2024-25'!$H$4","v":{"v":640,"d":"640.00"}},{"$f":"ROUND(E278*F278,2)","v":85.12},{"$nulls":3},{"$f":"G278","v":85.12}]
[null,null,"Mazdoor (both Men and Women)","day",{"v":2.5,"d":"2.500"},{"$f":"'MINI SSR 2024-25'!$H$5","v":{"v":595,"d":"595.00"}},{"$f":"ROUND(E279*F279,2)","v":{"v":1487.5,"d":"1487.50"}},{"$nulls":3},{"$f":"G279","v":{"v":1487.5,"d":"1487.50"}}]
[null,null,"B. Machinery"]
[null,null,"Concrete mixer 10/7 cft (0.2/0.8cum) capacity","hour",0.267,{"$f":"'MINI SSR 2024-25'!$C$30","v":708.08},{"$f":"ROUND(E281*F281,2)","v":189.06}]
[null,null,"water (including for curing)","kl",{"v":1.2,"d":"1.20"},{"$f":"'MINI SSR 2024-25'!$C$29","v":{"v":105,"d":"105.00"}},{"$f":"ROUND(E282*F282,2)","v":{"v":126,"d":"126.00"}}]
[null,null,"Basic Cost for 1.00 Cum",{"$nulls":3},{"$f":"SUM(G273:G282)+0.01","v":6114.39},{"$nulls":3},{"$f":"SUM(K277:K282)","v":1620.19}]
[{"$nulls":4},"GF","FF","SF"]
[null,null,"50mm thick platforms / lofts: 1sqm",null,{"$f":"G283","v":6114.39},{"$f":"G283","v":6114.39},{"$f":"G283","v":6114.39}]
[null,null,"Roof Slabs 50mm Basic Rate 1sqm",0.05,{"$f":"ROUND(E285*D286,2)","v":305.72},{"$f":"ROUND(F285*D286,2)","v":305.72},{"$f":"ROUND(G285*D286,2)","v":305.72}]
[null,null,"Hire charges of centering and scaffolding \n(50% of roof slab) ",null,{"$f":"E224*50%","v":{"v":123.5,"d":"123.50"}},{"$f":"E287","v":{"v":123.5,"d":"123.50"}},{"$f":"E287","v":{"v":123.5,"d":"123.50"}}]
[null,null,"Centering charges for Roof Slab Labour charges  (50% of roof slab) ",null,{"$f":"E225*50%","v":{"v":120.5,"d":"120.50"}},{"$f":"F225*50%","v":{"v":132.5,"d":"132.50"}},{"$f":"G225*50%","v":{"v":144.5,"d":"144.50"}}]
[null,null,"Add Lift Charges @ 10%, 20% on Labour charges  B",null,null,{"$f":"ROUND(((G277+G278+G279+F288)*0.1),2)","v":175.27},{"$f":"ROUND(((G277+G278+G279+G288)*0.2),2)","v":352.94}]
[null,null,"Contract Profit @ 13.615%",null,{"$f":"ROUND(SUM(E286:E289)*13.615%,2)","v":74.84},{"$f":"ROUND(SUM(F286:F289)*13.615%,2)","v":100.34},{"$f":"ROUND(SUM(G286:G289)*13.615%,2)","v":126.16}]
[null,null,"1.00 Sqm",null,{"$f":"SUM(E286:E290)","v":{"v":624.5600000000001,"d":"624.56"}},{"$f":"SUM(F286:F290)","v":837.33},{"$f":"SUM(G286:G290)","v":{"v":1052.8200000000002,"d":"1052.82"}}]
[{"$nulls":4},"GF","FF","SF"]
[null,null,"25mm thick platforms / lofts: 1sqm",null,{"$f":"G283","v":6114.39},{"$f":"E293","v":6114.39},{"$f":"F293","v":6114.39}]
[null,null,"Roof Slabs 50mm Basic Rate 1sqm",0.025,{"$f":"ROUND(E293*D294,2)","v":152.86},{"$f":"ROUND(F293*D294,2)","v":152.86},{"$f":"ROUND(G293*D294,2)","v":152.86}]
[null,null,"Hire charges of centering and scaffolding \n(50% of roof slab) ",null,{"$f":"E232*50%","v":{"v":123.5,"d":"123.50"}},{"$f":"E295","v":{"v":123.5,"d":"123.50"}},{"$f":"E295","v":{"v":123.5,"d":"123.50"}}]
[null,null,"Centering charges for Roof Slab Labour charges  (50% of roof slab) ",null,{"$f":"E233*50%","v":{"v":120.5,"d":"120.50"}},{"$f":"F233*50%","v":{"v":132.5,"d":"132.50"}},{"$f":"G233*50%","v":{"v":144.5,"d":"144.50"}}]
[null,null,"Add Lift Charges @ 10%, 20% on Labour charges  B",null,null,{"$f":"ROUND(((G277+G278+G279+F296)*0.1),2)","v":175.27},{"$f":"ROUND(((G277+G278+G279+G296)*0.1),2)","v":176.47}]
[null,null,"Contract Profit @ 13.615%",null,{"$f":"ROUND(SUM(E294:E297)*13.615%,2)","v":54.03},{"$f":"ROUND(SUM(F294:F297)*13.615%,2)","v":79.53},{"$f":"ROUND(SUM(G294:G297)*13.615%,2)","v":81.33}]
[null,null,"1.00 Sqm",null,{"$f":"SUM(E294:E298)","v":450.89},{"$f":"SUM(F294:F298)","v":663.66},{"$f":"SUM(G294:G298)","v":{"v":678.6600000000001,"d":"678.66"}}]
[2,null,"Plain Cement Concrete  M-20 Nominal mix (Cement: Sand: Metal) corresponding Table 9 of IS 456 using 20mm size  machine crushed hard granite metal from approved quarry including c/c of all materials like Cement, Sand, coarse aggregate, water etc to site, all marerials including labour charges such as machine mixing, laying concrete, curing etc complete but excluding cost of steel and its fabrication charges for finished item of work "]
[null,null,"Steps"]
[null,null,"A. Materials"]
[null,null,"20mm HBG Machine chips","cum",{"v":0.9,"d":"0.90"},{"$f":"'lead 24-25'!L18","v":{"v":2589.8499999999985,"d":"2589.85"}},{"$f":"ROUND(E303*F303,2)","v":2330.87}]
[null,null,"Sand for Concrete ","cum",0.45,{"$f":"F203","v":{"v":1013.4699999999982,"d":"1013.47"}},{"$f":"ROUND(E304*F304,2)","v":456.06}]
[null,null,"Cement  ","Kg",{"$f":"E275","v":{"v":330,"d":"330.00"}},{"$f":"F204","v":{"v":4218.8,"d":"4218.80"}},{"$f":"ROUND(E305*F305/1000,2)","v":{"v":1392.2,"d":"1392.20"}}]
[null,null,"B. Labour"]
[null,null,"Mason 1st class","day",{"v":0.1,"d":"0.100"},{"$f":"'MINI SSR 2024-25'!$H$3","v":{"v":710,"d":"710.00"}},{"$f":"ROUND(E307*F307,2)","v":{"v":71,"d":"71.00"}},{"$nulls":3},{"$f":"G307","v":{"v":71,"d":"71.00"}}]
[null,null,"Mason 2nd class","day",{"v":1.39,"d":"1.390"},{"$f":"'MINI SSR 2024-25'!$H$4","v":{"v":640,"d":"640.00"}},{"$f":"ROUND(E308*F308,2)","v":{"v":889.6,"d":"889.60"}},{"$nulls":3},{"$f":"G308","v":{"v":889.6,"d":"889.60"}}]
[null,null,"B. Machinery"]
[null,null,"Concrete mixer 10/7 cft (0.2/0.8cum) capacity","hour",0.308,{"$f":"'MINI SSR 2024-25'!$C$30","v":708.08},{"$f":"ROUND(E310*F310,2)","v":218.09}]
[null,null,"Needle Vibrator 40mm (Petrole)","hour",0.308,{"$f":"'MINI SSR 2024-25'!$C$31","v":288.39},{"$f":"ROUND(E311*F311,2)","v":88.82}]
[null,null,"water (including for curing)","kl",{"v":1.2,"d":"1.20"},{"$f":"'MINI SSR 2024-25'!$C$29","v":{"v":105,"d":"105.00"}},{"$f":"ROUND(E312*F312,2)","v":{"v":126,"d":"126.00"}}]
[null,null,"Basic Cost for 1.00 Cum",{"$nulls":3},{"$f":"SUM(G303:G312)","v":5572.64},{"$nulls":3},{"$f":"SUM(K307:K312)","v":{"v":960.6,"d":"960.60"}}]
[{"$nulls":4},"GF","FF","FF"]
[null,null,"For Steps Basic Rate 1.00 Cum",null,{"$f":"G313","v":5572.64},{"$f":"G313","v":5572.64},{"$f":"F315","v":5572.64}]
[null,null,"Centering charges for bed block material hire charges ",null,{"$f":"'MINI SSR 2024-25'!C53","v":{"v":67,"d":"67.00"}},{"$f":"E316","v":{"v":67,"d":"67.00"}},{"$f":"F316","v":{"v":67,"d":"67.00"}}]
[null,null,"Centering charges for bed block Labour charges ",null,{"$f":"'MINI SSR 2024-25'!D53","v":{"v":363,"d":"363.00"}},{"$f":"E317","v":{"v":363,"d":"363.00"}},{"$f":"F317","v":{"v":363,"d":"363.00"}}]
[null,null,"Add Lift Charges @ 10%, 20% on Labour charges B",null,null,{"$f":"ROUND((G307+G308+F317)*0.1,2)","v":132.36},{"$f":"ROUND((G307+G308+G317)*0.1,2)","v":132.36}]
[null,null,"Contract Profit @ 13.615%",null,{"$f":"ROUND(SUM(E315:E318)*13.615%,2)","v":817.26},{"$f":"ROUND(SUM(F315:F318)*13.615%,2)","v":835.28},{"$f":"ROUND(SUM(G315:G318)*13.615%,2)","v":835.28}]
[null,null,"1.00 Cum",null,{"$f":"SUM(E315:E319)","v":{"v":6819.900000000001,"d":"6819.90"}},{"$f":"SUM(F315:F319)","v":6970.28},{"$f":"SUM(G315:G319)","v":6970.28}]
[9,"BLD-CSTN-    2-18\nAmendment ","Supplying, fitting & placing HYSD bar reinforcement in foundation complete as per drawings and  technical Specifications including labour charges for cutting, bending to required sizes and shapes, placing in position and tying with binding wire, forming grills for reinforcement work including cost and conveyance of steel bars below 36mm dia including overlaps and wastage, where they are not welded"]
[null,null,"Unit = tonne"]
[null,null,"Taking Output 1.000 tonne"]
[null,"a)","Material"]
[null,null,"HYSD Bars including 5% for overlaps & wastage","t",{"v":1.05,"d":"1.050"},{"$f":"'lead 24-25'!L10","v":{"v":58000,"d":"58000.00"}},{"$f":"ROUND(E325*F325,2)","v":{"v":60900,"d":"60900.00"}}]
[null,null,"Binding wire","Kg",{"v":6,"d":"6.00"},{"$f":"'MINI SSR 2024-25'!C32","v":{"v":64,"d":"64.00"}},{"$f":"ROUND(E326*F326,2)","v":{"v":384,"d":"384.00"}}]
[null,"b)","Labour for cutting, bending, shifting to site, tying and placing in position"]
[null,null,"Bar bender  ","day",{"v":10,"d":"10.00"},{"$f":"'MINI SSR 2024-25'!H6","v":{"v":850,"d":"850.00"}},{"$f":"ROUND(E328*F328,2)","v":{"v":8500,"d":"8500.00"}},{"$nulls":3},{"$f":"G328","v":{"v":8500,"d":"8500.00"}}]
[null,null,"Mazdoor (Un-Skilled)","day",{"v":10,"d":"10.00"},{"$f":"'MINI SSR 2024-25'!$H$5","v":{"v":595,"d":"595.00"}},{"$f":"ROUND(E329*F329,2)","v":{"v":5950,"d":"5950.00"}},{"$nulls":3},{"$f":"G329","v":{"v":5950,"d":"5950.00"}}]
[null,null,"Rate per 1.000 tonne",{"$nulls":3},{"$f":"SUM(G325:G329)","v":{"v":75734,"d":"75734.00"}},{"$nulls":3},{"$f":"SUM(K328:K329)","v":{"v":14450,"d":"14450.00"}}]
[{"$nulls":4},"GF","FF","SF"]
[null,null,"Basic Rate ",null,{"$f":"G330","v":{"v":75734,"d":"75734.00"}},{"$f":"E332","v":{"v":75734,"d":"75734.00"}},{"$f":"F332","v":{"v":75734,"d":"75734.00"}}]
[null,null,"Add Lift Charges @ 10%, 20% on Labour charges B",null,null,{"$f":"ROUND((G328+G329)*10%,2)","v":{"v":1445,"d":"1445.00"}},{"$f":"ROUND((G328+G329)*20%,2)","v":{"v":2890,"d":"2890.00"}}]
[null,null,"Contract Profit @ 13.615%",null,{"$f":"ROUND((E332+E333)*$C$3,2)","v":10311.18},{"$f":"ROUND((F332+F333)*$C$3,2)","v":10507.92},{"$f":"ROUND((G332+G333)*$C$3,2)","v":10704.66}]
[null,null,"Rate per 1.00 MT",null,{"$f":"SUM(E332:E334)","v":86045.18},{"$f":"SUM(F332:F334)","v":87686.92},{"$f":"SUM(G332:G334)","v":89328.66}]
[20,"Amendment ofasper Building SSR 2011-12","Providing  Mild Steel (MS) steel bars  of different diameters for RCC works , including labour charges for straightening, cutting, bending to required sizes and shapes, placing in position with cover blocks of approved materials and size and tying and welding using electrodes, forming grills for reinforcement work as per approved designs and drawings, including cost and conveyance of steel bars, including all wastages such as overlaps, couplings, welding, chairs, spacer bars including cost and conveyance of binding wire, cover blocks and all incidental, operational, labour charges such as cutting, bending, placing in position, welding including sales and other taxes on all materials etc., complete for finished item of work."]
[null,null,"Unit = t"]
[null,null,"(a) Material"]
[null,null,"HYSD/ TMT/ MS bars including 2.5 per cent for wastage","t",1.025,{"$f":"'lead 24-25'!L11","v":{"v":60000,"d":"60000.00"}},{"$f":"ROUND(F339*E339,2)","v":{"v":61500,"d":"61500.00"}}]
[null,null,"Welding Electrodes @ 5 per joint (14 joints / ton)","each",{"v":70,"d":"70.000"},{"$f":"'MINI SSR 2024-25'!C33","v":{"v":17,"d":"17.00"}},{"v":1190,"d":"1190.00"}]
[null,null,"Binding wire ( MATERIAL & WORK ITEM\nRATES S.No.173)","kg",{"v":3,"d":"3.000"},{"$f":"'MINI SSR 2024-25'!C32","v":{"v":64,"d":"64.00"}},{"v":192,"d":"192.00"}]
[null,null,"(b) Labour for cutting, bending, shifting to site, tying and placing in position"]
[null,null,"Welder","day",{"v":2.5,"d":"2.500"},{"$f":"'MINI SSR 2024-25'!H10","v":{"v":695,"d":"695.00"}},{"$f":"ROUND(F343*E343,2)","v":{"v":1737.5,"d":"1737.50"}}]
[null,null,"Black smith","day",{"v":10,"d":"10.000"},{"$f":"'MINI SSR 2024-25'!H11","v":{"v":670,"d":"670.00"}},{"v":6700,"d":"6700.00"}]
[null,null,"Mazdoor (Unskilled)","day",{"v":10,"d":"10.000"},{"$f":"'MINI SSR 2024-25'!$H$5","v":{"v":595,"d":"595.00"}},{"v":5950,"d":"5950.00"}]
[null,null,"Welding Charges (Hire charges of Welding Machine)","Hr",{"v":10,"d":"10.000"},{"$f":"'MINI SSR 2024-25'!C34","v":118.81},{"v":1188.1,"d":"1188.10"}]
[null,null,"Contract Profit @ 13.615%",{"$nulls":3},{"$f":"ROUND(SUM(G339:G346)*13.615%,2)","v":{"v":10682,"d":"10682.00"}}]
[null,null,"Rate per tonne",{"$nulls":3},{"$f":"SUM(G339:G347)","v":{"v":89139.6,"d":"89139.60"}}]
[null,null,"Rate per Kg",{"$nulls":3},{"$f":"ROUND(G348/1000,2)","v":89.14},{"$f":"G349","v":89.14}]
[11,null,"Supplying  & fixing of Iron Doors and Windows Grills including labour charges for fabricating steel including cost of welding rods, power charges & fixing the grill in position etc complete"]
[null,null,"Unit = Kg"]
[null,"a)","Material"]
[null,null,"Structural steel angles for grills including wastage","Kg",1.025,{"$f":"'lead 24-25'!L11/1000","v":{"v":60,"d":"60.00"}},{"$f":"ROUND(E353*F353,2)","v":{"v":61.5,"d":"61.50"}}]
[null,"b)","Labour charge  fabricating steel grills BMM.V.14","Kg",{"v":1,"d":"1.00"},{"$f":"'MINI SSR 2024-25'!C35","v":{"v":35,"d":"35.00"}},{"$f":"ROUND(E354*F354,2)","v":{"v":35,"d":"35.00"}}]
[null,null,"Labour charg fixing grill in position BMM.V.15","day",{"v":1,"d":"1.00"},{"$f":"'MINI SSR 2024-25'!C36","v":{"v":6,"d":"6.00"}},{"$f":"ROUND(E355*F355,2)","v":{"v":6,"d":"6.00"}}]
[null,null,"Contract Profit @ 13.615%",{"$nulls":3},{"$f":"ROUND(SUM(G353:G355)*13.615%,2)","v":13.96}]
[null,null,"Rate per 1.00 Kg",{"$nulls":3},{"$f":"SUM(G353:G356)","v":{"v":116.46000000000001,"d":"116.46"}}]
[7,null,"Supply and fixing of ornamental grill made of 20mm x 10mm MS flats and MS Grill 8mm x 8mm for fixing in fan light portion and side fixed panels for door cum window as per the approved drawing including cutting the flat to required length, welding, painting with red oxide single coat including cost and conveyance of all materials, labour charges etc., complete for finished otem of work."]
[null,null,"Unit = 2.025 Sqm",2,1.5,{"$f":"ROUND(D359*E359,2)","v":{"v":3,"d":"3.00"}}]
[null,null,"MS Flat  25 x 10 Horizantal",2,1.5,{"$f":"ROUND(D360*E360,2)","v":{"v":3,"d":"3.00"}}]
[null,null,"MS Flat  25 x 10 Verticals",2,1.35,{"$f":"ROUND(D361*E361,2)","v":{"v":2.7,"d":"2.70"}}]
[null,null,"1 RM = 1.96 Kgs",null,null,{"$f":"SUM(F360:F361)","v":{"v":5.7,"d":"5.70"}},{"$f":"ROUND(F362*1.96,2)","v":11.17}]
[null,null,"MS Grill  10 x 10 Verticals",14,1.35,{"$f":"ROUND(D363*E363,2)","v":{"v":18.9,"d":"18.90"}}]
[null,null,"MS Grill  10 x 10 Horizantal",6,1.5,{"$f":"ROUND(D364*E364,2)","v":{"v":9,"d":"9.00"}}]
[null,null,"1 RM = 0.78 Kgs",null,null,{"$f":"SUM(F363:F364)","v":{"v":27.9,"d":"27.90"}},{"$f":"ROUND(F365*0.78,2)","v":21.76}]
[null,"a)","Material"]
[null,null,"Cost of MS flats","Kg",{"$f":"G362","v":{"v":11.17,"d":"11.170"}},{"$f":"'lead 24-25'!L11/1000","v":{"v":60,"d":"60.00"}},{"$f":"ROUND(E367*F367,2)","v":{"v":670.2,"d":"670.20"}}]
[null,null,"Cost of MS Grill","Kg",{"$f":"G365","v":{"v":21.76,"d":"21.760"}},{"$f":"'lead 24-25'!L9/1000","v":{"v":70.8,"d":"70.80"}},{"$f":"ROUND(E368*F368,2)","v":1540.61}]
[null,"b)","Labour charge  fabricating steel grills BMM.V.14","Kg",{"$f":"SUM(E367:E368)","v":32.93},{"$f":"'MINI SSR 2024-25'!C35","v":{"v":35,"d":"35.00"}},{"$f":"ROUND(E369*F369,2)","v":1152.55}]
[null,null,"Labour charg fixing grill in position BMM.V.15","day",{"$f":"E369","v":32.93},{"$f":"'MINI SSR 2024-25'!C36","v":{"v":6,"d":"6.00"}},{"$f":"ROUND(E370*F370,2)","v":197.58}]
[null,null,"Contract Profit @ 13.615%",{"$nulls":3},{"v":0,"d":"0.00"}]
[null,null,"Rate per 2.025 Sqm",{"$nulls":3},{"$f":"SUM(G367:G371)","v":{"v":3560.9399999999996,"d":"3560.94"}}]
[null,null,"Rate per 1.00 Sqm",{"$nulls":3},{"$f":"ROUND(G372/2.025,2)","v":1758.49}]
[23,null,"Supplying  & fixing of MS tubes & Pipes including labour charges for fabricating steel including cost of welding rods, power charges & fixing the grill in position etc complete"]
[null,null,"Unit = Kg"]
[null,"a)","Material"]
[null,null,"MS Tubes and pipes BMT-F.04","Kg",1.025,{"$f":"'MINI SSR 2024-25'!C37","v":{"v":87,"d":"87.00"}},{"$f":"ROUND(E377*F377,2)","v":89.18}]
[null,"b)","Labour charge  fabricating steel grills BMM.V.16","Kg",{"v":1,"d":"1.00"},{"$f":"'MINI SSR 2024-25'!C38","v":{"v":31,"d":"31.00"}},{"$f":"ROUND(E378*F378,2)","v":{"v":31,"d":"31.00"}}]
[null,null,"Labour charg fixing grill in position BMM.V.17","day",{"v":1,"d":"1.00"},{"$f":"'MINI SSR 2024-25'!C39","v":{"v":26,"d":"26.00"}},{"$f":"ROUND(E379*F379,2)","v":{"v":26,"d":"26.00"}}]
[null,null,"Contract Profit @ 13.615%",{"$nulls":3},{"$f":"ROUND(SUM(G377:G379)*13.615%,2)","v":{"v":19.9,"d":"19.90"}}]
[null,null,"Rate per 1.00 Kg",{"$nulls":3},{"$f":"SUM(G377:G380)","v":166.08}]
[3,null,"Supplying and fixing of stainless steel (grade 304) hand railing as per approved drawing with top rail of 50mm dia pipe and 2mm thick medium class and vertical posts of  25mm dia and 1.6mm thick medium class  1 No for each step fixed with base plate of  75mm dia using bonding agent and anchor fastner and welding,  drilling of 25mm dia holes with pneumatic compressor for fixing railing, buffing, polishing all members of the railing  thouroughly  , lacquer finishing to present seamless finish including cost and conveyance of all materials, electrodes, welding charges, cost of all consumables, labour charges , overheads & contractors profit etc., complete for finished item of work."]
[null,null,"Taking output = 4.60 Rm"]
[null,null,"50mm dia SS pipe ( 1 x 4.60)",{"v":4.6,"d":"4.60"},{"v":2.39,"d":"2.390"},{"$f":"ROUND(D384*E384,2)","v":10.99}]
[null,null,"25mm dia SS pipe (8 x 0.90)",{"v":11.7,"d":"11.70"},{"v":0.89,"d":"0.890"},{"$f":"ROUND(D385*E385,2)","v":10.41}]
[{"$nulls":5},{"$f":"SUM(F384:F385)","v":{"v":21.4,"d":"21.40"}}]
[null,null,"Stainless Steel Tubes BMT-F.06","Kg",{"$f":"F386","v":{"v":21.4,"d":"21.400"}},{"$f":"'MINI SSR 2024-25'!C40","v":{"v":462,"d":"462.00"}},{"$f":"ROUND(E387*F387,2)","v":{"v":9886.8,"d":"9886.80"}}]
[null,null,"Labour charge  fabricating stainless steel railing BMM-V.18","Kg",{"$f":"E387","v":{"v":21.4,"d":"21.40"}},{"$f":"'MINI SSR 2024-25'!C41","v":{"v":169,"d":"169.00"}},{"v":3616.6,"d":"3616.60"}]
[null,null,"Drilling of 25mm dia hole(13 x 0.10) BMS-W.76","Rm",{"v":1.3,"d":"1.30"},{"$f":"'MINI SSR 2024-25'!C42","v":{"v":229,"d":"229.00"}},{"v":297.7,"d":"297.70"}]
[null,null,"Base Plate 75mm dia. ","No",{"v":13,"d":"13.00"},{"v":80,"d":"80.00"},{"v":1040,"d":"1040.00"}]
[null,null,"Add for anchor bars","No",{"v":13,"d":"13.00"},{"v":30,"d":"30.00"},{"v":390,"d":"390.00"}]
[null,null,"Add for bonding","No",{"v":13,"d":"13.00"},{"v":15,"d":"15.00"},{"v":195,"d":"195.00"}]
[null,null,"Contract Profit @ 13.615%",{"$nulls":3},{"$f":"ROUND(SUM(G387:G392)*13.615%,2)","v":2100.26}]
[null,null,"Rate per 4.60 Rm",{"$nulls":3},{"$f":"SUM(G387:G393)","v":17526.36}]
[null,null,"Rate per 1.00 Rm",{"$nulls":3},{"$f":"ROUND(G394/4.6,2)","v":3810.08}]
[null,null,"Rate per 1.00 Sqm (Rm Quantity / 0.90)",{"$nulls":3},{"$f":"ROUND(G395/0.9,2)","v":4233.42}]
[25,null,"Supplying and fixing of stainless steel (grade 304) railing for ramp as per approved drawing with top rail of 50mm dia pipe and 2mm thick medium class fixed in to wall with 25mm dia pipe of 0.30m length @ 1m centre to centre and welding, buffing, polishing all members of the railing  thouroughly  , lacquer finishing to present seamless finish including cost and conveyance of all materials, electrodes, welding charges, cost of all consumables, labour charges , overheads & contractors profit etc., complete for finished item of work."]
[null,null,"Taking output = 10.00 Rm"]
[null,null,"50mm dia SS pipe ( 1 x 10.00)",{"v":10,"d":"10.00"},{"v":2.39,"d":"2.390"},{"$f":"ROUND(D399*E399,2)","v":{"v":23.9,"d":"23.90"}}]
[null,null,"25mm dia SS pipe (9 x 0.30)",{"v":2.7,"d":"2.70"},{"v":0.89,"d":"0.890"},{"$f":"ROUND(D400*E400,2)","v":{"v":2.4,"d":"2.40"}}]
[{"$nulls":5},{"$f":"SUM(F399:F400)","v":{"v":26.299999999999997,"d":"26.30"}}]
[null,null,"Stainless Steel Tubes BMT-F.06","Kg",{"$f":"F401","v":{"v":26.299999999999997,"d":"26.300"}},{"$f":"'MINI SSR 2024-25'!C40","v":{"v":462,"d":"462.00"}},{"$f":"ROUND(E402*F402,2)","v":{"v":12150.6,"d":"12150.60"}}]
[null,null,"Labour charge  fabricating stainless steel railing BMM-V.18","Kg",{"$f":"E402","v":{"v":26.299999999999997,"d":"26.30"}},{"$f":"'MINI SSR 2024-25'!C41","v":{"v":169,"d":"169.00"}},{"$f":"ROUND(E403*F403,2)","v":{"v":4444.7,"d":"4444.70"}}]
[null,null,"Drilling of 25mm dia hole(9 x 0.10)","Rm",{"v":0.9,"d":"0.90"},{"$f":"'MINI SSR 2024-25'!C42","v":{"v":229,"d":"229.00"}},{"$f":"ROUND(E404*F404,2)","v":{"v":206.1,"d":"206.10"}}]
[null,null,"Base Plate 25mm dia. ","No",{"v":9,"d":"9.00"},{"v":30,"d":"30.00"},{"$f":"ROUND(E405*F405,2)","v":{"v":270,"d":"270.00"}}]
[null,null,"Rate per 10.00 Rm",{"$nulls":3},{"$f":"SUM(G402:G405)","v":{"v":17071.399999999998,"d":"17071.40"}}]
[null,null,"Rate per 1.00 Rm",{"$nulls":3},{"$f":"ROUND(G406/10,2)","v":1707.14}]
[12,"BLD-CSTN-4-9","Random Rubble mansonary in CM(1:6)  including Cost and Conveyance of all materials and curing charges but excluding unskilled wages etc., complete for finished item of work"]
[null,null,"Unit = 1 Cum"]
[null,null,"A. Materials"]
[null,null,"Cement  ","Kg",{"v":59.4,"d":"59.40"},{"$f":"'lead 24-25'!L8","v":{"v":4218.8,"d":"4218.80"}},{"$f":"ROUND(E411*F411/1000,2)","v":{"v":250.6,"d":"250.60"}}]
[null,null,"Rough stone","cum",1.1,{"$f":"'lead 24-25'!L22","v":{"v":1298.5999999999985,"d":"1298.60"}},{"$f":"ROUND(E412*F412,2)","v":1428.46}]
[null,null,"Fine aggregate (Sand) for Mortor","cum",0.33,{"$f":"'lead 24-25'!L13","v":{"v":1013.4699999999982,"d":"1013.47"}},{"$f":"ROUND(E413*F413,2)","v":334.45}]
[null,null,"B. Labour"]
[null,null,"Mason 1st class","day",{"v":1.2,"d":"1.20"},{"$f":"'MINI SSR 2024-25'!$H$3","v":{"v":710,"d":"710.00"}},{"$f":"ROUND(E415*F415,2)","v":{"v":852,"d":"852.00"}}]
[null,null,"Mazdoor (un-skilled)","day",{"v":2,"d":"2.00"},{"$f":"'MINI SSR 2024-25'!$H$5","v":{"v":595,"d":"595.00"}},{"$f":"ROUND(E416*F416,2)","v":{"v":1190,"d":"1190.00"}}]
[null,null,"Rate per 1.00 Cum",{"$nulls":3},{"$f":"SUM(G411:G416)","v":4055.51}]
[10,"BLD-CSTN-    3-1a (iv)","Brick Masonary for Basement with CM (1:6) proportion using 2nd class traditional bricks of size 23X11X7 cms having minimum crushing strength of 40kg/cm2  including c/c of all materials like Cement, Sand, Bricks, water etc including seigniorage, sales and other taxes on all marerilas including all operational, incidental and labour charges such as mixing cement mortar , Scaffolding charges, etc complete for finished item of work (APSS No 501 & 504)"]
[null,null,"Unit = 1 Cum"]
[null,null,"A. Materials"]
[null,null,"Cement  ","Kg",{"v":48,"d":"48.00"},{"$f":"'lead 24-25'!L8","v":{"v":4218.8,"d":"4218.80"}},{"$f":"ROUND(E421*F421/1000,2)","v":{"v":202.5,"d":"202.50"}}]
[null,null,"Bricks traditional size 23X11X7cms 2nd class","No's",512,{"$f":"'lead 24-25'!L16","v":9406.56},{"$f":"ROUND(E422*F422/1000,2)","v":4816.16}]
[null,null,"Fine aggregate (Sand) for Mortar ","cum",{"v":0.2,"d":"0.20"},{"$f":"'lead 24-25'!L13","v":{"v":1013.4699999999982,"d":"1013.47"}},{"$f":"ROUND(E423*F423,2)","v":202.69}]
[null,null,"B. Labour"]
[null,null,"Mason 1st class","day",0.24,{"$f":"'MINI SSR 2024-25'!$H$3","v":{"v":710,"d":"710.00"}},{"$f":"ROUND(E425*F425,2)","v":{"v":170.4,"d":"170.40"}}]
[null,null,"Mason 2nd class","day",0.56,{"$f":"'MINI SSR 2024-25'!$H$4","v":{"v":640,"d":"640.00"}},{"$f":"ROUND(E426*F426,2)","v":{"v":358.4,"d":"358.40"}}]
[null,null,"Mazdoor (un-skilled)","day",1.89,{"$f":"'MINI SSR 2024-25'!$H$5","v":{"v":595,"d":"595.00"}},{"$f":"ROUND(E427*F427,2)","v":1124.55}]
[null,null,"Rate per 1.00 Cum",{"$nulls":3},{"$f":"SUM(G421:G427)","v":{"v":6874.699999999999,"d":"6874.70"}}]
[{"$nulls":4},"GF","FF","SF"]
[null,null,"Basic Rate for Walls",null,{"$f":"G428","v":{"v":6874.699999999999,"d":"6874.70"}},{"$f":"E430","v":{"v":6874.699999999999,"d":"6874.70"}},{"$f":"F430","v":{"v":6874.699999999999,"d":"6874.70"}}]
[null,null,"scaffolding material hire charge",{"v":4.35,"d":"4.350"},{"$f":"ROUND($D$431*'MINI SSR 2024-25'!E30,2)","v":46.89},{"$f":"E431","v":46.89},{"$f":"F431","v":46.89}]
[null,null,"scaffolding Labour charges",{"v":4.35,"d":"4.350"},{"$f":"ROUND($D$432*'MINI SSR 2024-25'!F30,2)","v":368.1},{"$f":"ROUND($D$432*'MINI SSR 2024-25'!G30,2)","v":527.13},{"$f":"ROUND($D$432*'MINI SSR 2024-25'!H30,2)","v":686.08}]
[null,null,"Add Lift Charges @ 10%, 20% on Labour charges B",null,null,{"$f":"ROUND((G425+G426+G427+F432)*0.1,2)","v":218.05},{"$f":"ROUND((G425+G426+G427+G432)*0.1,2)","v":233.94}]
[null,null,"Contract Profit @ 13.615%",null,{"$f":"ROUND((E430+E431+E432+E433)*$C$3,2)","v":992.49},{"$f":"ROUND((F430+F431+F432+F433)*$C$3,2)","v":1043.83},{"$f":"ROUND((G430+G431+G432+G433)*$C$3,2)","v":1067.64}]
[null,null,"Rate per 1.00 Cum",null,{"$f":"SUM(E430:E434)","v":8282.18},{"$f":"SUM(F430:F434)","v":{"v":8710.599999999999,"d":"8710.60"}},{"$f":"SUM(G430:G434)","v":{"v":8909.249999999998,"d":"8909.25"}}]
[11,"BLD-CSTN-    3-1a (v)","Brick Masonary for Superstructure with CM (1:8) proportion using 2nd class traditional bricks of size 23X11X7 cms having minimum crushing strength of 40kg/cm2  including c/c of all materials like Cement, Sand, Bricks, water etc including seigniorage, sales and other taxes on all marerilas including all operational, incidental and labour charges such as mixing cement mortar , Scaffolding charges, etc complete for finished item of work (APSS No 501 & 504)"]
[null,null,"Unit = 1 Cum"]
[null,null,"A. Materials"]
[null,null,"Cement  ","Kg",{"v":36,"d":"36.00"},{"$f":"'lead 24-25'!L8","v":{"v":4218.8,"d":"4218.80"}},{"$f":"ROUND(E439*F439/1000,2)","v":151.88}]
[null,null,"Bricks traditional size 23X11X7cms 2nd class","No's",512,{"$f":"'lead 24-25'!L16","v":9406.56},{"$f":"ROUND(E440*F440/1000,2)","v":4816.16}]
[null,null,"Fine aggregate (Sand) for Mortar ","cum",{"v":0.2,"d":"0.20"},{"$f":"'lead 24-25'!L13","v":{"v":1013.4699999999982,"d":"1013.47"}},{"$f":"ROUND(E441*F441,2)","v":202.69}]
[null,null,"B. Labour"]
[null,null,"Mason 1st class","day",0.24,{"$f":"'MINI SSR 2024-25'!$H$3","v":{"v":710,"d":"710.00"}},{"$f":"ROUND(E443*F443,2)","v":{"v":170.4,"d":"170.40"}},{"$nulls":3},{"$f":"G443","v":{"v":170.4,"d":"170.40"}}]
[null,null,"Mason 2nd class","day",0.56,{"$f":"'MINI SSR 2024-25'!$H$4","v":{"v":640,"d":"640.00"}},{"$f":"ROUND(E444*F444,2)","v":{"v":358.4,"d":"358.40"}},{"$nulls":3},{"$f":"G444","v":{"v":358.4,"d":"358.40"}}]
[null,null,"Mazdoor (un-skilled)","day",1.89,{"$f":"'MINI SSR 2024-25'!$H$5","v":{"v":595,"d":"595.00"}},{"$f":"ROUND(E445*F445,2)","v":1124.55},{"$nulls":3},{"$f":"G445","v":1124.55}]
[null,null,"Rate per 1.00 Cum",{"$nulls":3},{"$f":"SUM(G439:G445)","v":{"v":6824.079999999999,"d":"6824.08"}},{"$nulls":3},{"$f":"SUM(K443:K445)","v":1653.35}]
[{"$nulls":4},"GF","FF","SF"]
[null,null,"Basic Rate for Walls",null,{"$f":"G446","v":{"v":6824.079999999999,"d":"6824.08"}},{"$f":"E448","v":{"v":6824.079999999999,"d":"6824.08"}},{"$f":"F448","v":{"v":6824.079999999999,"d":"6824.08"}}]
[null,null,"scaffolding material hire charges",{"v":4.35,"d":"4.350"},{"$f":"ROUND($D$449*'MINI SSR 2024-25'!E30,2)","v":46.89},{"$f":"E449","v":46.89},{"$f":"F449","v":46.89}]
[null,null,"scaffolding Labour charges",{"v":4.35,"d":"4.350"},{"$f":"ROUND($D$450*'MINI SSR 2024-25'!F30,2)","v":368.1},{"$f":"ROUND($D$450*'MINI SSR 2024-25'!G30,2)","v":527.13},{"$f":"ROUND($D$450*'MINI SSR 2024-25'!H30,2)","v":686.08}]
[null,null,"Add Lift Charges @ 10%, 20% on Labour charges B",null,null,{"$f":"ROUND((G443+G444+G445+F450)*0.1,2)","v":218.05},{"$f":"ROUND((G443+G444+G445+G450)*0.1,2)","v":233.94}]
[null,null,"Contract Profit @ 13.615%",null,{"$f":"ROUND((E448+E449+E450+E451)*$C$3,2)","v":{"v":985.6,"d":"985.60"}},{"$f":"ROUND((F448+F449+F450+F451)*$C$3,2)","v":1036.94},{"$f":"ROUND((G448+G449+G450+G451)*$C$3,2)","v":1060.74}]
[null,null,"Rate per 1.00 Cum",null,{"$f":"SUM(E448:E452)","v":8224.67},{"$f":"SUM(F448:F452)","v":8653.09},{"$f":"SUM(G448:G452)","v":8851.73}]
[19,"BLD-CSTN-     3-3","11.5 cm wide Brick masonry for super-structure on ground floor in cm (1:3) using second class traditional size bricks including cost of all materials, seigniorage charges, labour and all operations for constructing half brick masonry, mixing cement mortar, curing etc., complete for finished item of work"]
[null,null,"Unit = 1 sqm"]
[null,null,"A. Materials"]
[null,null,"Cement  ","Kg",{"v":106,"d":"106.00"},{"$f":"'lead 24-25'!L8","v":{"v":4218.8,"d":"4218.80"}},{"$f":"ROUND(E457*F457/1000,2)","v":447.19}]
[null,null,"Bricks traditional size 23X11X7cm 2nd class","No's",565,{"$f":"'lead 24-25'!L16","v":9406.56},{"$f":"ROUND(E458*F458/1000,2)","v":5314.71}]
[null,null,"Fine aggregate (Sand) for Mortar ","cum",0.22,{"$f":"'lead 24-25'!L13","v":{"v":1013.4699999999982,"d":"1013.47"}},{"$f":"ROUND(E459*F459,2)","v":222.96}]
[null,null,"B. Labour"]
[null,null,"Mason 1st class","day",{"v":0.6,"d":"0.60"},{"$f":"'MINI SSR 2024-25'!$H$3","v":{"v":710,"d":"710.00"}},{"$f":"ROUND(E461*F461,2)","v":{"v":426,"d":"426.00"}}]
[null,null,"Mason 2nd class","day",{"v":0.6,"d":"0.60"},{"$f":"'MINI SSR 2024-25'!$H$4","v":{"v":640,"d":"640.00"}},{"$f":"ROUND(E462*F462,2)","v":{"v":384,"d":"384.00"}}]
[null,null,"Mazdoor (un-skilled)","day",2.75,{"$f":"'MINI SSR 2024-25'!$H$5","v":{"v":595,"d":"595.00"}},{"$f":"ROUND(E463*F463,2)","v":1636.25}]
[null,null,"Rate per 10.00 Sqm",{"$nulls":3},{"$f":"SUM(G457:G463)","v":8431.11}]
[{"$nulls":4},"GF","FF","SF"]
[null,null,"Basic Rate for Walls",null,{"$f":"G464","v":8431.11},{"$f":"G464","v":8431.11},{"$f":"G464","v":8431.11}]
[null,null,"scaffoldi material hire charge (1/0.115 = 8.70)",{"v":8.7,"d":"8.700"},{"$f":"ROUND($D$467*'MINI SSR 2024-25'!E30,2)","v":93.79},{"$f":"E467","v":93.79},{"$f":"F467","v":93.79}]
[null,null,"scaffolding Labour charges",{"v":8.7,"d":"8.700"},{"$f":"ROUND($D$468*'MINI SSR 2024-25'!F30,2)","v":736.19},{"$f":"ROUND($D$468*'MINI SSR 2024-25'!G30,2)","v":1054.27},{"$f":"ROUND($D$468*'MINI SSR 2024-25'!H30,2)","v":1372.16}]
[null,null,"Add Lift Charges @ 10%, 20% on Labour charges B",null,null,{"$f":"(SUM(G461:G463)+F468)*10%","v":{"v":350.052,"d":"350.05"}},{"$f":"(SUM(G461:G463)+G468)*20%","v":{"v":763.682,"d":"763.68"}}]
[null,null,"Rate per 10 Sqm",null,{"$f":"SUM(E466:E469)","v":{"v":9261.090000000002,"d":"9261.09"}},{"$f":"SUM(F466:F469)","v":{"v":9929.222000000002,"d":"9929.22"}},{"$f":"SUM(G466:G469)","v":{"v":10660.742000000002,"d":"10660.74"}}]
[null,null,"Rate per 1.00 Sqm",null,{"$f":"ROUND(E470/10,2)","v":926.11},{"$f":"ROUND(F470/10,2)","v":992.92},{"$f":"ROUND(G470/10,2)","v":1066.07}]
[30,"BLD-CSTN-6-18","Masonry work in CM (1:8) prop with Flyash Cement solid blocks of size 290 x 225 x 140 mm for manufacturing of flyash solid blocks using flyash of 80 kgs, cement of 15 kgs. Gypsum of 5 kgs. and stone dust including cost and conveyance of all materials, labour charges, seiniorage charges, scaffolding and curing etc., cpomplete with a compresive streangth not lessthan 50 kg/sqm for walls for Superstructure Walls."]
[null,null,"Unit = 1 Cum"]
[null,null,"A. Materials"]
[null,null,"No of blocks required for one cum of Masonry BMT-A.03","No's",110,{"$f":"'MINI SSR 2024-25'!C27","v":{"v":30,"d":"30.00"}},{"$f":"ROUND(E475*F475,2)","v":{"v":3300,"d":"3300.00"}}]
[null,null,"Cost of Cement Mortar (1:6)","cum",{"v":0.1,"d":"0.10"},{"$f":"G25","v":2195.65},{"$f":"ROUND(E476*F476,2)","v":219.57}]
[null,null,"B. Labour"]
[null,null,"Mason 1st class","day",0.42,{"$f":"'MINI SSR 2024-25'!$H$3","v":{"v":710,"d":"710.00"}},{"$f":"ROUND(E478*F478,2)","v":{"v":298.2,"d":"298.20"}}]
[null,null,"Mason 2nd class","day",0.92,{"$f":"'MINI SSR 2024-25'!$H$4","v":{"v":640,"d":"640.00"}},{"$f":"ROUND(E479*F479,2)","v":{"v":588.8,"d":"588.80"}}]
[null,null,"Man Mazdoor","day",{"v":0.7,"d":"0.70"},{"$f":"'MINI SSR 2024-25'!$H$5","v":{"v":595,"d":"595.00"}},{"$f":"ROUND(E480*F480,2)","v":{"v":416.5,"d":"416.50"}}]
[null,null,"Woman Mazdoor","day",{"v":2.1,"d":"2.10"},{"$f":"'MINI SSR 2024-25'!$H$5","v":{"v":595,"d":"595.00"}},{"$f":"ROUND(E481*F481,2)","v":{"v":1249.5,"d":"1249.50"}}]
[null,null,"Rate per 1.00 Cum",{"$nulls":3},{"$f":"SUM(G475:G481)","v":6072.57}]
[{"$nulls":4},"GF","FF","SF"]
[null,null,"Basic Rate for Walls",null,{"$f":"G482","v":6072.57},{"$f":"G482","v":6072.57},{"$f":"G482*1","v":6072.57}]
[null,null,"scaffolding material hire charge",{"v":4.35,"d":"4.350"},{"$f":"ROUND('MINI SSR 2024-25'!E30*$D$485,2)","v":46.89},{"$f":"E485","v":46.89},{"$f":"F485","v":46.89}]
[null,null,"scaffolding Labour charges",{"v":4.35,"d":"4.350"},{"$f":"ROUND('MINI SSR 2024-25'!F30*$D$486,2)","v":368.1},{"$f":"ROUND('MINI SSR 2024-25'!G30*$D$486,2)","v":527.13},{"$f":"ROUND('MINI SSR 2024-25'!H30*$D$486,2)","v":686.08}]
[null,null,"Add Lift Charges @ 10%, 20% on Labour charges B",null,null,{"$f":"ROUND((G478+G479+G481+G480+F486)*0.2,2)","v":616.03},{"$f":"ROUND((G478+G479+G481+G480+G486)*0.2,2)","v":647.82}]
[null,null,"Rate per 1.00 Cum",null,{"$f":"SUM(E484:E487)","v":6487.56},{"$f":"SUM(F484:F487)","v":7262.62},{"$f":"SUM(G484:G487)","v":7453.36}]
[12,"BLD-CSTN-6-1","Ceiling Plastering in CM (1:3) 12mm thick with dubara sponge finishing  including cost and conveyance of all materials including all labour charges such as mixing cement mortar and curing etc complete for finished item of work (APSS 901 & 903) as per Amendment Data SoR 16-17"]
[null,null,"Unit = 10 Sqm"]
[null,null,"A. Materials"]
[null,null,"Cement Mortar (1:3)","cum",0.15,{"$f":"G10","v":3208.16},{"$f":"ROUND(E492*F492,2)","v":481.22}]
[null,null,"B. Labour"]
[null,null,"Mason 1st class","day",0.45,{"$f":"'MINI SSR 2024-25'!$H$3","v":{"v":710,"d":"710.00"}},{"$f":"ROUND(E494*F494,2)","v":{"v":319.5,"d":"319.50"}},{"$nulls":3},{"$f":"G494","v":{"v":319.5,"d":"319.50"}}]
[null,null,"Mason 2nd class","day",1.05,{"$f":"'MINI SSR 2024-25'!$H$4","v":{"v":640,"d":"640.00"}},{"$f":"ROUND(E495*F495,2)","v":{"v":672,"d":"672.00"}},{"$nulls":3},{"$f":"G495","v":{"v":672,"d":"672.00"}}]
[null,null,"Mazdoor (un-skilled)","day",{"v":2.8,"d":"2.80"},{"$f":"'MINI SSR 2024-25'!$H$5","v":{"v":595,"d":"595.00"}},{"$f":"ROUND(E496*F496,2)","v":{"v":1666,"d":"1666.00"}},{"$nulls":3},{"$f":"G496","v":{"v":1666,"d":"1666.00"}}]
[null,null,"Rate per 10.00 Sqm",{"$nulls":3},{"$f":"SUM(G492:G496)","v":{"v":3138.7200000000003,"d":"3138.72"}},{"$nulls":3},{"$f":"SUM(K494:K496)","v":{"v":2657.5,"d":"2657.50"}}]
[{"$nulls":4},"GF","FF","SF"]
[null,null,"Basic Rate 10.00sqm",null,{"$f":"G497","v":{"v":3138.7200000000003,"d":"3138.72"}},{"$f":"G497","v":{"v":3138.7200000000003,"d":"3138.72"}},{"$f":"G497","v":{"v":3138.7200000000003,"d":"3138.72"}}]
[null,null,"scaffolding material hire charges ",{"v":10,"d":"10.00"},{"$f":"ROUND($D$500*'MINI SSR 2024-25'!E33,2)","v":{"v":25.7,"d":"25.70"}},{"$f":"E500","v":{"v":25.7,"d":"25.70"}},{"$f":"E500","v":{"v":25.7,"d":"25.70"}}]
[null,null,"scaffolding Labour charges",{"v":10,"d":"10.00"},{"$f":"ROUND($D$501*'MINI SSR 2024-25'!F33,2)","v":{"v":169.4,"d":"169.40"}},{"$f":"ROUND($D$501*'MINI SSR 2024-25'!G33,2)","v":{"v":240.4,"d":"240.40"}},{"$f":"ROUND($D$501*'MINI SSR 2024-25'!H33,2)","v":{"v":311.3,"d":"311.30"}}]
[null,null,"Add Lift Charges @ 10%, 20% on Labour charges B",null,null,{"$f":"ROUND((G494+G495+G496+F501)*0.1,2)","v":289.79},{"$f":"ROUND((G494+G495+G496+G501)*0.2,2)","v":593.76}]
[null,null,"Contract Profit @ 13.615%",null,{"$f":"ROUND((E499+E500+E501+E502)*$C$3,2)","v":{"v":453.9,"d":"453.90"}},{"$f":"ROUND((F499+F500+F501+F502)*$C$3,2)","v":503.02},{"$f":"ROUND((G499+G500+G501+G502)*$C$3,2)","v":554.06}]
[null,null,"Rate per 10.00 Sqm",null,{"$f":"SUM(E499:E503)","v":{"v":3787.7200000000003,"d":"3787.72"}},{"$f":"SUM(F499:F503)","v":4197.63},{"$f":"SUM(G499:G503)","v":{"v":4623.540000000001,"d":"4623.54"}}]
[null,null,"Rate per 1.00 Sqm",null,{"$f":"ROUND(E504/10,2)","v":378.77},{"$f":"ROUND(F504/10,2)","v":419.76},{"$f":"ROUND(G504/10,2)","v":462.35}]
[7,"BLD-CSTN-6-3","Plastering in CM (1:5) 12mm thick  single coat including c/c of all materials including all operational, incidental and labour charges such as mixing cement mortar and curing etc complete for finished item of work (APSS 901,  903 & 904)  for internal walls as per Amendment Data SoR 16-17"]
[null,null,"Unit = 10 Sqm"]
[null,null,"A. Materials"]
[null,null,"Cement Mortar (1:5)","cum",0.15,{"$f":"G20","v":2398.15},{"$f":"ROUND(E509*F509,2)","v":359.72}]
[null,null,"B. Labour"]
[null,null,"Mason 1st class","day",0.45,{"$f":"'MINI SSR 2024-25'!$H$3","v":{"v":710,"d":"710.00"}},{"$f":"ROUND(E511*F511,2)","v":{"v":319.5,"d":"319.50"}}]
[null,null,"Mason 2nd class","day",1.05,{"$f":"'MINI SSR 2024-25'!$H$4","v":{"v":640,"d":"640.00"}},{"$f":"ROUND(E512*F512,2)","v":{"v":672,"d":"672.00"}}]
[null,null,"Mazdoor (un-skilled)","day",{"v":2.8,"d":"2.80"},{"$f":"'MINI SSR 2024-25'!$H$5","v":{"v":595,"d":"595.00"}},{"$f":"ROUND(E513*F513,2)","v":{"v":1666,"d":"1666.00"}}]
[null,null,"Rate per 10.00 Sqm",{"$nulls":3},{"$f":"SUM(G509:G513)","v":{"v":3017.2200000000003,"d":"3017.22"}}]
[{"$nulls":4},"GF","FF","SF"]
[null,null,"Basic Rate 10.00sqm",null,{"$f":"G514","v":{"v":3017.2200000000003,"d":"3017.22"}},{"$f":"G514","v":{"v":3017.2200000000003,"d":"3017.22"}},{"$f":"G514","v":{"v":3017.2200000000003,"d":"3017.22"}}]
[null,null,"scaffolding material hire charges",{"v":10,"d":"10.00"},{"$f":"ROUND($D$517*'MINI SSR 2024-25'!E36,2)","v":{"v":10.8,"d":"10.80"}},{"$f":"E517","v":{"v":10.8,"d":"10.80"}},{"$f":"E517","v":{"v":10.8,"d":"10.80"}}]
[null,null,"scaffolding Labour charges",{"v":10,"d":"10.00"},{"$f":"ROUND($D$518*'MINI SSR 2024-25'!F36,2)","v":{"v":84.7,"d":"84.70"}},{"$f":"ROUND($D$518*'MINI SSR 2024-25'!G36,2)","v":{"v":121.2,"d":"121.20"}},{"$f":"ROUND($D$518*'MINI SSR 2024-25'!H36,2)","v":{"v":157.7,"d":"157.70"}}]
[null,null,"Add Lift Charges @ 10%, 20% on Labour charges B",null,null,{"$f":"ROUND((G511+G512+G513+F518)*0.1,2)","v":277.87},{"$f":"ROUND((G511+G512+G513+G518)*0.2,2)","v":563.04}]
[null,null,"Contract Profit @ 13.615%",null,{"v":0,"d":"0.00"},{"v":0,"d":"0.00"},{"v":0,"d":"0.00"}]
[null,null,"Rate per 10.00 Sqm",null,{"$f":"SUM(E516:E520)","v":{"v":3112.7200000000003,"d":"3112.72"}},{"$f":"SUM(F516:F520)","v":3427.09},{"$f":"SUM(G516:G520)","v":3748.76}]
[null,null,"Rate per 1.00 Sqm",null,{"$f":"ROUND(E521/10,2)","v":311.27},{"$f":"ROUND(F521/10,2)","v":342.71},{"$f":"ROUND(G521/10,2)","v":374.88}]
[8,"BLD-CSTN-6-3","Plastering in CM (1:5) 20mm thick  single coat including c/c of all materials including all operational, incidental and labour charges such as mixing cement mortar and curing etc complete for finished item of work (APSS 901,  903 & 904)  for External walls as per Amendment Data SoR 16-17"]
[null,null,"Unit = 10 Sqm"]
[null,null,"A. Materials"]
[null,null,"Cement Mortar (1:5)","cum",0.21,{"$f":"G20","v":2398.15},{"$f":"ROUND(E526*F526,2)","v":503.61}]
[null,null,"B. Labour"]
[null,null,"Mason 1st class","day",0.45,{"$f":"'MINI SSR 2024-25'!$H$3","v":{"v":710,"d":"710.00"}},{"$f":"ROUND(E528*F528,2)","v":{"v":319.5,"d":"319.50"}},{"$nulls":3},{"$f":"G528","v":{"v":319.5,"d":"319.50"}}]
[null,null,"Mason 2nd class","day",1.05,{"$f":"'MINI SSR 2024-25'!$H$4","v":{"v":640,"d":"640.00"}},{"$f":"ROUND(E529*F529,2)","v":{"v":672,"d":"672.00"}},{"$nulls":3},{"$f":"G529","v":{"v":672,"d":"672.00"}}]
[null,null,"Mazdoor (un-skilled)","day",{"v":2.8,"d":"2.80"},{"$f":"'MINI SSR 2024-25'!$H$5","v":{"v":595,"d":"595.00"}},{"$f":"ROUND(E530*F530,2)","v":{"v":1666,"d":"1666.00"}},{"$nulls":3},{"$f":"G530","v":{"v":1666,"d":"1666.00"}}]
[null,null,"Rate per 10.00 Sqm",{"$nulls":3},{"$f":"SUM(G526:G530)","v":3161.11},{"$nulls":3},{"$f":"SUM(K528:K530)","v":{"v":2657.5,"d":"2657.50"}}]
[{"$nulls":4},"GF","FF","SF"]
[null,null,"Basic Rate 10.00sqm",null,{"$f":"G531","v":3161.11},{"$f":"G531","v":3161.11},{"$f":"G531","v":3161.11}]
[null,null,"scaffolding material hire charges",{"v":10,"d":"10.00"},{"$f":"ROUND($D$517*'MINI SSR 2024-25'!$E$36,2)","v":{"v":10.8,"d":"10.80"}},{"$f":"E534","v":{"v":10.8,"d":"10.80"}},{"$f":"E534","v":{"v":10.8,"d":"10.80"}}]
[null,null,"scaffolding Labour charges",{"v":10,"d":"10.00"},{"$f":"ROUND($D$518*'MINI SSR 2024-25'!$F$36,2)","v":{"v":84.7,"d":"84.70"}},{"$f":"ROUND($D$518*'MINI SSR 2024-25'!$G$36,2)","v":{"v":121.2,"d":"121.20"}},{"$f":"ROUND($D$518*'MINI SSR 2024-25'!$H$36,2)","v":{"v":157.7,"d":"157.70"}}]
[null,null,"Add Lift Charges @ 10%, 20% on Labour charges B",null,null,{"$f":"ROUND((G528+G529+G530+F535)*0.1,2)","v":277.87},{"$f":"ROUND((G528+G529+G530+G535)*0.2,2)","v":563.04}]
[null,null,"Contract Profit @ 13.615%",null,{"v":0,"d":"0.00"},{"v":0,"d":"0.00"},{"v":0,"d":"0.00"}]
[null,null,"Rate per 10.00 Sqm",null,{"$f":"SUM(E533:E537)","v":3256.61},{"$f":"SUM(F533:F537)","v":3570.98},{"$f":"SUM(G533:G537)","v":3892.65}]
[null,null,"Rate per 1.00 Sqm",null,{"$f":"ROUND(E538/10,2)","v":325.66},{"$f":"ROUND(F538/10,2)","v":{"v":357.1,"d":"357.10"}},{"$f":"ROUND(G538/10,2)","v":389.27}]
[34,"BLD-CSTN-6-3","Plastering in CM (1:3) 20mm thick  single coat including c/c of all materials including all operational, incidental and labour charges such as mixing cement mortar and curing etc complete for finished item of work (APSS 901,  903 & 904)  for External walls as per Amendment Data SoR 16-17",{"$nulls":3},"BLD-CSTN-6-3"]
[null,null,"Unit = 10 Sqm"]
[null,null,"A. Materials"]
[null,null,"Cement Mortar (1:3)","cum",0.21,{"$f":"G10","v":3208.16},{"$f":"ROUND(E543*F543,2)","v":673.71}]
[null,null,"B. Labour"]
[null,null,"Mason 1st class","day",0.45,{"$f":"'MINI SSR 2024-25'!$H$3","v":{"v":710,"d":"710.00"}},{"$f":"ROUND(E545*F545,2)","v":{"v":319.5,"d":"319.50"}},{"$nulls":3},{"$f":"G545","v":{"v":319.5,"d":"319.50"}}]
[null,null,"Mason 2nd class","day",1.05,{"$f":"'MINI SSR 2024-25'!$H$4","v":{"v":640,"d":"640.00"}},{"$f":"ROUND(E546*F546,2)","v":{"v":672,"d":"672.00"}},{"$nulls":3},{"$f":"G546","v":{"v":672,"d":"672.00"}}]
[null,null,"Mazdoor (un-skilled)","day",{"v":2.8,"d":"2.80"},{"$f":"'MINI SSR 2024-25'!$H$5","v":{"v":595,"d":"595.00"}},{"$f":"ROUND(E547*F547,2)","v":{"v":1666,"d":"1666.00"}},{"$nulls":3},{"$f":"G547","v":{"v":1666,"d":"1666.00"}}]
[null,null,"Rate per 10.00 Sqm",{"$nulls":3},{"$f":"SUM(G543:G547)","v":3331.21},{"$nulls":3},{"$f":"SUM(K545:K547)","v":{"v":2657.5,"d":"2657.50"}}]
[{"$nulls":4},"GF","FF","SF"]
[null,null,"Basic Rate 10.00sqm",null,{"$f":"G548","v":3331.21},{"$f":"G548","v":3331.21},{"$f":"G548","v":3331.21}]
[null,null,"scaffolding material hire charges",{"v":10,"d":"10.00"},{"$f":"ROUND($D$517*'MINI SSR 2024-25'!$E$36,2)","v":{"v":10.8,"d":"10.80"}},{"$f":"E551","v":{"v":10.8,"d":"10.80"}},{"$f":"E551","v":{"v":10.8,"d":"10.80"}}]
[null,null,"scaffolding Labour charges",{"v":10,"d":"10.00"},{"$f":"ROUND($D$518*'MINI SSR 2024-25'!$F$36,2)","v":{"v":84.7,"d":"84.70"}},{"$f":"ROUND($D$518*'MINI SSR 2024-25'!$G$36,2)","v":{"v":121.2,"d":"121.20"}},{"$f":"ROUND($D$518*'MINI SSR 2024-25'!$H$36,2)","v":{"v":157.7,"d":"157.70"}}]
[null,null,"Add Lift Charges @ 10%, 20% on Labour charges B",null,null,{"$f":"ROUND((G545+G546+G547+F552)*0.1,2)","v":277.87},{"$f":"ROUND((G545+G546+G547+G552)*0.2,2)","v":563.04}]
[null,null,"Rate per 10.00 Sqm",null,{"$f":"SUM(E550:E553)","v":3426.71},{"$f":"SUM(F550:F553)","v":3741.08},{"$f":"SUM(G550:G553)","v":4062.75}]
[null,null,"Rate per 1.00 Sqm",null,{"$f":"ROUND(E554/10,2)","v":342.67},{"$f":"ROUND(F554/10,2)","v":374.11},{"$f":"ROUND(G554/10,2)","v":406.28}]
[13,"BLD-CSTN-6-10","Plastering to brick masonary wall with  12mm thick double coat in CM (1:5) 8 mm thick base coat and CM (1:3) of 4mm thick top coat with dubara sponge finish including c/c of all materials including all operational, incidental and labour charges such as mixing cement mortar and curing etc complete for finished item of work (APSS 901,  903 & 904) "]
[null,null,"Unit = 10 Sqm"]
[null,null,"Base Coat in CM(1:6), 16 mm thick"]
[null,null,"Cement ","Kg",{"v":31.7,"d":"31.70"},{"$f":"'lead 24-25'!L8","v":{"v":4218.8,"d":"4218.80"}},{"$f":"ROUND(E559*F559/1000,2)","v":133.74}]
[null,null,"Sand Aggregate","cum",0.11,{"$f":"'lead 24-25'!L13","v":{"v":1013.4699999999982,"d":"1013.47"}},{"$f":"ROUND(E560*F560,2)","v":111.48}]
[null,null,"Base Coat in CM(1:4), 4 mm thick"]
[null,null,"Cement ","Kg",{"v":19.2,"d":"19.20"},{"$f":"F559","v":{"v":4218.8,"d":"4218.80"}},{"$f":"ROUND(E562*F562/1000,2)","v":{"v":81,"d":"81.00"}}]
[null,null,"Sand Aggregate","cum",0.04,{"$f":"F560","v":{"v":1013.4699999999982,"d":"1013.47"}},{"$f":"ROUND(E563*F563,2)","v":40.54}]
[null,null,"B. Labour"]
[null,null,"Mason 1st class","day",0.63,{"$f":"'MINI SSR 2024-25'!$H$3","v":{"v":710,"d":"710.00"}},{"$f":"ROUND(E565*F565,2)","v":{"v":447.3,"d":"447.30"}},{"$nulls":3},{"$f":"G565","v":{"v":447.3,"d":"447.30"}}]
[null,null,"Mason 2nd class","day",1.47,{"$f":"'MINI SSR 2024-25'!$H$4","v":{"v":640,"d":"640.00"}},{"$f":"ROUND(E566*F566,2)","v":{"v":940.8,"d":"940.80"}},{"$nulls":3},{"$f":"G566","v":{"v":940.8,"d":"940.80"}}]
[null,null,"Mazdoor (un-skilled)","day",{"v":3.9,"d":"3.90"},{"$f":"'MINI SSR 2024-25'!$H$5","v":{"v":595,"d":"595.00"}},{"$f":"ROUND(E567*F567,2)","v":{"v":2320.5,"d":"2320.50"}},{"$nulls":3},{"$f":"G567","v":{"v":2320.5,"d":"2320.50"}}]
[null,null,"Rate per 10.00 Sqm",{"$nulls":3},{"$f":"SUM(G559:G567)","v":4075.36},{"$nulls":3},{"$f":"SUM(K565:K567)","v":{"v":3708.6,"d":"3708.60"}}]
[{"$nulls":4},"GF","FF","SF"]
[null,null,"Basic Rate 10.00sqm",null,{"$f":"G568","v":4075.36},{"$f":"G568","v":4075.36},{"$f":"F570","v":4075.36}]
[null,null,"scaffolding material hire charges",{"v":10,"d":"10.00"},{"$f":"ROUND($D$517*'MINI SSR 2024-25'!$E$36,2)","v":{"v":10.8,"d":"10.80"}},{"$f":"E571","v":{"v":10.8,"d":"10.80"}},{"$f":"E571","v":{"v":10.8,"d":"10.80"}}]
[null,null,"scaffolding Labour charges",{"v":10,"d":"10.00"},{"$f":"ROUND($D$518*'MINI SSR 2024-25'!$F$36,2)","v":{"v":84.7,"d":"84.70"}},{"$f":"ROUND($D$518*'MINI SSR 2024-25'!$G$36,2)","v":{"v":121.2,"d":"121.20"}},{"$f":"ROUND($D$518*'MINI SSR 2024-25'!$H$36,2)","v":{"v":157.7,"d":"157.70"}}]
[null,null,"Add Lift Charges @ 10%, 20% on Labour charges B",null,null,{"$f":"ROUND((G565+G566+G567+F572)*0.1,2)","v":382.98},{"$f":"ROUND((G565+G566+G567+G572)*0.1,2)","v":386.63}]
[null,null,"Contract Profit @ 13.615%",null,{"$f":"ROUND((E570+E571+E572+E573)*$C$3,2)","v":567.86},{"$f":"ROUND((F570+F571+F572+F573)*$C$3,2)","v":624.97},{"$f":"ROUND((G570+G571+G572+G573)*$C$3,2)","v":630.44}]
[null,null,"Rate per 10.00 Sqm",null,{"$f":"SUM(E570:E574)","v":4738.72},{"$f":"SUM(F570:F574)","v":5215.31},{"$f":"SUM(G570:G574)","v":5260.93}]
[null,null,"Rate per 1.00 Sqm",null,{"$f":"ROUND(E575/10,2)","v":473.87},{"$f":"ROUND(F575/10,2)","v":521.53},{"$f":"ROUND(G575/10,2)","v":526.09}]
[14,"BLD-CSTN-6-9","Plastering to brick masonary wall with  20mm thick double coat in CM (1:6) 16 mm thick base coat and CM (1:4) of 4mm thick top coat with dubara sponge finish including c/c of all materials including all operational, incidental and labour charges such as mixing cement mortar and curing etc complete for finished item of work (APSS 901,  903 & 904) "]
[null,null,"Unit = 10 Sqm"]
[null,null,"Base Coat in CM(1:6), 16 mm thick"]
[null,null,"Cement ","Kg",{"v":43,"d":"43.00"},{"$f":"F559","v":{"v":4218.8,"d":"4218.80"}},{"$f":"ROUND(E580*F580/1000,2)","v":181.41}]
[null,null,"Sand Aggregate","cum",0.18,{"$f":"F560","v":{"v":1013.4699999999982,"d":"1013.47"}},{"$f":"ROUND(E581*F581,2)","v":182.42}]
[null,null,"Base Coat in CM(1:4), 4 mm thick"]
[null,null,"Cement ","Kg",{"v":14.5,"d":"14.50"},{"$f":"F580","v":{"v":4218.8,"d":"4218.80"}},{"$f":"ROUND(E583*F583/1000,2)","v":61.17}]
[null,null,"Sand Aggregate","cum",0.04,{"$f":"F581","v":{"v":1013.4699999999982,"d":"1013.47"}},{"$f":"ROUND(E584*F584,2)","v":40.54}]
[null,null,"B. Labour"]
[null,null,"Mason 1st class","day",0.63,{"$f":"'MINI SSR 2024-25'!$H$3","v":{"v":710,"d":"710.00"}},{"$f":"ROUND(E586*F586,2)","v":{"v":447.3,"d":"447.30"}},{"$nulls":3},{"$f":"G586","v":{"v":447.3,"d":"447.30"}}]
[null,null,"Mason 2nd class","day",1.47,{"$f":"'MINI SSR 2024-25'!$H$4","v":{"v":640,"d":"640.00"}},{"$f":"ROUND(E587*F587,2)","v":{"v":940.8,"d":"940.80"}},{"$nulls":3},{"$f":"G587","v":{"v":940.8,"d":"940.80"}}]
[null,null,"Mazdoor (un-skilled)","day",{"v":3.9,"d":"3.90"},{"$f":"'MINI SSR 2024-25'!$H$5","v":{"v":595,"d":"595.00"}},{"$f":"ROUND(E588*F588,2)","v":{"v":2320.5,"d":"2320.50"}},{"$nulls":3},{"$f":"G588","v":{"v":2320.5,"d":"2320.50"}}]
[null,null,"Rate per 10.00 Sqm",{"$nulls":3},{"$f":"SUM(G580:G588)","v":{"v":4174.139999999999,"d":"4174.14"}},{"$nulls":3},{"$f":"SUM(K586:K588)","v":{"v":3708.6,"d":"3708.60"}}]
[{"$nulls":4},"GF","FF","SF"]
[null,null,"Basic Rate 10.00sqm",null,{"$f":"G589","v":{"v":4174.139999999999,"d":"4174.14"}},{"$f":"G589","v":{"v":4174.139999999999,"d":"4174.14"}},{"$f":"F591","v":{"v":4174.139999999999,"d":"4174.14"}}]
[null,null,"scaffolding material hire charges",{"v":10,"d":"10.00"},{"$f":"ROUND($D$517*'MINI SSR 2024-25'!$E$36,2)","v":{"v":10.8,"d":"10.80"}},{"$f":"E592","v":{"v":10.8,"d":"10.80"}},{"$f":"E592","v":{"v":10.8,"d":"10.80"}}]
[null,null,"scaffolding Labour charges",{"v":10,"d":"10.00"},{"$f":"ROUND($D$518*'MINI SSR 2024-25'!$F$36,2)","v":{"v":84.7,"d":"84.70"}},{"$f":"ROUND($D$518*'MINI SSR 2024-25'!$G$36,2)","v":{"v":121.2,"d":"121.20"}},{"$f":"ROUND($D$518*'MINI SSR 2024-25'!$H$36,2)","v":{"v":157.7,"d":"157.70"}}]
[null,null,"Add Lift Charges @ 10%, 20% on Labour charges B",null,null,{"$f":"ROUND((G586+G587+G588+F593)*0.1,2)","v":382.98},{"$f":"ROUND((G586+G587+G588+G593)*0.1,2)","v":386.63}]
[null,null,"Contract Profit @ 13.615%",null,{"$f":"ROUND((E591+E592+E593+E594)*$C$3,2)","v":581.31},{"$f":"ROUND((F591+F592+F593+F594)*$C$3,2)","v":638.42},{"$f":"ROUND((G591+G592+G593+G594)*$C$3,2)","v":643.89}]
[null,null,"Rate per 10.00 Sqm",null,{"$f":"SUM(E591:E595)","v":{"v":4850.949999999999,"d":"4850.95"}},{"$f":"SUM(F591:F595)","v":{"v":5327.539999999999,"d":"5327.54"}},{"$f":"SUM(G591:G595)","v":5373.16}]
[null,null,"Rate per 1.00 Sqm",null,{"$f":"ROUND(E596/10,2)","v":{"v":485.1,"d":"485.10"}},{"$f":"ROUND(F596/10,2)","v":532.75},{"$f":"ROUND(G596/10,2)","v":537.32}]
[37,null,"RCM facia 5cm thick in CM (1:3) for drop walls, fins  with rabbit wire mesh & nominal reinforcement as directed by Engineer-in-charge with dubara sponge finishing, including cost & conveyance of all materials to site, seigniorage charges, sales & other taxes on all materials, operational & incidental, cost and conveyance of cement, wire mesh, water to work site, centering, scaffolding and form work, lift charges etc., complete for finished items of work but excluding cost of steel & its fabrication charges, for finished item of work. (APSS No.403 & 903)"]
[null,null,"Unit = 10 sqm"]
[null,null,"A. MATERIALS:"]
[null,null,"Rabbit wire mesh BMT-F.28","sqm",{"v":13.3,"d":"13.30"},{"$f":"'MINI SSR 2024-25'!C43","v":{"v":23,"d":"23.00"}},{"$f":"ROUND(E601*F601,2)","v":{"v":305.9,"d":"305.90"}}]
[null,null,"Cement Mortar 1:3 for 25 mm thick ","cum",0.25,{"$f":"G10","v":3208.16},{"$f":"ROUND(E602*F602,2)","v":802.04}]
[null,null,"Dry Cement for making Lumps ","kg",{"v":50,"d":"50.00"},{"$f":"'lead 24-25'!L8","v":{"v":4218.8,"d":"4218.80"}},{"$f":"ROUND(E603*F603/1000,2)","v":210.94}]
[null,null,"12 mm Plastering 2 coats in 1:4 & 1:2 cm both sides","sqm",{"v":21.8,"d":"21.80"},{"$f":"E576","v":473.87},10330.37]
[null,null,"B) LABOUR CHARGES"]
[null,null,"1st Class Mason","day",{"v":8,"d":"8.00"},{"$f":"'MINI SSR 2024-25'!$H$3","v":{"v":710,"d":"710.00"}},{"$f":"ROUND(E606*F606,2)","v":{"v":5680,"d":"5680.00"}}]
[null,null,"Mazdoor (unskilled)","day",{"v":10,"d":"10.00"},{"$f":"'MINI SSR 2024-25'!$H$5","v":{"v":595,"d":"595.00"}},{"v":5950,"d":"5950.00"}]
[null,null,"c) Machinery"]
[null,null,"Concrete mixer 10/7 cft (0.2/0.8cum) capacity","Hrs",{"v":2,"d":"2.00"},{"$f":"'MINI SSR 2024-25'!C30","v":708.08},{"$f":"ROUND(E609*F609,2)","v":1416.16}]
[null,null,"BASIC COST per 10 sqm",null,null,"Rs",{"$f":"SUM(G601:G609)","v":24695.41}]
[{"$nulls":4},"GF","FF"]
[null,null,"Basic Rate ",null,{"$f":"G610","v":24695.41},{"$f":"G610","v":24695.41}]
[null,null,"Add extra for Scaffolding Material  Charges  @Rs 1.03 Sqm","10",{"$f":"ROUND(D613*'MINI SSR 2024-25'!E36,2)","v":{"v":10.8,"d":"10.80"}},{"$f":"E613","v":{"v":10.8,"d":"10.80"}}]
[null,null,"Add extra for Scaffolding labour  Charges","10",{"$f":"ROUND(D614*'MINI SSR 2024-25'!F36,2)","v":{"v":84.7,"d":"84.70"}},{"$f":"ROUND(D614*'MINI SSR 2024-25'!G36,2)","v":{"v":121.2,"d":"121.20"}}]
[null,null,"Add Labour Comp on LC","10",0,{"$f":"ROUND(((SUM(G606:G607)+F614)*D615/100),2)","v":1175.12}]
[null,null,"BASIC COST per 10 sqm",null,{"$f":"SUM(E612:E615)","v":24790.91},{"$f":"SUM(F612:F615)","v":26002.53}]
[null,null,"BASIC COST per 1 sqm GF",null,{"$f":"ROUND(E616/10,2)","v":2479.09},{"$f":"ROUND(F616/10,2)","v":2600.25}]
[15,"BLD-CSTN-8-25","Providing impervious coat to exposed RCC Roof Slab surface with CM (1:3) 12mm thick with 1Kg of water proof compound per bag of Cement laid over roof when it is green including c/c of all materials and labour charges for mixing mortar, laying, rendering smooth and thread lining, cutting, rounding off junctions of wall and slab etc for finished item of work (APSS 901,  903) "]
[null,null,"Unit = 10 Sqm"]
[null,null,"A. Materials"]
[null,null,"Cement Mortar (1:3)","cum",0.15,{"$f":"G10","v":3208.16},{"$f":"ROUND(E621*F621,2)","v":481.22}]
[null,null,"Water proof compound BMT-H.91","Kg",{"v":2,"d":"2.00"},{"$f":"'MINI SSR 2024-25'!$C$44","v":{"v":86,"d":"86.00"}},{"$f":"ROUND(E622*F622,2)","v":{"v":172,"d":"172.00"}}]
[null,null,"B. Labour"]
[null,null,"Mason 1st class","day",0.45,{"$f":"'MINI SSR 2024-25'!$H$3","v":{"v":710,"d":"710.00"}},{"$f":"ROUND(E624*F624,2)","v":{"v":319.5,"d":"319.50"}},{"$nulls":3},{"$f":"G624","v":{"v":319.5,"d":"319.50"}}]
[null,null,"Mason 2nd class","day",1.05,{"$f":"'MINI SSR 2024-25'!$H$4","v":{"v":640,"d":"640.00"}},{"$f":"ROUND(E625*F625,2)","v":{"v":672,"d":"672.00"}},{"$nulls":3},{"$f":"G625","v":{"v":672,"d":"672.00"}}]
[null,null,"Mazdoor (un-skilled)","day",{"v":2.8,"d":"2.80"},{"$f":"'MINI SSR 2024-25'!$H$5","v":{"v":595,"d":"595.00"}},{"$f":"ROUND(E626*F626,2)","v":{"v":1666,"d":"1666.00"}},{"$nulls":3},{"$f":"G626","v":{"v":1666,"d":"1666.00"}}]
[null,null,"Rate per 10.00 Sqm",{"$nulls":3},{"$f":"SUM(G621:G626)","v":{"v":3310.7200000000003,"d":"3310.72"}},{"$nulls":3},{"$f":"SUM(K624:K626)","v":{"v":2657.5,"d":"2657.50"}}]
[{"$nulls":4},"GF","FF","FF"]
[null,null,"Basic Rate 10.00sqm",null,{"$f":"G627","v":{"v":3310.7200000000003,"d":"3310.72"}},{"$f":"G627","v":{"v":3310.7200000000003,"d":"3310.72"}},{"$f":"G627","v":{"v":3310.7200000000003,"d":"3310.72"}}]
[null,null,"Add Lift Charges @ 10%, 20% on Labour charges B",null,null,{"$f":"(SUM(G624:G626)*10%)","v":265.75},{"$f":"(SUM(G624:G626)*20%)","v":{"v":531.5,"d":"531.50"}}]
[null,null,"Contract Profit @ 13.615%",null,{"$f":"ROUND((E629+E630)*$C$3,2)","v":450.75},{"$f":"ROUND((F629+F630)*$C$3,2)","v":486.94},{"$f":"ROUND((G629+G630)*$C$3,2)","v":523.12}]
[null,null,"Rate per 10.00 Sqm",null,{"$f":"SUM(E629:E631)","v":{"v":3761.4700000000003,"d":"3761.47"}},{"$f":"SUM(F629:F631)","v":{"v":4063.4100000000003,"d":"4063.41"}},{"$f":"SUM(G629:G631)","v":4365.34}]
[null,null,"Rate per 1.00 Sqm",null,{"$f":"ROUND(E632/10,2)","v":376.15},{"$f":"ROUND(F632/10,2)","v":406.34},{"$f":"ROUND(G632/10,2)","v":436.53}]
[39,"BLD-CSTN-8-25","Providing impervious coat to exposed RCC Roof Slab surface with CM (1:3) 20mm thick with 1Kg of water proof compound per bag of Cement laid over roof when it is green including c/c of all materials and labour charges for mixing mortar, laying, rendering smooth and thread lining, cutting, rounding off junctions of wall and slab etc for finished item of work (APSS 901,  903) ",{"$nulls":3},"BLD-CSTN- 8 -25"]
[null,null,"Unit = 10 Sqm"]
[null,null,"A. Materials"]
[null,null,"Cement Mortar (1:3)","cum",0.21,{"$f":"G25","v":2195.65},{"$f":"ROUND(E637*F637,2)","v":461.09}]
[null,null,"Water proof compound BMT-H.91","Kg",{"v":2,"d":"2.00"},{"$f":"'MINI SSR 2024-25'!$C$44","v":{"v":86,"d":"86.00"}},{"$f":"ROUND(E638*F638,2)","v":{"v":172,"d":"172.00"}}]
[null,null,"B. Labour"]
[null,null,"Mason 1st class","day",0.66,{"$f":"'MINI SSR 2024-25'!$H$3","v":{"v":710,"d":"710.00"}},{"$f":"ROUND(E640*F640,2)","v":{"v":468.6,"d":"468.60"}},{"$nulls":3},{"$f":"G640","v":{"v":468.6,"d":"468.60"}}]
[null,null,"Mason 2nd class","day",1.54,{"$f":"'MINI SSR 2024-25'!$H$4","v":{"v":640,"d":"640.00"}},{"$f":"ROUND(E641*F641,2)","v":{"v":985.6,"d":"985.60"}},{"$nulls":3},{"$f":"G641","v":{"v":985.6,"d":"985.60"}}]
[null,null,"Mazdoor (un-skilled)","day",{"v":3.7,"d":"3.70"},{"$f":"'MINI SSR 2024-25'!$H$5","v":{"v":595,"d":"595.00"}},{"$f":"ROUND(E642*F642,2)","v":{"v":2201.5,"d":"2201.50"}},{"$nulls":3},{"$f":"G642","v":{"v":2201.5,"d":"2201.50"}}]
[null,null,"Rate per 10.00 Sqm",{"$nulls":3},{"$f":"SUM(G637:G642)","v":4288.79},{"$nulls":3},{"$f":"SUM(K640:K642)","v":{"v":3655.7,"d":"3655.70"}}]
[{"$nulls":4},"GF","FF","SF"]
[null,null,"Basic Rate 10.00sqm",null,{"$f":"G643","v":4288.79},{"$f":"G643","v":4288.79},{"$f":"G643","v":4288.79}]
[null,null,"Add Lift Charges @ 10%, 20% on Labour charges B",null,null,{"$f":"(SUM(G640:G642)*10%)","v":365.57},{"$f":"(SUM(G640:G642)*20%)","v":731.14}]
[null,null,"Rate per 10.00 Sqm",null,{"$f":"SUM(E645:E646)","v":4288.79},{"$f":"SUM(F645:F646)","v":4654.36},{"$f":"SUM(G645:G646)","v":5019.93}]
[null,null,"Rate per 1.00 Sqm",null,{"$f":"ROUND(E647/10,2)","v":428.88},{"$f":"ROUND(F647/10,2)","v":465.44},{"$f":"ROUND(G647/10,2)","v":501.99}]
[9,"BLD-CSTN-7-7","Flooring with high polished granite 16 to 18 mm mm thick slabs other than black set over base coat of cement mortar (1:8), 20 mm thick over CC bed already laid or RCC roof slab, including neat cement slurry of honey like consistency spread @ 3.3.kgs per sqm & jointed neatly with white cement paste mixed with pigment of matching shade to full depth, including cost of all materials like cement, sand water and tilesetc., complete, including seigniorage charges, labour charges for dressing of tilesetc., complete for finished item of work, but excluding the cost of conveyance of all materials",{"$nulls":3},"BLD-CSTN-7-7"]
[null,null,"Unit = 10 Sqm"]
[null,null,"A. Materials"]
[null,null,"High polished granite 16 to 18 mm thick slab other than black","sqm",{"v":10.1,"d":"10.10"},{"$f":"'lead 24-25'!L23","v":{"v":2366.9152000000004,"d":"2366.92"}},{"$f":"ROUND(E652*F652/1,2)","v":23905.84}]
[null,null,"Cement for CM (1:8) proportion for basecoat","Kg",{"v":36,"d":"36.00"},{"$f":"'lead 24-25'!L8","v":{"v":4218.8,"d":"4218.80"}},{"$f":"ROUND(E653*F653/1000,2)","v":151.88}]
[null,null,"Cement for slurry","Kg",{"v":33,"d":"33.00"},{"$f":"F653","v":{"v":4218.8,"d":"4218.80"}},{"$f":"ROUND(E654*F654/1000,2)","v":139.22}]
[null,null,"Cement for jointing","Kg",{"v":6,"d":"6.00"},{"$f":"F654","v":{"v":4218.8,"d":"4218.80"}},{"$f":"ROUND(E655*F655/1000,2)","v":25.31}]
[null,null,"Sand for Mortar CM (1:8) proportion ","cum",{"v":0.2,"d":"0.20"},{"$f":"'lead 24-25'!L13","v":{"v":1013.4699999999982,"d":"1013.47"}},{"$f":"ROUND(E656*F656,2)","v":202.69}]
[null,null,"B. Labour"]
[null,null,"Mason 1st class","day",{"v":3,"d":"3.00"},{"$f":"'MINI SSR 2024-25'!$H$3","v":{"v":710,"d":"710.00"}},{"$f":"ROUND(E658*F658,2)","v":{"v":2130,"d":"2130.00"}},{"$nulls":3},{"$f":"G658","v":{"v":2130,"d":"2130.00"}}]
[null,null,"Mason 2nd class","day",{"v":1,"d":"1.00"},{"$f":"'MINI SSR 2024-25'!$H$4","v":{"v":640,"d":"640.00"}},{"$f":"ROUND(E659*F659,2)","v":{"v":640,"d":"640.00"}},{"$nulls":3},{"$f":"G659","v":{"v":640,"d":"640.00"}}]
[null,null,"Mazdoor (un-skilled)","day",{"v":8,"d":"8.00"},{"$f":"'MINI SSR 2024-25'!$H$5","v":{"v":595,"d":"595.00"}},{"$f":"ROUND(E660*F660,2)","v":{"v":4760,"d":"4760.00"}},{"$nulls":3},{"$f":"G660","v":{"v":4760,"d":"4760.00"}}]
[null,null,"Water charges 1%",null,0.01,{"$f":"SUM(G653:G660)","v":{"v":8049.1,"d":"8049.10"}},{"$f":"ROUND(E661*F661,2)","v":80.49},{"$nulls":3},{"$f":"G661","v":80.49}]
[null,null,"Rate per 10.00 Sqm",{"$nulls":3},{"$f":"SUM(G652:G661)","v":{"v":32035.430000000004,"d":"32035.43"}},{"$nulls":3},{"$f":"SUM(K658:K660)","v":{"v":7530,"d":"7530.00"}}]
[{"$nulls":4},"GF","FF","SF"]
[null,null,"Basic Rate 10.00sqm",null,{"$f":"G662","v":{"v":32035.430000000004,"d":"32035.43"}},{"$f":"G662","v":{"v":32035.430000000004,"d":"32035.43"}},{"$f":"G662","v":{"v":32035.430000000004,"d":"32035.43"}}]
[null,null,"Add Lift Charges @ 10%, 20% on Labour charges B",null,null,{"$f":"ROUND((G658+G659+G660)*0.1,2)","v":{"v":753,"d":"753.00"}},{"$f":"ROUND((G658+G659+G660)*0.2,2)","v":{"v":1506,"d":"1506.00"}}]
[null,null,"Contract Profit @ 13.615%",null,{"v":0,"d":"0.00"},{"v":0,"d":"0.00"},{"v":0,"d":"0.00"}]
[null,null,"Rate per 10.00 Sqm",null,{"$f":"SUM(E664:E666)","v":{"v":32035.430000000004,"d":"32035.43"}},{"$f":"SUM(F664:F666)","v":{"v":32788.43000000001,"d":"32788.43"}},{"$f":"SUM(G664:G666)","v":{"v":33541.43000000001,"d":"33541.43"}}]
[null,null,"Rate per 1.00 Sqm",null,{"$f":"ROUND(E667/10,2)","v":3203.54},{"$f":"ROUND(F667/10,2)","v":3278.84},{"$f":"ROUND(G667/10,2)","v":3354.14}]
[10,"BLD-CSTN-7-21","Providing skirting to internal walls to 15 cm height/risers of steps with 16-18 mm thick  polished granite tiles length equal to flooring stones, set over base coat of CM (1:3) 12 mm thick with cement slurry of honey like consistency spread at the rate of 3.30 kgs per sqm and jointed with white cement paste mixed with pigment of matching shade to full depth, including cost of all materials like tiles, cement, sand and water etc., complete including seigniorage charges, etc., complete for finished item of work"]
[null,null,"Unit = 10 Sqm"]
[null,null,"A. Materials"]
[null,null,"High polished granite 16 to 18 mm thick slab other than black","sqm",{"v":10.1,"d":"10.10"},{"$f":"F652","v":{"v":2366.9152000000004,"d":"2366.92"}},{"$f":"ROUND(E672*F672/1,2)","v":23905.84}]
[null,null,"Sand for Moratr CM (1:3) proportion ","cum",0.12,{"$f":"F656","v":{"v":1013.4699999999982,"d":"1013.47"}},{"$f":"ROUND(E673*F673,2)","v":121.62}]
[null,null,"Cement for CM (1:3) for basecoat","Kg",{"v":57.6,"d":"57.60"},{"$f":"F653","v":{"v":4218.8,"d":"4218.80"}},{"$f":"ROUND(E674*F674/1000,2)","v":{"v":243,"d":"243.00"}}]
[null,null,"Cement for slurry","Kg",{"v":33,"d":"33.00"},{"$f":"F654","v":{"v":4218.8,"d":"4218.80"}},{"$f":"ROUND(E675*F675/1000,2)","v":139.22}]
[null,null,"White cement","Kg",{"v":5,"d":"5.00"},{"$f":"'MINI SSR 2024-25'!C45","v":27.95},{"$f":"ROUND(E676*F676,2)","v":139.75}]
[null,null,"B. Labour"]
[null,null,"Mason 1st class","day",{"v":2.1,"d":"2.10"},{"$f":"'MINI SSR 2024-25'!$H$3","v":{"v":710,"d":"710.00"}},{"$f":"ROUND(E678*F678,2)","v":{"v":1491,"d":"1491.00"}},{"$nulls":3},{"$f":"G678","v":{"v":1491,"d":"1491.00"}}]
[null,null,"Mason 2nd class","day",{"v":4.9,"d":"4.90"},{"$f":"'MINI SSR 2024-25'!$H$4","v":{"v":640,"d":"640.00"}},{"$f":"ROUND(E679*F679,2)","v":{"v":3136,"d":"3136.00"}},{"$nulls":3},{"$f":"G679","v":{"v":3136,"d":"3136.00"}}]
[null,null,"Mazdoor (un-skilled)","day",{"v":0.8,"d":"0.80"},{"$f":"'MINI SSR 2024-25'!$H$5","v":{"v":595,"d":"595.00"}},{"$f":"ROUND(E680*F680,2)","v":{"v":476,"d":"476.00"}},{"$nulls":3},{"$f":"G680","v":{"v":476,"d":"476.00"}}]
[null,null,"Water charges 1%",null,0.01,{"$f":"SUM(G673:G680)","v":5746.59},{"$f":"ROUND(E681*F681,2)","v":57.47},{"$nulls":3},{"$f":"G681","v":57.47}]
[null,null,"Rate per 10.00 Sqm",{"$nulls":3},{"$f":"SUM(G672:G681)","v":{"v":29709.9,"d":"29709.90"}},{"$nulls":3},{"$f":"SUM(K678:K680)","v":{"v":5103,"d":"5103.00"}}]
[{"$nulls":4},"GF","GF","FF"]
[null,null,"Basic Rate 10.00sqm",null,{"$f":"G682","v":{"v":29709.9,"d":"29709.90"}},{"$f":"G682","v":{"v":29709.9,"d":"29709.90"}},{"$f":"G682","v":{"v":29709.9,"d":"29709.90"}}]
[null,null,"Add Lift Charges @ 10%, 20% on Labour charges ",null,null,{"$f":"ROUND((G678+G679+G680)*0.1,2)","v":{"v":510.3,"d":"510.30"}},{"$f":"ROUND((G678+G679+G680)*0.2,2)","v":{"v":1020.6,"d":"1020.60"}}]
[null,null,"Contract Profit @ 13.615%",null,{"v":0,"d":"0.00"},{"v":0,"d":"0.00"},{"v":0,"d":"0.00"}]
[null,null,"Rate per 10.00 Sqm",null,{"$f":"SUM(E684:E686)","v":{"v":29709.9,"d":"29709.90"}},{"$f":"SUM(F684:F686)","v":{"v":30220.2,"d":"30220.20"}},{"$f":"SUM(G684:G686)","v":{"v":30730.5,"d":"30730.50"}}]
[null,null,"Rate per 1.00 Sqm",null,{"$f":"ROUND(E687/10,2)","v":2970.99},{"$f":"ROUND(F687/10,2)","v":3022.02},{"$f":"ROUND(G687/10,2)","v":3073.05}]
[42,null,"Full Rounding the edges of Marble/ Granite stone slabs of all thicknesses including polishing the same."]
[null,null,"Initial Cost BMM-V.11","Rm",{"v":1,"d":"1.000"},{"$f":"'MINI SSR 2024-25'!C46","v":{"v":529,"d":"529.00"}},{"$f":"ROUND(E690*F690,2)","v":{"v":529,"d":"529.00"}}]
[null,null,"Rate per 1.00 Rm",{"$nulls":3},{"$f":"SUM(G690:G690)","v":{"v":529,"d":"529.00"}}]
[6,"BLD-CSTN-7-4","Flooring with chequrred terrazzo tiles of 22 mm thick (medium shade) set over base coat of cement mortar (1:6) 12 mm thick over CC bed already laid or RCC roof slab, including near cement slurry of honey like consistency spread @ 3.3.kgs per sqm & jointed with neat cement to full depth mixed with pigment of matching shade including cost of all materials like cement, sand water and tiles etc., complete, including seigniorage charges, complete for finished item of work"]
[null,null,"Unit = 10 Sqm"]
[null,null,"A. Materials"]
[null,null,"Chequerred terrazzo tiles of 22 mm thick (medium shade) BMT-D.01","sqm",10.05,{"$f":"'MINI SSR 2024-25'!C20","v":{"v":315,"d":"315.00"}},{"$f":"ROUND(E695*F695/1,2)","v":3165.75}]
[null,null,"Cement for CM (1:6) proportion for basecoat","Kg",{"v":28.8,"d":"28.80"},{"$f":"F674","v":{"v":4218.8,"d":"4218.80"}},{"$f":"ROUND(E696*F696/1000,2)","v":{"v":121.5,"d":"121.50"}}]
[null,null,"Cement for slurry","Kg",{"v":33,"d":"33.00"},{"$f":"F696","v":{"v":4218.8,"d":"4218.80"}},{"$f":"ROUND(E697*F697/1000,2)","v":139.22}]
[null,null,"Cement for jointing","Kg",{"v":6,"d":"6.00"},{"$f":"F697","v":{"v":4218.8,"d":"4218.80"}},{"$f":"ROUND(E698*F698/1000,2)","v":25.31}]
[null,null,"Sand for Mortar CM (1:6) proportion ","cum",0.12,{"$f":"'lead 24-25'!L13","v":{"v":1013.4699999999982,"d":"1013.47"}},{"$f":"ROUND(E699*F699,2)","v":121.62}]
[null,null,"B. Labour"]
[null,null,"Mason 2nd class","day",0.96,{"$f":"'MINI SSR 2024-25'!$H$4","v":{"v":640,"d":"640.00"}},{"$f":"ROUND(E701*F701,2)","v":{"v":614.4,"d":"614.40"}},{"$nulls":3},{"$f":"G701","v":{"v":614.4,"d":"614.40"}}]
[null,null,"Man Mazdoor  ","day",2.24,{"$f":"'MINI SSR 2024-25'!$H$5","v":{"v":595,"d":"595.00"}},{"$f":"ROUND(E702*F702,2)","v":{"v":1332.8,"d":"1332.80"}},{"$nulls":3},{"$f":"G702","v":{"v":1332.8,"d":"1332.80"}}]
[null,null,"Mazdoor (un-skilled)","day",{"v":3.3,"d":"3.30"},{"$f":"'MINI SSR 2024-25'!$H$5","v":{"v":595,"d":"595.00"}},{"$f":"ROUND(E703*F703,2)","v":{"v":1963.5,"d":"1963.50"}},{"$nulls":3},{"$f":"G703","v":{"v":1963.5,"d":"1963.50"}}]
[null,null,"Rate per 10.00 Sqm",{"$nulls":3},{"$f":"SUM(G695:G703)","v":{"v":7484.099999999999,"d":"7484.10"}},{"$nulls":3},{"$f":"SUM(K701:K703)","v":{"v":3910.7,"d":"3910.70"}}]
[{"$nulls":4},"GF","FF","SF"]
[null,null,"Basic Rate 10.00sqm",null,{"$f":"G704","v":{"v":7484.099999999999,"d":"7484.10"}},{"$f":"G704","v":{"v":7484.099999999999,"d":"7484.10"}},{"$f":"G704","v":{"v":7484.099999999999,"d":"7484.10"}}]
[null,null,"Add Lift Charges @ 10%, 20% on Labour charges B",null,null,{"$f":"ROUND((G702+G701+G703)*0.1,2)","v":391.07},{"$f":"ROUND((G703+G701+G702)*0.2,2)","v":782.14}]
[null,null,"Rate per 10.00 Sqm",null,{"$f":"SUM(E706:E707)","v":{"v":7484.099999999999,"d":"7484.10"}},{"$f":"SUM(F706:F707)","v":{"v":7875.169999999999,"d":"7875.17"}},{"$f":"SUM(G706:G707)","v":8266.24}]
[null,null,"Rate per 1.00 Sqm",null,{"$f":"ROUND(E708/10,2)","v":748.41},{"$f":"ROUND(F708/10,2)","v":787.52},{"$f":"ROUND(G708/10,2)","v":826.62}]
[44,"BLD-CSTN-7-20","Providing Skirting to internal walls to 15cm height / risers of steps with chequrred terrazzo tiles length equal to flooring stones, set over base coat of CM (1:5) 12mm thick with Cement slurry of honey like consistency spread @ 3.30 Kgs per Sqm & jointed with white Cement paste mixed with pigment of matching shade to full depth, including c/c of materials like Cement, Sand and Water and tiles etc complete for finished item of work "]
[null,null,"Unit = 10 Sqm"]
[null,null,"A. Materials"]
[null,null,"Chequerred terrazzo tiles of 22 mm thick (medium shade) BMT-D.01","sqm",{"v":10.1,"d":"10.10"},{"$f":"'MINI SSR 2024-25'!C20","v":{"v":315,"d":"315.00"}},{"$f":"ROUND(E713*F713/1,2)","v":{"v":3181.5,"d":"3181.50"}}]
[null,null,"Sand for Mortar for CM (1:5) proportion ","cum",0.12,{"$f":"F699","v":{"v":1013.4699999999982,"d":"1013.47"}},{"$f":"ROUND(E714*F714,2)","v":121.62}]
[null,null,"Cement for CM (1:5) base coat","Kg",34.56,{"$f":"F696","v":{"v":4218.8,"d":"4218.80"}},{"$f":"ROUND(E715*F715/1000,2)","v":{"v":145.8,"d":"145.80"}}]
[null,null,"Cement for Slurry","Kg",{"v":33,"d":"33.00"},{"$f":"F715","v":{"v":4218.8,"d":"4218.80"}},{"$f":"ROUND(E716*F716/1000,2)","v":139.22}]
[null,null,"White Cement jointing & pointing BMS.W.68","Kg",{"v":2,"d":"2.00"},{"$f":"'MINI SSR 2024-25'!C45","v":27.95},{"$f":"ROUND(E717*F717,2)","v":{"v":55.9,"d":"55.90"}}]
[null,null,"B. Labour"]
[null,null,"Mason 1st class","day",0.96,{"$f":"'MINI SSR 2024-25'!$H$3","v":{"v":710,"d":"710.00"}},{"$f":"ROUND(E719*F719,2)","v":{"v":681.6,"d":"681.60"}}]
[null,null,"Mason 2nd class","day",2.24,{"$f":"'MINI SSR 2024-25'!$H$4","v":{"v":640,"d":"640.00"}},{"$f":"ROUND(E720*F720,2)","v":{"v":1433.6,"d":"1433.60"}}]
[null,null,"Mazdoor (un-skilled)","day",{"v":3.3,"d":"3.30"},{"$f":"'MINI SSR 2024-25'!$H$5","v":{"v":595,"d":"595.00"}},{"$f":"ROUND(E721*F721,2)","v":{"v":1963.5,"d":"1963.50"}}]
[null,null,"Rate per 10.00 Sqm",{"$nulls":3},{"$f":"SUM(G713:G721)","v":7722.74}]
[{"$nulls":4},"GF","FF","SF"]
[null,null,"Basic Rate 10sqm",null,{"$f":"G722","v":7722.74},{"$f":"G722","v":7722.74},{"$f":"G722","v":7722.74}]
[null,null,"Add Lift Charges @ 10%, 20% on Labour charges on B",null,null,{"$f":"ROUND((G720+G719+G721)*0.1,2)","v":407.87},{"$f":"ROUND((G721+G719+G720)*0.2,2)","v":815.74}]
[null,null,"10.00 Sqm",null,{"$f":"SUM(E724:E725)","v":7722.74},{"$f":"SUM(F724:F725)","v":8130.61},{"$f":"SUM(G724:G725)","v":8538.48}]
[null,null,"1.00 Sqm",null,{"$f":"ROUND(E726/10,2)","v":772.27},{"$f":"ROUND(F726/10,2)","v":813.06},{"$f":"ROUND(G726/10,2)","v":853.85}]
[16,"BLD-CSTN-7-5","Flooring with Porcelain Vitrified tiles stain free double charged of 1st quality and of size not less than 600X600X8mm thickness glossy finish premium colours, set over base coat of CM (1:8), 12mm thick over already laid CC bed / RCC Roof slab, including neat Cement slurry of honey like consistency spread @ 3.30 Kgs per Sqm & jointed with neat white Cement paste to full depth mixed with pigment of matching shade including c/c of all materials like Cement, Sand and Water and tiles etc complete including labour charges etc complete for finished item of work "]
[null,null,"Unit = 10 Sqm"]
[null,null,"A. Materials"]
[null,null,"Vitrified tiles  600X600X8mm th BMT-C.09","sqm",{"v":10.1,"d":"10.10"},{"$f":"'MINI SSR 2024-25'!C21","v":{"v":625,"d":"625.00"}},{"$f":"ROUND(E731*F731,2)","v":{"v":6312.5,"d":"6312.50"}}]
[null,null,"Cement for CM (1:8) proportion for basecoat","Kg",{"v":21.6,"d":"21.60"},{"$f":"'lead 24-25'!L8","v":{"v":4218.8,"d":"4218.80"}},{"$f":"ROUND(E732*F732/1000,2)","v":91.13}]
[null,null,"Cement for slurry","Kg",{"v":33,"d":"33.00"},{"$f":"F732","v":{"v":4218.8,"d":"4218.80"}},{"$f":"ROUND(E733*F733/1000,2)","v":139.22}]
[null,null,"Cement for pointing with CM (1:3)","Kg",{"v":6,"d":"6.00"},{"$f":"F733","v":{"v":4218.8,"d":"4218.80"}},{"$f":"ROUND(E734*F734/1000,2)","v":25.31}]
[null,null,"Sand for Mortar for CM (1:8) proportion ","cum",0.12,{"$f":"'lead 24-25'!L13","v":{"v":1013.4699999999982,"d":"1013.47"}},{"$f":"ROUND(E735*F735,2)","v":121.62}]
[null,null,"Sand for Moratr for pointing","cum",0.02,{"$f":"F735","v":{"v":1013.4699999999982,"d":"1013.47"}},{"$f":"ROUND(E736*F736,2)","v":20.27}]
[null,null,"B. Labour"]
[null,null,"Mason 1st class","day",0.96,{"$f":"'MINI SSR 2024-25'!$H$3","v":{"v":710,"d":"710.00"}},{"$f":"ROUND(E738*F738,2)","v":{"v":681.6,"d":"681.60"}}]
[null,null,"Mason 2nd class","day",2.24,{"$f":"'MINI SSR 2024-25'!$H$4","v":{"v":640,"d":"640.00"}},{"$f":"ROUND(E739*F739,2)","v":{"v":1433.6,"d":"1433.60"}}]
[null,null,"Mazdoor (un-skilled)","day",{"v":3.3,"d":"3.30"},{"$f":"'MINI SSR 2024-25'!$H$5","v":{"v":595,"d":"595.00"}},{"$f":"ROUND(E740*F740,2)","v":{"v":1963.5,"d":"1963.50"}}]
[null,null,"Add water charges 1% ",null,0.01,{"$f":"SUM(G731:G740)","v":{"v":10788.750000000002,"d":"10788.75"}},{"$f":"ROUND(E741*F741,2)","v":107.89}]
[null,null,"Rate per 10.00 Sqm",{"$nulls":3},{"$f":"SUM(G731:G741)","v":{"v":10896.640000000001,"d":"10896.64"}}]
[{"$nulls":4},"GF","FF","SF"]
[null,null,"Basic Rate 10sqm",null,{"$f":"G742","v":{"v":10896.640000000001,"d":"10896.64"}},{"$f":"G742","v":{"v":10896.640000000001,"d":"10896.64"}},{"$f":"G742","v":{"v":10896.640000000001,"d":"10896.64"}}]
[null,null,"Add Lift Charges @ 10%, 20% on Labour charges on B",null,null,{"$f":"ROUND((G738+G739+G740)*0.1,2)","v":407.87},{"$f":"ROUND((G738+G739+G740)*0.2,2)","v":815.74}]
[null,null,"Contract Profit @ 13.615%",null,{"$f":"ROUND((E744+E745)*$C$3,2)","v":1483.58},{"$f":"ROUND((F744+F745)*$C$3,2)","v":1539.11},{"$f":"ROUND((G744+G745)*$C$3,2)","v":1594.64}]
[null,null,"10.00 Sqm",null,{"$f":"SUM(E744:E746)","v":{"v":12380.220000000001,"d":"12380.22"}},{"$f":"SUM(F744:F746)","v":{"v":12843.620000000003,"d":"12843.62"}},{"$f":"SUM(G744:G746)","v":13307.02}]
[null,null,"1.00 Sqm",null,{"$f":"ROUND(E747/10,2)","v":1238.02},{"$f":"ROUND(F747/10,2)","v":1284.36},{"$f":"ROUND(G747/10,2)","v":{"v":1330.7,"d":"1330.70"}}]
[17,"BLD-CSTN-7-20","Providing Skirting to internal walls to 15cm height / risers of steps with Porcelain Vitrified tiles length equal to flooring stones, set over base coat of CM (1:5) 12mm thick with Cement slurry of honey like consistency spread @ 3.30 Kgs per Sqm & jointed with white Cement paste mixed with pigment of matching shade to full depth, including c/c of materials like Cement, Sand and Water and tiles etc complete for finished item of work "]
[null,null,"Unit = 10 Sqm"]
[null,null,"A. Materials"]
[null,null,"Vitrified tiles  600X600X8mm th BMT-C.09","sqm",{"v":10.1,"d":"10.10"},{"$f":"'MINI SSR 2024-25'!C21","v":{"v":625,"d":"625.00"}},{"$f":"ROUND(E752*F752,2)","v":{"v":6312.5,"d":"6312.50"}}]
[null,null,"Sand for Mortar for CM (1:5) proportion ","cum",0.12,{"$f":"'lead 24-25'!L13","v":{"v":1013.4699999999982,"d":"1013.47"}},{"$f":"ROUND(E753*F753,2)","v":121.62}]
[null,null,"Cement for CM (1:5) base coat","Kg",34.56,{"$f":"'lead 24-25'!L8","v":{"v":4218.8,"d":"4218.80"}},{"$f":"ROUND(E754*F754/1000,2)","v":{"v":145.8,"d":"145.80"}}]
[null,null,"Cement for Slurry","Kg",{"v":33,"d":"33.00"},{"$f":"F754","v":{"v":4218.8,"d":"4218.80"}},{"$f":"ROUND(E755*F755/1000,2)","v":139.22}]
[null,null,"White Cement jointing & pointing BMS.W.68","Kg",{"v":2,"d":"2.00"},{"$f":"'MINI SSR 2024-25'!C45","v":27.95},{"$f":"ROUND(E756*F756,2)","v":{"v":55.9,"d":"55.90"}}]
[null,null,"B. Labour"]
[null,null,"Mason 1st class","day",0.96,{"$f":"'MINI SSR 2024-25'!$H$3","v":{"v":710,"d":"710.00"}},{"$f":"ROUND(E758*F758,2)","v":{"v":681.6,"d":"681.60"}}]
[null,null,"Mason 2nd class","day",2.24,{"$f":"'MINI SSR 2024-25'!$H$4","v":{"v":640,"d":"640.00"}},{"$f":"ROUND(E759*F759,2)","v":{"v":1433.6,"d":"1433.60"}}]
[null,null,"Mazdoor (un-skilled)","day",{"v":3.3,"d":"3.30"},{"$f":"'MINI SSR 2024-25'!$H$5","v":{"v":595,"d":"595.00"}},{"$f":"ROUND(E760*F760,2)","v":{"v":1963.5,"d":"1963.50"}}]
[null,null,"Rate per 10.00 Sqm",{"$nulls":3},{"$f":"SUM(G752:G760)","v":10853.74}]
[{"$nulls":4},"GF","FF","SF"]
[null,null,"Basic Rate 10sqm",null,{"$f":"G761","v":10853.74},{"$f":"G761","v":10853.74},{"$f":"G761","v":10853.74}]
[null,null,"Add Lift Charges @ 10%, 20% on Labour charges on B",null,null,{"$f":"ROUND((G758+G759+G760)*0.1,2)","v":407.87},{"$f":"ROUND((G758+G759+G760)*0.2,2)","v":815.74}]
[null,null,"Contract Profit @ 13.615%",null,{"$f":"ROUND((E763+E764)*$C$3,2)","v":1477.74},{"$f":"ROUND((F763+F764)*$C$3,2)","v":1533.27},{"$f":"ROUND((G763+G764)*$C$3,2)","v":{"v":1588.8,"d":"1588.80"}}]
[null,null,"10.00 Sqm",null,{"$f":"SUM(E763:E765)","v":12331.48},{"$f":"SUM(F763:F765)","v":{"v":12794.880000000001,"d":"12794.88"}},{"$f":"SUM(G763:G765)","v":{"v":13258.279999999999,"d":"13258.28"}}]
[null,null,"1.00 Sqm",null,{"$f":"ROUND(E766/10,2)","v":1233.15},{"$f":"ROUND(F766/10,2)","v":1279.49},{"$f":"ROUND(G766/10,2)","v":1325.83}]
[6,"BLD-CSTN-7-6","Flooring with Ceramic non skid tiles of not less than 7-8mm thick 1st quality laid over floor bed / VRCC slab set over base coat of CM (1:8), 12mm thick and neat grey Cement slurry of honey like consistency spread @ 3.30 Kgs per Sqm & jointed with neat white Cement paste to full depth mixed with pigment of matching shade including c/c of all materials to site including cost of mixing of mortar and watering and levelling to proper slope and curing including all labour charges etc for finished item of work  "]
[null,null,"Unit = 10 Sqm"]
[null,null,"A. Materials"]
[null,null,"Non-Skid Ceramic tiles 300X300 BMT-C.01 ","sqm",{"v":10.1,"d":"10.10"},{"$f":"'MINI SSR 2024-25'!C22","v":{"v":396.4,"d":"396.40"}},{"$f":"ROUND(E771*F771,2)","v":4003.64}]
[null,null,"Cement for CM (1:8) proportion for basecoat","Kg",{"v":21.6,"d":"21.60"},{"$f":"'lead 24-25'!L8","v":{"v":4218.8,"d":"4218.80"}},{"$f":"ROUND(E772*F772/1000,2)","v":91.13}]
[null,null,"Cement for slurry","Kg",{"v":33,"d":"33.00"},{"$f":"F772","v":{"v":4218.8,"d":"4218.80"}},{"$f":"ROUND(E773*F773/1000,2)","v":139.22}]
[null,null,"White Cement jointing & pointing BMS.W.68","Kg",{"v":2,"d":"2.00"},{"$f":"'MINI SSR 2024-25'!C45","v":27.95},{"$f":"ROUND(E774*F774,2)","v":{"v":55.9,"d":"55.90"}}]
[null,null,"Sand for Mortar CM (1:8) proportion ","cum",0.12,{"$f":"'lead 24-25'!L13","v":{"v":1013.4699999999982,"d":"1013.47"}},{"$f":"ROUND(E775*F775,2)","v":121.62}]
[null,null,"B. Labour"]
[null,null,"Mason 1st class","day",0.96,{"$f":"'MINI SSR 2024-25'!$H$3","v":{"v":710,"d":"710.00"}},{"$f":"ROUND(E777*F777,2)","v":{"v":681.6,"d":"681.60"}}]
[null,null,"Mason 2nd class","day",2.24,{"$f":"'MINI SSR 2024-25'!$H$4","v":{"v":640,"d":"640.00"}},{"$f":"ROUND(E778*F778,2)","v":{"v":1433.6,"d":"1433.60"}}]
[null,null,"Mazdoor (un-skilled)","day",{"v":3.3,"d":"3.30"},{"$f":"'MINI SSR 2024-25'!$H$5","v":{"v":595,"d":"595.00"}},{"$f":"ROUND(E779*F779,2)","v":{"v":1963.5,"d":"1963.50"}}]
[null,null,"Rate per 10.00 Sqm",{"$nulls":3},{"$f":"SUM(G771:G779)","v":8490.21}]
[{"$nulls":4},"GF","FF","SF"]
[null,null,"Basic Rate 10sqm",null,{"$f":"G780","v":8490.21},{"$f":"G780","v":8490.21},{"$f":"G780","v":8490.21}]
[null,null,"Add Lift Charges @ 10%, 20% on Labour charges on B",null,null,{"$f":"ROUND((G777+G778+G779)*0.1,2)","v":407.87},{"$f":"ROUND((G777+G778+G779)*0.2,2)","v":815.74}]
[null,null,"10.00 Sqm",null,{"$f":"SUM(E782:E783)","v":8490.21},{"$f":"SUM(F782:F783)","v":8898.08},{"$f":"SUM(G782:G783)","v":{"v":9305.949999999999,"d":"9305.95"}}]
[null,null,"1.00 Sqm",null,{"$f":"ROUND(E784/10,2)","v":849.02},{"$f":"ROUND(F784/10,2)","v":889.81},{"$f":"ROUND(G784/10,2)","v":{"v":930.6,"d":"930.60"}}]
[7,"BLD-CSTN-7-18","Providing Daddooing to walls with 5 to 7mm thick Glazed Ceramic wall tiles of 1st quality of 6mm thick set over base coat of CM (1:3) 12mm thick with Cement slurry of honey like consistency spread @ 3.30 Kgs per Sqm & jointed with neat white Cement paste to full depth mixed with pigment of matching shade including c/c of all materials to site, cost of all materials like tiles, Cement, sand and water etc complete for finished item of work  "]
[null,null,"Unit = 10 Sqm"]
[null,null,"A. Materials"]
[null,null,"Glazed Ceramic wall tiles 6mm BMT.C.21","sqm",{"v":10,"d":"10.00"},{"$f":"'MINI SSR 2024-25'!C23","v":{"v":330,"d":"330.00"}},{"$f":"ROUND(E789*F789,2)","v":{"v":3300,"d":"3300.00"}}]
[null,null,"Sand for Mortar CM (1:3) proportion ","cum",0.12,{"$f":"'lead 24-25'!L13","v":{"v":1013.4699999999982,"d":"1013.47"}},{"$f":"ROUND(E790*F790,2)","v":121.62}]
[null,null,"Cement for CM (1:3) base coat","Kg",{"v":57.6,"d":"57.60"},{"$f":"'lead 24-25'!L8","v":{"v":4218.8,"d":"4218.80"}},{"$f":"ROUND(E791*F791/1000,2)","v":{"v":243,"d":"243.00"}}]
[null,null,"Cement for Slurry","Kg",{"v":33,"d":"33.00"},{"$f":"F791","v":{"v":4218.8,"d":"4218.80"}},{"$f":"ROUND(E792*F792/1000,2)","v":139.22}]
[null,null,"White Cement for jointing and pointing ","Kg",{"v":6,"d":"6.00"},{"$f":"'MINI SSR 2024-25'!C45","v":27.95},{"$f":"ROUND(E793*F793,2)","v":{"v":167.7,"d":"167.70"}}]
[null,null,"B. Labour"]
[null,null,"Mason 1st class","day",0.77,{"$f":"'MINI SSR 2024-25'!$H$3","v":{"v":710,"d":"710.00"}},{"$f":"ROUND(E795*F795,2)","v":{"v":546.7,"d":"546.70"}}]
[null,null,"Mazdoor (un-skilled)","day",{"v":0.8,"d":"0.80"},{"$f":"'MINI SSR 2024-25'!$H$5","v":{"v":595,"d":"595.00"}},{"$f":"ROUND(E796*F796,2)","v":{"v":476,"d":"476.00"}}]
[null,null,"Rate per 10.00 Sqm",{"$nulls":3},{"$f":"SUM(G789:G796)","v":4994.24}]
[{"$nulls":4},"GF","FF","SF"]
[null,null,"Basic Rate 10sqm",null,{"$f":"G797","v":4994.24},{"$f":"G797","v":4994.24},{"$f":"G797","v":4994.24}]
[null,null,"Add Lift Charges @ 10%, 20% on Labour charges on B",null,null,{"$f":"ROUND((G795+G796)*0.1,2)","v":102.27},{"$f":"ROUND((G795+G796)*0.2,2)","v":204.54}]
[null,null,"10.00 Sqm",null,{"$f":"SUM(E799:E800)","v":4994.24},{"$f":"SUM(F799:F800)","v":5096.51},{"$f":"SUM(G799:G800)","v":5198.78}]
[null,null,"1.00 Sqm",null,{"$f":"ROUND(E801/10,2)","v":499.42},{"$f":"ROUND(F801/10,2)","v":509.65},{"$f":"ROUND(G801/10,2)","v":519.88}]
[4,"BLD-CSTN-5-1","Flush Pointing with CM (1:3) to Brick Masonry"]
[null,null,"Unit = 10 sqm"]
[null,null,"A. Materials"]
[null,null,"Cement  ","Kg",{"v":14.4,"d":"14.40"},{"$f":"'lead 24-25'!L8","v":{"v":4218.8,"d":"4218.80"}},{"$f":"ROUND(E806*F806/1000,2)","v":60.75}]
[null,null,"Fine aggregate (Sand) for Mortar ","cum",0.03,{"$f":"'lead 24-25'!L13","v":{"v":1013.4699999999982,"d":"1013.47"}},{"$f":"ROUND(E807*F807,2)","v":{"v":30.4,"d":"30.40"}}]
[null,null,"B. Labour"]
[null,null,"Mason 2nd class","day",{"v":0.5,"d":"0.50"},{"$f":"'MINI SSR 2024-25'!$H$4","v":{"v":640,"d":"640.00"}},{"$f":"ROUND(E809*F809,2)","v":{"v":320,"d":"320.00"}}]
[null,null,"Mazdoor (un-skilled)","day",0.74,{"$f":"'MINI SSR 2024-25'!$H$5","v":{"v":595,"d":"595.00"}},{"$f":"ROUND(E810*F810,2)","v":{"v":440.3,"d":"440.30"}}]
[null,null,"Rate per 10.00 Sqm",{"$nulls":3},{"$f":"SUM(G806:G810)","v":851.45}]
[5,"BLD-CSTN-7-11","Flooring with pressed clay flooring tiles, set over base coat of cement mortar (1:8) 12 mm thick over CC bed already laid or RCC roof slab, including neat cement slurry of honey like consistency spread @ 3.3.kgs per sqm & jointed neatly with cement mixed with pigment of matching shade to full depth, including cost of all materials like cement, sand water and tiles etc., complete, for finished item of work,     "]
[null,null,"Unit = 10 sqm"]
[null,null,"A. Materials"]
[null,null,"20 X 20 cm pressed clay flooring tiles","No's",0.255,{"$f":"'lead 24-25'!L24","v":31737.24},{"$f":"ROUND(E815*F815/1,2)","v":{"v":8093,"d":"8093.00"}}]
[null,null,"Cement for CM (1:8) for base coat","Kgs",{"v":21.6,"d":"21.60"},{"$f":"'lead 24-25'!L8","v":{"v":4218.8,"d":"4218.80"}},{"$f":"ROUND(E816*F816/1000,2)","v":91.13}]
[null,null,"Cement for jointing & pointing","Kgs",{"v":6,"d":"6.00"},{"$f":"F816","v":{"v":4218.8,"d":"4218.80"}},{"$f":"ROUND(E817*F817/1000,2)","v":25.31}]
[null,null,"Pointing with CM (1:3)","Sqm",{"v":1,"d":"1.00"},{"$f":"G811","v":851.45},{"$f":"ROUND(E818*F818/1,2)","v":851.45}]
[null,null,"Deduct CM (1:3)","cum",0.04,{"$f":"'lead 24-25'!L13","v":{"v":1013.4699999999982,"d":"1013.47"}},{"$f":"-ROUND(E819*F819,2)","v":-40.54}]
[null,null,"Sand for CM (1:8)","cum",0.12,{"$f":"F819","v":{"v":1013.4699999999982,"d":"1013.47"}},{"$f":"ROUND(E820*F820,2)","v":121.62}]
[null,null,"B. Labour"]
[null,null,"Mason 1st class","day",0.96,{"$f":"'MINI SSR 2024-25'!$H$3","v":{"v":710,"d":"710.00"}},{"$f":"ROUND(E822*F822,2)","v":{"v":681.6,"d":"681.60"}}]
[null,null,"Mason 2nd class","day",2.24,{"$f":"'MINI SSR 2024-25'!$H$4","v":{"v":640,"d":"640.00"}},{"$f":"ROUND(E823*F823,2)","v":{"v":1433.6,"d":"1433.60"}}]
[null,null,"Mazdoor (un-skilled)","day",{"v":4.3,"d":"4.30"},{"$f":"'MINI SSR 2024-25'!$H$5","v":{"v":595,"d":"595.00"}},{"$f":"ROUND(E824*F824,2)","v":{"v":2558.5,"d":"2558.50"}}]
[null,null,"Rate per 10.00 Sqm",{"$nulls":3},{"$f":"SUM(G815:G824)","v":{"v":13815.670000000002,"d":"13815.67"}}]
[{"$nulls":4},"GF","FF","SF"]
[null,null,"Basic Rate 10sqm",null,{"$f":"G825","v":{"v":13815.670000000002,"d":"13815.67"}},{"$f":"G825","v":{"v":13815.670000000002,"d":"13815.67"}},{"$f":"G825","v":{"v":13815.670000000002,"d":"13815.67"}}]
[null,null,"Add Lift Charges @ 10%, 20% on Labour charges on B",null,null,{"$f":"ROUND((G823+G824+G822)*0.1,2)","v":467.37},{"$f":"ROUND((G823+G824+G822)*0.2,2)","v":934.74}]
[null,null,"10.00 Sqm",null,{"$f":"SUM(E827:E828)","v":{"v":13815.670000000002,"d":"13815.67"}},{"$f":"SUM(F827:F828)","v":{"v":14283.040000000003,"d":"14283.04"}},{"$f":"SUM(G827:G828)","v":{"v":14750.410000000002,"d":"14750.41"}}]
[null,null,"1.00 Sqm",null,{"$f":"ROUND(E829/10,2)","v":1381.57},{"$f":"ROUND(F829/10,2)","v":{"v":1428.3,"d":"1428.30"}},{"$f":"ROUND(G829/10,2)","v":1475.04}]
[9,"BLD-CSTN-7-13","Gronolithie Concrete Flooring 20 mm thick with (1:1:2), using 6mm to 12 mm size hard granite machine crushed metal laid over CC bed already laid or RCC roof slab, in alternate panels of size not exceeding 1.50 m x 1.50 m and finishing the top surface to required smoothness and slopes and thread lining including cost of all materials like cement, metal, sand and water etc., complete, including seigniorage charges, etc., complete for finished item of work, but excluding the cost of conveyance of all materials"]
[null,null,"Unit = 10 Sqm"]
[null,null,"A. Materials"]
[null,null,"6mm to 12 mm H.G. Metal (Machine crushed)","cum",0.17,{"$f":"F36","v":{"v":2386.1000000000004,"d":"2386.10"}},{"$f":"ROUND(E834*F834,2)","v":405.64}]
[null,null,"Cement","Kg",{"v":120,"d":"120.00"},{"$f":"'lead 24-25'!L8","v":{"v":4218.8,"d":"4218.80"}},{"$f":"ROUND(E835*F835/1000,2)","v":506.26}]
[null,null,"Sand","cum",{"v":0.085,"d":"0.09"},{"$f":"'lead 24-25'!L14","v":{"v":1013.4699999999982,"d":"1013.47"}},{"$f":"ROUND(E836*F836,2)","v":86.14}]
[null,null,"B. Labour"]
[null,null,"Mason 1st class","day",1.25,{"$f":"F822","v":{"v":710,"d":"710.00"}},{"$f":"ROUND(E838*F838,2)","v":{"v":887.5,"d":"887.50"}}]
[null,null,"Mason 2nd class","day",0.06,{"$f":"F823","v":{"v":640,"d":"640.00"}},{"$f":"ROUND(E839*F839,2)","v":{"v":38.4,"d":"38.40"}}]
[null,null,"Mazdoor (un-skilled)","day",{"v":3,"d":"3.00"},{"$f":"F824","v":{"v":595,"d":"595.00"}},{"$f":"ROUND(E840*F840,2)","v":{"v":1785,"d":"1785.00"}}]
[null,null,"Rate per 10.00 Sqm",{"$nulls":3},{"$f":"SUM(G834:G840)","v":3708.94}]
[{"$nulls":4},"GF","FF","SF"]
[null,null,"Basic Rate 10sqm",null,{"$f":"G841","v":3708.94},{"$f":"G841","v":3708.94},{"$f":"G841","v":3708.94}]
[null,null,"Add Lift Charges @ 10%, 20% on Labour charges on B",null,null,{"$f":"ROUND((G838+G839+G840)*0.1,2)","v":271.09},{"$f":"ROUND((G838+G839+G840)*0.2,2)","v":542.18}]
[null,null,"10.00 Sqm",null,{"$f":"SUM(E843:E844)","v":3708.94},{"$f":"SUM(F843:F844)","v":3980.03},{"$f":"SUM(G843:G844)","v":4251.12}]
[null,null,"1.00 Sqm",null,{"$f":"ROUND(E845/10,2)","v":370.89},{"$f":"ROUND(F845/10,2)","v":{"v":398,"d":"398.00"}},{"$f":"ROUND(G845/10,2)","v":425.11}]
[51,"BLD-CSTN-9-4","White washing one coat with whiting of approved quality to give an even shade after thoroughly brushing the surface to remove all dirt and remains of loose powdered materials including cost of all materials, labour charges and incidental such as scaffolding, lift charges etc., complete for finished item of work, but excluding conveyance charges of materials"]
[null,null,"Unit = 10 Sqm"]
[null,null,"A. Materials"]
[null,null,"Whiting / White Cement / BMT-J.31","20Kg",{"v":1.2,"d":"1.20"},{"$f":"'MINI SSR 2024-25'!G40","v":{"v":607,"d":"607.00"}},{"$f":"ROUND(F850/20*E850,2)","v":36.42}]
[null,null,"B. Labour"]
[null,null,"Painter","day",0.11,{"$f":"'MINI SSR 2024-25'!H8","v":{"v":795,"d":"795.00"}},{"$f":"ROUND(E852*F852,2)","v":87.45}]
[null,null,"Mazdoor (un-skilled)","day",0.22,{"$f":"'MINI SSR 2024-25'!$H$5","v":{"v":595,"d":"595.00"}},{"$f":"ROUND(E853*F853,2)","v":{"v":130.9,"d":"130.90"}}]
[null,null,"Sundries including brushes, ladders, etc.,5%",null,0.05,{"$f":"SUM(G850:G853)","v":254.77},{"$f":"ROUND(E854*F854,2)","v":12.74}]
[null,null,"Rate per 10.00 Sqm",{"$nulls":3},{"$f":"SUM(G850:G854)","v":267.51}]
[{"$nulls":4},"GF","FF","SF"]
[null,null,"Basic Rate 10 sqm",null,{"$f":"G855","v":267.51},{"$f":"E857","v":267.51},{"$f":"F857","v":267.51}]
[null,null,"Add Lift Charges @ 10%, 20% on Labour charges on B",null,null,{"$f":"ROUND((G852+G853)*0.1,2)","v":21.84},{"$f":"ROUND((G852+G853)*0.1,2)","v":21.84}]
[null,null,"10.00 Sqm",null,{"$f":"SUM(E857:E858)","v":267.51},{"$f":"SUM(F857:F858)","v":{"v":289.34999999999997,"d":"289.35"}},{"$f":"SUM(G857:G858)","v":{"v":289.34999999999997,"d":"289.35"}}]
[null,null,"1.00 Sqm",null,{"$f":"ROUND(E859/10,2)","v":26.75},{"$f":"ROUND(F859/10,2)","v":28.94},{"$f":"ROUND(G859/10,2)","v":28.94}]
[8,"Amendment ofasper Building SSR 2011-12","Providing and applying Wall putty of White Cement or Polymer or Cement based of average 1 to 2 mm thickness over plastered surface to prepare the surface even and smooth after thoroughly brushing the surface to remove all dirt and remains of loose powdered materials, applying emery paper, Sand the surface, clean & wipe off loose dust, applying knifing paste filler by putty knife / muslin pad, air dry for 2 - 3 hrs, sand with 180 and 320 No., emery paper for the surface preparation including cost and conveyance of all materials and all operational, incidental and all labour charges etc., complete for finished item of work in all floors for internal walls"]
[null,null,"Unit = 10 Sqm"]
[null,null,"A. Materials"]
[null,null,"wall putty (BMT-J.31)","20Kg",{"v":23,"d":"23.00"},{"$f":"'MINI SSR 2024-25'!G40","v":{"v":607,"d":"607.00"}},{"$f":"ROUND(F864/20*E864,2)","v":698.05}]
[null,null,"B. Labour"]
[null,null,"Painter 1st class","day",0.273,{"$f":"'MINI SSR 2024-25'!$H$8","v":{"v":795,"d":"795.00"}},{"$f":"ROUND(E866*F866,2)","v":217.04}]
[null,null,"Painter 2nd class","day",0.637,{"$f":"'MINI SSR 2024-25'!$H$9","v":{"v":640,"d":"640.00"}},{"$f":"ROUND(E867*F867,2)","v":407.68}]
[null,null,"Mazdoor (un-skilled)","day",{"v":0.91,"d":"0.910"},{"$f":"'MINI SSR 2024-25'!$H$5","v":{"v":595,"d":"595.00"}},{"$f":"ROUND(E868*F868,2)","v":541.45}]
[null,null,"Sundries",null,0.01,{"$f":"SUM(G864:G868)","v":1864.22},{"$f":"ROUND(E869*F869,2)","v":18.64}]
[null,null,"Rate per 10.00 Sqm",{"$nulls":3},{"$f":"SUM(G864:G869)","v":{"v":1882.8600000000001,"d":"1882.86"}}]
[{"$nulls":4},"GF","FF","SF"]
[null,null,"Basic Rate 10 sqm",null,{"$f":"G870","v":{"v":1882.8600000000001,"d":"1882.86"}},{"$f":"E872","v":{"v":1882.8600000000001,"d":"1882.86"}},{"$f":"F872","v":{"v":1882.8600000000001,"d":"1882.86"}}]
[null,null,"Add Lift Charges @ 10%, 20% on Labour charges on B",null,null,{"$f":"ROUND((G866+G867+G868)*0.1,2)","v":116.62},{"$f":"ROUND(F873*2,2)","v":233.24}]
[null,null,"10.00 Sqm",null,{"$f":"SUM(E872:E873)","v":{"v":1882.8600000000001,"d":"1882.86"}},{"$f":"SUM(F872:F873)","v":1999.48},{"$f":"SUM(G872:G873)","v":{"v":2116.1000000000004,"d":"2116.10"}}]
[null,null,"1.00 Sqm",null,{"$f":"ROUND(E874/10,2)","v":188.29},{"$f":"ROUND(F874/10,2)","v":199.95},{"$f":"ROUND(G874/10,2)","v":211.61}]
[18,"BLD-CSTN-10-2","Painting, Priming Coat on New Plastered Surface for internal walls"]
[null,null,"Unit: 10 sqm"]
[null,null,"A. MATERIALS :"]
[null,null,"Cement Primer Interior Grade  BMT-J.01","kg",{"v":1,"d":"1.00"},{"$f":"'MINI SSR 2024-25'!G41","v":{"v":175,"d":"175.00"}},{"$f":"ROUND(E879*F879,2)","v":{"v":175,"d":"175.00"}}]
[null,null,"B. LABOUR"]
[null,null,"Painter 1st class","day",0.21,{"$f":"'MINI SSR 2024-25'!$H$8","v":{"v":795,"d":"795.00"}},{"$f":"ROUND(E881*F881,2)","v":166.95}]
[null,null,"Painter 2nd class","day",0.49,{"$f":"'MINI SSR 2024-25'!$H$9","v":{"v":640,"d":"640.00"}},{"$f":"ROUND(E882*F882,2)","v":{"v":313.6,"d":"313.60"}}]
[null,null,"Sundries including brushes, soaps, putty etc.,",null,0.005,{"$f":"SUM(G879:G882)","v":655.55},{"$f":"ROUND(E883*F883,2)","v":3.28}]
[null,null,"Total cost for 10 sqm",{"$nulls":3},{"$f":"SUM(G879:G883)","v":{"v":658.8299999999999,"d":"658.83"}}]
[null,null,"BASIC COST per 10 sqm",{"$nulls":3},{"$f":"ROUND(SUM(G884:G884),2)","v":658.83}]
[19,"BLD-CSTN-10-2","Painting, Priming Coat on New Plastered Surface for external walls"]
[null,null,"Unit: 10 sqm"]
[null,null,"A. MATERIALS :"]
[null,null,"Cement Primer external Grade  BMT-J.02","kg",{"v":1,"d":"1.00"},{"$f":"'MINI SSR 2024-25'!G42","v":{"v":205,"d":"205.00"}},{"$f":"ROUND(E889*F889,2)","v":{"v":205,"d":"205.00"}}]
[null,null,"B. LABOUR"]
[null,null,"Painter 1st class","day",0.21,{"$f":"'MINI SSR 2024-25'!$H$8","v":{"v":795,"d":"795.00"}},{"$f":"ROUND(E891*F891,2)","v":166.95}]
[null,null,"Painter 2nd class","day",0.49,{"$f":"'MINI SSR 2024-25'!$H$9","v":{"v":640,"d":"640.00"}},{"$f":"ROUND(E892*F892,2)","v":{"v":313.6,"d":"313.60"}}]
[null,null,"Sundries including brushes, soaps, putty etc.,",null,0.005,{"$f":"SUM(G889:G892)","v":685.55},{"$f":"ROUND(E893*F893,2)","v":3.43}]
[null,null,"Total cost for 10 sqm",{"$nulls":3},{"$f":"SUM(G889:G893)","v":{"v":688.9799999999999,"d":"688.98"}}]
[null,null,"BASIC COST per 10 sqm",{"$nulls":3},{"$f":"ROUND(SUM(G894:G894),2)","v":688.98}]
[20,"Amendment ofasper Building SSR 2011-12","Painting to new walls with 2 coats of acrylic Emulsion paint Asian or equivalent and shade over Priming coat with Cement primer water base interior Gr-1 Asian or equivalent on new plastered surface after throughly brushing the surace remove all dirt and remains of loose powdered materials including cost and conveyance of all materials to worksite and all oparational, incidental, labour charges etc complete for  finished item of work as per SS 911 for internal walls"]
[null,null,"PRIMARY COAT:"]
[null,null,"Painting, Priming Coat with Cement Primer ","10 Sqm",{"v":1,"d":"1.00"},{"$f":"G885","v":658.83},{"$f":"ROUND(E898*F898,2)","v":658.83}]
[]
[null,null,"A) MATERIALS : "]
[null,null,"acrylic Emulsion paint ","Ltr",{"v":0.8,"d":"0.80"},{"$f":"'MINI SSR 2024-25'!G43","v":{"v":200,"d":"200.00"}},{"v":160,"d":"160.00"}]
[null,null,"B) LABOUR "]
[null,null,"Painter - 1st Class ","day",0.36,{"$f":"'MINI SSR 2024-25'!$H$8","v":{"v":795,"d":"795.00"}},{"v":286.2,"d":"286.20"}]
[null,null,"Painter - 2nd class ","day",0.84,{"$f":"'MINI SSR 2024-25'!$H$9","v":{"v":640,"d":"640.00"}},{"v":537.6,"d":"537.60"}]
[null,null," ",{"$nulls":3},{"$f":"SUM(G898:G904)","v":1642.63}]
[{"$nulls":4},"GF","FF","SF"]
[null,null,"Basic Rate ",null,{"$f":"G905","v":1642.63},{"$f":"G905","v":1642.63},{"$f":"G905","v":1642.63}]
[null,null,"Lift Charges per 10 Sqmt.",null,null,{"$f":"SUM(G881+G882+G903+G904)*10%","v":{"v":130.435,"d":"130.44"}},{"$f":"SUM(G881+G882+G903+G904)*20%","v":260.87}]
[null,null,"Contract Profit @ 13.615%",null,{"$f":"ROUND((E907+E908)*$C$3,2)","v":223.64},{"$f":"ROUND((F907+F908)*$C$3,2)","v":{"v":241.4,"d":"241.40"}},{"$f":"ROUND((G907+G908)*$C$3,2)","v":259.16}]
[null,null,"BASIC COST per 10 sqm",null,{"$f":"SUM(E907:E909)","v":1866.27},{"$f":"SUM(F907:F909)","v":{"v":2014.4650000000001,"d":"2014.47"}},{"$f":"SUM(G907:G909)","v":2162.66}]
[null,null,"BASIC COST per 1 sqm",null,{"$f":"ROUND(E910/10,2)","v":186.63},{"$f":"ROUND(F910/10,2)","v":201.45},{"$f":"ROUND(G910/10,2)","v":216.27}]
[21,"Amendment ofasper Building SSR 2011-12","Painting to new walls with 2 coats of acrylic Emulsion paint Asian  or equivalent and shade over Priming coat with Cement primer water base exterior Gr-2 Asian or equivalent on new plastered surface after throughly brushing the surace remove all dirt and remains of loose powdered materials including c/c of all materials to worksite and all oparational, incidental ,labour charges etc complete for finished item of work as per SS 912 for External walls"]
[null,null,"Painting, Priming Coat with Cement Primer ","10 Sqm",{"v":1,"d":"1.00"},{"$f":"G895","v":688.98},{"$f":"ROUND(E913*F913,2)","v":688.98}]
[null,null,"A) MATERIALS : "]
[null,null,"acrylic Emulsion paint (at 20 sqm / liter as per British Paints (I) Ltd. ","Ltr",{"v":0.8,"d":"0.80"},{"$f":"'MINI SSR 2024-25'!G44","v":{"v":235,"d":"235.00"}},{"$f":"ROUND(E915*F915,2)","v":{"v":188,"d":"188.00"}}]
[null,null,"B) LABOUR "]
[null,null,"Painter - 1st Class ","day",0.21,{"$f":"'MINI SSR 2024-25'!$H$8","v":{"v":795,"d":"795.00"}},{"$f":"ROUND(E917*F917,2)","v":166.95}]
[null,null,"Painter - 2nd class ","day",0.49,{"$f":"'MINI SSR 2024-25'!$H$9","v":{"v":640,"d":"640.00"}},{"$f":"ROUND(E918*F918,2)","v":{"v":313.6,"d":"313.60"}}]
[null,null,"Mazdoor ","day",{"v":1.5,"d":"1.50"},{"$f":"'MINI SSR 2024-25'!$H$5","v":{"v":595,"d":"595.00"}},{"$f":"ROUND(E919*F919,2)","v":{"v":892.5,"d":"892.50"}}]
[null,null," ",{"$nulls":3},{"$f":"SUM(G913:G919)","v":2250.03}]
[{"$nulls":4},"GF","FF","SF"]
[null,null,"Basic Rate ",null,{"$f":"G920","v":2250.03},{"$f":"G920","v":2250.03},{"$f":"G920","v":2250.03}]
[null,null,"Add Labour Comp on LC",null,null,{"$f":"SUM(G891+G892+G917+G918+G919)*10%","v":185.36},{"$f":"SUM(G891+G892+G917+G918+G919)*20%","v":370.72}]
[null,null,"Contract Profit @ 13.615%",null,{"$f":"ROUND((E922+E923)*$C$3,2)","v":306.34},{"$f":"ROUND((F922+F923)*$C$3,2)","v":331.58},{"$f":"ROUND((G922+G923)*$C$3,2)","v":356.82}]
[null,null,"BASIC COST per 10 sqm",null,{"$f":"SUM(E922:E924)","v":{"v":2556.3700000000003,"d":"2556.37"}},{"$f":"SUM(F922:F924)","v":{"v":2766.9700000000003,"d":"2766.97"}},{"$f":"SUM(G922:G924)","v":2977.57}]
[null,null,"BASIC COST per 1 sqm",null,{"$f":"ROUND(E925/10,2)","v":255.64},{"$f":"ROUND(F925/10,2)","v":{"v":276.7,"d":"276.70"}},{"$f":"ROUND(G925/10,2)","v":297.76}]
[9,"BLD-CSTN -10-6 & 10-12 (iii)","Painting Old Wood work with Two coats of ready mixed Synthatic Enamil paint first quality of shades  after thoroughly brushes the surface to remove all remains of loose provided materials including cost and conveyance of all materials, cost of brushe for finished item of work as per APSS "]
[null,null,"Unit = 10 Sqm"]
[null,null,"Primary Coat on New Wood Work"]
[null,null,"A. Materials"]
[null,null,"Wood primer BMT.J.05","Lit",{"v":0.7,"d":"0.70"},{"$f":"'MINI SSR 2024-25'!G45","v":{"v":180,"d":"180.00"}}]
[null,null,"B. Labour"]
[null,null,"Painter 1st class","day",0.21,{"$f":"'MINI SSR 2024-25'!$H$8","v":{"v":795,"d":"795.00"}},{"$nulls":4},{"$f":"G933","v":{"v":0,"d":"0.00"}}]
[null,null,"Painter 2nd Class","day",0.48,{"$f":"'MINI SSR 2024-25'!$H$9","v":{"v":640,"d":"640.00"}},{"$nulls":4},{"$f":"G934","v":{"v":0,"d":"0.00"}}]
[null,null,"Sundries including brushes @ 1% overall above",null,null,{"$f":"SUM(G931:G933)","v":{"v":0,"d":"0.00"}},{"$f":"ROUND(F935*0.01,2)","v":{"v":0,"d":"0.00"}}]
[null,null,"Painting Two Coats on New Wood Work"]
[null,null,"A. Materials"]
[null,null,"Synthatic Enamil Paint at 20sqm/Lt BMT.J.29","Lit",{"v":2.8,"d":"2.80"},{"$f":"'MINI SSR 2024-25'!G46","v":{"v":285,"d":"285.00"}},{"$f":"ROUND(E938*F938,2)","v":{"v":798,"d":"798.00"}}]
[null,null,"B. Labour"]
[null,null,"Painter 1st class","day",0.36,{"$f":"'MINI SSR 2024-25'!$H$8","v":{"v":795,"d":"795.00"}},{"$f":"ROUND(E940*F940,2)","v":{"v":286.2,"d":"286.20"}},{"$nulls":3},{"$f":"G940","v":{"v":286.2,"d":"286.20"}}]
[null,null,"Painter 2nd Class","day",0.84,{"$f":"'MINI SSR 2024-25'!$H$9","v":{"v":640,"d":"640.00"}},{"$f":"ROUND(E941*F941,2)","v":{"v":537.6,"d":"537.60"}},{"$nulls":3},{"$f":"G941","v":{"v":537.6,"d":"537.60"}}]
[null,null,"Contract Profit @ 13.615%",{"$nulls":3},{"v":0,"d":"0.00"}]
[null,null,"Total Rate per Primary &Two coats 10.00 Sqm",{"$nulls":3},{"$f":"SUM(G931:G942)","v":{"v":1621.8000000000002,"d":"1621.80"}},{"$nulls":3},{"$f":"SUM(K933:K940)","v":{"v":286.2,"d":"286.20"}}]
[null,null,"Rate per 1.00 Sqm",{"$nulls":3},{"$f":"ROUND(G943/10,2)","v":162.18},{"$nulls":3},{"$f":"ROUND(K943/10,2)","v":28.62}]
[59,null,"Supply & application of One Coat Water based Cement Primer, One coat of Deco / PMCC Orient Base Exterior Texture & two coats of Altek Harmony (Emulsion paint exterior grade) inclusive of all taxes for finished item of work"]
[null,"BMT-J.46","Initial cost  (SSR 2012-13)","Sqm",{"v":1,"d":"1.00"},{"v":205,"d":"205.00"},{"$f":"ROUND(E946*F946,2)","v":{"v":205,"d":"205.00"}}]
[{"$nulls":6},{"$f":"SUM(G946:G946)","v":{"v":205,"d":"205.00"}}]
[8,null,"Supply & applying Poly-Urethane Water Proof Polish Glossy/ Matt finish to the wood works duly cleaning the surface and applying emery paper, Sand the wood with 180 No., emery paper and then with 320 No., emery paper, clean & wipe off loose dust, applying suitable knifing paste filler / wood filler by putty knife / muslin pad, air dry for 2 - 3 hrs, sand with 180 and 320 No., emery paper, applying two component wood sealer, after the surface preparation applying one coat of approved spraying PU thinner (for spraying) / applying one coat of approved brushing PU thinner or general purpose thinner (for brushing) and apply one coat of PU by brush or spray, air-dry overnight, Sand again with 180 No. emery paper and removing dust, applying second coat of PU, air drying for 4 - 6 Hrs, Sand with 320 No emery paper, and applying (either with spray or brush) two coats of approved brand PU including cost & labour charges, emery papers, cost of thinner & PU of approved brands such as Jenson & Nicholson, Asian Paints, Berger Paints or equivalent etc., complete for finished item"]
[null,null,"Unit = 1 sqm"]
[null,"BMT-J.18","Poly-Urethene Polish - exteritor Grade ","Ltr",0.065,{"$f":"'MINI SSR 2024-25'!G47","v":{"v":880,"d":"880.00"}},{"$f":"ROUND(E950*F950,2)","v":{"v":57.2,"d":"57.20"}}]
[null,"BMT-J.13","Thinner for Polyurethane polish ","Ltr",0.033,{"$f":"'MINI SSR 2024-25'!G48","v":{"v":260,"d":"260.00"}},{"$f":"ROUND(E951*F951,2)","v":8.58}]
[null,null,"Painter 1st class","day",0.24,{"$f":"'MINI SSR 2024-25'!$H$8","v":{"v":795,"d":"795.00"}},{"$f":"ROUND(E952*F952,2)","v":{"v":190.8,"d":"190.80"}}]
[null,null,"Painter 2nd class","day",0.56,{"$f":"'MINI SSR 2024-25'!$H$9","v":{"v":640,"d":"640.00"}},{"v":358.4,"d":"358.40"}]
[null,null,"Helper","day",{"v":0.8,"d":"0.80"},{"$f":"'MINI SSR 2024-25'!$H$5","v":{"v":595,"d":"595.00"}},{"v":476,"d":"476.00"}]
[null,null,"Basic coat per 1 sqm",{"$nulls":3},{"$f":"SUM(G950:G954)","v":1090.98}]
[16,null,"Painting, Lettering and Picturing to walls with  two coats over primary coat with Emulsion paint (Like Birds, Animals, Cartoons, Numbers etc.,) to Angnwadi center building as per the instructions of Engineer - in - charge including cost and conveyance of all paints and all labour charges etc complete. "]
[null,null,"As per quotation rate","Sqm",{"v":1,"d":"1.00"},{"v":630,"d":"630.00"},{"$f":"ROUND(E957*F957,2)","v":{"v":630,"d":"630.00"}}]
[null,null,"Contract Profit @ 13.615%",{"$nulls":3},{"$f":"ROUND(SUM(G957)*13.615%,2)","v":85.77}]
[{"$nulls":6},{"$f":"SUBTOTAL(9,G957:G958)","v":{"v":0,"d":"0.00"}}]
[62,null,"Supply & fixing of Rolling shutter made of 80 x 1.25 mm machine rolled CRCA laths, interlocked together through their entire length and jointed together at the ends by endlocks, mounted on specially designed pipe shaft of 50mm dia nominal bore MS B class pipe with brackets, plates, guide channels, stoppers, bottom locking plates and arrangements for inside & outside locking with push-pull operations including cost of hood cover and springs complete, painted with one coat of approved steel primer, locks, ball bearings, all accessories etc complete for finished item of work as per special spn: 1108"]
[null,"BMT-F.29","Initial cost ","Sqm",{"v":1,"d":"1.00"},{"$f":"'MINI SSR 2024-25'!C47","v":{"v":4481,"d":"4481.00"}},{"$f":"ROUND(E961*F961,2)","v":{"v":4481,"d":"4481.00"}}]
[{"$nulls":6},{"$f":"SUM(G961:G961)","v":{"v":4481,"d":"4481.00"}}]
[25,null,"S&F of 48\" dia(1.20Mts) 2\" thick Precasted rcc hume rings including cost and conveyance of all material and labour charges etc., complete for septic Tank "]
[null,"ELEC-8.4.22","18\" dia(0.45Mts) 2\" thick hume pipe ring ","1No",{"v":1,"d":"1.000"},{"$f":"'MINI SSR 2024-25'!C48","v":{"v":390,"d":"390.00"}},{"$f":"ROUND(E964*F964,2)","v":{"v":390,"d":"390.00"}}]
[null,null,"48\" dia(1.20Mts) 2\" thick hume pipe ring"]
[null,null,"0.45= 390.00 : 1.20 = ?"]
[null,null,"?=1.20 x 390.00 / 0.45"]
[null,null,"?=1040.00"]
[null,null,"48.00\" dia(1.20Mts) 2\" thick hume pipe ring","1No",{"v":1,"d":"1.000"},{"$f":"ROUND((1.2*F964)/0.45,2)","v":{"v":1040,"d":"1040.00"}},{"$f":"ROUND(E969*F969,2)","v":{"v":1040,"d":"1040.00"}}]
[]
[{"$nulls":6},{"$f":"SUM(G969:G970)","v":{"v":1040,"d":"1040.00"}}]
[64,null,"S&F of 36\" dia(0.90Mts) 2\" thick Precasted rcc hume rings including cost and conveyance of all material and labour charges etc., complete for septic Tank "]
[null,"ELEC-8.4.22","18\" dia(0.45Mts) 2\" thick hume pipe ring ","1No",{"v":1,"d":"1.000"},{"$f":"'MINI SSR 2024-25'!C48","v":{"v":390,"d":"390.00"}},{"$f":"ROUND(E973*F973,2)","v":{"v":390,"d":"390.00"}}]
[null,null,"36\" dia(0.90Mts) 2\" thick hume pipe ring"]
[null,null,"0.45= 390 : 0.90 = ?"]
[null,null,"?=0.90 x 390.00 / 0.45"]
[null,null,"?=780.00"]
[null,null,"36\" dia(0.90Mts) 2\" thick hume pipe ring","1No",{"v":1,"d":"1.000"},{"$f":"ROUND((0.9*F973)/0.45,2)","v":{"v":780,"d":"780.00"}},{"$f":"ROUND(E978*F978,2)","v":{"v":780,"d":"780.00"}}]
[]
[{"$nulls":6},{"$f":"SUM(G978:G979)","v":{"v":780,"d":"780.00"}}]
[26,null,"S&F of 1200 mm dia 2\" thick Precasted  cc cover for hume pipe including cost and conveyance of all material and labour charges etc., complete for septic Tank "]
[null,"ELEC-8.4.24","CC Cover for hume pipe ","1No",{"v":1,"d":"1.000"},{"$f":"'MINI SSR 2024-25'!C49","v":{"v":250,"d":"250.00"}},{"$f":"ROUND(E982*F982,2)","v":{"v":250,"d":"250.00"}}]
[]
[{"$nulls":6},{"$f":"SUM(G982:G983)","v":{"v":250,"d":"250.00"}}]
[13,"Amendment ofasper Building SSR 2011-12","Supplying and fixing Gyp Board Suspended regular single layer false ceiling (GS-MFSC-4.1 as per India Gypsum) using 12.5 mm thick Gyp Board conforming to IS 2095 - 1982 fixing to Gyp steel GI perimeter channels of size 20 mm x 27 mm x 30 mm(web)  of 0.55 mm thick along the perimeter of ceiling screw fixed to brick work/ partition at 610 mm c/c and suspending the frame work using Intermediate channels (45 mm x 15mm x 15mm x 0.9 mm) from soffit at 1220 mm c/c with ceiling angle (25 mm x 10 mm x 0.55 mm) fixed with GI Cleat and steel expansion fasteners & connecting clip to the ceiling channels (with knurled web of 51.5 mm x 26 mm x 10.5 mm x 0.55 mm) fixed in direction perpendicular to the intermediate channel at 457 mm c/c and fixing the 12.5 mm tapered edge Gypboard with 25 mm drywall screws at 230 mm c/c & jointing and finishing using joint compound and paper tape to have a flush look including filling the tapered & square edges with jointing compound, two coats of drywall topcoat complete for finished item of work as per Idia Gypsum Ltd specification."]
[null,null,"UNIT -1 sqm"]
[null,null,"A) Material requirement as per India Gypsum"]
[null,null,"12.5 mm Gypboard "]
[null,null,"1219 mm x 1829 mm size Boards BMT-M.01","sqm",{"v":1.0256,"d":"1.03"},{"v":275,"d":"275.00"},{"$f":"ROUND(E989*F989,2)","v":282.04}]
[null,null,"Ceiling Angle"]
[null,null,"25 mm x 10 mm x 0.55 mm  BMT-M.04","RM",0.64,{"v":78,"d":"78.00"},{"$f":"ROUND(E991*F991,2)","v":49.92}]
[null,null,"Connecting Clips BMT-M.17","Nos",1.84,{"v":10,"d":"10.00"},{"v":18.4,"d":"18.40"}]
[null,null,"Ceiling Section"]
[null,null,"51.5 mm x 26 mm x 10.5 mm x 0.55 mm thick BMT-M.05","RM",{"v":2.3,"d":"2.30"},{"v":106,"d":"106.00"},{"$f":"ROUND(E994*F994,2)","v":{"v":243.8,"d":"243.80"}}]
[null,null,"Intermediate Channel"]
[null,null,"45 mmx 15 mm x 15 mm x 0.9 mm  BMT-M.06","RM",0.84,{"v":78,"d":"78.00"},{"$f":"ROUND(E996*F996,2)","v":65.52}]
[null,null,"Perimeter Channel "]
[null,null,"20 mm x 27 mm x 30 mm(web)  of 0.55 mm thick BMT-M.07","RM",{"v":0.4,"d":"0.40"},{"v":69,"d":"69.00"},{"$f":"ROUND(E998*F998,2)","v":{"v":27.6,"d":"27.60"}}]
[null,null,"Rawl Plug BMT-M.18","Nos",0.64,{"v":4,"d":"4.00"},2.56]
[null,null,"Soffit Cleats BMT-M.20","Nos",0.64,{"v":5,"d":"5.00"},{"v":3.2,"d":"3.20"}]
[null,null,"Drywall Screws - 25 mm  BMT-M.21","Nos",{"v":18,"d":"18.00"},{"v":4,"d":"4.00"},{"v":72,"d":"72.00"}]
[null,null,"Jointing Compound  BMT-M.22","Kgs",0.55,{"v":32,"d":"32.00"},{"v":17.6,"d":"17.60"}]
[null,null,"Jointing Paper Tape BMT-M.23","RM",1.46,{"v":6,"d":"6.00"},8.76]
[null,null,"Drywall Top Coat BMT-M.24","Lits",0.15,{"v":150,"d":"150.00"},{"v":22.5,"d":"22.50"}]
[null,null,"B) LABOUR CHARGES"]
[null,null,"1st Class Carpenter ","day",{"v":0.4,"d":"0.40"},{"v":705,"d":"705.00"},{"$f":"ROUND(E1006*F1006,2)","v":{"v":282,"d":"282.00"}}]
[null,null,"2nd Class Carpenter","day",{"v":0.4,"d":"0.40"},{"v":565,"d":"565.00"},{"v":226,"d":"226.00"}]
[null,null,"1st Class Painter","day",0.08,{"v":705,"d":"705.00"},{"v":56.4,"d":"56.40"}]
[null,null,"2nd Class Painter","day",0.08,{"v":565,"d":"565.00"},{"v":45.2,"d":"45.20"}]
[null,null,"Power Saw Cutter - Hand Operated - Operator","day",0.04,{"v":615,"d":"615.00"},{"v":24.6,"d":"24.60"}]
[null,null,"Power Drill - Hand Operated - Operator","day",0.08,{"v":615,"d":"615.00"},{"v":49.2,"d":"49.20"}]
[null,null,"Unskilled Mazdoor ","day",0.24,{"v":525,"d":"525.00"},{"v":126,"d":"126.00"}]
[null,null,"C) Machinery"]
[null,null,"Power Saw Cutter - Hand Operated - Hire charges BMC-X.02","Hrs",0.32,{"v":132,"d":"132.00"},{"$f":"ROUND(E1014*F1014,2)","v":42.24}]
[null,null,"Power Drill - Hand Operated - Hire Charges BMC-X.03","Hrs",0.64,{"v":121,"d":"121.00"},77.44]
[null,null,"Scaffolding charges",{"v":0.01,"d":"1%"},{"v":0.01,"d":"1%"},{"$f":"SUM(G989:G1015)","v":{"v":1742.9800000000002,"d":"1742.98"}},17.43]
[null,null,"Rate per 1.00 Sqm",{"$nulls":3},{"$f":"SUM(G989:G1016)","v":{"v":1760.4100000000003,"d":"1760.41"}}]
[2,null,"Supplying and fixing of Window of size 0.90X1.35M with two panels of Shutter made with Sal wood including  Alluminium tower bolts, handle and butt hinges  including c/c of all materials and furniture fittings etc complete etc complete Windows shutter only"]
[null,"BMT-E.16","Sal Wood Planks","Cum",0.0237,{"v":63950,"d":"63950.00"},{"$f":"ROUND(E1019*F1019,2)","v":1515.62}]
[null,"BMT-G.07","100mm Alluminium tower bolts ","Nos",4,{"v":69,"d":"69.00"},{"v":276,"d":"276.00"}]
[null,"BMT-G.23","Butt Hinges 75mm  Alluminium ","Nos",4,{"v":82,"d":"82.00"},{"v":328,"d":"328.00"}]
[null,"BMT-G.32","100mm Alluminium handle ","Nos",4,{"v":68,"d":"68.00"},{"v":272,"d":"272.00"}]
[null,"BMT-G.56","Deluxe window stay alluminium ","Nos",4,{"v":135,"d":"135.00"},{"v":540,"d":"540.00"}]
[null,"BMM-V.44","wrought & Putup Labour charges ","Cum",{"$f":"ROUND(0.9*1.35,2)","v":1.22},{"v":1034,"d":"1034.00"},{"$f":"ROUND(E1024*F1024,2)","v":1261.48}]
[]
[null,null,"Rate per 1No",{"$nulls":3},{"$f":"SUM(G1019:G1025)","v":{"v":4193.1,"d":"4193.10"}}]
[]
[]
[null,null,{"$f":"'lead 24-25'!$H$32","v":"Deputy Executive Engineer"},null,{"$f":"'lead 24-25'!K32","v":"Assistant  Engineer"}]
[null,null,{"$f":"'lead 24-25'!$H$33","v":"PRI Sub Division"},null,{"$f":"'lead 24-25'!K33","v":"Mandal Praja parishad"}]
[null,null,{"$f":"'lead 24-25'!$H$34","v":"Kanigiri"},null,{"$f":"'lead 24-25'!K34","v":"P.C.Palli"}]

{"sheet":"sani data 2024-25","index":7,"n_rows":157,"n_cols":7,"rows_kept":157,"hidden":true,"merged":[[0,1,0,5]]}
[null," DATA SHEET (2024-25) (WATER AND SANITATION ITEMS)"]
["Index-code","S No","Description","Unit","Qty","Rate Rs.","Amount\n Rs."]
[null,1,2,3,4,5,6]
[null,1,"Supplying and Fixing European Water Closet of 1st quality make white glazed with 'P' trap with low down porcelain flushing tank 10 Lit Capacity internal components and Fixing best Indian make plastic seat and lid for European water closets with rubber or plastic Buffers including all labour charges for fixing etc., complete."]
[null,null,"European Water Closet of 1st quality BMW-D.13","No",{"v":1,"d":"1.00"},{"$f":"'MINI SSR 2024-25'!C66","v":{"v":1979,"d":"1979.00"}},{"$f":"ROUND(E5*F5,2)","v":{"v":1979,"d":"1979.00"}}]
[null,null,"Flushing Tank 10 Lit capacity BMW-D.11","No",{"v":1,"d":"1.00"},{"$f":"'MINI SSR 2024-25'!C67","v":{"v":2468,"d":"2468.00"}},{"$f":"ROUND(E6*F6,2)","v":{"v":2468,"d":"2468.00"}}]
[null,null,"plastic seat and lid BMW-D.16","No",{"v":1,"d":"1.00"},{"$f":"'MINI SSR 2024-25'!C68","v":{"v":850,"d":"850.00"}},{"$f":"ROUND(E7*F7,2)","v":{"v":850,"d":"850.00"}}]
[{"$nulls":6},{"$f":"SUM(G5:G7)","v":{"v":5297,"d":"5297.00"}}]
[null,null,"Contract profit @ 13.615%",{"$nulls":3},{"v":0,"d":"0.00"}]
[{"$nulls":6},{"$f":"SUM(G8:G9)","v":{"v":5297,"d":"5297.00"}}]
[null,2,"Supplying & Fixing Indian pattern white glazed W.C 1st quality ISI marked conforming to IS:2556-Part-3-1981 with\"P\" or \"S\" trap: 630 mm Long"]
[null,null,"Initial cost BMW-D.02","No",{"v":1,"d":"1.00"},{"$f":"'MINI SSR 2024-25'!C69","v":{"v":1036,"d":"1036.00"}},{"$f":"ROUND(E12*F12,2)","v":{"v":1036,"d":"1036.00"}}]
[{"$nulls":6},{"$f":"SUM(G12)","v":{"v":1036,"d":"1036.00"}}]
[null,3,"Supplying & Fixing white glazed flat back half stall urinals 1st quality conforming to IS:2556-1995 with standard C.P. Spreader of overall size 95 x 95 x 57 mm conforming to IS:2556-Part6, Sec-6-1974 fixed with screws complete Indian make : 410 x 265 x 305 mm"]
[null,null,"Initial cost BMW-D.34","No",{"v":1,"d":"1.00"},{"$f":"'MINI SSR 2024-25'!C70","v":{"v":2644,"d":"2644.00"}},{"$f":"ROUND(E15*F15,2)","v":{"v":2644,"d":"2644.00"}}]
[{"$nulls":6},{"$f":"SUM(G15)","v":{"v":2644,"d":"2644.00"}}]
[null,2,"Supplying and fixing Indian make Flat Back Wash Hand Basin (HSW/Parryware/ Neycer) 1st quality conforming to IS:2556-Part-4:1972 of size 450mm x 300mm with 32 mm nominal size C.P. Fitting with parallel pipe thread onforming to IS:2963-1979 and fitted with 15 mm nominal bore Chromium Plated Pillar Tap of 1st quality Indian make 400 grams Seiko/Senior/Nice or equivalent complete with  tandard CI brackets including wooden blocks ,1 No.12.70mm PVC connection with brass union nuts CP  oated , 1 No.12.70mm NP bib tap 400 gms Seiko or equivalent , 31.75mm dia. PVC flexible waste pipe 914.4mm length of 1st quality including cost and  onveyance of all materials to site, labour charges , overheads & contractors profit for finished item of work"]
[null,null,"Cost of wash hand basin SSR  BMW-D.26   S.No.158","No",{"v":1,"d":"1.00"},{"$f":"'MINI SSR 2024-25'!C71","v":{"v":1519,"d":"1519.00"}},{"$f":"ROUND(E18*F18,2)","v":{"v":1519,"d":"1519.00"}}]
[null,null,"12.70mm NP bib tap (400gms) BMW-E.07","No",{"v":1,"d":"1.00"},{"$f":"'MINI SSR 2024-25'!C72","v":{"v":387,"d":"387.00"}},{"$f":"ROUND(E19*F19,2)","v":{"v":387,"d":"387.00"}}]
[null,null,"12.70mm dia PVC connection with brass union nuts BMW-I.48","No",{"v":1,"d":"1.00"},{"$f":"'MINI SSR 2024-25'!C73","v":{"v":95,"d":"95.00"}},{"$f":"ROUND(E20*F20,2)","v":{"v":95,"d":"95.00"}}]
[null,null,"31.75mm dia. PVC flexible waste pipe BMW-G.05","No",{"v":1,"d":"1.00"},{"$f":"'MINI SSR 2024-25'!C74","v":{"v":24,"d":"24.00"}},{"$f":"ROUND(E21*F21,2)","v":{"v":24,"d":"24.00"}}]
[{"$nulls":6},{"$f":"SUM(G18:G21)","v":{"v":2025,"d":"2025.00"}}]
[null,null,"Contract profit @ 13.615%",{"$nulls":3},{"v":0,"d":"0.00"}]
[{"$nulls":6},{"$f":"SUM(G22:G23)","v":{"v":2025,"d":"2025.00"}}]
[null,5,"Supplying and fixing of3\" (76.2 mm ) Nahany Trap with Jali - UPVC/SWR Pipe fittings as per site requirements with standard practice for all floors including cost and conveyance of all materials to site, labour charges , overheads & contractors profit etc., complete for finished item of work. "]
[null,null,"Initial cost BMW-G.118","No",{"v":1,"d":"1.00"},{"$f":"'MINI SSR 2024-25'!C75","v":{"v":93,"d":"93.00"}},{"$f":"ROUND(E26*F26,2)","v":{"v":93,"d":"93.00"}}]
[null,null,"Nahany trap cover BMW-I.12","No",{"v":1,"d":"1.00"},{"$f":"'MINI SSR 2024-25'!C76","v":{"v":32,"d":"32.00"}},{"$f":"ROUND(E27*F27,2)","v":{"v":32,"d":"32.00"}}]
[{"$nulls":6},{"$f":"SUM(G26:G27)","v":{"v":125,"d":"125.00"}}]
[null,null,"Contract profit @ 13.615%",{"$nulls":3},{"v":0,"d":"0.00"}]
[{"$nulls":6},{"$f":"SUM(G28:G29)","v":{"v":125,"d":"125.00"}}]
[null,6,"Supplying and fixing 4\" (101.6 mm ) Floor Trap - UPVC/SWR Pipe fittings 1st quality ISI marked conforming to IS:1729-1979 with C.P. Grating fixing with  hite cement as per site requirements with standard practice for all floors  ncluding cost and conveyance of all materials to site, labour charges etc., complete for finished item of work."]
[null,null,"Initial cost BMW-G.125","No",{"v":1,"d":"1.00"},{"$f":"'MINI SSR 2024-25'!C77","v":{"v":128,"d":"128.00"}},{"$f":"ROUND(E32*F32,2)","v":{"v":128,"d":"128.00"}}]
[null,null,"Contract profit @ 13.615%",{"$nulls":3},{"v":0,"d":"0.00"}]
[{"$nulls":6},{"$f":"SUM(G32:G33)","v":{"v":128,"d":"128.00"}}]
[null,3,"Prince/ Sudhakar make or equivalent quality PVC /SWR pipes & fittings ( as per ISI standards) 4kg/cm2 110mm dia. double socket "]
[null,null,"Taking out put = 3Mts"]
[null,null,"110mm dia pipe BMW-G.13","Rm",{"v":1,"d":"1.00"},{"$f":"'MINI SSR 2024-25'!C78","v":{"v":447,"d":"447.00"}},{"$f":"ROUND(E37*F37,2)","v":{"v":447,"d":"447.00"}}]
[null,null,"Contract profit @ 13.615%",{"$nulls":3},{"v":0,"d":"0.00"}]
[null,null,"Rate per 3Mts",{"$nulls":3},{"$f":"SUM(G37:G38)","v":{"v":447,"d":"447.00"}}]
[null,null,"Rate per 1Mts",{"$nulls":3},{"$f":"G39/3","v":{"v":149,"d":"149.00"}}]
[null,8,"Prince/ Sudhakar make or equivalent quality PVC /SWR pipes & fittings ( as per ISI standards) 4kg/cm2 90mm dia. double socket "]
[null,null,"Taking out put = 3Mts"]
[null,null,"90mm dia pipe BMW-G.15","Rm",{"v":1,"d":"1.00"},{"$f":"'MINI SSR 2024-25'!C79","v":{"v":425,"d":"425.00"}},{"$f":"ROUND(E43*F43,2)","v":{"v":425,"d":"425.00"}}]
[null,null,"Contract profit @ 13.615%",{"$nulls":3},{"v":0,"d":"0.00"}]
[null,null,"Rate per 3Mts",{"$nulls":3},{"$f":"SUM(G43:G44)","v":{"v":425,"d":"425.00"}}]
[null,null,"Rate per 1Mts",{"$nulls":3},{"$f":"G45/3","v":{"v":141.66666666666666,"d":"141.67"}}]
[null,4,"Prince/ Sudhakar make or equivalent quality PVC /SWR pipes & fittings ( as per ISI standards) 4kg/cm2 75mm dia. double socket "]
[null,null,"Taking out put = 3Mts"]
[null,null,"75mm dia pipe BMW-G.14","Rm",{"v":1,"d":"1.00"},{"$f":"'MINI SSR 2024-25'!C80","v":{"v":267,"d":"267.00"}},{"$f":"ROUND(E49*F49,2)","v":{"v":267,"d":"267.00"}}]
[null,null,"Contract profit @ 13.615%",{"$nulls":3},{"v":0,"d":"0.00"}]
[null,null,"Rate per 3Mts",{"$nulls":3},{"$f":"SUM(G49:G50)","v":{"v":267,"d":"267.00"}}]
[null,null,"Rate per 1Mts",{"$nulls":3},{"$f":"G51/3","v":{"v":89,"d":"89.00"}}]
[null,5,"Labour charges for laying, fixing and commissioning the PVC pipes including couplers/ bends/ tees etc any diameter including fixing necessary fittings like bends, plugs, couplers, junctions, tees, etc with solvent jointing as per standard practice"]
[null,null,"Initial cost BMW-G.152","1Rm",{"v":1,"d":"1.0"},{"$f":"'MINI SSR 2024-25'!C81","v":{"v":84,"d":"84.00"}},{"$f":"ROUND(E54*F54,2)","v":{"v":84,"d":"84.00"}}]
[null,null,"Contract profit @ 13.615%",{"$nulls":3},{"v":0,"d":"0.00"}]
[{"$nulls":6},{"$f":"SUM(G54:G55)","v":{"v":84,"d":"84.00"}}]
[null,11,"Supplying & fixing 15 mm bib tap with flange Chromeum plated Jaquar make queen series"]
[null,null,"Initial cost BMW-I.140","No",{"v":1,"d":"1.0"},{"$f":"'MINI SSR 2024-25'!C82","v":{"v":1644,"d":"1644.00"}},{"$f":"ROUND(E58*F58,2)","v":{"v":1644,"d":"1644.00"}}]
[null,null,"Contract profit @ 13.615%",{"$nulls":3},{"v":0,"d":"0.00"}]
[{"$nulls":6},{"$f":"SUM(G58:G59)","v":{"v":1644,"d":"1644.00"}}]
[null,3,"Supply & fixing of tested NP bib taps at all levels of 12.70mm dia of Indian make 400g first quality including cost & conveyance of all materials, labour charges for finished item of work, and all taxes complete for all floors"]
[null,null,"Initial cost BMW-E.07","No",{"v":1,"d":"1.0"},{"$f":"'MINI SSR 2024-25'!C72","v":{"v":387,"d":"387.00"}},{"$f":"ROUND(E62*F62,2)","v":{"v":387,"d":"387.00"}}]
[null,null,"Contract profit @ 13.615%",{"$nulls":3},{"v":0,"d":"0.00"}]
[{"$nulls":6},{"$f":"SUM(G62:G63)","v":{"v":387,"d":"387.00"}}]
[null,4,"Supply & fixing bib cock cum health faucet with 1 m long flexible tube and wall hook ."]
[null,null,"Initial cost BMW-I.141","No",{"v":1,"d":"1.0"},{"$f":"'MINI SSR 2024-25'!C83","v":{"v":4166,"d":"4166.00"}},{"$f":"ROUND(E66*F66,2)","v":{"v":4166,"d":"4166.00"}}]
[null,null,"Contract profit @ 13.615%",{"$nulls":3},{"v":0,"d":"0.00"}]
[{"$nulls":6},{"$f":"SUM(G66:G67)","v":{"v":4166,"d":"4166.00"}}]
[null,7,"Providing & placing on Terrace polyethylene water storage tank with Double layer approved brand & manufacture with cover and suitable locking arrangement & making necessary holes for inlet & outlets and overflow pipes but without fittings & base support for tanks"]
[null,null,"Cost of Liters(BMW-G.01)","Litrs",{"v":1,"d":"1.00"},{"$f":"'MINI SSR 2024-25'!H66","v":{"v":8.5,"d":"8.50"}},{"$f":"ROUND(E70*F70,2)","v":{"v":8.5,"d":"8.50"}}]
[null,null,"Labour charges(BMW-G.02)","Litrs",{"v":1,"d":"1.00"},{"$f":"'MINI SSR 2024-25'!H67","v":{"v":1,"d":"1.00"}},{"$f":"ROUND(E71*F71,2)","v":{"v":1,"d":"1.00"}}]
[{"$nulls":6},{"$f":"SUM(G70:G71)","v":{"v":9.5,"d":"9.50"}}]
[null,null,"Contract profit @ 13.615%",{"$nulls":3},{"v":0,"d":"0.00"}]
[{"$nulls":6},{"$f":"SUM(G72:G73)","v":{"v":9.5,"d":"9.50"}}]
[null,8,"Supply and Fixing of Premium make CPVC Pipes and Fittings to meet the requirement of ASTM-D 2846 and are produced in CTS (Copper Tube Sizes 1/2\" ton 2\" Ashirvad  lowgurard SDR 11 and SDR 13.5 pipes are made from  dential CPVC compounds having the same physical  roperties for Hot and Cold Water (IS 15778:2007)"]
[null,null,"15.90mm ODPipe - SDR 13.5 BMW-I.220","Rm",{"v":1,"d":"1.00"},{"$f":"'MINI SSR 2024-25'!H68","v":{"v":157,"d":"157.00"}},{"$f":"ROUND(E76*F76,2)","v":{"v":157,"d":"157.00"}}]
[null,null,"Contract profit @ 13.615%",{"$nulls":3},{"v":0,"d":"0.00"}]
[{"$nulls":6},{"$f":"SUM(G76:G77)","v":{"v":157,"d":"157.00"}}]
[null,null,"22.20mm ODPipe - SDR 13.5 BMW-I.221","Rm",{"v":1,"d":"1.00"},{"$f":"'MINI SSR 2024-25'!H69","v":{"v":184,"d":"184.00"}},{"$f":"ROUND(E79*F79,2)","v":{"v":184,"d":"184.00"}}]
[null,null,"Contract profit @ 13.615%",{"$nulls":3},{"v":0,"d":"0.00"}]
[{"$nulls":6},{"$f":"SUM(G79:G80)","v":{"v":184,"d":"184.00"}}]
[null,null,"28.60mm ODPipe - SDR 13.5 BMW-I.221","Rm",{"v":1,"d":"1.00"},{"$f":"'MINI SSR 2024-25'!H70","v":{"v":222,"d":"222.00"}},{"$f":"ROUND(E82*F82,2)","v":{"v":222,"d":"222.00"}}]
[null,null,"Contract profit @ 13.615%",{"$nulls":3},{"v":0,"d":"0.00"}]
[{"$nulls":6},{"$f":"SUM(G82:G83)","v":{"v":222,"d":"222.00"}}]
[null,null,"34.90mm ODPipe - SDR 13.5 BMW-I.223","Rm",{"v":1,"d":"1.00"},{"$f":"'MINI SSR 2024-25'!H71","v":{"v":288,"d":"288.00"}},{"$f":"ROUND(E85*F85,2)","v":{"v":288,"d":"288.00"}}]
[null,null,"Contract profit @ 13.615%",{"$nulls":3},{"v":0,"d":"0.00"}]
[{"$nulls":6},{"$f":"SUM(G85:G86)","v":{"v":288,"d":"288.00"}}]
[null,16,"Manufacture, Supply and Delivery of Unplasticised PVCs Pipes for potable water supplies conforming to IS : 4985/2000 (3rd revision) with bell ends (Socket) as per specification. 25mm dia"]
[null,null,"Initial cost","1Rm",{"v":1,"d":"1.0"},{"$f":"'MINI SSR 2024-25'!H72","v":{"v":25,"d":"25.00"}},{"$f":"ROUND(E89*F89,2)","v":{"v":25,"d":"25.00"}}]
[null,null,"Contract profit @ 13.615%",{"$nulls":3},{"v":0,"d":"0.00"}]
[{"$nulls":6},{"$f":"SUM(G89:G90)","v":{"v":25,"d":"25.00"}}]
[null,9,"Labour charges for laying, joining, welding, fixing and\ncommissioning the C-PVC pipes including all specials such ascouplers/ bends/ tees etc including fixing necessary fittings like bends, plugs, couplers, junctions, tees, etc with welding the joint as per standard practice - up to 40 mm dia"]
[null,null,"Initial cost BMW-I.415","1Rm",{"v":1,"d":"1.0"},{"$f":"'MINI SSR 2024-25'!H73","v":{"v":35,"d":"35.00"}},{"$f":"ROUND(E93*F93,2)","v":{"v":35,"d":"35.00"}}]
[null,null,"Contract profit @ 13.615%",{"$nulls":3},{"v":0,"d":"0.00"}]
[{"$nulls":6},{"$f":"SUM(G93:G94)","v":{"v":35,"d":"35.00"}}]
[null,18,"Supplying and fixing Gunmetal Gate ( GM peet ) valve as per IS-778 Class - I , Indian make heavy type including cost and conveyance of all materials , labour charges etc.  omplete for finished item of work."]
[null,null,"25mm Nominal bore BMW-F.17","No",{"v":1,"d":"1.00"},{"$f":"'MINI SSR 2024-25'!H74","v":{"v":1165,"d":"1165.00"}},{"$f":"ROUND(E97*F97,2)","v":{"v":1165,"d":"1165.00"}}]
[null,null,"Contract profit @ 13.615%",{"$nulls":3},{"v":0,"d":"0.00"}]
[{"$nulls":6},{"$f":"SUM(G97:G98)","v":{"v":1165,"d":"1165.00"}}]
[null,19,"Supply and fixing of 110mm dia ISI mark PVC rain water spouts of 4 Kg/cm2 pressure including Cost of necessary pvc bends, shoes and M.S.clamps and all other accessories and fixing in position including cost and conveyance of all materials to site , seigniorage charges sales and other taxes on all materials, all operational, incidental and labour cahrges such as fixing in alignment etc., complete for finished item of work.(APSS NO1328) in All Floors"]
[null,null,"Taking out put=3 Rm"]
[null,null,"Basic rate as per ssr item BMW-G.13","3Rm",{"v":1,"d":"1.00"},{"$f":"'MINI SSR 2024-25'!C78","v":{"v":447,"d":"447.00"}},{"$f":"ROUND(E102*F102,2)","v":{"v":447,"d":"447.00"}}]
[null,null,"Cost of P.V.C. Bend BMW-G.57","No",{"v":1,"d":"1.00"},{"$f":"'MINI SSR 2024-25'!H75","v":{"v":77,"d":"77.00"}},{"v":77,"d":"77.00"}]
[null,null,"Cost of Clips BMW-G.106","No",{"v":3,"d":"3.00"},{"$f":"'MINI SSR 2024-25'!H76","v":{"v":17,"d":"17.00"}},{"v":51,"d":"51.00"}]
[null,null,"Plumber 1st Class","Day",{"v":0.3,"d":"0.30"},{"$f":"'MINI SSR 2024-25'!H13","v":{"v":795,"d":"795.00"}},{"v":238.5,"d":"238.50"}]
[null,null,"Plumber 2nd class","Day",{"v":0.7,"d":"0.70"},{"$f":"'MINI SSR 2024-25'!H14","v":{"v":640,"d":"640.00"}},{"v":448,"d":"448.00"}]
[null,null,"Man Mazdoor","Day",{"v":1,"d":"1.00"},{"$f":"'MINI SSR 2024-25'!$H$5","v":{"v":595,"d":"595.00"}},{"v":595,"d":"595.00"}]
[{"$nulls":6},{"$f":"SUM(G102:G107)","v":{"v":1856.5,"d":"1856.50"}}]
[null,null,"Contract profit @ 13.615%",{"$nulls":3},{"v":0,"d":"0.00"}]
[null,null,"Cost of 3Rm",{"$nulls":3},{"$f":"SUM(G108:G109)","v":{"v":1856.5,"d":"1856.50"}}]
[null,null,"Rate per 1.00 Rm",{"$nulls":3},{"$f":"G110/3","v":{"v":618.8333333333334,"d":"618.83"}}]
[null,1,"Drilling of 165 mm dia Bore well by down the hole hammer drilling in all formations suitable for drilling with hammer drilling such as medium hard rock upto deepth specified by department including cost of trasportation charges crew charge"]
[null,null,"Intial cost for Upto 90mts P.No.198 ","1Rm",{"v":1,"d":"1.0"},{"$f":"'MINI SSR 2024-25'!C86","v":492.16},{"$f":"(E113*F113)/1","v":492.16}]
[]
[null,null,"Intial cost for  90mts to 150mts P.No.198 ","1Rm",{"v":1,"d":"1.0"},{"$f":"'MINI SSR 2024-25'!C87","v":526.55},{"$f":"(E115*F115)/1","v":526.55}]
[]
[null,null,"Intial cost for  150mts to 250mts P.No.198 of SSR 2021-22","1Rm",{"v":1,"d":"1.0"},{"$f":"'MINI SSR 2024-25'!C88","v":590.61},{"$f":"(E117*F117)/1","v":590.61}]
[]
[null,21,"Supply and Transportation of 2.00HP single phase ISI  submersible mortor Pumpset subitable for 4\" bore well Makes:Kirloskar/ Crompton/ CRI/ KSB/ Texmo/Aryan Varsha"]
[null,null,"Initial cost  ELEC-5.4.1 e","1No",{"v":1,"d":"1.0"},{"$f":"'MINI SSR 2024-25'!C89","v":{"v":29403,"d":"29403.00"}},{"$f":"(E120*F120)/1","v":{"v":29403,"d":"29403.00"}}]
[{"$nulls":6},{"$f":"SUM(G120:G120)","v":{"v":29403,"d":"29403.00"}}]
[null,2,"Supply and Transportation of 1.00HP single phase ISI  submersible mortor Pumpset subitable for 4\" bore well Makes:Kirloskar/ Crompton/ CRI/ KSB/ Texmo/Aryan Varsha"]
[null,null,"Initial cost  ELEC-5.4.1 c","1No",{"v":1,"d":"1.0"},{"$f":"'MINI SSR 2024-25'!C90","v":{"v":20207,"d":"20207.00"}},{"$f":"(E123*F123)/1","v":{"v":20207,"d":"20207.00"}}]
[{"$nulls":6},{"$f":"SUM(G123:G123)","v":{"v":20207,"d":"20207.00"}}]
[null,3,"180mm dia PVC pipe for casing etc., complete\n(Addendum minutes (LR No. RC/ENC (AW)/ADA/AEE/ 24686/Vol.XII/2019 Dt 03.03.2020 of the Engineer in Chief, Water resource department."]
[null,null,"Initial cost  MAT- 07334","1rm",{"v":1,"d":"1.0"},{"$f":"'MINI SSR 2024-25'!C91","v":358.31},{"$f":"(E126*F126)/1","v":358.31}]
[{"$nulls":6},{"$f":"SUM(G126:G126)","v":358.31}]
[null,4,"S& F 40  mm HDPE pipe 12.5 kg/sqcm  properties & weight as per IS 1239 ISI mark with GI fittings including the cost of pipe & its fittings & labour charges "]
[null,null,"Initial cost ","1Rm",{"v":1,"d":"1.0"},{"$f":"'MINI SSR 2024-25'!C92","v":{"v":80,"d":"80.00"}},{"$f":"(E129*F129)/1","v":{"v":80,"d":"80.00"}}]
[{"$nulls":6},{"$f":"SUM(G129:G129)","v":{"v":80,"d":"80.00"}}]
[null,5,"S&F of 25mm dia Clamp set"]
[null,null,"Initial cost MAT- 00260","1No",{"v":1,"d":"1.0"},{"$f":"'MINI SSR 2024-25'!C93","v":{"v":185,"d":"185.00"}},{"$f":"(E132*F132)/1","v":{"v":185,"d":"185.00"}}]
[{"$nulls":6},{"$f":"SUM(G132:G132)","v":{"v":185,"d":"185.00"}}]
[null,6,"S&F of 180mm dia bore cap"]
[null,null,"Initial cost  (P.No.201 of SSR 2021-22)","1No",{"v":1,"d":"1.0"},{"$f":"'MINI SSR 2024-25'!C94","v":330.75},{"$f":"(E135*F135)/1","v":330.75}]
[{"$nulls":6},{"$f":"SUM(G135:G135)","v":330.75}]
[null,7,"S&F of 32mm dia GI pipe"]
[null,null,"Initial cost  (P.No.201 of SSR 2021-22)","1Rm",{"v":1,"d":"1.0"},{"$f":"'MINI SSR 2024-25'!C95","v":{"v":400,"d":"400.00"}},{"$f":"(E138*F138)/1","v":{"v":400,"d":"400.00"}}]
[{"$nulls":6},{"$f":"SUM(G138:G138)","v":{"v":400,"d":"400.00"}}]
[null,8,"S&F of 32mm dia GI Bends"]
[null,null,"Initial cost BMW-F.09","1No",{"v":1,"d":"1.0"},{"$f":"'MINI SSR 2024-25'!C96","v":{"v":77,"d":"77.00"}},{"$f":"(E141*F141)/1","v":{"v":77,"d":"77.00"}}]
[{"$nulls":6},{"$f":"SUM(G141:G141)","v":{"v":77,"d":"77.00"}}]
[null,9,"Supply of 3 core 2.5 sqm flat copper cable as per for submersible motors of makes polycab for service mains including cost of material and labour charges and taxes etc., complete."]
[null,null,"Initial cost ELEC-1.6.3","1Rm",{"v":1,"d":"1.0"},{"$f":"'MINI SSR 2024-25'!C97","v":{"v":109,"d":"109.00"}},{"$f":"(E144*F144)/1","v":{"v":109,"d":"109.00"}}]
[{"$nulls":6},{"$f":"SUM(G144:G144)","v":{"v":109,"d":"109.00"}}]
[null,10,"Supply and Transportation of control panel for single phasesubmersible motors up to 3 HP @ 220V 50Hz operating range between 80 to 240V including supply and fixing of Direct - on - Line LTLK / SIEMENS / CROMPTON make Volt meter and Ammeter with starting and running capacitors assembled with ISI mark contactors and fitted with Legrand make ISI mark MCB etc., complete. \n"]
[null,null,"Initial cost ELEC-5.4.15","No",{"v":1,"d":"1.0"},{"$f":"'MINI SSR 2024-25'!C98","v":{"v":5445,"d":"5445.00"}},{"$f":"(E147*F147)/1","v":{"v":5445,"d":"5445.00"}}]
[{"$nulls":6},{"$f":"SUM(G147:G147)","v":{"v":5445,"d":"5445.00"}}]
[]
[null,10,"Supplying & fixing 4\" (101.6 mm ) Nahany trap with Jali-  PVC/SWR Pipe fittings"]
[null,null,"Initial cost BMW-G.119","No",{"v":1,"d":"1.0"},{"v":115,"d":"115.00"},{"$f":"ROUND(E151*F151,2)","v":{"v":115,"d":"115.00"}}]
[{"$nulls":6},{"$f":"SUM(G151:G151)","v":{"v":115,"d":"115.00"}}]
[]
[]
[null,null,{"$f":"'lead 24-25'!H32","v":"Deputy Executive Engineer"},null,null,{"$f":"'lead 24-25'!K32","v":"Assistant  Engineer"}]
[null,null,{"$f":"'lead 24-25'!H33","v":"PRI Sub Division"},null,null,{"$f":"'lead 24-25'!K33","v":"Mandal Praja parishad"}]
[null,null,{"$f":"'lead 24-25'!H34","v":"Kanigiri"},null,null,{"$f":"'lead 24-25'!K34","v":"P.C.Palli"}]

{"sheet":"Ele Data 2024-25","index":8,"n_rows":307,"n_cols":9,"rows_kept":307,"merged":[[0,0,0,8],[1,3,1,4],[1,5,1,6],[2,3,2,4],[2,5,2,6]]}
[" DATA (SSR-2024-25) (Electrification)"]
["Index-code","S No","Description","Quantity",null,"Unite",null,"Rate Rs.","Amount\n Rs."]
[1,2,3,4,null,5,null,6,7]
["Ele 1.4.2 (b)",1,"Supply and Fixing of 25mm dia 1.8mm thick PVC pipe (ISI MARK) concealed in Roof Slabs with all required accessories including masonary work  and labour charges etc., complete."]
[null,null,"Taking Output = 100 M"]
[null,null,"a) Labour charges :"]
[null,null,"Skilled Electrician",{"v":2,"d":"2.00"},"day",1,"day",{"$f":"'MINI SSR 2024-25'!$H$16","v":{"v":790,"d":"790.00"}},{"$f":"ROUND(((D7*H7)/F7),2)","v":{"v":1580,"d":"1580.00"}}]
[null,null,"Semi Skilled Electrician",{"v":2,"d":"2.00"},"day",1,"day",{"$f":"'MINI SSR 2024-25'!$H$17","v":{"v":640,"d":"640.00"}},{"$f":"ROUND(((D8*H8)/F8),2)","v":{"v":1280,"d":"1280.00"}}]
[null,null,"Helper (Electrical) ",{"v":2,"d":"2.00"},"day",1,"day",{"$f":"'MINI SSR 2024-25'!$H$5","v":{"v":595,"d":"595.00"}},{"$f":"ROUND(((D9*H9)/F9),2)","v":{"v":1190,"d":"1190.00"}}]
[null,null,"b) Material"]
["ELEC-1.2.6 b",null,"25mm dia 1,2,3 & 4 way deep Junction Box",{"v":12,"d":"12.00"},"Nos",1,"No",{"$f":"'MINI SSR 2024-25'!C100","v":{"v":28,"d":"28.00"}},{"$f":"ROUND(((D11*H11)/F11),2)","v":{"v":336,"d":"336.00"}}]
["ELEC-1.2.8 b",null,"25mm PVC bends",{"v":12,"d":"12.00"},"Nos",1,"No",{"$f":"'MINI SSR 2024-25'!C101","v":{"v":12,"d":"12.00"}},{"$f":"ROUND(((D12*H12)/F12),2)","v":{"v":144,"d":"144.00"}}]
["ELEC-1.2.2 b",null,"25mm dia 1.8mm thick PVC pipe",{"v":100,"d":"100.00"},"Mtr",1,"Mtr",{"$f":"'MINI SSR 2024-25'!C102","v":{"v":36,"d":"36.00"}},{"$f":"ROUND(((D13*H13)/F13),2)","v":{"v":3600,"d":"3600.00"}}]
[{"$nulls":8},{"$f":"SUBTOTAL(9,I7:I13)","v":{"v":8130,"d":"8130.00"}}]
[null,null,"Contract Profit @ 13.615%",{"$nulls":5},{"$f":"ROUND(I14*'DATA 2024-25'!$C$3,2)","v":{"v":1106.9,"d":"1106.90"}}]
[null,null,"Material Rate for 100 Mtrs",{"$nulls":5},{"$f":"ROUND(I14+I15,2)","v":{"v":9236.9,"d":"9236.90"}}]
[null,null,"Material Rate for  1 Mtr",{"$nulls":5},{"$f":"ROUND(I16/100,2)","v":92.37}]
["Ele 1.4.2 (a)",2,"Supply and Fixing of 25mm dia 1.8mm thick PVC pipe (ISI MARK) concealed in wall with all required accessories including masonary work  and labour charges etc., complete."]
[null,null,"Taking Output = 100 M"]
[null,null,"a) Labour charges :"]
[null,null,"Skilled Electrician",{"v":2,"d":"2.00"},"day",1,"day",{"$f":"'MINI SSR 2024-25'!$H$16","v":{"v":790,"d":"790.00"}},{"$f":"ROUND(((D21*H21)/F21),2)","v":{"v":1580,"d":"1580.00"}}]
[null,null,"Semi Skilled Electrician",{"v":2,"d":"2.00"},"day",1,"day",{"$f":"'MINI SSR 2024-25'!$H$17","v":{"v":640,"d":"640.00"}},{"v":1280,"d":"1280.00"}]
[null,null,"Helper (Electrical) ",{"v":2,"d":"2.00"},"day",1,"day",{"$f":"'MINI SSR 2024-25'!$H$5","v":{"v":595,"d":"595.00"}},{"v":1190,"d":"1190.00"}]
[null,null,"Mason Ist class",{"v":2,"d":"2.00"},"day",1,"day",{"$f":"'MINI SSR 2024-25'!H3","v":{"v":710,"d":"710.00"}},{"v":1420,"d":"1420.00"}]
[null,null,"b) Material"]
["ELEC-1.2.2 b",null,"25mm dia 1.8mm thick PVC pipe",{"v":100,"d":"100.00"},"Nos",1,"No",{"$f":"'MINI SSR 2024-25'!C102","v":{"v":36,"d":"36.00"}},{"$f":"ROUND(((D26*H26)/F26),2)","v":{"v":3600,"d":"3600.00"}}]
["ELEC-8.1.4",null,"U' Links",{"v":200,"d":"200.00"},"Nos",100,"No",{"$f":"'MINI SSR 2024-25'!C103","v":{"v":39,"d":"39.00"}},{"v":78,"d":"78.00"}]
["ELEC-1.2.6 b",null,"25mm dia 1,2,3 & 4 way deep Junction Box",{"v":12,"d":"12.00"},"Nos",1,"No",{"$f":"'MINI SSR 2024-25'!C100","v":{"v":28,"d":"28.00"}},{"v":336,"d":"336.00"}]
["ELEC-1.2.8 b",null,"25mm PVC bends",{"v":12,"d":"12.00"},"Nos",1,"No",{"$f":"'MINI SSR 2024-25'!C101","v":{"v":12,"d":"12.00"}},{"v":144,"d":"144.00"}]
[null,null,"Cement",{"v":50,"d":"50.00"},"Kg",1,"Kg",{"$f":"'lead 24-25'!L8/1000","v":{"v":4.2188,"d":"4.219"}},210.94]
[{"$nulls":8},{"$f":"SUBTOTAL(9,I21:I30)","v":9838.94}]
[null,null,"Contract Profit @ 13.615%",{"$nulls":5},{"$f":"ROUND(I31*'DATA 2024-25'!$C$3,2)","v":1339.57}]
[null,null,"Material Rate for 100 Mtrs",{"$nulls":5},{"$f":"ROUND(I31+I32,2)","v":11178.51}]
[null,null,"Material Rate for  1 Mtr",{"$nulls":5},{"$f":"ROUND(I33/100,2)","v":111.79}]
[]
[null,3,"Labour charges for Grooves 2-3mm thick for PVC pipes"]
[null,null," Initial cost BMM-V.51",{"v":1,"d":"1.00"},"Rm",1,"Rm",{"$f":"'MINI SSR 2024-25'!C104","v":{"v":74,"d":"74.00"}},{"$f":"ROUND(((D37*H37)/F37),2)","v":{"v":74,"d":"74.00"}}]
[{"$nulls":8},{"$f":"SUM(I37)","v":{"v":74,"d":"74.00"}}]
[null,2,"Supply of  Hot Dip galvanized 20/18 SWG Module box with earthing terminal for 12 Module box"]
[null,null," Initial cost ELEC-1.3.1 f",{"v":1,"d":"1.00"},"Nos",1,"Nos",{"$f":"'MINI SSR 2024-25'!C106","v":{"v":245,"d":"245.00"}},{"$f":"ROUND(((D40*H40)/F40),2)","v":{"v":245,"d":"245.00"}}]
[{"$nulls":8},{"$f":"SUM(I40)","v":{"v":245,"d":"245.00"}}]
[null,3,"Supply of  Hot Dip galvanized 20/18 SWG Module box with earthing terminal for 8 Module box"]
[null,null," Initial cost ELEC-1.3.1 e",{"v":1,"d":"1.00"},"Nos",1,"Nos",{"$f":"'MINI SSR 2024-25'!C107","v":{"v":203,"d":"203.00"}},{"$f":"ROUND(((D43*H43)/F43),2)","v":{"v":203,"d":"203.00"}}]
[null,null,"Contract Profit @ 13.615%",{"$nulls":5},{"$f":"ROUND(SUM(I43)*'DATA 2024-25'!$C$3,2)","v":27.64}]
[{"$nulls":8},{"$f":"SUM(I43:I44)","v":230.64}]
[null,3,"Supply of  Hot Dip galvanized 20/18 SWG Module box with earthing terminal for 6 Module box"]
[null,null," Initial cost ELEC-1.3.1 d",{"v":1,"d":"1.00"},"Nos",1,"Nos",{"$f":"'MINI SSR 2024-25'!C108","v":{"v":155,"d":"155.00"}},{"$f":"ROUND(((D47*H47)/F47),2)","v":{"v":155,"d":"155.00"}}]
[{"$nulls":8},{"$f":"SUM(I47)","v":{"v":155,"d":"155.00"}}]
[null,4,"Supply of  Hot Dip galvanized 20/18 SWG Module box with earthing terminal for 4 Module box"]
[null,null," Initial cost ELEC-1.3.1 c",{"v":1,"d":"1.00"},"Nos",1,"Nos",{"$f":"'MINI SSR 2024-25'!C109","v":{"v":114,"d":"114.00"}},{"$f":"ROUND(((D50*H50)/F50),2)","v":{"v":114,"d":"114.00"}}]
[{"$nulls":8},{"$f":"SUM(I50)","v":{"v":114,"d":"114.00"}}]
[null,8,"Supply of  Hot Dip galvanized 20/18 SWG Module box with earthing terminal for 18 Module box"]
[null,null," Initial cost ELEC-1.3.1 f 12M",{"v":1,"d":"1.00"},"Nos",1,"Nos",{"$f":"H40","v":{"v":245,"d":"245.00"}},{"$f":"ROUND(((D53*H53)/F53),2)","v":{"v":245,"d":"245.00"}}]
[null,null," Initial cost ELEC-1.3.1 d 6M",{"v":1,"d":"1.00"},"Nos",1,"Nos",{"$f":"H47","v":{"v":155,"d":"155.00"}},{"v":155,"d":"155.00"}]
[{"$nulls":8},{"$f":"SUM(I53:I54)","v":{"v":400,"d":"400.00"}}]
[null,9,"Supply of  Hot Dip galvanized 20/18 SWG Module box with earthing terminal for 16 Module box"]
[null,null," Initial cost ELEC-1.3.1 f 12M",{"v":1,"d":"1.00"},"Nos",1,"Nos",{"$f":"H53","v":{"v":245,"d":"245.00"}},{"$f":"ROUND(((D57*H57)/F57),2)","v":{"v":245,"d":"245.00"}}]
[null,null," Initial cost ELEC-1.8.3 c  4M",{"v":1,"d":"1.00"},"Nos",1,"Nos",{"$f":"H50","v":{"v":114,"d":"114.00"}},{"v":114,"d":"114.00"}]
[{"$nulls":8},{"$f":"SUM(I57:I58)","v":{"v":359,"d":"359.00"}}]
[null,10,"Supply of  Hot Dip galvanized 20/18 SWG Module box with earthing terminal for 2 Module box"]
[null,null," Initial cost ELEC-1.3.1 a",{"v":1,"d":"1.00"},"Nos",1,"Nos",{"$f":"'MINI SSR 2024-25'!C112","v":{"v":68,"d":"68.00"}},{"$f":"ROUND(((D61*H61)/F61),2)","v":{"v":68,"d":"68.00"}}]
[{"$nulls":8},{"$f":"SUM(I61)","v":{"v":68,"d":"68.00"}}]
[null,3,"Supply of Cover frames for 12 module box"]
[null,null," Initial cost ELEC-1.8.3 f",{"v":1,"d":"1.00"},"Nos",1,"Nos",{"$f":"'MINI SSR 2024-25'!E106","v":{"v":240,"d":"240.00"}},{"$f":"ROUND(((D64*H64)/F64),2)","v":{"v":240,"d":"240.00"}}]
[{"$nulls":8},{"$f":"SUM(I64)","v":{"v":240,"d":"240.00"}}]
[null,4,"Supply of Cover frames for 8 module box"]
[null,null," Initial cost ELEC-1.8.3 e",{"v":1,"d":"1.00"},"Nos",1,"Nos",{"$f":"'MINI SSR 2024-25'!E107","v":{"v":197,"d":"197.00"}},{"$f":"ROUND(((D67*H67)/F67),2)","v":{"v":197,"d":"197.00"}}]
[null,null,"Contract Profit @ 13.615%",{"$nulls":5},{"$f":"ROUND(SUM(I67)*'DATA 2024-25'!$C$3,2)","v":26.82}]
[{"$nulls":8},{"$f":"SUM(I67:I68)","v":223.82}]
[null,7,"Supply of Cover frames for 6 module box"]
[null,null," Initial cost ELEC-1.8.3 d 6M",{"v":1,"d":"1.00"},"Nos",1,"Nos",{"$f":"'MINI SSR 2024-25'!E108","v":{"v":152,"d":"152.00"}},{"$f":"ROUND(((D71*H71)/F71),2)","v":{"v":152,"d":"152.00"}}]
[{"$nulls":8},{"$f":"SUM(I71)","v":{"v":152,"d":"152.00"}}]
[null,8,"Supply of Cover frames for 4 module box"]
[null,null," Initial cost ELEC-1.8.3 c ",{"v":1,"d":"1.00"},"Nos",1,"Nos",{"$f":"'MINI SSR 2024-25'!E109","v":{"v":101,"d":"101.00"}},{"$f":"ROUND(((D74*H74)/F74),2)","v":{"v":101,"d":"101.00"}}]
[{"$nulls":8},{"$f":"SUM(I74)","v":{"v":101,"d":"101.00"}}]
[null,15,"Supply of Cover frames for 18 module box"]
[null,null," Initial cost ELEC-1.8.3 f 12M",{"v":1,"d":"1.00"},"Nos",1,"Nos",{"$f":"H64","v":{"v":240,"d":"240.00"}},{"$f":"ROUND(((D77*H77)/F77),2)","v":{"v":240,"d":"240.00"}}]
[null,null," Initial cost ELEC-1.8.3 d 6M",{"v":1,"d":"1.00"},"Nos",1,"Nos",{"$f":"H71","v":{"v":152,"d":"152.00"}},{"$f":"ROUND(((D78*H78)/F78),2)","v":{"v":152,"d":"152.00"}}]
[{"$nulls":8},{"$f":"SUM(I77:I78)","v":{"v":392,"d":"392.00"}}]
[null,16,"Supply of Cover frames for 2 module box"]
[null,null," Initial cost ELEC-1.8.3 a",{"v":1,"d":"1.00"},"Nos",1,"Nos",{"$f":"'MINI SSR 2024-25'!E112","v":{"v":76,"d":"76.00"}},{"$f":"ROUND(((D81*H81)/F81),2)","v":{"v":76,"d":"76.00"}}]
[{"$nulls":8},{"$f":"SUM(I81)","v":{"v":76,"d":"76.00"}}]
[]
[null,5,"Supply and fixing of 6A flush type Neon Indicator."]
[null,null," Initial cost ELEC-1.7.1 e",{"v":1,"d":"1.00"},"Nos",1,"Nos",{"$f":"'MINI SSR 2024-25'!C114","v":{"v":21,"d":"21.00"}},{"$f":"ROUND(((D85*H85)/F85),2)","v":{"v":21,"d":"21.00"}}]
[null,null,"Contract Profit @ 13.615%",{"$nulls":5},{"$f":"ROUND(SUM(I85)*'DATA 2024-25'!$C$3,2)","v":2.86}]
[{"$nulls":8},{"$f":"SUBTOTAL(9,I85:I86)","v":23.86}]
[null,18,"Supply of 9\" (225mm), Light duty exhaust fan with double ball bearing and wire guard etc complete."]
[null,null," Initial cost ELEC-5.1.12",{"v":1,"d":"1.00"},"Nos",1,"Nos",{"$f":"'MINI SSR 2024-25'!C115","v":{"v":1552,"d":"1552.00"}},{"$f":"ROUND(((D89*H89)/F89),2)","v":{"v":1552,"d":"1552.00"}}]
[{"$nulls":8},{"$f":"SUM(I89)","v":{"v":1552,"d":"1552.00"}}]
["BLD-ELEC-2.1.1",6,"Wiring with run of 2 of 14/0.3mm (1.0 Sq.mm) FRLS / HFFR PVC insulated flexible ISI mark copper cable in existing PVC conduit pipe including Supply and fixing of  6A/10A ISI Mark 1way Modular switch  in existing Surface or Concealed pipe wiring including cost and conveyance of all material and all labour charges etc., complete for light and bell  points"]
[null,null,"Copper Cable Makes:Makes: Finolex / RR kabel / Havells /KEI/Polycab/Gloster"]
[null,null,"Accessories Makes:Makes: Legrand Arteor / Schneider Zen celo/ Crabtree Murano or Amare/L&Tenglaze/GM-Zenova/ Goldmedal (GIFA)"]
[null,null,"a) Labour charges :"]
[null,null,"Skilled Electrician. ",{"v":0.6,"d":"0.60"},"day",1,"day",{"$f":"'MINI SSR 2024-25'!$H$16","v":{"v":790,"d":"790.00"}},{"$f":"ROUND(((D95*H95)/F95),2)","v":{"v":474,"d":"474.00"}}]
[null,null,"Semi Skilled Electrician / Lineman",{"v":1.2,"d":"1.20"},"day",1,"day",{"$f":"'MINI SSR 2024-25'!$H$17","v":{"v":640,"d":"640.00"}},{"v":768,"d":"768.00"}]
[null,null,"Helper (Electrical) ",{"v":0.6,"d":"0.60"},"day",1,"day",{"$f":"'MINI SSR 2024-25'!$H$5","v":{"v":595,"d":"595.00"}},{"v":357,"d":"357.00"}]
[null,null,"b) Material"]
[null,null,"Supply of  6A / 10A 1 Way flush type switch 1.7.1 a",6,"Nos",1,"No",{"$f":"'MINI SSR 2024-25'!C116","v":{"v":18,"d":"18.00"}},{"$f":"ROUND(((D99*H99)/F99),2)","v":{"v":108,"d":"108.00"}}]
[null,null,"Supply of 14/0.3mm (1.0 Sqmm) Ele 1.5.1",{"v":100,"d":"100.00"},"Mtrs",100,"Mtrs",{"$f":"'MINI SSR 2024-25'!C119","v":{"v":1238,"d":"1238.00"}},{"v":1238,"d":"1238.00"}]
[null,null,"Contract Profit @ 13.615%",{"$nulls":5},{"$f":"ROUND(SUM(I95:I100)*'DATA 2024-25'!$C$3,2)","v":400.96}]
[null,null,"Cost of Material for 6 Points",{"$nulls":5},{"$f":"SUM(I95:I101)","v":3345.96}]
[null,null,"Cost of Material Rate per 1 Point",{"$nulls":5},{"$f":"ROUND(I102/6,2)","v":557.66}]
["BLD-ELEC-2.1.1",7,"Wiring with run of 2 of 14/0.3mm (1.0 Sq.mm) FRLS / HFFR PVC insulated flexible ISI mark copper cable in existing PVC conduit pipe including Supply and fixing of Jumbo Ceiling rose and 6A/10A ISI Mark 1way Modular switch  in existing Surface or Concealed pipe wiring including cost and conveyance of all material and all labour charges etc., complete for Fan points"]
[null,null,"Copper Cable Makes:Makes: Finolex / RR kabel / Havells /KEI/Polycab/Gloster"]
[null,null,"Accessories Makes:Makes: Legrand Arteor / Schneider Zen celo/ Crabtree Murano or Amare/L&Tenglaze/GM-Zenova/ Goldmedal (GIFA)"]
[null,null,"a) Labour charges :"]
[null,null,"Skilled Electrician. ",{"v":0.6,"d":"0.60"},"day",1,"day",{"$f":"'MINI SSR 2024-25'!$H$16","v":{"v":790,"d":"790.00"}},{"$f":"ROUND(((D108*H108)/F108),2)","v":{"v":474,"d":"474.00"}}]
[null,null,"Semi Skilled Electrician / Lineman",{"v":1.2,"d":"1.20"},"day",1,"day",{"$f":"'MINI SSR 2024-25'!$H$17","v":{"v":640,"d":"640.00"}},{"v":768,"d":"768.00"}]
[null,null,"Helper (Electrical)",{"v":0.6,"d":"0.60"},"day",1,"day",{"$f":"'MINI SSR 2024-25'!$H$5","v":{"v":595,"d":"595.00"}},{"v":357,"d":"357.00"}]
[null,null,"b) Material"]
[null,null,"Supply of  6A / 10A 1 Way flush type switch 1.7.1 a",6,"Nos",1,"No",{"$f":"'MINI SSR 2024-25'!C116","v":{"v":18,"d":"18.00"}},{"$f":"ROUND(((D112*H112)/F112),2)","v":{"v":108,"d":"108.00"}}]
[null,null,"Supply of  3 Plate Jumbo Ceiling Rose  Ele 1.7.1-M",6,"Nos",1,"No",{"$f":"'MINI SSR 2024-25'!C120","v":{"v":22,"d":"22.00"}},{"v":132,"d":"132.00"}]
[null,null,"Supply of 14/0.3mm (1.0 Sqmm) Ele 1.5.1",{"v":100,"d":"100.00"},"Mtrs",100,"Mtrs",{"$f":"'MINI SSR 2024-25'!C119","v":{"v":1238,"d":"1238.00"}},{"v":1238,"d":"1238.00"}]
[null,null,"Contract Profit @ 13.615%",{"$nulls":5},{"$f":"ROUND(SUM(I108:I114)*'DATA 2024-25'!$C$3,2)","v":418.93}]
[null,null,"Cost of Material for 6 Points",{"$nulls":5},{"$f":"SUM(I108:I115)","v":3495.93}]
[null,null,"Cost of Material Rate per 1 Point",{"$nulls":5},{"$f":"ROUND(I116/6,2)","v":582.66}]
["BLD-ELEC-2.1.4",8,"Supply and fixing of 6A 3/2 pin wall plug socket with 6A switch control on a common switch board with earth continuity including wire leads, earth connections along with all labour charges etc., complete."]
[null,null,"a) Labour charges :"]
[null,null,"Skilled Electrician. ",0.067,"day",1,"day",{"$f":"'MINI SSR 2024-25'!$H$16","v":{"v":790,"d":"790.00"}},{"$f":"ROUND(((D120*H120)/F120),2)","v":52.93}]
[null,null,"Helper (Electrical)",0.067,"day",1,"day",{"$f":"'MINI SSR 2024-25'!$H$5","v":{"v":595,"d":"595.00"}},39.87]
[null,null,"b) Material"]
[null,null,"Supply of  6A / 10A 1 Way flush type switch 1.7.1 a",1,"Nos",1,"No",{"$f":"'MINI SSR 2024-25'!C116","v":{"v":18,"d":"18.00"}},{"$f":"ROUND(((D123*H123)/F123),2)","v":{"v":18,"d":"18.00"}}]
[null,null,"Supply of  6A / 10A 3/2 Pin flush type socket 1.7.1 d",1,"No",1,"No",{"$f":"'MINI SSR 2024-25'!C118","v":{"v":27,"d":"27.00"}},{"v":27,"d":"27.00"}]
[null,null,"Contract Profit @ 13.615%",{"$nulls":5},{"$f":"ROUND(SUM(I120:I124)*'DATA 2024-25'!$C$3,2)","v":18.76}]
[null,null,"Total Cost of Material + Labour Charges",{"$nulls":5},{"$f":"SUM(I120:I125)","v":156.56}]
["BLD-ELEC-2.1.5",7,"Supply and fixing of 16A 3pin / 6A 3pin  plug socket with indicator lamp and 16Amps  fuse unit and 16 Amps  switch control (5 in one) on decolam sheet covered board including earth connection and all labour charges etc., complete on wall."]
[null,null,"a) Labour charges :"]
[null,null,"Skilled Electrician. ",{"v":0.1,"d":"0.100"},"day",1,"day",{"$f":"'MINI SSR 2024-25'!$H$16","v":{"v":790,"d":"790.00"}},{"$f":"ROUND(((D129*H129)/F129),2)","v":{"v":79,"d":"79.00"}}]
[null,null,"Helper (Electrical) ",{"v":0.1,"d":"0.100"},"day",1,"day",{"$f":"'MINI SSR 2024-25'!$H$5","v":{"v":595,"d":"595.00"}},{"v":59.5,"d":"59.50"}]
[null,null,"b) Material"]
[null,null,"20 x 15 cms (8\" x6\") Decolam sheet covered board ELEC-1.4.2 d",1,"Nos",1,"No",{"$f":"'MINI SSR 2024-25'!C121","v":{"v":51,"d":"51.00"}},{"$f":"ROUND(((D132*H132)/F132),2)","v":{"v":51,"d":"51.00"}}]
[null,null,"16A / 20A 1 Way 1 Module Modular Switch. ELEC-1.8.1 h",1,"No",1,"No",{"$f":"'MINI SSR 2024-25'!C122","v":{"v":124,"d":"124.00"}},{"v":124,"d":"124.00"}]
[null,null,"16A 3 pin / 6A 3pin Plug socket with indicator ELEC-1.8.1 g",1,"No",1,"No",{"$f":"'MINI SSR 2024-25'!C123","v":{"v":124,"d":"124.00"}},{"v":124,"d":"124.00"}]
[null,null,"Total Cost of Material + Labour Charges",{"$nulls":5},{"$f":"SUM(I129:I134)","v":{"v":437.5,"d":"437.50"}}]
["ELE 2.1.4",27,"Supply and fixing of 6A 2 pin wall plug socket with 6A switch control on a common switch board with earth continuity including wire leads, earth connections along with all labour charges etc., complete."]
[null,null,"a) Labour charges :"]
[null,null,"Skilled Electrician. ",0.067,"day",1,"day",{"$f":"'MINI SSR 2024-25'!$H$16","v":{"v":790,"d":"790.00"}},{"$f":"ROUND(((D138*H138)/F138),2)","v":52.93}]
[null,null,"Helper (Electrical) ",0.067,"day",1,"day",{"$f":"'MINI SSR 2024-25'!$H$5","v":{"v":595,"d":"595.00"}},39.87]
[null,null,"b) Material"]
[null,null,"Supply of  6A / 10A 1 Way flush type switch 1.7.1 a",1,"Nos",1,"No",{"$f":"'MINI SSR 2024-25'!C116","v":{"v":18,"d":"18.00"}},{"$f":"ROUND(((D141*H141)/F141),2)","v":{"v":18,"d":"18.00"}}]
[null,null,"Supply of  6A / 10A 2 Pin flush type socket 1.7.1 c",1,"No",1,"No",{"$f":"'MINI SSR 2024-25'!C117","v":{"v":21,"d":"21.00"}},{"v":21,"d":"21.00"}]
[null,null,"Cost of Material Rate",{"$nulls":5},{"$f":"SUM(I138:I142)","v":{"v":131.8,"d":"131.80"}}]
[null,28,"Supply and fixing of 6A/10A ISI Mark 3/2 pin Modular socket with 6A/10A 1way Modular switch, 3 Module box with cover frame on a Common switch board including cost and conveyance of all materials and all labour charges etc., complete in N.R.B.(Data No.             )"]
[null,null,"Accessories MakesLegrand Arteor / Schneider Zen celo/ Crabtree Murano or Amare/L&Tenglaze/GM-Zenova/ Goldmedal (GIFA)"]
[null,null,"a) Labour charges :"]
[null,null,"Skilled Electrician. ",0.067,"day",1,"day",{"$f":"'MINI SSR 2024-25'!$H$16","v":{"v":790,"d":"790.00"}},{"$f":"ROUND(((D147*H147)/F147),2)","v":52.93}]
[null,null,"Helper (Electrical) ",0.067,"day",1,"day",{"$f":"'MINI SSR 2024-25'!$H$5","v":{"v":595,"d":"595.00"}},39.87]
[null,null,"b) Material"]
[null,null,"Supply of  6A / 10A 1 Way Modular Switch  Ele 1.8.1-A",1,"No",1,"No",{"$f":"'MINI SSR 2024-25'!C124","v":{"v":72,"d":"72.00"}},{"$f":"ROUND(((D150*H150)/F150),2)","v":{"v":72,"d":"72.00"}}]
[null,null,"Supply of  6A / 10A 3/2 Pin Modular Socket  ELEC-1.8.1-D)",1,"No",1,"No",{"$f":"'MINI SSR 2024-25'!C125","v":{"v":122,"d":"122.00"}},{"v":122,"d":"122.00"}]
[null,null,"Supply of 3 Module box (ELEC 1.3.1-B) ",1,"No",1,"No",{"$f":"'MINI SSR 2024-25'!C126","v":{"v":95,"d":"95.00"}},{"v":95,"d":"95.00"}]
[null,null,"Supply of 3 Modular Cover Frame (ELEC-1.8.3)",1,"No",1,"No",{"$f":"'MINI SSR 2024-25'!C127","v":{"v":80,"d":"80.00"}},{"v":80,"d":"80.00"}]
[null,null,"Cost of Material Rate",{"$nulls":5},{"$f":"SUM(I147:I153)","v":{"v":461.8,"d":"461.80"}}]
["Ele 3.1.3",29,"Supply and run of 2 of 22/0.3mm (1.5 Sq.mm) F.R P.V.C. insulated flexible copper cable in existing pipe for mains inlcuding all labour charges etc., complete"]
[null,null,"Copper Cable Makes:Makes: Finolex / RR kabel / Havells /KEI/Polycab/Gloster"]
[null,null,"a) Labour charges :"]
[null,null,"Skilled Electrician. ",0.67,"day",1,"day",{"$f":"'MINI SSR 2024-25'!$H$16","v":{"v":790,"d":"790.00"}},{"$f":"ROUND(((D158*H158)/F158),2)","v":{"v":529.3,"d":"529.30"}}]
[null,null,"Semi Skilled Electrician / Lineman ",{"v":2,"d":"2.00"},"day",1,"day",{"$f":"'MINI SSR 2024-25'!$H$17","v":{"v":640,"d":"640.00"}},{"v":1280,"d":"1280.00"}]
[null,null,"Helper (Electrical) ",0.67,"day",1,"day",{"$f":"'MINI SSR 2024-25'!$H$5","v":{"v":595,"d":"595.00"}},398.65]
[null,null,"Supply of 22/0.3mm (1.5 Sqmm) (ELEC-1.5.1-B)",{"v":200,"d":"200.00"},"Mtrs",100,"Mtrs",{"$f":"'MINI SSR 2024-25'!C128","v":{"v":2046,"d":"2046.00"}},{"$f":"ROUND(((D161*H161)/F161),2)","v":{"v":4092,"d":"4092.00"}}]
[null,null,"Cost of Material for 100 Metres",{"$nulls":5},{"$f":"SUM(I158:I161)","v":6299.95}]
[null,null,"Cost of Material for 1 Metres",{"$nulls":5},{"$f":"ROUND(I162/100,2)","v":{"v":63,"d":"63.00"}}]
["BLD-ELEC-3.1.4",9,"Supply and  Run of 2 of 36/0.3mm (2.50 Sq.mm) with  Run 1 of 22/0.3mm(1.5Sqmm)  FRLS / HFFR PVC insulated flexible ISI mark copper cable in existing pipe for run of mains inlcuding all labour charges etc., complete.(Data No.             )"]
[null,null,"Copper Cable Makes:Makes: Finolex / RR kabel / Havells /KEI/Polycab/Gloster"]
[null,null,"a) Labour charges :"]
[null,null,"Skilled Electrician. ",0.67,"day",1,"day",{"$f":"'MINI SSR 2024-25'!$H$16","v":{"v":790,"d":"790.00"}},{"$f":"ROUND(((D167*H167)/F167),2)","v":{"v":529.3,"d":"529.30"}}]
[null,null,"Semi Skilled Electrician / Lineman ",{"v":2,"d":"2.00"},"day",1,"day",{"$f":"'MINI SSR 2024-25'!$H$17","v":{"v":640,"d":"640.00"}},{"v":1280,"d":"1280.00"}]
[null,null,"Helper (Electrical) ",0.67,"day",1,"day",{"$f":"'MINI SSR 2024-25'!$H$5","v":{"v":595,"d":"595.00"}},398.65]
[null,null,"b) Material"]
[null,null,"Supply of 36/0.3mm (2.5 Sqmm) ELEC-19-20-1.5.1-C",{"v":200,"d":"200.00"},"Mtrs",100,"Mtrs",{"$f":"'MINI SSR 2024-25'!C129","v":{"v":3305,"d":"3305.00"}},{"$f":"ROUND(((D171*H171)/F171),2)","v":{"v":6610,"d":"6610.00"}}]
[null,null,"Contract Profit @ 13.615%",{"$nulls":5},{"$f":"ROUND(SUM(I167:I171)*'DATA 2024-25'!$C$3,2)","v":1200.56}]
[null,null,"Cost of Material for 100 Metres",{"$nulls":5},{"$f":"SUM(I167:I172)","v":10018.51}]
[null,null,"Cost of Material Rate per Mtr= C/100",{"$nulls":5},{"$f":"ROUND(I173/100,2)","v":100.19}]
["BLD-ELEC-3.1.5",9,"Supply and  Run of 2 of 56/0.3mm (4.00 Sq.mm) with  Run 1 of 22/0.3mm(1.5Sqmm)  FRLS / HFFR PVC insulated flexible ISI mark copper cable in existing pipe for run of mains inlcuding all labour charges etc., complete.(Data No.             )"]
[null,null,"Copper Cable Makes: Finolex / RR kabel / Havells /KEI/Polycab/Gloster"]
[null,null,"a) Labour charges :"]
[null,null,"Skilled Electrician. ",{"v":1,"d":"1.00"},"day",1,"day",{"$f":"'MINI SSR 2024-25'!$H$16","v":{"v":790,"d":"790.00"}},{"$f":"ROUND(((D178*H178)/F178),2)","v":{"v":790,"d":"790.00"}}]
[null,null,"Semi Skilled Electrician / Lineman ",{"v":3,"d":"3.00"},"day",1,"day",{"$f":"'MINI SSR 2024-25'!$H$17","v":{"v":640,"d":"640.00"}},{"v":1920,"d":"1920.00"}]
[null,null,"Helper (Electrical) ",{"v":1,"d":"1.00"},"day",1,"day",{"$f":"'MINI SSR 2024-25'!$H$5","v":{"v":595,"d":"595.00"}},{"v":595,"d":"595.00"}]
[null,null,"b) Material"]
[null,null,"Supply of 56/0.3mm (4.0 Sqmm)  (ELEC-1.5.1-d)",{"v":200,"d":"200.00"},"Mtrs",100,"Mtrs",{"$f":"'MINI SSR 2024-25'!C130","v":{"v":5046,"d":"5046.00"}},{"$f":"ROUND(((D182*H182)/F182),2)","v":{"v":10092,"d":"10092.00"}}]
[null,null,"Cost of Material for 100 Metres",{"$nulls":5},{"$f":"SUM(I178:I182)","v":{"v":13397,"d":"13397.00"}}]
[null,null,"Cost of Material Rate per Mtr= C/100",{"$nulls":5},{"$f":"SUM(I183/100)","v":133.97}]
["BLD-ELEC-6.1.1",10,"Supply and Run of 2 of 6 Sq.mm WPSC Aluminium cable along with No.10 SWG G.I bearer wire through PVC cleats with all accessories including labour charges etc., complete for service mains."]
[null,null,"a) Labour charges :"]
[null,null,"Skilled Electrician",{"v":1,"d":"1.00"},"day",1,"day",{"$f":"'MINI SSR 2024-25'!$H$16","v":{"v":790,"d":"790.00"}},{"$f":"ROUND(((D187*H187)/F187),2)","v":{"v":790,"d":"790.00"}}]
[null,null,"Semi Skilled Electrician / Lineman ",{"v":1,"d":"1.00"},"day",1,"day",{"$f":"'MINI SSR 2024-25'!$H$17","v":{"v":640,"d":"640.00"}},{"v":640,"d":"640.00"}]
[null,null,"Helper (Electrical)",{"v":1,"d":"1.00"},"day",1,"day",{"$f":"'MINI SSR 2024-25'!$H$5","v":{"v":595,"d":"595.00"}},{"v":595,"d":"595.00"}]
[null,null,"b) Material"]
[null,null,"6 Sq.mm WPSC Aluminium cable ELEC-1.6.1",{"v":200,"d":"200.00"},"Mtrs",100,"Mtrs",{"$f":"'MINI SSR 2024-25'!C131","v":{"v":1816,"d":"1816.00"}},{"$f":"ROUND(((D191*H191)/F191),2)","v":{"v":3632,"d":"3632.00"}}]
[null,null,"No.10 SWG G.I wire. (0.026 Kg / Mtr) Length 100 RM ELEC-8.3.6",{"v":6.7,"d":"6.70"},"Kg",1,"Kg",{"$f":"'MINI SSR 2024-25'!C132","v":{"v":94,"d":"94.00"}},{"v":629.8,"d":"629.80"}]
[null,null,"PVC Cleats ELEC-8.1.13",{"v":100,"d":"100.00"},"Nos",100,"No",{"$f":"'MINI SSR 2024-25'!C133","v":{"v":556,"d":"556.00"}},{"v":556,"d":"556.00"}]
[null,null,"Contract Profit @ 13.615%",{"$nulls":5},{"$f":"ROUND(SUM(I187:I193)*'DATA 2024-25'!$C$3,2)","v":931.65}]
[null,null,"Cost of Material for 100 Metres",{"$nulls":5},{"$f":"SUM(I187:I194)","v":7774.45}]
[null,null,"Cost of Material Rate per Mtr= C/100",{"$nulls":5},{"$f":"SUM(I195/100)","v":{"v":77.7445,"d":"77.74"}}]
["BLD-ELEC-2.1.8",11,"Supply and fixing of ISI mark batten holder / angle holder on existing block, but with bulb including all connections etc., complete "]
[null,null,"BH Makes: GM G Home / Gold Medal Olive / Million Zoom / Great whiteOmega/Koncept/Vimal opel/ Anchor/Vihan/CPL"]
[null,null,"a) Labour charges :"]
[null,null,"Skilled Electrician. ",0.05,"day",1,"day",{"$f":"'MINI SSR 2024-25'!$H$16","v":{"v":790,"d":"790.00"}},{"$f":"ROUND(((D200*H200)/F200),2)","v":{"v":39.5,"d":"39.50"}}]
[null,null,"Helper (Electrical) ",0.05,"day",1,"day",{"$f":"'MINI SSR 2024-25'!$H$5","v":{"v":595,"d":"595.00"}},29.75]
[null,null,"b) Material"]
[null,null,"Supply of  BH / SBH (ELEC-1.7.1-N)",1,"Nos",1,"No",{"$f":"'MINI SSR 2024-25'!G114","v":{"v":21,"d":"21.00"}},{"$f":"ROUND(((D203*H203)/F203),2)","v":{"v":21,"d":"21.00"}}]
[null,null,"0.5W LED bulb ELEC-3.7.5 a",1,"Nos",1,"No",{"$f":"'MINI SSR 2024-25'!G115","v":{"v":46,"d":"46.00"}},{"v":46,"d":"46.00"}]
[null,null,"Contract Profit @ 13.615%",{"$nulls":5},{"$f":"ROUND(SUM(I200:I204)*'DATA 2024-25'!$C$3,2)","v":18.55}]
[null,null,"Cost of Material",{"$nulls":5},{"$f":"SUM(I200:I205)","v":{"v":154.8,"d":"154.80"}}]
["Ele 9.7.35",12,"Supply, Transportation and Fixing of 48\" (1200mm) Sweep 5 Star rated Ceiling Fan with double ball bearings but without regulator including all standard accessories and all labour charges etc., complete.(Data No.             )"]
[null,null,"Ceiling Fan Makes:  Crompton HS Decora / Bajaj Regal Star /\nHavells Spark deco / Orient summer crown\n/Halonix(Zephyr) /Polycab(India Glory"]
[null,null,"Twin Core Wire Makes:  Finolex / Polycab / Havells / V-Guard / GoldMedal / GM / Million / Vimal /Airson/CRI/ Tamra/\nollvin/Avocab"]
[null,null,"a) Labour charges  "]
[null,null,"Skilled Electrician. ",0.125,"day",1,"day",{"$f":"'MINI SSR 2024-25'!$H$16","v":{"v":790,"d":"790.00"}},{"$f":"ROUND(((D211*H211)/F211),2)","v":98.75}]
[null,null,"Helper (Electrical) ",0.125,"day",1,"day",{"$f":"'MINI SSR 2024-25'!$H$5","v":{"v":595,"d":"595.00"}},74.38]
[null,null,"b) Material "]
[null,null,"Supply of 23 / 0060 twin core twisted  ELEC-1.5.6",{"v":1,"d":"1.00"},"Mtr",100,"Mtrs",{"$f":"'MINI SSR 2024-25'!G116","v":{"v":1288,"d":"1288.00"}},{"$f":"ROUND(((D214*H214)/F214),2)","v":12.88}]
[null,null,"Stepped type fan regulator ELEC-1.7.1 I",{"v":1,"d":"1.00"},"No",1,"No",{"$f":"'MINI SSR 2024-25'!G117","v":{"v":208,"d":"208.00"}},{"v":208,"d":"208.00"}]
[null,null,"Supply of 48\" (1200mm) Sweep 5 Star rated Ceiling Fan ELEC-5.1.4 ",{"v":1,"d":"1.00"},"Nos",1,"Nos",{"$f":"'MINI SSR 2024-25'!G118","v":{"v":2904,"d":"2904.00"}},{"v":2904,"d":"2904.00"}]
[null,null,"Transportation Charges on Unit Cost @1%",{"$nulls":4},{"v":0.01,"d":"1.00%"},{"$f":"SUM(I216*H217)","v":29.04}]
[null,null,"Contract Profit @ 13.615%",{"$nulls":5},{"$f":"ROUND(SUM(I211:I217)*'DATA 2024-25'!$C$3,2)","v":452.98}]
[null,null,"Total Cost of Material + Labour Charges",{"$nulls":5},{"$f":"SUM(I211:I218)","v":3780.03}]
["Ele 9.7.2",1,"Supply and Transportation of 48\" (1200mm) Sweep 5 star rated Ceiling Fan , with double ball bearings, air delivery more than 200 cubic meter/min but without Regulator."]
[null,null,"Cost of 48\" Fan ELEC-5.1.4",{"v":1,"d":"1.00"},"Nos",1,"Nos",{"$f":"'MINI SSR 2024-25'!G118","v":{"v":2904,"d":"2904.00"}},{"$f":"ROUND(((D221*H221)/F221),2)","v":{"v":2904,"d":"2904.00"}}]
[null,null,"Transportation Charges on Unit Cost @1%",{"$nulls":4},{"v":0.01,"d":"1.00%"},{"$f":"SUM(I221*H222)","v":29.04}]
[null,null,"Total Cost of Material + Labour Charges",{"$nulls":5},{"$f":"SUM(I221:I222)","v":2933.04}]
["Ele 9.7.26",37,"Supply and fixing of  Stepped Electronic fan regulator hum free step type socket size in the existing switch board."]
[null,null,"Stepped type fan regulator ELEC-1.7.1 I",{"v":1,"d":"1.00"},"Nos",1,"Nos",{"$f":"'MINI SSR 2024-25'!G117","v":{"v":208,"d":"208.00"}},{"$f":"ROUND(((D225*H225)/F225),2)","v":{"v":208,"d":"208.00"}}]
[null,null,"Skilled Electrician. ",{"v":0.1,"d":"0.100"},"day",1,"day",{"$f":"'MINI SSR 2024-25'!$H$16","v":{"v":790,"d":"790.00"}},{"v":79,"d":"79.00"}]
[]
[null,null,"Total Cost of Material + Labour Charges",{"$nulls":5},{"$f":"SUM(I225:I227)","v":{"v":287,"d":"287.00"}}]
["Ele 9.7.35",2,"Labour charges for fixing of ceiling fan with regulator including transportation, 3 core  wire leads etc complete"]
[null,null,"a) Labour charges  "]
[null,null,"Skilled Electrician. ",0.125,"day",1,"day",{"$f":"'MINI SSR 2024-25'!$H$16","v":{"v":790,"d":"790.00"}},{"$f":"ROUND(((D231*H231)/F231),2)","v":98.75}]
[null,null,"Helper (Electrical) ",0.125,"day",1,"day",{"$f":"'MINI SSR 2024-25'!$H$5","v":{"v":595,"d":"595.00"}},74.38]
[null,null,"b) Material "]
[null,null,"Supply of 23 / 0060 twin core twisted  ELEC-1.5.6",{"v":1,"d":"1.00"},"Mtr",100,"Mtrs",{"$f":"'MINI SSR 2024-25'!G116","v":{"v":1288,"d":"1288.00"}},{"$f":"ROUND(((D234*H234)/F234),2)","v":12.88}]
[null,null,"Total Cost of Material + Labour Charges",{"$nulls":5},{"$f":"SUM(I231:I234)","v":186.01}]
["Ele 9.7.25",39,"Supply and erecting 19/20mm steel tube down rod of one meter length with bolts & nuts duly painted with matching colour of  fan complete"]
[null,null,"a) Labour charges  "]
[null,null,"Helper (Electrical) ",{"v":0.1,"d":"0.100"},"day",1,"day",{"$f":"'MINI SSR 2024-25'!$H$5","v":{"v":595,"d":"595.00"}},{"$f":"ROUND(((D238*H238)/F238),2)","v":{"v":59.5,"d":"59.50"}}]
[null,null,"b) Material "]
[null,null,"19/20mm steel tube down rod with bolts & nuts for  fan with maching colour.",{"v":1,"d":"1.00"},"No",1,"No",{"$f":"'MINI SSR 2024-25'!G119","v":{"v":119,"d":"119.00"}},{"$f":"ROUND(((D240*H240)/F240),2)","v":{"v":119,"d":"119.00"}}]
[null,null,"Total Cost of Material + Labour Charges",{"$nulls":5},{"$f":"SUM(I238:I240)","v":{"v":178.5,"d":"178.50"}}]
["Ele 9.7.24",13,"Supply and erecting fan hook of 12/15mm dia M.S. rod / bar grouted in RCC slab with making the slab as original."]
[null,null," Initial cost ELEC-8.1.20",{"v":1,"d":"1.00"},"Nos",1,"Nos",{"$f":"'MINI SSR 2024-25'!G120","v":{"v":42,"d":"42.00"}},{"$f":"ROUND(((D243*H243)/F243),2)","v":{"v":42,"d":"42.00"}}]
[null,null,"Mason",0.166,"day",1,"day",{"$f":"'MINI SSR 2024-25'!H3","v":{"v":710,"d":"710.00"}},117.86]
[null,null,"Helper ",0.166,"day",1,"day",{"$f":"'MINI SSR 2024-25'!H5","v":{"v":595,"d":"595.00"}},98.77]
[null,null,"Contract Profit @ 13.615%",{"$nulls":5},{"$f":"ROUND(SUM(I243:I245)*'DATA 2024-25'!$C$3,2)","v":35.21}]
[{"$nulls":8},{"$f":"SUBTOTAL(9,I243:I246)","v":293.84}]
["BLD-ELEC- 8.2.2 and \n7.9.3",14,"Supply and Transportation and fixing of 1200 mm length,Box type powder coatedtube light luminaire with necessary wiring suitable for fixing 2 Nos retrofit T8 LED tubes but without tube and\nchoke Makes: Phillips / Crompton /Bajaj/Surya/Havells/HPL"]
[null,null,"a) Labour charges  "]
[null,null,"Skilled Electrician. ",{"v":0.1,"d":"0.10"},"day",1,"day",{"$f":"'MINI SSR 2024-25'!$H$16","v":{"v":790,"d":"790.00"}},{"$f":"ROUND(((D250*H250)/F250),2)","v":{"v":79,"d":"79.00"}}]
[null,null,"Semi Skilled Electrician / Lineman ",{"v":0.1,"d":"0.10"},"day",1,"day",{"$f":"'MINI SSR 2024-25'!$H$17","v":{"v":640,"d":"640.00"}},{"v":64,"d":"64.00"}]
[null,null,"b) Material"]
[null,null,"Supply of 23 / 0060 twin core twisted ",{"v":1,"d":"1.00"},"Mtr",100,"Mtrs",{"$f":"'MINI SSR 2024-25'!G116","v":{"v":1288,"d":"1288.00"}},{"$f":"ROUND(((D253*H253)/F253),2)","v":12.88}]
[null,null,"Supply of 1200 mm length (ELEC- 3.8.18)",1,"No",1,"No",{"$f":"'MINI SSR 2024-25'!G121","v":{"v":248,"d":"248.00"}},{"v":248,"d":"248.00"}]
[null,null,"Contract Profit @ 13.615%",{"$nulls":5},{"$f":"ROUND(SUM(I250:I254)*'DATA 2024-25'!$C$3,2)","v":54.99}]
[null,null,"Cost of Material",{"$nulls":5},{"$f":"SUM(I250:I255)","v":458.87}]
[]
[" BLD ELE 4.4.1",15,"Supply and fixing SPN Distribution board with IP-20 protection suitable for single phase Earth Leakage Circute Braker (ELCB) / Residual Current Circute Braker (RCCB) / Double Pole (DP) Isolator as incomer and 10kA SP MCBs as out going including internal connections and labour charges for surface / flush mounting etc., complete."]
[null,null,"a) Labour charges  "]
[null,null,"Skilled Electrician. ",{"v":0.5,"d":"0.50"},"day",1,"day",{"$f":"'MINI SSR 2024-25'!$H$16","v":{"v":790,"d":"790.00"}},{"$f":"ROUND(((D260*H260)/F260),2)","v":{"v":395,"d":"395.00"}}]
[null,null,"Semi Skilled Electrician ",{"v":0.5,"d":"0.50"},"day",1,"day",{"$f":"'MINI SSR 2024-25'!$H$17","v":{"v":640,"d":"640.00"}},{"v":320,"d":"320.00"}]
[null,null,"Helper (Electrical)",{"v":1,"d":"1.00"},"day",1,"day",{"$f":"'MINI SSR 2024-25'!$H$5","v":{"v":595,"d":"595.00"}},{"v":595,"d":"595.00"}]
[null,null,"b) Material"]
[null,null,"SPN 4way D.B with IP-20 Protection suitable for single phase ECCB / RCCB/ DP Isolator. ELEC-2.13.1a",1,"Nos",1,"No",{"$f":"'MINI SSR 2024-25'!G122","v":{"v":1105,"d":"1105.00"}},{"$f":"ROUND(((D264*H264)/F264),2)","v":{"v":1105,"d":"1105.00"}}]
[null,null,"40A D.P.Isolator / ECCB / RCCB ELEC-2.11.1 b",1,"Nos",1,"No",{"$f":"'MINI SSR 2024-25'!G123","v":{"v":432,"d":"432.00"}},{"v":432,"d":"432.00"}]
[null,null,"10 kA - 6-32A range SP MCBs ELEC-2.10.1 a",4,"Nos",1,"No",{"$f":"'MINI SSR 2024-25'!G124","v":{"v":228,"d":"228.00"}},{"v":912,"d":"912.00"}]
[null,null,"Contract Profit @ 13.615%",{"$nulls":5},{"$f":"ROUND(SUM(I260:I266)*'DATA 2024-25'!$C$3,2)","v":511.79}]
[null,null,"Total Cost of Material + Labour Charges",{"$nulls":5},{"$f":"SUM(I260:I267)","v":4270.79}]
[null,16,"Supply and fixing of 2 Nos of 32A, 240V Porcelain Rewirable Fuse Units of  makes : GM / Sputnik / Kundancab / Million / Gold Medal  / Vimal / Star / Benlo on 12\" x 18\" peta board with connections and labour charges etc complete."]
[null,null,"b) Material"]
[null,null,"32 A  240V Porcelain Rewirable Fuse Units.2.7.1.a",2,"Nos",1,"No",{"$f":"'MINI SSR 2024-25'!G125","v":{"v":140,"d":"140.00"}},{"$f":"ROUND(((D271*H271)/F271),2)","v":{"v":280,"d":"280.00"}}]
[null,null,"Supply of 6.0 Sqmm PVC  insulated flexible Copper cable. 1.6.1.b",4,"Rm",100,"Rm",{"$f":"'MINI SSR 2024-25'!C131","v":{"v":1816,"d":"1816.00"}},72.64]
[null,null,"Peeta Board of Size 15\" x 20\" 1.4.3.c",1,"Nos",1,"No",{"$f":"'MINI SSR 2024-25'!G127","v":{"v":246,"d":"246.00"}},{"v":246,"d":"246.00"}]
[null,null,"a) Labour charges  "]
[null,null,"Skilled Electrician. ",{"v":0.2,"d":"0.20"},"day",1,"day",{"$f":"'MINI SSR 2024-25'!$H$16","v":{"v":790,"d":"790.00"}},{"$f":"ROUND(((D275*H275)/F275),2)","v":{"v":158,"d":"158.00"}}]
[null,null,"Semi Skilled Electrician ",{"v":0.2,"d":"0.20"},"day",1,"day",{"$f":"'MINI SSR 2024-25'!$H$17","v":{"v":640,"d":"640.00"}},{"v":128,"d":"128.00"}]
[null,null,"Helper (Electrical)",{"v":0.2,"d":"0.20"},"day",1,"day",{"$f":"'MINI SSR 2024-25'!$H$5","v":{"v":595,"d":"595.00"}},{"v":119,"d":"119.00"}]
[null,null,"Contract Profit @ 13.615%",{"$nulls":5},{"$f":"ROUND(SUM(I271:I277)*'DATA 2024-25'!$C$3,2)","v":136.65}]
[null,null,"Total Cost of Material + Labour Charges",{"$nulls":5},{"$f":"SUM(I271:I278)","v":1140.29}]
[" BLD ELE 5.1.1",17,"Providing independent earthling by excavating a pit to a depth of 2.25Mt in all soils, as per size specified in the Data, using 40mm dia 'B' class GI pipe of 2.5 Mtrs length with necessary No.8 G.I. double earth wire and accessories with 18\" dia 2\" thick hume pipe ring duly providing staggered holes  including filling with 20Kg Salt and 40Kg Charcoal or 40Kg bentonite powder in layers and all labour charges etc., complete.(Data No.             )"]
[null,null,"b) labour charges for fixing pipe ring and connections "]
[null,null,"Semi Skilled Electrician / Lineman ",{"v":0.5,"d":"0.50"},"Nos",1,"No",{"$f":"'MINI SSR 2024-25'!$H$17","v":{"v":640,"d":"640.00"}},{"$f":"ROUND(((D282*H282)/F282),2)","v":{"v":320,"d":"320.00"}}]
[null,null,"Helper (Electrical) ",{"v":0.5,"d":"0.50"},"day",1,"day",{"$f":"'MINI SSR 2024-25'!$H$5","v":{"v":595,"d":"595.00"}},{"v":297.5,"d":"297.50"}]
[null,null,"a) Material"]
[null,null,"40mm Nominal Bore Medium grade G.I.Pipe. ELEC-8.4.17d",{"v":2.5,"d":"2.50"},"Mtr",1,"Mtr",{"$f":"'MINI SSR 2024-25'!G128","v":{"v":455,"d":"455.00"}},{"$f":"ROUND(((D285*H285)/F285),2)","v":{"v":1137.5,"d":"1137.50"}}]
[null,null,"25mm x 6 mm G.I.Strip (ELEC-8.3.6",0.24,"Kgs",1,"Kg",{"$f":"'MINI SSR 2024-25'!G129","v":{"v":94,"d":"94.00"}},22.56]
[null,null,"No.8 G.I.Wire (ELEC-8.3.6)",0.83,"Kgs",1,"kg",{"$f":"'MINI SSR 2024-25'!G130","v":{"v":94,"d":"94.00"}},78.02]
[null,null,"Drilling of 16 Nos through holes of 12mm dia to G.I pipe. ELEC-8.4.20",{"v":16,"d":"16.00"},"Nos",1,"No",{"$f":"'MINI SSR 2024-25'!G131","v":{"v":9,"d":"9.00"}},{"v":144,"d":"144.00"}]
[null,null,"G.I Nuts, Bolts an Washers each set. ELEC-8.4.21",{"v":2,"d":"2.00"},"Sets",1,"Set",{"$f":"'MINI SSR 2024-25'!G132","v":{"v":15,"d":"15.00"}},{"v":30,"d":"30.00"}]
[null,null,"18\" dia  2\" thick hume pipe ring. ELEC-8.4.22",{"v":1,"d":"1.00"},"No",1,"No",{"$f":"'MINI SSR 2024-25'!G133","v":{"v":390,"d":"390.00"}},{"v":390,"d":"390.00"}]
[null,null,"2\" thick  CC cover for hume pipe ring with handle.ELEC-8.4.24",{"v":1,"d":"1.00"},"No",1,"No",{"$f":"'MINI SSR 2024-25'!G134","v":{"v":250,"d":"250.00"}},{"v":250,"d":"250.00"}]
[null,null,"Hard Coke  ELEC-8.1.10",{"v":40,"d":"40.00"},"Kg",1,"Kg",{"$f":"'MINI SSR 2024-25'!G135","v":{"v":26,"d":"26.00"}},{"v":1040,"d":"1040.00"}]
[null,null,"Salt. ELEC-8.1.11",{"v":20,"d":"20.00"},"Kg",1,"Kg",{"$f":"'MINI SSR 2024-25'!G136","v":{"v":20,"d":"20.00"}},{"v":400,"d":"400.00"}]
[null,null,"Earth Work Excavation of Hard gravel Soil with small boulder for trench 1st step of size 1.2 x 0.6 x 0.9 m (4'x2'x3') ELEC-8.4.19",0.65,"cum",1,"cum",{"$f":"'MINI SSR 2024-25'!G137","v":{"v":348,"d":"348.00"}},{"v":226.2,"d":"226.20"}]
[null,null,"Excavation of Hard disteggrated rocks and boulders for trench 2nd Step of size 0.9 x 0.6 x 1.2 m  (3'x2'x4') ELEC-8.4.19",0.65,"cum",1,"cum",{"$f":"'MINI SSR 2024-25'!G138","v":{"v":348,"d":"348.00"}},{"v":226.2,"d":"226.20"}]
[null,null,"25% extra for narrow trench & pit and back filling with Sand, Coke, Salt etc., and leveling",{"v":0.25,"d":"25%"},{"$nulls":3},{"$f":"I294+I295","v":{"v":452.4,"d":"452.40"}},{"$f":"SUM(H296*D296)","v":{"v":113.1,"d":"113.10"}}]
[null,null,"Contract Profit @ 13.615%",{"$nulls":5},{"$f":"ROUND(SUM(I282:I296)*'DATA 2024-25'!$C$3,2)","v":636.51}]
[null,null,"Cost of Material",{"$nulls":5},{"$f":"SUM(I282:I297)","v":5311.59}]
[null,15,"Supply and transportation of ......... LED Street light Luminaire made of pressure diecast alluminium body with powder coated, having protective toughned glass, Supply Input voltage 120 - 270 V AC, P.F > 0.90, high power LED's having System efficacy > 100 lm/W and junction temprature < 70°C, with Ingrees protection IP66, Luminaire performance complies to IS 10322 (Part 5 / Sec-3), Driver surge protection 4KV, external Surge protection 10 KV with optics distribution , THD<10% at 110 Volts AC, driver efficiency >90%, CCT: 3000K - 5700K, minimum CRI>70, etc., complete "]
[null,null,"Initial Cost ELEC-3.8.23 d",{"v":1,"d":"1.00"},"No",1,"No",{"$f":"'MINI SSR 2024-25'!G139","v":{"v":4543,"d":"4543.00"}},{"$f":"ROUND(((D300*H300)/F300),2)","v":{"v":4543,"d":"4543.00"}}]
[null,null,"Cost of Material",{"$nulls":5},{"$f":"SUM(I300:I300)","v":{"v":4543,"d":"4543.00"}}]
[]
[]
[]
[null,null,{"$f":"'lead 24-25'!H32","v":"Deputy Executive Engineer"},{"$nulls":3},{"$f":"'lead 24-25'!K32","v":"Assistant  Engineer"}]
[null,null,{"$f":"'lead 24-25'!H33","v":"PRI Sub Division"},{"$nulls":3},{"$f":"'lead 24-25'!K33","v":"Mandal Praja parishad"}]
[null,null,{"$f":"'lead 24-25'!H34","v":"Kanigiri"},{"$nulls":3},{"$f":"'lead 24-25'!K34","v":"P.C.Palli"}]

{"sheet":"doors 2024-25","index":9,"n_rows":287,"n_cols":12,"rows_kept":287,"merged":[[0,0,0,7],[1,0,1,7]]}
[" DATA  SHEET (2024-25)"]
[{"$f":"'lead 24-25'!B2&'lead 24-25'!C2","v":"Name of the Work: Completion of incomplete Anganwadi building  in Paletipalli village of P.C.Palli Mandal."}]
[{"$nulls":4},"Est.Rs.",{"$f":"'lead 24-25'!K4","v":"15.00 Lakhs"}]
[]
["S No","Index Code","Description of the Work","Unit","Quantity","Rate","Amount","Amount"]
[1,null,"Supplying and fixing of  Door of size 1.20X2.10M with two panels Frame made with sald wood fixing with Z hold fast  including c/c of all materials and furniture fittings etc complete as per specification  (APSS No 1001 & 1002) Door Frame only"]
[null,null,"Vertical posts",2,1.95,{"v":0.1,"d":"0.100"},0.075,{"$f":"ROUND(D7*E7*F7*G7,4)","v":0.0293}]
[null,null,"Horizontal Top & Bottom",2,{"v":1.2,"d":"1.20"},{"v":0.1,"d":"0.100"},0.075,{"$f":"ROUND(D8*E8*F8*G8,4)","v":{"v":0.018,"d":"0.0180"}}]
[{"$nulls":7},{"$f":"SUM(H7:H8)","v":{"v":0.047299999999999995,"d":"0.0473"}}]
[null,"BMT-E.15","Sal Wood for Scantlings/Frames  ",null,"cum",{"$f":"H9","v":{"v":0.047299999999999995,"d":"0.0473"}},{"$f":"'MINI SSR 2024-25'!$C$144","v":{"v":53228,"d":"53228.00"}},{"$f":"ROUND(F10*G10,2)","v":2517.68}]
[null,"BMS-W.69","MS Z Hold fasts 300mm Long ",null,"No's",6,{"$f":"'MINI SSR 2024-25'!$G$152","v":{"v":41,"d":"41.00"}},{"v":246,"d":"246.00"}]
[null,null,"B. Labour"]
[null,"BMM-V.38","wrought & Putup Labour charges 1/3",null,"Sqm",{"$f":"ROUND(1.2*2.1,2)","v":2.52},{"$f":"'MINI SSR 2024-25'!$C$150","v":{"v":1983,"d":"1983.00"}},{"$f":"ROUND(F13*G13,2)*1/3","v":1665.72}]
[null,null,"Contract Profit @ 13.615%",{"$nulls":4},{"v":0,"d":"0.00"}]
[{"$nulls":7},{"$f":"SUM(H10:H14)","v":{"v":4429.4,"d":"4429.40"}}]
[1,null,"Supplying and fixing of  Door of size 1.20X2.10M with two panels of Shutter made with Sal wood including   brass tower bolts, handle and butt hinges with all furniture fittings including c/c of all materials and furniture fittings etc complete as per specification  (APSS No 1001 & 1002) Door  Shutters"]
[null,null,"Shutters : Sal Wood",2,{"$f":"2.1-0.15","v":{"v":1.9500000000000002,"d":"1.95"}},{"$f":"ROUND(((1.2-0.15+0.02))/2,2)","v":{"v":0.54,"d":"0.540"}},{"v":0.03,"d":"0.030"},{"$f":"ROUND(D17*E17*F17*G17,4)","v":0.0632}]
[{"$nulls":7},{"$f":"SUM(H17)","v":0.0632}]
[null,"BMT-E.16","Sal Wood for Planks/Shutters ",null,"cum",{"$f":"H18","v":0.0632},{"$f":"'MINI SSR 2024-25'!$C$145","v":{"v":78753,"d":"78753.00"}},{"$f":"ROUND(F19*G19,2)","v":4977.19}]
[null,"BMT-G.08","150mm Alluminium tower bolts ",null,"No's",2,{"$f":"'MINI SSR 2024-25'!$G$143","v":{"v":90,"d":"90.00"}},{"v":180,"d":"180.00"}]
[null,"BMT-G.25","Butt Hinges 125mm  Alluminiu ",null,"No's",3,{"$f":"'MINI SSR 2024-25'!$G$146","v":{"v":135,"d":"135.00"}},{"v":405,"d":"405.00"}]
[null,"BMT-G.34","150mm Alluminium Door handle ",null,"No's",2,{"$f":"'MINI SSR 2024-25'!$G$147","v":{"v":127,"d":"127.00"}},{"v":254,"d":"254.00"}]
[null,"BMT-G.42","300mm Alluminium Aldrop ",null,"No's",2,{"$f":"'MINI SSR 2024-25'!$G$149","v":{"v":350,"d":"350.00"}},{"v":700,"d":"700.00"}]
[null,"BMT-G.53","Door stopper MS Powder coated ",null,"No's",1,{"$f":"'MINI SSR 2024-25'!$G$151","v":{"v":51,"d":"51.00"}},{"v":51,"d":"51.00"}]
[null,null,"B. Labour"]
[null,"BMM-V.38","wrought & Putup Labour charges 2/3",null,"Sqm",{"$f":"ROUND(1.2*2.1,2)","v":2.52},{"$f":"'MINI SSR 2024-25'!$C$150","v":{"v":1983,"d":"1983.00"}},{"$f":"ROUND(F26*G26,2)*2/3","v":3331.44}]
[null,null,"Contract Profit @ 13.615%",{"$nulls":4},{"v":0,"d":"0.00"}]
[{"$nulls":7},{"$f":"SUM(H19:H27)","v":9898.63}]
[2,null,"Supplying and fixing of  Door of size 0.75X2.10M with two panels Frame made with sald wood fixing with Z hold fast  including c/c of all materials and furniture fittings etc complete as per specification  (APSS No 1001 & 1002) Door Frame only"]
[null,null,"Vertical posts",2,1.95,{"v":0.1,"d":"0.100"},0.075,{"$f":"ROUND(D30*E30*F30*G30,4)","v":0.0293}]
[null,null,"Horizontal Top & Bottom",2,0.75,{"v":0.1,"d":"0.100"},0.075,{"$f":"ROUND(D31*E31*F31*G31,4)","v":0.0113}]
[{"$nulls":7},{"$f":"SUM(H30:H31)","v":0.0406}]
[null,"BMT-E.15","Sal Wood for Scantlings/Frames  ",null,"cum",{"$f":"H32","v":0.0406},{"$f":"'MINI SSR 2024-25'!$C$144","v":{"v":53228,"d":"53228.00"}},{"$f":"ROUND(F33*G33,2)","v":2161.06}]
[null,"BMS-W.69","MS Z Hold fasts 300mm Long ",null,"No's",6,{"$f":"'MINI SSR 2024-25'!$G$152","v":{"v":41,"d":"41.00"}},{"v":246,"d":"246.00"}]
[null,null,"B. Labour"]
[null,"BMM-V.38","wrought & Putup Labour charges 1/3",null,"Sqm",{"$f":"ROUND(0.75*2.1,2)","v":1.58},{"$f":"'MINI SSR 2024-25'!$C$150","v":{"v":1983,"d":"1983.00"}},{"$f":"ROUND(F36*G36,2)*1/3","v":{"v":1044.3799999999999,"d":"1044.38"}}]
[null,null,"Contract Profit @ 13.615%",{"$nulls":4},{"v":0,"d":"0.00"}]
[{"$nulls":7},{"$f":"SUM(H33:H37)","v":{"v":3451.4399999999996,"d":"3451.44"}}]
[3,null,"Supplying and fixing of  Door of size 0.75X2.10M with two panels  Shutter made with Sal wood including   brass tower bolts, handle and butt hinges with all furniture fittings including c/c of all materials and furniture fittings etc complete as per specification  (APSS No 1001 & 1002) "]
[null,null,"Shutters : Sal Wood",1,{"$f":"2.1-0.15","v":{"v":1.9500000000000002,"d":"1.95"}},{"$f":"ROUND(((1.2-0.15+0.02))/1,2)","v":{"v":1.07,"d":"1.070"}},{"v":0.03,"d":"0.030"},{"$f":"ROUND(D40*E40*F40*G40,4)","v":0.0626}]
[{"$nulls":7},{"$f":"SUM(H40)","v":0.0626}]
[null,"BMT-E.16","Sal Wood for Planks/Shutters ",null,"cum",{"$f":"H41","v":0.0626},{"$f":"'MINI SSR 2024-25'!$C$145","v":{"v":78753,"d":"78753.00"}},{"$f":"ROUND(F42*G42,2)","v":4929.94}]
[null,"BMT-G.08","150mm Alluminium tower bolts ",null,"No's",2,{"$f":"'MINI SSR 2024-25'!$G$143","v":{"v":90,"d":"90.00"}},{"v":180,"d":"180.00"}]
[null,"BMT-G.25","Butt Hinges 125mm  Alluminiu ",null,"No's",3,{"$f":"'MINI SSR 2024-25'!$G$146","v":{"v":135,"d":"135.00"}},{"v":405,"d":"405.00"}]
[null,"BMT-G.34","150mm Alluminium Door handle ",null,"No's",2,{"$f":"'MINI SSR 2024-25'!$G$147","v":{"v":127,"d":"127.00"}},{"v":254,"d":"254.00"}]
[null,"BMT-G.42","300mm Alluminium Aldrop ",null,"No's",2,{"$f":"'MINI SSR 2024-25'!$G$149","v":{"v":350,"d":"350.00"}},{"v":700,"d":"700.00"}]
[null,"BMT-G.53","Door stopper MS Powder coated ",null,"No's",1,{"$f":"'MINI SSR 2024-25'!$G$151","v":{"v":51,"d":"51.00"}},{"v":51,"d":"51.00"}]
[null,null,"B. Labour"]
[null,"BMM-V.38","wrought & Putup Labour charges 2/3",null,"Sqm",{"$f":"ROUND(0.75*2.1,2)","v":1.58},{"$f":"'MINI SSR 2024-25'!$C$150","v":{"v":1983,"d":"1983.00"}},{"$f":"ROUND(F49*G49,2)*2/3","v":{"v":2088.7599999999998,"d":"2088.76"}}]
[null,null,"Contract Profit @ 13.615%",{"$nulls":4},{"v":0,"d":"0.00"}]
[{"$nulls":7},{"$f":"SUM(H42:H50)","v":{"v":8608.699999999999,"d":"8608.70"}}]
[3,null,"Supply and fixing of  sal wood window three shutter   of size 1.50 x 1.35 mt with frame made of sal wood and fixing MS Grills into frames for safety  with necessary fittings etc., complete.  For frame only"]
[null,null,"Unit = Each"]
[null,null,"Frames : Sal Wood"]
[null,null,"Horizontal Top & Bottom",2,{"v":1.5,"d":"1.50"},{"v":0.1,"d":"0.100"},0.075,{"$f":"ROUND(D55*E55*F55*G55,4)","v":0.0225}]
[null,null,"Vertical posts",4,{"v":1.2,"d":"1.20"},{"v":0.1,"d":"0.100"},0.075,{"$f":"ROUND(D56*E56*F56*G56,4)","v":{"v":0.036,"d":"0.0360"}}]
[{"$nulls":7},{"$f":"SUM(H55:H56)","v":{"v":0.058499999999999996,"d":"0.0585"}}]
[null,"BMT-E.15","Sal Wood for Scantlings/Frames  ",null,"cum",{"$f":"H57","v":{"v":0.058499999999999996,"d":"0.0585"}},{"$f":"'MINI SSR 2024-25'!$C$144","v":{"v":53228,"d":"53228.00"}},{"$f":"ROUND(F58*G58,2)","v":3113.84}]
[null,"BMS-W.69","MS Z Hold fasts 300mm Long ",null,"No's",4,{"$f":"'MINI SSR 2024-25'!$G$152","v":{"v":41,"d":"41.00"}},{"v":164,"d":"164.00"}]
[null,null,"B. Labour"]
[null,"BMM-V.38","wrought & Putup Labour charges  1/3",null,"Sqm",{"$f":"ROUND(1.5*1.35,2)","v":2.03},{"$f":"'MINI SSR 2024-25'!$C$150","v":{"v":1983,"d":"1983.00"}},{"$f":"ROUND(F61*G61,2)*1/3","v":1341.83}]
[null,null,"Contract Profit @ 13.615%",{"$nulls":4},{"v":0,"d":"0.00"}]
[{"$nulls":7},{"$f":"SUM(H58:H62)","v":4619.67}]
[4,null,"Supply and fixing of  sal wood window three shutter   of size 1.50 x 1.35 mts shutter made with Sal wood  including fixers of Aluminum tower bolt, butt hinges No's,  Al handles, window stoppers and MS Z hold fasts with necessary fittings etc., complete.  "]
[null,null,"Shutters : Sal Wood ",3,1.22,{"v":0.37,"d":"0.370"},0.025,{"$f":"ROUND(D65*E65*F65*G65,4)","v":0.0339}]
[]
[{"$nulls":7},{"$f":"SUM(H65:H66)","v":0.0339}]
[null,"BMT-E.16","Sal Wood for Planks/Shutters ",null,"cum",{"$f":"H67","v":0.0339},{"$f":"'MINI SSR 2024-25'!$C$145","v":{"v":78753,"d":"78753.00"}},{"$f":"ROUND(F68*G68,2)","v":2669.73}]
[null,"BMT-G.07","100mm Alluminium tower bolts ",null,"No's",2,{"v":67,"d":"67.00"},{"v":134,"d":"134.00"}]
[null,"BMT-G.23","Butt Hinges 75mm  Alluminium",null,"No's",9,{"v":89,"d":"89.00"},{"v":801,"d":"801.00"}]
[null,"BMT-G.31","75mm Alluminium Door handle ",null,"No's",3,{"v":63,"d":"63.00"},{"v":189,"d":"189.00"}]
[null,null,"MS Grills",null,"Kgs",40,{"$f":"'lead 24-25'!$L$11/1000","v":{"v":60,"d":"60.00"}},{"$f":"ROUND(F72*G72,2)","v":{"v":2400,"d":"2400.00"}}]
[null,null,"B. Labour"]
[null,"BMM-V.38","wrought & Putup Labour charges  2/3",null,"Sqm",{"$f":"ROUND(1.5*1.35,2)","v":2.03},{"$f":"'MINI SSR 2024-25'!$C$150","v":{"v":1983,"d":"1983.00"}},{"$f":"ROUND(F74*G74,2)*2/3","v":2683.66}]
[null,null,"Contract Profit @ 13.615%",{"$nulls":4},{"v":0,"d":"0.00"}]
[{"$nulls":7},{"$f":"SUM(H68:H75)","v":8877.39}]
[5,null,"Supply and fixing of  sal wood window three shutter   of size 0.90 x 1.35 mt with frame made of sal wood and fixing MS Grills into frames for safety  with necessary fittings etc., complete.  For frame only"]
[null,null,"Horizontal Top & Bottom",2,{"v":0.9,"d":"0.90"},{"v":0.1,"d":"0.100"},0.075,{"$f":"ROUND(D78*E78*F78*G78,4)","v":0.0135}]
[null,null,"Vertical posts",4,{"v":1.2,"d":"1.20"},{"v":0.1,"d":"0.100"},0.075,{"$f":"ROUND(D79*E79*F79*G79,4)","v":{"v":0.036,"d":"0.0360"}}]
[{"$nulls":7},{"$f":"SUM(H78:H79)","v":{"v":0.049499999999999995,"d":"0.0495"}}]
[null,"BMT-E.15","Sal Wood for Scantlings/Frames  ",null,"cum",{"$f":"H80","v":{"v":0.049499999999999995,"d":"0.0495"}},{"$f":"'MINI SSR 2024-25'!$C$144","v":{"v":53228,"d":"53228.00"}},{"$f":"ROUND(F81*G81,2)","v":2634.79}]
[null,"BMS-W.69","MS Z Hold fasts 300mm Long ",null,"No's",4,{"$f":"'MINI SSR 2024-25'!$G$152","v":{"v":41,"d":"41.00"}},{"v":164,"d":"164.00"}]
[null,null,"B. Labour"]
[null,"BMM-V.38","wrought & Putup Labour charges ",null,"Sqm",{"$f":"ROUND(0.9*1.35,2)","v":1.22},{"$f":"'MINI SSR 2024-25'!$C$150","v":{"v":1983,"d":"1983.00"}},{"$f":"ROUND(F84*G84,2)*1/3","v":{"v":806.4200000000001,"d":"806.42"}}]
[null,null,"Contract Profit @ 13.615%",{"$nulls":4},{"v":0,"d":"0.00"}]
[{"$nulls":7},{"$f":"SUM(H81:H85)","v":3605.21}]
[5,null,"Supply and fixing of  sal wood window three shutter   of size 0.90 x 1.35 mts shutter made with Sal wood  including fixers of Aluminum tower bolt, butt hinges No's,  Al handles, window stoppers and MS Z hold fasts with necessary fittings etc., complete.  "]
[null,null,"Shutters : Sal Wood ",2,1.22,{"v":0.37,"d":"0.370"},0.025,{"$f":"ROUND(D88*E88*F88*G88,4)","v":0.0226}]
[]
[{"$nulls":7},{"$f":"SUM(H88:H89)","v":0.0226}]
[null,"BMT-E.16","Sal Wood for Planks/Shutters ",null,"cum",{"$f":"H90","v":0.0226},{"$f":"'MINI SSR 2024-25'!$C$145","v":{"v":78753,"d":"78753.00"}},{"$f":"ROUND(F91*G91,2)","v":1779.82}]
[null,"BMT-G.07","100mm Alluminium tower bolts ",null,"No's",2,{"v":67,"d":"67.00"},{"v":134,"d":"134.00"}]
[null,"BMT-G.23","Butt Hinges 75mm  Alluminium",null,"No's",6,{"v":89,"d":"89.00"},{"v":534,"d":"534.00"}]
[null,"BMT-G.31","75mm Alluminium Door handle ",null,"No's",2,{"v":63,"d":"63.00"},{"v":126,"d":"126.00"}]
[null,null,"MS Grills",null,"Kgs",23,{"$f":"'lead 24-25'!$L$11/1000","v":{"v":60,"d":"60.00"}},{"$f":"ROUND(F95*G95,2)","v":{"v":1380,"d":"1380.00"}}]
[null,null,"B. Labour"]
[null,"BMM-V.38","wrought & Putup Labour charges ",null,"Sqm",{"$f":"ROUND(0.9*1.35,2)","v":1.22},{"$f":"'MINI SSR 2024-25'!$C$150","v":{"v":1983,"d":"1983.00"}},{"$f":"ROUND(F97*G97,2)","v":2419.26}]
[null,null,"Contract Profit @ 13.615%",{"$nulls":4},{"v":0,"d":"0.00"}]
[{"$nulls":7},{"$f":"SUM(H91:H98)","v":6373.08}]
[1,null,"S&F of Teak wood windows shutter of size 0.90 x 1.50 Mts including alluminium tower bolts, Butt hinges, door handle and plain float glass including all labour charges etc., complete."]
[null,null,"Alround windows planks",3,{"v":2,"d":"2.00"},{"v":0.1,"d":"0.100"},0.025,{"$f":"ROUND(D101*E101*F101*G101,4)","v":{"v":0.015,"d":"0.0150"}}]
[]
[{"$nulls":7},{"$f":"SUM(H101:H102)","v":{"v":0.015,"d":"0.0150"}}]
[null,"BMT-E.04","Teak Wood for Planks/Shutters ",null,"cum",{"$f":"H103","v":{"v":0.015,"d":"0.0150"}},{"$f":"'MINI SSR 2024-25'!$C$143","v":{"v":173500,"d":"173500.00"}},{"$f":"ROUND(F104*G104,2)","v":{"v":2602.5,"d":"2602.50"}}]
[null,"BMT-G.07","100mm Alluminium tower bolts ",null,"No's",3,{"v":67,"d":"67.00"},{"v":201,"d":"201.00"}]
[null,"BMT-G.23","Butt Hinges 75mm  Alluminium",null,"No's",6,{"v":89,"d":"89.00"},{"v":534,"d":"534.00"}]
[null,"BMT-G.31","75mm Alluminium Door handle ",null,"No's",3,{"v":63,"d":"63.00"},{"v":189,"d":"189.00"}]
[null,"BMT-I.01","Plain float glass ",null,"Sqm",{"$f":"((0.6-0.05)*(0.6-0.05))*3","v":{"v":0.9074999999999998,"d":"0.908"}},{"$f":"'MINI SSR 2024-25'!$G$153","v":{"v":484,"d":"484.00"}},{"$f":"ROUND(F108*G108,2)","v":439.23}]
[null,null,"B. Labour"]
[null,"BMM-V.38","wrought & Putup Labour charges ",null,"Sqm",{"$f":"ROUND(0.6*0.6,2)*3","v":1.08},{"$f":"'MINI SSR 2024-25'!$C$150","v":{"v":1983,"d":"1983.00"}},{"$f":"ROUND(F110*G110,2)","v":2141.64}]
[{"$nulls":7},{"$f":"SUM(H104:H110)","v":6107.37}]
[2,null,"S&F of Teak wood windows shutter of size 1.50  x 1.50 Mts including alluminium tower bolts, Butt hinges, door handle and plain float glass including all labour charges etc., complete."]
[null,null,"Alround windows planks",6,{"v":1.4,"d":"1.40"},{"v":0.1,"d":"0.100"},0.025,{"$f":"ROUND(D113*E113*F113*G113,4)","v":{"v":0.021,"d":"0.0210"}}]
[]
[{"$nulls":7},{"$f":"SUM(H113:H114)","v":{"v":0.021,"d":"0.0210"}}]
[null,"BMT-E.04","Teak Wood for Planks/Shutters ",null,"cum",{"$f":"H115","v":{"v":0.021,"d":"0.0210"}},{"$f":"'MINI SSR 2024-25'!$C$143","v":{"v":173500,"d":"173500.00"}},{"$f":"ROUND(F116*G116,2)","v":{"v":3643.5,"d":"3643.50"}}]
[null,"BMT-G.07","100mm Alluminium tower bolts ",null,"No's",6,{"v":67,"d":"67.00"},{"v":402,"d":"402.00"}]
[null,"BMT-G.23","Butt Hinges 75mm  Alluminium",null,"No's",12,{"v":89,"d":"89.00"},{"v":1068,"d":"1068.00"}]
[null,"BMT-G.31","75mm Alluminium Door handle ",null,"No's",6,{"v":63,"d":"63.00"},{"v":378,"d":"378.00"}]
[null,"BMT-I.01","Plain float glass ",null,"Sqm",{"$f":"((0.3-0.05)*(0.6-0.05))*6","v":0.825},{"$f":"'MINI SSR 2024-25'!$G$153","v":{"v":484,"d":"484.00"}},{"$f":"ROUND(F120*G120,2)","v":{"v":399.3,"d":"399.30"}}]
[null,null,"B. Labour"]
[null,"BMM-V.38","wrought & Putup Labour charges ",null,"Sqm",{"$f":"ROUND(0.3*0.6,2)*6","v":1.08},{"$f":"'MINI SSR 2024-25'!$C$150","v":{"v":1983,"d":"1983.00"}},{"$f":"ROUND(F122*G122,2)","v":2141.64}]
[{"$nulls":7},{"$f":"SUM(H116:H122)","v":{"v":8032.4400000000005,"d":"8032.44"}}]
[6,null,"Supplying and fixing of  Door of size 1.20X2.10M with single panels of frames made with sal wood and Shutter made with Flush door shutters including  MS Z hold fasts , Alluminium tower bolts, handle and butt hinges with all furniture fittings including c/c of all materials and furniture fittings etc complete as per specification  (APSS No 1001 & 1002) Door Frame with Shutters"]
[null,null,"Unit = Each"]
[null,null,"Frames : Sal Wood"]
[null,null,"Vertical posts",2,{"v":1.9,"d":"1.90"},{"v":0.1,"d":"0.100"},0.075,{"$f":"ROUND(D127*E127*F127*G127,4)","v":0.0285}]
[null,null,"Horizontal Top & Bottom",1,{"v":1.2,"d":"1.20"},{"v":0.1,"d":"0.100"},0.075,{"$f":"ROUND(D128*E128*F128*G128,4)","v":{"v":0.009,"d":"0.0090"}}]
[{"$nulls":7},{"$f":"SUM(H127:H128)","v":0.0375}]
[null,"BMT-E.01","Teak Wood for Scantlings/Frames  ",null,"cum",{"$f":"H129","v":0.0375},{"$f":"'MINI SSR 2024-25'!C142","v":{"v":86000,"d":"86000.00"}},{"$f":"ROUND(F130*G130,2)","v":{"v":3225,"d":"3225.00"}}]
[null,"BMT-N.88","WPC shutter door ",null,"Sqm",{"$f":"ROUND(1.05*1.995,2)","v":{"v":2.09,"d":"2.0900"}},{"$f":"'MINI SSR 2024-25'!C146","v":{"v":3512,"d":"3512.00"}},7340.08]
[null,"BMM-V.42","Fixing WPC door ",null,"Sqm",{"$f":"ROUND(1.05*1.995,2)","v":{"v":2.09,"d":"2.0900"}},{"$f":"'MINI SSR 2024-25'!C151","v":{"v":1208,"d":"1208.00"}},2524.72]
[null,"BMT-G.08","150mm Alluminium tower bolts ",null,"No's",2,{"$f":"'MINI SSR 2024-25'!$G$143","v":{"v":90,"d":"90.00"}},{"v":180,"d":"180.00"}]
[null,"BMT-G.25","Butt Hinges 125mm  Alluminiu ",null,"No's",3,{"$f":"'MINI SSR 2024-25'!$G$146","v":{"v":135,"d":"135.00"}},{"v":405,"d":"405.00"}]
[null,"BMT-G.34","150mm Alluminium Door handle ",null,"No's",2,{"$f":"'MINI SSR 2024-25'!$G$147","v":{"v":127,"d":"127.00"}},{"v":254,"d":"254.00"}]
[null,"BMT-G.42","300mm Alluminium Aldrop ",null,"No's",2,{"$f":"'MINI SSR 2024-25'!$G$149","v":{"v":350,"d":"350.00"}},{"v":700,"d":"700.00"}]
[null,"BMT-G.53","Door stopper MS Powder coated ",null,"No's",1,{"$f":"'MINI SSR 2024-25'!$G$151","v":{"v":51,"d":"51.00"}},{"v":51,"d":"51.00"}]
[null,"BMS-W.69","MS Z Hold fasts 300mm Long ",null,"No's",6,{"$f":"'MINI SSR 2024-25'!$G$152","v":{"v":41,"d":"41.00"}},{"v":246,"d":"246.00"}]
[null,null,"B. Labour"]
[null,"BMM-V.25","wrought & Putup Labour charges \nFor frames only (1/3)",null,"Sqm",{"$f":"ROUND(1.2*2.1,2)","v":2.52},{"$f":"'MINI SSR 2024-25'!$C$149","v":{"v":2014,"d":"2014.00"}},{"$f":"ROUND(F140*G140*1/3,2)","v":1691.76}]
[{"$nulls":7},{"$f":"SUM(H130:H140)","v":{"v":16617.559999999998,"d":"16617.56"}}]
[7,null,"Supplying and fixing of  Door of size 0.90X2.10M with single panels of frames made with teak wood and Shutter made with medium Teak wood including  MS Z hold fasts , Alluminium tower bolts, handle and butt hinges with all furniture fittings including c/c of all materials and furniture fittings etc complete as per specification  (APSS No 1001 & 1002) Door Frame with Shutters"]
[null,null,"Unit = Each"]
[null,null,"Frames : Medium Teak Wood"]
[null,null,"Vertical posts",2,{"v":1.9,"d":"1.90"},{"v":0.1,"d":"0.100"},0.075,{"$f":"ROUND(D145*E145*F145*G145,4)","v":0.0285}]
[null,null,"Horizontal Top & Bottom",1,{"v":0.9,"d":"0.90"},{"v":0.1,"d":"0.100"},0.075,{"$f":"ROUND(D146*E146*F146*G146,4)","v":0.0068}]
[{"$nulls":7},{"$f":"SUM(H145:H146)","v":0.0353}]
[null,null,"Shutters : Medium Teak Wood",1,2.01,{"v":0.8,"d":"0.800"},{"v":0.03,"d":"0.030"},{"$f":"ROUND(D148*E148*F148*G148,4)","v":0.0482}]
[{"$nulls":7},{"$f":"SUM(H148:H148)","v":0.0482}]
[null,"BMT-E.01","Teak Wood for Scantlings/Frames  ",null,"cum",{"$f":"H147","v":0.0353},{"$f":"'MINI SSR 2024-25'!C142","v":{"v":86000,"d":"86000.00"}},{"$f":"ROUND(F150*G150,2)","v":{"v":3035.8,"d":"3035.80"}}]
[null,"BMT-E.04","Teak Wood for Planks/Shutters ",null,"cum",{"$f":"H149","v":0.0482},{"$f":"'MINI SSR 2024-25'!C143","v":{"v":173500,"d":"173500.00"}},{"v":8362.7,"d":"8362.70"}]
[null,"BMT-G.02","150mm Brass tower bolts ",null,"No's",2,{"$f":"'MINI SSR 2024-25'!G142","v":{"v":288,"d":"288.00"}},{"v":576,"d":"576.00"}]
[null,"BMT-G.21","Butt Hinges 125mm  Brass ",null,"No's",3,{"$f":"'MINI SSR 2024-25'!G145","v":{"v":285,"d":"285.00"}},{"v":855,"d":"855.00"}]
[null,"BMT-G.34","150mm Alluminium Door handle ",null,"No's",null,{"$f":"'MINI SSR 2024-25'!G147","v":{"v":127,"d":"127.00"}},{"v":0,"d":"0.00"}]
[null,"BMT-G.37","300mm Brass Aldrop ",null,"No's",2,{"$f":"'MINI SSR 2024-25'!G148","v":{"v":1312,"d":"1312.00"}},{"v":2624,"d":"2624.00"}]
[null,"BMT-G.46","Brass door stoppers ",null,"No's",1,{"$f":"'MINI SSR 2024-25'!G150","v":{"v":203,"d":"203.00"}},{"v":203,"d":"203.00"}]
[null,"BMS-W.69","MS Z Hold fasts 300mm Long ",null,"No's",6,{"$f":"'MINI SSR 2024-25'!G152","v":{"v":41,"d":"41.00"}},{"v":246,"d":"246.00"}]
[null,null,"B. Labour"]
[null,"BMM-V.25","wrought & Putup Labour charges ",null,"Sqm",{"$f":"ROUND(0.9*2.1,2)","v":1.89},{"$f":"'MINI SSR 2024-25'!C149","v":{"v":2014,"d":"2014.00"}},{"$f":"ROUND(F159*G159*1/3,2)","v":1268.82}]
[{"$nulls":7},{"$f":"SUM(H150:H159)","v":17171.32}]
[8,null,"Supplying and fixing of  Door of size 0.90X2.10M with single panels of frames made with sal wood and Shutter made with sal wood including  MS Z hold fasts , Alluminium tower bolts, handle and butt hinges with all furniture fittings including c/c of all materials and furniture fittings etc complete as per specification  (APSS No 1001 & 1002) Door Frame with Shutters"]
[null,null,"Unit = Each"]
[null,null,"Frames : Sal Wood"]
[null,null,"Vertical posts",2,{"v":1.9,"d":"1.90"},{"v":0.1,"d":"0.100"},0.075,{"$f":"ROUND(D164*E164*F164*G164,4)","v":0.0285}]
[null,null,"Horizontal Top & Bottom",1,{"v":0.9,"d":"0.90"},{"v":0.1,"d":"0.100"},0.075,{"$f":"ROUND(D165*E165*F165*G165,4)","v":0.0068}]
[{"$nulls":7},{"$f":"SUM(H164:H165)","v":0.0353}]
[null,null,"Shutters : Sal Wood",2,2.01,{"v":0.4,"d":"0.400"},{"v":0.03,"d":"0.030"},{"$f":"ROUND(D167*E167*F167*G167,4)","v":0.0482}]
[{"$nulls":7},{"$f":"SUM(H167:H167)","v":0.0482}]
[null,"BMT-E.15","Sal Wood for Scantlings/Frames  ",null,"cum",{"$f":"H166","v":0.0353},{"$f":"'MINI SSR 2024-25'!C144","v":{"v":53228,"d":"53228.00"}},{"$f":"ROUND(F169*G169,2)","v":1878.95}]
[null,"BMT-E.16","Sal Wood for Planks/Shutters ",null,"cum",{"$f":"H168","v":0.0482},{"$f":"'MINI SSR 2024-25'!C145","v":{"v":78753,"d":"78753.00"}},3795.89]
[null,"BMT-G.08","150mm Alluminium tower bolts ",null,"No's",2,{"$f":"'MINI SSR 2024-25'!G143","v":{"v":90,"d":"90.00"}},{"v":180,"d":"180.00"}]
[null,"BMT-G.25","Butt Hinges 125mm  alluminium",null,"No's",6,{"$f":"'MINI SSR 2024-25'!G146","v":{"v":135,"d":"135.00"}},{"v":810,"d":"810.00"}]
[null,"BMT-G.34","150mm Alluminium Door handle ",null,"No's",null,{"v":103,"d":"103.00"},{"v":0,"d":"0.00"}]
[null,"BMT-G.42","300mm Alluminium Aldrop ",null,"No's",2,{"$f":"'MINI SSR 2024-25'!G149","v":{"v":350,"d":"350.00"}},{"v":700,"d":"700.00"}]
[null,"BMT-G.57","Alluminium door stoppers ",null,"No's",1,{"$f":"'MINI SSR 2024-25'!G155","v":{"v":66,"d":"66.00"}},{"v":66,"d":"66.00"}]
[null,"BMS-W.69","MS Z Hold fasts 300mm Long ",null,"No's",6,{"$f":"'MINI SSR 2024-25'!G152","v":{"v":41,"d":"41.00"}},{"v":246,"d":"246.00"}]
[null,null,"B. Labour"]
[null,"BMM-V.38","wrought & Putup Labour charges ",null,"Sqm",{"$f":"ROUND(0.9*2.1,2)","v":1.89},{"$f":"'MINI SSR 2024-25'!C150","v":{"v":1983,"d":"1983.00"}},{"$f":"ROUND(F178*G178,2)","v":3747.87}]
[{"$nulls":7},{"$f":"SUM(H169:H178)","v":11424.71}]
[9,null,"Supplying and fixing of  Door of size 0.80X2.10M with single panels of frames made with teak wood and Shutter made with medium Teak wood including  MS Z hold fasts , Alluminium tower bolts, handle and butt hinges with all furniture fittings including c/c of all materials and furniture fittings etc complete as per specification  (APSS No 1001 & 1002) Door Frame with Shutters"]
[null,null,"Unit = Each"]
[null,null,"Frames : Medium Teak Wood"]
[null,null,"Vertical posts",2,{"v":1.9,"d":"1.90"},{"v":0.1,"d":"0.100"},0.075,{"$f":"ROUND(D183*E183*F183*G183,4)","v":0.0285}]
[null,null,"Horizontal Top & Bottom",1,{"v":0.8,"d":"0.80"},{"v":0.1,"d":"0.100"},0.075,{"$f":"ROUND(D184*E184*F184*G184,4)","v":{"v":0.006,"d":"0.0060"}}]
[{"$nulls":7},{"$f":"SUM(H183:H184)","v":0.0345}]
[null,null,"Shutters : Medium Teak Wood",1,2.01,{"v":0.72,"d":"0.720"},{"v":0.03,"d":"0.030"},{"$f":"ROUND(D186*E186*F186*G186,4)","v":0.0434}]
[{"$nulls":7},{"$f":"SUM(H186:H186)","v":0.0434}]
[null,"BMT-E.01","Teak Wood for Scantlings/Frames  ",null,"cum",{"$f":"H185","v":0.0345},{"$f":"'MINI SSR 2024-25'!C142","v":{"v":86000,"d":"86000.00"}},{"$f":"ROUND(F188*G188,2)","v":{"v":2967,"d":"2967.00"}}]
[null,"BMT-E.04","Teak Wood for Planks/Shutters ",null,"cum",{"$f":"H187","v":0.0434},{"$f":"'MINI SSR 2024-25'!C143","v":{"v":173500,"d":"173500.00"}},{"v":7529.9,"d":"7529.90"}]
[null,"BMT-G.02","150mm Brass tower bolts ",null,"No's",2,{"$f":"'MINI SSR 2024-25'!G142","v":{"v":288,"d":"288.00"}},{"v":576,"d":"576.00"}]
[null,"BMT-G.21","Butt Hinges 125mm  Brass ",null,"No's",3,{"$f":"'MINI SSR 2024-25'!G145","v":{"v":285,"d":"285.00"}},{"v":855,"d":"855.00"}]
[null,"BMT-G.34","150mm Alluminium Door handle ",null,"No's",null,{"$f":"'MINI SSR 2024-25'!G147","v":{"v":127,"d":"127.00"}},{"v":0,"d":"0.00"}]
[null,"BMT-G.37","300mm Brass Aldrop ",null,"No's",2,{"$f":"'MINI SSR 2024-25'!G148","v":{"v":1312,"d":"1312.00"}},{"v":2624,"d":"2624.00"}]
[null,"BMT-G.46","Brass door stoppers ",null,"No's",1,{"$f":"'MINI SSR 2024-25'!G150","v":{"v":203,"d":"203.00"}},{"v":203,"d":"203.00"}]
[null,"BMS-W.69","MS Z Hold fasts 300mm Long ",null,"No's",6,{"$f":"'MINI SSR 2024-25'!G152","v":{"v":41,"d":"41.00"}},{"v":246,"d":"246.00"}]
[null,null,"B. Labour"]
[null,"BMM-V.25","wrought & Putup Labour charges ",null,"Sqm",{"$f":"ROUND(0.9*2.1,2)","v":1.89},{"$f":"'MINI SSR 2024-25'!C149","v":{"v":2014,"d":"2014.00"}},{"$f":"ROUND(F197*G197*1/3,2)","v":1268.82}]
[{"$nulls":7},{"$f":"SUM(H188:H197)","v":16269.72}]
[1,null,"Supplying and fixing of  Door of size 1.20X2.10M with single panels of frames made with teak wood and Shutter made with medium Teak wood including  MS Z hold fasts , Alluminium tower bolts, handle and butt hinges with all furniture fittings including c/c of all materials and furniture fittings etc complete as per specification  (APSS No 1001 & 1002) Door Frame with Shutters"]
[null,null,"Unit = Each"]
[null,null,"Frames : Medium Teak Wood"]
[null,null,"Vertical posts",2,{"v":1.9,"d":"1.90"},{"v":0.1,"d":"0.100"},0.075,{"$f":"ROUND(D202*E202*F202*G202,4)","v":0.0285}]
[null,null,"Horizontal Top & Bottom",1,{"v":1.2,"d":"1.20"},{"v":0.1,"d":"0.100"},0.075,{"$f":"ROUND(D203*E203*F203*G203,4)","v":{"v":0.009,"d":"0.0090"}}]
[{"$nulls":7},{"$f":"SUM(H202:H203)","v":0.0375}]
[null,null,"Shutters : Medium Teak Wood",1,2.01,{"v":0.94,"d":"0.940"},{"v":0.03,"d":"0.030"},{"$f":"ROUND(D205*E205*F205*G205,4)","v":0.0567}]
[{"$nulls":7},{"$f":"SUM(H205:H205)","v":0.0567}]
[null,"BMT-E.01","Teak Wood for Scantlings/Frames  ",null,"cum",{"$f":"H204","v":0.0375},{"$f":"'MINI SSR 2024-25'!C142","v":{"v":86000,"d":"86000.00"}},{"$f":"ROUND(F207*G207,2)","v":{"v":3225,"d":"3225.00"}}]
[null,"BMT-E.04","Teak Wood for Planks/Shutters ",null,"cum",{"$f":"H206","v":0.0567},{"$f":"'MINI SSR 2024-25'!C143","v":{"v":173500,"d":"173500.00"}},9837.45]
[null,"BMT-G.02","150mm Brass tower bolts ",null,"No's",2,{"$f":"'MINI SSR 2024-25'!G142","v":{"v":288,"d":"288.00"}},{"v":576,"d":"576.00"}]
[null,"BMT-G.21","Butt Hinges 125mm  Brass ",null,"No's",3,{"$f":"'MINI SSR 2024-25'!G145","v":{"v":285,"d":"285.00"}},{"v":855,"d":"855.00"}]
[null,"BMT-G.34","150mm Alluminium Door handle ",null,"No's",null,{"$f":"'MINI SSR 2024-25'!G147","v":{"v":127,"d":"127.00"}},{"v":0,"d":"0.00"}]
[null,"BMT-G.37","300mm Brass Aldrop ",null,"No's",2,{"$f":"'MINI SSR 2024-25'!G148","v":{"v":1312,"d":"1312.00"}},{"v":2624,"d":"2624.00"}]
[null,"BMT-G.46","Brass door stoppers ",null,"No's",1,{"$f":"'MINI SSR 2024-25'!G150","v":{"v":203,"d":"203.00"}},{"v":203,"d":"203.00"}]
[null,"BMS-W.69","MS Z Hold fasts 300mm Long ",null,"No's",6,{"$f":"'MINI SSR 2024-25'!G152","v":{"v":41,"d":"41.00"}},{"v":246,"d":"246.00"}]
[null,null,"B. Labour"]
[null,"BMM-V.25","wrought & Putup Labour charges ",null,"Sqm",{"$f":"ROUND(1.2*2.1,2)","v":2.52},{"$f":"'MINI SSR 2024-25'!C149","v":{"v":2014,"d":"2014.00"}},{"$f":"ROUND(F216*G216*1/3,2)","v":1691.76}]
[{"$nulls":7},{"$f":"SUM(H207:H216)","v":19258.21}]
[6,null,"Supplying and fixing of  Door of size 1.05X2.10M with single panels of frames made with sal wood and Shutter made with Flush door shutters including  MS Z hold fasts , Alluminium tower bolts, handle and butt hinges with all furniture fittings including c/c of all materials and furniture fittings etc complete as per specification  (APSS No 1001 & 1002) Door Frame with Shutters"]
[null,null,"Unit = Each"]
[null,null,"A. Materials"]
[null,null,"Frames : Sal Wood"]
[null,null,"Vertical posts",2,1.95,{"v":0.1,"d":"0.100"},0.075,{"$f":"ROUND(D222*E222*F222*G222,4)","v":0.0293}]
[null,null,"Horizontal Top & Bottom",2,1.05,{"v":0.1,"d":"0.100"},0.075,{"$f":"ROUND(D223*E223*F223*G223,4)","v":0.0158}]
[{"$nulls":7},{"$f":"SUM(H222:H223)","v":0.0451}]
[null,null,"Sal Wood for Scantlings/Frames  BMT-E.15",null,"cum",{"$f":"H224","v":0.0451},{"$f":"'MINI SSR 2024-25'!C144","v":{"v":53228,"d":"53228.00"}},{"$f":"ROUND(F225*G225,2)","v":2400.58}]
[null,"BMT-N.88","WPC shutter door ",null,"Sqm",{"$f":"ROUND(0.775*1.995,2)","v":{"v":1.55,"d":"1.5500"}},{"$f":"'MINI SSR 2024-25'!C146","v":{"v":3512,"d":"3512.00"}},{"v":5443.6,"d":"5443.60"}]
[null,"BMM-V.42","Fixing WPC door ",null,"Sqm",{"$f":"F226","v":{"v":1.55,"d":"1.5500"}},{"$f":"'MINI SSR 2024-25'!C151","v":{"v":1208,"d":"1208.00"}},{"v":1872.4,"d":"1872.40"}]
[null,"BMT-G.08","150mm Alluminium tower bolts ",null,"No's",2,{"$f":"'MINI SSR 2024-25'!G143","v":{"v":90,"d":"90.00"}},{"v":180,"d":"180.00"}]
[null,"BMT-G.25","Butt Hinges 125mm  Alluminiu ",null,"No's",3,{"$f":"'MINI SSR 2024-25'!G146","v":{"v":135,"d":"135.00"}},{"v":405,"d":"405.00"}]
[null,"BMT-G.34","150mm Alluminium Door handle ",null,"No's",2,{"$f":"'MINI SSR 2024-25'!G147","v":{"v":127,"d":"127.00"}},{"v":254,"d":"254.00"}]
[null,"BMT-G.42","300mm Alluminium Aldrop ",null,"No's",2,{"$f":"'MINI SSR 2024-25'!G149","v":{"v":350,"d":"350.00"}},{"v":700,"d":"700.00"}]
[null,"BMT-G.53","Door stopper MS Powder coated ",null,"No's",1,{"$f":"'MINI SSR 2024-25'!G151","v":{"v":51,"d":"51.00"}},{"v":51,"d":"51.00"}]
[null,"BMS-W.69","MS Z Hold fasts 300mm Long ",null,"No's",6,{"$f":"'MINI SSR 2024-25'!G152","v":{"v":41,"d":"41.00"}},{"v":246,"d":"246.00"}]
[null,null,"B. Labour"]
[null,"BMM-V.25","wrought & Putup Labour charges \nFor frames only (1/3)",null,"Sqm",{"$f":"ROUND(1.05*2.1,2)","v":2.21},{"$f":"'MINI SSR 2024-25'!C150","v":{"v":1983,"d":"1983.00"}},{"$f":"ROUND(F235*G235*1/3,2)","v":1460.81}]
[{"$nulls":7},{"$f":"SUM(H225:H235)","v":13013.39},{"$nulls":3},{"$f":"SUM(L235)","v":{"v":0,"d":"0.00"}}]
[1,null,"Supplying and fixing of  ventilator of size 0.60 x 0.45 Mts including fixing of 8mm dia roads and 4mm plain glass including all labour charges etc., complete"]
[null,null,"Sal Wood ",null,"cum",0.008,{"$f":"'MINI SSR 2024-25'!C144","v":{"v":53228,"d":"53228.00"}},{"$f":"ROUND(F238*G238,2)","v":425.82}]
[null,null,"8mm dia rods",null,"Kg",{"v":0.5,"d":"0.500"},{"$f":"'lead 24-25'!L9/1000","v":{"v":70.8,"d":"70.80"}},{"$f":"ROUND(F239*G239,2)","v":{"v":35.4,"d":"35.40"}}]
[null,"BMT-I.01","Plain float glass ",null,"Sqm",{"v":0.27,"d":"0.270"},{"$f":"'MINI SSR 2024-25'!$G$153","v":{"v":484,"d":"484.00"}},{"$f":"ROUND(F240*G240,2)","v":130.68}]
[]
[null,null,"Rate per 1 No",{"$nulls":4},{"$f":"SUM(H238:H241)","v":{"v":591.9,"d":"591.90"}},{"$nulls":3},{"$f":"SUM(L241)","v":{"v":0,"d":"0.00"}}]
[6,null,"S&F of Cement Jolleys 50mm thick"]
[null,"BMS-W.17","Initial cost ","Sqm",{"v":1,"d":"1.00"},{"$f":"'MINI SSR 2024-25'!G154","v":{"v":403,"d":"403.00"}},null,{"$f":"ROUND(E244*F244,2)","v":{"v":403,"d":"403.00"}}]
[null,null,"1st class mason","Day",0.06,{"$f":"'MINI SSR 2024-25'!H3","v":{"v":710,"d":"710.00"}},null,{"$f":"ROUND(E245*F245,2)","v":{"v":42.6,"d":"42.60"}}]
[null,null,"2nd class mason","Day",0.06,{"$f":"'MINI SSR 2024-25'!H4","v":{"v":640,"d":"640.00"}},null,{"$f":"ROUND(E246*F246,2)","v":{"v":38.4,"d":"38.40"}}]
[null,null,"Mazdoor(unskilled)","Day",0.275,{"$f":"'MINI SSR 2024-25'!H5","v":{"v":595,"d":"595.00"}},null,{"$f":"ROUND(E247*F247,2)","v":163.63}]
[null,null,"Contract Profit @ 13.615%",{"$nulls":4},{"$f":"ROUND(SUM(H244:H247)*13.615%,2)","v":88.17}]
[null,null,"Rate per 1 Sqm",{"$nulls":4},{"$f":"SUM(H244:H248)","v":{"v":735.8,"d":"735.80"}}]
[1,null,"Supply and fixing of  Wood Polymer Composite(WPC)  Door Frame section of 63.5x100 MM .The two Vertical members are to be joined together with the horizontal member using 8x75 MM long MS Star full thread screws to be used with reverse forward speed control hand drilling machine. The ready/assembled door frame is fixed to the wall using hold fast or bolt fasteners. A minimum of 4 No.s of screws to be provided for each vertical member & minimum 2no.s for horizontal member, and fixing 28 -30 MM thick solid Wood Polymer Composite (WPC)  double extruded door shutter with 3MM top and bottom rigid layer with an overall density of 750kg/Cum. It will be fixed to the frame using 3 inch /4 inch hinges. A minimum of 4 hinges will be required for fixing the door with the frame 1200 x 2130mm"]
[null,null,"Taking output Unit = 2.556 Sqm"]
[null,"BMT-N.83.C","Cost of  Frame  ",null,"Rm",{"v":6.7,"d":"6.700"},{"$f":"'MINI SSR 2024-25'!C147","v":{"v":953,"d":"953.00"}},{"$f":"ROUND(F252*G252,2)","v":{"v":6385.1,"d":"6385.10"}}]
[null,"BMM-V.42 ","Labour charges for frame work ",null,"Sqm",0.869,{"$f":"'MINI SSR 2024-25'!C151","v":{"v":1208,"d":"1208.00"}},1049.75]
[null,"BMT-N.88","Initial cost ",null,"Sqm",{"$f":"ROUND(1.1*2.03,2)","v":{"v":2.23,"d":"2.230"}},{"$f":"'MINI SSR 2024-25'!C146","v":{"v":3512,"d":"3512.00"}},{"$f":"ROUND(F254*G254,2)","v":7831.76}]
[null,"BMM-V.42","Labour charges for Shutter ",null,"Sqm",1.687,{"$f":"'MINI SSR 2024-25'!C151","v":{"v":1208,"d":"1208.00"}},{"v":2037.9,"d":"2037.90"}]
[null,"BMT-G.09","200mm Alluminium tower bolts ",null,"No's",2,{"$f":"'MINI SSR 2024-25'!G144","v":{"v":118,"d":"118.00"}},{"v":236,"d":"236.00"}]
[null,"BMT-G.34","150mm Alluminium Door handle ",null,"No's",4,{"$f":"'MINI SSR 2024-25'!G147","v":{"v":127,"d":"127.00"}},{"v":508,"d":"508.00"}]
[null,"BMT-G.42","300mm Alluminium Aldrop ",null,"No's",2,{"$f":"'MINI SSR 2024-25'!G149","v":{"v":350,"d":"350.00"}},{"v":700,"d":"700.00"}]
[null,null,"Cost of Aluminium door stopper",null,"No's",1,{"$f":"'MINI SSR 2024-25'!G155","v":{"v":66,"d":"66.00"}},{"v":66,"d":"66.00"}]
[null,null,"Contract Profit @ 13.615%",{"$nulls":4},{"$f":"ROUND(SUM(H252:H259)*'DATA 2024-25'!$C$3,2)","v":{"v":2561.6,"d":"2561.60"}}]
[null,null,"Rate per 2.556 Sqm",{"$nulls":4},{"$f":"SUM(H252:H260)","v":21376.11}]
[null,null,"Rate per 1.00 Sqm ",{"$nulls":4},{"$f":"ROUND(H261/2.556,2)","v":8363.11}]
[2,null,"Supply and fixing of  Wood Polymer Composite(WPC)  fixing 28 -30 MM thick solid Wood Polymer Composite (WPC)  double extruded door shutter with 3MM top and bottom rigid layer with an overall density of 750kg/Cum. It will be fixed to the frame using 3 inch /4 inch hinges. A minimum of 4 hinges will be required for fixing the door with the frame 1200 x 2130mm"]
[null,null,"Taking output Unit = 2.556 Sqm"]
[null,"BMT-N.83.C","Cost of  Frame  ",null,"Rm",{"v":6.7,"d":"6.700"},{"$f":"G252","v":{"v":953,"d":"953.00"}}]
[null,"BMM-V.42 ","Labour charges for frame work ",null,"Sqm",0.869,{"v":1208,"d":"1208.00"}]
[null,"BMT-N.88","Initial cost ",null,"Sqm",{"$f":"ROUND(1.1*2.03,2)","v":{"v":2.23,"d":"2.230"}},{"v":3512,"d":"3512.00"},{"$f":"ROUND(F267*G267,2)","v":7831.76}]
[null,"BMM-V.42","Labour charges for Shutter ",null,"Sqm",1.687,{"v":1208,"d":"1208.00"},{"v":2037.9,"d":"2037.90"}]
[null,"BMT-G.09","200mm Alluminium tower bolts ",null,"No's",2,{"v":118,"d":"118.00"},{"v":236,"d":"236.00"}]
[null,"BMT-G.34","150mm Alluminium Door handle ",null,"No's",4,{"v":127,"d":"127.00"},{"v":508,"d":"508.00"}]
[null,"BMT-G.42","300mm Alluminium Aldrop ",null,"No's",2,{"v":350,"d":"350.00"},{"v":700,"d":"700.00"}]
[null,null,"Cost of Aluminium door stopper",null,"No's",1,{"v":66,"d":"66.00"},{"v":66,"d":"66.00"}]
[null,null,"Rate per 2.556 Sqm",{"$nulls":4},{"$f":"SUM(H265:H272)","v":11379.66}]
[null,null,"Rate per 1.00 Sqm ",{"$nulls":4},{"$f":"ROUND(H273/2.556,2)","v":4452.14}]
[2,null,"Providing and fixing factory made uPVC white colour sliding glazed windowupto 1.50 m in height dimension comprising of uPVC multi-chamberedframe with in-built roller track and sash extruded profiles duly reinforcedwith 1.60 ± 0.2 mm thick galvanized mild steel section made from rollforming process of required length (shape & size according to uPVCprofile), appropriate dimension of uPVC extruded glazing beads anduPVC extruded interlocks, EPDM gasket, wool pile, zinc alloy (whitepowder coated) touch locks withhook, zinc alloy body with single nylonrollers (weight bearing capacity to be 40 kg), G.I fasteners 100 x 8 mmsize for fixing frame to finished wall and necessary stainless steel screwsetc. Profile of frame & sash shall be mitred cut and fusion welded at allcorners, including drilling of holes for fixing hardware's and drainage ofwater etc. After fixing frame the gap between frame and adjacent finishedwall shall be filled with weather proof silicon sealent over backer rod ofrequired size and of approved quality, all complete as per approved drawing& direction of Engineer-in-Charge inclusive of cost of Single / double glass panes,and silicon sealent\nTwo track two panels sliding window made of (small series) frame 52 x 44 mm &sash 32 x 60 mm both having wall thickness of 1.9 ± 0.2 mm and single glazing bead of appropriate dimension. (Area of window upto 1.75 sqm)"]
[null,"BMT-P.80.A","Initial cost  two track panels","Sqm",{"v":1,"d":"1.00"},{"$f":"'MINI SSR 2024-25'!C153","v":{"v":6698,"d":"6698.00"}},null,{"$f":"ROUND(E276*F276,2)","v":{"v":6698,"d":"6698.00"}}]
[{"$nulls":7},{"$f":"SUM(H276:H276)","v":{"v":6698,"d":"6698.00"}}]
[null,"BMT-P.80.A","Initial cost  Three track ","Sqm",{"v":1,"d":"1.00"},{"$f":"'MINI SSR 2024-25'!C152","v":{"v":9000,"d":"9000.00"}},null,{"$f":"ROUND(E278*F278,2)","v":{"v":9000,"d":"9000.00"}}]
[null,null,"Contract Profit @ 13.615%",{"$nulls":4},{"$f":"ROUND(SUM(H271:H278)*'DATA 2024-25'!$C$3,2)","v":5309.01}]
[{"$nulls":7},{"$f":"SUM(H278:H279)","v":14309.01}]
[12,"BMT-P.79","Initial cost  Glazed window","Sqm",{"v":1,"d":"1.00"},{"$f":"'MINI SSR 2024-25'!C154","v":{"v":6456,"d":"6456.00"}},null,{"$f":"ROUND(E281*F281,2)","v":{"v":6456,"d":"6456.00"}}]
[{"$nulls":7},{"$f":"SUM(H281:H281)","v":{"v":6456,"d":"6456.00"}}]
[]
[]
[{"$nulls":3},{"$f":"'lead 24-25'!$H$32","v":"Deputy Executive Engineer"},null,null,{"$f":"'lead 24-25'!K32","v":"Assistant  Engineer"}]
[{"$nulls":3},{"$f":"'lead 24-25'!$H$33","v":"PRI Sub Division"},null,null,{"$f":"'lead 24-25'!K33","v":"Mandal Praja parishad"}]
[{"$nulls":3},{"$f":"'lead 24-25'!$H$34","v":"Kanigiri"},null,null,{"$f":"'lead 24-25'!K34","v":"P.C.Palli"}]

{"sheet":"CC f (2)","index":10,"n_rows":104,"n_cols":12,"rows_kept":104,"hidden":true,"merged":[[0,0,0,9],[1,1,1,3],[1,6,1,9],[2,1,2,3],[2,6,2,9],[3,1,3,9],[4,1,4,9],[5,1,5,9],[6,1,6,9],[7,1,7,9],[8,1,8,9],[9,1,9,3],[9,4,9,5],[9,7,9,8],[10,1,10,3],[10,4,10,5],[10,7,10,8],[12,0,13,0],[12,1,12,3],[12,4,13,4],[12,5,13,5],[12,6,13,6],[12,7,12,8],[12,9,13,9],[13,1,13,2],[92,4,92,5],[93,4,93,5],[94,4,94,5],[94,8,94,9],[95,1,95,4],[95,7,95,9],[96,3,96,4],[96,5,96,9],[97,3,97,4],[98,3,98,4],[98,5,98,9],[99,3,99,4],[99,5,99,7],[99,8,99,9],[100,3,100,4],[100,5,100,6],[100,7,100,9]]}
["CONTRACT CERTIFICATE"]
[{"$nulls":6},"GP General funds"]
[]
[null,"Name of the work: Repairs to Mandal Praja Parishad Office building at Upstairs in Kanigiri Mandal."]
[null,"Name of the Contractor : "]
[null,"Voucher : CC 1st & Final"]
[null,"Last Certificate if any : "]
[null,"Month :  "]
[null,"Number and month of the last schedule if any :- "]
[null,"Mandal : Kanigiri",null,null,"               Amount of estimate : Rs. 1.50 Lakhs",null,null,"Voucher No:"]
[null,"Overseer's No.",null,null,"Authority Covering list No.",null,null,"Schedule No."]
[]
["S.No","Quantity executed or Supplied",null,null,"Description of Items.","Rate in Rs.","Per","Amount",null,"Remarks"]
[null,"Upto Date",null,"Since last certificate",{"$nulls":3},"Upto Date in Rs.","Since last certificate in Rs."]
[]
["1",{"$f":"ESTIMATE!I26","v":{"v":0,"d":"0.00"}},"Cum",null,"Dismantling of existing structures like Flooring including disposal of unserviceable material and stacking the serviceable material with all lifts and lead of 1000 m as per Technical Specification Clause 202 MORD / MORTH",{"$f":"ESTIMATE!K26","v":487.06},"1Cum",{"$f":"ROUND(B16*F16,2)","v":{"v":0,"d":"0.00"}}]
["2",{"$f":"ESTIMATE!I45","v":{"v":5.449999999999999,"d":"5.45"}},"Cum",null,"Plain Cement Concrete (1:4:8) proportion Nominal mix for foundations using 40mm size SS-5 metal including c/c of all materials & labour charges, machine mixing & laying concrete in foundations ramming etc complete for Bed Concrete  (APSS No 402)  ",{"$f":"ESTIMATE!K45","v":5252.57},"1Cum",{"$f":"ROUND(B17*F17,2)","v":28626.51}]
[3,{"$f":"ESTIMATE!I256","v":79.63},"Sqm",null,"Ceiling Plastering to Ceiling in CM (1:3) 12mm thick with dubara sponge finishing  including c/c of all materials including labour charges such as mixing cement mortar and curing etc complete for finished item of work (APSS 901 & 903) ",{"$f":"ESTIMATE!K256","v":378.77},"1Sqm",{"$f":"ROUND(B18*F18,2)","v":30161.46}]
[4,{"$f":"ESTIMATE!I333","v":{"v":50.230000000000004,"d":"50.23"}},"Sqm",null,"Flooring with Porcelain Vitrified tiles stain free double charged of 1st quality and of size not less than 600X600X8mm thickness glossy finish premium colours, set over base coat of CM (1:8), 12mm thick over already laid CC bed / RCC Roof slab, including neat Cement slurry of honey like consistency spread @ 3.30 Kgs per Sqm & jointed with neat white Cement paste to full depth mixed with pigment of matching shade including c/c of all materials like Cement, Sand and Water and tiles etc complete including labour charges etc complete for finished item of work ",{"$f":"ESTIMATE!K333","v":1238.02},"1Sqm",{"$f":"ROUND(B19*F19,2)","v":62185.74}]
[5,{"$f":"ESTIMATE!I386","v":{"v":0,"d":"0.00"}},"Sqm",null,"Flooring with Ceramic non skid tiles of not less than 7-8mm thick 1st quality laid over floor bed / VRCC slab set over base coat of CM (1:8), 12mm thick and neat grey Cement slurry of honey like consistency spread @ 3.30 Kgs per Sqm & jointed with neat white Cement paste to full depth mixed with pigment of matching shade including c/c of all materials to site including cost of mixing of mortar and watering and levelling to proper slope and curing including all labour charges etc for finished item of work  ",{"$f":"ESTIMATE!K386","v":849.02},"1Sqm",{"$f":"ROUND(B20*F20,2)","v":{"v":0,"d":"0.00"}}]
[6,{"$f":"ESTIMATE!I392","v":{"v":0,"d":"0.00"}},"Sqm",null,"Providing Daddooing to walls with 5 to 7mm thick Glazed Ceramic wall tiles of 1st quality of 6mm thick set over base coat of CM (1:3) 12mm thick with Cement slurry of honey like consistency spread @ 3.30 Kgs per Sqm & jointed with neat white Cement paste to full depth mixed with pigment of matching shade including c/c of all materials to site, cost of all materials like tiles, Cement, sand and water etc complete for finished item of work  ",{"$f":"ESTIMATE!K392","v":499.42},"1Sqm",{"$f":"ROUND(B21*F21,2)","v":{"v":0,"d":"0.00"}}]
[7,{"$f":"ESTIMATE!I448","v":{"v":0,"d":"0.00"}},"Sqm",null,"Providing and applying Wall putty of White Cement or Polymer or Cement based of average 1 to 2 mm thickness over plastered surface to prepare the surface even and smooth after thoroughly brushing the surface to remove all dirt and remains of loose powdered materials, applying emery paper, Sand the surface, clean & wipe off loose dust, applying knifing paste filler by putty knife / muslin pad, air dry for 2 - 3 hrs, sand with 180 and 320 No., emery paper for the surface preparation including cost and conveyance of all materials and all operational, incidental and all labour charges etc., complete for finished item of work in all floors for internal walls",{"$f":"ESTIMATE!K448","v":188.29},"1Sqm",{"$f":"ROUND(B22*F22,2)","v":{"v":0,"d":"0.00"}}]
[8,{"$f":"ESTIMATE!I495","v":{"v":0,"d":"0.00"}},"Sqm",null,"Painting Old Wood work with Two coats of ready mixed Synthatic Enamil paint first quality of shades  after thoroughly brushes the surface to remove all remains of loose provided materials including cost and conveyance of all materials, cost of brushe for finished item of work as per APSS ",{"$f":"ESTIMATE!K495","v":162.18},"1Sqm",{"$f":"ROUND(B23*F23,2)","v":{"v":0,"d":"0.00"}}]
[9,{"$f":"ESTIMATE!I1373","v":{"v":0,"d":"0.00"}},"No",null,"S&F of Teak wood windows shutter of size 0.90 x 1.50 Mts including alluminium tower bolts, Butt hinges, door handle and plain float glass including all labour charges etc., complete.",{"$f":"ESTIMATE!K1373","v":6107.37},"1No",{"$f":"ROUND(B24*F24,2)","v":{"v":0,"d":"0.00"}}]
[10,{"$f":"ESTIMATE!I1377","v":{"v":0,"d":"0.00"}},"No",null,"S&F of Teak wood windows shutter of size 1.50 x 1.50 Mts including alluminium tower bolts, Butt hinges, door handle and plain float glass including all labour charges etc., complete.",{"$f":"ESTIMATE!K1377","v":{"v":8032.4400000000005,"d":"8032.44"}},"1No",{"$f":"ROUND(B25*F25,2)","v":{"v":0,"d":"0.00"}}]
[11,{"$f":"ESTIMATE!I1457","v":{"v":0,"d":"0.00"}},"No",null,"Supply & fixing of tested NP bib taps at all levels of 12.70mm dia of Indian make 400g first quality including cost & conveyance of all materials, labour charges for finished item of work, and all taxes complete for all floors",{"$f":"ESTIMATE!K1457","v":{"v":387,"d":"387.00"}},"1No",{"$f":"ROUND(B26*F26,2)","v":{"v":0,"d":"0.00"}}]
[12,{"$f":"ESTIMATE!I1461","v":{"v":0,"d":"0.00"}},"No",null,"Supply & fixing bib cock cum health faucet with 1 m long flexible tube and wall hook .",{"$f":"ESTIMATE!K1461","v":{"v":4166,"d":"4166.00"}},"1No",{"$f":"ROUND(B27*F27,2)","v":{"v":0,"d":"0.00"}}]
[13,{"$f":"ESTIMATE!I1487","v":{"v":0,"d":"0.00"}},"No",null,"Supplying and Fixing European Water Closet of 1st quality make white glazed with 'P' trap with low down porcelain flushing tank 10 Lit Capacity internal components and Fixing best Indian make plastic seat and lid for European water closets with rubber or plastic Buffers including all labour charges for fixing etc., complete.",{"$f":"ESTIMATE!K1487","v":{"v":5297,"d":"5297.00"}},"1No",{"$f":"ROUND(B28*F28,2)","v":{"v":0,"d":"0.00"}}]
[14,{"$f":"ESTIMATE!I1499","v":{"v":0,"d":"0.00"}},"No",null,"Supplying and fixing Indian make Flat Back Wash Hand Basin (HSW/Parryware/ Neycer) 1st quality conforming to IS:2556-Part-4:1972 of size 450mm x 300mm with 32 mm nominal size C.P. Fitting with parallel pipe thread onforming to IS:2963-1979 and fitted with 15 mm nominal bore Chromium Plated Pillar Tap of 1st quality Indian make 400 grams Seiko/Senior/Nice or equivalent complete with  tandard CI brackets including wooden blocks ,1 No.12.70mm PVC connection with brass union nuts CP  oated , 1 No.12.70mm NP bib tap 400 gms Seiko or equivalent , 31.75mm dia. PVC flexible waste pipe 914.4mm length of 1st quality including cost and  onveyance of all materials to site, labour charges , overheads & contractors profit for finished item of work",{"$f":"ESTIMATE!K1499","v":{"v":2025,"d":"2025.00"}},"1No",{"$f":"ROUND(B29*F29,2)","v":{"v":0,"d":"0.00"}}]
[15,{"$f":"ESTIMATE!I1662","v":{"v":0,"d":"0.00"}},"No",null,"Supply and Transportation of 48\" (1200mm) Sweep 5 star rated Ceiling Fan , with double ball bearings, air delivery more than 200 cubic meter/min but without Regulator.",{"$f":"ESTIMATE!K1662","v":2933.04},"1No",{"$f":"ROUND(B30*F30,2)","v":{"v":0,"d":"0.00"}}]
[16,{"$f":"ESTIMATE!I1679","v":{"v":0,"d":"0.00"}},"No",null,"Labour charges for fixing of ceiling fan with regulator including transportation, 3 core  wire leads etc complete",{"$f":"ESTIMATE!K1679","v":186.01},"1No",{"$f":"ROUND(B31*F31,2)","v":{"v":0,"d":"0.00"}}]
[17,{"$f":"ESTIMATE!I1689","v":{"v":3,"d":"3.00"}},"No",null,"Labour charges for fixing of ceiling fan with regulator including transportation, 3 core  wire leads etc complete",{"$f":"ESTIMATE!K1689","v":458.87},"1No",{"$f":"ROUND(B32*F32,2)","v":1376.61}]
{"$rows_empty":60}
[{"$nulls":4},"Total value o work done or suplies made to date ",null,"=",{"$f":"SUM(H15:H92)","v":{"v":122350.31999999999,"d":"122350.32"}},{"$f":"SUM(I15:I92)","v":{"v":0,"d":"0.00"}},null,null,{"$f":"SUM(L15:L92)","v":{"v":0,"d":"0.00"}}]
[{"$nulls":4},"Deduct value of work supplies shown on last certificate. ",null,"=",{"$f":"L93","v":{"v":0,"d":"0.00"}},"Or"]
[{"$nulls":4},"Net value of work/supplies since lst certificate",null,"=",{"$f":"H93-H94","v":{"v":122350.31999999999,"d":"122350.32"}},{"$f":"ROUND(H95,0)","v":{"v":122350,"d":"122350.00"}}]
[null,"Signature of Contractor ",{"$nulls":5},"Date…………..……200"]
[{"$nulls":3},"Certificate that the proceeding claim is correct that the necessary measurements have been made by me on 200         and record on page  885/B/ZP/18 and the work has been satisfactory performed ",null,"CHECK MEASUREMENT CERTIFICATE "]
[]
[{"$nulls":3},"Certified also that the materials billed for have been recived and brought to account.                                ",null,"Certified that the work and materials were duly Checked and Measured by me on (Date………….)"]
[{"$nulls":3},"Date………….. OFFICE INCHARGE",null,"Date………………200",null,null,"DESIGNATION"]
[]
[{"$nulls":4},{"$f":"'[27]lead 23-24'!K32","v":"Assistant  Engineer"}]
[{"$nulls":4},{"$f":"'[27]lead 23-24'!K33","v":"Mandal Praja parishad"}]
[{"$nulls":4},{"$f":"'[27]lead 23-24'!K34","v":"Kanigiri"}]

{"sheet":"ccbc  (2)","index":11,"n_rows":59,"n_cols":10,"rows_kept":59,"hidden":true,"merged":[[0,0,0,3],[1,1,1,3],[2,1,2,6],[4,2,4,3],[5,2,5,3],[7,0,9,1],[8,2,8,3],[9,2,9,3],[14,2,14,3],[17,4,17,9],[18,4,18,10],[20,4,20,10],[21,0,21,1],[22,4,22,5],[24,0,24,1],[24,4,24,10],[26,4,26,10],[28,0,28,1],[28,4,28,10],[30,4,30,10],[31,6,31,8],[31,9,31,10],[32,1,32,9],[33,8,33,9],[34,8,34,10],[35,8,35,10],[36,8,36,10],[37,3,37,4],[37,9,37,10],[38,3,38,8],[39,1,39,9],[40,2,40,6],[41,2,41,9],[42,1,42,9],[43,2,43,9],[44,1,44,9],[45,1,45,9],[46,2,46,9],[47,1,47,9],[48,2,48,9],[49,1,49,9],[50,2,50,9],[51,1,51,9],[52,2,52,9],[53,1,53,9],[54,2,54,9],[55,1,55,9],[56,1,56,9],[57,2,57,9],[58,1,58,9]]}
["     MEMORANDUM OF PAYMENTS MADE",{"$nulls":5},"Rs.","P.","Rs.","P."]
[null,"Total value of work done"]
[null,"Amount of prevont payment from last certificate No…………………."]
[null,null,"of","Forward"]
[null,null,"With accouts for…………………………………"]
[null,null,"Fines and other deduction up to date"]
[]
["Payments now made",null,"By Cash"]
[null,null,"By Cheque No……………….."]
[null,null,"By Value of Stock supplied"]
[null,null,"Balance due"]
["Allotment of the year",null,null,"              Rs       P"]
["Expenditure included in this bill"]
[]
[null,null,"Balance availabe"]
[]
["PAY RUPEES (             ) RECEIVED (               )"]
[{"$nulls":4},"Only as final payments in settlement of all demands                                                                                                          "]
[{"$nulls":4},"………………………………………………………………………………."]
[]
[{"$nulls":4},"………………………………………………………………………………."]
[]
[{"$nulls":4},"Witness"]
[]
["Head Clerk",null,null,"Presented of","………………………………………………………………………………."]
[]
[{"$nulls":4},"………………………………………………………………………………."]
[]
["Head Account",null,null,"Engineer","………………………………………………………………………………."]
[]
[{"$nulls":4},"………………………………………………………………………………."]
[{"$nulls":6},"Date …………………………..",null,null,"Payee……………………"]
[]
[{"$nulls":8},"AUDIT ENFACEMENT"]
[{"$nulls":8},"Admitted Rs. …………………………."]
[{"$nulls":8},"Objected Rs. …………………………."]
[{"$nulls":8},"Total Rs. ………………..……………."]
[{"$nulls":3},"                                             Date",null,null,"200",null,null,"Auditor"]
[{"$nulls":3},"                               INVERNACULAR"]
[null,"DISTRICT ENGINEET'S REMARKS"]
[null,null,"                                                               NOTES"]
[null,null,"1. This form is intended for use in the case of running account i.e for works in progress or supplies in course  "]
[null,"of delivery when the liability is discharged in full single payment Form No. of A should be used."]
[null,null,"2. Payment will be made only up to nineteenth of the total value of the work done. The balance being returned"]
[null,"as a security both for the due performance of the contracts or to cover posible over payment which may be detected on                        cheque measurement in the case of work whose estimated cost does not exceed Rs. 50/- Payment may be made in full "]
[null,"on the measuring officer's certificate subject to subsequent check measurement by the proper check measuring authority."]
[null,null,"3. In calculating the amount of each item dur to the contractor in this bill, sums of five pieces or less shall be "]
[null,"omitted and sums exceeding five pieces shall be recorded."]
[null,null,"4. Payment made in case of sum exceeding Rs. 100/- should be attested by two witness and for smaller sum"]
[null,"by one witness payment made by cheque to recognised firms of institutions need not be so witnessed."]
[null,null,"5.  When the payee signs in the vernacullar the amount acknowledged should also noted in the some vernacullar "]
[null,"as well as in English."]
[null,null,"6. In the case of other than well known firms all parties must sign if there by more the on contractor or the payee "]
[null,"must produce a power of atorney from the firm."]
[null,null,"7. No contract certificate bearing no remarks should be accepted if any corrections are necessary the incorrect"]
[null,"figures should be neatly scored out and initialed by the officer concerned in the case of corrections made in the Engineers         office the Head Accountant may be authorised no attest those due to clerical errors Etc. But the Engineer should affix his "]
[null,"initials coare osnin the rate column as well as those in the total or the bill and the pass order. This rule applies MUIATIS MUTANDIS to payments from miscellaneous grants."]
[null,null,"8. In case in which the materials billed for are taken over charged an officer other than the officer sign in the "]
[null,"certificate from of the bill the names of the form should be noted in the remarks column of the bill necessary amendment                                   being made at the same time of the excluding portion of the certificate relating to materials."]

{"sheet":"MINI SSR 2024-25","index":12,"n_rows":155,"n_cols":8,"rows_kept":155,"hidden":true,"merged":[[0,0,0,7],[27,4,27,7],[30,4,30,7],[33,4,33,7]]}
["MINI SSR 2024-25 OF BUILDING ITEMS"]
[{"$nulls":5},"Name","Code ","Rate"]
[null,"Code","Rate",null,null,"Mason skilled","LAB-00011",{"v":710,"d":"710.00"}]
["Cement","MAT-00005",{"v":4218.8,"d":"4218.80"},null,null,"Mason Semi skilled","LAB-00091",{"v":640,"d":"640.00"}]
["Steel Fe 500 ",null,{"v":60000,"d":"60000.00"},null,null,"Mazdoor","LAB-00120",{"v":595,"d":"595.00"}]
["Steel Fe 415",null,{"v":59000,"d":"59000.00"},null,null,"Bar bender","LAB-00001",{"v":850,"d":"850.00"}]
["MS Flats ",null,{"v":61000,"d":"61000.00"}]
["6mm Ms roads",null,{"v":57000,"d":"57000.00"},null,null,"Painter skilled","LAB-00035",{"v":795,"d":"795.00"}]
["Sand for Mortar (screened)","MAT-00029",{"v":728,"d":"728.00"},null,null,"Painter semi skilled","LAB-00093",{"v":640,"d":"640.00"}]
["Sand for Mortar (concrete)","MAT-00027",{"v":605,"d":"605.00"},null,null,"Welder","LAB-00041",{"v":695,"d":"695.00"}]
["Sand for Filling","MAT-00028",{"v":460,"d":"460.00"},"Loading","Unloading","Black smith","LAB-00002",{"v":670,"d":"670.00"}]
["Common burnt clay bricks","BMT-A.01",{"v":8480,"d":"8480.00"},77.58,77.58]
["40mm HBG metal SS5, M/C","MAT-00220",{"v":770,"d":"770.00"},null,null,"Plumber skilled","LAB-00036",{"v":795,"d":"795.00"}]
["20mm HBG SS5 M/c chips","MAT-00218",{"v":1285,"d":"1285.00"},null,null,"Plumber semi skilled",null,{"v":640,"d":"640.00"}]
["12 mm nominal size","MAT-00217",{"v":1024,"d":"1024.00"}]
["10mm nominal size","MAT-00216",{"v":860,"d":"860.00"},null,null,"Skilled Electrician","LAB-00005",{"v":790,"d":"790.00"}]
["6mm nominal size","MAT-00215",{"v":684,"d":"684.00"},null,null,"Semi Skilled Electrician","LAB-00079",{"v":640,"d":"640.00"}]
["Rough stone","MAT-00302",{"v":315,"d":"315.00"}]
["Granite 16 to 18 mm ","BMT-B.17",{"v":2152,"d":"2152.00"}]
["Terrazo tiles","BMT-D.01",{"v":315,"d":"315.00"}]
["Vitrified tiles double","BMT-C.09",{"v":625,"d":"625.00"}]
["Ceramic tiles non skid","BMT.C.01 ",{"v":396.4,"d":"396.40"}]
["Glazed tiles for walls","BMT.C.21",{"v":330,"d":"330.00"}]
["Pressed type tiles","BMT-A.04",{"v":30000,"d":"30000.00"},null,null,"RSSR"]
["Selected earth","MAT-00252",{"v":144,"d":"144.00"},null,null,"Jungle",null,6.06]
["Gravel","MAT-00177",{"v":165,"d":"165.00"},null,null,"Earthwork",null,144.26]
["Fly ash cement brick","BMT-A.03",{"v":30,"d":"30.00"}]
[{"$nulls":4},"Brick work scaffolding"]
["Water for Rural","MAT- 00333",{"v":105,"d":"105.00"},null,"Hire","Labour-GF","Labour-FF","Labour-SF"]
["Concrete mixer","HIR-00018",708.08,null,10.78,84.62,121.18,157.72]
["needle Vibration 40 petrol","HIR-00040\nHIR-00174",288.39,null,"Ceiling plastering"]
["Binding wire","MAT-00003",{"v":64,"d":"64.00"},null,"Hire","Labour-GF","Labour-FF","Labour-SF"]
["Welding eletrodes","MAT-00082",{"v":17,"d":"17.00"},null,2.57,16.94,24.04,31.13]
["Welding set","HIR-00065\nHIR-00199",118.81,null," plastering"]
["Grills Fabrication of steel","BMM-V.14",{"v":35,"d":"35.00"},null,"Hire","Labour-GF","Labour-FF","Labour-SF"]
["Grills  Labour charges ","BMM-V.15",{"v":6,"d":"6.00"},null,1.08,8.47,12.12,15.77]
["MS Tubes ","BMT-F.04",{"v":87,"d":"87.00"}]
["Tube Fabrication of steel","BMM-V.16",{"v":31,"d":"31.00"}]
["Tube  Labour charges ","BMM-V.17",{"v":26,"d":"26.00"}]
["Stainless steel","BMT-F.06",{"v":462,"d":"462.00"},null,"Wallputty","BMT-J.31",{"v":607,"d":"607.00"}]
["S.S.Steel  Fabrication","BMM-V.18",{"v":169,"d":"169.00"},null,"Cement Primer","BMT-J.01",{"v":175,"d":"175.00"}]
["Drilling hard rock","BMS-W.76",{"v":229,"d":"229.00"},null,"Cement Primer","BMT-J.02",{"v":205,"d":"205.00"}]
["Rabbit wire mesh","BMT-F.28",{"v":23,"d":"23.00"},null,"acrylic Emulsion paint ","BMT-J.24",{"v":200,"d":"200.00"}]
["Water proof compound","BMT-H.88",{"v":86,"d":"86.00"},null,"acrylic Emulsion paint ","BMT-J.34",{"v":235,"d":"235.00"}]
["White cement","MAT-00478",27.95,null,"Wood primer","BMT-J.05",{"v":180,"d":"180.00"}]
["Full Rounding the edges","BMM-V.11",{"v":529,"d":"529.00"},null,"Enamel paint","BMT-J.29",{"v":285,"d":"285.00"}]
["Rolling shutter","BMT-F.29",4481,null,"Poly-Urethene Polish","BMT-J.18",{"v":880,"d":"880.00"}]
["Hume pipe","ELEC-8.4.22",{"v":390,"d":"390.00"},null,"Thinner for Polyurethane polish ","BMT-J.13",{"v":260,"d":"260.00"}]
["CC cover","ELEC-8.4.24",{"v":250,"d":"250.00"}]
[]
[null,null,"Hire","Labour"]
["Footings",null,301,672]
["Bed blocks",null,67,363]
["Pedastal",null,343,1069]
["Plinth beam",null,1453,1620]
[{"$nulls":3},"GF","FF","SF"]
["Columns",null,371,2415,2657,2898]
["Lintels",null,1233,1720,1892,2064]
["Sunshade",null,243,264,290,317]
["Beams",null,2179,2027,2230,2432]
["Slab upto 150mm",null,247,241,265,289]
["Slab upto 150 to 300mm",null,254,248,273,298]
[]
[]
[]
["European Water Closet of 1st quality ","BMW-D.13",{"v":1979,"d":"1979.00"},null,null,"Water storage tank","BMW-G.01",{"v":8.5,"d":"8.50"}]
["Flushing Tank 10 Lit capacity ","BMW-D.11",{"v":2468,"d":"2468.00"},null,null,"Tank labour","BMW-G.02",{"v":1,"d":"1.00"}]
["plastic seat and lid ","BMW-D.16",{"v":850,"d":"850.00"},null,null,"15.90mm CPVC","BMW-I.220",{"v":157,"d":"157.00"}]
["Indian type WC","BMW-D.02",{"v":1036,"d":"1036.00"},null,null,"22.20mm CPVC","BMW-I.221",{"v":184,"d":"184.00"}]
["Urinals","BMW-D.34",{"v":2644,"d":"2644.00"},null,null,"28.60mm CPVC","BMW-I.222",{"v":222,"d":"222.00"}]
["Hand wash basin","BMW-D.26",{"v":1519,"d":"1519.00"},null,null,"34.90mm CPVC","BMW-I.223",{"v":288,"d":"288.00"}]
["NP bib taps ","BMW-E.07",{"v":387,"d":"387.00"},null,null,"25mm PVC","MAT-07665",{"v":25,"d":"25.00"}]
["PVC connections","BMW-I.48",{"v":95,"d":"95.00"},null,null,"Labour for pvc","BMW-I.415",{"v":35,"d":"35.00"}]
["Waste pipe","BMW-G.05",{"v":24,"d":"24.00"},null,null,"Gunmetal Gate ","BMW-F.17",{"v":1165,"d":"1165.00"}]
["Nahany trap","BMW-G.118",{"v":93,"d":"93.00"},null,null,"110mm bend","BMW-G.57",{"v":77,"d":"77.00"}]
["Nahany trap cover","BMW-I.12",{"v":32,"d":"32.00"},null,null,"Clips ","BMW-G.106",{"v":17,"d":"17.00"}]
["Floor Trap - UPVC/SWR Pipe","BMW-G.125",{"v":128,"d":"128.00"}]
["110mm dia pvc pipe","BMW-G.13",{"v":447,"d":"447.00"}]
["90mm dia pvc pipe","BMW-G.15",{"v":425,"d":"425.00"}]
["75mm dia pvc pipe","BMW-G.14",{"v":267,"d":"267.00"}]
["PVC Labour charges","BMW-G.152",{"v":84,"d":"84.00"}]
["Chromeum plated  tap","BMW-I.140",{"v":1644,"d":"1644.00"}]
[" health faucet","BMW-I.141",{"v":4166,"d":"4166.00"}]
[]
[]
["Drilling 0 to 90","P.No.201",492.16]
["Drilling 90 to 150","P.No.201",526.55]
["Drilling 150 to 250","P.No.201",590.61]
["2.00HP single phase","ELEC-5.4.1 e",{"v":29403,"d":"29403.00"}]
["1.00HP single phase","ELEC-5.4.1 c",{"v":20207,"d":"20207.00"}]
["180mm dia PVC pipe","P.No.203",358.31]
["40mm HDPE pipe","MAT- 07334",{"v":80,"d":"80.00"}]
["25mm dia clamp set","MAT- 00260 ",{"v":185,"d":"185.00"}]
["180mm dia bore cap","P.No.203",330.75]
["32mm dia GI pipe","P.No.203",{"v":400,"d":"400.00"}]
["32mm dia GI Bends","BMW-F.09",{"v":77,"d":"77.00"}]
["2.5 sqm flat copper","ELEC-1.6.3 b",{"v":109,"d":"109.00"}]
["Controle panel board","ELEC-5.4.15",{"v":5445,"d":"5445.00"}]
[]
["25mm dia 1,2,3 & 4 way deep Junction Box","ELEC-1.2.6 b",{"v":28,"d":"28.00"}]
["25mm PVC bends","ELEC-1.2.8 b",{"v":12,"d":"12.00"}]
["25mm dia 1.8mm thick PVC pipe","ELEC-1.2.2 b",{"v":36,"d":"36.00"}]
["U' Links","ELEC-8.1.4",{"v":39,"d":"39.00"}]
["Grooves","BMM-V.51",{"v":74,"d":"74.00"}]
[null,null,"Box",null,"Cover"]
["12 Module box","ELEC-1.3.1 f",{"v":245,"d":"245.00"},"ELEC-1.8.3 f",{"v":240,"d":"240.00"}]
["8 Module box","ELEC-1.3.1 e",{"v":203,"d":"203.00"},"ELEC-1.8.3 e",{"v":197,"d":"197.00"}]
["6 Module box","ELEC-1.3.1 d",{"v":155,"d":"155.00"},"ELEC-1.8.3 d",{"v":152,"d":"152.00"}]
["4 Module box","ELEC-1.3.1 c",{"v":114,"d":"114.00"},"ELEC-1.8.3 c ",{"v":101,"d":"101.00"}]
["18Module box",null,{"$f":"C106+C108","v":{"v":400,"d":"400.00"}},null,{"$f":"E106+E108","v":{"v":392,"d":"392.00"}}]
["16Module box",null,{"$f":"C106+C109","v":{"v":359,"d":"359.00"}},null,{"$f":"E106+E109","v":{"v":341,"d":"341.00"}}]
["2Module box","ELEC-1.3.1 a",{"v":68,"d":"68.00"},"ELEC-1.8.3 a",{"v":76,"d":"76.00"}]
[]
["Neon Indicator.","ELEC-1.7.1 e",{"v":21,"d":"21.00"},null,"battan holders","1.7.1-N)",{"v":21,"d":"21.00"}]
["exhaust fan","ELEC-5.1.12",{"v":1552,"d":"1552.00"},null,"0.5W LED bulb"," ELEC-3.7.5 a",{"v":46,"d":"46.00"}]
["6A / 10A 1 Way flush type switch ","1.7.1 a",{"v":18,"d":"18.00"},null,"Supply of 23 / 0060 twin","ELEC-1.5.6 a",{"v":1288,"d":"1288.00"}]
[" flush type socket 2 pin","1.7.1 c",{"v":21,"d":"21.00"},null,"Stepped type fan regulator"," ELEC-1.7.1 I",{"v":208,"d":"208.00"}]
[" flush type socket 3/2 pin","1.7.1 d",{"v":27,"d":"27.00"},null," Ceiling Fan","ELEC-5.1.4 ",{"v":2904,"d":"2904.00"}]
["Supply of 14/0.3mm (1.0 Sqmm)","1.5.1",{"v":1238,"d":"1238.00"},null,"19/20mm steel tube down","ELEC-8.1.21",{"v":119,"d":"119.00"}]
["Ceiling rose","1.7.1-M)",{"v":22,"d":"22.00"},null,"Fan hook","ELEC-8.1.20",{"v":42,"d":"42.00"}]
["Decolam sheet ","MAT-02733",{"v":51,"d":"51.00"},null,"Supply of 1200 mm length,Box type","ELEC-3.8.18",{"v":248,"d":"248.00"}]
["Module Modular Switch. ","ELEC-1.8.1 h",{"v":124,"d":"124.00"},null,"SPN 4way D.B with IP-20 ","ELEC-2.13.1a",{"v":1105,"d":"1105.00"}]
["16A 3 pin / 6A 3pin Plug socket with indicator lamp, fuse unit (5 in 1) ","ELEC-1.8.1 g",{"v":124,"d":"124.00"},null,"40A D.P.Isolator / ECCB / RCCB ","ELEC-2.11.1 b",{"v":432,"d":"432.00"}]
["Supply of  6A / 10A 1 Way Modular Switch","1.8.1-A)",{"v":72,"d":"72.00"},null,"10 kA - 6-32A range SP MCBs ","ELEC-2.10.1 a",{"v":228,"d":"228.00"}]
["Supply of  6A / 10A 3/2 Pin Modular Socke","1.8.1-D)",{"v":122,"d":"122.00"},null,"32 A  240V Porcelain Rewirable Fuse Units.","2.7.1.a",{"v":140,"d":"140.00"}]
["Supply of 3 Module box ","1.3.1-B) ",{"v":95,"d":"95.00"},null,"Supply of 6.0 Sqmm PVC  insulated flexible Copper cable. ","1.5.2.e",{"v":6908,"d":"6908.00"}]
["Supply of 3 Modular Cover Frame","1.8.3 b",{"v":80,"d":"80.00"},null,"Peeta Board of Size 15\" x 20\" ","1.4.3.c",{"v":246,"d":"246.00"}]
["Supply of 22/0.3mm (1.5 Sqmm) ","1.5.1-B)",{"v":2046,"d":"2046.00"},null,"40mm Nominal Bore Medium grade G.I.Pipe. ","ELEC-8.4.17d",{"v":455,"d":"455.00"}]
["Supply of 36/0.3mm (2.5 Sqmm)","1.5.1-c",{"v":3305,"d":"3305.00"},null,"25mm x 6 mm G.I.Strip ","(ELEC-8.3.6",{"v":94,"d":"94.00"}]
["Supply of 56/0.3mm (4.0 Sqmm)","1.5.1-d",{"v":5046,"d":"5046.00"},null,"No.8 G.I.Wire ","(ELEC-8.3.6",{"v":94,"d":"94.00"}]
["6 Sq.mm WPSC Aluminium cable ","ELEC-1.6.1 b",{"v":1816,"d":"1816.00"},null,"Drilling of 16 Nos through holes of 12mm dia to G.I pipe. ","ELEC-8.4.20",{"v":9,"d":"9.00"}]
["No.10 SWG G.I wire.","ELEC-8.3.6",{"v":94,"d":"94.00"},null,"G.I Nuts, Bolts an Washers each set. ","ELEC-8.4.21",{"v":15,"d":"15.00"}]
["PVC Cleats","ELEC-8.1.13",{"v":556,"d":"556.00"},null,"18\" dia  2\" thick hume pipe ring. ","ELEC-8.4.22",{"v":390,"d":"390.00"}]
[{"$nulls":4},"2\" thick  CC cover for hume pipe ring with handle.","ELEC-8.4.24",{"v":250,"d":"250.00"}]
[{"$nulls":4},"Hard Coke  ","ELEC-8.1.10",{"v":26,"d":"26.00"}]
[{"$nulls":4},"Salt. ","ELEC-8.1.11",{"v":20,"d":"20.00"}]
[{"$nulls":4},"Earth Work Excavation ","ELEC-8.4.19",{"v":348,"d":"348.00"}]
[{"$nulls":4},"Earth Work Excavation ","ELEC-8.4.19",{"v":348,"d":"348.00"}]
[{"$nulls":4},"Street light"," ELEC-3.8.23 d",{"v":4543,"d":"4543.00"}]
[]
[]
["Teak Wood Frames  ","BMT-E.01",86000,null,"150mm Brass tower bolts ","BMT-G.02",288]
["Teak Wood Shutters ","BMT-E.04",173500,null,"150mm Alluminium tower bolts ","BMT-G.08",90]
["Sal wood Frames  ","BMT-E.15",53228,null,"200mm Alluminium tower bolts ","BMT-G.09",118]
["Sal Wood Shutters ","BMT-E.16",78753,null,"Butt Hinges 125mm  Brass ","BMT-G.21",285]
["WPC shutter door ","BMT-N.92",3512,null,"Butt Hinges 125mm  Alluminiu ","BMT-G.25",135]
["WPC Frame","BMT-N.83.C",953,null,"150mm Alluminium Door handle ","BMT-G.34",127]
[{"$nulls":4},"300mm Brass Aldrop ","BMT-G.37",1312]
["Door Labour (Teak wood)","BMM-V.25",2014,null,"300mm Alluminium Aldrop ","BMT-G.42",350]
["Door Labour (Sal wood)","BMM-V.38",1983,null,"Brass door stoppers ","BMT-G.46",203]
["Door Labour (Flush)","BMM-V.42",1208,null,"Door stopper MS Powder coated ","BMT-G.53",51]
["UPVC windows -3 Tier","BMT-P.80.B",9000,null,"MS Z Hold fasts 300mm Long ","BMS-W.69",41]
["UPVC windows -2 Tier","BMT-P.80.A",6698,null,"Plain glass","BMT-I.01",484]
["UPVC windows -1 Tier","BMT-P.79",6456,null,"Cement Jolleys 50mm thick","BMS-W.17",403]
[{"$nulls":4},"Door stopper Alluminum","BMT-G.57",66]

{"sheet":"convey 24-25","index":13,"n_rows":305,"n_cols":6,"rows_kept":305,"hidden":true,"merged":[[0,0,0,5],[1,1,1,3],[2,0,3,0]]}
["Conveyance charges-2024-25"]
[null,"As per Machinery"]
["Lead in KM","Earth/Sand/Gravel","Metal","Bricks 1000Nos ","Stone"]
[null,"Initial lead Rete ","Initial lead Rete ","Initial lead Rete ","Add Loading & Unloading ","Net Lead Charges "]
[1,2,3,4,5,6]
[1,{"v":38,"d":"38.00"},36.54,{"v":60.9,"d":"60.90"},53.74]
[2,{"v":53.2,"d":"53.20"},51.16,85.26,75.23]
[3,70.93,68.21,113.68,100.31]
[4,86.13,82.82,138.04,{"v":121.8,"d":"121.80"}]
[5,101.33,97.44,{"v":162.4,"d":"162.40"},{"v":143.3,"d":"143.30"}]
[6,{"$f":"B10+15.2","v":116.53},{"$f":"C10+14.62","v":112.06},{"$f":"D10+24.36","v":186.76},{"$f":"E10+21.49","v":{"v":164.79000000000002,"d":"164.79"}}]
[7,{"$f":"B11+15.2","v":131.73},{"$f":"C11+14.62","v":126.68},{"$f":"D11+24.36","v":211.12},{"$f":"E11+21.49","v":{"v":186.28000000000003,"d":"186.28"}}]
[8,{"v":146.92999999999998,"d":"146.93"},{"v":141.3,"d":"141.30"},{"v":235.48000000000002,"d":"235.48"},{"v":207.77000000000004,"d":"207.77"}]
[9,{"v":162.12999999999997,"d":"162.13"},{"v":155.92000000000002,"d":"155.92"},{"v":259.84000000000003,"d":"259.84"},{"v":229.26000000000005,"d":"229.26"}]
[10,{"v":177.32999999999996,"d":"177.33"},{"v":170.54000000000002,"d":"170.54"},{"v":284.20000000000005,"d":"284.20"},{"v":250.75000000000006,"d":"250.75"}]
[11,{"v":192.52999999999994,"d":"192.53"},{"v":185.16000000000003,"d":"185.16"},{"v":308.56000000000006,"d":"308.56"},{"v":272.24000000000007,"d":"272.24"}]
[12,{"v":207.72999999999993,"d":"207.73"},{"v":199.78000000000003,"d":"199.78"},{"v":332.9200000000001,"d":"332.92"},{"v":293.7300000000001,"d":"293.73"}]
[13,{"v":222.92999999999992,"d":"222.93"},{"v":214.40000000000003,"d":"214.40"},{"v":357.2800000000001,"d":"357.28"},{"v":315.2200000000001,"d":"315.22"}]
[14,{"v":238.1299999999999,"d":"238.13"},{"v":229.02000000000004,"d":"229.02"},{"v":381.6400000000001,"d":"381.64"},{"v":336.7100000000001,"d":"336.71"}]
[15,{"v":253.3299999999999,"d":"253.33"},{"v":243.64000000000004,"d":"243.64"},{"v":406.0000000000001,"d":"406.00"},{"v":358.2000000000001,"d":"358.20"}]
[16,{"v":268.5299999999999,"d":"268.53"},{"v":258.26000000000005,"d":"258.26"},{"v":430.3600000000001,"d":"430.36"},{"v":379.6900000000001,"d":"379.69"}]
[17,{"v":283.7299999999999,"d":"283.73"},{"v":272.88000000000005,"d":"272.88"},{"v":454.72000000000014,"d":"454.72"},{"v":401.1800000000001,"d":"401.18"}]
[18,{"v":298.9299999999999,"d":"298.93"},{"v":287.50000000000006,"d":"287.50"},{"v":479.08000000000015,"d":"479.08"},{"v":422.67000000000013,"d":"422.67"}]
[19,{"v":314.1299999999999,"d":"314.13"},{"v":302.12000000000006,"d":"302.12"},{"v":503.44000000000017,"d":"503.44"},{"v":444.16000000000014,"d":"444.16"}]
[20,{"v":329.32999999999987,"d":"329.33"},{"v":316.74000000000007,"d":"316.74"},{"v":527.8000000000002,"d":"527.80"},{"v":465.65000000000015,"d":"465.65"}]
[21,{"v":344.52999999999986,"d":"344.53"},{"v":331.36000000000007,"d":"331.36"},{"v":552.1600000000002,"d":"552.16"},{"v":487.14000000000016,"d":"487.14"}]
[22,{"v":359.72999999999985,"d":"359.73"},{"v":345.9800000000001,"d":"345.98"},{"v":576.5200000000002,"d":"576.52"},{"v":508.63000000000017,"d":"508.63"}]
[23,{"v":374.92999999999984,"d":"374.93"},{"v":360.6000000000001,"d":"360.60"},{"v":600.8800000000002,"d":"600.88"},{"v":530.1200000000001,"d":"530.12"}]
[24,{"v":390.1299999999998,"d":"390.13"},{"v":375.2200000000001,"d":"375.22"},{"v":625.2400000000002,"d":"625.24"},{"v":551.6100000000001,"d":"551.61"}]
[25,{"v":405.3299999999998,"d":"405.33"},{"v":389.8400000000001,"d":"389.84"},{"v":649.6000000000003,"d":"649.60"},{"v":573.1000000000001,"d":"573.10"}]
[26,{"v":420.5299999999998,"d":"420.53"},{"v":404.4600000000001,"d":"404.46"},{"v":673.9600000000003,"d":"673.96"},{"v":594.5900000000001,"d":"594.59"}]
[27,{"v":435.7299999999998,"d":"435.73"},{"v":419.0800000000001,"d":"419.08"},{"v":698.3200000000003,"d":"698.32"},{"v":616.0800000000002,"d":"616.08"}]
[28,{"v":450.9299999999998,"d":"450.93"},{"v":433.7000000000001,"d":"433.70"},{"v":722.6800000000003,"d":"722.68"},{"v":637.5700000000002,"d":"637.57"}]
[29,{"v":466.12999999999977,"d":"466.13"},{"v":448.3200000000001,"d":"448.32"},{"v":747.0400000000003,"d":"747.04"},{"v":659.0600000000002,"d":"659.06"}]
[30,{"v":481.32999999999976,"d":"481.33"},{"v":462.9400000000001,"d":"462.94"},{"v":771.4000000000003,"d":"771.40"},{"v":680.5500000000002,"d":"680.55"}]
[31,{"$f":"B35+12.67","v":{"v":493.9999999999998,"d":"494.00"}},{"$f":"C35+12.18","v":{"v":475.1200000000001,"d":"475.12"}},{"$f":"D35+20.3","v":{"v":791.7000000000003,"d":"791.70"}},{"$f":"E35+17.91","v":{"v":698.4600000000002,"d":"698.46"}}]
[32,{"$f":"B36+12.67","v":{"v":506.6699999999998,"d":"506.67"}},{"$f":"C36+12.18","v":{"v":487.3000000000001,"d":"487.30"}},{"$f":"D36+20.3","v":{"v":812.0000000000002,"d":"812.00"}},{"$f":"E36+17.91","v":{"v":716.3700000000001,"d":"716.37"}}]
[33,{"v":519.3399999999998,"d":"519.34"},{"v":499.48000000000013,"d":"499.48"},{"v":832.3000000000002,"d":"832.30"},{"v":734.2800000000001,"d":"734.28"}]
[34,{"v":532.0099999999998,"d":"532.01"},{"v":511.66000000000014,"d":"511.66"},{"v":852.6000000000001,"d":"852.60"},752.19]
[35,{"v":544.6799999999997,"d":"544.68"},{"v":523.8400000000001,"d":"523.84"},{"v":872.9000000000001,"d":"872.90"},{"v":770.1,"d":"770.10"}]
[36,{"v":557.3499999999997,"d":"557.35"},{"v":536.0200000000001,"d":"536.02"},{"v":893.2,"d":"893.20"},788.01]
[37,{"v":570.0199999999996,"d":"570.02"},{"v":548.2,"d":"548.20"},{"v":913.5,"d":"913.50"},805.92]
[38,{"v":582.6899999999996,"d":"582.69"},560.38,{"v":933.8,"d":"933.80"},{"v":823.8299999999999,"d":"823.83"}]
[39,{"v":595.3599999999996,"d":"595.36"},572.56,{"v":954.0999999999999,"d":"954.10"},{"v":841.7399999999999,"d":"841.74"}]
[40,{"v":608.0299999999995,"d":"608.03"},{"v":584.7399999999999,"d":"584.74"},{"v":974.3999999999999,"d":"974.40"},{"v":859.6499999999999,"d":"859.65"}]
[41,{"v":620.6999999999995,"d":"620.70"},{"v":596.9199999999998,"d":"596.92"},{"v":994.6999999999998,"d":"994.70"},{"v":877.5599999999998,"d":"877.56"}]
[42,{"v":633.3699999999994,"d":"633.37"},{"v":609.0999999999998,"d":"609.10"},{"v":1014.9999999999998,"d":"1015.00"},{"v":895.4699999999998,"d":"895.47"}]
[43,{"v":646.0399999999994,"d":"646.04"},{"v":621.2799999999997,"d":"621.28"},{"v":1035.2999999999997,"d":"1035.30"},{"v":913.3799999999998,"d":"913.38"}]
[44,{"v":658.7099999999994,"d":"658.71"},{"v":633.4599999999997,"d":"633.46"},{"v":1055.5999999999997,"d":"1055.60"},{"v":931.2899999999997,"d":"931.29"}]
[45,{"v":671.3799999999993,"d":"671.38"},{"v":645.6399999999996,"d":"645.64"},{"v":1075.8999999999996,"d":"1075.90"},{"v":949.1999999999997,"d":"949.20"}]
[46,{"v":684.0499999999993,"d":"684.05"},{"v":657.8199999999996,"d":"657.82"},{"v":1096.1999999999996,"d":"1096.20"},{"v":967.1099999999997,"d":"967.11"}]
[47,{"v":696.7199999999992,"d":"696.72"},{"v":669.9999999999995,"d":"670.00"},{"v":1116.4999999999995,"d":"1116.50"},{"v":985.0199999999996,"d":"985.02"}]
[48,{"v":709.3899999999992,"d":"709.39"},{"v":682.1799999999995,"d":"682.18"},{"v":1136.7999999999995,"d":"1136.80"},{"v":1002.9299999999996,"d":"1002.93"}]
[49,{"v":722.0599999999991,"d":"722.06"},{"v":694.3599999999994,"d":"694.36"},{"v":1157.0999999999995,"d":"1157.10"},{"v":1020.8399999999996,"d":"1020.84"}]
[50,{"v":734.7299999999991,"d":"734.73"},{"v":706.5399999999994,"d":"706.54"},{"v":1177.3999999999994,"d":"1177.40"},{"v":1038.7499999999995,"d":"1038.75"}]
[51,{"v":747.3999999999991,"d":"747.40"},{"v":718.7199999999993,"d":"718.72"},{"v":1197.6999999999994,"d":"1197.70"},{"v":1056.6599999999996,"d":"1056.66"}]
[52,{"v":760.069999999999,"d":"760.07"},{"v":730.8999999999993,"d":"730.90"},{"v":1217.9999999999993,"d":"1218.00"},{"v":1074.5699999999997,"d":"1074.57"}]
[53,{"v":772.739999999999,"d":"772.74"},{"v":743.0799999999992,"d":"743.08"},{"v":1238.2999999999993,"d":"1238.30"},{"v":1092.4799999999998,"d":"1092.48"}]
[54,{"v":785.409999999999,"d":"785.41"},{"v":755.2599999999992,"d":"755.26"},{"v":1258.5999999999992,"d":"1258.60"},{"v":1110.3899999999999,"d":"1110.39"}]
[55,{"v":798.0799999999989,"d":"798.08"},{"v":767.4399999999991,"d":"767.44"},{"v":1278.8999999999992,"d":"1278.90"},{"v":1128.3,"d":"1128.30"}]
[56,{"v":810.7499999999989,"d":"810.75"},{"v":779.6199999999991,"d":"779.62"},{"v":1299.1999999999991,"d":"1299.20"},1146.21]
[57,{"v":823.4199999999988,"d":"823.42"},{"v":791.799999999999,"d":"791.80"},{"v":1319.499999999999,"d":"1319.50"},{"v":1164.1200000000001,"d":"1164.12"}]
[58,{"v":836.0899999999988,"d":"836.09"},{"v":803.979999999999,"d":"803.98"},{"v":1339.799999999999,"d":"1339.80"},{"v":1182.0300000000002,"d":"1182.03"}]
[59,{"v":848.7599999999987,"d":"848.76"},{"v":816.159999999999,"d":"816.16"},{"v":1360.099999999999,"d":"1360.10"},{"v":1199.9400000000003,"d":"1199.94"}]
[60,{"v":861.4299999999987,"d":"861.43"},{"v":828.3399999999989,"d":"828.34"},{"v":1380.399999999999,"d":"1380.40"},{"v":1217.8500000000004,"d":"1217.85"}]
[61,{"v":874.0999999999987,"d":"874.10"},{"v":840.5199999999988,"d":"840.52"},{"v":1400.699999999999,"d":"1400.70"},{"v":1235.7600000000004,"d":"1235.76"}]
[62,{"v":886.7699999999986,"d":"886.77"},{"v":852.6999999999988,"d":"852.70"},{"v":1420.9999999999989,"d":"1421.00"},{"v":1253.6700000000005,"d":"1253.67"}]
[63,{"v":899.4399999999986,"d":"899.44"},{"v":864.8799999999987,"d":"864.88"},{"v":1441.2999999999988,"d":"1441.30"},{"v":1271.5800000000006,"d":"1271.58"}]
[64,{"v":912.1099999999985,"d":"912.11"},{"v":877.0599999999987,"d":"877.06"},{"v":1461.5999999999988,"d":"1461.60"},{"v":1289.4900000000007,"d":"1289.49"}]
[65,{"v":924.7799999999985,"d":"924.78"},{"v":889.2399999999986,"d":"889.24"},{"v":1481.8999999999987,"d":"1481.90"},{"v":1307.4000000000008,"d":"1307.40"}]
[66,{"v":937.4499999999985,"d":"937.45"},{"v":901.4199999999986,"d":"901.42"},{"v":1502.1999999999987,"d":"1502.20"},{"v":1325.3100000000009,"d":"1325.31"}]
[67,{"v":950.1199999999984,"d":"950.12"},{"v":913.5999999999985,"d":"913.60"},{"v":1522.4999999999986,"d":"1522.50"},{"v":1343.220000000001,"d":"1343.22"}]
[68,{"v":962.7899999999984,"d":"962.79"},{"v":925.7799999999985,"d":"925.78"},{"v":1542.7999999999986,"d":"1542.80"},{"v":1361.130000000001,"d":"1361.13"}]
[69,{"v":975.4599999999983,"d":"975.46"},{"v":937.9599999999984,"d":"937.96"},{"v":1563.0999999999985,"d":"1563.10"},{"v":1379.040000000001,"d":"1379.04"}]
[70,{"v":988.1299999999983,"d":"988.13"},{"v":950.1399999999984,"d":"950.14"},{"v":1583.3999999999985,"d":"1583.40"},{"v":1396.9500000000012,"d":"1396.95"}]
[71,{"v":1000.7999999999982,"d":"1000.80"},{"v":962.3199999999983,"d":"962.32"},{"v":1603.6999999999985,"d":"1603.70"},{"v":1414.8600000000013,"d":"1414.86"}]
[72,{"v":1013.4699999999982,"d":"1013.47"},{"v":974.4999999999983,"d":"974.50"},{"v":1623.9999999999984,"d":"1624.00"},{"v":1432.7700000000013,"d":"1432.77"}]
[73,{"v":1026.1399999999983,"d":"1026.14"},{"v":986.6799999999982,"d":"986.68"},{"v":1644.2999999999984,"d":"1644.30"},{"v":1450.6800000000014,"d":"1450.68"}]
[74,{"v":1038.8099999999984,"d":"1038.81"},{"v":998.8599999999982,"d":"998.86"},{"v":1664.5999999999983,"d":"1664.60"},{"v":1468.5900000000015,"d":"1468.59"}]
[75,{"v":1051.4799999999984,"d":"1051.48"},{"v":1011.0399999999981,"d":"1011.04"},{"v":1684.8999999999983,"d":"1684.90"},{"v":1486.5000000000016,"d":"1486.50"}]
[76,{"v":1064.1499999999985,"d":"1064.15"},{"v":1023.2199999999981,"d":"1023.22"},{"v":1705.1999999999982,"d":"1705.20"},{"v":1504.4100000000017,"d":"1504.41"}]
[77,{"v":1076.8199999999986,"d":"1076.82"},{"v":1035.399999999998,"d":"1035.40"},{"v":1725.4999999999982,"d":"1725.50"},{"v":1522.3200000000018,"d":"1522.32"}]
[78,{"v":1089.4899999999986,"d":"1089.49"},{"v":1047.579999999998,"d":"1047.58"},{"v":1745.7999999999981,"d":"1745.80"},{"v":1540.2300000000018,"d":"1540.23"}]
[79,{"v":1102.1599999999987,"d":"1102.16"},{"v":1059.7599999999982,"d":"1059.76"},{"v":1766.099999999998,"d":"1766.10"},{"v":1558.140000000002,"d":"1558.14"}]
[80,{"v":1114.8299999999988,"d":"1114.83"},{"v":1071.9399999999982,"d":"1071.94"},{"v":1786.399999999998,"d":"1786.40"},{"v":1576.050000000002,"d":"1576.05"}]
[81,{"v":1127.4999999999989,"d":"1127.50"},{"v":1084.1199999999983,"d":"1084.12"},{"v":1806.699999999998,"d":"1806.70"},{"v":1593.960000000002,"d":"1593.96"}]
[82,{"v":1140.169999999999,"d":"1140.17"},{"v":1096.2999999999984,"d":"1096.30"},{"v":1826.999999999998,"d":"1827.00"},{"v":1611.8700000000022,"d":"1611.87"}]
[83,{"v":1152.839999999999,"d":"1152.84"},{"v":1108.4799999999984,"d":"1108.48"},{"v":1847.299999999998,"d":"1847.30"},{"v":1629.7800000000022,"d":"1629.78"}]
[84,{"v":1165.509999999999,"d":"1165.51"},{"v":1120.6599999999985,"d":"1120.66"},{"v":1867.5999999999979,"d":"1867.60"},{"v":1647.6900000000023,"d":"1647.69"}]
[85,{"v":1178.1799999999992,"d":"1178.18"},{"v":1132.8399999999986,"d":"1132.84"},{"v":1887.8999999999978,"d":"1887.90"},{"v":1665.6000000000024,"d":"1665.60"}]
[86,{"v":1190.8499999999992,"d":"1190.85"},{"v":1145.0199999999986,"d":"1145.02"},{"v":1908.1999999999978,"d":"1908.20"},{"v":1683.5100000000025,"d":"1683.51"}]
[87,{"v":1203.5199999999993,"d":"1203.52"},{"v":1157.1999999999987,"d":"1157.20"},{"v":1928.4999999999977,"d":"1928.50"},{"v":1701.4200000000026,"d":"1701.42"}]
[88,{"v":1216.1899999999994,"d":"1216.19"},{"v":1169.3799999999987,"d":"1169.38"},{"v":1948.7999999999977,"d":"1948.80"},{"v":1719.3300000000027,"d":"1719.33"}]
[89,{"v":1228.8599999999994,"d":"1228.86"},{"v":1181.5599999999988,"d":"1181.56"},{"v":1969.0999999999976,"d":"1969.10"},{"v":1737.2400000000027,"d":"1737.24"}]
[90,{"v":1241.5299999999995,"d":"1241.53"},{"v":1193.7399999999989,"d":"1193.74"},{"v":1989.3999999999976,"d":"1989.40"},{"v":1755.1500000000028,"d":"1755.15"}]
[91,{"v":1254.1999999999996,"d":"1254.20"},{"v":1205.919999999999,"d":"1205.92"},{"v":2009.6999999999975,"d":"2009.70"},{"v":1773.060000000003,"d":"1773.06"}]
[92,{"v":1266.8699999999997,"d":"1266.87"},{"v":1218.099999999999,"d":"1218.10"},{"v":2029.9999999999975,"d":"2030.00"},{"v":1790.970000000003,"d":"1790.97"}]
[93,{"v":1279.5399999999997,"d":"1279.54"},{"v":1230.279999999999,"d":"1230.28"},{"v":2050.2999999999975,"d":"2050.30"},{"v":1808.880000000003,"d":"1808.88"}]
[94,{"v":1292.2099999999998,"d":"1292.21"},{"v":1242.4599999999991,"d":"1242.46"},{"v":2070.5999999999976,"d":"2070.60"},{"v":1826.7900000000031,"d":"1826.79"}]
[95,{"v":1304.8799999999999,"d":"1304.88"},{"v":1254.6399999999992,"d":"1254.64"},{"v":2090.899999999998,"d":"2090.90"},{"v":1844.7000000000032,"d":"1844.70"}]
[96,{"$f":"B100+12.67","v":1317.55},{"$f":"C100+12.18","v":{"v":1266.8199999999993,"d":"1266.82"}},{"$f":"D100+20.3","v":{"v":2111.199999999998,"d":"2111.20"}},{"$f":"E100+17.91","v":{"v":1862.6100000000033,"d":"1862.61"}}]
[97,1330.22,{"v":1278.9999999999993,"d":"1279.00"},{"v":2131.499999999998,"d":"2131.50"},{"v":1880.5200000000034,"d":"1880.52"}]
[98,1342.89,{"v":1291.1799999999994,"d":"1291.18"},{"v":2151.7999999999984,"d":"2151.80"},{"v":1898.4300000000035,"d":"1898.43"}]
[99,{"v":1355.5600000000002,"d":"1355.56"},{"v":1303.3599999999994,"d":"1303.36"},{"v":2172.0999999999985,"d":"2172.10"},{"v":1916.3400000000036,"d":"1916.34"}]
[100,{"v":1368.2300000000002,"d":"1368.23"},{"v":1315.5399999999995,"d":"1315.54"},{"v":2192.3999999999987,"d":"2192.40"},{"v":1934.2500000000036,"d":"1934.25"}]
[101,{"v":1380.9000000000003,"d":"1380.90"},{"v":1327.7199999999996,"d":"1327.72"},{"v":2212.699999999999,"d":"2212.70"},{"v":1952.1600000000037,"d":"1952.16"}]
[102,{"v":1393.5700000000004,"d":"1393.57"},{"v":1339.8999999999996,"d":"1339.90"},{"v":2232.999999999999,"d":"2233.00"},{"v":1970.0700000000038,"d":"1970.07"}]
[103,{"v":1406.2400000000005,"d":"1406.24"},{"v":1352.0799999999997,"d":"1352.08"},{"v":2253.2999999999993,"d":"2253.30"},{"v":1987.9800000000039,"d":"1987.98"}]
[104,{"v":1418.9100000000005,"d":"1418.91"},{"v":1364.2599999999998,"d":"1364.26"},{"v":2273.5999999999995,"d":"2273.60"},{"v":2005.890000000004,"d":"2005.89"}]
[105,{"v":1431.5800000000006,"d":"1431.58"},{"v":1376.4399999999998,"d":"1376.44"},{"v":2293.8999999999996,"d":"2293.90"},{"v":2023.800000000004,"d":"2023.80"}]
[106,{"v":1444.2500000000007,"d":"1444.25"},1388.62,{"v":2314.2,"d":"2314.20"},{"v":2041.7100000000041,"d":"2041.71"}]
[107,{"v":1456.9200000000008,"d":"1456.92"},{"v":1400.8,"d":"1400.80"},{"v":2334.5,"d":"2334.50"},{"v":2059.620000000004,"d":"2059.62"}]
[108,{"v":1469.5900000000008,"d":"1469.59"},1412.98,{"v":2354.8,"d":"2354.80"},{"v":2077.530000000004,"d":"2077.53"}]
[109,{"v":1482.260000000001,"d":"1482.26"},1425.16,{"v":2375.1000000000004,"d":"2375.10"},{"v":2095.4400000000037,"d":"2095.44"}]
[110,{"v":1494.930000000001,"d":"1494.93"},{"v":1437.3400000000001,"d":"1437.34"},{"v":2395.4000000000005,"d":"2395.40"},{"v":2113.3500000000035,"d":"2113.35"}]
[111,{"v":1507.600000000001,"d":"1507.60"},{"v":1449.5200000000002,"d":"1449.52"},{"v":2415.7000000000007,"d":"2415.70"},{"v":2131.2600000000034,"d":"2131.26"}]
[112,{"v":1520.2700000000011,"d":"1520.27"},{"v":1461.7000000000003,"d":"1461.70"},{"v":2436.000000000001,"d":"2436.00"},{"v":2149.1700000000033,"d":"2149.17"}]
[113,{"v":1532.9400000000012,"d":"1532.94"},{"v":1473.8800000000003,"d":"1473.88"},{"v":2456.300000000001,"d":"2456.30"},{"v":2167.080000000003,"d":"2167.08"}]
[114,{"v":1545.6100000000013,"d":"1545.61"},{"v":1486.0600000000004,"d":"1486.06"},{"v":2476.6000000000013,"d":"2476.60"},{"v":2184.990000000003,"d":"2184.99"}]
[115,{"v":1558.2800000000013,"d":"1558.28"},{"v":1498.2400000000005,"d":"1498.24"},{"v":2496.9000000000015,"d":"2496.90"},{"v":2202.900000000003,"d":"2202.90"}]
[116,{"v":1570.9500000000014,"d":"1570.95"},{"v":1510.4200000000005,"d":"1510.42"},{"v":2517.2000000000016,"d":"2517.20"},{"v":2220.8100000000027,"d":"2220.81"}]
[117,{"v":1583.6200000000015,"d":"1583.62"},{"v":1522.6000000000006,"d":"1522.60"},{"v":2537.500000000002,"d":"2537.50"},{"v":2238.7200000000025,"d":"2238.72"}]
[118,{"v":1596.2900000000016,"d":"1596.29"},{"v":1534.7800000000007,"d":"1534.78"},{"v":2557.800000000002,"d":"2557.80"},{"v":2256.6300000000024,"d":"2256.63"}]
[119,{"v":1608.9600000000016,"d":"1608.96"},{"v":1546.9600000000007,"d":"1546.96"},{"v":2578.100000000002,"d":"2578.10"},{"v":2274.5400000000022,"d":"2274.54"}]
[120,{"v":1621.6300000000017,"d":"1621.63"},{"v":1559.1400000000008,"d":"1559.14"},{"v":2598.4000000000024,"d":"2598.40"},{"v":2292.450000000002,"d":"2292.45"}]
[121,{"v":1634.3000000000018,"d":"1634.30"},{"v":1571.3200000000008,"d":"1571.32"},{"v":2618.7000000000025,"d":"2618.70"},{"v":2310.360000000002,"d":"2310.36"}]
[122,{"v":1646.9700000000018,"d":"1646.97"},{"v":1583.500000000001,"d":"1583.50"},{"v":2639.0000000000027,"d":"2639.00"},{"v":2328.270000000002,"d":"2328.27"}]
[123,{"v":1659.640000000002,"d":"1659.64"},{"v":1595.680000000001,"d":"1595.68"},{"v":2659.300000000003,"d":"2659.30"},{"v":2346.1800000000017,"d":"2346.18"}]
[124,{"v":1672.310000000002,"d":"1672.31"},{"v":1607.860000000001,"d":"1607.86"},{"v":2679.600000000003,"d":"2679.60"},{"v":2364.0900000000015,"d":"2364.09"}]
[125,{"v":1684.980000000002,"d":"1684.98"},{"v":1620.040000000001,"d":"1620.04"},{"v":2699.9000000000033,"d":"2699.90"},{"v":2382.0000000000014,"d":"2382.00"}]
[126,{"v":1697.6500000000021,"d":"1697.65"},{"v":1632.2200000000012,"d":"1632.22"},{"v":2720.2000000000035,"d":"2720.20"},{"v":2399.910000000001,"d":"2399.91"}]
[127,{"v":1710.3200000000022,"d":"1710.32"},{"v":1644.4000000000012,"d":"1644.40"},{"v":2740.5000000000036,"d":"2740.50"},{"v":2417.820000000001,"d":"2417.82"}]
[128,{"v":1722.9900000000023,"d":"1722.99"},{"v":1656.5800000000013,"d":"1656.58"},{"v":2760.800000000004,"d":"2760.80"},{"v":2435.730000000001,"d":"2435.73"}]
[129,{"v":1735.6600000000024,"d":"1735.66"},{"v":1668.7600000000014,"d":"1668.76"},{"v":2781.100000000004,"d":"2781.10"},{"v":2453.640000000001,"d":"2453.64"}]
[130,{"v":1748.3300000000024,"d":"1748.33"},{"v":1680.9400000000014,"d":"1680.94"},{"v":2801.400000000004,"d":"2801.40"},{"v":2471.5500000000006,"d":"2471.55"}]
[131,{"v":1761.0000000000025,"d":"1761.00"},{"v":1693.1200000000015,"d":"1693.12"},{"v":2821.7000000000044,"d":"2821.70"},{"v":2489.4600000000005,"d":"2489.46"}]
[132,{"v":1773.6700000000026,"d":"1773.67"},{"v":1705.3000000000015,"d":"1705.30"},{"v":2842.0000000000045,"d":"2842.00"},{"v":2507.3700000000003,"d":"2507.37"}]
[133,{"v":1786.3400000000026,"d":"1786.34"},{"v":1717.4800000000016,"d":"1717.48"},{"v":2862.3000000000047,"d":"2862.30"},2525.28]
[134,{"v":1799.0100000000027,"d":"1799.01"},{"v":1729.6600000000017,"d":"1729.66"},{"v":2882.600000000005,"d":"2882.60"},2543.19]
[135,{"v":1811.6800000000028,"d":"1811.68"},{"v":1741.8400000000017,"d":"1741.84"},{"v":2902.900000000005,"d":"2902.90"},{"v":2561.1,"d":"2561.10"}]
[136,{"v":1824.3500000000029,"d":"1824.35"},{"v":1754.0200000000018,"d":"1754.02"},{"v":2923.2000000000053,"d":"2923.20"},{"v":2579.0099999999998,"d":"2579.01"}]
[137,{"v":1837.020000000003,"d":"1837.02"},{"v":1766.2000000000019,"d":"1766.20"},{"v":2943.5000000000055,"d":"2943.50"},{"v":2596.9199999999996,"d":"2596.92"}]
[138,{"v":1849.690000000003,"d":"1849.69"},{"v":1778.380000000002,"d":"1778.38"},{"v":2963.8000000000056,"d":"2963.80"},{"v":2614.8299999999995,"d":"2614.83"}]
[139,{"v":1862.360000000003,"d":"1862.36"},{"v":1790.560000000002,"d":"1790.56"},{"v":2984.100000000006,"d":"2984.10"},{"v":2632.7399999999993,"d":"2632.74"}]
[140,{"v":1875.0300000000032,"d":"1875.03"},{"v":1802.740000000002,"d":"1802.74"},{"v":3004.400000000006,"d":"3004.40"},{"v":2650.649999999999,"d":"2650.65"}]
[141,{"v":1887.7000000000032,"d":"1887.70"},{"v":1814.9200000000021,"d":"1814.92"},{"v":3024.700000000006,"d":"3024.70"},{"v":2668.559999999999,"d":"2668.56"}]
[142,{"v":1900.3700000000033,"d":"1900.37"},{"v":1827.1000000000022,"d":"1827.10"},{"v":3045.0000000000064,"d":"3045.00"},{"v":2686.469999999999,"d":"2686.47"}]
[143,{"v":1913.0400000000034,"d":"1913.04"},{"v":1839.2800000000022,"d":"1839.28"},{"v":3065.3000000000065,"d":"3065.30"},{"v":2704.3799999999987,"d":"2704.38"}]
[144,{"v":1925.7100000000034,"d":"1925.71"},{"v":1851.4600000000023,"d":"1851.46"},{"v":3085.6000000000067,"d":"3085.60"},{"v":2722.2899999999986,"d":"2722.29"}]
[145,{"v":1938.3800000000035,"d":"1938.38"},{"v":1863.6400000000024,"d":"1863.64"},{"v":3105.900000000007,"d":"3105.90"},{"v":2740.1999999999985,"d":"2740.20"}]
[146,{"v":1951.0500000000036,"d":"1951.05"},{"v":1875.8200000000024,"d":"1875.82"},{"v":3126.200000000007,"d":"3126.20"},{"v":2758.1099999999983,"d":"2758.11"}]
[147,{"v":1963.7200000000037,"d":"1963.72"},{"v":1888.0000000000025,"d":"1888.00"},{"v":3146.5000000000073,"d":"3146.50"},{"v":2776.019999999998,"d":"2776.02"}]
[148,{"v":1976.3900000000037,"d":"1976.39"},{"v":1900.1800000000026,"d":"1900.18"},{"v":3166.8000000000075,"d":"3166.80"},{"v":2793.929999999998,"d":"2793.93"}]
[149,{"v":1989.0600000000038,"d":"1989.06"},{"v":1912.3600000000026,"d":"1912.36"},{"v":3187.1000000000076,"d":"3187.10"},{"v":2811.839999999998,"d":"2811.84"}]
[150,{"v":2001.7300000000039,"d":"2001.73"},{"v":1924.5400000000027,"d":"1924.54"},{"v":3207.400000000008,"d":"3207.40"},{"v":2829.7499999999977,"d":"2829.75"}]
[151,{"v":2014.400000000004,"d":"2014.40"},{"v":1936.7200000000028,"d":"1936.72"},{"v":3227.700000000008,"d":"3227.70"},{"v":2847.6599999999976,"d":"2847.66"}]
[152,{"v":2027.070000000004,"d":"2027.07"},{"v":1948.9000000000028,"d":"1948.90"},{"v":3248.000000000008,"d":"3248.00"},{"v":2865.5699999999974,"d":"2865.57"}]
[153,{"v":2039.740000000004,"d":"2039.74"},{"v":1961.0800000000029,"d":"1961.08"},{"v":3268.3000000000084,"d":"3268.30"},{"v":2883.4799999999973,"d":"2883.48"}]
[154,{"v":2052.410000000004,"d":"2052.41"},{"v":1973.260000000003,"d":"1973.26"},{"v":3288.6000000000085,"d":"3288.60"},{"v":2901.389999999997,"d":"2901.39"}]
[155,{"v":2065.080000000004,"d":"2065.08"},{"v":1985.440000000003,"d":"1985.44"},{"v":3308.9000000000087,"d":"3308.90"},{"v":2919.299999999997,"d":"2919.30"}]
[156,{"v":2077.750000000004,"d":"2077.75"},{"v":1997.620000000003,"d":"1997.62"},{"v":3329.200000000009,"d":"3329.20"},{"v":2937.209999999997,"d":"2937.21"}]
[157,{"v":2090.420000000004,"d":"2090.42"},{"v":2009.8000000000031,"d":"2009.80"},{"v":3349.500000000009,"d":"3349.50"},{"v":2955.1199999999967,"d":"2955.12"}]
[158,{"v":2103.0900000000042,"d":"2103.09"},{"v":2021.9800000000032,"d":"2021.98"},{"v":3369.8000000000093,"d":"3369.80"},{"v":2973.0299999999966,"d":"2973.03"}]
[159,{"v":2115.7600000000043,"d":"2115.76"},{"v":2034.1600000000033,"d":"2034.16"},{"v":3390.1000000000095,"d":"3390.10"},{"v":2990.9399999999964,"d":"2990.94"}]
[160,{"$f":"B164+12.67","v":{"v":2128.4300000000044,"d":"2128.43"}},{"$f":"C164+12.18","v":{"v":2046.3400000000033,"d":"2046.34"}},{"$f":"D164+20.3","v":{"v":3410.4000000000096,"d":"3410.40"}},{"$f":"E164+17.91","v":{"v":3008.8499999999963,"d":"3008.85"}}]
[161,{"v":2141.1000000000045,"d":"2141.10"},{"v":2058.520000000003,"d":"2058.52"},{"v":3430.70000000001,"d":"3430.70"},{"v":3026.759999999996,"d":"3026.76"}]
[162,{"v":2153.7700000000045,"d":"2153.77"},{"v":2070.700000000003,"d":"2070.70"},{"v":3451.00000000001,"d":"3451.00"},{"v":3044.669999999996,"d":"3044.67"}]
[163,{"v":2166.4400000000046,"d":"2166.44"},{"v":2082.880000000003,"d":"2082.88"},{"v":3471.30000000001,"d":"3471.30"},{"v":3062.579999999996,"d":"3062.58"}]
[164,{"v":2179.1100000000047,"d":"2179.11"},{"v":2095.0600000000027,"d":"2095.06"},{"v":3491.6000000000104,"d":"3491.60"},{"v":3080.4899999999957,"d":"3080.49"}]
[165,{"v":2191.7800000000047,"d":"2191.78"},{"v":2107.2400000000025,"d":"2107.24"},{"v":3511.9000000000106,"d":"3511.90"},{"v":3098.3999999999955,"d":"3098.40"}]
[166,{"v":2204.450000000005,"d":"2204.45"},{"v":2119.4200000000023,"d":"2119.42"},{"v":3532.2000000000107,"d":"3532.20"},{"v":3116.3099999999954,"d":"3116.31"}]
[167,{"v":2217.120000000005,"d":"2217.12"},{"v":2131.600000000002,"d":"2131.60"},{"v":3552.500000000011,"d":"3552.50"},{"v":3134.2199999999953,"d":"3134.22"}]
[168,{"v":2229.790000000005,"d":"2229.79"},{"v":2143.780000000002,"d":"2143.78"},{"v":3572.800000000011,"d":"3572.80"},{"v":3152.129999999995,"d":"3152.13"}]
[169,{"v":2242.460000000005,"d":"2242.46"},{"v":2155.960000000002,"d":"2155.96"},{"v":3593.1000000000113,"d":"3593.10"},{"v":3170.039999999995,"d":"3170.04"}]
[170,{"v":2255.130000000005,"d":"2255.13"},{"v":2168.1400000000017,"d":"2168.14"},{"v":3613.4000000000115,"d":"3613.40"},{"v":3187.949999999995,"d":"3187.95"}]
[171,{"v":2267.800000000005,"d":"2267.80"},{"v":2180.3200000000015,"d":"2180.32"},{"v":3633.7000000000116,"d":"3633.70"},{"v":3205.8599999999947,"d":"3205.86"}]
[172,{"v":2280.4700000000053,"d":"2280.47"},{"v":2192.5000000000014,"d":"2192.50"},{"v":3654.000000000012,"d":"3654.00"},{"v":3223.7699999999945,"d":"3223.77"}]
[173,{"v":2293.1400000000053,"d":"2293.14"},{"v":2204.680000000001,"d":"2204.68"},{"v":3674.300000000012,"d":"3674.30"},{"v":3241.6799999999944,"d":"3241.68"}]
[174,{"v":2305.8100000000054,"d":"2305.81"},{"v":2216.860000000001,"d":"2216.86"},{"v":3694.600000000012,"d":"3694.60"},{"v":3259.5899999999942,"d":"3259.59"}]
[175,{"v":2318.4800000000055,"d":"2318.48"},{"v":2229.040000000001,"d":"2229.04"},{"v":3714.9000000000124,"d":"3714.90"},{"v":3277.499999999994,"d":"3277.50"}]
[176,{"v":2331.1500000000055,"d":"2331.15"},{"v":2241.2200000000007,"d":"2241.22"},{"v":3735.2000000000126,"d":"3735.20"},{"v":3295.409999999994,"d":"3295.41"}]
[177,{"v":2343.8200000000056,"d":"2343.82"},{"v":2253.4000000000005,"d":"2253.40"},{"v":3755.5000000000127,"d":"3755.50"},{"v":3313.319999999994,"d":"3313.32"}]
[178,{"v":2356.4900000000057,"d":"2356.49"},{"v":2265.5800000000004,"d":"2265.58"},{"v":3775.800000000013,"d":"3775.80"},{"v":3331.2299999999937,"d":"3331.23"}]
[179,{"v":2369.1600000000058,"d":"2369.16"},2277.76,{"v":3796.100000000013,"d":"3796.10"},{"v":3349.1399999999935,"d":"3349.14"}]
[180,{"v":2381.830000000006,"d":"2381.83"},2289.94,{"v":3816.4000000000133,"d":"3816.40"},{"v":3367.0499999999934,"d":"3367.05"}]
[181,{"v":2394.500000000006,"d":"2394.50"},2302.12,{"v":3836.7000000000135,"d":"3836.70"},{"v":3384.959999999993,"d":"3384.96"}]
[182,{"v":2407.170000000006,"d":"2407.17"},{"v":2314.2999999999997,"d":"2314.30"},{"v":3857.0000000000136,"d":"3857.00"},{"v":3402.869999999993,"d":"3402.87"}]
[183,{"v":2419.840000000006,"d":"2419.84"},{"v":2326.4799999999996,"d":"2326.48"},{"v":3877.300000000014,"d":"3877.30"},{"v":3420.779999999993,"d":"3420.78"}]
[184,{"v":2432.510000000006,"d":"2432.51"},{"v":2338.6599999999994,"d":"2338.66"},{"v":3897.600000000014,"d":"3897.60"},{"v":3438.689999999993,"d":"3438.69"}]
[185,{"v":2445.180000000006,"d":"2445.18"},{"v":2350.8399999999992,"d":"2350.84"},{"v":3917.900000000014,"d":"3917.90"},{"v":3456.5999999999926,"d":"3456.60"}]
[186,{"v":2457.8500000000063,"d":"2457.85"},{"v":2363.019999999999,"d":"2363.02"},{"v":3938.2000000000144,"d":"3938.20"},{"v":3474.5099999999925,"d":"3474.51"}]
[187,{"v":2470.5200000000063,"d":"2470.52"},{"v":2375.199999999999,"d":"2375.20"},{"v":3958.5000000000146,"d":"3958.50"},{"v":3492.4199999999923,"d":"3492.42"}]
[188,{"v":2483.1900000000064,"d":"2483.19"},{"v":2387.3799999999987,"d":"2387.38"},{"v":3978.8000000000147,"d":"3978.80"},{"v":3510.329999999992,"d":"3510.33"}]
[189,{"v":2495.8600000000065,"d":"2495.86"},{"v":2399.5599999999986,"d":"2399.56"},{"v":3999.100000000015,"d":"3999.10"},{"v":3528.239999999992,"d":"3528.24"}]
[190,{"v":2508.5300000000066,"d":"2508.53"},{"v":2411.7399999999984,"d":"2411.74"},{"v":4019.400000000015,"d":"4019.40"},{"v":3546.149999999992,"d":"3546.15"}]
[191,{"v":2521.2000000000066,"d":"2521.20"},{"v":2423.9199999999983,"d":"2423.92"},{"v":4039.7000000000153,"d":"4039.70"},{"v":3564.0599999999918,"d":"3564.06"}]
[192,{"v":2533.8700000000067,"d":"2533.87"},{"v":2436.099999999998,"d":"2436.10"},{"v":4060.0000000000155,"d":"4060.00"},{"v":3581.9699999999916,"d":"3581.97"}]
[193,{"v":2546.540000000007,"d":"2546.54"},{"v":2448.279999999998,"d":"2448.28"},{"v":4080.3000000000156,"d":"4080.30"},{"v":3599.8799999999915,"d":"3599.88"}]
[194,{"v":2559.210000000007,"d":"2559.21"},{"v":2460.4599999999978,"d":"2460.46"},{"v":4100.600000000016,"d":"4100.60"},{"v":3617.7899999999913,"d":"3617.79"}]
[195,{"v":2571.880000000007,"d":"2571.88"},{"v":2472.6399999999976,"d":"2472.64"},{"v":4120.900000000016,"d":"4120.90"},{"v":3635.699999999991,"d":"3635.70"}]
[196,{"v":2584.550000000007,"d":"2584.55"},{"v":2484.8199999999974,"d":"2484.82"},{"v":4141.200000000016,"d":"4141.20"},{"v":3653.609999999991,"d":"3653.61"}]
[197,{"v":2597.220000000007,"d":"2597.22"},{"v":2496.9999999999973,"d":"2497.00"},{"v":4161.500000000016,"d":"4161.50"},{"v":3671.519999999991,"d":"3671.52"}]
[198,{"v":2609.890000000007,"d":"2609.89"},{"v":2509.179999999997,"d":"2509.18"},{"v":4181.800000000017,"d":"4181.80"},{"v":3689.4299999999907,"d":"3689.43"}]
[199,{"v":2622.560000000007,"d":"2622.56"},{"v":2521.359999999997,"d":"2521.36"},{"v":4202.100000000017,"d":"4202.10"},{"v":3707.3399999999906,"d":"3707.34"}]
[200,{"v":2635.2300000000073,"d":"2635.23"},{"v":2533.539999999997,"d":"2533.54"},{"v":4222.400000000017,"d":"4222.40"},{"v":3725.2499999999905,"d":"3725.25"}]
[201,{"v":2647.9000000000074,"d":"2647.90"},{"v":2545.7199999999966,"d":"2545.72"},{"v":4242.700000000017,"d":"4242.70"},{"v":3743.1599999999903,"d":"3743.16"}]
[202,{"v":2660.5700000000074,"d":"2660.57"},{"v":2557.8999999999965,"d":"2557.90"},{"v":4263.000000000017,"d":"4263.00"},{"v":3761.06999999999,"d":"3761.07"}]
[203,{"v":2673.2400000000075,"d":"2673.24"},{"v":2570.0799999999963,"d":"2570.08"},{"v":4283.3000000000175,"d":"4283.30"},{"v":3778.97999999999,"d":"3778.98"}]
[204,{"v":2685.9100000000076,"d":"2685.91"},{"v":2582.259999999996,"d":"2582.26"},{"v":4303.600000000018,"d":"4303.60"},{"v":3796.88999999999,"d":"3796.89"}]
[205,{"v":2698.5800000000077,"d":"2698.58"},{"v":2594.439999999996,"d":"2594.44"},{"v":4323.900000000018,"d":"4323.90"},{"v":3814.7999999999897,"d":"3814.80"}]
[206,{"v":2711.2500000000077,"d":"2711.25"},{"v":2606.619999999996,"d":"2606.62"},{"v":4344.200000000018,"d":"4344.20"},{"v":3832.7099999999896,"d":"3832.71"}]
[207,{"v":2723.920000000008,"d":"2723.92"},{"v":2618.7999999999956,"d":"2618.80"},{"v":4364.500000000018,"d":"4364.50"},{"v":3850.6199999999894,"d":"3850.62"}]
[208,{"v":2736.590000000008,"d":"2736.59"},{"v":2630.9799999999955,"d":"2630.98"},{"v":4384.800000000018,"d":"4384.80"},{"v":3868.5299999999893,"d":"3868.53"}]
[209,{"v":2749.260000000008,"d":"2749.26"},{"v":2643.1599999999953,"d":"2643.16"},{"v":4405.100000000019,"d":"4405.10"},{"v":3886.439999999989,"d":"3886.44"}]
[210,{"v":2761.930000000008,"d":"2761.93"},{"v":2655.339999999995,"d":"2655.34"},{"v":4425.400000000019,"d":"4425.40"},{"v":3904.349999999989,"d":"3904.35"}]
[211,{"v":2774.600000000008,"d":"2774.60"},{"v":2667.519999999995,"d":"2667.52"},{"v":4445.700000000019,"d":"4445.70"},{"v":3922.259999999989,"d":"3922.26"}]
[212,{"v":2787.270000000008,"d":"2787.27"},{"v":2679.699999999995,"d":"2679.70"},{"v":4466.000000000019,"d":"4466.00"},{"v":3940.1699999999887,"d":"3940.17"}]
[213,{"v":2799.9400000000082,"d":"2799.94"},{"v":2691.8799999999947,"d":"2691.88"},{"v":4486.300000000019,"d":"4486.30"},{"v":3958.0799999999886,"d":"3958.08"}]
[214,{"v":2812.6100000000083,"d":"2812.61"},{"v":2704.0599999999945,"d":"2704.06"},{"v":4506.6000000000195,"d":"4506.60"},{"v":3975.9899999999884,"d":"3975.99"}]
[215,{"v":2825.2800000000084,"d":"2825.28"},{"v":2716.2399999999943,"d":"2716.24"},{"v":4526.90000000002,"d":"4526.90"},{"v":3993.8999999999883,"d":"3993.90"}]
[216,{"v":2837.9500000000085,"d":"2837.95"},{"v":2728.419999999994,"d":"2728.42"},{"v":4547.20000000002,"d":"4547.20"},{"v":4011.809999999988,"d":"4011.81"}]
[217,{"v":2850.6200000000085,"d":"2850.62"},{"v":2740.599999999994,"d":"2740.60"},{"v":4567.50000000002,"d":"4567.50"},{"v":4029.719999999988,"d":"4029.72"}]
[218,{"v":2863.2900000000086,"d":"2863.29"},{"v":2752.779999999994,"d":"2752.78"},{"v":4587.80000000002,"d":"4587.80"},{"v":4047.629999999988,"d":"4047.63"}]
[219,{"v":2875.9600000000087,"d":"2875.96"},{"v":2764.9599999999937,"d":"2764.96"},{"v":4608.10000000002,"d":"4608.10"},{"v":4065.5399999999877,"d":"4065.54"}]
[220,{"v":2888.6300000000087,"d":"2888.63"},{"v":2777.1399999999935,"d":"2777.14"},{"v":4628.400000000021,"d":"4628.40"},{"v":4083.4499999999875,"d":"4083.45"}]
[221,{"v":2901.300000000009,"d":"2901.30"},{"v":2789.3199999999933,"d":"2789.32"},{"v":4648.700000000021,"d":"4648.70"},{"v":4101.359999999988,"d":"4101.36"}]
[222,{"v":2913.970000000009,"d":"2913.97"},{"v":2801.499999999993,"d":"2801.50"},{"v":4669.000000000021,"d":"4669.00"},{"v":4119.269999999988,"d":"4119.27"}]
[223,{"v":2926.640000000009,"d":"2926.64"},{"v":2813.679999999993,"d":"2813.68"},{"v":4689.300000000021,"d":"4689.30"},{"v":4137.179999999988,"d":"4137.18"}]
[224,{"$f":"B228+12.67","v":{"v":2939.310000000009,"d":"2939.31"}},{"$f":"C228+12.18","v":{"v":2825.859999999993,"d":"2825.86"}},{"$f":"D228+20.3","v":{"v":4709.600000000021,"d":"4709.60"}},{"$f":"E228+17.91","v":{"v":4155.089999999987,"d":"4155.09"}}]
[225,{"v":2951.980000000009,"d":"2951.98"},{"v":2838.0399999999927,"d":"2838.04"},{"v":4729.9000000000215,"d":"4729.90"},{"v":4172.999999999987,"d":"4173.00"}]
[226,{"v":2964.650000000009,"d":"2964.65"},{"v":2850.2199999999925,"d":"2850.22"},{"v":4750.200000000022,"d":"4750.20"},{"v":4190.909999999987,"d":"4190.91"}]
[227,{"v":2977.3200000000093,"d":"2977.32"},{"v":2862.3999999999924,"d":"2862.40"},{"v":4770.500000000022,"d":"4770.50"},{"v":4208.819999999987,"d":"4208.82"}]
[228,{"v":2989.9900000000093,"d":"2989.99"},{"v":2874.579999999992,"d":"2874.58"},{"v":4790.800000000022,"d":"4790.80"},{"v":4226.729999999987,"d":"4226.73"}]
[229,{"v":3002.6600000000094,"d":"3002.66"},{"v":2886.759999999992,"d":"2886.76"},{"v":4811.100000000022,"d":"4811.10"},{"v":4244.639999999987,"d":"4244.64"}]
[230,{"v":3015.3300000000095,"d":"3015.33"},{"v":2898.939999999992,"d":"2898.94"},{"v":4831.400000000022,"d":"4831.40"},{"v":4262.5499999999865,"d":"4262.55"}]
[231,{"v":3028.0000000000095,"d":"3028.00"},{"v":2911.1199999999917,"d":"2911.12"},{"v":4851.700000000023,"d":"4851.70"},{"v":4280.459999999986,"d":"4280.46"}]
[232,{"v":3040.6700000000096,"d":"3040.67"},{"v":2923.2999999999915,"d":"2923.30"},{"v":4872.000000000023,"d":"4872.00"},{"v":4298.369999999986,"d":"4298.37"}]
[233,{"v":3053.3400000000097,"d":"3053.34"},{"v":2935.4799999999914,"d":"2935.48"},{"v":4892.300000000023,"d":"4892.30"},{"v":4316.279999999986,"d":"4316.28"}]
[234,{"v":3066.0100000000098,"d":"3066.01"},{"v":2947.659999999991,"d":"2947.66"},{"v":4912.600000000023,"d":"4912.60"},{"v":4334.189999999986,"d":"4334.19"}]
[235,{"v":3078.68000000001,"d":"3078.68"},{"v":2959.839999999991,"d":"2959.84"},{"v":4932.900000000023,"d":"4932.90"},{"v":4352.099999999986,"d":"4352.10"}]
[236,{"v":3091.35000000001,"d":"3091.35"},{"v":2972.019999999991,"d":"2972.02"},{"v":4953.2000000000235,"d":"4953.20"},{"v":4370.009999999986,"d":"4370.01"}]
[237,{"v":3104.02000000001,"d":"3104.02"},{"v":2984.1999999999907,"d":"2984.20"},{"v":4973.500000000024,"d":"4973.50"},{"v":4387.9199999999855,"d":"4387.92"}]
[238,{"v":3116.69000000001,"d":"3116.69"},{"v":2996.3799999999906,"d":"2996.38"},{"v":4993.800000000024,"d":"4993.80"},{"v":4405.829999999985,"d":"4405.83"}]
[239,{"v":3129.36000000001,"d":"3129.36"},{"v":3008.5599999999904,"d":"3008.56"},{"v":5014.100000000024,"d":"5014.10"},{"v":4423.739999999985,"d":"4423.74"}]
[240,{"v":3142.03000000001,"d":"3142.03"},{"v":3020.7399999999902,"d":"3020.74"},{"v":5034.400000000024,"d":"5034.40"},{"v":4441.649999999985,"d":"4441.65"}]
[241,{"v":3154.7000000000103,"d":"3154.70"},{"v":3032.91999999999,"d":"3032.92"},{"v":5054.700000000024,"d":"5054.70"},{"v":4459.559999999985,"d":"4459.56"}]
[242,{"v":3167.3700000000104,"d":"3167.37"},{"v":3045.09999999999,"d":"3045.10"},{"v":5075.000000000025,"d":"5075.00"},{"v":4477.469999999985,"d":"4477.47"}]
[243,{"v":3180.0400000000104,"d":"3180.04"},{"v":3057.2799999999897,"d":"3057.28"},{"v":5095.300000000025,"d":"5095.30"},{"v":4495.379999999985,"d":"4495.38"}]
[244,{"v":3192.7100000000105,"d":"3192.71"},{"v":3069.4599999999896,"d":"3069.46"},{"v":5115.600000000025,"d":"5115.60"},{"v":4513.2899999999845,"d":"4513.29"}]
[245,{"v":3205.3800000000106,"d":"3205.38"},{"v":3081.6399999999894,"d":"3081.64"},{"v":5135.900000000025,"d":"5135.90"},{"v":4531.199999999984,"d":"4531.20"}]
[246,{"v":3218.0500000000106,"d":"3218.05"},{"v":3093.8199999999892,"d":"3093.82"},{"v":5156.200000000025,"d":"5156.20"},{"v":4549.109999999984,"d":"4549.11"}]
[247,{"v":3230.7200000000107,"d":"3230.72"},{"v":3105.999999999989,"d":"3106.00"},{"v":5176.5000000000255,"d":"5176.50"},{"v":4567.019999999984,"d":"4567.02"}]
[248,{"v":3243.390000000011,"d":"3243.39"},{"v":3118.179999999989,"d":"3118.18"},{"v":5196.800000000026,"d":"5196.80"},{"v":4584.929999999984,"d":"4584.93"}]
[249,{"v":3256.060000000011,"d":"3256.06"},{"v":3130.3599999999888,"d":"3130.36"},{"v":5217.100000000026,"d":"5217.10"},{"v":4602.839999999984,"d":"4602.84"}]
[250,{"v":3268.730000000011,"d":"3268.73"},{"v":3142.5399999999886,"d":"3142.54"},{"v":5237.400000000026,"d":"5237.40"},{"v":4620.749999999984,"d":"4620.75"}]
[251,{"v":3281.400000000011,"d":"3281.40"},{"v":3154.7199999999884,"d":"3154.72"},{"v":5257.700000000026,"d":"5257.70"},{"v":4638.6599999999835,"d":"4638.66"}]
[252,{"v":3294.070000000011,"d":"3294.07"},{"v":3166.8999999999883,"d":"3166.90"},{"v":5278.000000000026,"d":"5278.00"},{"v":4656.569999999983,"d":"4656.57"}]
[253,{"v":3306.740000000011,"d":"3306.74"},{"v":3179.079999999988,"d":"3179.08"},{"v":5298.300000000027,"d":"5298.30"},{"v":4674.479999999983,"d":"4674.48"}]
[254,{"v":3319.410000000011,"d":"3319.41"},{"v":3191.259999999988,"d":"3191.26"},{"v":5318.600000000027,"d":"5318.60"},{"v":4692.389999999983,"d":"4692.39"}]
[255,{"v":3332.0800000000113,"d":"3332.08"},{"v":3203.439999999988,"d":"3203.44"},{"v":5338.900000000027,"d":"5338.90"},{"v":4710.299999999983,"d":"4710.30"}]
[256,{"v":3344.7500000000114,"d":"3344.75"},{"v":3215.6199999999876,"d":"3215.62"},{"v":5359.200000000027,"d":"5359.20"},{"v":4728.209999999983,"d":"4728.21"}]
[257,{"v":3357.4200000000114,"d":"3357.42"},{"v":3227.7999999999874,"d":"3227.80"},{"v":5379.500000000027,"d":"5379.50"},{"v":4746.119999999983,"d":"4746.12"}]
[258,{"v":3370.0900000000115,"d":"3370.09"},{"v":3239.9799999999873,"d":"3239.98"},{"v":5399.8000000000275,"d":"5399.80"},{"v":4764.0299999999825,"d":"4764.03"}]
[259,{"v":3382.7600000000116,"d":"3382.76"},{"v":3252.159999999987,"d":"3252.16"},{"v":5420.100000000028,"d":"5420.10"},{"v":4781.939999999982,"d":"4781.94"}]
[260,{"v":3395.4300000000117,"d":"3395.43"},{"v":3264.339999999987,"d":"3264.34"},{"v":5440.400000000028,"d":"5440.40"},{"v":4799.849999999982,"d":"4799.85"}]
[261,{"v":3408.1000000000117,"d":"3408.10"},{"v":3276.519999999987,"d":"3276.52"},{"v":5460.700000000028,"d":"5460.70"},{"v":4817.759999999982,"d":"4817.76"}]
[262,{"v":3420.770000000012,"d":"3420.77"},{"v":3288.6999999999866,"d":"3288.70"},{"v":5481.000000000028,"d":"5481.00"},{"v":4835.669999999982,"d":"4835.67"}]
[263,{"v":3433.440000000012,"d":"3433.44"},{"v":3300.8799999999865,"d":"3300.88"},{"v":5501.300000000028,"d":"5501.30"},{"v":4853.579999999982,"d":"4853.58"}]
[264,{"v":3446.110000000012,"d":"3446.11"},{"v":3313.0599999999863,"d":"3313.06"},{"v":5521.600000000029,"d":"5521.60"},{"v":4871.489999999982,"d":"4871.49"}]
[265,{"v":3458.780000000012,"d":"3458.78"},{"v":3325.239999999986,"d":"3325.24"},{"v":5541.900000000029,"d":"5541.90"},{"v":4889.399999999981,"d":"4889.40"}]
[266,{"v":3471.450000000012,"d":"3471.45"},{"v":3337.419999999986,"d":"3337.42"},{"v":5562.200000000029,"d":"5562.20"},{"v":4907.309999999981,"d":"4907.31"}]
[267,{"v":3484.120000000012,"d":"3484.12"},{"v":3349.599999999986,"d":"3349.60"},{"v":5582.500000000029,"d":"5582.50"},{"v":4925.219999999981,"d":"4925.22"}]
[268,{"v":3496.7900000000122,"d":"3496.79"},{"v":3361.7799999999856,"d":"3361.78"},{"v":5602.800000000029,"d":"5602.80"},{"v":4943.129999999981,"d":"4943.13"}]
[269,{"v":3509.4600000000123,"d":"3509.46"},{"v":3373.9599999999855,"d":"3373.96"},{"v":5623.1000000000295,"d":"5623.10"},{"v":4961.039999999981,"d":"4961.04"}]
[270,{"v":3522.1300000000124,"d":"3522.13"},{"v":3386.1399999999853,"d":"3386.14"},{"v":5643.40000000003,"d":"5643.40"},{"v":4978.949999999981,"d":"4978.95"}]
[271,{"v":3534.8000000000125,"d":"3534.80"},{"v":3398.319999999985,"d":"3398.32"},{"v":5663.70000000003,"d":"5663.70"},{"v":4996.859999999981,"d":"4996.86"}]
[272,{"v":3547.4700000000125,"d":"3547.47"},{"v":3410.499999999985,"d":"3410.50"},{"v":5684.00000000003,"d":"5684.00"},{"v":5014.76999999998,"d":"5014.77"}]
[273,{"v":3560.1400000000126,"d":"3560.14"},{"v":3422.679999999985,"d":"3422.68"},{"v":5704.30000000003,"d":"5704.30"},{"v":5032.67999999998,"d":"5032.68"}]
[274,{"v":3572.8100000000127,"d":"3572.81"},{"v":3434.8599999999847,"d":"3434.86"},{"v":5724.60000000003,"d":"5724.60"},{"v":5050.58999999998,"d":"5050.59"}]
[275,{"v":3585.4800000000128,"d":"3585.48"},{"v":3447.0399999999845,"d":"3447.04"},{"v":5744.900000000031,"d":"5744.90"},{"v":5068.49999999998,"d":"5068.50"}]
[276,{"v":3598.150000000013,"d":"3598.15"},{"v":3459.2199999999843,"d":"3459.22"},{"v":5765.200000000031,"d":"5765.20"},{"v":5086.40999999998,"d":"5086.41"}]
[277,{"v":3610.820000000013,"d":"3610.82"},{"v":3471.399999999984,"d":"3471.40"},{"v":5785.500000000031,"d":"5785.50"},{"v":5104.31999999998,"d":"5104.32"}]
[278,{"v":3623.490000000013,"d":"3623.49"},{"v":3483.579999999984,"d":"3483.58"},{"v":5805.800000000031,"d":"5805.80"},{"v":5122.22999999998,"d":"5122.23"}]
[279,{"v":3636.160000000013,"d":"3636.16"},{"v":3495.759999999984,"d":"3495.76"},{"v":5826.100000000031,"d":"5826.10"},{"v":5140.139999999979,"d":"5140.14"}]
[280,{"v":3648.830000000013,"d":"3648.83"},{"v":3507.9399999999837,"d":"3507.94"},{"v":5846.4000000000315,"d":"5846.40"},{"v":5158.049999999979,"d":"5158.05"}]
[281,{"v":3661.500000000013,"d":"3661.50"},{"v":3520.1199999999835,"d":"3520.12"},{"v":5866.700000000032,"d":"5866.70"},{"v":5175.959999999979,"d":"5175.96"}]
[282,{"v":3674.1700000000133,"d":"3674.17"},{"v":3532.2999999999834,"d":"3532.30"},{"v":5887.000000000032,"d":"5887.00"},{"v":5193.869999999979,"d":"5193.87"}]
[283,{"v":3686.8400000000133,"d":"3686.84"},{"v":3544.479999999983,"d":"3544.48"},{"v":5907.300000000032,"d":"5907.30"},{"v":5211.779999999979,"d":"5211.78"}]
[284,{"v":3699.5100000000134,"d":"3699.51"},{"v":3556.659999999983,"d":"3556.66"},{"v":5927.600000000032,"d":"5927.60"},{"v":5229.689999999979,"d":"5229.69"}]
[285,{"v":3712.1800000000135,"d":"3712.18"},{"v":3568.839999999983,"d":"3568.84"},{"v":5947.900000000032,"d":"5947.90"},{"v":5247.5999999999785,"d":"5247.60"}]
[286,{"v":3724.8500000000136,"d":"3724.85"},{"v":3581.0199999999827,"d":"3581.02"},{"v":5968.200000000033,"d":"5968.20"},{"v":5265.509999999978,"d":"5265.51"}]
[287,{"v":3737.5200000000136,"d":"3737.52"},{"v":3593.1999999999825,"d":"3593.20"},{"v":5988.500000000033,"d":"5988.50"},{"v":5283.419999999978,"d":"5283.42"}]
[288,{"$f":"B292+12.67","v":{"v":3750.1900000000137,"d":"3750.19"}},{"$f":"C292+12.18","v":{"v":3605.3799999999824,"d":"3605.38"}},{"$f":"D292+20.3","v":{"v":6008.800000000033,"d":"6008.80"}},{"$f":"E292+17.91","v":{"v":5301.329999999978,"d":"5301.33"}}]
[289,{"v":3762.8600000000138,"d":"3762.86"},{"v":3617.559999999982,"d":"3617.56"},{"v":6029.100000000033,"d":"6029.10"},{"v":5319.239999999978,"d":"5319.24"}]
[290,{"v":3775.530000000014,"d":"3775.53"},{"v":3629.739999999982,"d":"3629.74"},{"v":6049.400000000033,"d":"6049.40"},{"v":5337.149999999978,"d":"5337.15"}]
[291,{"v":3788.200000000014,"d":"3788.20"},{"v":3641.919999999982,"d":"3641.92"},{"v":6069.7000000000335,"d":"6069.70"},{"v":5355.059999999978,"d":"5355.06"}]
[292,{"v":3800.870000000014,"d":"3800.87"},{"v":3654.0999999999817,"d":"3654.10"},{"v":6090.000000000034,"d":"6090.00"},{"v":5372.9699999999775,"d":"5372.97"}]
[293,{"v":3813.540000000014,"d":"3813.54"},{"v":3666.2799999999816,"d":"3666.28"},{"v":6110.300000000034,"d":"6110.30"},{"v":5390.879999999977,"d":"5390.88"}]
[294,{"v":3826.210000000014,"d":"3826.21"},{"v":3678.4599999999814,"d":"3678.46"},{"v":6130.600000000034,"d":"6130.60"},{"v":5408.789999999977,"d":"5408.79"}]
[295,{"v":3838.880000000014,"d":"3838.88"},{"v":3690.6399999999812,"d":"3690.64"},{"v":6150.900000000034,"d":"6150.90"},{"v":5426.699999999977,"d":"5426.70"}]
[296,{"v":3851.5500000000143,"d":"3851.55"},{"v":3702.819999999981,"d":"3702.82"},{"v":6171.200000000034,"d":"6171.20"},{"v":5444.609999999977,"d":"5444.61"}]
[297,{"v":3864.2200000000144,"d":"3864.22"},{"v":3714.999999999981,"d":"3715.00"},{"v":6191.500000000035,"d":"6191.50"},{"v":5462.519999999977,"d":"5462.52"}]
[298,{"v":3876.8900000000144,"d":"3876.89"},{"v":3727.1799999999807,"d":"3727.18"},{"v":6211.800000000035,"d":"6211.80"},{"v":5480.429999999977,"d":"5480.43"}]
[299,{"v":3889.5600000000145,"d":"3889.56"},{"v":3739.3599999999806,"d":"3739.36"},{"v":6232.100000000035,"d":"6232.10"},{"v":5498.3399999999765,"d":"5498.34"}]
[300,{"v":3902.2300000000146,"d":"3902.23"},{"v":3751.5399999999804,"d":"3751.54"},{"v":6252.400000000035,"d":"6252.40"},{"v":5516.249999999976,"d":"5516.25"}]

{"sheet":"CS","index":14,"n_rows":263,"n_cols":24,"rows_kept":263,"hidden":true,"merged":[[0,0,0,12],[1,0,1,12],[2,10,2,12],[3,0,4,0],[3,1,4,1],[3,2,3,5],[3,6,3,9],[3,10,3,11],[3,12,4,12],[4,2,4,3],[4,6,4,7],[5,2,5,3],[5,6,5,7],[255,2,255,4],[256,2,256,4],[257,2,257,4]]}
["COMPARATIVE STATEMENT"]
[{"$f":"'lead 24-25'!B2&'lead 24-25'!C2","v":"Name of the Work: Completion of incomplete Anganwadi building  in Paletipalli village of P.C.Palli Mandal."}]
[{"$nulls":9},"Est Rs.",{"$f":"'lead 24-25'!K4","v":"15.00 Lakhs"}]
["S.No","Description of the work","As per detailed estimate",{"$nulls":3},"As per working estimate",{"$nulls":3},"Difference ",null,"Remarks"]
[null,null,"Quantity ",null,"Rate ","Amount","Quantity ",null,"Rate ","Amount","Excess","Less"]
["1","2","3",null,"4","5","6",null,"7","8","9","10","11"]
[null,"Construction of Ground floor",{"$nulls":8},{"$f":"IF(J7>F7,J7-F7,0)","v":{"v":0,"d":"0.00"}},{"$f":"IF(J7<F7,F7-J7,0)","v":{"v":0,"d":"0.00"}},"-",{"$f":"E7-I7","v":{"v":0,"d":"0.00"}}]
["1","Clearing light  jungle ",null,"Sqm",6.06,{"$f":"ROUND(C8*E8,0)","v":{"v":0,"d":"0.00"}},{"$f":"ESTIMATE!I12","v":{"v":0,"d":"0.00"}},"Sqm",{"$f":"ESTIMATE!K12","v":6.06},{"$f":"ROUND(G8*I8,0)","v":{"v":0,"d":"0.00"}},{"$f":"IF(J8>F8,J8-F8,0)","v":{"v":0,"d":"0.00"}},{"$f":"IF(J8<F8,F8-J8,0)","v":{"v":0,"d":"0.00"}},"-",{"v":0,"d":"0.00"},{"$nulls":4},157,null,{"$f":"J8-S8","v":{"v":-157,"d":"-157.00"}},null,23.72,{"$f":"G8-W8","v":-23.72}]
["2","Earthwork excavation for foundation",null,"Cum",144.26,{"v":0,"d":"0.00"},{"$f":"ESTIMATE!I33","v":{"v":0,"d":"0.00"}},"Cum",{"$f":"ESTIMATE!K33","v":246.07},{"$f":"ROUND(G9*I9,0)","v":{"v":0,"d":"0.00"}},{"$f":"IF(J9>F9,J9-F9,0)","v":{"v":0,"d":"0.00"}},{"$f":"IF(J9<F9,F9-J9,0)","v":{"v":0,"d":"0.00"}},"-",{"$f":"E9-I9","v":-101.81},{"$nulls":4},12298,null,{"$f":"J9-S9","v":{"v":-12298,"d":"-12298.00"}},null,98.86,{"$f":"G9-W9","v":-98.86}]
["3","PCC (1:4:8) for bed concrete",null,"Cum",4509.22,{"v":0,"d":"0.00"},{"$f":"ESTIMATE!I45","v":{"v":5.449999999999999,"d":"5.45"}},"Cum",{"$f":"ESTIMATE!K45","v":5252.57},{"v":28627,"d":"28627.00"},{"v":28627,"d":"28627.00"},{"v":0,"d":"0.00"},"-",{"v":-743.3499999999995,"d":"-743.35"},{"$nulls":4},100538,null,{"v":-71911,"d":"-71911.00"},null,26.909999999999997,{"v":-21.459999999999997,"d":"-21.46"}]
["4","PCC (1:5:10) for bed concrete",null,"Cum",{"v":4389.990000000001,"d":"4389.99"},{"v":0,"d":"0.00"},{"$f":"ESTIMATE!I56","v":{"v":0,"d":"0.00"}},"Cum",{"$f":"ESTIMATE!K56","v":4486.44},{"v":0,"d":"0.00"},{"v":0,"d":"0.00"},{"v":0,"d":"0.00"},"-",{"v":-96.44999999999891,"d":"-96.45"},{"$nulls":4},0,null,{"v":0,"d":"0.00"},null,0,{"v":0,"d":"0.00"}]
["5","Filling basement with Selected earth",null,"Cum",{"v":357.6,"d":"357.60"},{"v":0,"d":"0.00"},{"$f":"ESTIMATE!I62","v":{"v":0,"d":"0.00"}},"Cum",{"$f":"ESTIMATE!K62","v":440.28},{"v":0,"d":"0.00"},{"v":0,"d":"0.00"},{"v":0,"d":"0.00"},"-",{"v":-82.67999999999995,"d":"-82.68"},{"$nulls":4},0,null,{"v":0,"d":"0.00"},null,0,{"v":0,"d":"0.00"}]
["5","Filling basement with Gravel",{"$nulls":4},{"$f":"ESTIMATE!I72","v":{"v":0,"d":"0.00"}},"Cum",{"$f":"ESTIMATE!K72","v":461.28},{"v":0,"d":"0.00"},{"v":0,"d":"0.00"},{"v":0,"d":"0.00"},"-",-461.28,{"$nulls":4},0,null,{"v":0,"d":"0.00"},null,0,{"v":0,"d":"0.00"}]
["6","Filling basement with Sand filling",null,"Cum",{"v":710.5999999999999,"d":"710.60"},{"$f":"ROUND(C14*E14,0)","v":{"v":0,"d":"0.00"}},{"$f":"ESTIMATE!I81","v":1.53},"Cum",{"$f":"ESTIMATE!K81","v":150.05},{"$f":"ROUND(G14*I14,0)","v":{"v":230,"d":"230.00"}},{"v":230,"d":"230.00"},{"v":0,"d":"0.00"},"-",560.55,{"$nulls":4},65659,null,{"v":-65429,"d":"-65429.00"},null,52.81,-51.28]
["7","Refilling with excavated soil",null,"Cum",265.36,{"v":0,"d":"0.00"},{"$f":"ESTIMATE!I91","v":{"v":0,"d":"0.00"}},"Cum",{"$f":"ESTIMATE!K91","v":365.84},{"v":0,"d":"0.00"},{"v":0,"d":"0.00"},{"v":0,"d":"0.00"},"-",{"v":-100.47999999999996,"d":"-100.48"},{"$nulls":4},17066,null,{"v":-17066,"d":"-17066.00"},null,74.97,-74.97]
["8","VRCC M30 design mix Concrete  for column footings",null,"Cum",7679.35,{"v":0,"d":"0.00"},{"$f":"ESTIMATE!I96","v":{"v":0,"d":"0.00"}},"Cum",{"$f":"ESTIMATE!K96","v":9863.95},{"v":0,"d":"0.00"},{"v":0,"d":"0.00"},{"v":0,"d":"0.00"},"-",{"v":-2184.6000000000004,"d":"-2184.60"},{"$nulls":4},74617,null,{"v":-74617,"d":"-74617.00"},null,11.19,-11.19]
["9","VRCC M30 design mix Concrete  for Pedastal",null,"Cum",8118.35,{"v":0,"d":"0.00"},{"$f":"ESTIMATE!I100","v":{"v":0,"d":"0.00"}},"Cum",{"$f":"ESTIMATE!K100","v":10362.72},{"v":0,"d":"0.00"},{"v":0,"d":"0.00"},{"v":0,"d":"0.00"},"-",{"v":-2244.369999999999,"d":"-2244.37"},{"$nulls":4},9701,null,{"v":-9701,"d":"-9701.00"},null,1.37,-1.37]
["10","VRCC M30 design mix Concrete  for Columns",null,"Cum",9998.74,{"v":0,"d":"0.00"},{"$f":"ESTIMATE!I106","v":{"v":0,"d":"0.00"}},"Cum",{"$f":"ESTIMATE!K106","v":{"v":12622.119999999999,"d":"12622.12"}},{"v":0,"d":"0.00"},{"v":0,"d":"0.00"},{"v":0,"d":"0.00"},"-",{"v":-2623.379999999999,"d":"-2623.38"},{"$nulls":4},44466,null,{"v":-44466,"d":"-44466.00"},null,5.050000000000001,{"v":-5.050000000000001,"d":"-5.05"}]
["11","VRCC M30 design mix Concrete  for Plinth beam",null,"Cum",9779.35,{"v":0,"d":"0.00"},{"$f":"ESTIMATE!I113","v":{"v":0,"d":"0.00"}},"Cum",{"$f":"ESTIMATE!K113","v":{"v":12249.869999999999,"d":"12249.87"}},{"v":0,"d":"0.00"},{"v":0,"d":"0.00"},{"v":0,"d":"0.00"},"-",{"v":-2470.5199999999986,"d":"-2470.52"},{"$nulls":4},53866,null,{"v":-53866,"d":"-53866.00"},null,6.220000000000001,{"v":-6.220000000000001,"d":"-6.22"}]
["12","VRCC M30 design mix Concrete  for Beams",null,"Cum",9629.25,{"v":0,"d":"0.00"},{"$f":"ESTIMATE!I121","v":{"v":3.3499999999999996,"d":"3.35"}},"Cum",{"$f":"ESTIMATE!K121","v":{"v":11812.980000000001,"d":"11812.98"}},{"v":39573,"d":"39573.00"},{"v":39573,"d":"39573.00"},{"v":0,"d":"0.00"},"-",{"v":-2183.7300000000014,"d":"-2183.73"},null,{"$f":"SUM(F8:F69)+F58+F59+#REF!+F145+F149+F153+#REF!","v":{"$error":"#REF!"}},null,null,72944,null,{"v":-33371,"d":"-33371.00"},null,8.44,-5.09]
["13","VRCC M30 design mix Concrete  for Slab 125mm ",null,"Sqm",{"v":1165.9099999999999,"d":"1165.91"},{"v":0,"d":"0.00"},{"$f":"ESTIMATE!I131","v":69.19},"Sqm",{"$f":"ESTIMATE!K131","v":1433.73},{"v":99200,"d":"99200.00"},{"v":99200,"d":"99200.00"},{"v":0,"d":"0.00"},"-",{"v":-267.82000000000016,"d":"-267.82"},{"$nulls":4},121079,null,{"v":-21879,"d":"-21879.00"},null,117.23,{"v":-48.040000000000006,"d":"-48.04"}]
["14","VRCC M30 design mix Concrete  for Slab 150mm ",null,"Sqm",1301.49,{"v":0,"d":"0.00"},{"$f":"ESTIMATE!I127","v":{"v":0,"d":"0.00"}},"Sqm",{"$f":"ESTIMATE!K127","v":1416.71},{"v":0,"d":"0.00"},{"v":0,"d":"0.00"},{"v":0,"d":"0.00"},"-",{"v":-115.22000000000003,"d":"-115.22"},{"$nulls":4},9665,null,{"v":-9665,"d":"-9665.00"},null,8.41,-8.41]
["14","VRCC M30 design mix Concrete  for Slab 175mm ",{"$nulls":7},{"$f":"ROUND(G23*I23,0)","v":{"v":0,"d":"0.00"}},{"v":0,"d":"0.00"},{"v":0,"d":"0.00"},"-",{"v":0,"d":"0.00"},{"$nulls":4},0,null,{"v":0,"d":"0.00"},null,null,{"v":0,"d":"0.00"}]
["14","VRCC M30 design mix Concrete  for Slab 100mm ",{"$nulls":4},{"$f":"ESTIMATE!I136","v":{"v":0,"d":"0.00"}},"Sqm",{"$f":"ESTIMATE!K136","v":{"v":1107.1399999999999,"d":"1107.14"}},{"$f":"ROUND(G24*I24,0)","v":{"v":0,"d":"0.00"}},{"v":0,"d":"0.00"},{"v":0,"d":"0.00"},"-",{"v":-1107.1399999999999,"d":"-1107.14"},{"$nulls":4},0,null,{"$f":"J24-S24","v":{"v":0,"d":"0.00"}},null,null,{"$f":"G24-W24","v":{"v":0,"d":"0.00"}}]
["13","VRCC M30 design mix Concrete  for Slab 50mm",{"$nulls":4},{"$f":"ESTIMATE!I142","v":{"v":0,"d":"0.00"}},"Sqm",{"$f":"ESTIMATE!K142","v":{"v":624.5600000000001,"d":"624.56"}},{"$f":"ROUND(G25*I25,0)","v":{"v":0,"d":"0.00"}},{"v":0,"d":"0.00"},{"v":0,"d":"0.00"},"-",{"v":-624.5600000000001,"d":"-624.56"},{"$nulls":4},0,null,{"$f":"J25-S25","v":{"v":0,"d":"0.00"}},null,null,{"$f":"G25-W25","v":{"v":0,"d":"0.00"}}]
["15","VRCC M30 design mix Concrete  for Slab 25mm",{"$nulls":4},{"$f":"ESTIMATE!I153","v":{"v":0,"d":"0.00"}},"Sqm",{"$f":"ESTIMATE!K153","v":450.89},{"$f":"ROUND(G26*I26,0)","v":{"v":0,"d":"0.00"}},{"v":0,"d":"0.00"},{"v":0,"d":"0.00"},"-",-450.89,{"$nulls":4},0,null,{"$f":"J26-S26","v":{"v":0,"d":"0.00"}},null,null,{"$f":"G26-W26","v":{"v":0,"d":"0.00"}}]
["15","VRCC M30 design mix Concrete  for Lintels",null,"Cum",10165.74,{"$f":"ROUND(C27*E27,0)","v":{"v":0,"d":"0.00"}},{"$f":"ESTIMATE!I160","v":{"v":0.6,"d":"0.60"}},"Cum",{"$f":"ESTIMATE!K160","v":{"v":12811.849999999999,"d":"12811.85"}},{"$f":"ROUND(G27*I27,0)","v":{"v":7687,"d":"7687.00"}},{"v":7687,"d":"7687.00"},{"v":0,"d":"0.00"},"-",{"v":-2646.1099999999988,"d":"-2646.11"},{"$nulls":4},6104,null,{"v":1583,"d":"1583.00"},null,0.68,{"v":-0.08000000000000007,"d":"-0.08"}]
["16","VRCC M30 design mix Concrete  for Sunshades",null,"Rm",710.37,{"v":0,"d":"0.00"},{"$f":"ESTIMATE!I165","v":{"v":9.6,"d":"9.60"}},"Rm",{"$f":"ESTIMATE!K165","v":839.82},{"$f":"ROUND(G28*I28,0)","v":{"v":8062,"d":"8062.00"}},{"v":8062,"d":"8062.00"},{"v":0,"d":"0.00"},"-",{"v":-129.45000000000005,"d":"-129.45"},{"$nulls":4},5900,null,{"v":2162,"d":"2162.00"},null,9,{"v":0.5999999999999996,"d":"0.60"}]
["17","impervious coat over roof slab-12mm",{"$nulls":4},{"$f":"ESTIMATE!I169","v":69.19},"Sqm",{"$f":"ESTIMATE!K169","v":376.15},{"v":26026,"d":"26026.00"},{"v":26026,"d":"26026.00"},{"v":0,"d":"0.00"},"-",-376.15,{"$nulls":4},43353,null,{"$f":"J29-S29","v":{"v":-17327,"d":"-17327.00"}},null,117.23,{"$f":"G29-W29","v":{"v":-48.040000000000006,"d":"-48.04"}}]
["16","impervious coat over roof slab-20mm",{"$nulls":4},{"$f":"ESTIMATE!I175","v":{"v":0,"d":"0.00"}},"Sqm",{"$f":"ESTIMATE!K175","v":428.88},{"$f":"ROUND(G30*I30,0)","v":{"v":0,"d":"0.00"}},{"v":0,"d":"0.00"},{"v":0,"d":"0.00"},"-",-428.88,{"$nulls":4},43353,null,{"$f":"J30-S30","v":{"v":-43353,"d":"-43353.00"}},null,117.23,{"$f":"G30-W30","v":-117.23}]
["13","PCC M30 for Steps",{"$nulls":4},{"$f":"ESTIMATE!I324","v":{"v":0,"d":"0.00"}},"Cum",{"$f":"ESTIMATE!K324","v":{"v":6819.900000000001,"d":"6819.90"}},{"v":0,"d":"0.00"},{"v":0,"d":"0.00"},{"v":0,"d":"0.00"},"-",{"v":-6819.900000000001,"d":"-6819.90"},{"$nulls":4},0,null,{"v":0,"d":"0.00"},null,0,{"v":0,"d":"0.00"}]
["17","RR Masonary in CM (1:6) for basement",null,"Cum",{"v":3707.4300000000003,"d":"3707.43"},{"$f":"ROUND(C32*E32,0)","v":{"v":0,"d":"0.00"}},{"$f":"ESTIMATE!I185","v":{"v":0,"d":"0.00"}},"Cum",{"$f":"ESTIMATE!K185","v":4055.51},{"v":0,"d":"0.00"},{"v":0,"d":"0.00"},{"v":0,"d":"0.00"},"-",{"v":-348.0799999999999,"d":"-348.08"},{"$nulls":4},109300,null,{"$f":"J32-S32","v":{"v":-109300,"d":"-109300.00"}},null,21.22,{"$f":"G32-W32","v":-21.22}]
["18","Brick masonery in CM (1:8) for basement",null,"Cum",{"v":6171.460000000001,"d":"6171.46"},{"v":0,"d":"0.00"},{"$f":"ESTIMATE!I212","v":19.08},"Cum",{"$f":"ESTIMATE!K212","v":8224.67},{"v":156927,"d":"156927.00"},{"v":156927,"d":"156927.00"},{"v":0,"d":"0.00"},"-",{"v":-2053.209999999999,"d":"-2053.21"},{"$nulls":4},109300,null,{"v":47627,"d":"47627.00"},null,21.22,{"v":-2.1400000000000006,"d":"-2.14"}]
["19","Brick masonery in CM (1:6) for superstructure",{"$nulls":7},{"v":0,"d":"0.00"},{"v":0,"d":"0.00"},{"v":0,"d":"0.00"},"-",{"v":0,"d":"0.00"},{"$nulls":4},99325,null,{"$f":"J34-S34","v":{"v":-99325,"d":"-99325.00"}},null,17.780000000000005,{"$f":"G34-W34","v":{"v":-17.780000000000005,"d":"-17.78"}}]
["19","Brick masonery in CM (1:6) for superstructure",null,"Cum",{"v":6215.620000000001,"d":"6215.62"},{"$f":"ROUND(C35*E35,0)","v":{"v":0,"d":"0.00"}},{"$f":"ESTIMATE!I220","v":{"v":0,"d":"0.00"}},"Cum",{"$f":"ESTIMATE!K220","v":8282.18},{"$f":"ROUND(G35*I35,0)","v":{"v":0,"d":"0.00"}},{"v":0,"d":"0.00"},{"v":0,"d":"0.00"},"-",{"v":-2066.5599999999995,"d":"-2066.56"},{"$nulls":4},99325,null,{"v":-99325,"d":"-99325.00"},null,17.780000000000005,{"v":-17.780000000000005,"d":"-17.78"}]
["20","Reinforced Brick Masonry for partition walls (11.5 cm thick) i",null,"Sqm",793.65,{"$f":"ROUND(C36*E36/1,0)","v":{"v":0,"d":"0.00"}},{"$f":"ESTIMATE!I226","v":{"v":0,"d":"0.00"}},"Sqm",{"$f":"ESTIMATE!K226","v":926.11},{"$f":"ROUND(G36*I36/1,0)","v":{"v":0,"d":"0.00"}},{"v":0,"d":"0.00"},{"v":0,"d":"0.00"},"-",{"v":-132.46000000000004,"d":"-132.46"},{"$nulls":4},36813,null,{"v":-36813,"d":"-36813.00"},null,52.63,-52.63]
["21","Fly ash cement bricks",{"$nulls":4},{"$f":"ESTIMATE!I234","v":{"v":0,"d":"0.00"}},"Sqm",{"$f":"ESTIMATE!K234","v":6487.56},{"$f":"ROUND(G37*I37/1,0)","v":{"v":0,"d":"0.00"}},{"v":0,"d":"0.00"},{"v":0,"d":"0.00"},"-",-6487.56]
["23","RCM drop wall",{"$nulls":4},{"$f":"ESTIMATE!I239","v":{"v":0,"d":"0.00"}},"Sqm",{"$f":"ESTIMATE!K239","v":2479.09},{"$f":"ROUND(G38*I38/1,0)","v":{"v":0,"d":"0.00"}},{"v":0,"d":"0.00"},{"v":0,"d":"0.00"},"-",-2479.09]
["21","Ornamental Plastering 12mm thick to ceiling",null,"Sqm",308.82,{"$f":"ROUND(C39*E39,0)","v":{"v":0,"d":"0.00"}},{"$f":"ESTIMATE!I256","v":79.63},"Sqm",{"$f":"ESTIMATE!K256","v":378.77},{"$f":"ROUND(G39*I39,0)","v":{"v":30161,"d":"30161.00"}},{"v":30161,"d":"30161.00"},{"v":0,"d":"0.00"},"-",{"v":-69.94999999999999,"d":"-69.95"},{"$nulls":4},30479,null,{"v":-318,"d":"-318.00"},null,118.44,-38.81]
["22","Plastering 12mm thick inside in single coats ",{"$nulls":4},{"$f":"ESTIMATE!I272","v":{"v":0,"d":"0.00"}},"Sqm",{"$f":"ESTIMATE!K272","v":311.27},{"v":0,"d":"0.00"},{"v":0,"d":"0.00"},{"v":0,"d":"0.00"},"-",-311.27,{"$nulls":4},0,null,{"v":0,"d":"0.00"},null,0,{"v":0,"d":"0.00"}]
["23","Plastering 20mm thick single coat",{"$nulls":4},{"$f":"ESTIMATE!I277","v":{"v":0,"d":"0.00"}},"Sqm",{"$f":"ESTIMATE!K277","v":325.66},{"$f":"ROUND(G41*I41,0)","v":{"v":0,"d":"0.00"}},{"v":0,"d":"0.00"},{"v":0,"d":"0.00"},"-",-325.66,{"$nulls":4},0,null,{"$f":"J41-S41","v":{"v":0,"d":"0.00"}},null,0,{"$f":"G41-W41","v":{"v":0,"d":"0.00"}}]
["24","Plastering 12mm thick double coat",null,"Sqm",374.07,{"$f":"ROUND(C42*E42,0)","v":{"v":0,"d":"0.00"}},{"$f":"ESTIMATE!I290","v":100.18},"Sqm",{"$f":"ESTIMATE!K290","v":473.87},{"$f":"ROUND(G42*I42,0)","v":{"v":47472,"d":"47472.00"}},{"v":47472,"d":"47472.00"},{"v":0,"d":"0.00"},"-",{"v":-99.80000000000001,"d":"-99.80"},{"$nulls":4},57741,null,{"v":-10269,"d":"-10269.00"},null,242.58999999999997,{"v":-142.40999999999997,"d":"-142.41"}]
["25","Plastering 20mm thick double coat",null,"Sqm",395.47,{"v":0,"d":"0.00"},{"$f":"ESTIMATE!I307","v":119.98},"Sqm",{"$f":"ESTIMATE!K307","v":{"v":485.1,"d":"485.10"}},{"v":58202,"d":"58202.00"},{"v":58202,"d":"58202.00"},{"v":0,"d":"0.00"},"-",-89.63,{"$nulls":4},29292,null,{"v":28910,"d":"28910.00"},null,116.91,{"v":3.0700000000000074,"d":"3.07"}]
["26","Flooring with vitrified tiles ",null,"Sqm",1023.97,{"v":0,"d":"0.00"},{"$f":"ESTIMATE!I333","v":{"v":50.230000000000004,"d":"50.23"}},"Sqm",{"$f":"ESTIMATE!K333","v":1238.02},{"$f":"ROUND(G44*I44,0)","v":{"v":62186,"d":"62186.00"}},{"v":62186,"d":"62186.00"},{"v":0,"d":"0.00"},"-",{"v":-214.04999999999995,"d":"-214.05"},{"$nulls":4},94056,null,{"v":-31870,"d":"-31870.00"},null,96.46,{"v":-46.22999999999999,"d":"-46.23"}]
["27","Providing skirting to vitrified tiles ",null,"Sqm",1016.56,{"v":0,"d":"0.00"},{"$f":"ESTIMATE!I346","v":{"v":5.249999999999999,"d":"5.25"}},"Sqm",{"$f":"ESTIMATE!K346","v":1233.15},{"$f":"ROUND(G45*I45,0)","v":{"v":6474,"d":"6474.00"}},{"v":6474,"d":"6474.00"},{"v":0,"d":"0.00"},"-",{"v":-216.59000000000015,"d":"-216.59"},{"$nulls":4},7479,null,{"$f":"J45-S45","v":{"v":-1005,"d":"-1005.00"}},null,7.629999999999999,{"$f":"G45-W45","v":-2.38}]
["24","Flooring with Granite stones",{"$nulls":4},{"$f":"ESTIMATE!I353","v":{"v":0,"d":"0.00"}},"sqm",{"$f":"ESTIMATE!K353","v":3203.54},{"v":0,"d":"0.00"},{"v":0,"d":"0.00"},{"v":0,"d":"0.00"},"-",-3203.54,{"$nulls":4},47579,null,{"v":-47579,"d":"-47579.00"},null,17.35,-17.35]
["25","skirting to internal walls  with Granite stones",{"$nulls":4},{"$f":"ESTIMATE!I360","v":{"v":0,"d":"0.00"}},"Sqm",{"$f":"ESTIMATE!K360","v":2970.99},{"v":0,"d":"0.00"},{"v":0,"d":"0.00"},{"v":0,"d":"0.00"},"-",-2970.99,{"$nulls":4},17444,null,{"v":-17444,"d":"-17444.00"},null,6.76,-6.76]
["42","Flooring with Terrazo tiles",{"$nulls":4},{"$f":"ESTIMATE!I372","v":{"v":0,"d":"0.00"}},"Sqm",{"$f":"ESTIMATE!K372","v":748.41},{"v":0,"d":"0.00"},{"v":0,"d":"0.00"},{"v":0,"d":"0.00"},"-",-748.41,{"$nulls":4},5003,null,{"v":-5003,"d":"-5003.00"},null,13.879999999999999,{"v":-13.879999999999999,"d":"-13.88"}]
["43","skirting to internal walls  with Terrazo tiles",{"$nulls":4},{"$f":"ESTIMATE!I382","v":{"v":0,"d":"0.00"}},"Sqm",{"$f":"ESTIMATE!K382","v":772.27},{"v":0,"d":"0.00"},{"v":0,"d":"0.00"},{"v":0,"d":"0.00"},"-",-772.27,{"$nulls":4},0,null,{"v":0,"d":"0.00"},null,0,{"v":0,"d":"0.00"}]
["28","Flooring with Ceramic non skid tiles",null,"Sqm",767.37,{"$f":"ROUND(C50*E50,0)","v":{"v":0,"d":"0.00"}},{"$f":"ESTIMATE!I386","v":{"v":0,"d":"0.00"}},"Sqm",{"$f":"ESTIMATE!K386","v":849.02},{"v":0,"d":"0.00"},{"v":0,"d":"0.00"},{"v":0,"d":"0.00"},"-",{"v":-81.64999999999998,"d":"-81.65"},{"$nulls":4},0,null,{"v":0,"d":"0.00"},null,0,{"v":0,"d":"0.00"}]
["22","Dadoing with Glazed tiles",{"$nulls":4},{"$f":"ESTIMATE!I392","v":{"v":0,"d":"0.00"}},"Sqm",{"$f":"ESTIMATE!K392","v":499.42},{"v":0,"d":"0.00"},{"v":0,"d":"0.00"},{"v":0,"d":"0.00"},"-",-499.42,{"$nulls":4},0,null,{"v":0,"d":"0.00"},null,0,{"v":0,"d":"0.00"}]
["29","Pressed floor tiles",{"$nulls":4},{"$f":"ESTIMATE!I397","v":{"v":0,"d":"0.00"}},"Sqm",{"$f":"ESTIMATE!K397","v":1381.57},{"v":0,"d":"0.00"},{"v":0,"d":"0.00"},{"v":0,"d":"0.00"},"-",-1381.57]
["28","Flooring with vitrified tiles ",{"$nulls":4},{"$f":"ESTIMATE!I334","v":{"v":0,"d":"0.00"}},"Sqm",{"$f":"ESTIMATE!K334","v":{"v":0,"d":"0.00"}},{"$f":"ROUND(G53*I53,0)","v":{"v":0,"d":"0.00"}},{"v":0,"d":"0.00"},{"v":0,"d":"0.00"},"-",{"v":0,"d":"0.00"}]
["30","Providing skirting to internal walls to 15 cm height",{"$nulls":8},{"v":0,"d":"0.00"},{"v":0,"d":"0.00"},"-",{"v":0,"d":"0.00"}]
["27","Granolithic Concrete Flooring",{"$nulls":3},{"$f":"ROUND(C55*E55,0)","v":{"v":0,"d":"0.00"}},{"$nulls":4},{"v":0,"d":"0.00"},{"v":0,"d":"0.00"},"-",{"v":0,"d":"0.00"},{"$nulls":6},{"v":0,"d":"0.00"},null,null,{"v":0,"d":"0.00"}]
["30","White washing one coat with whiting ",{"$nulls":4},{"$f":"ESTIMATE!I438","v":{"v":0,"d":"0.00"}},"Sqm",{"$f":"ESTIMATE!K438","v":26.75},{"v":0,"d":"0.00"},{"v":0,"d":"0.00"},{"v":0,"d":"0.00"},"-",-26.75,{"$nulls":4},9497,null,{"v":-9497,"d":"-9497.00"},null,477.94,-477.94]
["28","Providing and applying Wall putty ",{"$nulls":4},{"$f":"ESTIMATE!I448","v":{"v":0,"d":"0.00"}},"Sqm",{"$f":"ESTIMATE!K448","v":188.29},{"v":0,"d":"0.00"},{"v":0,"d":"0.00"},{"v":0,"d":"0.00"},"-",-188.29,{"$nulls":4},53458,null,{"v":-53458,"d":"-53458.00"},null,361.0299999999999,{"v":-361.0299999999999,"d":"-361.03"}]
["29","Painting  with Emulsion paint for inernal walls GF",null,"Sqm",134.84,{"$f":"ROUND(C58*E58,0)","v":{"v":0,"d":"0.00"}},{"$f":"ESTIMATE!I474","v":{"v":178.10999999999999,"d":"178.11"}},"Sqm",{"$f":"ESTIMATE!K474","v":186.63},{"$f":"ROUND(G58*I58,0)","v":{"v":33241,"d":"33241.00"}},{"v":33241,"d":"33241.00"},{"v":0,"d":"0.00"},"-",{"v":-51.78999999999999,"d":"-51.79"},{"$nulls":4},45249,null,{"$f":"J58-S58","v":{"v":-12008,"d":"-12008.00"}},null,322.30999999999995,{"$f":"G58-W58","v":{"v":-144.19999999999996,"d":"-144.20"}}]
["30","Painting  with Emulsion paint for external walls  GF",null,"Sqm",186.14,{"v":0,"d":"0.00"},{"$f":"ESTIMATE!I491","v":{"v":148.20000000000002,"d":"148.20"}},"Sqm",{"$f":"ESTIMATE!K491","v":255.64},{"$f":"ROUND(G59*I59,0)","v":{"v":37886,"d":"37886.00"}},{"v":37886,"d":"37886.00"},{"v":0,"d":"0.00"},"-",{"v":-69.5,"d":"-69.50"},{"$nulls":4},21122,null,{"$f":"J59-S59","v":{"v":16764,"d":"16764.00"}},null,116.91,{"$f":"G59-W59","v":{"v":31.29000000000002,"d":"31.29"}}]
["31","Supply & applying Poly-Urethane Water Proof Polish",null,"Sqm",897.27,{"v":0,"d":"0.00"},{"$f":"ESTIMATE!I499","v":{"v":0,"d":"0.00"}},"Sqm",{"$f":"ESTIMATE!K499","v":1090.98},{"$f":"ROUND(G60*I60,0)","v":{"v":0,"d":"0.00"}},{"v":0,"d":"0.00"},{"v":0,"d":"0.00"},"-",{"v":-193.71000000000004,"d":"-193.71"},{"$nulls":4},6572,null,{"$f":"J60-S60","v":{"v":-6572,"d":"-6572.00"}},null,38.09,{"$f":"G60-W60","v":-38.09}]
["31","Cost, Supply and Fixing of rolling shutter to Godown ",{"$nulls":3},{"$f":"ROUND(C61*E61/1000,0)","v":{"v":0,"d":"0.00"}},{"$f":"ESTIMATE!I504","v":{"v":0,"d":"0.000"}},"Sqm",{"$f":"ESTIMATE!K504","v":{"v":4481,"d":"4481.000"}},{"$f":"ROUND(G61*I61,0)","v":{"v":0,"d":"0.00"}},{"v":0,"d":"0.00"},{"v":0,"d":"0.00"},"-",{"v":-4481,"d":"-4481.00"},{"$nulls":4},17909,null,{"$f":"J61-S61","v":{"v":-17909,"d":"-17909.00"}},null,5.6,{"$f":"G61-W61","v":{"v":-5.6,"d":"-5.60"}}]
["32","Painting New Wood / iron work with Two coats of ready mixed Synthatic Enamil paint",null,"Sqm",{"v":185.4,"d":"185.40"},{"$f":"ROUND(C62*E62,0)","v":{"v":0,"d":"0.00"}},{"$f":"ESTIMATE!I495","v":{"v":0,"d":"0.00"}},"Sqm",{"$f":"ESTIMATE!K495","v":162.18},{"v":0,"d":"0.00"},{"v":0,"d":"0.00"},{"v":0,"d":"0.00"},"-",23.22,{"$nulls":4},6572,null,{"v":-6572,"d":"-6572.00"},null,38.09,-38.09]
["33","Painting New Wood / iron work with Two coats of ready mixed Synthatic Enamil paint",{"$nulls":3},{"v":0,"d":"0.00"},{"$nulls":4},{"v":0,"d":"0.00"},{"v":0,"d":"0.00"},"-",{"v":0,"d":"0.00"}]
["38",{"$nulls":9},{"v":0,"d":"0.00"},{"v":0,"d":"0.00"},"-",{"v":0,"d":"0.00"}]
["32","1200mm dia  2\" thick Precasted rcc hume rings",{"$nulls":4},{"$f":"ESTIMATE!I511","v":{"v":0,"d":"0.00"}},"No",{"$f":"ESTIMATE!K511","v":{"v":1040,"d":"1040.00"}},{"$f":"ROUND(G65*I65,0)","v":{"v":0,"d":"0.00"}},{"v":0,"d":"0.00"},{"v":0,"d":"0.00"},"-",{"v":-1040,"d":"-1040.00"},{"$nulls":4},130,null,{"$f":"J65-S65","v":{"v":-130,"d":"-130.00"}},null,1,{"$f":"G65-W65","v":{"v":-1,"d":"-1.00"}}]
["32","900mm dia  2\" thick Precasted rcc hume rings",{"$nulls":4},{"$f":"ESTIMATE!I515","v":{"v":0,"d":"0.00"}},"No",{"$f":"ESTIMATE!K515","v":{"v":780,"d":"780.00"}},{"$f":"ROUND(G66*I66,0)","v":{"v":0,"d":"0.00"}},{"v":0,"d":"0.00"},{"v":0,"d":"0.00"},"-",{"v":-780,"d":"-780.00"},{"$nulls":4},130,null,{"$f":"J66-S66","v":{"v":-130,"d":"-130.00"}},null,1,{"$f":"G66-W66","v":{"v":-1,"d":"-1.00"}}]
["50","Precasted hume ring slab",{"$nulls":4},{"$f":"ESTIMATE!I518","v":{"v":0,"d":"0.00"}},"No",{"$f":"ESTIMATE!K518","v":{"v":250,"d":"250.00"}},{"$f":"ROUND(G67*I67,0)","v":{"v":0,"d":"0.00"}},{"v":0,"d":"0.00"},{"v":0,"d":"0.00"},"-",{"v":-250,"d":"-250.00"},{"$nulls":4},5333,null,{"v":-5333,"d":"-5333.00"},null,8,{"v":-8,"d":"-8.00"}]
["33","Cost of steel",null,"MT",{"v":68459,"d":"68459.000"},{"$f":"ROUND(C68*E68/1,0)","v":{"v":0,"d":"0.00"}},{"$f":"ESTIMATE!I522","v":{"v":1,"d":"1.000"}},"MT",{"$f":"ESTIMATE!K522","v":{"v":86045.18,"d":"86045.180"}},{"v":86045,"d":"86045.00"},{"v":86045,"d":"86045.00"},{"v":0,"d":"0.00"},"-",{"v":-17586.179999999993,"d":"-17586.18"},{"$nulls":4},349556,null,{"v":-263511,"d":"-263511.00"},null,5.62,-4.62]
["35",{"$nulls":4},{"$f":"ROUND(C69*E69/1000,0)","v":{"v":0,"d":"0.00"}},{"$nulls":4},{"v":0,"d":"0.00"},{"v":0,"d":"0.00"},"-",{"v":0,"d":"0.00"},{"$nulls":6},{"v":0,"d":"0.00"},null,null,{"v":0,"d":"0.00"}]
[null,"Construction of First Floor",{"$nulls":7},{"v":0,"d":"0.00"},{"v":0,"d":"0.00"},{"v":0,"d":"0.00"},"-",{"v":0,"d":"0.00"},{"$nulls":4},0,null,{"v":0,"d":"0.00"},null,null,{"v":0,"d":"0.00"}]
["34","VRCC M30 design mix Concrete  for Columns",null,"Cum",{"v":10755.279999999999,"d":"10755.28"},{"$f":"ROUND(C71*E71,0)","v":{"v":0,"d":"0.00"}},{"$f":"ESTIMATE!I528","v":{"v":0,"d":"0.00"}},"Cum",{"$f":"ESTIMATE!K528","v":{"v":13542.279999999999,"d":"13542.28"}},{"v":0,"d":"0.00"},{"v":0,"d":"0.00"},{"v":0,"d":"0.00"},"-",{"v":-2787,"d":"-2787.00"},{"$nulls":4},32680,null,{"v":-32680,"d":"-32680.00"},null,3.45,-3.45]
["35","VRCC M30 design mix Concrete  for Beams",null,"Cum",10188.65,{"v":0,"d":"0.00"},{"$f":"ESTIMATE!I534","v":{"v":0,"d":"0.00"}},"Cum",{"$f":"ESTIMATE!K534","v":{"v":12481.060000000001,"d":"12481.06"}},{"v":0,"d":"0.00"},{"v":0,"d":"0.00"},{"v":0,"d":"0.00"},"-",{"v":-2292.4100000000017,"d":"-2292.41"},{"$nulls":4},67160,null,{"v":-67160,"d":"-67160.00"},null,7.3500000000000005,{"v":-7.3500000000000005,"d":"-7.35"}]
["36","VRCC M30 design mix Concrete  for Slab 125mm ",null,"Sqm",1349.81,{"v":0,"d":"0.00"},{"$f":"ESTIMATE!I546","v":{"v":0,"d":"0.00"}},"Sqm",{"$f":"ESTIMATE!K546","v":1675.19},{"v":0,"d":"0.00"},{"$f":"IF(J73>F73,J73-F73,0)","v":{"v":0,"d":"0.00"}},{"$f":"IF(J73<F73,F73-J73,0)","v":{"v":0,"d":"0.00"}},"-",{"$f":"E73-I73","v":{"v":-325.3800000000001,"d":"-325.38"}},{"$nulls":4},139597,null,{"v":-139597,"d":"-139597.00"},null,117.23,-117.23]
["26","VRCC M30 design mix Concrete  for Slab 100mm ",{"$nulls":4},{"$f":"ESTIMATE!I551","v":{"v":0,"d":"0.00"}},"Sqm",{"$f":"ESTIMATE!K551","v":{"v":1319.6599999999999,"d":"1319.66"}},{"$f":"ROUND(G74*I74,0)","v":{"v":0,"d":"0.00"}},{"v":0,"d":"0.00"},{"v":0,"d":"0.00"},"-",{"v":-1319.6599999999999,"d":"-1319.66"},{"$nulls":4},0,null,{"v":0,"d":"0.00"},null,null,{"v":0,"d":"0.00"}]
["39","VRCC M30 design mix Concrete  for Slab 150mm ",{"$nulls":3},{"$f":"ROUND(C75*E75,0)","v":{"v":0,"d":"0.00"}},{"$f":"ESTIMATE!I542","v":{"v":0,"d":"0.00"}},"Sqm",{"$f":"ESTIMATE!K542","v":1468.99},{"v":0,"d":"0.00"},{"v":0,"d":"0.00"},{"v":0,"d":"0.00"},"-",-1468.99,{"$nulls":4},23110,null,{"v":-23110,"d":"-23110.00"},null,13.670000000000002,{"v":-13.670000000000002,"d":"-13.67"}]
["58","VRCC M30 design mix Concrete  for Slab 50mm ",{"$nulls":4},{"$f":"ESTIMATE!I562","v":{"v":0,"d":"0.00"}},"Sqm",{"$f":"ESTIMATE!K562","v":837.33},{"$f":"ROUND(G76*I76,0)","v":{"v":0,"d":"0.00"}},{"v":0,"d":"0.00"},{"v":0,"d":"0.00"},"-",-837.33,{"$nulls":4},0,null,{"$f":"J76-S76","v":{"v":0,"d":"0.00"}},null,null,{"$f":"G76-W76","v":{"v":0,"d":"0.00"}}]
["58","VRCC M30 design mix Concrete  for Slab 25mm ",{"$nulls":4},{"$f":"ESTIMATE!I573","v":{"v":0,"d":"0.00"}},"Sqm",{"$f":"ESTIMATE!K573","v":663.66},{"$f":"ROUND(G77*I77,0)","v":{"v":0,"d":"0.00"}},{"v":0,"d":"0.00"},{"v":0,"d":"0.00"},"-",-663.66,{"$nulls":4},0,null,{"$f":"J77-S77","v":{"v":0,"d":"0.00"}},null,null,{"$f":"G77-W77","v":{"v":0,"d":"0.00"}}]
["37","VRCC M30 design mix Concrete  for Lintels",null,"Cum",10775.78,{"$f":"ROUND(C78*E78,0)","v":{"v":0,"d":"0.00"}},{"$f":"ESTIMATE!I578","v":{"v":0,"d":"0.00"}},"Cum",{"$f":"ESTIMATE!K578","v":13565.57},{"v":0,"d":"0.00"},{"v":0,"d":"0.00"},{"v":0,"d":"0.00"},"-",{"v":-2789.789999999999,"d":"-2789.79"},{"$nulls":4},12749,null,{"v":-12749,"d":"-12749.00"},null,1.3400000000000003,{"v":-1.3400000000000003,"d":"-1.34"}]
["38","VRCC M30 design mix Concrete  for Sunshades",null,"Rm",898.77,{"v":0,"d":"0.00"},{"$f":"ESTIMATE!I582","v":{"v":0,"d":"0.00"}},"Rm",{"$f":"ESTIMATE!K582","v":1086.39},{"v":0,"d":"0.00"},{"v":0,"d":"0.00"},{"v":0,"d":"0.00"},"-",{"v":-187.62000000000012,"d":"-187.62"},{"$nulls":4},10248,null,{"v":-10248,"d":"-10248.00"},null,12.5,{"v":-12.5,"d":"-12.50"}]
["1","impervious coat over roof slab-12mm",{"$nulls":3},{"v":0,"d":"0.00"},{"$f":"ESTIMATE!I588","v":{"v":0,"d":"0.00"}},"Sqm",{"$f":"ESTIMATE!K588","v":406.34},{"v":0,"d":"0.00"},{"v":0,"d":"0.00"},{"v":0,"d":"0.00"},"-",-406.34,{"$nulls":4},43353,null,{"v":-43353,"d":"-43353.00"},null,117.23,-117.23]
["61","impervious coat over roof slab-20mm",{"$nulls":4},{"$f":"ESTIMATE!I594","v":{"v":0,"d":"0.00"}},"Sqm",{"$f":"ESTIMATE!K594","v":465.44},{"$f":"ROUND(G81*I81,0)","v":{"v":0,"d":"0.00"}},{"v":0,"d":"0.00"},{"v":0,"d":"0.00"},"-",-465.44,{"$nulls":4},43353,null,{"$f":"J81-S81","v":{"v":-43353,"d":"-43353.00"}},null,117.23,{"$f":"G81-W81","v":-117.23}]
["43","Brick masonery in CM (1:6) for superstructure",{"$nulls":3},{"$f":"ROUND(C82*E82,0)","v":{"v":0,"d":"0.00"}},{"$f":"ESTIMATE!I631","v":{"v":0,"d":"0.00"}},"Cum",{"$f":"ESTIMATE!K631","v":{"v":8710.599999999999,"d":"8710.60"}},{"$f":"ROUND(G82*I82,0)","v":{"v":0,"d":"0.00"}},{"v":0,"d":"0.00"},{"v":0,"d":"0.00"},"-",{"v":-8710.599999999999,"d":"-8710.60"},{"$nulls":4},98200,null,{"v":-98200,"d":"-98200.00"},null,16.680000000000003,{"v":-16.680000000000003,"d":"-16.68"}]
["40","Brick masonery in CM (1:8) for basement",null,"Cum",{"v":6519.250000000001,"d":"6519.25"},{"v":0,"d":"0.00"},{"$f":"ESTIMATE!I606","v":{"v":0,"d":"0.00"}},"Cum",{"$f":"ESTIMATE!K606","v":8653.09},{"v":0,"d":"0.00"},{"v":0,"d":"0.00"},{"v":0,"d":"0.00"},"-",{"v":-2133.8399999999992,"d":"-2133.84"},{"$nulls":4},0,null,{"v":0,"d":"0.00"},null,null,{"v":0,"d":"0.00"}]
["44","Reinforced Brick Masonry for partition walls (11.5 cm thick) i",{"$nulls":3},{"$f":"ROUND(C84*E84/10,0)","v":{"v":0,"d":"0.00"}},{"$f":"ESTIMATE!I658","v":{"v":0,"d":"0.00"}},"Sqm",{"$f":"ESTIMATE!K658","v":992.92},{"$f":"ROUND(G84*I84/1,0)","v":{"v":0,"d":"0.00"}},{"v":0,"d":"0.00"},{"v":0,"d":"0.00"},"-",-992.92,{"$nulls":4},70796,null,{"v":-70796,"d":"-70796.00"},null,93.95000000000002,{"v":-93.95000000000002,"d":"-93.95"}]
["22","Fly ash cement bricks",{"$nulls":4},{"$f":"ESTIMATE!I669","v":{"v":0,"d":"0.00"}},"Sqm",{"$f":"ESTIMATE!K669","v":7262.62},{"$f":"ROUND(G85*I85/1,0)","v":{"v":0,"d":"0.00"}},{"v":0,"d":"0.00"},{"v":0,"d":"0.00"},"-",-7262.62]
["23","RCM drop wall",{"$nulls":4},{"$f":"ESTIMATE!I675","v":{"v":0,"d":"0.00"}},"Sqm",{"$f":"ESTIMATE!K675","v":2600.25},{"$f":"ROUND(G86*I86/1,0)","v":{"v":0,"d":"0.00"}},{"v":0,"d":"0.00"},{"v":0,"d":"0.00"},"-",-2600.25]
["41","Ornamental Plastering 12mm thick to ceiling",null,"Sqm",340.19,{"$f":"ROUND(C87*E87,0)","v":{"v":0,"d":"0.00"}},{"$f":"ESTIMATE!I683","v":{"v":0,"d":"0.00"}},"Sqm",{"$f":"ESTIMATE!K683","v":419.76},{"v":0,"d":"0.00"},{"v":0,"d":"0.00"},{"v":0,"d":"0.00"},"-",-79.57,{"$nulls":4},40647,null,{"v":-40647,"d":"-40647.00"},null,142.76000000000002,{"v":-142.76000000000002,"d":"-142.76"}]
["42","Plastering 12mm thick inside in single coats ",{"$nulls":4},{"$f":"ESTIMATE!I693","v":{"v":0,"d":"0.00"}},"Sqm",{"$f":"ESTIMATE!K693","v":342.71},{"v":0,"d":"0.00"},{"v":0,"d":"0.00"},{"v":0,"d":"0.00"},"-",-342.71,{"$nulls":4},0,null,{"v":0,"d":"0.00"},null,null,{"v":0,"d":"0.00"}]
["43","Plastering 20mm thick inside in single coats ",{"$nulls":4},{"$f":"ESTIMATE!I701","v":{"v":0,"d":"0.00"}},"Sqm",{"$f":"ESTIMATE!K701","v":{"v":357.1,"d":"357.10"}},{"$f":"ROUND(G89*I89,0)","v":{"v":0,"d":"0.00"}},{"v":0,"d":"0.00"},{"v":0,"d":"0.00"},"-",{"v":-357.1,"d":"-357.10"},{"$nulls":4},0,null,{"v":0,"d":"0.00"},null,null,{"v":0,"d":"0.00"}]
["2","Plastering 12mm thick double coat",150.41,"Sqm",435.97,{"$f":"ROUND(C90*E90,0)","v":{"v":65574,"d":"65574.00"}},{"$f":"ESTIMATE!I726","v":{"v":0,"d":"0.00"}},"Sqm",{"$f":"ESTIMATE!K726","v":521.53},{"v":0,"d":"0.00"},{"v":0,"d":"0.00"},{"v":65574,"d":"65574.00"},"-",{"v":-85.55999999999995,"d":"-85.56"},{"$nulls":4},73418,null,{"v":-73418,"d":"-73418.00"},null,"281.21",-281.21]
["45","Plastering 20mm thick double coat",null,"Sqm",430.85,{"v":0,"d":"0.00"},{"$f":"ESTIMATE!I734","v":{"v":0,"d":"0.00"}},"Sqm",{"$f":"ESTIMATE!K734","v":532.75},{"v":0,"d":"0.00"},{"v":0,"d":"0.00"},{"v":0,"d":"0.00"},"-",{"v":-101.89999999999998,"d":"-101.90"},{"$nulls":4},43157,null,{"$f":"J91-S91","v":{"v":-43157,"d":"-43157.00"}},null,157.73000000000002,{"$f":"G91-W91","v":{"v":-157.73000000000002,"d":"-157.73"}}]
["13","PCC M30 for Steps",{"$nulls":4},{"$f":"ESTIMATE!I740","v":{"v":0,"d":"0.00"}},"Cum",{"$f":"ESTIMATE!K740","v":6970.28},{"$f":"ROUND(G92*I92,0)","v":{"v":0,"d":"0.00"}},{"v":0,"d":"0.00"},{"v":0,"d":"0.00"},"-",-6970.28,{"$nulls":4},0,null,{"v":0,"d":"0.00"},null,0,{"v":0,"d":"0.00"}]
["3","Flooring with vitrified tiles ",42.19,"Sqm",{"v":1087.6,"d":"1087.60"},{"$f":"ROUND(C93*E93,0)","v":{"v":45886,"d":"45886.00"}},{"$f":"ESTIMATE!I748","v":{"v":0,"d":"0.00"}},"Sqm",{"$f":"ESTIMATE!K748","v":1284.36},{"v":0,"d":"0.00"},{"v":0,"d":"0.00"},{"v":45886,"d":"45886.00"},"-",-196.76,{"$nulls":4},105936,null,{"v":-105936,"d":"-105936.00"},null,105.51,-105.51]
["4","Providing skirting to internal walls to 15 cm height",4.51,"Sqm",{"v":1080.4,"d":"1080.40"},{"v":4873,"d":"4873.00"},{"$f":"ESTIMATE!I763","v":{"v":0,"d":"0.00"}},"Sqm",{"$f":"ESTIMATE!K763","v":1279.49},{"$f":"ROUND(G94*I94,0)","v":{"v":0,"d":"0.00"}},{"v":0,"d":"0.00"},{"v":4873,"d":"4873.00"},"-",{"v":-199.08999999999992,"d":"-199.09"},{"$nulls":4},9527,null,{"$f":"J94-S94","v":{"v":-9527,"d":"-9527.00"}},null,9.440000000000001,{"$f":"G94-W94","v":{"v":-9.440000000000001,"d":"-9.44"}}]
["50","Flooring with Granite stones",{"$nulls":4},{"$f":"ESTIMATE!I770","v":{"v":0,"d":"0.00"}},"sqm",{"$f":"ESTIMATE!K770","v":3278.84},{"v":0,"d":"0.00"},{"v":0,"d":"0.00"},{"v":0,"d":"0.00"},"-",-3278.84,{"$nulls":4},33993,null,{"v":-33993,"d":"-33993.00"},null,12.16,-12.16]
["51","Skirting with Granite stones",{"$nulls":4},{"$f":"ESTIMATE!I776","v":{"v":0,"d":"0.00"}},"Sqm",{"$f":"ESTIMATE!K776","v":3022.02},{"v":0,"d":"0.00"},{"v":0,"d":"0.00"},{"v":0,"d":"0.00"},"-",-3022.02,{"$nulls":4},11672,null,{"v":-11672,"d":"-11672.00"},null,4.46,-4.46]
["71","Flooring with Terrazo tiles",{"$nulls":4},{"$f":"ESTIMATE!I791","v":{"v":0,"d":"0.00"}},"Sqm",{"$f":"ESTIMATE!K791","v":787.52},{"v":0,"d":"0.00"},{"v":0,"d":"0.00"},{"v":0,"d":"0.00"},"-",-787.52,{"$nulls":4},5003,null,{"v":-5003,"d":"-5003.00"},null,13.879999999999999,{"v":-13.879999999999999,"d":"-13.88"}]
["72","skirting to internal walls  with Terrazo tiles",{"$nulls":4},{"$f":"ESTIMATE!I801","v":{"v":0,"d":"0.00"}},"Sqm",{"$f":"ESTIMATE!K801","v":813.06},{"$f":"ROUND(G98*I98,0)","v":{"v":0,"d":"0.00"}},{"v":0,"d":"0.00"},{"v":0,"d":"0.00"},"-",-813.06,{"$nulls":4},0,null,{"$f":"J98-S98","v":{"v":0,"d":"0.00"}},null,0,{"$f":"G98-W98","v":{"v":0,"d":"0.00"}}]
["5","Flooring with Ceramic non skid tiles",2.16,"Sqm",830.52,{"$f":"ROUND(C99*E99,0)","v":{"v":1794,"d":"1794.00"}},{"$f":"ESTIMATE!I806","v":{"v":0,"d":"0.00"}},"Sqm",{"$f":"ESTIMATE!K806","v":889.81},{"v":0,"d":"0.00"},{"v":0,"d":"0.00"},{"v":1794,"d":"1794.00"},"-",{"v":-59.289999999999964,"d":"-59.29"},{"$nulls":4},6476,null,{"v":-6476,"d":"-6476.00"},null,9.24,-9.24]
["6","Dadoing with Glazed tiles",11.02,"Sqm",516.43,{"$f":"ROUND(C100*E100,0)","v":{"v":5691,"d":"5691.00"}},{"$f":"ESTIMATE!I812","v":{"v":0,"d":"0.00"}},"Sqm",{"$f":"ESTIMATE!K812","v":509.65},{"v":0,"d":"0.00"},{"v":0,"d":"0.00"},{"v":5691,"d":"5691.00"},"-",{"v":6.779999999999973,"d":"6.78"},{"$nulls":4},20815,null,{"v":-20815,"d":"-20815.00"},null,42.84,-42.84]
["32","Pressed floor tiles",{"$nulls":3},{"$f":"ROUND(C101*E101,0)","v":{"v":0,"d":"0.00"}},{"$f":"ESTIMATE!I820","v":{"v":0,"d":"0.00"}},"Sqm",{"$f":"ESTIMATE!K820","v":{"v":1428.3,"d":"1428.30"}},{"$f":"ROUND(G101*I101,0)","v":{"v":0,"d":"0.00"}},{"v":0,"d":"0.00"},{"v":0,"d":"0.00"},"-",{"v":-1428.3,"d":"-1428.30"}]
["76","White washing three coats with whiting ",{"$nulls":4},{"$f":"ESTIMATE!I855","v":{"v":0,"d":"0.00"}},"Sqm",{"$f":"ESTIMATE!K855","v":28.94},{"$f":"ROUND(G102*I102,0)","v":{"v":0,"d":"0.00"}},{"v":0,"d":"0.00"},{"v":0,"d":"0.00"},"-",-28.94,{"$nulls":4},12466,null,{"v":-12466,"d":"-12466.00"},null,581.6999999999999,{"v":-581.6999999999999,"d":"-581.70"}]
["7","Providing and applying synthetic plaster putty ",133.27,"Sqm",184.03,{"$f":"ROUND(C103*E103,0)","v":{"v":24526,"d":"24526.00"}},{"$f":"ESTIMATE!I877","v":{"v":0,"d":"0.00"}},"Sqm",{"$f":"ESTIMATE!K877","v":199.95},{"$f":"ROUND(G103*I103,0)","v":{"v":0,"d":"0.00"}},{"v":0,"d":"0.00"},{"v":24526,"d":"24526.00"},"-",{"v":-15.919999999999987,"d":"-15.92"},{"$nulls":4},68284,null,{"v":-68284,"d":"-68284.00"},null,436.56999999999994,{"v":-436.56999999999994,"d":"-436.57"}]
["8","Painting  with Emulsion paint for inernal walls",200.07,"Sqm",158.36,{"$f":"ROUND(C104*E104,0)","v":{"v":31683,"d":"31683.00"}},{"$f":"ESTIMATE!I908","v":{"v":0,"d":"0.00"}},"Sqm",{"$f":"ESTIMATE!K908","v":201.45},{"v":0,"d":"0.00"},{"v":0,"d":"0.00"},{"v":31683,"d":"31683.00"},"-",{"v":-43.089999999999975,"d":"-43.09"},{"$nulls":4},0,null,{"v":0,"d":"0.00"},null,0,{"v":0,"d":"0.00"}]
["9","Painting  with Emulsion paint for external walls",105.04,"Sqm",217.22,{"v":22817,"d":"22817.00"},{"$f":"ESTIMATE!I916","v":{"v":0,"d":"0.00"}},"Sqm",{"$f":"ESTIMATE!K916","v":{"v":276.7,"d":"276.70"}},{"v":0,"d":"0.00"},{"v":0,"d":"0.00"},{"v":22817,"d":"22817.00"},"-",{"v":-59.47999999999999,"d":"-59.48"},{"$nulls":4},29548,null,{"v":-29548,"d":"-29548.00"},null,157.73000000000002,{"v":-157.73000000000002,"d":"-157.73"}]
["10","Supplying and fixing Gyp Board Suspended regular single layer false ceiling ",{"v":26,"d":"26.00"},"Sqm",1760.41,{"$f":"ROUND(C106*E106,0)","v":{"v":45771,"d":"45771.00"}},{"$f":"ESTIMATE!I922","v":{"v":0,"d":"0.00"}},"Sqm",{"$f":"ESTIMATE!K922","v":{"v":1760.4100000000003,"d":"1760.41"}},{"v":0,"d":"0.00"},{"v":0,"d":"0.00"},{"v":45771,"d":"45771.00"},"-",{"v":0,"d":"0.00"}]
["50","Cost of steel",null,"MT",{"v":69649,"d":"69649.000"},{"v":0,"d":"0.00"},{"$f":"ESTIMATE!I927","v":{"v":0,"d":"0.000"}},"MT",{"$f":"ESTIMATE!K927","v":{"v":87686.92,"d":"87686.920"}},{"v":0,"d":"0.00"},{"v":0,"d":"0.00"},{"v":0,"d":"0.00"},"-",-18037.92,{"$nulls":4},254871,null,{"v":-254871,"d":"-254871.00"},null,4.03,-4.03]
[null,"Construction of Second Floor",{"$nulls":7},{"$f":"ROUND(G108*I108,0)","v":{"v":0,"d":"0.00"}},{"v":0,"d":"0.00"},{"v":0,"d":"0.00"},"-",{"v":0,"d":"0.00"},{"$nulls":4},0,null,{"v":0,"d":"0.00"},null,null,{"v":0,"d":"0.00"}]
["58","VRCC M30 design mix Concrete  for Columns",{"$nulls":4},{"$f":"ESTIMATE!I933","v":{"v":0,"d":"0.00"}},"Cum",{"$f":"ESTIMATE!K933","v":14516.07},{"v":0,"d":"0.00"},{"v":0,"d":"0.00"},{"v":0,"d":"0.00"},"-",-14516.07,{"$nulls":4},32680,null,{"v":-32680,"d":"-32680.00"},null,3.45,-3.45]
["55","VRCC M30 design mix Concrete  for Beams",{"$nulls":4},{"$f":"ESTIMATE!I939","v":{"v":0,"d":"0.00"}},"Cum",{"$f":"ESTIMATE!K939","v":{"v":13193.910000000002,"d":"13193.91"}},{"v":0,"d":"0.00"},{"v":0,"d":"0.00"},{"v":0,"d":"0.00"},"-",{"v":-13193.910000000002,"d":"-13193.91"},{"$nulls":4},67160,null,{"v":-67160,"d":"-67160.00"},null,7.3500000000000005,{"v":-7.3500000000000005,"d":"-7.35"}]
["59","VRCC M30 design mix Concrete  for Slab 125mm ",{"$nulls":4},{"$f":"ESTIMATE!I952","v":{"v":0,"d":"0.00"}},"Sqm",{"$f":"ESTIMATE!K952","v":1705.18},{"v":0,"d":"0.00"},{"v":0,"d":"0.00"},{"v":0,"d":"0.00"},"-",-1705.18,{"$nulls":4},139597,null,{"v":-139597,"d":"-139597.00"},null,117.23,-117.23]
["26","VRCC M30 design mix Concrete  for Slab 100mm ",{"$nulls":4},{"$f":"ESTIMATE!I957","v":{"v":0,"d":"0.00"}},"Sqm",{"$f":"ESTIMATE!K957","v":1346.06},{"v":0,"d":"0.00"},{"v":0,"d":"0.00"},{"v":0,"d":"0.00"},"-",-1346.06,{"$nulls":4},0,null,{"v":0,"d":"0.00"},null,null,{"v":0,"d":"0.00"}]
["57","VRCC M30 design mix Concrete  for Slab 150mm ",{"$nulls":4},{"$f":"ESTIMATE!I947","v":{"v":0,"d":"0.00"}},"Sqm",{"$f":"ESTIMATE!K947","v":{"v":1493.3500000000001,"d":"1493.35"}},{"v":0,"d":"0.00"},{"v":0,"d":"0.00"},{"v":0,"d":"0.00"},"-",{"v":-1493.3500000000001,"d":"-1493.35"},{"$nulls":4},23110,null,{"v":-23110,"d":"-23110.00"},null,13.670000000000002,{"v":-13.670000000000002,"d":"-13.67"}]
["58","VRCC M30 design mix Concrete  for Slab 50mm ",{"$nulls":4},{"$f":"ESTIMATE!I968","v":{"v":0,"d":"0.00"}},"Sqm",{"$f":"ESTIMATE!K968","v":{"v":1052.8200000000002,"d":"1052.82"}},{"v":0,"d":"0.00"},{"v":0,"d":"0.00"},{"v":0,"d":"0.00"},"-",{"v":-1052.8200000000002,"d":"-1052.82"},{"$nulls":4},0,null,{"v":0,"d":"0.00"},null,null,{"v":0,"d":"0.00"}]
["58","VRCC M30 design mix Concrete  for Slab 25mm ",{"$nulls":4},{"$f":"ESTIMATE!I979","v":{"v":0,"d":"0.00"}},"Sqm",{"$f":"ESTIMATE!K979","v":{"v":678.6600000000001,"d":"678.66"}},{"v":0,"d":"0.00"},{"v":0,"d":"0.00"},{"v":0,"d":"0.00"},"-",{"v":-678.6600000000001,"d":"-678.66"},{"$nulls":4},0,null,{"v":0,"d":"0.00"},null,null,{"v":0,"d":"0.00"}]
["59","VRCC M30 design mix Concrete  for Lintels",{"$nulls":4},{"$f":"ESTIMATE!I987","v":{"v":0,"d":"0.00"}},"Cum",{"$f":"ESTIMATE!K987","v":{"v":14358.369999999999,"d":"14358.37"}},{"v":0,"d":"0.00"},{"v":0,"d":"0.00"},{"v":0,"d":"0.00"},"-",{"v":-14358.369999999999,"d":"-14358.37"},{"$nulls":4},12749,null,{"v":-12749,"d":"-12749.00"},null,1.3400000000000003,{"v":-1.3400000000000003,"d":"-1.34"}]
["60","VRCC M30 design mix Concrete  for Sunshades",{"$nulls":4},{"$f":"ESTIMATE!I992","v":{"v":0,"d":"0.00"}},"Rm",{"$f":"ESTIMATE!K992","v":1120.13},{"v":0,"d":"0.00"},{"v":0,"d":"0.00"},{"v":0,"d":"0.00"},"-",-1120.13,{"$nulls":4},10248,null,{"v":-10248,"d":"-10248.00"},null,12.5,{"v":-12.5,"d":"-12.50"}]
["60","impervious coat over roof slab-12mm",{"$nulls":4},{"$f":"ESTIMATE!I997","v":{"v":0,"d":"0.00"}},"Sqm",{"$f":"ESTIMATE!K997","v":436.53},{"v":0,"d":"0.00"},{"v":0,"d":"0.00"},{"v":0,"d":"0.00"},"-",-436.53,{"$nulls":4},43353,null,{"v":-43353,"d":"-43353.00"},null,117.23,-117.23]
["61","impervious coat over roof slab-20mm",{"$nulls":4},{"$f":"ESTIMATE!I1003","v":{"v":0,"d":"0.00"}},"Sqm",{"$f":"ESTIMATE!K1003","v":501.99},{"v":0,"d":"0.00"},{"v":0,"d":"0.00"},{"v":0,"d":"0.00"},"-",-501.99,{"$nulls":4},43353,null,{"v":-43353,"d":"-43353.00"},null,117.23,-117.23]
["61","Brick masonery in CM (1:6) for superstructure",{"$nulls":4},{"$f":"ESTIMATE!I1029","v":{"v":0,"d":"0.00"}},"Cum",{"$f":"ESTIMATE!K1029","v":{"v":8909.249999999998,"d":"8909.25"}},{"v":0,"d":"0.00"},{"v":0,"d":"0.00"},{"v":0,"d":"0.00"},"-",{"v":-8909.249999999998,"d":"-8909.25"},{"$nulls":4},98200,null,{"v":-98200,"d":"-98200.00"},null,16.680000000000003,{"v":-16.680000000000003,"d":"-16.68"}]
["30","Brick masonery in CM (1:8) for basement",{"$nulls":4},{"$f":"ESTIMATE!I1020","v":{"v":0,"d":"0.00"}},"Cum",{"$f":"ESTIMATE!K1020","v":8851.73},{"v":0,"d":"0.00"},{"v":0,"d":"0.00"},{"v":0,"d":"0.00"},"-",-8851.73,{"$nulls":4},0,null,{"v":0,"d":"0.00"},null,null,{"v":0,"d":"0.00"}]
["62","Reinforced Brick Masonry for partition walls (11.5 cm thick) i",{"$nulls":4},{"$f":"ESTIMATE!I1034","v":{"v":0,"d":"0.00"}},"Sqm",{"$f":"ESTIMATE!K1034","v":1066.07},{"$f":"ROUND(G122*I122/1,0)","v":{"v":0,"d":"0.00"}},{"v":0,"d":"0.00"},{"v":0,"d":"0.00"},"-",-1066.07,{"$nulls":4},70796,null,{"v":-70796,"d":"-70796.00"},null,93.95000000000002,{"v":-93.95000000000002,"d":"-93.95"}]
["22","Fly ash cement bricks",{"$nulls":4},{"$f":"ESTIMATE!I1045","v":{"v":0,"d":"0.00"}},"Sqm",{"$f":"ESTIMATE!K1045","v":7453.36},{"$f":"ROUND(G123*I123/1,0)","v":{"v":0,"d":"0.00"}},{"v":0,"d":"0.00"},{"v":0,"d":"0.00"},"-",-7453.36]
["64","Ornamental Plastering 12mm thick to ceiling",{"$nulls":4},{"$f":"ESTIMATE!I1055","v":{"v":0,"d":"0.00"}},"Sqm",{"$f":"ESTIMATE!K1055","v":462.35},{"$f":"ROUND(G124*I124,0)","v":{"v":0,"d":"0.00"}},{"v":0,"d":"0.00"},{"v":0,"d":"0.00"},"-",-462.35,{"$nulls":4},40647,null,{"$f":"J124-S124","v":{"v":-40647,"d":"-40647.00"}},null,142.76000000000002,{"$f":"G124-W124","v":{"v":-142.76000000000002,"d":"-142.76"}}]
["33","Plastering 12mm thick inside in single coats ",{"$nulls":4},{"$f":"ESTIMATE!I1096","v":{"v":0,"d":"0.00"}},"Sqm",{"$f":"ESTIMATE!K1096","v":374.88},{"v":0,"d":"0.00"},{"v":0,"d":"0.00"},{"v":0,"d":"0.00"},"-",-374.88,{"$nulls":4},0,null,{"v":0,"d":"0.00"},null,null,{"v":0,"d":"0.00"}]
["34","Plastering 20mm thick inside in single coats ",{"$nulls":4},{"$f":"ESTIMATE!I1101","v":{"v":0,"d":"0.00"}},"Sqm",{"$f":"ESTIMATE!K1101","v":389.27},{"v":0,"d":"0.00"},{"v":0,"d":"0.00"},{"v":0,"d":"0.00"},"-",-389.27,{"$nulls":4},0,null,{"v":0,"d":"0.00"},null,null,{"v":0,"d":"0.00"}]
["63","Plastering 12mm thick double coat",{"$nulls":4},{"$f":"ESTIMATE!I1108","v":{"v":0,"d":"0.00"}},"Sqm",{"$f":"ESTIMATE!K1108","v":526.09},{"v":0,"d":"0.00"},{"v":0,"d":"0.00"},{"v":0,"d":"0.00"},"-",-526.09,{"$nulls":4},73418,null,{"v":-73418,"d":"-73418.00"},null,"281.21",-281.21]
["66","Plastering 20mm thick double coat",{"$nulls":4},{"$f":"ESTIMATE!I1117","v":{"v":0,"d":"0.00"}},"Sqm",{"$f":"ESTIMATE!K1117","v":537.32},{"v":0,"d":"0.00"},{"v":0,"d":"0.00"},{"v":0,"d":"0.00"},"-",-537.32,{"$nulls":4},43157,null,{"v":-43157,"d":"-43157.00"},null,157.73000000000002,{"v":-157.73000000000002,"d":"-157.73"}]
["13","PCC M30 for Steps",{"$nulls":4},{"$f":"ESTIMATE!I1123","v":{"v":0,"d":"0.00"}},"Cum",{"$f":"ESTIMATE!K1123","v":6970.28},{"v":0,"d":"0.00"},{"v":0,"d":"0.00"},{"v":0,"d":"0.00"},"-",-6970.28,{"$nulls":4},0,null,{"v":0,"d":"0.00"},null,0,{"v":0,"d":"0.00"}]
["67","Flooring with vitrified tiles ",{"$nulls":4},{"$f":"ESTIMATE!I1133","v":{"v":0,"d":"0.00"}},"Sqm",{"$f":"ESTIMATE!K1133","v":{"v":1330.7,"d":"1330.70"}},{"v":0,"d":"0.00"},{"v":0,"d":"0.00"},{"v":0,"d":"0.00"},"-",{"v":-1330.7,"d":"-1330.70"},{"$nulls":4},105936,null,{"v":-105936,"d":"-105936.00"},null,105.51,-105.51]
["69","Providing skirting to internal walls to 15 cm height",{"$nulls":4},{"$f":"ESTIMATE!I1142","v":{"v":0,"d":"0.00"}},"Sqm",{"$f":"ESTIMATE!K1142","v":1325.83},{"$f":"ROUND(G131*I131,0)","v":{"v":0,"d":"0.00"}},{"v":0,"d":"0.00"},{"v":0,"d":"0.00"},"-",-1325.83,{"$nulls":4},9527,null,{"$f":"J131-S131","v":{"v":-9527,"d":"-9527.00"}},null,9.440000000000001,{"$f":"G131-W131","v":{"v":-9.440000000000001,"d":"-9.44"}}]
["50","Flooring with Granite stones",{"$nulls":4},{"$f":"ESTIMATE!I1153","v":{"v":0,"d":"0.00"}},"sqm",{"$f":"ESTIMATE!K1153","v":3354.14},{"$f":"ROUND(G132*I132,0)","v":{"v":0,"d":"0.00"}},{"v":0,"d":"0.00"},{"v":0,"d":"0.00"},"-",-3354.14,{"$nulls":4},33993,null,{"$f":"J132-S132","v":{"v":-33993,"d":"-33993.00"}},null,12.16,{"$f":"G132-W132","v":-12.16}]
["51","Skirting with Granite stones",{"$nulls":4},{"$f":"ESTIMATE!I1162","v":{"v":0,"d":"0.00"}},"Sqm",{"$f":"ESTIMATE!K1162","v":3073.05},{"v":0,"d":"0.00"},{"v":0,"d":"0.00"},{"v":0,"d":"0.00"},"-",-3073.05,{"$nulls":4},11672,null,{"v":-11672,"d":"-11672.00"},null,4.46,-4.46]
["71","Flooring with Terrazo tiles",{"$nulls":4},{"$f":"ESTIMATE!I1177","v":{"v":0,"d":"0.00"}},"Sqm",{"$f":"ESTIMATE!K1177","v":826.62},{"v":0,"d":"0.00"},{"v":0,"d":"0.00"},{"v":0,"d":"0.00"},"-",-826.62,{"$nulls":4},5003,null,{"v":-5003,"d":"-5003.00"},null,13.879999999999999,{"v":-13.879999999999999,"d":"-13.88"}]
["72","skirting to internal walls  with Terrazo tiles",{"$nulls":4},{"$f":"ESTIMATE!I1187","v":{"v":0,"d":"0.00"}},"Sqm",{"$f":"ESTIMATE!K1187","v":853.85},{"$f":"ROUND(G135*I135,0)","v":{"v":0,"d":"0.00"}},{"v":0,"d":"0.00"},{"v":0,"d":"0.00"},"-",-853.85,{"$nulls":4},0,null,{"$f":"J135-S135","v":{"v":0,"d":"0.00"}},null,0,{"$f":"G135-W135","v":{"v":0,"d":"0.00"}}]
["73","Flooring with Ceramic non skid tiles",{"$nulls":4},{"$f":"ESTIMATE!I1201","v":{"v":0,"d":"0.00"}},"Sqm",{"$f":"ESTIMATE!K1201","v":{"v":930.6,"d":"930.60"}},{"$f":"ROUND(G136*I136,0)","v":{"v":0,"d":"0.00"}},{"v":0,"d":"0.00"},{"v":0,"d":"0.00"},"-",{"v":-930.6,"d":"-930.60"},{"$nulls":4},6476,null,{"$f":"J136-S136","v":{"v":-6476,"d":"-6476.00"}},null,9.24,{"$f":"G136-W136","v":-9.24}]
["74","Dadoing with Glazed tiles",{"$nulls":4},{"$f":"ESTIMATE!I1207","v":{"v":0,"d":"0.00"}},"Sqm",{"$f":"ESTIMATE!K1207","v":519.88},{"v":0,"d":"0.00"},{"$f":"IF(J137>F137,J137-F137,0)","v":{"v":0,"d":"0.00"}},{"$f":"IF(J137<F137,F137-J137,0)","v":{"v":0,"d":"0.00"}},"-",{"$f":"E137-I137","v":-519.88},{"$nulls":4},20815,null,{"v":-20815,"d":"-20815.00"},null,42.84,-42.84]
["32","Pressed floor tiles",{"$nulls":4},{"$f":"ESTIMATE!I1215","v":{"v":0,"d":"0.00"}},"Sqm",{"$f":"ESTIMATE!K1215","v":1475.04},{"$f":"ROUND(G138*I138,0)","v":{"v":0,"d":"0.00"}},{"v":0,"d":"0.00"},{"v":0,"d":"0.00"},"-",-1475.04]
["76","White washing three coats with whiting ",{"$nulls":4},{"$f":"ESTIMATE!I1250","v":{"v":0,"d":"0.00"}},"Sqm",{"$f":"ESTIMATE!K1250","v":28.94},{"$f":"ROUND(G139*I139,0)","v":{"v":0,"d":"0.00"}},{"v":0,"d":"0.00"},{"v":0,"d":"0.00"},"-",-28.94,{"$nulls":4},12466,null,{"$f":"J139-S139","v":{"v":-12466,"d":"-12466.00"}},null,581.6999999999999,{"$f":"G139-W139","v":{"v":-581.6999999999999,"d":"-581.70"}}]
["64","Providing and applying synthetic plaster putty ",{"$nulls":4},{"$f":"ESTIMATE!I1266","v":{"v":0,"d":"0.00"}},"Sqm",{"$f":"ESTIMATE!K1266","v":211.61},{"v":0,"d":"0.00"},{"v":0,"d":"0.00"},{"v":0,"d":"0.00"},"-",-211.61,{"$nulls":4},68284,null,{"v":-68284,"d":"-68284.00"},null,436.56999999999994,{"v":-436.56999999999994,"d":"-436.57"}]
["65","Painting  with Emulsion paint for inernal walls",{"$nulls":4},{"$f":"ESTIMATE!I1279","v":{"v":0,"d":"0.00"}},"Sqm",{"$f":"ESTIMATE!K1279","v":216.27},{"v":0,"d":"0.00"},{"v":0,"d":"0.00"},{"v":0,"d":"0.00"},"-",-216.27,{"$nulls":4},0,null,{"v":0,"d":"0.00"},null,0,{"v":0,"d":"0.00"}]
["66","Painting  with Emulsion paint for external walls",{"$nulls":4},{"$f":"ESTIMATE!I1290","v":{"v":0,"d":"0.00"}},"Sqm",{"$f":"ESTIMATE!K1290","v":297.76},{"v":0,"d":"0.00"},{"v":0,"d":"0.00"},{"v":0,"d":"0.00"},"-",-297.76,{"$nulls":4},29548,null,{"v":-29548,"d":"-29548.00"},null,157.73000000000002,{"v":-157.73000000000002,"d":"-157.73"}]
["67","Cost of steel",{"$nulls":4},{"$f":"ESTIMATE!I1295","v":{"v":0,"d":"0.000"}},"MT",{"$f":"ESTIMATE!K1295","v":{"v":89328.66,"d":"89328.660"}},{"v":0,"d":"0.00"},{"v":0,"d":"0.00"},{"v":0,"d":"0.00"},"-",-89328.66,{"$nulls":4},254871,null,{"v":-254871,"d":"-254871.00"},null,4.03,-4.03]
[null,"Providing Door, Windows, Ventilators and Grills",{"$nulls":8},{"v":0,"d":"0.00"},{"v":0,"d":"0.00"},"-",{"v":0,"d":"0.00"},{"$nulls":6},{"v":0,"d":"0.00"},null,null,{"v":0,"d":"0.00"}]
["51","Supply and fixing of  Door  of size 1.20 x 2.10mt ",null,"No",21226.89,{"$f":"ROUND(C145*E145/1,0)","v":{"v":0,"d":"0.00"}},{"$f":"ESTIMATE!I1300","v":{"v":0,"d":"0.00"}},"No",{"$f":"ESTIMATE!K1300","v":{"v":4429.4,"d":"4429.40"}},{"$f":"ROUND(G145*I145,0)","v":{"v":0,"d":"0.00"}},{"v":0,"d":"0.00"},{"v":0,"d":"0.00"},"-",{"v":16797.489999999998,"d":"16797.49"},{"$nulls":4},22996,null,{"v":-22996,"d":"-22996.00"},null,1,{"v":-1,"d":"-1.00"}]
[null,"Supply and fixing of  Door  of size 0.90 x 2.10mt ",{"$nulls":4},{"$f":"ESTIMATE!I1337","v":{"v":0,"d":"0.00"}},"No",{"$f":"ESTIMATE!K1337","v":17171.32},{"$f":"ROUND(G146*I146,0)","v":{"v":0,"d":"0.00"}},{"v":0,"d":"0.00"},{"v":0,"d":"0.00"},"-",-17171.32]
[null,"Supply and fixing of  Door  of size 0.80 x 2.10mt ",{"$nulls":4},{"$f":"ESTIMATE!I1346","v":{"v":0,"d":"0.00"}},"No",{"$f":"ESTIMATE!K1346","v":16269.72},{"v":0,"d":"0.00"},{"v":0,"d":"0.00"},{"v":0,"d":"0.00"},"-",-16269.72]
["100","Supply and fixing of  Door  of size 1.20 x 2.10mt",{"$nulls":4},{"$f":"ESTIMATE!I1332","v":{"v":0,"d":"0.00"}},"No",{"$f":"ESTIMATE!K1332","v":{"v":16617.559999999998,"d":"16617.56"}},{"$f":"ROUND(G148*I148,0)","v":{"v":0,"d":"0.00"}},{"v":0,"d":"0.00"},{"v":0,"d":"0.00"},"-",{"v":-16617.559999999998,"d":"-16617.56"}]
["69","Supply and fixing of  Door  of size 1.05  x 2.10mt GF",{"$nulls":3},{"$f":"ROUND(C149*E149/1,0)","v":{"v":0,"d":"0.00"}},{"$f":"ESTIMATE!I1349","v":{"v":0,"d":"0.00"}},"No",{"$f":"ESTIMATE!K1349","v":19258.21},{"v":0,"d":"0.00"},{"v":0,"d":"0.00"},{"v":0,"d":"0.00"},"-",-19258.21,{"$nulls":4},0,null,{"v":0,"d":"0.00"},null,null,{"v":0,"d":"0.00"}]
["70","Supply and fixing of  Door  of size 1.05  x 2.10mt FF",{"$nulls":3},{"v":0,"d":"0.00"},{"$f":"ESTIMATE!I1355","v":{"v":0,"d":"0.00"}},"No",{"$f":"ESTIMATE!K1355","v":13013.39},{"v":0,"d":"0.00"},{"v":0,"d":"0.00"},{"v":0,"d":"0.00"},"-",-13013.39,{"$nulls":6},{"v":0,"d":"0.00"},null,null,{"v":0,"d":"0.00"}]
["11","Providing and fixing 28 -30 MM thick solid Wood PolymerComposite(WPC) door",8.21,"Sqm",6958.78,{"v":57132,"d":"57132.00"},{"$f":"ESTIMATE!I1360","v":{"v":6.3,"d":"6.30"}},"Sqm",{"$f":"ESTIMATE!K1360","v":8363.11},{"v":52688,"d":"52688.00"},{"v":0,"d":"0.00"},{"v":4444,"d":"4444.00"},"-",{"v":-1404.3300000000008,"d":"-1404.33"},{"$nulls":4},189353,null,{"v":-136665,"d":"-136665.00"},null,31.5,{"v":-25.2,"d":"-25.20"}]
["72","30mm thick Solid panel PVC door",{"$nulls":3},{"v":0,"d":"0.00"},{"$nulls":4},{"v":0,"d":"0.00"},{"v":0,"d":"0.00"},"-",{"v":0,"d":"0.00"}]
["53","Providing and fixing factory made uPVC  windows 3track",null,"Sqm",{"v":8058,"d":"8058.00"},{"v":0,"d":"0.00"},{"$f":"ESTIMATE!I1382","v":{"v":13.780000000000001,"d":"13.78"}},"Sqm",{"$f":"ESTIMATE!K1382","v":14309.01},{"v":197178,"d":"197178.00"},{"v":197178,"d":"197178.00"},{"v":0,"d":"0.00"},"-",-6251.01,{"$nulls":4},244883,null,{"v":-47705,"d":"-47705.00"},null,30.39,-16.61]
["12","Providing and fixing factory made uPVC  windows 2track",5.76,"Sqm",{"v":6460,"d":"6460.00"},{"v":37210,"d":"37210.00"},{"$f":"ESTIMATE!I1386","v":{"v":0,"d":"0.00"}},"Sqm",{"$f":"ESTIMATE!K1386","v":{"v":6698,"d":"6698.00"}},{"v":0,"d":"0.00"},{"v":0,"d":"0.00"},{"v":37210,"d":"37210.00"},"-",{"v":-238,"d":"-238.00"}]
["74","Providing and fixing factory made uPVC  windows single track",{"$nulls":4},{"$f":"ESTIMATE!I1390","v":{"v":0,"d":"0.00"}},"Sqm",{"$f":"ESTIMATE!K1390","v":{"v":6456,"d":"6456.00"}},{"v":0,"d":"0.00"},{"v":0,"d":"0.00"},{"v":0,"d":"0.00"},"-",{"v":-6456,"d":"-6456.00"},{"$nulls":4},14983,null,{"v":-14983,"d":"-14983.00"},null,2.57,-2.57]
["13","Supplying and fixing of  ventilator",{"v":1,"d":"1.00"},"No",576.98,{"$f":"ROUND(C156*E156/1,0)","v":{"v":577,"d":"577.00"}},{"$f":"ESTIMATE!I1395","v":{"v":0,"d":"0.00"}},"No",{"$f":"ESTIMATE!K1395","v":{"v":591.9,"d":"591.90"}},{"v":0,"d":"0.00"},{"v":0,"d":"0.00"},{"v":577,"d":"577.00"},"-",{"v":-14.919999999999959,"d":"-14.92"},{"$nulls":4},0,null,{"v":0,"d":"0.00"},null,null,{"v":0,"d":"0.00"}]
["54","S&F of Cement Jolleys 50mm thick",null,"Sqm",554.35,{"$f":"ROUND(C157*E157/1,0)","v":{"v":0,"d":"0.00"}},{"$f":"ESTIMATE!I1399","v":{"v":0,"d":"0.00"}},"Sqm",{"$f":"ESTIMATE!K1399","v":{"v":735.8,"d":"735.80"}},{"v":0,"d":"0.00"},{"v":0,"d":"0.00"},{"v":0,"d":"0.00"},"-",{"v":-181.44999999999993,"d":"-181.45"},{"$nulls":4},1847,null,{"v":-1847,"d":"-1847.00"},null,3.6,{"v":-3.6,"d":"-3.60"}]
["108","S&F of Cement Jolleys 50mm thick",{"$nulls":7},{"v":0,"d":"0.00"},{"v":0,"d":"0.00"},{"v":0,"d":"0.00"},"-",{"v":0,"d":"0.00"}]
["14","Supplying  & fixing of Iron  Grills ",{"v":172,"d":"172.00"},"Kg",110.99,{"$f":"ROUND(C159*E159/1,0)","v":{"v":19090,"d":"19090.00"}},{"$f":"ESTIMATE!I1403","v":{"v":0,"d":"0.00"}},"kgs",{"$f":"ESTIMATE!K1403","v":{"v":116.46000000000001,"d":"116.46"}},{"v":0,"d":"0.00"},{"v":0,"d":"0.00"},{"v":19090,"d":"19090.00"},"-",{"v":-5.470000000000013,"d":"-5.47"},{"$nulls":4},39023,null,{"$f":"J159-S159","v":{"v":-39023,"d":"-39023.00"}},null,32.42,{"$f":"G159-W159","v":-32.42}]
["56","Supplying  & fixing of Iron  Grills ",null,"Sqm",1398.37,{"$f":"ROUND(C160*E160/1,0)","v":{"v":0,"d":"0.00"}},{"$f":"ESTIMATE!I1407","v":{"v":0,"d":"0.00"}},"Sqm",{"$f":"ESTIMATE!K1407","v":1758.49},{"v":0,"d":"0.00"},{"v":0,"d":"0.00"},{"v":0,"d":"0.00"},"-",{"v":-360.1200000000001,"d":"-360.12"},{"$nulls":4},39023,null,{"v":-39023,"d":"-39023.00"},null,32.42,-32.42]
["59","Supplying  & fixing of MS tube",{"$nulls":3},{"$f":"ROUND(C161*E161/1,0)","v":{"v":0,"d":"0.00"}},{"$f":"ESTIMATE!I1412","v":{"v":0,"d":"0.00"}},null,{"$f":"ESTIMATE!K1412","v":166.08},{"v":0,"d":"0.00"},{"v":0,"d":"0.00"},{"v":0,"d":"0.00"},"-",-166.08,{"$nulls":4},0,null,{"v":0,"d":"0.00"},null,null,{"v":0,"d":"0.00"}]
["111","Supplying  & fixing of stainless steel",{"$nulls":4},{"$f":"ESTIMATE!I1419","v":{"v":0,"d":"0.00"}},"Sqm",{"$f":"ESTIMATE!K1419","v":4233.42},{"v":0,"d":"0.00"},{"v":0,"d":"0.00"},{"v":0,"d":"0.00"},"-",-4233.42,{"$nulls":4},41051,null,{"v":-41051,"d":"-41051.00"},null,14.49,-14.49]
["89","Full Rounding the edges of  Granite stone slabs",{"$nulls":4},{"$f":"ESTIMATE!I1430","v":{"v":0,"d":"0.000"}},"Rm",{"$f":"ESTIMATE!K1430","v":{"v":529,"d":"529.000"}},{"v":0,"d":"0.00"},{"v":0,"d":"0.00"},{"v":0,"d":"0.00"},"-",{"v":-529,"d":"-529.00"},{"$nulls":4},31312,null,{"v":-31312,"d":"-31312.00"},null,76,{"v":-76,"d":"-76.00"}]
["77","Providing & Supply of Water supply  and Sanitation items",{"$nulls":7},{"$f":"ROUND(G164*I164,0)","v":{"v":0,"d":"0.00"}},{"v":0,"d":"0.00"},{"v":0,"d":"0.00"},"-",{"v":0,"d":"0.00"},{"$nulls":4},0,null,{"v":0,"d":"0.00"},null,null,{"v":0,"d":"0.00"}]
["78","S&F of 32mm dia CPVC pipes",{"$nulls":3},{"$f":"ROUND(C165*E165,0)","v":{"v":0,"d":"0.00"}},{"$f":"ESTIMATE!I1435","v":{"v":0,"d":"0.00"}},"Rm",{"$f":"ESTIMATE!K1435","v":{"v":288,"d":"288.00"}},{"$f":"ROUND(G165*I165,0)","v":{"v":0,"d":"0.00"}},{"v":0,"d":"0.00"},{"v":0,"d":"0.00"},"-",{"v":-288,"d":"-288.00"},{"$nulls":4},7720,null,{"v":-7720,"d":"-7720.00"},null,40,{"v":-40,"d":"-40.00"}]
["15","S&F of 25mm dia CPVC pipes",{"v":30,"d":"30.00"},"Rm",{"v":136,"d":"136.00"},{"v":4080,"d":"4080.00"},{"$f":"ESTIMATE!I1439","v":{"v":0,"d":"0.00"}},"Rm",{"$f":"ESTIMATE!K1439","v":{"v":222,"d":"222.00"}},{"v":0,"d":"0.00"},{"v":0,"d":"0.00"},{"v":4080,"d":"4080.00"},"-",{"v":-86,"d":"-86.00"},{"$nulls":4},4920,null,{"v":-4920,"d":"-4920.00"},null,40,{"v":-40,"d":"-40.00"}]
["80","S&F of 20mm dia CPVC pipes",{"$nulls":3},{"v":0,"d":"0.00"},{"$f":"ESTIMATE!I1445","v":{"v":0,"d":"0.00"}},"Rm",{"$f":"ESTIMATE!K1445","v":{"v":184,"d":"184.00"}},{"$f":"ROUND(G167*I167,0)","v":{"v":0,"d":"0.00"}},{"v":0,"d":"0.00"},{"v":0,"d":"0.00"},"-",{"v":-184,"d":"-184.00"},{"$nulls":4},4920,null,{"$f":"J167-S167","v":{"v":-4920,"d":"-4920.00"}},null,40,{"$f":"G167-W167","v":{"v":-40,"d":"-40.00"}}]
["81","S&F of 15mm dia CPVC pipes",{"$nulls":3},{"v":0,"d":"0.00"},{"$f":"ESTIMATE!I1446","v":{"v":0,"d":"0.00"}},"Rm",{"$f":"ESTIMATE!K1446","v":{"v":0,"d":"0.00"}},{"$f":"ROUND(G168*I168,0)","v":{"v":0,"d":"0.00"}},{"v":0,"d":"0.00"},{"v":0,"d":"0.00"},"-",{"v":0,"d":"0.00"},{"$nulls":4},4920,null,{"$f":"J168-S168","v":{"v":-4920,"d":"-4920.00"}},null,40,{"$f":"G168-W168","v":{"v":-40,"d":"-40.00"}}]
["113","S&F of 25mm dia PVC pies",{"$nulls":4},{"$f":"ESTIMATE!I1449","v":{"v":0,"d":"0.00"}},"Rm",{"$f":"ESTIMATE!K1449","v":{"v":25,"d":"25.00"}},{"v":0,"d":"0.00"},{"v":0,"d":"0.00"},{"v":0,"d":"0.00"},"-",{"v":-25,"d":"-25.00"}]
["16","Labour charges for CPVC PIPes ",{"v":30,"d":"30.00"},"Rm",{"v":33,"d":"33.00"},{"$f":"ROUND(C170*E170,0)","v":{"v":990,"d":"990.00"}},{"$f":"ESTIMATE!I1453","v":{"v":0,"d":"0.00"}},"Rm",{"$f":"ESTIMATE!K1453","v":{"v":35,"d":"35.00"}},{"v":0,"d":"0.00"},{"v":0,"d":"0.00"},{"v":990,"d":"990.00"},"-",{"v":-2,"d":"-2.00"},{"$nulls":4},2480,null,{"v":-2480,"d":"-2480.00"},null,80,{"v":-80,"d":"-80.00"}]
["17","S&F of Bib Type Taps",{"v":4,"d":"4.00"},"No",{"v":387,"d":"387.00"},{"v":1548,"d":"1548.00"},{"$f":"ESTIMATE!I1457","v":{"v":0,"d":"0.00"}},"No",{"$f":"ESTIMATE!K1457","v":{"v":387,"d":"387.00"}},{"v":0,"d":"0.00"},{"v":0,"d":"0.00"},{"v":1548,"d":"1548.00"},"-",{"v":0,"d":"0.00"},{"$nulls":4},698,null,{"v":-698,"d":"-698.00"},null,2,{"v":-2,"d":"-2.00"}]
["84","S&F of Bib Type Taps  flange Chromeum plated Jaquar make queen series",{"$nulls":3},{"v":0,"d":"0.00"},{"$f":"ESTIMATE!I1465","v":{"v":0,"d":"0.00"}},"No",{"$f":"ESTIMATE!K1465","v":{"v":1644,"d":"1644.00"}},{"v":0,"d":"0.00"},{"v":0,"d":"0.00"},{"v":0,"d":"0.00"},"-",{"v":-1644,"d":"-1644.00"},{"$nulls":4},0,null,{"v":0,"d":"0.00"},null,0,{"v":0,"d":"0.00"}]
["18","S&F of 110mm dia PVC Pipes",{"v":4,"d":"4.00"},"Rm",{"v":149,"d":"149.00"},{"v":596,"d":"596.00"},{"$f":"ESTIMATE!I1470","v":{"v":0,"d":"0.00"}},"Rm",{"$f":"ESTIMATE!K1470","v":{"v":149,"d":"149.00"}},{"v":0,"d":"0.00"},{"v":0,"d":"0.00"},{"v":596,"d":"596.00"},"-",{"v":0,"d":"0.00"},{"$nulls":4},820,null,{"$f":"J173-S173","v":{"v":-820,"d":"-820.00"}},null,6,{"$f":"G173-W173","v":{"v":-6,"d":"-6.00"}}]
["86","S&F of 90mm dia PVC Pipes",{"$nulls":3},{"v":0,"d":"0.00"},{"$f":"ESTIMATE!I1474","v":{"v":0,"d":"0.00"}},"Rm",{"$f":"ESTIMATE!K1474","v":{"v":141.66666666666666,"d":"141.67"}},{"v":0,"d":"0.00"},{"v":0,"d":"0.00"},{"v":0,"d":"0.00"},"-",{"v":-141.66666666666666,"d":"-141.67"},{"$nulls":4},0,null,{"v":0,"d":"0.00"},null,0,{"v":0,"d":"0.00"}]
["19","S&F of 75mm dia PVC Pipes",{"v":4,"d":"4.00"},"Rm",{"v":89,"d":"89.00"},{"v":356,"d":"356.00"},{"$f":"ESTIMATE!I1478","v":{"v":0,"d":"0.00"}},"Rm",{"$f":"ESTIMATE!K1478","v":{"v":89,"d":"89.00"}},{"v":0,"d":"0.00"},{"v":0,"d":"0.00"},{"v":356,"d":"356.00"},"-",{"v":0,"d":"0.00"},{"$nulls":4},488,null,{"v":-488,"d":"-488.00"},null,6,{"v":-6,"d":"-6.00"}]
["20","Labour charges for PVC PIPes ",{"v":8,"d":"8.00"},"Rm",{"v":79,"d":"79.00"},{"v":632,"d":"632.00"},{"$f":"ESTIMATE!I1483","v":{"v":0,"d":"0.00"}},"Rm",{"$f":"ESTIMATE!K1483","v":{"v":84,"d":"84.00"}},{"v":0,"d":"0.00"},{"v":0,"d":"0.00"},{"v":632,"d":"632.00"},"-",{"v":-5,"d":"-5.00"},{"$nulls":4},840,null,{"v":-840,"d":"-840.00"},null,12,{"v":-12,"d":"-12.00"}]
["89","Inspection chamber",{"$nulls":3},{"v":0,"d":"0.00"},{"$nulls":4},{"v":0,"d":"0.00"},{"v":0,"d":"0.00"},"-",{"v":0,"d":"0.00"}]
["21","S&F of European type water closet",{"v":1,"d":"1.00"},"No",{"v":5297,"d":"5297.00"},{"v":5297,"d":"5297.00"},{"$f":"ESTIMATE!I1487","v":{"v":0,"d":"0.00"}},"No",{"$f":"ESTIMATE!K1487","v":{"v":5297,"d":"5297.00"}},{"v":0,"d":"0.00"},{"v":0,"d":"0.00"},{"v":5297,"d":"5297.00"},"-",{"v":0,"d":"0.00"},{"$nulls":4},9552,null,{"v":-9552,"d":"-9552.00"},null,2,{"v":-2,"d":"-2.00"}]
["61","S&F of Indian type water closet",{"$nulls":4},{"$f":"ESTIMATE!I1491","v":{"v":0,"d":"0.00"}},"No",{"$f":"ESTIMATE!K1491","v":{"v":1036,"d":"1036.00"}},{"$f":"ROUND(G179*I179,0)","v":{"v":0,"d":"0.00"}},{"v":0,"d":"0.00"},{"v":0,"d":"0.00"},"-",{"v":-1036,"d":"-1036.00"},{"$nulls":4},0,null,{"v":0,"d":"0.00"},null,0,{"v":0,"d":"0.00"}]
["22","S&F of Wash basin",{"v":1,"d":"1.00"},"No",{"v":2025,"d":"2025.00"},{"$f":"ROUND(C180*E180,0)","v":{"v":2025,"d":"2025.00"}},{"$f":"ESTIMATE!I1499","v":{"v":0,"d":"0.00"}},"No",{"$f":"ESTIMATE!K1499","v":{"v":2025,"d":"2025.00"}},{"$f":"ROUND(G180*I180,0)","v":{"v":0,"d":"0.00"}},{"v":0,"d":"0.00"},{"v":2025,"d":"2025.00"},"-",{"v":0,"d":"0.00"},{"$nulls":4},3654,null,{"v":-3654,"d":"-3654.00"},null,2,{"v":-2,"d":"-2.00"}]
["121","S&F of Urinals",{"$nulls":4},{"$f":"ESTIMATE!I1495","v":{"v":0,"d":"0.00"}},"No",{"$f":"ESTIMATE!K1495","v":{"v":2644,"d":"2644.00"}},{"v":0,"d":"0.00"},{"v":0,"d":"0.00"},{"v":0,"d":"0.00"},"-",{"v":-2644,"d":"-2644.00"}]
["23","Nahany trap with Jali-  PVC/SWR Pipe fittings",{"v":1,"d":"1.00"},"No",{"v":115,"d":"115.00"},{"$f":"ROUND(C182*E182,0)","v":{"v":115,"d":"115.00"}},{"$f":"ESTIMATE!I1502","v":{"v":0,"d":"0.00"}},"No",{"$f":"ESTIMATE!K1502","v":{"v":115,"d":"115.00"}},{"v":0,"d":"0.00"},{"v":0,"d":"0.00"},{"v":115,"d":"115.00"},"-",{"v":0,"d":"0.00"},{"$nulls":4},230,null,{"v":-230,"d":"-230.00"},null,2,{"v":-2,"d":"-2.00"}]
["93","Supplying and fixing 4\" (101.6 mm ) Floor Trap",{"$nulls":3},{"$f":"ROUND(C183*E183,0)","v":{"v":0,"d":"0.00"}},{"$nulls":4},{"v":0,"d":"0.00"},{"v":0,"d":"0.00"},"-",{"v":0,"d":"0.00"}]
["94","S&F of Synthatic Water storage tank",{"$nulls":3},{"v":0,"d":"0.00"},{"$f":"ESTIMATE!I1506","v":{"v":0,"d":"0.00"}},"lt",{"$f":"ESTIMATE!K1506","v":{"v":9.5,"d":"9.50"}},{"v":0,"d":"0.00"},{"v":0,"d":"0.00"},{"v":0,"d":"0.00"},"-",{"v":-9.5,"d":"-9.50"},{"$nulls":4},0,null,{"v":0,"d":"0.00"},null,0,{"v":0,"d":"0.00"}]
["95","Gunmetal gate value",{"$nulls":3},{"v":0,"d":"0.00"},{"$nulls":4},{"v":0,"d":"0.00"},{"v":0,"d":"0.00"},"-",{"v":0,"d":"0.00"}]
["96","PVC water spouts",{"$nulls":3},{"v":0,"d":"0.00"},{"$nulls":4},{"v":0,"d":"0.00"},{"v":0,"d":"0.00"},"-",{"v":0,"d":"0.00"}]
["97","Drilling with165mm dia borewell",{"$nulls":3},{"v":0,"d":"0.00"},{"$f":"ESTIMATE!I1508","v":{"v":0,"d":"0.00"}},"Rm",{"$f":"ESTIMATE!K1508","v":492.16},{"v":0,"d":"0.00"},{"v":0,"d":"0.00"},{"v":0,"d":"0.00"},"-",-492.16,{"$nulls":4},45000,null,{"v":-45000,"d":"-45000.00"},null,90,{"v":-90,"d":"-90.00"}]
["64",{"$nulls":5},{"$f":"ESTIMATE!I1509","v":{"v":0,"d":"0.00"}},"Rm",{"$f":"ESTIMATE!K1509","v":526.55},{"$f":"ROUND(G188*I188,0)","v":{"v":0,"d":"0.00"}},{"v":0,"d":"0.00"},{"v":0,"d":"0.00"},"-",-526.55,{"$nulls":4},0,null,{"v":0,"d":"0.00"},null,0,{"v":0,"d":"0.00"}]
["65",{"$nulls":5},{"$f":"ESTIMATE!I1510","v":{"v":0,"d":"0.00"}},"Rm",{"$f":"ESTIMATE!K1510","v":590.61},{"v":0,"d":"0.00"},{"v":0,"d":"0.00"},{"v":0,"d":"0.00"},"-",-590.61,{"$nulls":4},0,null,{"v":0,"d":"0.00"},null,0,{"v":0,"d":"0.00"}]
["98","S&F of 180mm dia casing pipe",{"$nulls":3},{"$f":"ROUND(C190*E190,0)","v":{"v":0,"d":"0.00"}},{"$f":"ESTIMATE!I1514","v":{"v":0,"d":"0.00"}},"Rm",{"$f":"ESTIMATE!K1514","v":358.31},{"v":0,"d":"0.00"},{"v":0,"d":"0.00"},{"v":0,"d":"0.00"},"-",-358.31,{"$nulls":4},5850,null,{"v":-5850,"d":"-5850.00"},null,18,{"v":-18,"d":"-18.00"}]
["99","S&F of 2 HP Submersible mortor",{"$nulls":3},{"v":0,"d":"0.00"},{"$f":"ESTIMATE!I1517","v":{"v":0,"d":"0.00"}},"No",{"$f":"ESTIMATE!K1517","v":{"v":20207,"d":"20207.00"}},{"v":0,"d":"0.00"},{"v":0,"d":"0.00"},{"v":0,"d":"0.00"},"-",{"v":-20207,"d":"-20207.00"},{"$nulls":4},24300,null,{"v":-24300,"d":"-24300.00"},null,1,{"v":-1,"d":"-1.00"}]
["101","S& F 40  mm HDPE pip",{"$nulls":3},{"v":0,"d":"0.00"},{"$f":"ESTIMATE!I1520","v":{"v":0,"d":"0.00"}},"Rm",{"$f":"ESTIMATE!K1520","v":{"v":80,"d":"80.00"}},{"v":0,"d":"0.00"},{"v":0,"d":"0.00"},{"v":0,"d":"0.00"},"-",{"v":-80,"d":"-80.00"},{"$nulls":4},5120,null,{"v":-5120,"d":"-5120.00"},null,80,{"v":-80,"d":"-80.00"}]
["102","S&F of 180mm dia bore cap",{"$nulls":3},{"v":0,"d":"0.00"},{"$f":"ESTIMATE!I1523","v":{"v":0,"d":"0.00"}},"No",{"$f":"ESTIMATE!K1523","v":330.75},{"v":0,"d":"0.00"},{"v":0,"d":"0.00"},{"v":0,"d":"0.00"},"-",-330.75,{"$nulls":4},109,null,{"v":-109,"d":"-109.00"},null,1,{"v":-1,"d":"-1.00"}]
["103","S&F of 25mm dia GI pipe",{"$nulls":3},{"v":0,"d":"0.00"},{"$f":"ESTIMATE!I1526","v":{"v":0,"d":"0.00"}},"No",{"$f":"ESTIMATE!K1526","v":{"v":400,"d":"400.00"}},{"v":0,"d":"0.00"},{"v":0,"d":"0.00"},{"v":0,"d":"0.00"},"-",{"v":-400,"d":"-400.00"},{"$nulls":4},99,null,{"v":-99,"d":"-99.00"},null,0.5,{"v":-0.5,"d":"-0.50"}]
["104","S&F of 25mm dia GI Bends",{"$nulls":3},{"v":0,"d":"0.00"},{"$f":"ESTIMATE!I1529","v":{"v":0,"d":"0.00"}},"No",{"$f":"ESTIMATE!K1529","v":{"v":77,"d":"77.00"}},{"v":0,"d":"0.00"},{"v":0,"d":"0.00"},{"v":0,"d":"0.00"},"-",{"v":-77,"d":"-77.00"},{"$nulls":4},22,null,{"v":-22,"d":"-22.00"},null,1,{"v":-1,"d":"-1.00"}]
["105","S&F of 25mm dia Clamp set",{"$nulls":3},{"v":0,"d":"0.00"},{"$f":"ESTIMATE!I1532","v":{"v":0,"d":"0.00"}},"No",{"$f":"ESTIMATE!K1532","v":{"v":185,"d":"185.00"}},{"v":0,"d":"0.00"},{"v":0,"d":"0.00"},{"v":0,"d":"0.00"},"-",{"v":-185,"d":"-185.00"},{"$nulls":4},145,null,{"v":-145,"d":"-145.00"},null,1,{"v":-1,"d":"-1.00"}]
["106","Supply of 3 core 1.50 sqm flat copper cable",{"$nulls":3},{"v":0,"d":"0.00"},{"$f":"ESTIMATE!I1535","v":{"v":0,"d":"0.00"}},"Rm",{"$f":"ESTIMATE!K1535","v":{"v":109,"d":"109.00"}},{"v":0,"d":"0.00"},{"v":0,"d":"0.00"},{"v":0,"d":"0.00"},"-",{"v":-109,"d":"-109.00"},{"$nulls":4},6400,null,{"v":-6400,"d":"-6400.00"},null,80,{"v":-80,"d":"-80.00"}]
["107","Supply and Transportation of control panel ",{"$nulls":3},{"v":0,"d":"0.00"},{"$f":"ESTIMATE!I1538","v":{"v":0,"d":"0.00"}},"No",{"$f":"ESTIMATE!K1538","v":{"v":5445,"d":"5445.00"}},{"v":0,"d":"0.00"},{"v":0,"d":"0.00"},{"v":0,"d":"0.00"},"-",{"v":-5445,"d":"-5445.00"},{"$nulls":4},4500,null,{"v":-4500,"d":"-4500.00"},null,1,{"v":-1,"d":"-1.00"}]
["108","S&F of NP bip taps",{"$nulls":3},{"v":0,"d":"0.00"},{"$nulls":4},{"v":0,"d":"0.00"},{"v":0,"d":"0.00"},"-",{"v":0,"d":"0.00"}]
["57","Providing Electrification items",{"$nulls":8},{"v":0,"d":"0.00"},{"v":0,"d":"0.00"},"-",{"v":0,"d":"0.00"},{"$nulls":6},{"v":0,"d":"0.00"},null,null,{"v":0,"d":"0.00"}]
["58","S&F  of 25mm dia 2.2 mm thick PVC Conduit pipe ",null,"Rm",65.02,{"$f":"ROUND(C201*E201,0)","v":{"v":0,"d":"0.00"}},{"$f":"ESTIMATE!I1544","v":{"v":30,"d":"30.00"}},"Rm",{"$f":"ESTIMATE!K1544","v":92.37},{"$f":"ROUND(G201*I201,0)","v":{"v":2771,"d":"2771.00"}},{"$f":"IF(J201>F201,J201-F201,0)","v":{"v":2771,"d":"2771.00"}},{"$f":"IF(J201<F201,F201-J201,0)","v":{"v":0,"d":"0.00"}},"-",{"$f":"E201-I201","v":{"v":-27.35000000000001,"d":"-27.35"}},{"$nulls":4},8655,null,{"v":-5884,"d":"-5884.00"},null,150,{"v":-120,"d":"-120.00"}]
["59","S&F  of 25mm dia 2.2 mm thick PVC Conduit pipe ",null,"Rm",79.22,{"v":0,"d":"0.00"},{"$f":"ESTIMATE!I1550","v":{"v":35,"d":"35.00"}},"Rm",{"$f":"ESTIMATE!K1550","v":111.79},{"v":3913,"d":"3913.00"},{"v":3913,"d":"3913.00"},{"v":0,"d":"0.00"},"-",{"v":-32.57000000000001,"d":"-32.57"},{"$nulls":4},11552,null,{"v":-7639,"d":"-7639.00"},null,160,{"v":-125,"d":"-125.00"}]
["111","Labour  for Grooves 2-3mm thick for PVC pipes",{"$nulls":3},{"v":0,"d":"0.00"},{"$f":"ESTIMATE!I1558","v":{"v":0,"d":"0.00"}},"Rm",{"$f":"ESTIMATE!K1558","v":{"v":74,"d":"74.00"}},{"v":0,"d":"0.00"},{"v":0,"d":"0.00"},{"v":0,"d":"0.00"},"-",{"v":-74,"d":"-74.00"},{"$nulls":4},0,null,{"v":0,"d":"0.00"},null,0,{"v":0,"d":"0.00"}]
["112","200/18 SWG Module box w for 12 Module box",{"$nulls":4},{"$f":"ESTIMATE!I1562","v":{"v":0,"d":"0.00"}},"No",{"$f":"ESTIMATE!K1562","v":{"v":245,"d":"245.00"}},{"v":0,"d":"0.00"},{"v":0,"d":"0.00"},{"v":0,"d":"0.00"},"-",{"v":-245,"d":"-245.00"},{"$nulls":4},2050,null,{"v":-2050,"d":"-2050.00"},null,10,{"v":-10,"d":"-10.00"}]
["24","200/18 SWG Module box w for 8 Module box",{"v":4,"d":"4.00"},"No",{"v":203,"d":"203.00"},{"$f":"ROUND(C205*E205,0)","v":{"v":812,"d":"812.00"}},{"$f":"ESTIMATE!I1566","v":{"v":3,"d":"3.00"}},"No",{"$f":"ESTIMATE!K1566","v":230.64},{"$f":"ROUND(G205*I205,0)","v":{"v":692,"d":"692.00"}},{"v":0,"d":"0.00"},{"v":120,"d":"120.00"},"-",{"v":-27.639999999999986,"d":"-27.64"},{"$nulls":4},510,null,{"v":182,"d":"182.00"},null,3,{"v":0,"d":"0.00"}]
["128","200/18 SWG Module box w for 6 Module box",{"$nulls":4},{"$f":"ESTIMATE!I1570","v":{"v":0,"d":"0.00"}},"No",{"$f":"ESTIMATE!K1570","v":{"v":155,"d":"155.00"}},{"$f":"ROUND(G206*I206,0)","v":{"v":0,"d":"0.00"}},{"v":0,"d":"0.00"},{"v":0,"d":"0.00"},"-",{"v":-155,"d":"-155.00"},{"$nulls":4},0,null,{"v":0,"d":"0.00"},null,0,{"v":0,"d":"0.00"}]
["61","200/18 SWG Module box w for 4 Module box",{"$nulls":4},{"$f":"ESTIMATE!I1585","v":{"v":0,"d":"0.00"}},"No",{"$f":"ESTIMATE!K1585","v":{"v":114,"d":"114.00"}},{"$f":"ROUND(G207*I207,0)","v":{"v":0,"d":"0.00"}},{"v":0,"d":"0.00"},{"v":0,"d":"0.00"},"-",{"v":-114,"d":"-114.00"},{"$nulls":4},0,null,{"v":0,"d":"0.00"},null,0,{"v":0,"d":"0.00"}]
["57","200/18 SWG Module box w for 18 Module box",{"$nulls":4},{"$f":"ESTIMATE!I1581","v":{"v":0,"d":"0.00"}},"No",{"$f":"ESTIMATE!K1581","v":{"v":400,"d":"400.00"}},{"$f":"ROUND(G208*I208,0)","v":{"v":0,"d":"0.00"}},{"v":0,"d":"0.00"},{"v":0,"d":"0.00"},"-",{"v":-400,"d":"-400.00"},{"$nulls":4},0,null,{"v":0,"d":"0.00"},null,0,{"v":0,"d":"0.00"}]
["49","200/18 SWG Module box w for 16 Module box",{"$nulls":4},{"$f":"ESTIMATE!I1577","v":{"v":0,"d":"0.00"}},"No",{"$f":"ESTIMATE!K1577","v":{"v":359,"d":"359.00"}},{"$f":"ROUND(G209*I209,0)","v":{"v":0,"d":"0.00"}},{"v":0,"d":"0.00"},{"v":0,"d":"0.00"},"-",{"v":-359,"d":"-359.00"},{"$nulls":4},0,null,{"$f":"J209-S209","v":{"v":0,"d":"0.00"}},null,0,{"$f":"G209-W209","v":{"v":0,"d":"0.00"}}]
["86","200/18 SWG Module box w for 2 Module box",{"$nulls":4},{"$f":"ESTIMATE!I1588","v":{"v":0,"d":"0.00"}},"No",{"$f":"ESTIMATE!K1588","v":{"v":68,"d":"68.00"}},{"v":0,"d":"0.00"},{"v":0,"d":"0.00"},{"v":0,"d":"0.00"},"-",{"v":-68,"d":"-68.00"},{"$nulls":4},0,null,{"v":0,"d":"0.00"},null,0,{"v":0,"d":"0.00"}]
["25","Wiring with run of 2 of 14/0.3mm (1.0 Sq.mm) ",7,"poi",482.67,{"$f":"ROUND(C211*E211,0)","v":{"v":3379,"d":"3379.00"}},{"$f":"ESTIMATE!I1592","v":{"v":9,"d":"9.00"}},"Poi",{"$f":"ESTIMATE!K1592","v":557.66},{"v":5019,"d":"5019.00"},{"v":1640,"d":"1640.00"},{"v":0,"d":"0.00"},"-",{"v":-74.98999999999995,"d":"-74.99"},{"$nulls":4},29164,null,{"v":-24145,"d":"-24145.00"},null,65,{"v":-56,"d":"-56.00"}]
["26","Wiring with run of 2 of 14/0.3mm (1.0 Sq.mm) ",4,"poi",504.67,{"$f":"ROUND(C212*E212,0)","v":{"v":2019,"d":"2019.00"}},{"$f":"ESTIMATE!I1596","v":{"v":3,"d":"3.00"}},"Poi",{"$f":"ESTIMATE!K1596","v":582.66},{"v":1748,"d":"1748.00"},{"v":0,"d":"0.00"},{"v":271,"d":"271.00"},"-",{"v":-77.98999999999995,"d":"-77.99"},{"$nulls":4},0,null,{"v":1748,"d":"1748.00"},null,0,{"v":3,"d":"3.00"}]
["116","Supply and  Run of 2 of 36/0.3mm (1.50 Sq.mm)",{"$nulls":3},{"v":0,"d":"0.00"},{"$f":"ESTIMATE!I1599","v":{"v":0,"d":"0.00"}},"Rm",{"$f":"ESTIMATE!K1599","v":{"v":0,"d":"0.00"}},{"$f":"ROUND(G213*I213,0)","v":{"v":0,"d":"0.00"}},{"v":0,"d":"0.00"},{"v":0,"d":"0.00"},"-",{"v":0,"d":"0.00"},{"$nulls":4},18954,null,{"$f":"J213-S213","v":{"v":-18954,"d":"-18954.00"}},null,291.9,{"$f":"G213-W213","v":{"v":-291.9,"d":"-291.90"}}]
["27","Supply and  Run of 2 of 36/0.3mm (2.50 Sq.mm)",40,"Rm",83.37,{"v":3335,"d":"3335.00"},{"$f":"ESTIMATE!I1600","v":{"v":90,"d":"90.00"}},"Rm",{"$f":"ESTIMATE!K1600","v":100.19},{"v":9017,"d":"9017.00"},{"v":5682,"d":"5682.00"},{"v":0,"d":"0.00"},"-",{"v":-16.819999999999993,"d":"-16.82"},{"$nulls":4},18954,null,{"v":-9937,"d":"-9937.00"},null,291.9,{"v":-201.89999999999998,"d":"-201.90"}]
["28","Supply and  Run of 2 of 56/0.3mm (4.00 Sq.mm)",20,"Rm",{"v":126.7,"d":"126.70"},{"v":2534,"d":"2534.00"},{"$f":"ESTIMATE!I1604","v":{"v":0,"d":"0.00"}},"Rm",{"$f":"ESTIMATE!K1604","v":133.97},{"v":0,"d":"0.00"},{"v":0,"d":"0.00"},{"v":2534,"d":"2534.00"},"-",{"v":-7.269999999999996,"d":"-7.27"},{"$nulls":4},3349,null,{"v":-3349,"d":"-3349.00"},null,33.95,-33.95]
["119","Supply and  Run of  4 of 84/0.3mm (6.0 Sq.mm)",{"$nulls":3},{"v":0,"d":"0.00"},{"$f":"ESTIMATE!I1607","v":{"v":30,"d":"30.00"}},"Rm",{"$f":"ESTIMATE!K1607","v":{"v":77.7445,"d":"77.74"}},{"v":2332,"d":"2332.00"},{"v":2332,"d":"2332.00"},{"v":0,"d":"0.00"},"-",{"v":-77.7445,"d":"-77.74"},{"$nulls":4},767,null,{"v":1565,"d":"1565.00"},null,15,{"v":15,"d":"15.00"}]
["133","Supply of Cover frames for 12 module box",{"$nulls":4},{"$f":"ESTIMATE!I1611","v":{"v":0,"d":"0.00"}},"No",{"$f":"ESTIMATE!K1611","v":{"v":240,"d":"240.00"}},{"v":0,"d":"0.00"},{"v":0,"d":"0.00"},{"v":0,"d":"0.00"},"-",{"v":-240,"d":"-240.00"},{"$nulls":4},0,null,{"v":0,"d":"0.00"},null,0,{"v":0,"d":"0.00"}]
["29","Supply of Cover frames for 8 module box",{"v":4,"d":"4.00"},"no",{"v":171,"d":"171.00"},{"v":684,"d":"684.00"},{"$f":"ESTIMATE!I1615","v":{"v":3,"d":"3.00"}},"No",{"$f":"ESTIMATE!K1615","v":223.82},{"$f":"ROUND(G218*I218,0)","v":{"v":671,"d":"671.00"}},{"v":0,"d":"0.00"},{"v":13,"d":"13.00"},"-",{"v":-52.81999999999999,"d":"-52.82"},{"$nulls":4},0,null,{"v":671,"d":"671.00"},null,0,{"v":3,"d":"3.00"}]
["135","Supply of Cover frames for 6 module box",{"$nulls":4},{"$f":"ESTIMATE!I1619","v":{"v":0,"d":"0.00"}},"No",{"$f":"ESTIMATE!K1619","v":{"v":152,"d":"152.00"}},{"$f":"ROUND(G219*I219,0)","v":{"v":0,"d":"0.00"}},{"v":0,"d":"0.00"},{"v":0,"d":"0.00"},"-",{"v":-152,"d":"-152.00"},{"$nulls":4},0,null,{"v":0,"d":"0.00"},null,0,{"v":0,"d":"0.00"}]
["67","Supply of Cover frames for 4 module box",{"$nulls":4},{"$f":"ESTIMATE!I1627","v":{"v":0,"d":"0.00"}},"No",{"$f":"ESTIMATE!K1627","v":{"v":101,"d":"101.00"}},{"$f":"ROUND(G220*I220,0)","v":{"v":0,"d":"0.00"}},{"v":0,"d":"0.00"},{"v":0,"d":"0.00"},"-",{"v":-101,"d":"-101.00"},{"$nulls":4},0,null,{"v":0,"d":"0.00"},null,0,{"v":0,"d":"0.00"}]
["65","Supply of Cover frames for 18 module box",{"$nulls":4},{"$f":"ESTIMATE!I1623","v":{"v":0,"d":"0.00"}},"No",{"$f":"ESTIMATE!K1623","v":{"v":392,"d":"392.00"}},{"$f":"ROUND(G221*I221,0)","v":{"v":0,"d":"0.00"}},{"v":0,"d":"0.00"},{"v":0,"d":"0.00"},"-",{"v":-392,"d":"-392.00"},{"$nulls":4},0,null,{"v":0,"d":"0.00"},null,0,{"v":0,"d":"0.00"}]
["94","Supply of Cover frames for 2 module box",{"$nulls":4},{"$f":"ESTIMATE!I1631","v":{"v":0,"d":"0.00"}},"No",{"$f":"ESTIMATE!K1631","v":{"v":76,"d":"76.00"}},{"v":0,"d":"0.00"},{"v":0,"d":"0.00"},{"v":0,"d":"0.00"},"-",{"v":-76,"d":"-76.00"},{"$nulls":4},0,null,{"v":0,"d":"0.00"},null,0,{"v":0,"d":"0.00"}]
["30","Supply and fixing of 6A 3/2 pin wall plug socket",4,"No",127.08,{"$f":"ROUND(C223*E223,0)","v":{"v":508,"d":"508.00"}},{"$f":"ESTIMATE!I1639","v":{"v":3,"d":"3.00"}},"No",{"$f":"ESTIMATE!K1639","v":156.56},{"v":470,"d":"470.00"},{"v":0,"d":"0.00"},{"v":38,"d":"38.00"},"-",{"v":-29.480000000000004,"d":"-29.48"},{"$nulls":4},7263,null,{"v":-6793,"d":"-6793.00"},null,26,{"v":-23,"d":"-23.00"}]
["31","Supply and fixing of 16A 3/2 pin wall plug socket",1,"No",{"v":424.5,"d":"424.50"},{"v":425,"d":"425.00"},{"$f":"ESTIMATE!I1635","v":{"v":0,"d":"0.00"}},"No",{"$f":"ESTIMATE!K1635","v":{"v":437.5,"d":"437.50"}},{"$f":"ROUND(G224*I224,0)","v":{"v":0,"d":"0.00"}},{"v":0,"d":"0.00"},{"v":425,"d":"425.00"},"-",{"v":-13,"d":"-13.00"},{"$nulls":4},7263,null,{"$f":"J224-S224","v":{"v":-7263,"d":"-7263.00"}},null,26,{"$f":"G224-W224","v":{"v":-26,"d":"-26.00"}}]
["89","Supply and fixing of 6A 2 pin wall plug socket",{"$nulls":4},{"$f":"ESTIMATE!I1642","v":{"v":0,"d":"0.00"}},"No",{"$f":"ESTIMATE!K1642","v":{"v":131.8,"d":"131.80"}},{"$f":"ROUND(G225*I225,0)","v":{"v":0,"d":"0.00"}},{"v":0,"d":"0.00"},{"v":0,"d":"0.00"},"-",{"v":-131.8,"d":"-131.80"},{"$nulls":4},0,null,{"v":0,"d":"0.00"},null,0,{"v":0,"d":"0.00"}]
["32","Supply and fixing of 6A flush type Neon Indicator.",4,"No",{"v":21,"d":"21.00"},{"v":84,"d":"84.00"},{"$f":"ESTIMATE!I1646","v":{"v":3,"d":"3.00"}},"No",{"$f":"ESTIMATE!K1646","v":23.86},{"v":72,"d":"72.00"},{"v":0,"d":"0.00"},{"v":12,"d":"12.00"},"-",{"v":-2.8599999999999994,"d":"-2.86"},{"$nulls":4},2090,null,{"v":-2018,"d":"-2018.00"},null,15,{"v":-12,"d":"-12.00"}]
["33","S&F of ISI mark batten holder / angle holder",2,"No",128.25,{"$f":"ROUND(C227*E227,0)","v":{"v":257,"d":"257.00"}},{"$f":"ESTIMATE!I1650","v":{"v":4,"d":"4.00"}},"No",{"$f":"ESTIMATE!K1650","v":{"v":154.8,"d":"154.80"}},{"v":619,"d":"619.00"},{"v":362,"d":"362.00"},{"v":0,"d":"0.00"},"-",{"v":-26.55000000000001,"d":"-26.55"},{"$nulls":4},1674,null,{"v":-1055,"d":"-1055.00"},null,24,{"v":-20,"d":"-20.00"}]
["34","S&F of ceiling fan",4,"No",3314.69,{"v":13259,"d":"13259.00"},{"$f":"ESTIMATE!I1654","v":{"v":3,"d":"3.00"}},"No",{"$f":"ESTIMATE!K1654","v":3780.03},{"$f":"ROUND(G228*I228,0)","v":{"v":11340,"d":"11340.00"}},{"v":0,"d":"0.00"},{"v":1919,"d":"1919.00"},"-",{"v":-465.34000000000015,"d":"-465.34"},{"$nulls":4},37536,null,{"$f":"J228-S228","v":{"v":-26196,"d":"-26196.00"}},null,16,{"$f":"G228-W228","v":{"v":-13,"d":"-13.00"}}]
["124","S&F of ceiling fan",{"$nulls":3},{"$f":"ROUND(C229*E229,0)","v":{"v":0,"d":"0.00"}},{"$f":"ESTIMATE!I1662","v":{"v":0,"d":"0.00"}},"No",{"$f":"ESTIMATE!K1662","v":2933.04},{"v":0,"d":"0.00"},{"v":0,"d":"0.00"},{"v":0,"d":"0.00"},"-",-2933.04,{"$nulls":4},37536,null,{"v":-37536,"d":"-37536.00"},null,16,{"v":-16,"d":"-16.00"}]
["125","Fan regulator",{"$nulls":3},{"v":0,"d":"0.00"},{"$f":"ESTIMATE!I1675","v":{"v":0,"d":"0.00"}},"No",{"$f":"ESTIMATE!K1675","v":{"v":287,"d":"287.00"}},{"v":0,"d":"0.00"},{"v":0,"d":"0.00"},{"v":0,"d":"0.00"},"-",{"v":-287,"d":"-287.00"},{"$nulls":4},7200,null,{"v":-7200,"d":"-7200.00"},null,16,{"v":-16,"d":"-16.00"}]
["126","Labour charges for fixing fan",{"$nulls":3},{"v":0,"d":"0.00"},{"$f":"ESTIMATE!I1679","v":{"v":0,"d":"0.00"}},"No",{"$f":"ESTIMATE!K1679","v":186.01},{"v":0,"d":"0.00"},{"v":0,"d":"0.00"},{"v":0,"d":"0.00"},"-",-186.01,{"$nulls":4},2222,null,{"v":-2222,"d":"-2222.00"},null,16,{"v":-16,"d":"-16.00"}]
["35","Fan hook",4,"No",230.73,{"v":923,"d":"923.00"},{"$f":"ESTIMATE!I1658","v":{"v":3,"d":"3.00"}},"No",{"$f":"ESTIMATE!K1658","v":293.84},{"$f":"ROUND(G232*I232,0)","v":{"v":882,"d":"882.00"}},{"v":0,"d":"0.00"},{"v":41,"d":"41.00"},"-",{"v":-63.109999999999985,"d":"-63.11"},{"$nulls":4},2096,null,{"$f":"J232-S232","v":{"v":-1214,"d":"-1214.00"}},null,16,{"$f":"G232-W232","v":{"v":-13,"d":"-13.00"}}]
["36"," steel tube down rod for ceiling  fan",{"$nulls":3},{"$f":"ROUND(C233*E233,0)","v":{"v":0,"d":"0.00"}},{"$f":"ESTIMATE!I1685","v":{"v":0,"d":"0.00"}},"No",{"$f":"ESTIMATE!K1685","v":{"v":178.5,"d":"178.50"}},{"v":0,"d":"0.00"},{"v":0,"d":"0.00"},{"v":0,"d":"0.00"},"-",{"v":-178.5,"d":"-178.50"},{"$nulls":4},2096,null,{"v":-2096,"d":"-2096.00"},null,16,{"v":-16,"d":"-16.00"}]
["36","S&F of Tube light",6,"No",405.94,{"v":2436,"d":"2436.00"},{"$f":"ESTIMATE!I1689","v":{"v":3,"d":"3.00"}},"No",{"$f":"ESTIMATE!K1689","v":458.87},{"v":1377,"d":"1377.00"},{"v":0,"d":"0.00"},{"v":1059,"d":"1059.00"},"-",{"v":-52.93000000000001,"d":"-52.93"},{"$nulls":4},12090,null,{"v":-10713,"d":"-10713.00"},null,30,{"v":-27,"d":"-27.00"}]
["129","S&F of street light",{"$nulls":4},{"$f":"ESTIMATE!I1692","v":{"v":0,"d":"0.00"}},"No",{"$f":"ESTIMATE!K1692","v":{"v":4543,"d":"4543.00"}},{"v":0,"d":"0.00"},{"v":0,"d":"0.00"},{"v":0,"d":"0.00"},"-",{"v":-4543,"d":"-4543.00"},{"$nulls":4},11800,null,{"v":-11800,"d":"-11800.00"},null,2,{"v":-2,"d":"-2.00"}]
["130","Supply and fixing SPN Distribution board",{"$nulls":4},{"$f":"ESTIMATE!I1700","v":{"v":1,"d":"1.00"}},"No",{"$f":"ESTIMATE!K1700","v":4270.79},{"$f":"ROUND(G236*I236,0)","v":{"v":4271,"d":"4271.00"}},{"v":4271,"d":"4271.00"},{"v":0,"d":"0.00"},"-",-4270.79,{"$nulls":4},5945,null,{"v":-1674,"d":"-1674.00"},null,2,{"v":-1,"d":"-1.00"}]
["131","Light duty exhaust fan",{"$nulls":3},{"$f":"ROUND(C237*E237,0)","v":{"v":0,"d":"0.00"}},{"$f":"ESTIMATE!I1696","v":{"v":0,"d":"0.00"}},"No",{"$f":"ESTIMATE!K1696","v":{"v":1552,"d":"1552.00"}},{"v":0,"d":"0.00"},{"v":0,"d":"0.00"},{"v":0,"d":"0.00"},"-",{"v":-1552,"d":"-1552.00"},{"$nulls":4},0,null,{"v":0,"d":"0.00"},null,0,{"v":0,"d":"0.00"}]
["132","DB with 1 No 20A single phase",{"$nulls":3},{"v":0,"d":"0.00"},{"$nulls":4},{"v":0,"d":"0.00"},{"v":0,"d":"0.00"},"-",{"v":0,"d":"0.00"}]
["133","8 Way TPN DB Horizontal with IP 20",{"$nulls":3},{"v":0,"d":"0.00"},{"$nulls":4},{"v":0,"d":"0.00"},{"v":0,"d":"0.00"},"-",{"v":0,"d":"0.00"}]
["134","Supply and fixing of 2 Nos of 32A, 240V Porcelain Rewirable Fuse Units",{"$nulls":4},{"$f":"ESTIMATE!I1704","v":{"v":1,"d":"1.00"}},"No",{"$f":"ESTIMATE!K1704","v":1140.29},{"v":1140,"d":"1140.00"},{"v":1140,"d":"1140.00"},{"v":0,"d":"0.00"},"-",-1140.29,{"$nulls":4},897,null,{"$f":"J240-S240","v":{"v":243,"d":"243.00"}},null,1,{"$f":"G240-W240","v":{"v":0,"d":"0.00"}}]
["135","Providng Independent earthing",{"$nulls":3},{"$f":"ROUND(C241*E241,0)","v":{"v":0,"d":"0.00"}},{"$f":"ESTIMATE!I1707","v":{"v":1,"d":"1.00"}},"No",{"$f":"ESTIMATE!K1707","v":5311.59},{"v":5312,"d":"5312.00"},{"v":5312,"d":"5312.00"},{"v":0,"d":"0.00"},"-",-5311.59,{"$nulls":4},3420,null,{"v":1892,"d":"1892.00"},null,1,{"v":0,"d":"0.00"}]
["136","Modular telephone jack",{"$nulls":3},{"v":0,"d":"0.00"},{"$nulls":4},{"v":0,"d":"0.00"},{"v":0,"d":"0.00"},"-",{"v":0,"d":"0.00"}]
["137","Supply,laying ,testing and commisioning of 4-pair",{"$nulls":3},{"v":0,"d":"0.00"},{"$nulls":4},{"v":0,"d":"0.00"},{"v":0,"d":"0.00"},"-",{"v":0,"d":"0.00"}]
["138","Supply and run of 5 pair telephone copper wire",{"$nulls":3},{"v":0,"d":"0.00"},{"$nulls":4},{"v":0,"d":"0.00"},{"v":0,"d":"0.00"},"-",{"v":0,"d":"0.00"}]
["76","Provision for GST on cement",{"$nulls":8},{"v":0,"d":"0.00"},{"v":0,"d":"0.00"},"-",{"v":0,"d":"0.00"},{"$nulls":6},{"v":0,"d":"0.00"},null,null,{"v":0,"d":"0.00"}]
["77","Provision for GST on Steel",{"$nulls":8},{"v":0,"d":"0.00"},{"v":0,"d":"0.00"},"-",{"v":0,"d":"0.00"},{"$nulls":6},{"v":0,"d":"0.00"},null,null,{"v":0,"d":"0.00"}]
["55","for Elevation work",{"$nulls":8},{"v":0,"d":"0.00"},{"v":0,"d":"0.00"},"-",{"v":0,"d":"0.00"},{"$nulls":4},20301,null,{"$f":"J247-S247","v":{"v":-20301,"d":"-20301.00"}},null,null,{"$f":"G247-W247","v":{"v":0,"d":"0.00"}}]
["146","Provision for GST charges",{"$nulls":8},{"v":0,"d":"0.00"},{"v":0,"d":"0.00"},"-",{"v":0,"d":"0.00"}]
["37","Provision for QC @0.5% ",{"$nulls":3},{"v":2045,"d":"2045.00"},{"$nulls":3},{"$f":"ESTIMATE!M1716","v":{"v":6148,"d":"6148.00"}},{"v":4103,"d":"4103.00"},{"v":0,"d":"0.00"},"-",{"v":0,"d":"0.00"},{"$nulls":4},20301,null,{"v":-14153,"d":"-14153.00"},null,null,{"v":0,"d":"0.00"}]
["38","Provision for GST charges @ 18%",{"$nulls":3},{"v":73605,"d":"73605.00"},{"$nulls":3},{"$f":"ESTIMATE!M1717","v":{"v":221749,"d":"221749.00"}},{"v":148144,"d":"148144.00"},{"v":0,"d":"0.00"},"-",{"v":0,"d":"0.00"}]
["39","Provision for Supervision charges @ 3%",{"$nulls":3},{"v":15000,"d":"15000.00"},{"$nulls":3},{"$f":"ESTIMATE!#REF!","v":{"$error":"#REF!"}},{"$error":"#REF!"},{"$error":"#REF!"},"-",{"v":0,"d":"0.00"}]
["40","Provision for Seignorage charges",{"$nulls":3},{"v":306,"d":"306.00"},{"$nulls":3},{"$f":"ESTIMATE!M1714","v":{"v":2427,"d":"2427.00"}},{"v":2121,"d":"2121.00"},{"v":0,"d":"0.00"},"-",{"v":0,"d":"0.00"},{"$nulls":4},26478,null,{"v":-24051,"d":"-24051.00"},null,null,{"v":0,"d":"0.00"}]
["64","Provision for Name board",{"$nulls":3},{"v":0,"d":"0.00"},{"$nulls":4},{"v":0,"d":"0.00"},{"v":0,"d":"0.00"},"-",{"v":0,"d":"0.00"},{"$nulls":4},2500,null,{"v":-2500,"d":"-2500.00"},null,null,{"v":0,"d":"0.00"}]
["65","Provision for Work file",{"$nulls":3},{"v":0,"d":"0.00"},{"$nulls":4},{"v":0,"d":"0.00"},{"v":0,"d":"0.00"},"-",{"v":0,"d":"0.00"},{"$nulls":4},100,null,{"v":-100,"d":"-100.00"},null,null,{"v":0,"d":"0.00"}]
["41","Unforseen items such as if any",{"$nulls":3},{"v":126,"d":"126.00"},{"$nulls":3},{"$f":"ESTIMATE!M1718","v":{"v":40165,"d":"40165.00"}},{"v":40039,"d":"40039.00"},{"v":0,"d":"0.00"},"-",{"v":0,"d":"0.00"},{"$nulls":4},-122011,null,{"v":162176,"d":"162176.00"}]
[null,null,"As per detailed estimate",null,null,{"$f":"SUM(F7:F255)","v":{"v":500000,"d":"500000.00"}},{"$nulls":3},{"$f":"SUM(J7:J255)","v":{"$error":"#REF!"}},{"$f":"SUM(K7:K255)","v":{"$error":"#REF!"}},{"$f":"SUM(L7:L255)","v":{"$error":"#REF!"}}]
[null,null,"As per working estimate",null,null,{"$f":"J256","v":{"$error":"#REF!"}},{"$nulls":5},{"$f":"K256","v":{"$error":"#REF!"}}]
[null,"TOTAL","Difference in estimate",null,null,{"$f":"F256-F257","v":{"$error":"#REF!"}},{"$nulls":5},{"$f":"L256-L257","v":{"$error":"#REF!"}}]
[]
[]
[{"$nulls":7},{"$f":"'lead 24-25'!H32","v":"Deputy Executive Engineer"},null,null,{"$f":"'lead 24-25'!K32","v":"Assistant  Engineer"}]
[{"$nulls":7},{"$f":"'lead 24-25'!H33","v":"PRI Sub Division"},null,null,{"$f":"'lead 24-25'!K33","v":"Mandal Praja parishad"}]
[{"$nulls":7},{"$f":"'lead 24-25'!H34","v":"Kanigiri"},null,null,{"$f":"'lead 24-25'!K34","v":"P.C.Palli"}]

{"sheet":"CR","index":15,"n_rows":56,"n_cols":24,"rows_kept":56,"hidden":true,"merged":[[0,0,0,12],[1,0,1,12],[2,10,2,12],[3,0,4,0],[3,1,4,1],[3,2,3,5],[3,6,3,9],[3,10,3,11],[3,12,4,12],[4,2,4,3],[4,6,4,7],[5,2,5,3],[5,6,5,7],[48,2,48,4],[49,2,49,4],[50,2,50,4]]}
["COMPLETION REPORT"]
[{"$f":"'lead 24-25'!B2&'lead 24-25'!C2","v":"Name of the Work: Completion of incomplete Anganwadi building  in Paletipalli village of P.C.Palli Mandal."}]
[{"$nulls":9},"Est Rs.",{"$f":"'lead 24-25'!K4","v":"15.00 Lakhs"}]
["S.No","Description of the work","As per working estimate",{"$nulls":3},"As per M.Book",{"$nulls":3},"Difference ",null,"Remarks"]
[null,null,"Quantity ",null,"Rate ","Amount","Quantity ",null,"Rate ","Amount","Excess","Less"]
["1","2","3",null,"4","5","6",null,"7","8","9","10","11"]
[null,"Construction of First Floor",{"$nulls":7},{"$f":"ROUND(G7*I7,0)","v":{"v":0,"d":"0.00"}},{"$f":"IF(J7>F7,J7-F7,0)","v":{"v":0,"d":"0.00"}},{"$f":"IF(J7<F7,F7-J7,0)","v":{"v":0,"d":"0.00"}},"-",{"$f":"E7-I7","v":{"v":0,"d":"0.00"}},{"$nulls":4},0,null,{"$f":"J7-S7","v":{"v":0,"d":"0.00"}},null,null,{"$f":"G7-W7","v":{"v":0,"d":"0.00"}}]
["1","impervious coat over roof slab-12mm",{"$f":"G8","v":{"v":0,"d":"0.00"}},"Sqm",{"$f":"I8","v":406.34},{"$f":"ROUND(C8*E8,0)","v":{"v":0,"d":"0.00"}},{"$f":"ESTIMATE!I588","v":{"v":0,"d":"0.00"}},"Sqm",{"$f":"ESTIMATE!K588","v":406.34},{"$f":"ROUND(G8*I8,2)","v":{"v":0,"d":"0.00"}},{"$f":"IF(J8>F8,J8-F8,0)","v":{"v":0,"d":"0.00"}},{"$f":"IF(J8<F8,F8-J8,0)","v":{"v":0,"d":"0.00"}},"-",{"$f":"E8-I8","v":{"v":0,"d":"0.00"}},{"$nulls":4},43353,null,{"v":-43353,"d":"-43353.00"},null,117.23,-117.23]
["2","Plastering 12mm thick double coat",{"$f":"G9","v":{"v":0,"d":"0.00"}},"Sqm",{"$f":"I9","v":521.53},{"$f":"ROUND(C9*E9,0)","v":{"v":0,"d":"0.00"}},{"$f":"ESTIMATE!I726","v":{"v":0,"d":"0.00"}},"Sqm",{"$f":"ESTIMATE!K726","v":521.53},{"$f":"ROUND(G9*I9,2)","v":{"v":0,"d":"0.00"}},{"v":0,"d":"0.00"},{"v":0,"d":"0.00"},"-",{"v":0,"d":"0.00"},{"$nulls":4},73418,null,{"v":-73418,"d":"-73418.00"},null,"281.21",-281.21]
["3","Flooring with vitrified tiles ",{"v":0,"d":"0.00"},"Sqm",1284.36,{"$f":"ROUND(C10*E10,0)","v":{"v":0,"d":"0.00"}},{"$f":"ESTIMATE!I748","v":{"v":0,"d":"0.00"}},"Sqm",{"$f":"ESTIMATE!K748","v":1284.36},{"v":0,"d":"0.00"},{"v":0,"d":"0.00"},{"v":0,"d":"0.00"},"-",{"v":0,"d":"0.00"},{"$nulls":4},105936,null,{"$f":"J10-S10","v":{"v":-105936,"d":"-105936.00"}},null,105.51,{"$f":"G10-W10","v":-105.51}]
["4","Providing skirting to internal walls to 15 cm height",{"v":0,"d":"0.00"},"Sqm",1279.49,{"v":0,"d":"0.00"},{"$f":"ESTIMATE!I763","v":{"v":0,"d":"0.00"}},"Sqm",{"$f":"ESTIMATE!K763","v":1279.49},{"v":0,"d":"0.00"},{"v":0,"d":"0.00"},{"v":0,"d":"0.00"},"-",{"v":0,"d":"0.00"},{"$nulls":4},9527,null,{"$f":"J11-S11","v":{"v":-9527,"d":"-9527.00"}},null,9.440000000000001,{"$f":"G11-W11","v":{"v":-9.440000000000001,"d":"-9.44"}}]
["5","Flooring with Ceramic non skid tiles",{"v":0,"d":"0.00"},"Sqm",889.81,{"$f":"ROUND(C12*E12,0)","v":{"v":0,"d":"0.00"}},{"$f":"ESTIMATE!I806","v":{"v":0,"d":"0.00"}},"Sqm",{"$f":"ESTIMATE!K806","v":889.81},{"v":0,"d":"0.00"},{"v":0,"d":"0.00"},{"v":0,"d":"0.00"},"-",{"v":0,"d":"0.00"},{"$nulls":4},6476,null,{"v":-6476,"d":"-6476.00"},null,9.24,-9.24]
["6","Dadoing with Glazed tiles",{"v":0,"d":"0.00"},"Sqm",509.65,{"v":0,"d":"0.00"},{"$f":"ESTIMATE!I812","v":{"v":0,"d":"0.00"}},"Sqm",{"$f":"ESTIMATE!K812","v":509.65},{"v":0,"d":"0.00"},{"v":0,"d":"0.00"},{"v":0,"d":"0.00"},"-",{"v":0,"d":"0.00"},{"$nulls":4},20815,null,{"v":-20815,"d":"-20815.00"},null,42.84,-42.84]
["7","Providing and applying synthetic plaster putty ",{"v":0,"d":"0.00"},"Sqm",199.95,{"$f":"ROUND(C14*E14,0)","v":{"v":0,"d":"0.00"}},{"$f":"ESTIMATE!I877","v":{"v":0,"d":"0.00"}},"Sqm",{"$f":"ESTIMATE!K877","v":199.95},{"v":0,"d":"0.00"},{"v":0,"d":"0.00"},{"v":0,"d":"0.00"},"-",{"v":0,"d":"0.00"},{"$nulls":4},68284,null,{"v":-68284,"d":"-68284.00"},null,436.56999999999994,{"v":-436.56999999999994,"d":"-436.57"}]
["8","Painting  with Emulsion paint for inernal walls",{"v":0,"d":"0.00"},"Sqm",201.45,{"v":0,"d":"0.00"},{"$f":"ESTIMATE!I908","v":{"v":0,"d":"0.00"}},"Sqm",{"$f":"ESTIMATE!K908","v":201.45},{"v":0,"d":"0.00"},{"v":0,"d":"0.00"},{"v":0,"d":"0.00"},"-",{"v":0,"d":"0.00"},{"$nulls":4},0,null,{"v":0,"d":"0.00"},null,0,{"v":0,"d":"0.00"}]
["9","Painting  with Emulsion paint for external walls",{"v":0,"d":"0.00"},"Sqm",{"v":276.7,"d":"276.70"},{"v":0,"d":"0.00"},{"$f":"ESTIMATE!I916","v":{"v":0,"d":"0.00"}},"Sqm",{"$f":"ESTIMATE!K916","v":{"v":276.7,"d":"276.70"}},{"v":0,"d":"0.00"},{"v":0,"d":"0.00"},{"v":0,"d":"0.00"},"-",{"v":0,"d":"0.00"},{"$nulls":4},29548,null,{"v":-29548,"d":"-29548.00"},null,157.73000000000002,{"v":-157.73000000000002,"d":"-157.73"}]
["10","Supplying and fixing Gyp Board Suspended regular single layer false ceiling ",{"v":0,"d":"0.00"},"Sqm",{"v":1760.4100000000003,"d":"1760.41"},{"v":0,"d":"0.00"},{"$f":"ESTIMATE!I922","v":{"v":0,"d":"0.00"}},"Sqm",{"$f":"ESTIMATE!K922","v":{"v":1760.4100000000003,"d":"1760.41"}},{"v":0,"d":"0.00"},{"v":0,"d":"0.00"},{"v":0,"d":"0.00"},"-",{"v":0,"d":"0.00"}]
["11","Providing and fixing 28 -30 MM thick solid Wood PolymerComposite(WPC) door",{"$f":"G18","v":{"v":6.3,"d":"6.30"}},"Sqm",{"$f":"I18","v":8363.11},{"$f":"ROUND(C18*E18/1,0)","v":{"v":52688,"d":"52688.00"}},{"$f":"ESTIMATE!I1360","v":{"v":6.3,"d":"6.30"}},"Sqm",{"$f":"ESTIMATE!K1360","v":8363.11},{"$f":"ROUND(G18*I18,2)","v":52687.59},{"$f":"IF(J18>F18,J18-F18,0)","v":{"v":0,"d":"0.00"}},{"$f":"IF(J18<F18,F18-J18,0)","v":{"v":0.41000000000349246,"d":"0.41"}},"-",{"$f":"E18-I18","v":{"v":0,"d":"0.00"}},{"$nulls":4},189353,null,-136665.41,null,31.5,{"v":-25.2,"d":"-25.20"}]
["12","Providing and fixing factory made uPVC  windows 2track",{"v":0,"d":"0.00"},"Sqm",{"v":6698,"d":"6698.00"},{"$f":"ROUND(C19*E19/1,0)","v":{"v":0,"d":"0.00"}},{"$f":"ESTIMATE!I1386","v":{"v":0,"d":"0.00"}},"Sqm",{"$f":"ESTIMATE!K1386","v":{"v":6698,"d":"6698.00"}},{"v":0,"d":"0.00"},{"v":0,"d":"0.00"},{"v":0,"d":"0.00"},"-",{"v":0,"d":"0.00"}]
["13","Supplying and fixing of  ventilator",{"v":0,"d":"0.00"},"No",{"v":591.9,"d":"591.90"},{"$f":"ROUND(C20*E20/1,0)","v":{"v":0,"d":"0.00"}},{"$f":"ESTIMATE!I1395","v":{"v":0,"d":"0.00"}},"No",{"$f":"ESTIMATE!K1395","v":{"v":591.9,"d":"591.90"}},{"v":0,"d":"0.00"},{"v":0,"d":"0.00"},{"v":0,"d":"0.00"},"-",{"v":0,"d":"0.00"},{"$nulls":4},0,null,{"v":0,"d":"0.00"},null,null,{"v":0,"d":"0.00"}]
["14","Supplying  & fixing of Iron  Grills ",{"v":0,"d":"0.00"},"Kg",{"v":116.46000000000001,"d":"116.46"},{"$f":"ROUND(C21*E21/1,0)","v":{"v":0,"d":"0.00"}},{"$f":"ESTIMATE!I1403","v":{"v":0,"d":"0.00"}},"kgs",{"$f":"ESTIMATE!K1403","v":{"v":116.46000000000001,"d":"116.46"}},{"v":0,"d":"0.00"},{"v":0,"d":"0.00"},{"v":0,"d":"0.00"},"-",{"v":0,"d":"0.00"},{"$nulls":4},39023,null,{"$f":"J21-S21","v":{"v":-39023,"d":"-39023.00"}},null,32.42,{"$f":"G21-W21","v":-32.42}]
["15","S&F of 25mm dia CPVC pipes",{"v":0,"d":"0.00"},"Rm",{"v":222,"d":"222.00"},{"$f":"ROUND(C22*E22,0)","v":{"v":0,"d":"0.00"}},{"$f":"ESTIMATE!I1439","v":{"v":0,"d":"0.00"}},"Rm",{"$f":"ESTIMATE!K1439","v":{"v":222,"d":"222.00"}},{"v":0,"d":"0.00"},{"v":0,"d":"0.00"},{"v":0,"d":"0.00"},"-",{"v":0,"d":"0.00"},{"$nulls":4},4920,null,{"v":-4920,"d":"-4920.00"},null,40,{"v":-40,"d":"-40.00"}]
["16","Labour charges for CPVC PIPes ",{"v":0,"d":"0.00"},"Rm",{"v":35,"d":"35.00"},{"$f":"ROUND(C23*E23,0)","v":{"v":0,"d":"0.00"}},{"$f":"ESTIMATE!I1453","v":{"v":0,"d":"0.00"}},"Rm",{"$f":"ESTIMATE!K1453","v":{"v":35,"d":"35.00"}},{"v":0,"d":"0.00"},{"v":0,"d":"0.00"},{"v":0,"d":"0.00"},"-",{"v":0,"d":"0.00"},{"$nulls":4},2480,null,{"v":-2480,"d":"-2480.00"},null,80,{"v":-80,"d":"-80.00"}]
["17","S&F of Bib Type Taps",{"v":0,"d":"0.00"},"No",{"v":387,"d":"387.00"},{"v":0,"d":"0.00"},{"$f":"ESTIMATE!I1457","v":{"v":0,"d":"0.00"}},"No",{"$f":"ESTIMATE!K1457","v":{"v":387,"d":"387.00"}},{"v":0,"d":"0.00"},{"v":0,"d":"0.00"},{"v":0,"d":"0.00"},"-",{"v":0,"d":"0.00"},{"$nulls":4},698,null,{"v":-698,"d":"-698.00"},null,2,{"v":-2,"d":"-2.00"}]
["18","S&F of 110mm dia PVC Pipes",{"v":0,"d":"0.00"},"Rm",{"v":149,"d":"149.00"},{"v":0,"d":"0.00"},{"$f":"ESTIMATE!I1470","v":{"v":0,"d":"0.00"}},"Rm",{"$f":"ESTIMATE!K1470","v":{"v":149,"d":"149.00"}},{"v":0,"d":"0.00"},{"v":0,"d":"0.00"},{"v":0,"d":"0.00"},"-",{"v":0,"d":"0.00"},{"$nulls":4},820,null,{"$f":"J25-S25","v":{"v":-820,"d":"-820.00"}},null,6,{"$f":"G25-W25","v":{"v":-6,"d":"-6.00"}}]
["19","S&F of 75mm dia PVC Pipes",{"v":0,"d":"0.00"},"Rm",{"v":89,"d":"89.00"},{"v":0,"d":"0.00"},{"$f":"ESTIMATE!I1478","v":{"v":0,"d":"0.00"}},"Rm",{"$f":"ESTIMATE!K1478","v":{"v":89,"d":"89.00"}},{"v":0,"d":"0.00"},{"v":0,"d":"0.00"},{"v":0,"d":"0.00"},"-",{"v":0,"d":"0.00"},{"$nulls":4},488,null,{"v":-488,"d":"-488.00"},null,6,{"v":-6,"d":"-6.00"}]
["20","Labour charges for PVC PIPes ",{"v":0,"d":"0.00"},"Rm",{"v":84,"d":"84.00"},{"v":0,"d":"0.00"},{"$f":"ESTIMATE!I1483","v":{"v":0,"d":"0.00"}},"Rm",{"$f":"ESTIMATE!K1483","v":{"v":84,"d":"84.00"}},{"v":0,"d":"0.00"},{"v":0,"d":"0.00"},{"v":0,"d":"0.00"},"-",{"v":0,"d":"0.00"},{"$nulls":4},840,null,{"v":-840,"d":"-840.00"},null,12,{"v":-12,"d":"-12.00"}]
["21","S&F of European type water closet",{"v":0,"d":"0.00"},"No",{"v":5297,"d":"5297.00"},{"v":0,"d":"0.00"},{"$f":"ESTIMATE!I1487","v":{"v":0,"d":"0.00"}},"No",{"$f":"ESTIMATE!K1487","v":{"v":5297,"d":"5297.00"}},{"v":0,"d":"0.00"},{"v":0,"d":"0.00"},{"v":0,"d":"0.00"},"-",{"v":0,"d":"0.00"},{"$nulls":4},9552,null,{"v":-9552,"d":"-9552.00"},null,2,{"v":-2,"d":"-2.00"}]
["22","S&F of Wash basin",{"v":0,"d":"0.00"},"No",{"v":2025,"d":"2025.00"},{"$f":"ROUND(C29*E29,0)","v":{"v":0,"d":"0.00"}},{"$f":"ESTIMATE!I1499","v":{"v":0,"d":"0.00"}},"No",{"$f":"ESTIMATE!K1499","v":{"v":2025,"d":"2025.00"}},{"v":0,"d":"0.00"},{"v":0,"d":"0.00"},{"v":0,"d":"0.00"},"-",{"v":0,"d":"0.00"},{"$nulls":4},3654,null,{"v":-3654,"d":"-3654.00"},null,2,{"v":-2,"d":"-2.00"}]
["23","Nahany trap with Jali-  PVC/SWR Pipe fittings",{"v":0,"d":"0.00"},"No",{"v":115,"d":"115.00"},{"$f":"ROUND(C30*E30,0)","v":{"v":0,"d":"0.00"}},{"$f":"ESTIMATE!I1502","v":{"v":0,"d":"0.00"}},"No",{"$f":"ESTIMATE!K1502","v":{"v":115,"d":"115.00"}},{"v":0,"d":"0.00"},{"v":0,"d":"0.00"},{"v":0,"d":"0.00"},"-",{"v":0,"d":"0.00"},{"$nulls":4},230,null,{"v":-230,"d":"-230.00"},null,2,{"v":-2,"d":"-2.00"}]
["24","200/18 SWG Module box w for 8 Module box",{"v":3,"d":"3.00"},"No",230.64,{"$f":"ROUND(C31*E31,0)","v":{"v":692,"d":"692.00"}},{"$f":"ESTIMATE!I1566","v":{"v":3,"d":"3.00"}},"No",{"$f":"ESTIMATE!K1566","v":230.64},691.92,{"$f":"IF(J31>F31,J31-F31,0)","v":{"v":0,"d":"0.00"}},{"$f":"IF(J31<F31,F31-J31,0)","v":{"v":0.08000000000004093,"d":"0.08"}},"-",{"$f":"E31-I31","v":{"v":0,"d":"0.00"}},{"$nulls":4},510,null,{"v":181.91999999999996,"d":"181.92"},null,3,{"v":0,"d":"0.00"}]
["25","Wiring with run of 2 of 14/0.3mm (1.0 Sq.mm) ",{"$f":"G32","v":{"v":9,"d":"9.00"}},"poi",{"$f":"I32","v":557.66},{"$f":"ROUND(C32*E32,0)","v":{"v":5019,"d":"5019.00"}},{"$f":"ESTIMATE!I1592","v":{"v":9,"d":"9.00"}},"Poi",{"$f":"ESTIMATE!K1592","v":557.66},{"$f":"ROUND(G32*I32,2)","v":5018.94},{"v":0,"d":"0.00"},{"v":0.06000000000040018,"d":"0.06"},"-",{"v":0,"d":"0.00"},{"$nulls":4},29164,null,-24145.06,null,65,{"v":-56,"d":"-56.00"}]
["26","Wiring with run of 2 of 14/0.3mm (1.0 Sq.mm) ",{"v":3,"d":"3.00"},"poi",582.66,{"v":1748,"d":"1748.00"},{"$f":"ESTIMATE!I1596","v":{"v":3,"d":"3.00"}},"Poi",{"$f":"ESTIMATE!K1596","v":582.66},1747.98,{"v":0,"d":"0.00"},{"v":0.01999999999998181,"d":"0.02"},"-",{"v":0,"d":"0.00"},{"$nulls":4},0,null,1747.98,null,0,{"v":3,"d":"3.00"}]
["27","Supply and  Run of 2 of 36/0.3mm (2.50 Sq.mm)",{"v":90,"d":"90.00"},"Rm",100.19,{"v":9017,"d":"9017.00"},{"$f":"ESTIMATE!I1600","v":{"v":90,"d":"90.00"}},"Rm",{"$f":"ESTIMATE!K1600","v":100.19},{"v":9017.1,"d":"9017.10"},{"v":0.1000000000003638,"d":"0.10"},{"v":0,"d":"0.00"},"-",{"v":0,"d":"0.00"},{"$nulls":4},18954,null,{"v":-9936.9,"d":"-9936.90"},null,291.9,{"v":-201.89999999999998,"d":"-201.90"}]
["28","Supply and  Run of 2 of 56/0.3mm (4.00 Sq.mm)",{"v":0,"d":"0.00"},"Rm",133.97,{"v":0,"d":"0.00"},{"$f":"ESTIMATE!I1604","v":{"v":0,"d":"0.00"}},"Rm",{"$f":"ESTIMATE!K1604","v":133.97},{"v":0,"d":"0.00"},{"v":0,"d":"0.00"},{"v":0,"d":"0.00"},"-",{"v":0,"d":"0.00"},{"$nulls":4},3349,null,{"v":-3349,"d":"-3349.00"},null,33.95,-33.95]
["29","Supply of Cover frames for 8 module box",{"v":3,"d":"3.00"},"no",223.82,{"v":671,"d":"671.00"},{"$f":"ESTIMATE!I1615","v":{"v":3,"d":"3.00"}},"No",{"$f":"ESTIMATE!K1615","v":223.82},671.46,{"v":0.4600000000000364,"d":"0.46"},{"v":0,"d":"0.00"},"-",{"v":0,"d":"0.00"},{"$nulls":4},0,null,671.46,null,0,{"v":3,"d":"3.00"}]
["30","Supply and fixing of 6A 3/2 pin wall plug socket",{"v":3,"d":"3.00"},"No",156.56,{"$f":"ROUND(C37*E37,0)","v":{"v":470,"d":"470.00"}},{"$f":"ESTIMATE!I1639","v":{"v":3,"d":"3.00"}},"No",{"$f":"ESTIMATE!K1639","v":156.56},469.68,{"v":0,"d":"0.00"},{"v":0.3199999999999932,"d":"0.32"},"-",{"v":0,"d":"0.00"},{"$nulls":4},7263,null,-6793.32,null,26,{"v":-23,"d":"-23.00"}]
["31","Supply and fixing of 16A 3/2 pin wall plug socket",{"v":0,"d":"0.00"},"No",{"v":437.5,"d":"437.50"},{"v":0,"d":"0.00"},{"$f":"ESTIMATE!I1635","v":{"v":0,"d":"0.00"}},"No",{"$f":"ESTIMATE!K1635","v":{"v":437.5,"d":"437.50"}},{"v":0,"d":"0.00"},{"v":0,"d":"0.00"},{"v":0,"d":"0.00"},"-",{"v":0,"d":"0.00"},{"$nulls":4},7263,null,{"v":-7263,"d":"-7263.00"},null,26,{"v":-26,"d":"-26.00"}]
["32","Supply and fixing of 6A flush type Neon Indicator.",{"v":3,"d":"3.00"},"No",23.86,{"v":72,"d":"72.00"},{"$f":"ESTIMATE!I1646","v":{"v":3,"d":"3.00"}},"No",{"$f":"ESTIMATE!K1646","v":23.86},71.58,{"v":0,"d":"0.00"},{"v":0.4200000000000017,"d":"0.42"},"-",{"v":0,"d":"0.00"},{"$nulls":4},2090,null,-2018.42,null,15,{"v":-12,"d":"-12.00"}]
["33","S&F of ISI mark batten holder / angle holder",{"v":4,"d":"4.00"},"No",{"v":154.8,"d":"154.80"},{"v":619,"d":"619.00"},{"$f":"ESTIMATE!I1650","v":{"v":4,"d":"4.00"}},"No",{"$f":"ESTIMATE!K1650","v":{"v":154.8,"d":"154.80"}},{"v":619.2,"d":"619.20"},{"v":0.20000000000004547,"d":"0.20"},{"v":0,"d":"0.00"},"-",{"v":0,"d":"0.00"},{"$nulls":4},1674,null,{"v":-1054.8,"d":"-1054.80"},null,24,{"v":-20,"d":"-20.00"}]
["34","S&F of ceiling fan",{"v":3,"d":"3.00"},"No",3780.03,{"v":11340,"d":"11340.00"},{"$f":"ESTIMATE!I1654","v":{"v":3,"d":"3.00"}},"No",{"$f":"ESTIMATE!K1654","v":3780.03},11340.09,{"v":0.09000000000014552,"d":"0.09"},{"v":0,"d":"0.00"},"-",{"v":0,"d":"0.00"},{"$nulls":4},37536,null,-26195.91,null,16,{"v":-13,"d":"-13.00"}]
["35","Fan hook",{"v":3,"d":"3.00"},"No",293.84,{"v":882,"d":"882.00"},{"$f":"ESTIMATE!I1658","v":{"v":3,"d":"3.00"}},"No",{"$f":"ESTIMATE!K1658","v":293.84},881.52,{"v":0,"d":"0.00"},{"v":0.4800000000000182,"d":"0.48"},"-",{"v":0,"d":"0.00"},{"$nulls":4},2096,null,-1214.48,null,16,{"v":-13,"d":"-13.00"}]
["36","S&F of Tube light",{"v":3,"d":"3.00"},"No",458.87,{"v":1377,"d":"1377.00"},{"$f":"ESTIMATE!I1689","v":{"v":3,"d":"3.00"}},"No",{"$f":"ESTIMATE!K1689","v":458.87},1376.61,{"v":0,"d":"0.00"},{"v":0.39000000000010004,"d":"0.39"},"-",{"v":0,"d":"0.00"},{"$nulls":4},12090,null,-10713.39,null,30,{"v":-27,"d":"-27.00"}]
["37","Provision for QC @0.5% ",{"$nulls":3},{"$f":"CS!J249","v":{"v":6148,"d":"6148.00"}},{"$nulls":3},{"$f":"ESTIMATE!M1716","v":{"v":6148,"d":"6148.00"}},{"v":0,"d":"0.00"},{"v":0,"d":"0.00"},"-",{"v":0,"d":"0.00"},{"$nulls":4},20301,null,{"$f":"J44-S44","v":{"v":-14153,"d":"-14153.00"}},null,null,{"$f":"G44-W44","v":{"v":0,"d":"0.00"}}]
["38","Provision for GST charges @ 18%",{"$nulls":3},{"$f":"CS!J250","v":{"v":221749,"d":"221749.00"}},{"$nulls":3},{"$f":"ESTIMATE!M1717","v":{"v":221749,"d":"221749.00"}},{"v":0,"d":"0.00"},{"v":0,"d":"0.00"},"-",{"v":0,"d":"0.00"}]
["39","Provision for Supervision charges @ 3%",{"$nulls":3},{"$f":"CS!J251","v":{"$error":"#REF!"}},{"$nulls":3},{"$f":"ESTIMATE!#REF!","v":{"$error":"#REF!"}},{"$error":"#REF!"},{"$error":"#REF!"},"-",{"v":0,"d":"0.00"}]
["40","Provision for Seignorage charges",{"$nulls":3},{"$f":"CS!J252","v":{"v":2427,"d":"2427.00"}},{"$nulls":3},{"$f":"ESTIMATE!M1714","v":{"v":2427,"d":"2427.00"}},{"v":0,"d":"0.00"},{"v":0,"d":"0.00"},"-",{"v":0,"d":"0.00"},{"$nulls":4},26478,null,{"v":-24051,"d":"-24051.00"},null,null,{"v":0,"d":"0.00"}]
["41","Unforseen items such as if any",{"$nulls":3},{"$f":"CS!J255","v":{"v":40165,"d":"40165.00"}},{"$nulls":4},{"v":0,"d":"0.00"},{"v":40165,"d":"40165.00"},"-",{"v":0,"d":"0.00"},{"$nulls":4},-122011,null,{"v":122011,"d":"122011.00"}]
[null,null,"As per working estimate",null,null,{"$f":"SUM(F7:F48)","v":{"$error":"#REF!"}},{"$nulls":3},{"$f":"SUM(J7:J48)","v":{"$error":"#REF!"}},{"$f":"SUM(K7:K48)","v":{"$error":"#REF!"}},{"$f":"SUM(L7:L48)","v":{"$error":"#REF!"}}]
[null,null,"As per M.Book",null,null,{"$f":"J49","v":{"$error":"#REF!"}},{"$nulls":5},{"$f":"K49","v":{"$error":"#REF!"}}]
[null,"TOTAL","Difference in estimate",null,null,{"$f":"F49-F50","v":{"$error":"#REF!"}},{"$nulls":5},{"$f":"L49-L50","v":{"$error":"#REF!"}}]
[]
[]
[{"$nulls":7},{"$f":"'lead 24-25'!H32","v":"Deputy Executive Engineer"},null,null,{"$f":"'lead 24-25'!K32","v":"Assistant  Engineer"}]
[{"$nulls":7},{"$f":"'lead 24-25'!H33","v":"PRI Sub Division"},null,null,{"$f":"'lead 24-25'!K33","v":"Mandal Praja parishad"}]
[{"$nulls":7},{"$f":"'lead 24-25'!H34","v":"Kanigiri"},null,null,{"$f":"'lead 24-25'!K34","v":"P.C.Palli"}]

{"sheet":"check slip","index":16,"n_rows":21,"n_cols":5,"rows_kept":21,"hidden":true,"merged":[[0,0,0,6],[2,1,2,2],[3,1,3,2],[3,4,3,6],[4,1,4,2],[4,4,4,6],[5,1,5,2],[5,4,5,6],[6,1,6,2],[6,4,6,6],[7,1,7,2],[7,4,7,6],[8,1,8,2],[8,4,8,6],[9,1,9,2],[9,4,9,6],[10,1,10,2],[10,4,10,6],[11,1,11,2],[11,4,11,6],[12,1,12,2],[12,4,12,6],[13,1,13,2],[13,4,13,6],[14,1,14,2],[14,4,14,6],[15,1,15,2],[15,4,15,6],[16,1,16,2],[16,4,16,6],[17,1,17,2],[17,4,17,6],[18,1,18,2],[18,4,18,6],[19,1,19,2],[19,4,19,6],[20,1,20,2],[20,4,20,6]]}
["ZILLA PARISHAD CHECK SLIP                 IN TRIPLICATE"]
[]
[null,"Name of the Grant: ZPGF 15% Office Maintenance Grant.",null,null,"Serial No. of the Bill: 1st & Final"]
[1,"Measurement Books",null,":","190/A/ZP/20"]
[2,"Name of the Sub Diviaion",null,":","PRI Sub Division: Kanigiri"]
[3,"Name of the Work:-",null,":",{"$f":"'C-1 '!E7:G7","v":"Completion of incomplete Anganwadi building  in Paletipalli village of P.C.Palli Mandal."}]
[4,"Name of the village and Mandal",null,":","Kanigiri"]
[5,"Admn. Sanction No. & Date",null,":",{"$f":"'C-1 '!E10:G10","v":"Rc.No.P4/127-VOL-2/2022 Dt. 14.12.2022 of the Chief Executive Officer, Zilla Parishad, Prakasam District, Ongole "}]
[6,"Tech. Sanction No. & Date",null,":",{"$f":"'C-1 '!E11:G11","v":"DR No.       /2022-23 Dt 20.01.2023  of the  Executive Engineer, PRI  Division, Kandukur"}]
[7,"Agt.No. & Date",null,":",{"$f":"'C-1 '!E12:G12","v":"No.       /2022-23 Dt 06.02.2023  of the Executive Engineer, PRI Division, Kandukur"}]
[8,"Estimate Amount",null,":",{"$f":"'C-1 '!E9:G9","v":"15.00 Lakhs"}]
[9,"Value of work done",null,":"]
[10,"Date of Recoring along with Page Number by Section officer",null,":"]
[11,"Date of Recoring along with Page Number by Dy.Executive engineer",null,":"]
[12,"Date of Agreement",null,":","06.02.2023"]
[13,"Nature of Contract",null,":",{"$f":"'C-1 '!E13:G13","v":"G.Anok, Nominee, Habitation works committee, Challagiragala"}]
[14,"Amount already paid",null,":"]
[15,"Amount to be paid",null,":"]
[16,"Whether digital photos were taken or not",null,":","Yes"]
[17,"Whether display board placed at work spot",null,":","Yes"]
[18,"Date of Completion of work",null,":"]

{"sheet":"C-1 ","index":17,"n_rows":57,"n_cols":7,"rows_kept":57,"hidden":true,"merged":[[1,0,1,6],[4,1,4,2],[4,4,4,6],[5,1,5,2],[5,4,5,6],[6,1,6,2],[6,4,6,6],[7,1,7,2],[7,4,7,6],[8,1,8,2],[8,4,8,6],[9,1,9,2],[9,4,9,6],[10,1,10,2],[10,4,10,6],[11,1,11,2],[11,4,11,6],[12,1,12,2],[12,4,12,6],[13,1,13,2],[13,4,13,6],[14,1,14,2],[14,4,14,6],[15,1,15,2],[15,4,15,6],[16,1,16,2],[16,4,16,6],[17,1,17,2],[17,4,17,6],[18,1,18,2],[18,4,18,6],[19,1,19,2],[19,4,19,6],[20,1,20,2],[20,4,20,6],[21,1,21,2],[21,4,21,6],[22,1,22,2],[22,5,22,6],[28,1,28,6],[29,1,29,2],[29,4,29,6],[30,1,30,2],[30,4,30,6],[31,1,31,2],[31,4,31,6],[32,1,32,2],[32,4,32,6],[33,1,33,2],[33,4,33,6],[34,1,34,2],[34,4,34,6],[35,1,35,2],[35,4,35,6],[36,1,36,2],[36,4,36,6],[41,1,41,6],[42,1,42,2],[42,4,42,6],[43,1,43,2],[43,4,43,6],[44,1,44,2],[44,4,44,6],[45,1,45,2],[45,4,45,6],[46,1,46,2],[46,4,46,6],[47,1,47,2],[47,4,47,6],[48,1,48,2],[48,4,48,6],[49,1,49,2],[49,4,49,6],[50,1,50,6],[51,1,51,2],[51,4,51,6],[52,1,52,2],[52,4,52,6],[53,1,53,2],[53,4,53,6],[54,1,54,2],[54,4,54,6],[55,1,55,2],[55,4,55,6],[56,1,56,2],[56,4,56,6]]}
[{"$nulls":4},"Sub Divisional Bill No."]
["SUB DIVISION CHECK SLIP TO ACCOMPANYING  ALL WORK BILLS"]
[null,"Name of the Grant:","ZPGF 15% Office Maintenance Grant.",null,null,"S.No. of the Bill: 1st & Final"]
[null,"Connected M.Book Nos:  190/A/ZP/20"]
[1,"Name of the Sub Division",null,":","Kanigiri"]
[2,"Name of the Mandal",null,":","Kanigiri"]
[3,"Name of the Work:-",null,":",{"$f":"'lead 24-25'!C2","v":"Completion of incomplete Anganwadi building  in Paletipalli village of P.C.Palli Mandal."}]
[4,"Work ID No.",null,":"]
[5,"Estimate Amount",null,":",{"$f":"'lead 24-25'!K4","v":"15.00 Lakhs"}]
[6,"Admn. Sanction No. & Date",null,":","Rc.No.P4/127-VOL-2/2022 Dt. 14.12.2022 of the Chief Executive Officer, Zilla Parishad, Prakasam District, Ongole "]
[7,"Tech. Sanction No. & Date",null,":","DR No.       /2022-23 Dt 20.01.2023  of the  Executive Engineer, PRI  Division, Kandukur"]
[8,"Agreement No. & Date & Value or work commencement order reference for NREGS",null,":","No.       /2022-23 Dt 06.02.2023  of the Executive Engineer, PRI Division, Kandukur"]
[9,"Name & Address of the Contractor with PAN No.",null,":","G.Anok, Nominee, Habitation works committee, Challagiragala"]
[10,"Bank Account Number (For NREGS works)",null,":","-"]
[11,"No of Musters enclosed to this bill for NREGS works",null,":","Nil"]
[12,"Working estimate Amount",null,":",{"$f":"E9","v":"15.00 Lakhs"}]
[13,"Supplimental Agt. No./Dt & Value",null,":"]
[14,"Nature Contract",null,":"]
[15,"Date of Agreement i.e DHS",null,":"]
[16,"Date fixed for completion (DFC)",null,":"]
[17,"Date of last recording of Measurement of Present bill",null,":"]
[18,"Whether the work is completed with in the Agreement period, if not sanction of EOAT period & Reference nO. & date & Fine if any",null,":","Yes"]
[19,"Date of Measurements recorded in M.Book by section Officer",null,":","Date of Check measured by Dy. Executive Engineer","Date of Check measured by Executive Engineer"]
[null,"P.No.","Date",null,"Date","P.No.","Date"]
[]
[]
[]
[]
[20,"Super Check Measurement of work (Date/MB Page NO. & % of value)"]
[null,"i) By Executive Engineer",null,":"]
[null,"ii) By Superintending Engineer",null,":"]
[21,"Whether the Supercheck measurement statement enclosed",null,":"]
[22,"Whether the Contractor has accepted the measurements",null,":","Yes"]
[23,"Whether the contractor signed the bill",null,":","Yes"]
[24,"Whether released & Discharge certificate furnished by the Contractor for Final Bill",null,":","Yes"]
[25,"QC inspection Date & Recovery proposed if any",null,":","No"]
[26,"Other Remarks of the DEE",null,":","No"]
[]
[]
[]
[]
[null,"DIVISIONAL CHECK"]
[27,"Seineorage charges amount & OTP on Sand Vide Page of M.B.",null,":"]
[28,"Whether the photos of the work in three stages Name board. Km, HM stones for NREGS work enclosed.",null,":"]
[29,"EMD details DDs (or) B.G, if B.G its No. / Dt & Validity. Whether extended if EOAT is sanctioned",null,":"]
[30,"Insurance policty No. Date, Amount & Validity Whether the insurance is extended if EOAT is sanctioned (For Tender works)",null,":"]
[31,"Whether T.A Appointment letters willingness & qualification certificates furnished or not Mensioned the Name ( for Tender works)",null,":"]
[32,"Wheter the DEE has furnished the certificate in M.Book for engagement of techncial agents with Name (For tender works)",null,":"]
[33,"Whether the contractor opted under VAT composition and produced the CTO letter or No",null,":"]
[34,"Whether the asset Handling over to the concerned Dept certificate furnished.",null,":"]
[35,"Super Check Measurement of work (Date/MB Page NO. & % of value)"]
[null,"i) BY Executive Engineer",null,":"]
[null,"ii) By Superintending Engineer",null,":"]
[36,"Whether the Supercheck measurement statement enclosed",null,":"]
[37,"Completion Reporst are received along with final bills",null,":","Amount                 Approved by                      Date"]
[38,"Whether the Quantities and Rate are as per approved estimate",null,":"]
[39,"Remarks of the case worker in B.D.",null,":"]

{"sheet":"CC f","index":18,"n_rows":90,"n_cols":12,"rows_kept":90,"hidden":true,"merged":[[0,0,0,9],[1,1,1,3],[1,6,1,9],[2,1,2,3],[2,6,2,9],[3,1,3,9],[4,1,4,9],[5,1,5,9],[6,1,6,9],[7,1,7,9],[8,1,8,9],[9,1,9,3],[9,4,9,5],[9,7,9,8],[10,1,10,3],[10,4,10,5],[10,7,10,8],[12,0,13,0],[12,1,12,3],[12,4,13,4],[12,5,13,5],[12,6,13,6],[12,7,12,8],[12,9,13,9],[13,1,13,2],[78,4,78,5],[79,4,79,5],[80,4,80,5],[80,8,80,9],[81,1,81,4],[81,7,81,9],[82,3,82,4],[82,5,82,9],[83,3,83,4],[84,3,84,4],[84,5,84,9],[85,3,85,4],[85,5,85,7],[85,8,85,9],[86,3,86,4],[86,5,86,6],[86,7,86,9]]}
["CONTRACT CERTIFICATE"]
[{"$nulls":6},{"$f":"'C-1 '!C3","v":"ZPGF 15% Office Maintenance Grant."}]
[]
[null,{"$f":"'lead 24-25'!B2&'lead 24-25'!C2","v":"Name of the Work: Completion of incomplete Anganwadi building  in Paletipalli village of P.C.Palli Mandal."}]
[null,"Name of the Contractor : G.Anok, Nominee, Habitation works committee, Challagiragala"]
[null,"Voucher : CC 1st & Final"]
[null,"Last Certificate if any : "]
[null,"Month :  "]
[null,"Number and month of the last schedule if any :- "]
[null,"Mandal : Kanigiri",null,null,"               Amount of estimate : Rs. 5.00 Lakhs",null,null,"Voucher No:"]
[null,"Overseer's No.",null,null,"Authority Covering list No.",null,null,"Schedule No."]
[]
["S.No","Quantity executed or Supplied",null,null,"Description of Items.","Rate in Rs.","Per","Amount",null,"Remarks"]
[null,"Upto Date",null,"Since last certificate",{"$nulls":3},"Upto Date in Rs.","Since last certificate in Rs."]
[]
["1",{"$f":"CR!G8","v":{"v":0,"d":"0.00"}},"Sqm",null,"Providing impervious coat to exposed RCC Roof Slab surface with CM (1:3) 12mm thick with 1Kg of water proof compound per bag of Cement laid over roof when it is green including c/c of all materials and labour charges for mixing mortar, laying, rendering smooth and thread lining of wall & slab etc complete for finished item of work (APSS 901,903) ",{"$f":"CR!I8","v":406.34},"1Sqm",{"$f":"ROUND(B16*F16,2)","v":{"v":0,"d":"0.00"}}]
["2",{"$f":"CR!G9","v":{"v":0,"d":"0.00"}},"Sqm",null,"Plastering to brick masonary wall with  12mm thick double coat in CM (1:5) 8 mm thick base coat and CM (1:3) of 4mm thick top coat with dubara sponge finish including c/c of all materials including all operational, incidental and labour charges such as mixing cement mortar and curing etc complete for finished item of work (APSS 901,  903 & 904) ",{"$f":"CR!I9","v":521.53},"1Sqm",{"$f":"ROUND(B17*F17,2)","v":{"v":0,"d":"0.00"}}]
["3",{"$f":"CR!G10","v":{"v":0,"d":"0.00"}},"Sqm",null,"Flooring with Porcelain Vitrified tiles stain free double charged of 1st quality and of size not less than 600X600X8mm thickness glossy finish premium colours, set over base coat of CM (1:8), 12mm thick over already laid CC bed / RCC Roof slab, including neat Cement slurry of honey like consistency spread @ 3.30 Kgs per Sqm & jointed with neat white Cement paste to full depth mixed with pigment of matching shade including c/c of all materials like Cement, Sand and Water and tiles etc complete including labour charges etc complete for finished item of work ",{"$f":"CR!I10","v":1284.36},"1Sqm",{"v":0,"d":"0.00"}]
["4",{"$f":"CR!G11","v":{"v":0,"d":"0.00"}},"Sqm",null,"Providing Skirting to internal walls to 15cm height / risers of steps with Porcelain Vitrified tiles length equal to flooring stones, set over base coat of CM (1:5) 12mm thick with Cement slurry of honey like consistency spread @ 3.30 Kgs per Sqm & jointed with white Cement paste mixed with pigment of matching shade to full depth, including c/c of materials like Cement, Sand and Water and tiles etc complete for finished item of work ",{"$f":"CR!I11","v":1279.49},"1Sqm",{"v":0,"d":"0.00"}]
["5",{"$f":"CR!G12","v":{"v":0,"d":"0.00"}},"Sqm",null,"Flooring with Ceramic non skid tiles of not less than 7-8mm thick 1st quality laid over floor bed / VRCC slab set over base coat of CM (1:8), 12mm thick and neat grey Cement slurry of honey like consistency spread @ 3.30 Kgs per Sqm & jointed with neat white Cement paste to full depth mixed with pigment of matching shade including c/c of all materials to site including cost of mixing of mortar and watering and levelling to proper slope and curing including all labour charges etc for finished item of work  ",{"$f":"CR!I12","v":889.81},"1Sqm",{"v":0,"d":"0.00"}]
["6",{"$f":"CR!G13","v":{"v":0,"d":"0.00"}},"Sqm",null,"Providing Daddooing to walls with 5 to 7mm thick Glazed Ceramic wall tiles of 1st quality of 6mm thick set over base coat of CM (1:3) 12mm thick with Cement slurry of honey like consistency spread @ 3.30 Kgs per Sqm & jointed with neat white Cement paste to full depth mixed with pigment of matching shade including c/c of all materials to site, cost of all materials like tiles, Cement, sand and water etc complete for finished item of work  ",{"$f":"CR!I13","v":509.65},"1Sqm",{"v":0,"d":"0.00"}]
["7",{"$f":"CR!G14","v":{"v":0,"d":"0.00"}},"Sqm",null,"Providing and applying Wall putty of White Cement or Polymer or Cement based of average 1 to 2 mm thickness over plastered surface to prepare the surface even and smooth after thoroughly brushing the surface to remove all dirt and remains of loose powdered materials, applying emery paper, Sand the surface, clean & wipe off loose dust, applying knifing paste filler by putty knife / muslin pad, air dry for 2 - 3 hrs, sand with 180 and 320 No., emery paper for the surface preparation including cost and conveyance of all materials and all operational, incidental and all labour charges etc., complete for finished item of work in all floors for internal walls",{"$f":"CR!I14","v":199.95},"1Sqm",{"v":0,"d":"0.00"}]
["8",{"$f":"CR!G15","v":{"v":0,"d":"0.00"}},"Sqm",null,"Painting to new walls with 2 coats of acrylic Emulsion paint Asian or equivalent and shade over Priming coat with Cement primer water base interior Gr-1 Asian or equivalent on new plastered surface after throughly brushing the surace remove all dirt and remains of loose powdered materials including cost and conveyance of all materials to worksite and all oparational, incidental, labour charges etc complete for  finished item of work as per SS 911 for internal walls",{"$f":"CR!I15","v":201.45},"1Sqm",{"v":0,"d":"0.00"}]
["9",{"$f":"CR!G16","v":{"v":0,"d":"0.00"}},"Sqm",null,"Painting to new walls with 2 coats of acrylic Emulsion paint Asian or equivalent and shade over Priming coat with Cement primer water base interior Gr-1 Asian or equivalent on new plastered surface after throughly brushing the surace remove all dirt and remains of loose powdered materials including cost and conveyance of all materials to worksite and all oparational, incidental, labour charges etc complete for  finished item of work as per SS 911 for external walls",{"$f":"CR!I16","v":{"v":276.7,"d":"276.70"}},"1Sqm",{"v":0,"d":"0.00"}]
["10",{"$f":"CR!G17","v":{"v":0,"d":"0.00"}},"Sqm",null,"Supplying and fixing Gyp Board Suspended regular single layer false ceiling (GS-MFSC-4.1 as per India Gypsum) using 12.5 mm thick Gyp Board conforming to IS 2095 - 1982 fixing to Gyp steel GI perimeter channels of size 20 mm x 27 mm x 30 mm(web)  of 0.55 mm thick along the perimeter of ceiling screw fixed to brick work/ partition at 610 mm c/c and suspending the frame work using Intermediate channels (45 mm x 15mm x 15mm x 0.9 mm) from soffit at 1220 mm c/c with ceiling angle (25 mm x 10 mm x 0.55 mm) fixed with GI Cleat and steel expansion fasteners & connecting clip to the ceiling channels (with knurled web of 51.5 mm x 26 mm x 10.5 mm x 0.55 mm) fixed in direction perpendicular to the intermediate channel at 457 mm c/c and fixing the 12.5 mm tapered edge Gypboard with 25 mm drywall screws at 230 mm c/c & jointing and finishing using joint compound and paper tape to have a flush look including filling the tapered & square edges with jointing compound, two coats of drywall topcoat complete for finished item of work as per Idia Gypsum Ltd specification.",{"$f":"CR!I17","v":{"v":1760.4100000000003,"d":"1760.41"}},"1Sqm",{"v":0,"d":"0.00"}]
["11",{"$f":"CR!G18","v":{"v":6.3,"d":"6.30"}},"Sqm",null,"Supply and fixing of  Wood Polymer Composite(WPC)  fixing 28 -30 MM thick solid Wood Polymer Composite (WPC)  double extruded door shutter with 3MM top and bottom rigid layer with an overall density of 750kg/Cum. It will be fixed to the frame using 3 inch /4 inch hinges. A minimum of 4 hinges will be required etc., complete",{"$f":"CR!I18","v":8363.11},"1Sqm",52687.59]
["12",{"$f":"CR!G19","v":{"v":0,"d":"0.00"}},"Sqm",null,"Providing and fixing factory made uPVC white colour sliding glazed windowupto 1.50 m in height dimension comprising of uPVC multi-chamberedframe with in-built roller track and sash extruded profiles duly reinforcedwith 1.60 ± 0.2 mm thick galvanized mild steel section made from rollforming process of required length (shape & size according to uPVCprofile), appropriate dimension of uPVC extruded glazing beads anduPVC extruded interlocks, EPDM gasket, wool pile, zinc alloy (whitepowder coated) touch locks withhook, zinc alloy body with single nylonrollers (weight bearing capacity to be 40 kg), G.I fasteners 100 x 8 mmsize for fixing frame to finished wall and necessary stainless steel screwsetc. Profile of frame & sash shall be mitred cut and fusion welded at allcorners, including drilling of holes for fixing hardware's and drainage ofwater etc. After fixing frame the gap between frame and adjacent finishedwall shall be filled with weather proof silicon sealent over backer rod ofrequired size and of approved quality, all complete as per approved drawing& direction of Engineer-in-Charge inclusive of cost of Single / double glass panes,and silicon sealent Two track two panels sliding window made of (small series) frame 52 x 44 mm &sash 32 x 60 mm both having wall thickness of 1.9 ± 0.2 mm and single glazing bead of appropriate dimension. (Area of window upto 1.75 sqm)",{"$f":"CR!I19","v":{"v":6698,"d":"6698.00"}},"1Sqm",{"v":0,"d":"0.00"}]
["13",{"$f":"CR!G20","v":{"v":0,"d":"0.00"}},"No",null,"Supplying and fixing of  ventilator of size 0.60 x 0.45 Mts including fixing of 8mm dia roads and 4mm plain glass including all labour charges etc., complete",{"$f":"CR!I20","v":{"v":591.9,"d":"591.90"}},"1No",{"v":0,"d":"0.00"}]
["14",{"$f":"CR!G21","v":{"v":0,"d":"0.00"}},"kgs",null,"Supplying  & fixing of Iron Doors and Windows Grills including labour charges for fabricating steel including cost of welding rods, power charges & fixing the grill in position etc complete",{"$f":"CR!I21","v":{"v":116.46000000000001,"d":"116.46"}},"1Kg",{"v":0,"d":"0.00"}]
["15",{"$f":"CR!G22","v":{"v":0,"d":"0.00"}},"Rm",null,"Supply and Fixing of Premium make CPVC Pipes and Fittings to meet the requirement of ASTM-D 2846 and are produced in CTS (Copper Tube Sizes 1/2\" ton 2\" Ashirvad  lowgurard SDR 11 and SDR 13.5 pipes are made from  dential CPVC compounds having the same physical  roperties for Hot and Cold Water (IS 15778:2007)for  25mm dia",{"$f":"CR!I22","v":{"v":222,"d":"222.00"}},"1Rm",{"v":0,"d":"0.00"}]
["16",{"$f":"CR!G23","v":{"v":0,"d":"0.00"}},"Rm",null,"Labour charges for laying, joining, welding, fixing and commissioning the C-PVC pipes including all specials such ascouplers/ bends/ tees etc including fixing necessary fittings like bends, plugs, couplers, junctions, tees, etc with welding the joint as per standard practice - up to 40 mm dia",{"$f":"CR!I23","v":{"v":35,"d":"35.00"}},"1Rm",{"v":0,"d":"0.00"}]
["17",{"$f":"CR!G24","v":{"v":0,"d":"0.00"}},"No",null,"Supply & fixing of tested NP bib taps at all levels of 12.70mm dia of Indian make 400g first quality including cost & conveyance of all materials, labour charges for finished item of work, and all taxes complete for all floors",{"$f":"CR!I24","v":{"v":387,"d":"387.00"}},"1No",{"v":0,"d":"0.00"}]
["18",{"$f":"CR!G25","v":{"v":0,"d":"0.00"}},"Rm",null,"Prince/ Sudhakar make or equivalent quality PVC /SWR pipes & fittings ( as per ISI standards) 4kg/cm2 110mm dia. double socket ",{"$f":"CR!I25","v":{"v":149,"d":"149.00"}},"1Rm",{"v":0,"d":"0.00"}]
["19",{"$f":"CR!G26","v":{"v":0,"d":"0.00"}},"Rm",null,"Prince/ Sudhakar make or equivalent quality PVC /SWR pipes & fittings ( as per ISI standards) 4kg/cm2 75mm dia. double socket ",{"$f":"CR!I26","v":{"v":89,"d":"89.00"}},"1Rm",{"v":0,"d":"0.00"}]
["20",{"$f":"CR!G27","v":{"v":0,"d":"0.00"}},"Rm",null,"Labour charges for laying, fixing and commissioning the PVC pipes including couplers/ bends/ tees etc any diameter including fixing necessary fittings like bends, plugs, couplers, junctions, tees, etc with solvent jointing as per standard practice",{"$f":"CR!I27","v":{"v":84,"d":"84.00"}},"1Rm",{"v":0,"d":"0.00"}]
["21",{"$f":"CR!G28","v":{"v":0,"d":"0.00"}},"No",null,"Supplying and Fixing European Water Closet of 1st quality make white glazed with 'P' trap with low down porcelain flushing tank 10 Lit Capacity internal components and Fixing best Indian make plastic seat and lid for European water closets with rubber or plastic Buffers including all labour charges for fixing etc., complete.",{"$f":"CR!I28","v":{"v":5297,"d":"5297.00"}},"1No",{"v":0,"d":"0.00"}]
["22",{"$f":"CR!G29","v":{"v":0,"d":"0.00"}},"No",null,"Supplying and fixing Indian make Flat Back Wash Hand Basin (HSW/Parryware/ Neycer) 1st quality conforming to IS:2556-Part-4:1972 of size 450mm x 300mm with 32 mm nominal size C.P. Fitting with parallel pipe thread onforming to IS:2963-1979 and fitted with 15 mm nominal bore Chromium Plated Pillar Tap of 1st quality Indian make 400 grams Seiko/Senior/Nice or equivalent complete with  tandard CI brackets including wooden blocks ,1 No.12.70mm PVC connection with brass union nuts CP  oated , 1 No.12.70mm NP bib tap 400 gms Seiko or equivalent , 31.75mm dia. PVC flexible waste pipe 914.4mm length of 1st quality including cost and  onveyance of all materials to site, labour charges , overheads & contractors profit for finished item of work",{"$f":"CR!I29","v":{"v":2025,"d":"2025.00"}},"1No",{"v":0,"d":"0.00"}]
["23",{"$f":"CR!G30","v":{"v":0,"d":"0.00"}},"No",null,"Supplying & fixing 4\" (101.6 mm ) Nahany trap with Jali-  PVC/SWR Pipe fittings",{"$f":"CR!I30","v":{"v":115,"d":"115.00"}},"1No",{"v":0,"d":"0.00"}]
["24",{"$f":"CR!G31","v":{"v":3,"d":"3.00"}},"No",null,"Supply of  Hot Dip galvanized 20/18 SWG Module box with earthing terminal for 8 Module box",{"$f":"CR!I31","v":230.64},"1No",691.92]
["25",{"$f":"CR!G32","v":{"v":9,"d":"9.00"}},"Poi",null,"Wiring with run of 2 of 14/0.3mm (1.0 Sq.mm) FRLS / HFFR PVC insulated flexible ISI mark copper cable in existing PVC conduit pipe including Supply and fixing of Jumbo Ceiling rose and 6A/10A ISI Mark 1way flush type switch  in existing Surface or Concealed pipe wiring including cost and conveyance of all material and all labour charges etc., complete for light and bell  points",{"$f":"CR!I32","v":557.66},"1Poi",5018.94]
["26",{"$f":"CR!G33","v":{"v":3,"d":"3.00"}},"Poi",null,"Wiring with run of 2 of 14/0.3mm (1.0 Sq.mm) FRLS / HFFR PVC insulated flexible ISI mark copper cable in existing PVC conduit pipe including Supply and fixing of Jumbo Ceiling rose and 6A/10A ISI Mark 1way flush type switch  in existing Surface or Concealed pipe wiring including cost and conveyance of all material and all labour charges etc., complete for Fan points",{"$f":"CR!I33","v":582.66},"1Poi",1747.98]
["27",{"$f":"CR!G34","v":{"v":90,"d":"90.00"}},"Rm",null,"Supply and  Run of 2 of 36/0.3mm (2.50 Sq.mm) with  Run 1 of 22/0.3mm(1.5Sqmm)  FRLS / HFFR PVC insulated flexible ISI mark copper cable in existing pipe for run of mains inlcuding all labour charges etc., complete.",{"$f":"CR!I34","v":100.19},"1Rm",{"v":9017.1,"d":"9017.10"}]
["28",{"$f":"CR!G35","v":{"v":0,"d":"0.00"}},"Rm",null,"Supply and  Run of 2 of 56/0.3mm (4.00 Sq.mm) with  Run 1 of 22/0.3mm(1.5Sqmm)  FRLS / HFFR PVC insulated flexible ISI mark copper cable in existing pipe for run of mains inlcuding all labour charges etc., complete",{"$f":"CR!I35","v":133.97},"1Rm",{"v":0,"d":"0.00"}]
["29",{"$f":"CR!G36","v":{"v":3,"d":"3.00"}},"No",null,"Supply of Cover frames for 8 module box",{"$f":"CR!I36","v":223.82},"1No",671.46]
["30",{"$f":"CR!G37","v":{"v":3,"d":"3.00"}},"No",null,"Supply and fixing of 6A 3/2 pin wall plug socket with 6A switch control on a common switch board with earth continuity including wire leads, earth connections along with all labour charges etc., complete.",{"$f":"CR!I37","v":156.56},"1No",469.68]
["31",{"$f":"CR!G38","v":{"v":0,"d":"0.00"}},"No",null,"Supply and fixing of 16A 3pin / 6A 3pin  plug socket with indicator lamp and 16Amps  fuse unit and 16 Amps  switch control (5 in one) on decolam sheet covered board including earth connection and all labour charges etc., complete on wall.",{"$f":"CR!I38","v":{"v":437.5,"d":"437.50"}},"1No",{"v":0,"d":"0.00"}]
["32",{"$f":"CR!G39","v":{"v":3,"d":"3.00"}},"No",null,"Supply and fixing of 6A flush type Neon Indicator.",{"$f":"CR!I39","v":23.86},"1No",71.58]
["33",{"$f":"CR!G40","v":{"v":4,"d":"4.00"}},"No",null,"Supply and fixing of ISI mark batten holder / angle holder on existing block, but with bulb including all connections etc., complete ",{"$f":"CR!I40","v":{"v":154.8,"d":"154.80"}},"1No",{"v":619.2,"d":"619.20"}]
["34",{"$f":"CR!G41","v":{"v":3,"d":"3.00"}},"No",null,"Supply, Transportation and Fixing of 48\" (1200mm) Sweep 5 Star rated Ceiling Fan with double ball bearings but without regulator including all standard accessories and all labour charges etc., complete.",{"$f":"CR!I41","v":3780.03},"1No",11340.09]
["35",{"$f":"CR!G42","v":{"v":3,"d":"3.00"}},"No",null,"S&F of 12 / 15 MS plain rod fan hook",{"$f":"CR!I42","v":293.84},"1No",881.52]
["36",{"$f":"CR!G43","v":{"v":3,"d":"3.00"}},"No",null,"Supply and Transportation and fixing of 1200 mm length,Box type powder coatedtube light luminaire with necessary wiring suitable for fixing 2 Nos retrofit T8 LED tubes but without tube and choke",{"$f":"CR!I43","v":458.87},"1No",1376.61]
{"$rows_empty":27}
[{"$nulls":4},"Total value o work done or suplies made to date ",null,"=",{"$f":"SUM(H15:H78)","v":84593.67},{"$f":"SUM(I15:I78)","v":{"v":0,"d":"0.00"}},null,null,{"$f":"SUM(L15:L78)","v":{"v":0,"d":"0.00"}}]
[{"$nulls":4},"Deduct value of work supplies shown on last certificate. ",null,"=",{"$f":"L79","v":{"v":0,"d":"0.00"}},"Or"]
[{"$nulls":4},"Net value of work/supplies since lst certificate",null,"=",{"$f":"H79-H80","v":84593.67},{"$f":"ROUND(H81,0)","v":{"v":84594,"d":"84594.00"}}]
[null,"Signature of Contractor ",{"$nulls":5},"Date…………..……200"]
[{"$nulls":3},"Certificate that the proceeding claim is correct that the necessary measurements have been made by me on 200         and record on page  885/B/ZP/18 and the work has been satisfactory performed ",null,"CHECK MEASUREMENT CERTIFICATE "]
[]
[{"$nulls":3},"Certified also that the materials billed for have been recived and brought to account.                                ",null,"Certified that the work and materials were duly Checked and Measured by me on (Date………….)"]
[{"$nulls":3},"Date………….. OFFICE INCHARGE",null,"Date………………200",null,null,"DESIGNATION"]
[]
[{"$nulls":4},{"$f":"'lead 24-25'!K32","v":"Assistant  Engineer"}]
[{"$nulls":4},{"$f":"'lead 24-25'!K33","v":"Mandal Praja parishad"}]
[{"$nulls":4},{"$f":"'lead 24-25'!K34","v":"P.C.Palli"}]

{"sheet":"ccbc ","index":19,"n_rows":59,"n_cols":10,"rows_kept":59,"hidden":true,"merged":[[0,0,0,3],[1,1,1,3],[2,1,2,6],[4,2,4,3],[5,2,5,3],[7,0,9,1],[8,2,8,3],[9,2,9,3],[14,2,14,3],[17,4,17,9],[18,4,18,10],[20,4,20,10],[21,0,21,1],[22,4,22,5],[24,0,24,1],[24,4,24,10],[26,4,26,10],[28,0,28,1],[28,4,28,10],[30,4,30,10],[31,6,31,8],[31,9,31,10],[32,1,32,9],[33,8,33,9],[34,8,34,10],[35,8,35,10],[36,8,36,10],[37,3,37,4],[37,9,37,10],[38,3,38,8],[39,1,39,9],[40,2,40,6],[41,2,41,9],[42,1,42,9],[43,2,43,9],[44,1,44,9],[45,1,45,9],[46,2,46,9],[47,1,47,9],[48,2,48,9],[49,1,49,9],[50,2,50,9],[51,1,51,9],[52,2,52,9],[53,1,53,9],[54,2,54,9],[55,1,55,9],[56,1,56,9],[57,2,57,9],[58,1,58,9]]}
["     MEMORANDUM OF PAYMENTS MADE",{"$nulls":5},"Rs.","P.","Rs.","P."]
[null,"Total value of work done"]
[null,"Amount of prevont payment from last certificate No…………………."]
[null,null,"of","Forward"]
[null,null,"With accouts for…………………………………"]
[null,null,"Fines and other deduction up to date"]
[]
["Payments now made",null,"By Cash"]
[null,null,"By Cheque No……………….."]
[null,null,"By Value of Stock supplied"]
[null,null,"Balance due"]
["Allotment of the year",null,null,"              Rs       P"]
["Expenditure included in this bill"]
[]
[null,null,"Balance availabe"]
[]
["PAY RUPEES (             ) RECEIVED (               )"]
[{"$nulls":4},"Only as final payments in settlement of all demands                                                                                                          "]
[{"$nulls":4},"………………………………………………………………………………."]
[]
[{"$nulls":4},"………………………………………………………………………………."]
[]
[{"$nulls":4},"Witness"]
[]
["Head Clerk",null,null,"Presented of","………………………………………………………………………………."]
[]
[{"$nulls":4},"………………………………………………………………………………."]
[]
["Head Account",null,null,"Engineer","………………………………………………………………………………."]
[]
[{"$nulls":4},"………………………………………………………………………………."]
[{"$nulls":6},"Date …………………………..",null,null,"Payee……………………"]
[]
[{"$nulls":8},"AUDIT ENFACEMENT"]
[{"$nulls":8},"Admitted Rs. …………………………."]
[{"$nulls":8},"Objected Rs. …………………………."]
[{"$nulls":8},"Total Rs. ………………..……………."]
[{"$nulls":3},"                                             Date",null,null,"200",null,null,"Auditor"]
[{"$nulls":3},"                               INVERNACULAR"]
[null,"DISTRICT ENGINEET'S REMARKS"]
[null,null,"                                                               NOTES"]
[null,null,"1. This form is intended for use in the case of running account i.e for works in progress or supplies in course  "]
[null,"of delivery when the liability is discharged in full single payment Form No. of A should be used."]
[null,null,"2. Payment will be made only up to nineteenth of the total value of the work done. The balance being returned"]
[null,"as a security both for the due performance of the contracts or to cover posible over payment which may be detected on                        cheque measurement in the case of work whose estimated cost does not exceed Rs. 50/- Payment may be made in full "]
[null,"on the measuring officer's certificate subject to subsequent check measurement by the proper check measuring authority."]
[null,null,"3. In calculating the amount of each item dur to the contractor in this bill, sums of five pieces or less shall be "]
[null,"omitted and sums exceeding five pieces shall be recorded."]
[null,null,"4. Payment made in case of sum exceeding Rs. 100/- should be attested by two witness and for smaller sum"]
[null,"by one witness payment made by cheque to recognised firms of institutions need not be so witnessed."]
[null,null,"5.  When the payee signs in the vernacullar the amount acknowledged should also noted in the some vernacullar "]
[null,"as well as in English."]
[null,null,"6. In the case of other than well known firms all parties must sign if there by more the on contractor or the payee "]
[null,"must produce a power of atorney from the firm."]
[null,null,"7. No contract certificate bearing no remarks should be accepted if any corrections are necessary the incorrect"]
[null,"figures should be neatly scored out and initialed by the officer concerned in the case of corrections made in the Engineers         office the Head Accountant may be authorised no attest those due to clerical errors Etc. But the Engineer should affix his "]
[null,"initials coare osnin the rate column as well as those in the total or the bill and the pass order. This rule applies MUIATIS MUTANDIS to payments from miscellaneous grants."]
[null,null,"8. In case in which the materials billed for are taken over charged an officer other than the officer sign in the "]
[null,"certificate from of the bill the names of the form should be noted in the remarks column of the bill necessary amendment                                   being made at the same time of the excluding portion of the certificate relating to materials."]

{"sheet":"CERT","index":20,"n_rows":19,"n_cols":7,"rows_kept":19,"hidden":true,"merged":[[0,2,0,8],[7,0,7,8],[9,1,9,8],[10,1,10,8],[11,1,11,8],[12,1,12,8],[13,1,13,8]]}
["1) Name of the Work:",null,{"$f":"'lead 24-25'!C2","v":"Completion of incomplete Anganwadi building  in Paletipalli village of P.C.Palli Mandal."}]
["2) Estimate Cost:",null,{"$f":"'lead 24-25'!K4","v":"15.00 Lakhs"}]
["3) Grant:",null,{"$f":"'C-1 '!C3","v":"ZPGF 15% Office Maintenance Grant."}]
[]
[]
[]
[]
["CERTIFICATES"]
[]
[1,"Certified that the work was completed in all respects as per agreement conditions."]
[2,"Certified that there are no recoveries to be effected in this ill other than now proposed"]
[3,"Certified that there were no liabilities outstanding against the contractor"]
[4,"Certified that all the materials required have been conveyed to site form specified quarries as noted in the lead statement appended to agreement and estimates"]
[5,"Certified that no departmental machinery were issued to the work"]
[]
[]
[{"$nulls":3},"Deputy Executive Engineer,",null,null,{"$f":"'lead 24-25'!K32","v":"Assistant  Engineer"}]
[{"$nulls":3},"PRI Sub Division: Kanigiri",null,null,{"$f":"'lead 24-25'!K33","v":"Mandal Praja parishad"}]
[{"$nulls":6},{"$f":"'lead 24-25'!K34","v":"P.C.Palli"}]

{"sheet":"Seigneorage (2)","index":21,"n_rows":493,"n_cols":21,"rows_kept":493,"hidden":true,"merged":[[0,0,0,20],[2,5,2,6]]}
["Seigniorage Charges MGNREGS Grant"]
[{"$f":"'lead 24-25'!B2&'lead 24-25'!C2","v":"Name of the Work: Completion of incomplete Anganwadi building  in Paletipalli village of P.C.Palli Mandal."}]
["S No","Description of the work","Ground Floor","First Floor","second floor","Total Quantity ",null,"40mm Metal ","20mm HBG Chips","20mm-12mm Chips","Rough Stone","Sand  Concrete","Sand  Mortar","Sand Plastering","Sand Filling","S.Earth","Bricks","Gravel","Cement Qty in Kg","Cement required"]
[1,"Earthwork Excavation",{"$nulls":3},{"$f":"C4+D4","v":{"v":0,"d":"0.00"}},"M3",0,0,0,0,0,0,0,0,0,0,{"$f":"F4","v":{"v":0,"d":"0.00"}},0,0]
[1,"Sand Filling",{"$f":"ESTIMATE!I81","v":1.53},null,null,{"$f":"SUM(C5:E5)","v":1.53},"M3",0,0,0,0,0,0,0,{"$f":"F5","v":1.53},0,0,0,0,0]
[2,"Selected earth",{"$f":"ESTIMATE!I62","v":{"v":0,"d":"0.00"}},null,null,{"$f":"SUM(C6:E6)","v":{"v":0,"d":"0.00"}},"M3",0,0,0,0,0,0,0,0,{"$f":"F6","v":{"v":0,"d":"0.00"}},0,0,0,0]
[4,"Gravel filling",{"$f":"ESTIMATE!I72","v":{"v":0,"d":"0.00"}},null,null,{"v":0,"d":"0.00"},"M3",0,0,0,0,0,0,0,0,null,0,{"$f":"F7","v":{"v":0,"d":"0.00"}},0,0]
[3,"PCC (1:4:8)",{"$f":"ESTIMATE!I45","v":{"v":5.449999999999999,"d":"5.45"}},null,null,{"v":5.449999999999999,"d":"5.45"},"M3",{"$f":"ROUND(F8*0.9,2)","v":4.91},0,0,0,{"$f":"ROUND(F8*0.45,2)","v":2.45},0,0,0,0,0,0,{"$f":"ROUND(F8*T8/50,2)","v":17.66},{"v":162,"d":"162.00"},"Kg"]
[4,"PCC (1:5:10)",{"$f":"ESTIMATE!I56","v":{"v":0,"d":"0.00"}},null,null,{"v":0,"d":"0.00"},"M3",{"$f":"ROUND(F9*0.9,2)","v":{"v":0,"d":"0.00"}},0,0,0,{"$f":"ROUND(F9*0.45,2)","v":{"v":0,"d":"0.00"}},0,0,0,0,0,0,{"v":0,"d":"0.00"},{"v":129.6,"d":"129.60"},"Kg"]
[4,"RCC Footings",{"$f":"ESTIMATE!I96","v":{"v":0,"d":"0.00"}},null,null,{"v":0,"d":"0.00"},"M3",0,{"$f":"ROUND(F10*0.8,2)","v":{"v":0,"d":"0.00"}},0,0,{"$f":"ROUND(F10*0.4,2)","v":{"v":0,"d":"0.00"}},0,0,0,0,0,0,{"v":0,"d":"0.00"},{"$f":"'DATA 2024-25'!E139","v":{"v":330,"d":"330.00"}},"Kg"]
[5,"RCC Pedastals",{"$f":"ESTIMATE!I100","v":{"v":0,"d":"0.00"}},null,null,{"v":0,"d":"0.00"},"M3",0,{"v":0,"d":"0.00"},0,0,{"v":0,"d":"0.00"},0,0,0,0,0,0,{"v":0,"d":"0.00"},{"$f":"$T$10","v":{"v":330,"d":"330.00"}},"Kg"]
[6,"RCC  Columns",{"$f":"ESTIMATE!I106","v":{"v":0,"d":"0.00"}},{"$f":"ESTIMATE!I528","v":{"v":0,"d":"0.00"}},{"$f":"ESTIMATE!I933","v":{"v":0,"d":"0.00"}},{"v":0,"d":"0.00"},"M3",0,{"v":0,"d":"0.00"},0,0,{"v":0,"d":"0.00"},0,0,0,0,0,0,{"v":0,"d":"0.00"},{"$f":"$T$10","v":{"v":330,"d":"330.00"}},"Kg"]
[7,"RCC  Plinth Beam ",{"$f":"ESTIMATE!I113","v":{"v":0,"d":"0.00"}},null,null,{"v":0,"d":"0.00"},"M3",0,{"v":0,"d":"0.00"},0,0,{"v":0,"d":"0.00"},0,0,0,0,0,0,{"v":0,"d":"0.00"},{"v":330,"d":"330.00"},"Kg"]
[8,"RCC  Roof Beams",{"$f":"ESTIMATE!I121","v":{"v":3.3499999999999996,"d":"3.35"}},{"$f":"ESTIMATE!I534","v":{"v":0,"d":"0.00"}},{"$f":"ESTIMATE!I939","v":{"v":0,"d":"0.00"}},{"v":3.3499999999999996,"d":"3.35"},"M3",0,2.68,0,0,1.34,0,0,0,0,0,0,22.11,{"v":330,"d":"330.00"},"Kg"]
[9,"RCC Landing Slab 150mm th",{"$f":"ROUND(ESTIMATE!I127*0.15,2)","v":{"v":0,"d":"0.00"}},{"$f":"ROUND(ESTIMATE!I542*0.15,2)","v":{"v":0,"d":"0.00"}},{"$f":"ROUND(ESTIMATE!I947*0.15,2)","v":{"v":0,"d":"0.00"}},{"$f":"SUM(C15:E15)","v":{"v":0,"d":"0.00"}},"M2",0,{"v":0,"d":"0.00"},0,0,{"v":0,"d":"0.00"},0,0,0,0,0,0,{"$f":"ROUND(F15*T15/50,2)","v":{"v":0,"d":"0.00"}},{"$f":"ROUND(T14,2)","v":{"v":330,"d":"330.00"}},"Kg"]
[10,"RCC  Roof Slab 125mm th",{"$f":"ROUND(ESTIMATE!I131*0.125,2)","v":8.65},{"$f":"ROUND(ESTIMATE!I546*0.125,2)","v":{"v":0,"d":"0.00"}},{"$f":"ROUND(ESTIMATE!I952*0.125,2)","v":{"v":0,"d":"0.00"}},8.65,"M2",0,6.92,0,0,3.46,0,0,0,0,0,0,57.09,{"$f":"ROUND(T14,2)","v":{"v":330,"d":"330.00"}},"Kg"]
[14,"RCC  Roof Slab 100mm th",{"$f":"ROUND(ESTIMATE!I136*0.1,2)","v":{"v":0,"d":"0.00"}},{"$f":"ROUND(ESTIMATE!I551*0.1,2)","v":{"v":0,"d":"0.00"}},{"$f":"ROUND(ESTIMATE!I957*0.1,2)","v":{"v":0,"d":"0.00"}},{"v":0,"d":"0.00"},"M2",0,{"v":0,"d":"0.00"},0,0,{"v":0,"d":"0.00"},0,0,0,0,0,0,{"v":0,"d":"0.00"},{"$f":"T16","v":{"v":330,"d":"330.00"}},"Kg"]
[9,"Precasted slab 50mm",{"$f":"ROUND(ESTIMATE!I142*0.05,2)","v":{"v":0,"d":"0.00"}},{"$f":"ROUND(ESTIMATE!I562*0.05,2)","v":{"v":0,"d":"0.00"}},{"$f":"ROUND(ESTIMATE!I968*0.05,2)","v":{"v":0,"d":"0.00"}},{"$f":"SUM(C18:E18)","v":{"v":0,"d":"0.00"}},"M2",0,{"v":0,"d":"0.00"},0,0,{"v":0,"d":"0.00"},0,0,0,0,0,0,{"v":0,"d":"0.00"},{"$f":"T17","v":{"v":330,"d":"330.00"}},"Kg"]
[16,"Precasted slab 25mm",{"$f":"ROUND(ESTIMATE!I153*0.025,2)","v":{"v":0,"d":"0.00"}},{"$f":"ROUND(ESTIMATE!I573*0.025,2)","v":{"v":0,"d":"0.00"}},{"$f":"ROUND(ESTIMATE!I979*0.025,2)","v":{"v":0,"d":"0.00"}},{"$f":"SUM(C19:E19)","v":{"v":0,"d":"0.00"}},"M2",0,{"v":0,"d":"0.00"},0,0,{"v":0,"d":"0.00"},0,0,0,0,0,0,{"v":0,"d":"0.00"},{"$f":"T18","v":{"v":330,"d":"330.00"}},"Kg"]
[11,"RCC Lintels",{"$f":"ESTIMATE!I160","v":{"v":0.6,"d":"0.60"}},{"$f":"ESTIMATE!I578","v":{"v":0,"d":"0.00"}},{"$f":"ESTIMATE!I987","v":{"v":0,"d":"0.00"}},{"$f":"SUM(C20:E20)","v":{"v":0.6,"d":"0.60"}},"M3",0,0.48,0,0,0.24,0,0,0,0,0,0,{"$f":"ROUND(F20*T20/50,2)","v":3.96},{"v":330,"d":"330.00"},"Kg"]
[12,"RCC  Sunshades",{"$f":"ESTIMATE!I165","v":{"v":9.6,"d":"9.60"}},{"$f":"ESTIMATE!I582","v":{"v":0,"d":"0.00"}},{"$f":"ESTIMATE!I992","v":{"v":0,"d":"0.00"}},{"$f":"SUM(C21:E21)","v":{"v":9.6,"d":"9.60"}},"RM",0,{"$f":"ROUND(F21*0.0375*0.8,2)","v":0.29},0,0,{"$f":"ROUND(F21*0.0375*0.4,2)","v":0.14},0,0,0,0,0,0,{"$f":"ROUND(F21*T21/50,2)","v":2.38},{"$f":"T20*0.0375","v":12.375},"Kg"]
[1,"Acco Plaster'g CM (1:3) 12mm",{"$f":"ESTIMATE!I169","v":69.19},{"$f":"ESTIMATE!I588","v":{"v":0,"d":"0.00"}},{"$f":"ESTIMATE!I997","v":{"v":0,"d":"0.00"}},{"$f":"SUM(C22:E22)","v":69.19},"M2",0,0,0,0,0,0,{"$f":"ROUND(ROUND((0.015*1.05),3)*ROUND(F22,2),2)","v":1.11},0,0,0,0,{"$f":"ROUND(F22*T22/50,2)","v":9.96},{"v":7.2,"d":"7.20"},"Kg"]
[12,"Acco Plaster'g CM (1:3) 20mm",{"$f":"ESTIMATE!I175","v":{"v":0,"d":"0.00"}},{"$f":"ESTIMATE!I594","v":{"v":0,"d":"0.00"}},{"$f":"ESTIMATE!I1003","v":{"v":0,"d":"0.00"}},{"$f":"SUM(C23:E23)","v":{"v":0,"d":"0.00"}},"M2",0,0,0,0,0,0,{"$f":"ROUND(ROUND((0.021*1.05),3)*ROUND(F23,2),2)","v":{"v":0,"d":"0.00"}},0,0,0,0,{"$f":"ROUND(F23*T23/50,2)","v":{"v":0,"d":"0.00"}},10.08,"Kg"]
[15,"Rough stone",{"$f":"ESTIMATE!I185","v":{"v":0,"d":"0.00"}},null,null,{"$f":"SUM(C24:E24)","v":{"v":0,"d":"0.00"}},"M3",0,0,0,{"$f":"ROUND(F24*1.1,2)","v":{"v":0,"d":"0.00"}},0,{"$f":"ROUND(F24*0.33,2)","v":{"v":0,"d":"0.00"}},0,0,0,null,0,{"$f":"ROUND(F24*T24/50,2)","v":{"v":0,"d":"0.00"}},{"v":59.4,"d":"59.40"},"Kg"]
[14,"BM CM (1:8) Super",{"$f":"ESTIMATE!I212","v":19.08},{"$f":"ESTIMATE!I606","v":{"v":0,"d":"0.00"}},{"$f":"ESTIMATE!I1020","v":{"v":0,"d":"0.00"}},{"$f":"SUM(C25:E25)","v":19.08},"M3",0,0,0,0,0,{"$f":"ROUND(F25*0.2,2)","v":3.82},0,0,0,{"$f":"ROUND(F25*512/1000,2)","v":9.77},0,{"$f":"ROUND(F25*T25/50,2)","v":13.74},{"v":36,"d":"36.00"},"Kg"]
[15,"BM CM (1:6) ",{"$f":"ESTIMATE!I220","v":{"v":0,"d":"0.00"}},{"$f":"ESTIMATE!I631","v":{"v":0,"d":"0.00"}},{"$f":"ESTIMATE!I1029","v":{"v":0,"d":"0.00"}},{"$f":"SUM(C26:E26)","v":{"v":0,"d":"0.00"}},"M3",0,0,0,0,0,{"$f":"ROUND(F26*0.2,2)","v":{"v":0,"d":"0.00"}},0,0,0,{"$f":"ROUND(F26*512/1000,2)","v":{"v":0,"d":"0.00"}},0,{"$f":"ROUND(F26*T26/50,2)","v":{"v":0,"d":"0.00"}},{"v":48,"d":"48.00"},"Kg"]
[16,"BM CM (1:6) 115mm",{"$f":"ESTIMATE!I226","v":{"v":0,"d":"0.00"}},{"$f":"ESTIMATE!I658","v":{"v":0,"d":"0.00"}},{"$f":"ESTIMATE!I1034","v":{"v":0,"d":"0.00"}},{"$f":"SUM(C27:E27)","v":{"v":0,"d":"0.00"}},"M2",0,0,0,0,0,{"$f":"ROUND(F27*0.022,2)","v":{"v":0,"d":"0.00"}},0,0,0,{"$f":"ROUND(F27*512*0.1/1000,2)","v":{"v":0,"d":"0.00"}},0,{"$f":"ROUND(F27*T27/50,2)","v":{"v":0,"d":"0.00"}},{"v":10.6,"d":"10.60"},"Kg"]
[16,"Fly cement bricks",{"$f":"ESTIMATE!I234","v":{"v":0,"d":"0.00"}},{"$f":"ESTIMATE!I669","v":{"v":0,"d":"0.00"}},{"$f":"ESTIMATE!I1045","v":{"v":0,"d":"0.00"}},{"$f":"SUM(C28:E28)","v":{"v":0,"d":"0.00"}},"M3",0,0,0,0,0,{"$f":"ROUND(F28*0.1*1.05,2)","v":{"v":0,"d":"0.00"}},0,0,0,{"$f":"ROUND(F28*110/1000,2)","v":{"v":0,"d":"0.00"}},0,{"$f":"ROUND(F28*T28/50,2)","v":{"v":0,"d":"0.00"}},{"v":24,"d":"24.00"},"Kg"]
[26,"RCM drop wall",{"$f":"ESTIMATE!I239","v":{"v":0,"d":"0.00"}},{"$f":"ESTIMATE!I675","v":{"v":0,"d":"0.00"}},null,{"v":0,"d":"0.00"},"M2",0,0,0,0,0,0,{"$f":"ROUND(F29*((0.015*1.05)+(0.025*1.05)),2)","v":{"v":0,"d":"0.00"}},0,0,0,0,{"$f":"ROUND(F29*T29/50,2)","v":{"v":0,"d":"0.00"}},20.89,"Kg"]
[17,"Ceiling Plaster CM (1:3) 12mm",{"$f":"ESTIMATE!I256","v":79.63},{"$f":"ESTIMATE!I683","v":{"v":0,"d":"0.00"}},{"$f":"ESTIMATE!I1055","v":{"v":0,"d":"0.00"}},79.63,"M2",0,0,0,0,0,0,{"$f":"ROUND(ROUND((0.015*1.05),3)*ROUND(F30,2),2)","v":1.27},0,0,0,0,11.47,{"v":7.2,"d":"7.20"},"Kg"]
[18,"Plaster'ing CM (1:5) 12mm th",{"$f":"ESTIMATE!I272","v":{"v":0,"d":"0.00"}},{"$f":"ESTIMATE!I693","v":{"v":0,"d":"0.00"}},{"$f":"ESTIMATE!I1096","v":{"v":0,"d":"0.00"}},{"v":0,"d":"0.00"},"M2",0,0,0,0,0,0,{"$f":"ROUND(ROUND((0.015*1.05),3)*ROUND(F31,2),2)","v":{"v":0,"d":"0.00"}},0,0,0,0,{"v":0,"d":"0.00"},4.32,"Kg"]
[19,"Plaster'ing 20mm thick single",{"$f":"ESTIMATE!I277","v":{"v":0,"d":"0.00"}},{"$f":"ESTIMATE!I701","v":{"v":0,"d":"0.00"}},{"$f":"ESTIMATE!I1101","v":{"v":0,"d":"0.00"}},{"$f":"SUM(C32:E32)","v":{"v":0,"d":"0.00"}},"M2",0,0,0,0,0,0,{"$f":"ROUND(ROUND((0.021*1.05),3)*ROUND(F32,2),2)","v":{"v":0,"d":"0.00"}},0,0,0,0,{"$f":"ROUND(F32*T32/50,2)","v":{"v":0,"d":"0.00"}},6.05,"Kg"]
[2,"Plaster'ing 12mm thick double",{"$f":"ESTIMATE!I290","v":100.18},{"$f":"ESTIMATE!I726","v":{"v":0,"d":"0.00"}},{"$f":"ESTIMATE!I1108","v":{"v":0,"d":"0.00"}},100.18,"M2",0,0,0,0,0,0,{"$f":"ROUND(F33*0.015*1,2)","v":{"v":1.5,"d":"1.50"}},0,0,0,0,{"v":10.2,"d":"10.20"},5.09,"Kg"]
[21,"Plaster'ing 20mm thick double",{"$f":"ESTIMATE!I307","v":119.98},{"$f":"ESTIMATE!I734","v":{"v":0,"d":"0.00"}},{"$f":"ESTIMATE!I1117","v":{"v":0,"d":"0.00"}},119.98,"M2",0,0,0,0,0,0,{"$f":"ROUND(F34*0.022*1,2)","v":2.64},0,0,0,0,{"v":13.8,"d":"13.80"},5.75,"Kg"]
[32,"CC Steps",{"$f":"ESTIMATE!I324","v":{"v":0,"d":"0.00"}},{"$f":"ESTIMATE!I740","v":{"v":0,"d":"0.00"}},{"$f":"ESTIMATE!I1123","v":{"v":0,"d":"0.00"}},{"$f":"SUM(C35:E35)","v":{"v":0,"d":"0.00"}},"M3",0,{"$f":"ROUND(F35*0.8,2)","v":{"v":0,"d":"0.00"}},0,0,{"$f":"ROUND(F35*0.4,2)","v":{"v":0,"d":"0.00"}},0,0,0,0,0,0,{"$f":"ROUND(F35*T35/50,2)","v":{"v":0,"d":"0.00"}},{"$f":"$T$10","v":{"v":330,"d":"330.00"}},"Kg"]
[3,"Flooring Vetrified Tiles",{"$f":"ESTIMATE!I333","v":{"v":50.230000000000004,"d":"50.23"}},{"$f":"ESTIMATE!I748","v":{"v":0,"d":"0.00"}},{"$f":"ESTIMATE!I1133","v":{"v":0,"d":"0.00"}},{"v":50.230000000000004,"d":"50.23"},"M2",0,0,0,0,0,{"$f":"ROUND(F36*0.014,2)","v":{"v":0.7,"d":"0.70"}},0,0,0,0,0,6.09,6.06,"Kg"]
[4,"Skirting Vetrified Tiles",{"$f":"ESTIMATE!I346","v":{"v":5.249999999999999,"d":"5.25"}},{"$f":"ESTIMATE!I763","v":{"v":0,"d":"0.00"}},{"$f":"ESTIMATE!I1142","v":{"v":0,"d":"0.00"}},{"v":5.249999999999999,"d":"5.25"},"M2",0,0,0,0,0,{"$f":"ROUND(F37*0.012,2)","v":0.06},0,0,0,0,0,0.71,6.756,"Kg"]
[21,"Flooring Granite stone",{"$f":"ESTIMATE!I353","v":{"v":0,"d":"0.00"}},{"$f":"ESTIMATE!I770","v":{"v":0,"d":"0.00"}},{"$f":"ESTIMATE!I1153","v":{"v":0,"d":"0.00"}},{"v":0,"d":"0.00"},"M2",0,0,0,0,0,{"$f":"ROUND(F38*0.014,2)","v":{"v":0,"d":"0.00"}},0,0,0,0,0,{"v":0,"d":"0.00"},{"v":7.5,"d":"7.50"},"Kg"]
[22,"Skirting Granite stone",{"$f":"ESTIMATE!I360","v":{"v":0,"d":"0.00"}},{"$f":"ESTIMATE!I776","v":{"v":0,"d":"0.00"}},{"$f":"ESTIMATE!I1162","v":{"v":0,"d":"0.00"}},{"v":0,"d":"0.00"},"M2",0,0,0,0,0,{"$f":"ROUND(F39*0.012,2)","v":{"v":0,"d":"0.00"}},0,0,0,0,0,{"v":0,"d":"0.00"},{"v":9.06,"d":"9.060"},"Kg"]
[37,"Flooring Terrazo tiles",{"$f":"ESTIMATE!I372","v":{"v":0,"d":"0.00"}},{"$f":"ESTIMATE!I791","v":{"v":0,"d":"0.00"}},{"$f":"ESTIMATE!I1177","v":{"v":0,"d":"0.00"}},{"v":0,"d":"0.00"},"M2",0,0,0,0,0,{"$f":"ROUND(F40*0.014,2)","v":{"v":0,"d":"0.00"}},0,0,0,0,0,{"v":0,"d":"0.00"},{"v":7.5,"d":"7.50"},"Kg"]
[38,"Skirting Terrazo tiles",{"$f":"ESTIMATE!I382","v":{"v":0,"d":"0.00"}},{"$f":"ESTIMATE!I801","v":{"v":0,"d":"0.00"}},{"$f":"ESTIMATE!I1187","v":{"v":0,"d":"0.00"}},{"v":0,"d":"0.00"},"M2",0,0,0,0,0,{"$f":"ROUND(F41*0.012,2)","v":{"v":0,"d":"0.00"}},0,0,0,0,0,{"v":0,"d":"0.00"},6.756,"Kg"]
[5,"Ceramic Tiles Flooring",{"$f":"ESTIMATE!I386","v":{"v":0,"d":"0.00"}},{"$f":"ESTIMATE!I806","v":{"v":0,"d":"0.00"}},{"$f":"ESTIMATE!I1201","v":{"v":0,"d":"0.00"}},{"v":0,"d":"0.00"},"M2",0,0,0,0,0,{"$f":"ROUND(F42*0.012,2)","v":{"v":0,"d":"0.00"}},0,0,0,0,0,{"v":0,"d":"0.00"},5.46,"Kg"]
[6,"Daddooing wall tiles",{"$f":"ESTIMATE!I392","v":{"v":0,"d":"0.00"}},{"$f":"ESTIMATE!I812","v":{"v":0,"d":"0.00"}},{"$f":"ESTIMATE!I1207","v":{"v":0,"d":"0.00"}},{"v":0,"d":"0.00"},"M2",0,0,0,0,0,{"$f":"ROUND(F43*0.012,2)","v":{"v":0,"d":"0.00"}},0,0,0,0,0,{"v":0,"d":"0.00"},9.06,"Kg"]
[22,"Pressed tiles",{"$f":"ESTIMATE!I397","v":{"v":0,"d":"0.00"}},{"$f":"ESTIMATE!I820","v":{"v":0,"d":"0.00"}},{"$f":"ESTIMATE!I1215","v":{"v":0,"d":"0.00"}},{"$f":"SUM(C44:E44)","v":{"v":0,"d":"0.00"}},"M2",0,0,0,0,0,{"$f":"ROUND(F44*0.008*1,2)","v":{"v":0,"d":"0.00"}},0,0,0,0,0,{"v":0,"d":"0.00"},2.76,"Kg"]
[]
[{"$nulls":5},"Total Qty",null,{"$f":"SUM(H4:H45)","v":4.91},10.37,{"v":0,"d":"0.00"},{"v":0,"d":"0.00"},7.63,{"v":4.579999999999999,"d":"4.58"},6.52,1.53,{"v":0,"d":"0.00"},9.77,{"v":0,"d":"0.00"},{"v":169.17000000000002,"d":"169.17"},"Bags"]
[{"$nulls":5},"Rate / M3",null,{"v":90,"d":"90.00"},{"v":90,"d":"90.00"},{"v":90,"d":"90.00"},{"v":90,"d":"90.00"},{"v":100,"d":"100.00"},{"v":100,"d":"100.00"},{"v":100,"d":"100.00"},{"v":100,"d":"100.00"},{"v":45,"d":"45.00"},{"v":80,"d":"80.00"},{"v":45,"d":"45.00"},{"$f":"ROUND((S46*50)/1000,2)","v":8.46},"MT"]
[{"$nulls":6},"Rs",{"$f":"ROUND(H46*H47,0)","v":442},933,0,0,763,458,652,153,0,{"$f":"ROUND(Q46*Q47/1,0)","v":782},{"$f":"ROUND(R46*R47,0)","v":0}]
[{"$nulls":5},"Total  ","Rs",{"$f":"SUM(H48:R48)","v":4183}]
[]
[]
[]
[{"$nulls":12},{"$f":"'lead 24-25'!$H$32","v":"Deputy Executive Engineer"},{"$nulls":4},{"$f":"'lead 24-25'!$K$32","v":"Assistant  Engineer"}]
[{"$nulls":12},{"$f":"'lead 24-25'!$H$33","v":"PRI Sub Division"},{"$nulls":4},{"$f":"'lead 24-25'!$K$33","v":"Mandal Praja parishad"}]
[{"$nulls":12},{"$f":"'lead 24-25'!$H$34","v":"Kanigiri"},{"$nulls":4},{"$f":"'lead 24-25'!$K$34","v":"P.C.Palli"}]
{"$rows_empty":437}
[{"$nulls":15}," "]

{"sheet":"RE-DE","index":22,"n_rows":7,"n_cols":7,"rows_kept":7,"hidden":true,"merged":[[0,0,0,8],[1,0,1,8]]}
["RELEASE AND DISCHARGE CERTIFICATE"]
["                            I do here by release and discharge with the Executive Engineer / Dy.Executive Engineer, PRI Division/ Sub Division, Kandukur all claims and demand what so ever arising out of the work or contracts with the contract vide Agt.No. 12 /2022-23 Dt 06.02.2023 with full and final settlement of my all claims and demands of the work"]
[]
[]
[]
[]
[{"$nulls":6},"Contractor"]